{"text_format":"3","workbook":"xlsx","n_sheets":1,"sheets":["Rocken et al Suppl Table 6"],"read":"whole","date_system":"1900"}

{"sheet":"Rocken et al Suppl Table 6","index":0,"n_rows":11847,"n_cols":42,"rows_kept":2250,"cut":true,"bounds":{"rows_first":1000,"rows_last":250,"rows_between":1000,"halvings":1}}
["Sample","Gene_Name","variant_class","CHROM","POS","REF","ALT","AA","AF","Tumor_Depth","Tumor_Varcount","COSMICDriverStatus","CancerCensus","HGVS","DriverType","Normal_Depth","isDriver","Type","strand.gene","Associated.Gene.Name","strand.ts","substype","context3","mutcat3","context5","mutcat5","strand.mut","Tumor_Varprop","Gender","Purity","LogR","ntot","Nmaj","Nmin","LogRvcf","nmut","mult","CCF","CCF.adj","CCF.min","CCF.max","Clonality"]
["G13406","BRINP2","missense","chr1",177250251,"C","T","p.R647W",0.4408,152,67,"known",0,"chr1:g.177250251C>T","predicted passenger",212,"FALSE","SNV","+","BRINP2","nt","CT","ACG","CT_ACG","TACGG","CT_TACGG","+",0.440789473684211,"M",0.47,-0.0605614,2,2,0,-0.479992941119614,1.87569988801792,2,0.937849944008959,0.937849944008959,0.766875935773029,1.1138319134484,"clonal"]
["G13406","CCDC142","missense","chr2",74709712,"G","A","p.P85S",0.6,55,33,"known",0,"chr2:g.74709712G>A","predicted passenger",58,"FALSE","SNV","-","CCDC142","nt","CT","CCC","CT_CCC","TCCCT","CT_TCCCT","-",0.6,"M",0.47,0.521636,3,3,0,-0.0766212816029125,3.1531914893617,3,1.05106382978723,1,0.804190945326917,1.27839339716317,"clonal"]
["G13406","ANKRD36C","missense","chr2",96517905,"A","T","p.C1730S",0.037,189,7,"known",0,"chr2:g.96517905A>T","predicted passenger",202,"FALSE","SNV","-","ANKRD36C","nt","TA","ATG","TA_ATG","GATGT","TA_GATGT","-",0.037037037037037,"M",0.47,0.26928,3,3,0,-0.095969058530722,0.194641449960599,0,0.194641449960599,0.194641449960599,0.0789257013506587,0.393196884779351,"subclonal"]
["G13406","LRP1B","missense","chr2",141680654,"C","T","p.V1067I",0.1905,105,20,"known",1,"chr2:g.141680654C>T","predicted passenger",112,"FALSE","SNV","-","LRP1B","ts","CT","ACG","CT_ACG","AACGC","CT_AACGC","+",0.19047619047619,"M",0.47,-0.0860994,2,2,0,-0.0931094043914815,0.810536980749747,1,0.810536980749747,0.810536980749747,0.512357362155827,1.18608561171573,"clonal"]
["G13406","CPS1","missense","chr2",211512767,"G","T","p.A1114S",0.1589,151,24,"known",0,"chr2:g.211512767G>T","predicted passenger",151,"FALSE","SNV","+","CPS1","ts","CA","GCT","CA_GCT","AGCTT","CA_AGCTT","-",0.158940397350993,"M",0.47,0.122141,2,2,0,0,0.676342116387206,1,0.676342116387206,0.676342116387206,0.444978676403332,0.966799364151454,"clonal"]
["G13406","FAM218A","missense","chr4",165878332,"G","A","p.R53H",0.4388,139,61,"known",0,"chr4:g.165878332G>A","predicted passenger",142,"FALSE","SNV","NA","NA","NA","CT","GCG","CT_GCG","GGCGG","CT_GGCGG","-",0.438848920863309,"M",0.47,-0.107618,2,2,0,-0.0308060467811746,1.86744221643961,2,0.933721108219807,0.933721108219807,0.755039127133112,1.11806671699507,"clonal"]
["G13406","UGT3A1","nonsense","chr5",35966015,"C","A","p.E106*",0.069,29,2,"known",0,"chr5:g.35966015C>A","predicted passenger",33,"FALSE","SNV","-","UGT3A1","ts","CA","TCT","CA_TCT","TTCTT","CA_TTCTT","+",0.0689655172413793,"M",0.47,-0.131236,2,2,0,-0.186413124230881,0.293470286133529,0,0.293470286133529,0.293470286133529,0.0360168606510716,0.968773999763771,"clonal"]
["G13406","PCDHGA2","missense","chr5",140719242,"C","T","p.A235V",0.0721,111,8,"known",0,"chr5:g.140719242C>T","predicted passenger",146,"FALSE","SNV","NA","NA","NA","CT","GCG","CT_GCG","TGCGA","CT_TGCGA","+",0.0720720720720721,"M",0.47,-0.0456063,2,2,0,-0.395408692529911,0.306689668391796,0,0.306689668391796,0.306689668391796,0.134586444198642,0.583307651924457,"subclonal"]
["G13406","CLEC2L","missense","chr7",139221052,"G","A","p.A75T",0.1209,91,11,"known",0,"chr7:g.139221052G>A","predicted passenger",116,"FALSE","SNV","+","CLEC2L","ts","CT","GCG","CT_GCG","CGCGA","CT_CGCGA","-",0.120879120879121,"M",0.47,0.00198859,2,2,0,-0.350186354928876,0.514379237783493,1,0.514379237783493,0.514379237783493,0.263464192399215,0.876598294708864,"subclonal"]
["G13406","TCAF2","missense","chr7",143421687,"C","T","p.A801V",0.2767,159,44,"known",0,"chr7:g.143421687C>T","predicted passenger",209,"FALSE","SNV","NA","NA","NA","CT","GCT","CT_GCT","GGCTC","CT_GGCTC","+",0.276729559748428,"M",0.47,-0.0713297,2,2,0,-0.394476176796527,1.17757259467416,1,1.17757259467416,1,0.888603159469664,1.50281328702124,"clonal"]
["G13406","MPDZ","missense","chr9",13205963,"C","A","p.V476F",0.069,29,2,"known",0,"chr9:g.13205963C>A","predicted passenger",45,"FALSE","SNV","-","MPDZ","ts","CA","ACG","CA_ACG","GACGT","CA_GACGT","+",0.0689655172413793,"M",0.47,-0.549348,1,1,0,-0.633872101202102,0.22450476889215,0,0.22450476889215,0.22450476889215,0.0275528983980698,0.741112109819285,"subclonal"]
["G13406","TMEM72","missense","chr10",45430544,"C","T","p.L264F",0.1538,39,6,"known",0,"chr10:g.45430544C>T","predicted passenger",40,"FALSE","SNV","NA","NA","NA","CT","ACT","CT_ACT","CACTC","CT_CACTC","+",0.153846153846154,"M",0.47,0.0542065,2,2,0,-0.036525876025114,0.654664484451719,1,0.654664484451719,0.654664484451719,0.249464948343785,1.29906350824133,"clonal"]
["G13406","EBF3","missense","chr10",131666090,"C","G","p.D281H",0.1479,142,21,"known",0,"chr10:g.131666090C>G","predicted passenger",154,"FALSE","SNV","-","EBF3","ts","CG","TCA","CG_TCA","GTCAA","CG_GTCAA","+",0.147887323943662,"M",0.47,0.367733,3,3,0,-0.117039421190219,0.777195085406053,1,0.777195085406053,0.777195085406053,0.493662788959022,1.14111726784068,"clonal"]
["G13406","NLRP6","missense","chr11",281613,"G","A","p.E627K",0.0441,68,3,"known",0,"chr11:g.281613G>A","predicted passenger",63,"FALSE","SNV","+","NLRP6","ts","CT","TCG","CT_TCG","CTCGT","CT_CTCGT","-",0.0441176470588235,"M",0.47,0.665204,3,3,0,0.110182917750423,0.231852315394243,0,0.231852315394243,0.231852315394243,0.0483079194699678,0.649361025743603,"subclonal"]
["G13406","BAD","missense","chr11",64037689,"A","G","p.S167P",0.05,60,3,"known",0,"chr11:g.64037689A>G","predicted passenger",70,"FALSE","SNV","NA","NA","NA","TC","CTC","TC_CTC","CCTCC","TC_CCTCC","-",0.05,"M",0.47,0.188422,2,2,0,-0.222392421336448,0.212765957446809,0,0.212765957446809,0.212765957446809,0.0443928921036095,0.592524454132225,"subclonal"]
["G13406","FREM2","missense","chr13",39450206,"A","G","p.T2777A",0.212,217,46,"known",0,"chr13:g.39450206A>G","predicted passenger",298,"FALSE","SNV","+","FREM2","ts","TC","GTC","TC_GTC","TGTCA","TC_TGTCA","-",0.211981566820276,"M",0.47,-0.315863,1,1,0,-0.457617288017682,0.690067653691538,1,0.690067653691538,0.690067653691538,0.519469120498452,0.886869274693592,"subclonal"]
["G13406","MAP3K9","missense","chr14",71275716,"G","A","p.T58M",0.0714,42,3,"known",0,"chr14:g.71275716G>A","predicted passenger",40,"FALSE","SNV","-","MAP3K9","nt","CT","ACG","CT_ACG","GACGG","CT_GACGG","-",0.0714285714285714,"M",0.47,-0.0493998,2,2,0,0.070389327891398,0.303951367781155,0,0.303951367781155,0.303951367781155,0.063743368811532,0.829068928325495,"subclonal"]
["G13406","SGSM2","missense","chr17",2264970,"G","A","p.R58H",0.2424,165,40,"known",0,"chr17:g.2264970G>A","predicted passenger",192,"FALSE","SNV","+","SGSM2","ts","CT","ACG","CT_ACG","CACGG","CT_CACGG","-",0.242424242424242,"M",0.47,0.180776,2,2,0,-0.21864028647534,1.03159252095422,1,1.03159252095422,1,0.762505605152734,1.34106834679656,"clonal"]
["G13406","TP53","missense","chr17",7578406,"C","T","p.R175H",0.5026,195,98,"known",1,"chr17:g.7578406C>T","known in: CANCER;CANCER-PR",198,"TRUE","SNV","-","TP53","ts","CT","GCG","CT_GCG","AGCGC","CT_AGCGC","+",0.502564102564103,"M",0.47,0.181849,2,2,0,-0.0220263063299989,2.13857064920895,2,1.06928532460447,1,0.915436129744957,1.22296615276807,"clonal"]
["G13406","SMAD4","missense","chr18",48593405,"G","C","p.G386R",0.2734,128,35,"known",1,"chr18:g.48593405G>C","predicted driver: tier 1",220,"TRUE","SNV","+","SMAD4","ts","CG","CCT","CG_CCT","ACCTT","CG_ACCTT","-",0.2734375,"M",0.47,-1.12077,0,0,0,-0.78135971352466,0.616688829787234,1,0.616688829787234,0.616688829787234,0.447506028571061,0.810200842810994,"subclonal"]
["G13406","PRR22","missense","chr19",5783393,"C","T","p.A289T",0.1429,70,10,"known",0,"chr19:g.5783393C>T","predicted passenger",98,"FALSE","SNV","-","PRR22","ts","CT","GCG","CT_GCG","GGCGT","CT_GGCGT","+",0.142857142857143,"M",0.47,0.31096,3,3,0,-0.485426827170242,0.750759878419453,1,0.750759878419453,0.750759878419453,0.371500897955678,1.29842249349653,"clonal"]
["G13406","SPRED3","missense","chr19",38886454,"G","A","p.R301H",0.05,40,2,"known",0,"chr19:g.38886454G>A","predicted passenger",48,"FALSE","SNV","+","SPRED3","ts","CT","GCG","CT_GCG","CGCGG","CT_CGCGG","-",0.05,"M",0.47,0.629117,3,3,0,-0.263034405833794,0.262765957446809,0,0.262765957446809,0.262765957446809,0.032129164043397,0.889183519105875,"subclonal"]
["G13406","CD93","missense","chr20",23066316,"C","T","p.G172R",0.1609,87,14,"known",0,"chr20:g.23066316C>T","predicted passenger",42,"FALSE","SNV","-","CD93","ts","CT","CCG","CT_CCG","TCCGG","CT_TCCGG","+",0.160919540229885,"M",0.47,0.768273,4,4,0,1.05062607306997,1.006603081438,1,1.006603081438,1,0.568383309758148,1.59656208952401,"clonal"]
["G13406","SYCP2","nonsense","chr20",58441641,"G","A","p.R1377*",0.1897,116,22,"known",0,"chr20:g.58441641G>A","predicted passenger",73,"FALSE","SNV","-","SYCP2","nt","CT","CCG","CT_CCG","TCCGA","CT_TCCGA","-",0.189655172413793,"M",0.47,0.842162,4,4,0,0.668156436247555,1.18635363169479,1,1.18635363169479,1,0.768399646365348,1.70732296074308,"clonal"]
["G13406","IGLL5","missense","chr22",23230393,"G","A","p.A54T",0.0631,111,7,"known",0,"chr22:g.23230393G>A","predicted passenger",132,"FALSE","SNV","+","IGLL5","ts","CT","GCT","CT_GCT","GGCTC","CT_GGCTC","-",0.0630630630630631,"M",0.47,-0.0448218,2,2,0,-0.249978253008347,0.268353459842822,0,0.268353459842822,0.268353459842822,0.109481707294903,0.534566564665934,"subclonal"]
["G13406","ANOS1","missense","chrX",8538671,"C","T","p.V311I",0.4176,91,38,"known",0,"chrX:g.8538671C>T","predicted passenger",118,"FALSE","SNV","-","KAL1","ts","CT","ACG","CT_ACG","GACGG","CT_GACGG","+",0.417582417582418,"M",0.47,-0.493349,1,1,0,-0.374848409163145,0.888473228898761,1,0.888473228898761,0.888473228898761,1.02545802438018,1.71123061589326,"clonal"]
["G13406","CNTNAP5","missense","chr2",125671723,"G","A","p.R1260Q",0.195652173913043,110,18,"known",0,"chr2:g.125671723G>A","predicted passenger",109,"FALSE","SNV","+","CNTNAP5","ts","CT","CCG","CT_CCG","ACCGG","CT_ACCGG","-",0.163636363636364,"M",0.47,-0.0647469,2,2,0,0.0131753887477332,0.696324951644101,1,0.696324951644101,0.696324951644101,0.425369449898001,1.04779471720716,"clonal"]
["G13406","LMOD2","missense","chr7",123303069,"C","A","p.Q477K",0.0513,117,6,"known",0,"chr7:g.123303069C>A","predicted passenger",94,"FALSE","SNV","+","LMOD2","nt","CA","ACA","CA_ACA","GACAA","CA_GACAA","+",0.0512820512820513,"M",0.47,-0.384385,1,1,0,0.315775867905767,0.166939443535188,0,0.166939443535188,0.166939443535188,0.0620123646872809,0.352486336813565,"subclonal"]
["G13406","CEP295","missense","chr11",93428778,"G","A","p.R550K",0.0273972602739726,150,4,"known",0,"chr11:g.93428778G>A","predicted passenger",151,"FALSE","SNV","+","KIAA1731","ts","CT","TCT","CT_TCT","TTCTT","CT_TTCTT","-",0.0266666666666667,"M",0.47,0.36107,3,3,0,-0.00958604882919808,0.140141843971631,0,0.140141843971631,0.140141843971631,0.038429765112937,0.351412032751912,"subclonal"]
["G13406","ABCA5","missense","chr17",67299038,"C","A","p.A314S",0.0481927710843374,87,4,"known",0,"chr17:g.67299038C>A","predicted passenger",70,"FALSE","SNV","-","ABCA5","ts","CA","GCA","CA_GCA","AGCAA","CA_AGCAA","+",0.0459770114942529,"M",0.47,0.133885,2,2,0,0.313660478903762,0.195646857422353,0,0.195646857422353,0.195646857422353,0.0539037268963464,0.483206161560258,"subclonal"]
["G13406","CLIC6","missense","chr21",36042478,"T","A","p.V264D",0.3333,9,3,"known",0,"chr21:g.36042478T>A","predicted passenger",16,"FALSE","SNV","+","CLIC6","nt","TA","GTC","TA_GTC","GGTCC","TA_GGTCC","+",0.333333333333333,"M",0.47,-0.865762,1,1,0,-0.830074998557688,1.08510638297872,1,1.08510638297872,1,0.243675715047082,2.28101822127858,"clonal"]
["G13406","U2SURP","missense","chr3",142738832,"G","A","p.E198K",0.0810810810810811,120,9,"known",0,"chr3:g.142738832G>A","predicted passenger",112,"FALSE","SNV","+","U2SURP","ts","CT","TCT","CT_TCT","TTCTT","CT_TTCTT","-",0.075,"M",0.47,-0.0932297,2,2,0,0.0995356735509144,0.319148936170213,0,0.319148936170213,0.319148936170213,0.14837187494452,0.585536416554754,"subclonal"]
["G13406","ARMCX4","missense","chrX",100749005,"A","G","p.E1810G",0.153846153846154,30,4,"known",0,"chrX:g.100749005A>G","predicted passenger",19,"FALSE","SNV","+","ARMCX4","ts","TC","CTC","TC_CTC","CCTCA","TC_CCTCA","-",0.133333333333333,"M",0.47,-0.0884338,2,2,0,0.658963082164933,0.417021276595745,0,0.417021276595745,0.417021276595745,0.159802112078142,1.30731212883458,"clonal"]
["G13406","DFFA","missense","chr1",10523665,"C","T","p.A152T",0.1111,18,2,"unknown",0,"chr1:g.10523665C>T","predicted passenger",13,"FALSE","SNV","-","DFFA","ts","CT","GCG","CT_GCG","AGCGT","CT_AGCGT","+",0.111111111111111,"M",0.47,0.198948,2,2,0,0.46948528330122,0.472813238770686,0,0.472813238770686,0.472813238770686,0.0585158113377212,1.4771082493986,"clonal"]
["G13406","HNRNPR","missense","chr1",23650080,"C","T","p.G215E",0.3333,72,24,"unknown",0,"chr1:g.23650080C>T","predicted passenger",64,"FALSE","SNV","-","HNRNPR","ts","CT","TCC","CT_TCC","TTCCA","CT_TTCCA","+",0.333333333333333,"M",0.47,0.140803,2,2,0,0.169925001442312,1.41843971631206,1,1.41843971631206,1,0.964099678673128,1.93317494053433,"clonal"]
["G13406","SPRR1A","missense","chr1",152957753,"C","T","p.P16L",0.4143,70,29,"unknown",0,"chr1:g.152957753C>T","predicted passenger",74,"FALSE","SNV","+","SPRR1A","nt","CT","CCT","CT_CCT","GCCTC","CT_GCCTC","+",0.414285714285714,"M",0.47,-0.245452,2,2,0,-0.0801703486839833,1.7629179331307,2,0.88145896656535,0.88145896656535,0.633448853691291,1.14540078038608,"clonal"]
["G13406","KLHL12","missense","chr1",202878161,"C","T","p.G270E",0.5413,109,59,"unknown",0,"chr1:g.202878161C>T","predicted passenger",106,"FALSE","SNV","-","KLHL12","ts","CT","TCC","CT_TCC","GTCCC","CT_GTCCC","+",0.541284403669725,"M",0.47,0.0803768,2,2,0,0.0402638702137273,2.30333788795628,2,1.15166894397814,1,0.942872960549347,1.35557198369065,"clonal"]
["G13406","GALNT14","missense","chr2",31155027,"C","A","p.S322I",0.1111,27,3,"unknown",0,"chr2:g.31155027C>A","predicted passenger",31,"FALSE","SNV","-","GALNT14","ts","CA","GCT","CA_GCT","GGCTG","CA_GGCTG","+",0.111111111111111,"M",0.47,0.186872,2,2,0,-0.199308808223407,0.472813238770686,0,0.472813238770686,0.472813238770686,0.10011682715257,1.24079542244065,"clonal"]
["G13406","COBLL1","missense","chr2",165578721,"G","A","p.S287L",0.0539,167,9,"unknown",0,"chr2:g.165578721G>A","predicted passenger",205,"FALSE","SNV","-","COBLL1","nt","CT","TCG","CT_TCG","GTCGG","CT_GTCGG","-",0.0538922155688623,"M",0.47,0.0256725,2,2,0,-0.295775807031394,0.229328576888776,0,0.229328576888776,0.229328576888776,0.106110602109584,0.424837496874894,"subclonal"]
["G13406","ITGAV","missense","chr2",187506268,"G","A","p.G371D",0.5145,138,71,"unknown",1,"chr2:g.187506268G>A","predicted passenger",190,"TRUE","SNV","NA","NA","NA","CT","GCC","CT_GCC","TGCCA","CT_TGCCA","-",0.514492753623188,"M",0.47,0.258821,3,3,0,-0.461331151552779,2.70382362010484,3,0.901274540034947,0.901274540034947,0.749701759382963,1.05173445628665,"clonal"]
["G13406","RFTN2","missense","chr2",198511219,"C","A","p.R104L",0.1053,19,2,"unknown",0,"chr2:g.198511219C>A","predicted passenger",27,"FALSE","SNV","-","RFTN2","ts","CA","GCG","CA_GCG","AGCGC","CA_AGCGC","+",0.105263157894737,"M",0.47,0.115706,2,2,0,-0.506959988719883,0.447928331466965,0,0.447928331466965,0.447928331466965,0.0553709122203296,1.41011346577347,"clonal"]
["G13406","DNER","missense","chr2",230377562,"C","T","p.A362T",0.1961,102,20,"unknown",0,"chr2:g.230377562C>T","predicted passenger",136,"FALSE","SNV","-","DNER","ts","CT","GCG","CT_GCG","CGCGT","CT_CGCGT","+",0.196078431372549,"M",0.47,0.308246,3,3,0,-0.415037499278844,1.03045473508552,1,1.03045473508552,1,0.652071975018726,1.50540234726442,"clonal"]
["G13406","PPP1R7","missense","chr2",242105759,"G","A","p.R241Q",0.1549,71,11,"unknown",0,"chr2:g.242105759G>A","predicted passenger",81,"FALSE","SNV","+","PPP1R7","ts","CT","CCG","CT_CCG","GCCGG","CT_GCCGG","-",0.154929577464789,"M",0.47,0.3455,3,3,0,-0.190102883379943,0.814204375187294,1,0.814204375187294,0.814204375187294,0.42021977354152,1.3680908415085,"clonal"]
["G13406","MLH1","missense","chr3",37090434,"A","C","p.S677R",0.1579,152,24,"unknown",1,"chr3:g.37090434A>C","predicted driver: tier 1",191,"TRUE","SNV","+","MLH1","ts","TG","CTG","TG_CTG","ACTGA","TG_ACTGA","-",0.157894736842105,"M",0.47,0.180886,2,2,0,-0.329501314592163,0.671892497200448,1,0.671892497200448,0.671892497200448,0.441970217272154,0.960701182766838,"clonal"]
["G13406","TMPRSS11D","missense","chr4",68698941,"C","A","p.A225S",0.125,16,2,"unknown",0,"chr4:g.68698941C>A","predicted passenger",28,"FALSE","SNV","NA","NA","NA","CA","GCT","CA_GCT","TGCTG","CA_TGCTG","+",0.125,"M",0.47,-0.179879,2,2,0,-0.807354922057604,0.531914893617021,1,0.531914893617021,0.531914893617021,0.06601533538474,1.63181377382665,"clonal"]
["G13406","CDKL2","nonsense","chr4",76532412,"C","T","p.W166*",0.4286,42,18,"unknown",0,"chr4:g.76532412C>T","predicted passenger",47,"FALSE","SNV","-","CDKL2","ts","CT","CCA","CT_CCA","ACCAT","CT_ACCAT","+",0.428571428571429,"M",0.47,0.0302868,2,2,0,-0.162271428898877,1.82370820668693,2,0.911854103343465,0.911854103343465,0.589801591063038,1.25614623241943,"clonal"]
["G13406","SMARCA5","missense","chr4",144474281,"C","T","p.R1035C",0.4521,73,33,"unknown",0,"chr4:g.144474281C>T","predicted passenger",111,"FALSE","SNV","+","SMARCA5","nt","CT","ACG","CT_ACG","AACGT","CT_AACGT","+",0.452054794520548,"M",0.47,-0.182887,2,2,0,-0.604591307470089,1.92363742349169,2,0.961818711745847,0.961818711745847,0.713129324230661,1.21904265619789,"clonal"]
["G13406","ASB5","missense","chr4",177142344,"G","A","p.S211L",0.2879,66,19,"unknown",0,"chr4:g.177142344G>A","predicted passenger",82,"FALSE","SNV","-","ASB5","nt","CT","TCA","CT_TCA","GTCAC","CT_GTCAC","-",0.287878787878788,"M",0.47,-0.107618,2,2,0,-0.31315788525963,1.22501611863314,1,1.22501611863314,1,0.778894576247269,1.75534791430107,"clonal"]
["G13406","SLC9A3","missense","chr5",491908,"C","A","p.G164C",0.1333,15,2,"unknown",0,"chr5:g.491908C>A","predicted passenger",20,"FALSE","SNV","-","SLC9A3","ts","CA","CCG","CA_CCG","GCCGT","CA_GCCGT","+",0.133333333333333,"M",0.47,0.031504,2,2,0,-0.415037499278844,0.567375886524823,1,0.567375886524823,0.567375886524823,0.0705358018726963,1.72171360256754,"clonal"]
["G13406","ADAMTS12","missense","chr5",33614462,"T","G","p.N803T",0.2143,84,18,"unknown",0,"chr5:g.33614462T>G","predicted passenger",89,"FALSE","SNV","-","ADAMTS12","ts","TG","GTT","TG_GTT","GGTTA","TG_GGTTA","+",0.214285714285714,"M",0.47,-0.131236,2,2,0,-0.0834160081876375,0.911854103343465,1,0.911854103343465,0.911854103343465,0.562655973282127,1.35044782996638,"clonal"]
["G13406","PLK2","missense","chr5",57750817,"C","T","p.R596Q",0.1163,86,10,"unknown",0,"chr5:g.57750817C>T","predicted passenger",133,"FALSE","SNV","-","PLK2","ts","CT","TCG","CT_TCG","TTCGA","CT_TTCGA","+",0.116279069767442,"M",0.47,-0.0456063,2,2,0,-0.629017680799092,0.49480455220188,0,0.49480455220188,0.49480455220188,0.24336645701372,0.86579765924995,"subclonal"]
["G13406","IQGAP2","missense","chr5",75996957,"G","C","p.R1475T",0.0756,119,9,"unknown",0,"chr5:g.75996957G>C","predicted passenger",136,"FALSE","SNV","NA","NA","NA","CG","TCT","CG_TCT","CTCTC","CG_CTCTC","-",0.0756302521008403,"M",0.47,-0.0456063,2,2,0,-0.192645077942396,0.321830860003576,0,0.321830860003576,0.321830860003576,0.149640009351491,0.590285614807003,"subclonal"]
["G13406","IQGAP2","missense","chr5",75996968,"G","C","p.V1479L",0.0826,121,10,"unknown",0,"chr5:g.75996968G>C","predicted passenger",131,"FALSE","SNV","NA","NA","NA","CG","ACT","CG_ACT","CACTG","CG_CACTG","-",0.0826446280991736,"M",0.47,-0.0456063,2,2,0,-0.114559764262856,0.351679268507122,0,0.351679268507122,0.351679268507122,0.171675460933275,0.624411011649823,"subclonal"]
["G13406","WWC1","nonsense","chr5",167868823,"C","G","p.S806*",0.2568,74,19,"unknown",0,"chr5:g.167868823C>G","predicted passenger",71,"FALSE","SNV","+","WWC1","nt","CG","TCA","CG_TCA","CTCAG","CG_CTCAG","+",0.256756756756757,"M",0.47,-0.0456063,2,2,0,0.0597062461242676,1.09258194364577,1,1.09258194364577,1,0.690231373229889,1.58112704207749,"clonal"]
["G13406","HIST1H2AD","missense","chr6",26199390,"C","G","p.V28L",0.2695,167,45,"unknown",0,"chr6:g.26199390C>G","predicted passenger",171,"FALSE","SNV","NA","NA","NA","CG","ACA","CG_ACA","CACAG","CG_CACAG","+",0.269461077844311,"M",0.47,0.205785,3,3,0,-0.0341482224118456,1.41610396228819,1,1.41610396228819,1,1.07119698155496,1.80503014533964,"clonal"]
["G13406","POU3F2","missense","chr6",99283151,"A","T","p.Q134H",0.2649,151,40,"unknown",0,"chr6:g.99283151A>T","predicted passenger",152,"FALSE","SNV","+","POU3F2","ts","TA","GTT","TA_GTT","TGTTG","TA_TGTTG","-",0.264900662251656,"M",0.47,-0.416811,1,1,0,-0.00952277411850654,0.862336198393688,1,0.862336198393688,0.862336198393688,0.639599218305388,1.1158893812336,"clonal"]
["G13406","DGKB","missense","chr7",14622748,"C","T","p.R484H",0.1167,60,7,"unknown",0,"chr7:g.14622748C>T","predicted passenger",54,"FALSE","SNV","-","DGKB","ts","CT","ACG","CT_ACG","CACGG","CT_CACGG","+",0.116666666666667,"M",0.47,0.697086,3,3,0,0.15200309344505,0.613120567375886,1,0.613120567375886,0.613120567375886,0.253384381749393,1.18621042185053,"clonal"]
["G13406","SGCE","missense","chr7",94285329,"C","T","p.A28T",0.1269,134,17,"unknown",0,"chr7:g.94285329C>T","predicted passenger",142,"FALSE","SNV","-","SGCE","ts","CT","GCG","CT_GCG","CGCGG","CT_CGCGG","+",0.126865671641791,"M",0.47,-0.304341,1,1,0,-0.0836579290469097,0.412988250238171,0,0.412988250238171,0.412988250238171,0.246337259354385,0.635890337158267,"subclonal"]
["G13406","LRRN3","missense","chr7",110763539,"C","A","p.N237K",0.3,160,48,"unknown",0,"chr7:g.110763539C>A","predicted passenger",167,"FALSE","SNV","NA","NA","NA","CA","ACT","CA_ACT","AACTT","CA_AACTT","+",0.3,"M",0.47,-0.384385,1,1,0,-0.0617761975866899,0.976595744680851,1,0.976595744680851,0.976595744680851,0.749353923928667,1.22850408512981,"clonal"]
["G13406","WDR86","missense","chr7",151079038,"G","A","p.R298W",0.2685,108,29,"unknown",0,"chr7:g.151079038G>A","predicted passenger",118,"FALSE","SNV","-","WDR86","nt","CT","CCG","CT_CCG","CCCGG","CT_CCCGG","-",0.268518518518519,"M",0.47,-0.130213,2,2,0,-0.127755547198373,1.14263199369582,1,1.14263199369582,1,0.799048148091003,1.54199012211374,"clonal"]
["G13406","TMEM70","nonsense","chr8",74891054,"G","T","p.G92*",0.1784,241,43,"unknown",0,"chr8:g.74891054G>T","predicted passenger",173,"FALSE","SNV","+","TMEM70","ts","CA","CCA","CA_CCA","TCCAT","CA_TCCAT","-",0.178423236514523,"M",0.47,0.966701,4,4,0,0.478261108593237,1.11609428798446,1,1.11609428798446,1,0.827189731237491,1.45568454389256,"clonal"]
["G13406","TSPYL5","missense","chr8",98289328,"G","A","p.P249S",0.1676,179,30,"unknown",0,"chr8:g.98289328G>A","predicted passenger",125,"FALSE","SNV","-","TSPYL5","nt","CT","CCC","CT_CCC","TCCCG","CT_TCCCG","-",0.167597765363128,"M",0.47,0.98181,4,4,0,0.518031492602169,1.04837751099489,1,1.04837751099489,1,0.725779409147442,1.44203729033915,"clonal"]
["G13406","MYC","missense","chr8",128753006,"T","G","p.F389L",0.1043,115,12,"unknown",1,"chr8:g.128753006T>G","predicted driver: tier 1",48,"TRUE","SNV","+","MYC","nt","TG","TTT","TG_TTT","TTTTT","TG_TTTTT","+",0.104347826086957,"M",0.47,1.38972,6,6,0,1.26052755022322,0.861424606845513,1,0.861424606845513,0.861424606845513,0.454803337232038,1.44617810402117,"clonal"]
["G13406","FAM135B","missense","chr8",139163470,"G","A","p.T1083M",0.4675,77,36,"unknown",1,"chr8:g.139163470G>A","predicted passenger",52,"FALSE","SNV","-","FAM135B","nt","CT","ACG","CT_ACG","CACGT","CT_CACGT","-",0.467532467532468,"M",0.47,1.18812,5,5,0,0.566346822553809,3.39209726443769,3,1.1306990881459,1,0.85334912612064,1.41427151113575,"clonal"]
["G13406","BNC2","missense","chr9",16419268,"C","T","p.E1007K",0.5,96,48,"unknown",0,"chr9:g.16419268C>T","predicted passenger",124,"FALSE","SNV","-","BNC2","ts","CT","TCG","CT_TCG","CTCGG","CT_CTCGG","+",0.5,"M",0.47,-0.261244,1,1,0,-0.369233809665719,1.62765957446809,2,0.813829787234043,0.813829787234043,0.644842791083009,0.982816783385076,"clonal"]
["G13406","NTRK2","missense","chr9",87482197,"G","A","p.S495N",0.219,137,30,"unknown",0,"chr9:g.87482197G>A","predicted passenger",221,"FALSE","SNV","+","NTRK2","ts","CT","GCT","CT_GCT","GGCTG","CT_GGCTG","-",0.218978102189781,"M",0.47,-0.124269,2,2,0,-0.689870476430905,0.931821711445877,1,0.931821711445877,0.931821711445877,0.650574115501057,1.2664359110255,"clonal"]
["G13406","FAM13C","missense","chr10",61112056,"T","G","p.S100R",0.2923,130,38,"unknown",0,"chr10:g.61112056T>G","predicted passenger",133,"FALSE","SNV","-","FAM13C","ts","TG","CTC","TG_CTC","GCTCT","TG_GCTCT","+",0.292307692307692,"M",0.47,0.0145266,2,2,0,-0.0329146224727352,1.24386252045827,1,1.24386252045827,1,0.918583528730357,1.61051560988216,"clonal"]
["G13406","CD6","nonsense","chr11",60776256,"C","A","p.C240*",0.1667,12,2,"unknown",0,"chr11:g.60776256C>A","predicted passenger",17,"FALSE","SNV","+","CD6","nt","CA","GCC","CA_GCC","TGCCC","CA_TGCCC","+",0.166666666666667,"M",0.47,0.592224,3,3,0,-0.502500340529183,0.875886524822695,1,0.875886524822695,0.875886524822695,0.109639229545592,2.54429838139221,"clonal"]
["G13406","RIN1","missense","chr11",66103607,"C","A","p.D37Y",0.1111,18,2,"unknown",0,"chr11:g.66103607C>A","predicted passenger",19,"FALSE","SNV","NA","NA","NA","CA","TCA","CA_TCA","GTCAT","CA_GTCAT","+",0.111111111111111,"M",0.47,0.145027,2,2,0,-0.0780025120012732,0.472813238770686,0,0.472813238770686,0.472813238770686,0.0585158113377212,1.4771082493986,"clonal"]
["G13406","PAAF1","missense","chr11",73610198,"G","A","p.C97Y",0.0926,54,5,"unknown",0,"chr11:g.73610198G>A","predicted passenger",65,"FALSE","SNV","+","PAAF1","ts","CT","GCA","CT_GCA","GGCAT","CT_GGCAT","-",0.0925925925925926,"M",0.47,0.589054,3,3,0,-0.267480310864986,0.486603624901497,0,0.486603624901497,0.486603624901497,0.161615701299536,1.06683791819178,"clonal"]
["G13406","TENM4","missense","chr11",78387231,"C","T","p.R1821Q",0.4865,37,18,"unknown",0,"chr11:g.78387231C>T","predicted passenger",47,"FALSE","SNV","-","TENM4","ts","CT","CCG","CT_CCG","CCCGA","CT_CCCGA","+",0.486486486486487,"M",0.47,0.36107,3,3,0,-0.345135486048688,2.55664174813111,3,0.852213916043703,0.852213916043703,0.559190668800996,1.14916869879827,"clonal"]
["G13406","NCAPD3","missense","chr11",134048770,"C","T","p.R874H",0.1419,148,21,"unknown",0,"chr11:g.134048770C>T","predicted passenger",121,"FALSE","SNV","NA","NA","NA","CT","GCG","CT_GCG","TGCGC","CT_TGCGC","+",0.141891891891892,"M",0.47,0.460606,3,3,0,0.290590128354355,0.74568717653824,1,0.74568717653824,0.74568717653824,0.473132033183055,1.09670060509202,"clonal"]
["G13406","FGFR1OP2","missense","chr12",27110625,"C","A","p.S115R",0.0602,133,8,"unknown",0,"chr12:g.27110625C>A","predicted passenger",149,"FALSE","SNV","+","FGFR1OP2","nt","CA","GCA","CA_GCA","AGCAA","CA_AGCAA","+",0.0601503759398496,"M",0.47,0.145185,2,2,0,-0.163886084960972,0.255959046552552,0,0.255959046552552,0.255959046552552,0.112015440046258,0.489703423029531,"subclonal"]
["G13406","NELL2","missense","chr12",44917199,"C","T","p.G675R",0.1339,239,32,"unknown",0,"chr12:g.44917199C>T","predicted passenger",284,"FALSE","SNV","-","NELL2","ts","CT","CCG","CT_CCG","TCCGC","CT_TCCGC","+",0.133891213389121,"M",0.47,0.00488889,2,2,0,-0.248880311523934,0.569749844209027,1,0.569749844209027,0.569749844209027,0.397517048852264,0.781821207551229,"subclonal"]
["G13406","CYP27B1","missense","chr12",58158944,"C","A","p.V214L",0.1902,163,31,"unknown",0,"chr12:g.58158944C>A","predicted passenger",178,"FALSE","SNV","-","CYP27B1","ts","CA","ACT","CA_ACT","CACTT","CA_CACTT","+",0.190184049079755,"M",0.47,0.245612,3,3,0,-0.12700527673532,0.999477874951051,1,0.999477874951051,0.999477874951051,0.699115419873227,1.36088916170623,"clonal"]
["G13406","C12orf65","missense","chr12",123738340,"C","T","p.P40L",0.1544,149,23,"unknown",0,"chr12:g.123738340C>T","predicted passenger",159,"FALSE","SNV","NA","NA","NA","CT","CCG","CT_CCG","TCCGG","CT_TCCGG","+",0.154362416107383,"M",0.47,0.462465,3,3,0,-0.0937144348221938,0.811223761245181,1,0.811223761245181,0.811223761245181,0.527843015476277,1.1696379172667,"clonal"]
["G13406","SLITRK5","missense","chr13",88329610,"G","A","p.G656E",0.1754,114,20,"unknown",0,"chr13:g.88329610G>A","predicted passenger",101,"FALSE","SNV","+","SLITRK5","ts","CT","TCC","CT_TCC","CTCCG","CT_CTCCG","-",0.175438596491228,"M",0.47,-0.529829,1,1,0,0.174678531412947,0.571108622620381,1,0.571108622620381,0.571108622620381,0.35997778879346,0.839428480601611,"subclonal"]
["G13406","RNASE2","missense","chr14",21424237,"A","C","p.S103R",0.2134,239,51,"unknown",0,"chr14:g.21424237A>C","predicted passenger",317,"FALSE","SNV","+","RNASE2","ts","TG","CTT","TG_CTT","GCTTC","TG_GCTTC","-",0.213389121338912,"M",0.47,-0.145492,2,2,0,-0.407472222158659,0.908038814208137,1,0.908038814208137,0.908038814208137,0.694485552914193,1.15248179081803,"clonal"]
["G13406","HOMEZ","missense","chr14",23745092,"C","A","p.A449S",0.1176,17,2,"unknown",0,"chr14:g.23745092C>A","predicted passenger",19,"FALSE","SNV","-","HOMEZ","ts","CA","GCC","CA_GCC","AGCCC","CA_AGCCC","+",0.117647058823529,"M",0.47,0.103449,2,2,0,-0.160464672193246,0.500625782227785,1,0.500625782227785,0.500625782227785,0.0620396461289468,1.55067728553724,"clonal"]
["G13406","FANCM","missense","chr14",45645288,"G","C","p.V1111L",0.2542,177,45,"unknown",0,"chr14:g.45645288G>C","predicted passenger",225,"FALSE","SNV","+","FANCM","ts","CG","ACT","CG_ACT","AACTA","CG_AACTA","-",0.254237288135593,"M",0.47,-0.0424415,2,2,0,-0.34617564113404,1.08186080057699,1,1.08186080057699,1,0.81653409282463,1.38303594227872,"clonal"]
["G13406","NPAP1","missense","chr15",24921496,"A","C","p.K161T",0.6154,13,8,"unknown",0,"chr15:g.24921496A>C","predicted passenger",14,"FALSE","SNV","+","NPAP1","ts","TG","CTT","TG_CTT","TCTTC","TG_TCTTC","-",0.615384615384615,"M",0.47,-0.154133,2,2,0,-0.106915203916512,2.61865793780687,3,0.872885979268958,0.872885979268958,0.447911493495125,1.22187327816999,"clonal"]
["G13406","GOLGA8M","missense","chr15",28947701,"G","T","p.H493N",0.199,201,40,"unknown",0,"chr15:g.28947701G>T","predicted passenger",225,"FALSE","SNV","-","GOLGA8M","nt","CA","CCA","CA_CCA","TCCAT","CA_TCCAT","-",0.199004975124378,"M",0.47,-0.154133,2,2,0,-0.162729500038108,0.846829681380332,1,0.846829681380332,0.846829681380332,0.621881788926699,1.11052483299557,"clonal"]
["G13406","USP8","missense","chr15",50751259,"G","A","p.R133Q",0.4545,187,85,"unknown",1,"chr15:g.50751259G>A","predicted passenger",168,"FALSE","SNV","+","USP8","ts","CT","CCG","CT_CCG","GCCGC","CT_GCCGC","-",0.454545454545455,"M",0.47,0.177757,2,2,0,0.154577037108876,1.93423597678917,2,0.967117988394584,0.967117988394584,0.812204269043478,1.12514655716064,"clonal"]
["G13406","ADAMTS18","missense","chr16",77465503,"C","T","p.V62I",0.1582,158,25,"unknown",0,"chr16:g.77465503C>T","predicted passenger",149,"FALSE","SNV","-","ADAMTS18","ts","CT","ACG","CT_ACG","GACGT","CT_GACGT","+",0.158227848101266,"M",0.47,-0.283278,1,1,0,0.0846122277149414,0.515082143819014,1,0.515082143819014,0.515082143819014,0.342103991096774,0.731315670959474,"subclonal"]
["G13406","HSDL1","missense","chr16",84163824,"C","T","p.V145I",0.0441,136,6,"unknown",0,"chr16:g.84163824C>T","predicted passenger",178,"FALSE","SNV","-","HSDL1","ts","CT","ACG","CT_ACG","AACGT","CT_AACGT","+",0.0441176470588235,"M",0.47,0.0618556,2,2,0,-0.388270589716058,0.187734668335419,0,0.187734668335419,0.187734668335419,0.0696172803861502,0.398090372896174,"subclonal"]
["G13406","VPS9D1","missense","chr16",89777197,"G","A","p.T352M",0.1707,41,7,"unknown",0,"chr16:g.89777197G>A","predicted passenger",37,"FALSE","SNV","-","VPS9D1","nt","CT","ACG","CT_ACG","CACGC","CT_CACGC","-",0.170731707317073,"M",0.47,0.0618556,2,2,0,0.148098638989134,0.726517903476907,1,0.726517903476907,0.726517903476907,0.304320375116147,1.36408884871876,"clonal"]
["G13406","FXR2","missense","chr17",7495876,"G","A","p.R591C",0.2446,139,34,"unknown",0,"chr17:g.7495876G>A","predicted passenger",171,"FALSE","SNV","NA","NA","NA","CT","CCG","CT_CCG","GCCGC","CT_GCCGC","-",0.244604316546763,"M",0.47,0.181849,2,2,0,-0.29891144216239,1.04086943211388,1,1.04086943211388,1,0.747775499275871,1.38164344801274,"clonal"]
["G13406","KRT20","missense","chr17",39041194,"C","A","p.A82S",0.2977,131,39,"unknown",0,"chr17:g.39041194C>A","predicted passenger",139,"FALSE","SNV","-","KRT20","ts","CA","GCT","CA_GCT","CGCTA","CA_CGCTA","+",0.297709923664122,"M",0.47,0.133885,2,2,0,-0.0855180711860571,1.26685073899626,1,1.26685073899626,1,0.940497426134093,1.63317703910586,"clonal"]
["G13406","KRTAP2-4","missense","chr17",39221973,"C","T","p.R42H",0.4762,21,10,"unknown",0,"chr17:g.39221973C>T","predicted passenger",25,"FALSE","SNV","-","KRTAP2-4","ts","CT","GCG","CT_GCG","GGCGG","CT_GGCGG","+",0.476190476190476,"M",0.47,0.133885,2,2,0,-0.251538766995964,2.02634245187437,2,1.01317122593718,1,0.547086439162568,1.49402800258799,"clonal"]
["G13406","CRHR1","missense","chr17",43861938,"G","A","p.V10I",0.22,100,22,"unknown",0,"chr17:g.43861938G>A","predicted passenger",121,"FALSE","SNV","NA","NA","NA","CT","ACG","CT_ACG","GACGA","CT_GACGA","-",0.22,"M",0.47,0.133885,2,2,0,-0.27500704749987,0.936170212765957,1,0.936170212765957,0.936170212765957,0.60980245425453,1.33582831398433,"clonal"]
["G13406","KCNH6","missense","chr17",61613037,"C","A","p.T370N",0.1053,19,2,"unknown",0,"chr17:g.61613037C>A","predicted passenger",25,"FALSE","SNV","+","KCNH6","nt","CA","ACC","CA_ACC","AACCC","CA_AACCC","+",0.105263157894737,"M",0.47,0.133885,2,2,0,-0.395928676331139,0.447928331466965,0,0.447928331466965,0.447928331466965,0.0553709122203296,1.41011346577347,"clonal"]
["G13406","RANBP3","missense","chr19",5928050,"C","T","p.A248T",0.2093,86,18,"unknown",0,"chr19:g.5928050C>T","predicted passenger",96,"FALSE","SNV","-","RANBP3","ts","CT","GCT","CT_GCT","GGCTT","CT_GGCTT","+",0.209302325581395,"M",0.47,0.31096,3,3,0,-0.158697746019058,1.09995051954478,1,1.09995051954478,1,0.678038727835139,1.63159794422455,"clonal"]
["G13406","SYDE1","missense","chr19",15224404,"C","A","p.A613E",0.1071,28,3,"unknown",0,"chr19:g.15224404C>A","predicted passenger",34,"FALSE","SNV","+","SYDE1","nt","CA","GCG","CA_GCG","CGCGC","CA_CGCGC","+",0.107142857142857,"M",0.47,0.152192,2,2,0,-0.280107919192735,0.455927051671733,0,0.455927051671733,0.455927051671733,0.0964471942087614,1.20112508815032,"clonal"]
["G13406","HAUS8","missense","chr19",17160705,"C","A","p.R404L",0.1111,18,2,"unknown",0,"chr19:g.17160705C>A","predicted passenger",17,"FALSE","SNV","-","HAUS8","ts","CA","ACG","CA_ACG","AACGA","CA_AACGA","+",0.111111111111111,"M",0.47,0.34683,3,3,0,0.082462160191973,0.583924349881797,1,0.583924349881797,0.583924349881797,0.0722670270020857,1.82422868800728,"clonal"]
["G13406","ZNF91","missense","chr19",23557529,"G","A","p.S23F",0.2432,111,27,"unknown",0,"chr19:g.23557529G>A","predicted passenger",152,"FALSE","SNV","-","ZNF91","nt","CT","TCT","CT_TCT","CTCTC","CT_CTCTC","-",0.243243243243243,"M",0.47,-0.111345,2,2,0,-0.45351164709348,1.03507763082231,1,1.03507763082231,1,0.709888312316386,1.42055240898423,"clonal"]
["G13406","SERTAD3","missense","chr19",40947888,"G","A","p.L34F",0.1,20,2,"unknown",0,"chr19:g.40947888G>A","predicted passenger",12,"FALSE","SNV","-","SERTAD3","nt","CT","GCT","CT_GCT","TGCTC","CT_TGCTC","-",0.1,"M",0.47,0.642564,3,3,0,0.736965594166206,0.525531914893617,1,0.525531914893617,0.525531914893617,0.0648954512992089,1.66584532686624,"clonal"]
["G13406","ZNF615","missense","chr19",52497023,"C","T","p.G436S",0.1622,74,12,"unknown",0,"chr19:g.52497023C>T","predicted passenger",79,"FALSE","SNV","-","ZNF615","ts","CT","CCC","CT_CCC","GCCCT","CT_GCCCT","+",0.162162162162162,"M",0.47,0.226837,3,3,0,-0.0943273825481531,0.852213916043703,1,0.852213916043703,0.852213916043703,0.455630725483024,1.39862861294408,"clonal"]
["G13406","ZNF415","missense","chr19",53612460,"T","G","p.S280R",0.2917,72,21,"unknown",0,"chr19:g.53612460T>G","predicted passenger",75,"FALSE","SNV","-","ZNF415","ts","TG","CTT","TG_CTT","ACTTC","TG_ACTTC","+",0.291666666666667,"M",0.47,0.204539,3,3,0,-0.0588936890535686,1.53280141843972,2,0.766400709219858,0.766400709219858,0.500446432609537,1.07909348110997,"clonal"]
["G13406","LZTS3","missense","chr20",3145350,"C","T","p.R591Q",0.3468,222,77,"unknown",0,"chr20:g.3145350C>T","predicted passenger",165,"FALSE","SNV","-","LZTS3","ts","CT","CCG","CT_CCG","CCCGG","CT_CCCGG","+",0.346846846846847,"M",0.47,1.03866,5,5,0,0.42809365210429,2.51648456967606,3,0.83882818989202,0.83882818989202,0.687830515900789,0.999868725779773,"clonal"]
["G13406","ADRA1D","missense","chr20",4202594,"C","T","p.R432H",0.1325,166,22,"unknown",0,"chr20:g.4202594C>T","predicted passenger",118,"FALSE","SNV","-","ADRA1D","ts","CT","ACG","CT_ACG","CACGC","CT_CACGC","+",0.132530120481928,"M",0.47,1.03866,5,5,0,0.492396381985084,0.961548320943348,1,0.961548320943348,0.961548320943348,0.616378913715079,1.40573123645474,"clonal"]
["G13406","CHD6","missense","chr20",40112102,"T","G","p.D772A",0.1527,131,20,"unknown",0,"chr20:g.40112102T>G","predicted driver: tier 1",105,"TRUE","SNV","-","CHD6","ts","TG","GTC","TG_GTC","AGTCA","TG_AGTCA","+",0.152671755725191,"M",0.47,0.646225,3,3,0,0.319177483871328,0.802338801364301,1,0.802338801364301,0.802338801364301,0.503566490073286,1.18715230029417,"clonal"]
["G13406","SLC2A10","missense","chr20",45353896,"G","A","p.R74K",0.2734,139,38,"unknown",0,"chr20:g.45353896G>A","predicted passenger",98,"FALSE","SNV","+","SLC2A10","ts","CT","CCT","CT_CCT","TCCTG","CT_TCCTG","-",0.273381294964029,"M",0.47,0.815357,4,4,0,0.504231228608299,1.71008724934946,2,0.855043624674728,0.855043624674728,0.629534125836187,1.11158509254226,"clonal"]
["G13406","TMPRSS2","missense","chr21",42851138,"C","G","p.S252T",0.3846,91,35,"unknown",1,"chr21:g.42851138C>G","predicted passenger",126,"FALSE","SNV","-","TMPRSS2","ts","CG","ACT","CG_ACT","CACTT","CG_CACTT","+",0.384615384615385,"M",0.47,-0.865762,1,1,0,-0.46948528330122,1.25204582651391,1,1.25204582651391,1,0.926072623595014,1.60318497508188,"clonal"]
["G13406","IGLL5","missense","chr22",23230414,"T","C","p.S61P",0.0755,106,8,"unknown",0,"chr22:g.23230414T>C","predicted passenger",109,"FALSE","SNV","+","IGLL5","nt","TC","ATC","TC_ATC","GATCC","TC_GATCC","+",0.0754716981132075,"M",0.47,-0.0448218,2,2,0,-0.0402638702137271,0.321156162183862,0,0.321156162183862,0.321156162183862,0.141046002291097,0.60979205512385,"subclonal"]
["G13406","PRPS2","missense","chrX",12837640,"C","A","p.A185E",0.1,20,2,"unknown",0,"chrX:g.12837640C>A","predicted passenger",20,"FALSE","SNV","+","PRPS2","nt","CA","GCA","CA_GCA","TGCAG","CA_TGCAG","+",0.1,"M",0.47,-0.493349,1,1,0,0,0.212765957446809,0,0.212765957446809,0.212765957446809,0.0401983969586193,1.03187989882808,"clonal"]
["G13406","MAGEB4","missense","chrX",30260514,"G","A","p.D88N",0.1077,65,7,"unknown",0,"chrX:g.30260514G>A","predicted passenger",73,"FALSE","SNV","+","MAGEB4","ts","CT","TCT","CT_TCT","ATCTT","CT_ATCTT","-",0.107692307692308,"M",0.47,-0.565379,1,1,0,-0.167456745851563,0.229132569558101,0,0.229132569558101,0.229132569558101,0.14456435125297,0.681603929499135,"subclonal"]
["G13406","CFAP47","missense","chrX",35966531,"C","G","p.F206L",0.1875,64,12,"unknown",0,"chrX:g.35966531C>G","predicted passenger",60,"FALSE","SNV","+","CXorf22","nt","CG","TCT","CG_TCT","TTCTG","CG_TTCTG","+",0.1875,"M",0.47,-0.565379,1,1,0,0.0931094043914815,0.398936170212766,0,0.398936170212766,0.398936170212766,0.328185518747404,0.991644673943781,"clonal"]
["G13406","STARD8","missense","chrX",67943586,"G","A","p.R973Q",0.7097,93,66,"unknown",0,"chrX:g.67943586G>A","predicted passenger",88,"FALSE","SNV","+","STARD8","ts","CT","CCG","CT_CCG","CCCGC","CT_CCCGC","-",0.709677419354839,"M",0.47,-0.0117054,2,2,0,0.0797271924707342,2.21962937542896,2,1.10981468771448,1,1.29014639030474,1.70039100462661,"clonal"]
["G13406","ARHGAP31","missense","chr3",119133198,"G","C","p.D808H",0.0112,178,2,"unknown",0,"chr3:g.119133198G>C","predicted passenger",222,"FALSE","SNV","+","ARHGAP31","ts","CG","TCT","CG_TCT","GTCTT","CG_GTCTT","-",0.0112359550561798,"M",0.47,-0.0494579,2,2,0,-0.318682435383708,0.047812574707148,0,0.047812574707148,0.047812574707148,0.00580270030213899,0.170199157064606,"subclonal"]
["G13406","KHDRBS3","missense","chr8",136594201,"C","T","p.T231I",0.0978,184,18,"unknown",0,"chr8:g.136594201C>T","predicted passenger",169,"FALSE","SNV","+","KHDRBS3","nt","CT","ACC","CT_ACC","CACCC","CT_CACCC","+",0.0978260869565217,"M",0.47,1.18812,5,5,0,0.122682519774829,0.709759481961147,1,0.709759481961147,0.709759481961147,0.428168804216961,1.08973436846682,"clonal"]
["G13406","HELB","missense","chr12",66704151,"G","T","p.K481N",0.0136,220,3,"unknown",0,"chr12:g.66704151G>T","predicted passenger",259,"FALSE","SNV","+","HELB","ts","CA","TCT","CA_TCT","GTCTT","CA_GTCTT","-",0.0136363636363636,"M",0.47,0.123487,2,2,0,-0.235448574161894,0.058027079303675,0,0.058027079303675,0.058027079303675,0.012004352974602,0.167369651816009,"subclonal"]
["G13406","TUBGCP5","missense","chr15",22835946,"C","A","p.H59Q",0.0610687022900763,139,8,"unknown",0,"chr15:g.22835946C>A","predicted passenger",156,"FALSE","SNV","+","TUBGCP5","nt","CA","ACA","CA_ACA","CACAA","CA_CACAA","+",0.0575539568345324,"M",0.47,-0.154133,2,2,0,-0.166461146138741,0.244910454615031,0,0.244910454615031,0.244910454615031,0.107116334399107,0.469166624299068,"subclonal"]
["G13406","CACNG8","missense","chr19",54485712,"G","A","p.G296D",0.1221,213,26,"unknown",0,"chr19:g.54485712G>A","predicted passenger",157,"FALSE","SNV","+","CACNG8","ts","CT","GCC","CT_GCC","GGCCC","CT_GGCCC","-",0.122065727699531,"M",0.47,0.632316,3,3,0,0.440088871334211,0.641494356208171,1,0.641494356208171,0.641494356208171,0.427304012888031,0.912956496401234,"subclonal"]
["G13406","OTOR","missense","chr20",16729518,"T","C","p.I41T",0.0893,56,5,"unknown",0,"chr20:g.16729518T>C","predicted passenger",47,"FALSE","SNV","+","OTOR","nt","TC","ATT","TC_ATT","TATTT","TC_TATTT","+",0.0892857142857143,"M",0.47,0.934982,4,4,0,0.252766070379967,0.558510638297872,1,0.558510638297872,0.558510638297872,0.185344117351605,1.22725258797502,"clonal"]
["G13406","PREX1","missense","chr20",47253168,"C","T","p.A1334T",0.178217821782178,119,18,"unknown",0,"chr20:g.47253168C>T","predicted passenger",100,"FALSE","SNV","-","PREX1","ts","CT","GCG","CT_GCG","GGCGG","CT_GGCGG","+",0.151260504201681,"M",0.47,1.0488,5,5,0,0.250961573533219,1.09744323261219,1,1.09744323261219,1,0.668795304399835,1.65771706989553,"clonal"]
["G13406","CACNA1I","missense","chr22",39996615,"G","A","p.G147R",0.215909090909091,107,19,"unknown",0,"chr22:g.39996615G>A","predicted passenger",122,"FALSE","SNV","+","CACNA1I","ts","CT","CCG","CT_CCG","CCCGA","CT_CCCGA","-",0.177570093457944,"M",0.47,0.0117694,2,2,0,-0.189270351161739,0.755617418969974,1,0.755617418969974,0.755617418969974,0.46990658317386,1.12053620148241,"clonal"]
["G13406","CHD3","missense","chr17",7794000,"G","A","p.E168K",0.0324675324675325,159,5,"unknown",1,"chr17:g.7794000G>A","predicted passenger",116,"FALSE","SNV","+","CHD3","ts","CT","TCT","CT_TCT","TTCTC","CT_TTCTC","-",0.0314465408805031,"M",0.47,0.181849,2,2,0,0.454901960156783,0.133815067576609,0,0.133815067576609,0.133815067576609,0.0437784010613376,0.305776093328132,"subclonal"]
["G13406","CEP290","missense","chr12",88502943,"C","T","p.E795K",0.0272727272727273,114,3,"unknown",0,"chr12:g.88502943C>T","predicted driver: tier 1",113,"TRUE","SNV","-","CEP290","ts","CT","TCT","CT_TCT","TTCTT","CT_TTCTT","+",0.0263157894736842,"M",0.47,-0.0583902,2,2,0,0.012711051749554,0.111982082866741,0,0.111982082866741,0.111982082866741,0.0232348013543878,0.319071681276903,"subclonal"]
["G13406","NOL4L","missense","chr20",31035566,"T","G","p.T382P",0.241379310344828,36,7,"unknown",0,"chr20:g.31035566T>G","predicted passenger",25,"FALSE","SNV","-","C20orf112","ts","TG","GTG","TG_GTG","CGTGG","TG_CGTGG","+",0.194444444444444,"M",0.47,1.07725,5,5,0,0.526068811667588,1.41075650118203,1,1.41075650118203,1,0.594527258722047,2.61371433012093,"clonal"]
["G13407","BRINP2","missense","chr1",177250251,"C","T","p.R647W",0.3767,215,81,"known",0,"chr1:g.177250251C>T","predicted passenger",212,"FALSE","SNV","+","BRINP2","nt","CT","ACG","CT_ACG","TACGG","CT_TACGG","+",0.376744186046512,"M",0.45,-0.0450758,2,2,0,0.020272395026261,1.67441860465116,2,0.837209302325581,0.837209302325581,0.692785946510473,0.989298822068224,"clonal"]
["G13407","CCDC142","missense","chr2",74709712,"G","A","p.P85S",0.4746,59,28,"known",0,"chr2:g.74709712G>A","predicted passenger",58,"FALSE","SNV","-","CCDC142","nt","CT","CCC","CT_CCC","TCCCT","CT_TCCCT","-",0.474576271186441,"M",0.45,0.0948741,2,2,0,0.024662054234269,2.10922787193974,2,1.05461393596987,1,0.762185887217098,1.35290467628302,"clonal"]
["G13407","ANKRD36C","missense","chr2",96517905,"A","T","p.C1730S",0.0448,223,10,"known",0,"chr2:g.96517905A>T","predicted passenger",202,"FALSE","SNV","-","ANKRD36C","nt","TA","ATG","TA_ATG","GATGT","TA_GATGT","-",0.0448430493273543,"M",0.45,0.138306,2,2,0,0.14268841716851,0.199302441454908,0,0.199302441454908,0.199302441454908,0.0964908593383197,0.359643665313406,"subclonal"]
["G13407","LRP1B","missense","chr2",141680654,"C","T","p.V1067I",0.113,115,13,"known",1,"chr2:g.141680654C>T","predicted passenger",112,"FALSE","SNV","-","LRP1B","ts","CT","ACG","CT_ACG","AACGC","CT_AACGC","+",0.11304347826087,"M",0.45,-0.0523357,2,2,0,0.038135128886771,0.502415458937198,1,0.502415458937198,0.502415458937198,0.273699280363589,0.824660104839954,"subclonal"]
["G13407","CPS1","missense","chr2",211512767,"G","T","p.A1114S",0.1752,137,24,"known",0,"chr2:g.211512767G>T","predicted passenger",151,"FALSE","SNV","+","CPS1","ts","CA","GCT","CA_GCT","AGCTT","CA_AGCTT","-",0.175182481751825,"M",0.45,-0.0263294,2,2,0,-0.140372656364552,0.778588807785888,1,0.778588807785888,0.778588807785888,0.513716905910352,1.10822532349342,"clonal"]
["G13407","FAM218A","missense","chr4",165878332,"G","A","p.R53H",0.3525,139,49,"known",0,"chr4:g.165878332G>A","predicted passenger",142,"FALSE","SNV","NA","NA","NA","CT","GCG","CT_GCG","GGCGG","CT_GGCGG","-",0.352517985611511,"M",0.45,-0.0702114,2,2,0,-0.0308060467811746,1.56674660271783,2,0.783373301358913,0.783373301358913,0.607647550796474,0.973393728071369,"clonal"]
["G13407","TCAF2","missense","chr7",143421687,"C","T","p.A801V",0.2083,192,40,"known",0,"chr7:g.143421687C>T","predicted passenger",209,"FALSE","SNV","NA","NA","NA","CT","GCT","CT_GCT","GGCTC","CT_GGCTC","+",0.208333333333333,"M",0.45,-0.19694,2,2,0,-0.122396631359727,0.925925925925926,1,0.925925925925926,0.925925925925926,0.680906180808133,1.21199787688142,"clonal"]
["G13407","TMEM72","missense","chr10",45430544,"C","T","p.L264F",0.1892,37,7,"known",0,"chr10:g.45430544C>T","predicted passenger",40,"FALSE","SNV","NA","NA","NA","CT","ACT","CT_ACT","CACTC","CT_CACTC","+",0.189189189189189,"M",0.45,0.251201,3,3,0,-0.112474729258412,1.03003003003003,1,1.03003003003003,1,0.433492769087885,1.91400739334372,"clonal"]
["G13407","EBF3","missense","chr10",131666090,"C","G","p.D281H",0.1438,160,23,"known",0,"chr10:g.131666090C>G","predicted passenger",154,"FALSE","SNV","-","EBF3","ts","CG","TCA","CG_TCA","GTCAA","CG_GTCAA","+",0.14375,"M",0.45,0.289606,3,3,0,0.0551415541924608,0.782638888888889,1,0.782638888888889,0.782638888888889,0.508288675320515,1.13162112368159,"clonal"]
["G13407","NLRP6","missense","chr11",281613,"G","A","p.E627K",0.125,72,9,"known",0,"chr11:g.281613G>A","predicted passenger",63,"FALSE","SNV","+","NLRP6","ts","CT","TCG","CT_TCG","CTCGT","CT_CTCGT","-",0.125,"M",0.45,0.531812,3,3,0,0.192645077942396,0.680555555555556,1,0.680555555555556,0.680555555555556,0.320042503974606,1.21994720571327,"clonal"]
["G13407","FREM2","missense","chr13",39450206,"A","G","p.T2777A",0.1835,267,49,"known",0,"chr13:g.39450206A>G","predicted passenger",298,"FALSE","SNV","+","FREM2","ts","TC","GTC","TC_GTC","TGTCA","TC_TGTCA","-",0.183520599250936,"M",0.45,-0.147149,2,2,0,-0.158472588774608,0.815647107781939,1,0.815647107781939,0.815647107781939,0.61761055700631,1.04559484612928,"clonal"]
["G13407","SGSM2","missense","chr17",2264970,"G","A","p.R58H",0.2,185,37,"known",0,"chr17:g.2264970G>A","predicted passenger",192,"FALSE","SNV","+","SGSM2","ts","CT","ACG","CT_ACG","CACGG","CT_CACGG","-",0.2,"M",0.45,0.10138,2,2,0,-0.0535810402048441,0.888888888888889,1,0.888888888888889,0.888888888888889,0.644002054028158,1.17766569922803,"clonal"]
["G13407","TP53","missense","chr17",7578406,"C","T","p.R175H",0.5756,205,118,"known",1,"chr17:g.7578406C>T","known in: CANCER;CANCER-PR",198,"TRUE","SNV","-","TP53","ts","CT","GCG","CT_GCG","AGCGC","CT_AGCGC","+",0.575609756097561,"M",0.45,0.10138,2,2,0,0.0501234794258363,2.55826558265583,3,0.852755194218609,0.852755194218609,0.747897083599305,0.954325731688421,"clonal"]
["G13407","SMAD4","missense","chr18",48593405,"G","C","p.G386R",0.2465,142,35,"known",1,"chr18:g.48593405G>C","predicted driver: tier 1",220,"TRUE","SNV","+","SMAD4","ts","CG","CCT","CG_CCT","ACCTT","CG_ACCTT","-",0.246478873239437,"M",0.45,-1.18661,0,0,0,-0.631612594019977,0.602503912363067,1,0.602503912363067,0.602503912363067,0.435300277479834,0.79630720903309,"subclonal"]
["G13407","PRR22","missense","chr19",5783393,"C","T","p.A289T",0.2596,104,27,"known",0,"chr19:g.5783393C>T","predicted passenger",98,"FALSE","SNV","-","PRR22","ts","CT","GCG","CT_GCG","GGCGT","CT_GGCGT","+",0.259615384615385,"M",0.45,0.228362,3,3,0,0.085729874025884,1.41346153846154,1,1.41346153846154,1,0.972239435132372,1.93174378294153,"clonal"]
["G13407","CD93","missense","chr20",23066316,"C","T","p.G172R",0.1359,103,14,"known",0,"chr20:g.23066316C>T","predicted passenger",42,"FALSE","SNV","-","CD93","ts","CT","CCG","CT_CCG","TCCGG","CT_TCCGG","+",0.135922330097087,"M",0.45,0.877677,4,4,0,1.29418310440446,0.875943905070119,1,0.875943905070119,0.875943905070119,0.492021745828356,1.40184996275448,"clonal"]
["G13407","SYCP2","nonsense","chr20",58441641,"G","A","p.R1377*",0.1475,122,18,"known",0,"chr20:g.58441641G>A","predicted passenger",73,"FALSE","SNV","-","SYCP2","nt","CT","CCG","CT_CCG","TCCGA","CT_TCCGA","-",0.147540983606557,"M",0.45,0.913553,4,4,0,0.740912778682869,0.950819672131148,1,0.950819672131148,0.950819672131148,0.579025214885317,1.43788720870783,"clonal"]
["G13407","ANOS1","missense","chrX",8538671,"C","T","p.V311I",0.4118,102,42,"known",0,"chrX:g.8538671C>T","predicted passenger",118,"FALSE","SNV","-","KAL1","ts","CT","ACG","CT_ACG","GACGG","CT_GACGG","+",0.411764705882353,"M",0.45,-0.730133,1,1,0,-0.210217707390346,0.915032679738562,1,0.915032679738562,0.915032679738562,1.08577892644202,1.76894482766965,"clonal"]
["G13407","RYR2","missense","chr1",237754007,"C","A","p.S1292Y",0.0968,31,3,"known",0,"chr1:g.237754007C>A","predicted passenger",29,"FALSE","SNV","+","RYR2","nt","CA","TCT","CA_TCT","TTCTC","CA_TTCTC","+",0.0967741935483871,"M",0.45,-0.0327384,2,2,0,0.096215315259303,0.43010752688172,0,0.43010752688172,0.43010752688172,0.0907549452790761,1.14461806501216,"clonal"]
["G13407","CNTNAP5","missense","chr2",125671723,"G","A","p.R1260Q",0.2095,105,22,"known",0,"chr2:g.125671723G>A","predicted passenger",109,"FALSE","SNV","+","CNTNAP5","ts","CT","CCG","CT_CCG","ACCGG","CT_ACCGG","-",0.20952380952381,"M",0.45,0.138306,2,2,0,-0.0539388071108037,0.931216931216931,1,0.931216931216931,0.931216931216931,0.605381960155244,1.33270012000894,"clonal"]
["G13407","HIST1H1C","missense","chr6",26056629,"C","A","p.A10S",0.0625,48,3,"known",1,"chr6:g.26056629C>A","predicted passenger",42,"FALSE","SNV","-","HIST1H1C","ts","CA","GCG","CA_GCG","AGCGG","CA_AGCGG","+",0.0625,"M",0.45,0.0103434,2,2,0,0.192645077942396,0.277777777777778,0,0.277777777777778,0.277777777777778,0.0581299751535673,0.764266359069202,"subclonal"]
["G13407","STEAP1","missense","chr7",89791240,"A","G","p.K204E",0.1429,21,3,"known",0,"chr7:g.89791240A>G","predicted passenger",40,"FALSE","SNV","NA","NA","NA","TC","TTA","TC_TTA","TTTAT","TC_TTTAT","-",0.142857142857143,"M",0.45,-0.304867,1,1,0,-0.929610672108602,0.492063492063492,0,0.492063492063492,0.492063492063492,0.105017555140776,1.25179373305849,"clonal"]
["G13407","LMOD2","missense","chr7",123303069,"C","A","p.Q477K",0.0909,99,9,"known",0,"chr7:g.123303069C>A","predicted passenger",94,"FALSE","SNV","+","LMOD2","nt","CA","ACA","CA_ACA","GACAA","CA_GACAA","+",0.0909090909090909,"M",0.45,-0.382495,1,1,0,0.0747677684019721,0.313131313131313,0,0.313131313131313,0.313131313131313,0.146101174852828,0.570293138666925,"subclonal"]
["G13407","BBOX1","missense","chr11",27148882,"G","A","p.R349Q",0.0688,247,17,"known",0,"chr11:g.27148882G>A","predicted passenger",226,"FALSE","SNV","NA","NA","NA","CT","TCG","CT_TCG","GTCGG","CT_GTCGG","-",0.0688259109311741,"M",0.45,0.251201,3,3,0,0.12818826916949,0.374718848403059,0,0.374718848403059,0.374718848403059,0.22105482899881,0.587518731847479,"subclonal"]
["G13407","CEP295","missense","chr11",93428778,"G","A","p.R550K",0.0629,175,11,"known",0,"chr11:g.93428778G>A","predicted passenger",151,"FALSE","SNV","+","KIAA1731","ts","CT","TCT","CT_TCT","TTCTT","CT_TTCTT","-",0.0628571428571429,"M",0.45,0.334136,3,3,0,0.21280637250725,0.342222222222222,0,0.342222222222222,0.342222222222222,0.173093753415134,0.597168403013742,"subclonal"]
["G13407","ALOX15","nonsense","chr17",4535210,"G","A","p.Q595*",0.0517,58,3,"known",0,"chr17:g.4535210G>A","predicted passenger",44,"FALSE","SNV","-","ALOX15","nt","CT","GCA","CT_GCA","GGCAG","CT_GGCAG","-",0.0517241379310345,"M",0.45,0.10138,2,2,0,0.398549376490275,0.229885057471264,0,0.229885057471264,0.229885057471264,0.04798434704131,0.639131676779309,"subclonal"]
["G13407","ABCA5","missense","chr17",67299038,"C","A","p.A314S",0.0824,85,7,"known",0,"chr17:g.67299038C>A","predicted passenger",70,"FALSE","SNV","-","ABCA5","ts","CA","GCA","CA_GCA","AGCAA","CA_AGCAA","+",0.0823529411764706,"M",0.45,0.0886683,2,2,0,0.280107919192735,0.366013071895425,0,0.366013071895425,0.366013071895425,0.150011304968333,0.721528465439225,"subclonal"]
["G13407","BHLHE23","missense","chr20",61637757,"G","A","p.R108C",0.0542,166,9,"known",0,"chr20:g.61637757G>A","predicted passenger",113,"FALSE","SNV","-","BHLHE23","nt","CT","GCG","CT_GCG","CGCGC","CT_CGCGC","-",0.0542168674698795,"M",0.45,1.01791,5,5,0,0.554860468931737,0.403614457831325,0,0.403614457831325,0.403614457831325,0.186766405163897,0.747595955544816,"subclonal"]
["G13407","CLIC6","missense","chr21",36042478,"T","A","p.V264D",0.1667,12,2,"known",0,"chr21:g.36042478T>A","predicted passenger",16,"FALSE","SNV","+","CLIC6","nt","TA","GTC","TA_GTC","GGTCC","TA_GGTCC","+",0.166666666666667,"M",0.45,-0.983227,1,1,0,-0.415037499278844,0.574074074074074,1,0.574074074074074,0.574074074074074,0.071859809918096,1.66758557880722,"clonal"]
["G13407","ARMCX4","missense","chrX",100749005,"A","G","p.E1810G",0.108108108108108,41,4,"known",0,"chrX:g.100749005A>G","predicted passenger",19,"FALSE","SNV","+","ARMCX4","ts","TC","CTC","TC_CTC","CCTCA","TC_CCTCA","-",0.0975609756097561,"M",0.45,0.281035,3,3,0,1.1096244911745,0.411924119241192,0,0.411924119241192,0.411924119241192,0.148238430346631,1.25937921290707,"clonal"]
["G13407","HNRNPR","missense","chr1",23650080,"C","T","p.G215E",0.4533,75,34,"unknown",0,"chr1:g.23650080C>T","predicted passenger",64,"FALSE","SNV","-","HNRNPR","ts","CT","TCC","CT_TCC","TTCCA","CT_TTCCA","+",0.453333333333333,"M",0.45,0.103841,2,2,0,0.228818690495881,2.01481481481481,2,1.00740740740741,1,0.750987286454797,1.27226909061759,"clonal"]
["G13407","SPRR1A","missense","chr1",152957753,"C","T","p.P16L",0.4167,84,35,"unknown",0,"chr1:g.152957753C>T","predicted passenger",74,"FALSE","SNV","+","SPRR1A","nt","CT","CCT","CT_CCT","GCCTC","CT_GCCTC","+",0.416666666666667,"M",0.45,-0.036772,2,2,0,0.18286405714981,1.85185185185185,2,0.925925925925926,0.925925925925926,0.688875644795721,1.17642225110309,"clonal"]
["G13407","KLHL12","missense","chr1",202878161,"C","T","p.G270E",0.5323,124,66,"unknown",0,"chr1:g.202878161C>T","predicted passenger",106,"FALSE","SNV","-","KLHL12","ts","CT","TCC","CT_TCC","GTCCC","CT_GTCCC","+",0.532258064516129,"M",0.45,-0.0327384,2,2,0,0.226275855823676,2.36559139784946,2,1.18279569892473,1,0.979019731163758,1.38306870056822,"clonal"]
["G13407","ITGAV","missense","chr2",187506268,"G","A","p.G371D",0.519,158,82,"unknown",1,"chr2:g.187506268G>A","predicted passenger",190,"TRUE","SNV","NA","NA","NA","CT","GCC","CT_GCC","TGCCA","CT_TGCCA","-",0.518987341772152,"M",0.45,0.0182639,2,2,0,-0.266074860153845,2.30661040787623,2,1.15330520393812,1,0.973786447644822,1.33121178968865,"clonal"]
["G13407","DNER","missense","chr2",230377562,"C","T","p.A362T",0.1912,136,26,"unknown",0,"chr2:g.230377562C>T","predicted passenger",136,"FALSE","SNV","-","DNER","ts","CT","GCG","CT_GCG","CGCGT","CT_CGCGT","+",0.191176470588235,"M",0.45,0.15978,2,2,0,0,0.849673202614379,1,0.849673202614379,0.849673202614379,0.572655628278128,1.18859484941411,"clonal"]
["G13407","PPP1R7","missense","chr2",242105759,"G","A","p.R241Q",0.1573,89,14,"unknown",0,"chr2:g.242105759G>A","predicted passenger",81,"FALSE","SNV","+","PPP1R7","ts","CT","CCG","CT_CCG","GCCGG","CT_GCCGG","-",0.157303370786517,"M",0.45,0.15978,2,2,0,0.135883428081773,0.699126092384519,1,0.699126092384519,0.699126092384519,0.39446372929522,1.11032346671079,"clonal"]
["G13407","MLH1","missense","chr3",37090434,"A","C","p.S677R",0.2406,187,45,"unknown",1,"chr3:g.37090434A>C","predicted driver: tier 1",191,"TRUE","SNV","+","MLH1","ts","TG","CTG","TG_CTG","ACTGA","TG_ACTGA","-",0.240641711229947,"M",0.45,-0.0253989,2,2,0,-0.0305343681481121,1.06951871657754,1,1.06951871657754,1,0.805625264287236,1.37081109788216,"clonal"]
["G13407","CDKL2","nonsense","chr4",76532412,"C","T","p.W166*",0.4773,44,21,"unknown",0,"chr4:g.76532412C>T","predicted passenger",47,"FALSE","SNV","-","CDKL2","ts","CT","CCA","CT_CCA","ACCAT","CT_ACCAT","+",0.477272727272727,"M",0.45,-0.0704571,2,2,0,-0.0951572330403401,2.12121212121212,2,1.06060606060606,1,0.721364925326851,1.40689440757148,"clonal"]
["G13407","SMARCA5","missense","chr4",144474281,"C","T","p.R1035C",0.4818,110,53,"unknown",0,"chr4:g.144474281C>T","predicted passenger",111,"FALSE","SNV","+","SMARCA5","nt","CT","ACG","CT_ACG","AACGT","CT_AACGT","+",0.481818181818182,"M",0.45,-0.0995229,2,2,0,-0.0130561528254464,2.14141414141414,2,1.07070707070707,1,0.856746421626013,1.28689725070431,"clonal"]
["G13407","ASB5","missense","chr4",177142344,"G","A","p.S211L",0.1972,71,14,"unknown",0,"chr4:g.177142344G>A","predicted passenger",82,"FALSE","SNV","-","ASB5","nt","CT","TCA","CT_TCA","GTCAC","CT_GTCAC","-",0.197183098591549,"M",0.45,-0.0702114,2,2,0,-0.207804885113402,0.876369327073552,1,0.876369327073552,0.876369327073552,0.498701425980274,1.37177758736215,"clonal"]
["G13407","ADAMTS12","missense","chr5",33614462,"T","G","p.N803T",0.2308,91,21,"unknown",0,"chr5:g.33614462T>G","predicted passenger",89,"FALSE","SNV","-","ADAMTS12","ts","TG","GTT","TG_GTT","GGTTA","TG_GGTTA","+",0.230769230769231,"M",0.45,-0.0689032,2,2,0,0.0320612092322986,1.02564102564103,1,1.02564102564103,1,0.66169996214417,1.47051766037951,"clonal"]
["G13407","WWC1","nonsense","chr5",167868823,"C","G","p.S806*",0.253,83,21,"unknown",0,"chr5:g.167868823C>G","predicted passenger",71,"FALSE","SNV","+","WWC1","nt","CG","TCA","CG_TCA","CTCAG","CG_CTCAG","+",0.253012048192771,"M",0.45,-0.0109754,2,2,0,0.225292311842243,1.12449799196787,1,1.12449799196787,1,0.728633400545555,1.60172668434797,"clonal"]
["G13407","HIST1H2AD","missense","chr6",26199390,"C","G","p.V28L",0.2662,154,41,"unknown",0,"chr6:g.26199390C>G","predicted passenger",171,"FALSE","SNV","NA","NA","NA","CG","ACA","CG_ACA","CACAG","CG_CACAG","+",0.266233766233766,"M",0.45,0.0103434,2,2,0,-0.151065974190997,1.18326118326118,1,1.18326118326118,1,0.88141384840674,1.52611006146384,"clonal"]
["G13407","POU3F2","missense","chr6",99283151,"A","T","p.Q134H",0.0406976744186047,179,7,"unknown",0,"chr6:g.99283151A>T","predicted passenger",152,"FALSE","SNV","+","POU3F2","ts","TA","GTT","TA_GTT","TGTTG","TA_TGTTG","-",0.0391061452513966,"M",0.45,-0.311535,1,1,0,0.235888263820671,0.134698944754811,0,0.134698944754811,0.134698944754811,0.0546457682273166,0.271804896493365,"subclonal"]
["G13407","DGKB","missense","chr7",14622748,"C","T","p.R484H",0.301587301587302,82,19,"unknown",0,"chr7:g.14622748C>T","predicted passenger",54,"FALSE","SNV","-","DGKB","ts","CT","ACG","CT_ACG","CACGG","CT_CACGG","+",0.231707317073171,"M",0.45,0.728897,4,4,0,0.602664502454615,1.49322493224932,1,1.49322493224932,1,0.938561064834087,2.17791341582731,"clonal"]
["G13407","SGCE","missense","chr7",94285329,"C","T","p.A28T",0.1329,143,19,"unknown",0,"chr7:g.94285329C>T","predicted passenger",142,"FALSE","SNV","-","SGCE","ts","CT","GCG","CT_GCG","CGCGG","CT_CGCGG","+",0.132867132867133,"M",0.45,-0.299893,1,1,0,0.0101242172737073,0.457653457653458,0,0.457653457653458,0.457653457653458,0.282197695013235,0.687820058897184,"subclonal"]
["G13407","LRRN3","missense","chr7",110763539,"C","A","p.N237K",0.1775,169,30,"unknown",0,"chr7:g.110763539C>A","predicted passenger",167,"FALSE","SNV","NA","NA","NA","CA","ACT","CA_ACT","AACTT","CA_AACTT","+",0.177514792899408,"M",0.45,-0.382495,1,1,0,0.0171751438081322,0.611439842209073,1,0.611439842209073,0.611439842209073,0.423975058836417,0.839107955311696,"subclonal"]
["G13407","WDR86","missense","chr7",151079038,"G","A","p.R298W",0.214953271028037,130,23,"unknown",0,"chr7:g.151079038G>A","predicted passenger",118,"FALSE","SNV","-","WDR86","nt","CT","CCG","CT_CCG","CCCGG","CT_CCCGG","-",0.176923076923077,"M",0.45,-0.231694,2,2,0,0.139724763666613,0.786324786324786,1,0.786324786324786,0.786324786324786,0.513710333690151,1.12688544376813,"clonal"]
["G13407","TMEM70","nonsense","chr8",74891054,"G","T","p.G92*",0.1894,322,61,"unknown",0,"chr8:g.74891054G>T","predicted passenger",173,"FALSE","SNV","+","TMEM70","ts","CA","CCA","CA_CCA","TCCAT","CA_TCCAT","-",0.18944099378882,"M",0.45,1.00418,5,5,0,0.896288650477892,1.41028295376121,1,1.41028295376121,1,1.10265604784473,1.76123185934264,"clonal"]
["G13407","TSPYL5","missense","chr8",98289328,"G","A","p.P249S",0.2291,227,52,"unknown",0,"chr8:g.98289328G>A","predicted passenger",125,"FALSE","SNV","-","TSPYL5","nt","CT","CCC","CT_CCC","TCCCG","CT_TCCCG","-",0.229074889867841,"M",0.45,1.018,5,5,0,0.860764202628828,1.70533529123838,2,0.852667645619188,0.852667645619188,0.655371577636695,1.07684692967234,"clonal"]
["G13407","MYC","missense","chr8",128753006,"T","G","p.F389L",0.168,125,21,"unknown",1,"chr8:g.128753006T>G","predicted driver: tier 1",48,"TRUE","SNV","+","MYC","nt","TG","TTT","TG_TTT","TTTTT","TG_TTTTT","+",0.168,"M",0.45,1.31629,5,5,0,1.38082178394093,1.25066666666667,1,1.25066666666667,1,0.797348625264833,1.8258876771543,"clonal"]
["G13407","FAM135B","missense","chr8",139163470,"G","A","p.T1083M",0.4179,67,28,"unknown",1,"chr8:g.139163470G>A","predicted passenger",52,"FALSE","SNV","-","FAM135B","nt","CT","ACG","CT_ACG","CACGT","CT_CACGT","-",0.417910447761194,"M",0.45,1.2068,5,5,0,0.36564947231668,3.11111111111111,3,1.03703703703704,1,0.740695938577378,1.35197948907295,"clonal"]
["G13407","BNC2","missense","chr9",16419268,"C","T","p.E1007K",0.3871,124,48,"unknown",0,"chr9:g.16419268C>T","predicted passenger",124,"FALSE","SNV","-","BNC2","ts","CT","TCG","CT_TCG","CTCGG","CT_CTCGG","+",0.387096774193548,"M",0.45,-0.284344,1,1,0,0,1.33333333333333,1,1.33333333333333,1,1.03676241576737,1.64893262816934,"clonal"]
["G13407","NTRK2","missense","chr9",87482197,"G","A","p.S495N",0.2414,203,49,"unknown",0,"chr9:g.87482197G>A","predicted passenger",221,"FALSE","SNV","+","NTRK2","ts","CT","GCT","CT_GCT","GGCTG","CT_GGCTG","-",0.241379310344828,"M",0.45,-0.218394,2,2,0,-0.122566642206255,1.0727969348659,1,1.0727969348659,1,0.81878239772524,1.36111282985241,"clonal"]
["G13407","FAM13C","missense","chr10",61112056,"T","G","p.S100R",0.3077,156,48,"unknown",0,"chr10:g.61112056T>G","predicted passenger",133,"FALSE","SNV","-","FAM13C","ts","TG","CTC","TG_CTC","GCTCT","TG_GCTCT","+",0.307692307692308,"M",0.45,0.149371,2,2,0,0.230119783361059,1.36752136752137,1,1.36752136752137,1,1.05050824371241,1.7177482027317,"clonal"]
["G13407","TENM4","missense","chr11",78387231,"C","T","p.R1821Q",0.4286,56,24,"unknown",0,"chr11:g.78387231C>T","predicted passenger",47,"FALSE","SNV","-","TENM4","ts","CT","CCG","CT_CCG","CCCGA","CT_CCCGA","+",0.428571428571429,"M",0.45,0.334136,3,3,0,0.252766070379967,2.33333333333333,2,1.16666666666667,1,0.808829023760024,1.5457893614726,"clonal"]
["G13407","NCAPD3","missense","chr11",134048770,"C","T","p.R874H",0.2057,141,29,"unknown",0,"chr11:g.134048770C>T","predicted passenger",121,"FALSE","SNV","NA","NA","NA","CT","GCG","CT_GCG","TGCGC","CT_TGCGC","+",0.205673758865248,"M",0.45,0.434989,3,3,0,0.220688115124199,1.11977935382191,1,1.11977935382191,1,0.774635736822883,1.5344630377289,"clonal"]
["G13407","FGFR1OP2","missense","chr12",27110625,"C","A","p.S115R",0.02,160,3,"unknown",0,"chr12:g.27110625C>A","predicted passenger",149,"FALSE","SNV","+","FGFR1OP2","nt","CA","GCA","CA_GCA","AGCAA","CA_AGCAA","+",0.01875,"M",0.45,0.0374712,2,2,0,0.102759574425201,0.0833333333333333,0,0.0833333333333333,0.0833333333333333,0.0172600819689556,0.239180495767524,"subclonal"]
["G13407","NELL2","missense","chr12",44917199,"C","T","p.G675R",0.2295,244,56,"unknown",0,"chr12:g.44917199C>T","predicted passenger",284,"FALSE","SNV","-","NELL2","ts","CT","CCG","CT_CCG","TCCGC","CT_TCCGC","+",0.229508196721311,"M",0.45,0.0192981,2,2,0,-0.219009781941796,1.0200364298725,1,1.0200364298725,1,0.792322977417187,1.27752664333918,"clonal"]
["G13407","CYP27B1","missense","chr12",58158944,"C","A","p.V214L",0.1813,171,31,"unknown",0,"chr12:g.58158944C>A","predicted passenger",178,"FALSE","SNV","-","CYP27B1","ts","CA","ACT","CA_ACT","CACTT","CA_CACTT","+",0.181286549707602,"M",0.45,0.0876289,2,2,0,-0.0578809160804999,0.805717998700455,1,0.805717998700455,0.805717998700455,0.562773286142865,1.09929483940198,"clonal"]
["G13407","C12orf65","missense","chr12",123738340,"C","T","p.P40L",0.0633,158,10,"unknown",0,"chr12:g.123738340C>T","predicted passenger",159,"FALSE","SNV","NA","NA","NA","CT","CCG","CT_CCG","TCCGG","CT_TCCGG","+",0.0632911392405063,"M",0.45,0.360752,3,3,0,-0.00910220710725243,0.344585091420535,0,0.344585091420535,0.344585091420535,0.167498312705641,0.616927531778473,"subclonal"]
["G13407","SLITRK5","missense","chr13",88329610,"G","A","p.G656E",0.1651,109,18,"unknown",0,"chr13:g.88329610G>A","predicted passenger",101,"FALSE","SNV","+","SLITRK5","ts","CT","TCC","CT_TCC","CTCCG","CT_CTCCG","-",0.165137614678899,"M",0.45,-0.147149,2,2,0,0.109972842025132,0.73394495412844,1,0.73394495412844,0.73394495412844,0.448481947098811,1.10388855827606,"clonal"]
["G13407","RNASE2","missense","chr14",21424237,"A","C","p.S103R",0.2259,301,68,"unknown",0,"chr14:g.21424237A>C","predicted passenger",317,"FALSE","SNV","+","RNASE2","ts","TG","CTT","TG_CTT","GCTTC","TG_GCTTC","-",0.225913621262458,"M",0.45,-0.086797,2,2,0,-0.0747193533797052,1.00406053894426,1,1.00406053894426,1,0.799621226787992,1.23287824910351,"clonal"]
["G13407","FANCM","missense","chr14",45645288,"G","C","p.V1111L",0.1536,267,41,"unknown",0,"chr14:g.45645288G>C","predicted passenger",225,"FALSE","SNV","+","FANCM","ts","CG","ACT","CG_ACT","AACTA","CG_AACTA","-",0.153558052434457,"M",0.45,0.0263744,2,2,0,0.246914740470517,0.682480233042031,1,0.682480233042031,0.682480233042031,0.500020382017191,0.899995563797467,"subclonal"]
["G13407","NPAP1","missense","chr15",24921496,"A","C","p.K161T",0.2727,22,6,"unknown",0,"chr15:g.24921496A>C","predicted passenger",14,"FALSE","SNV","+","NPAP1","ts","TG","CTT","TG_CTT","TCTTC","TG_TCTTC","-",0.272727272727273,"M",0.45,-0.131122,2,2,0,0.652076696579693,1.21212121212121,1,1.21212121212121,1,0.476841103868431,2.23209422785044,"clonal"]
["G13407","GOLGA8M","missense","chr15",28947701,"G","T","p.H493N",0.2348,247,58,"unknown",0,"chr15:g.28947701G>T","predicted passenger",225,"FALSE","SNV","-","GOLGA8M","nt","CA","CCA","CA_CCA","TCCAT","CA_TCCAT","-",0.234817813765182,"M",0.45,-0.131122,2,2,0,0.134586040367641,1.04363472784525,1,1.04363472784525,1,0.815117347438066,1.30097316327041,"clonal"]
["G13407","USP8","missense","chr15",50751259,"G","A","p.R133Q",0.4713,174,82,"unknown",1,"chr15:g.50751259G>A","predicted passenger",168,"FALSE","SNV","+","USP8","ts","CT","CCG","CT_CCG","GCCGC","CT_GCCGC","-",0.471264367816092,"M",0.45,-0.0609975,2,2,0,0.0506260730699681,2.09450830140485,2,1.04725415070243,1,0.8783983007883,1.21832243788882,"clonal"]
["G13407","ADAMTS18","missense","chr16",77465503,"C","T","p.V62I",0.2772,184,51,"unknown",0,"chr16:g.77465503C>T","predicted passenger",149,"FALSE","SNV","-","ADAMTS18","ts","CT","ACG","CT_ACG","GACGT","CT_GACGT","+",0.277173913043478,"M",0.45,0.00271502,2,2,0,0.304393435594851,1.23188405797101,1,1.23188405797101,1,0.950482529815077,1.5458739260284,"clonal"]
["G13407","HSDL1","missense","chr16",84163824,"C","T","p.V145I",0.0226,177,4,"unknown",0,"chr16:g.84163824C>T","predicted passenger",178,"FALSE","SNV","-","HSDL1","ts","CT","ACG","CT_ACG","AACGT","CT_AACGT","+",0.0225988700564972,"M",0.45,0.00271502,2,2,0,-0.00812788088340033,0.100439422473321,0,0.100439422473321,0.100439422473321,0.0275154181545889,0.252660778060069,"subclonal"]
["G13407","VPS9D1","missense","chr16",89777197,"G","A","p.T352M",0.2444,45,11,"unknown",0,"chr16:g.89777197G>A","predicted passenger",37,"FALSE","SNV","-","VPS9D1","nt","CT","ACG","CT_ACG","CACGC","CT_CACGC","-",0.244444444444444,"M",0.45,0.00271502,2,2,0,0.282399730700725,1.08641975308642,1,1.08641975308642,1,0.572545842682258,1.75720412782145,"clonal"]
["G13407","FXR2","missense","chr17",7495876,"G","A","p.R591C",0.2756,156,43,"unknown",0,"chr17:g.7495876G>A","predicted passenger",171,"FALSE","SNV","NA","NA","NA","CT","CCG","CT_CCG","GCCGC","CT_GCCGC","-",0.275641025641026,"M",0.45,0.10138,2,2,0,-0.13245029602365,1.22507122507123,1,1.22507122507123,1,0.92094049057773,1.56801741180675,"clonal"]
["G13407","KRT20","missense","chr17",39041194,"C","A","p.A82S",0.1973,147,29,"unknown",0,"chr17:g.39041194C>A","predicted passenger",139,"FALSE","SNV","-","KRT20","ts","CA","GCT","CA_GCT","CGCTA","CA_CGCTA","+",0.197278911564626,"M",0.45,0.0886683,2,2,0,0.0807312721128571,0.876795162509448,1,0.876795162509448,0.876795162509448,0.605690942469589,1.20390851374938,"clonal"]
["G13407","KRTAP2-4","missense","chr17",39221973,"C","T","p.R42H",0.3125,32,10,"unknown",0,"chr17:g.39221973C>T","predicted passenger",25,"FALSE","SNV","-","KRTAP2-4","ts","CT","GCG","CT_GCG","GGCGG","CT_GGCGG","+",0.3125,"M",0.45,0.0886683,2,2,0,0.356143810225275,1.38888888888889,1,1.38888888888889,1,0.716376551503113,2.22256702947631,"clonal"]
["G13407","CRHR1","missense","chr17",43861938,"G","A","p.V10I",0.2927,123,36,"unknown",0,"chr17:g.43861938G>A","predicted passenger",121,"FALSE","SNV","NA","NA","NA","CT","ACG","CT_ACG","GACGA","CT_GACGA","-",0.292682926829268,"M",0.45,0.0886683,2,2,0,0.0236512680646453,1.30081300813008,1,1.30081300813008,1,0.951722058019363,1.69553629643186,"clonal"]
["G13407","RANBP3","missense","chr19",5928050,"C","T","p.A248T",0.1683,101,17,"unknown",0,"chr19:g.5928050C>T","predicted passenger",96,"FALSE","SNV","-","RANBP3","ts","CT","GCT","CT_GCT","GGCTT","CT_GGCTT","+",0.168316831683168,"M",0.45,0.228362,3,3,0,0.0732489820306385,0.916391639163916,1,0.916391639163916,0.916391639163916,0.551077921561575,1.39245941655822,"clonal"]
["G13407","ZNF91","missense","chr19",23557529,"G","A","p.S23F",0.2324,142,33,"unknown",0,"chr19:g.23557529G>A","predicted passenger",152,"FALSE","SNV","-","ZNF91","nt","CT","TCT","CT_TCT","CTCTC","CT_CTCTC","-",0.232394366197183,"M",0.45,0.141052,2,2,0,-0.0981803939389034,1.03286384976526,1,1.03286384976526,1,0.736397944138251,1.38043914226346,"clonal"]
["G13407","ZNF615","missense","chr19",52497023,"C","T","p.G436S",0.1818,110,20,"unknown",0,"chr19:g.52497023C>T","predicted passenger",79,"FALSE","SNV","-","ZNF615","ts","CT","CCC","CT_CCC","GCCCT","CT_GCCCT","+",0.181818181818182,"M",0.45,0.183936,2,2,0,0.477578965347557,0.808080808080808,1,0.808080808080808,0.808080808080808,0.50996175003688,1.18551258266252,"clonal"]
["G13407","ZNF415","missense","chr19",53612460,"T","G","p.S280R",0.2,115,23,"unknown",0,"chr19:g.53612460T>G","predicted passenger",75,"FALSE","SNV","-","ZNF415","ts","TG","CTT","TG_CTT","ACTTC","TG_ACTTC","+",0.2,"M",0.45,0.183936,2,2,0,0.616671360448494,0.888888888888889,1,0.888888888888889,0.888888888888889,0.583155470924072,1.26590768488303,"clonal"]
["G13407","LZTS3","missense","chr20",3145350,"C","T","p.R591Q",0.3917,240,94,"unknown",0,"chr20:g.3145350C>T","predicted passenger",165,"FALSE","SNV","-","LZTS3","ts","CT","CCG","CT_CCG","CCCGG","CT_CCCGG","+",0.391666666666667,"M",0.45,1.05111,5,5,0,0.540568381362703,2.91574074074074,3,0.971913580246914,0.971913580246914,0.81767590512157,1.1328786929222,"clonal"]
["G13407","ADRA1D","missense","chr20",4202594,"C","T","p.R432H",0.1413,184,26,"unknown",0,"chr20:g.4202594C>T","predicted passenger",118,"FALSE","SNV","-","ADRA1D","ts","CT","ACG","CT_ACG","CACGC","CT_CACGC","+",0.141304347826087,"M",0.45,1.05111,5,5,0,0.640918906695172,1.05193236714976,1,1.05193236714976,1,0.702955039125666,1.49000872664227,"clonal"]
["G13407","CHD6","missense","chr20",40112102,"T","G","p.D772A",0.1875,144,27,"unknown",0,"chr20:g.40112102T>G","predicted driver: tier 1",105,"TRUE","SNV","-","CHD6","ts","TG","GTC","TG_GTC","AGTCA","TG_AGTCA","+",0.1875,"M",0.45,0.955115,4,4,0,0.45567948377619,1.20833333333333,1,1.20833333333333,1,0.820698937284864,1.68168884153684,"clonal"]
["G13407","SLC2A10","missense","chr20",45353896,"G","A","p.R74K",0.3514,185,65,"unknown",0,"chr20:g.45353896G>A","predicted passenger",98,"FALSE","SNV","+","SLC2A10","ts","CT","CCT","CT_CCT","TCCTG","CT_TCCTG","-",0.351351351351351,"M",0.45,0.920386,4,4,0,0.916671616401104,2.26426426426426,2,1.13213213213213,1,0.911078282611512,1.36881218083245,"clonal"]
["G13407","TMPRSS2","missense","chr21",42851138,"C","G","p.S252T",0.2967,91,27,"unknown",1,"chr21:g.42851138C>G","predicted passenger",126,"FALSE","SNV","-","TMPRSS2","ts","CG","ACT","CG_ACT","CACTT","CG_CACTT","+",0.296703296703297,"M",0.45,-0.983227,1,1,0,-0.46948528330122,1.02197802197802,1,1.02197802197802,1,0.70773630759204,1.38332495719264,"clonal"]
["G13407","CFAP47","missense","chrX",35966531,"C","G","p.F206L",0.3382,68,23,"unknown",0,"chrX:g.35966531C>G","predicted passenger",60,"FALSE","SNV","+","CXorf22","nt","CG","TCT","CG_TCT","TTCTG","CG_TTCTG","+",0.338235294117647,"M",0.45,-0.766094,1,1,0,0.180572245641821,0.751633986928105,1,0.751633986928105,0.751633986928105,0.784967462020388,1.59536687096578,"clonal"]
["G13407","STARD8","missense","chrX",67943586,"G","A","p.R973Q",0.7207,111,80,"unknown",0,"chrX:g.67943586G>A","predicted passenger",88,"FALSE","SNV","+","STARD8","ts","CT","CCG","CT_CCG","CCCGC","CT_CCCGC","-",0.720720720720721,"M",0.45,0.281035,3,3,0,0.334984247712809,3.04304304304304,3,1.01434768101435,1,1.13895177263773,1.4549570462199,"clonal"]
["G13407","MAST2","missense","chr1",46493403,"C","A","p.N640K",0.1304,23,3,"unknown",0,"chr1:g.46493403C>A","predicted passenger",26,"FALSE","SNV","+","MAST2","nt","CA","GCC","CA_GCC","AGCCT","CA_AGCCT","+",0.130434782608696,"M",0.45,0.0919207,2,2,0,-0.176877762084079,0.579710144927536,1,0.579710144927536,0.579710144927536,0.123340032990192,1.49284061127609,"clonal"]
["G13407","ARHGAP31","missense","chr3",119133198,"G","C","p.D808H",0.0558,233,13,"unknown",0,"chr3:g.119133198G>C","predicted passenger",222,"FALSE","SNV","+","ARHGAP31","ts","CG","TCT","CG_TCT","GTCTT","CG_GTCTT","-",0.055793991416309,"M",0.45,-0.0120699,2,2,0,0.0697702783041742,0.247973295183596,0,0.247973295183596,0.247973295183596,0.133506499359681,0.415643387016622,"subclonal"]
["G13407","ADAMTS3","missense","chr4",73161383,"C","A","p.C904F",0.0625,64,4,"unknown",0,"chr4:g.73161383C>A","predicted passenger",78,"FALSE","SNV","-","ADAMTS3","ts","CA","ACA","CA_ACA","TACAC","CA_TACAC","+",0.0625,"M",0.45,-0.0704571,2,2,0,-0.285402218862248,0.277777777777778,0,0.277777777777778,0.277777777777778,0.0768445661380235,0.677170992989763,"subclonal"]
["G13407","TLX3","missense","chr5",170736490,"G","A","p.A41T",0.069,58,4,"unknown",1,"chr5:g.170736490G>A","predicted passenger",67,"FALSE","SNV","+","TLX3","ts","CT","GCG","CT_GCG","GGCGC","CT_GGCGC","-",0.0689655172413793,"M",0.45,-0.0109754,2,2,0,-0.2081081953302,0.306513409961686,0,0.306513409961686,0.306513409961686,0.0849302749386859,0.743413923829618,"subclonal"]
["G13407","KHDRBS3","missense","chr8",136594201,"C","T","p.T231I",0.1903,247,47,"unknown",0,"chr8:g.136594201C>T","predicted passenger",169,"FALSE","SNV","+","KHDRBS3","nt","CT","ACC","CT_ACC","CACCC","CT_CACCC","+",0.190283400809717,"M",0.45,1.2068,5,5,0,0.547487795302493,1.41655420602789,1,1.41655420602789,1,1.06672729287724,1.8229694260329,"clonal"]
["G13407","PPP1R26","missense","chr9",138379094,"C","A","p.A913E",0.1053,19,2,"unknown",0,"chr9:g.138379094C>A","predicted passenger",26,"FALSE","SNV","+","PPP1R26","nt","CA","GCA","CA_GCA","AGCAC","CA_AGCAC","+",0.105263157894737,"M",0.45,-0.151758,2,2,0,-0.452512204697507,0.467836257309941,0,0.467836257309941,0.467836257309941,0.0578318416523443,1.4727851753634,"clonal"]
["G13407","SFMBT2","nonsense","chr10",7214114,"C","A","p.E720*",0.1111,18,2,"unknown",0,"chr10:g.7214114C>A","predicted passenger",19,"FALSE","SNV","-","SFMBT2","ts","CA","TCA","CA_TCA","TTCAC","CA_TTCAC","+",0.111111111111111,"M",0.45,0.155889,2,2,0,-0.0780025120012732,0.493827160493827,0,0.493827160493827,0.493827160493827,0.0611165140638422,1.54275750492743,"clonal"]
["G13407","HELB","missense","chr12",66704151,"G","T","p.K481N",0.0517,271,14,"unknown",0,"chr12:g.66704151G>T","predicted passenger",259,"FALSE","SNV","+","HELB","ts","CA","TCT","CA_TCT","GTCTT","CA_GTCTT","-",0.0516605166051661,"M",0.45,0.0876289,2,2,0,0.0653407536673175,0.22960229602296,0,0.22960229602296,0.22960229602296,0.126789383250894,0.378485511316113,"subclonal"]
["G13407","SLC15A4","missense","chr12",129308209,"A","T","p.W94R",0.0652,92,6,"unknown",0,"chr12:g.129308209A>T","predicted passenger",92,"FALSE","SNV","-","SLC15A4","nt","TA","CTG","TA_CTG","GCTGG","TA_GCTGG","-",0.0652173913043478,"M",0.45,0.170663,2,2,0,0,0.289855072463768,0,0.289855072463768,0.289855072463768,0.108034449778283,0.606942648178361,"subclonal"]
["G13407","TUBGCP5","missense","chr15",22835946,"C","A","p.H59Q",0.0615,130,8,"unknown",0,"chr15:g.22835946C>A","predicted passenger",156,"FALSE","SNV","+","TUBGCP5","nt","CA","ACA","CA_ACA","CACAA","CA_CACAA","+",0.0615384615384615,"M",0.45,-0.131122,2,2,0,-0.263034405833794,0.273504273504274,0,0.273504273504274,0.273504273504274,0.119731982781907,0.522912148505998,"subclonal"]
["G13407","RPAP1","missense","chr15",41816325,"C","A","p.A735S",0.1,20,2,"unknown",0,"chr15:g.41816325C>A","predicted passenger",31,"FALSE","SNV","-","RPAP1","ts","CA","GCC","CA_GCC","TGCCA","CA_TGCCA","+",0.1,"M",0.45,0.129002,2,2,0,-0.632268215499513,0.444444444444444,0,0.444444444444444,0.444444444444444,0.0548823429790881,1.40881206230703,"clonal"]
["G13407","ARHGEF15","missense","chr17",8216243,"C","A","p.A202D",0.1053,19,2,"unknown",0,"chr17:g.8216243C>A","predicted passenger",17,"FALSE","SNV","+","ARHGEF15","nt","CA","GCT","CA_GCT","TGCTG","CA_TGCTG","+",0.105263157894737,"M",0.45,0.10138,2,2,0,0.160464672193246,0.467836257309941,0,0.467836257309941,0.467836257309941,0.0578318416523443,1.4727851753634,"clonal"]
["G13407","CACNG8","missense","chr19",54485712,"G","A","p.G296D",0.1722,151,26,"unknown",0,"chr19:g.54485712G>A","predicted passenger",157,"FALSE","SNV","+","CACNG8","ts","CT","GCC","CT_GCC","GGCCC","CT_GGCCC","-",0.172185430463576,"M",0.45,0.183936,2,2,0,-0.0562160095665481,0.765268579838116,1,0.765268579838116,0.765268579838116,0.51408047805422,1.07565973372057,"clonal"]
["G13407","OTOR","missense","chr20",16729518,"T","C","p.I41T",0.1429,56,8,"unknown",0,"chr20:g.16729518T>C","predicted passenger",47,"FALSE","SNV","+","OTOR","nt","TC","ATT","TC_ATT","TATTT","TC_TATTT","+",0.142857142857143,"M",0.45,0.877677,4,4,0,0.252766070379967,0.920634920634921,1,0.920634920634921,0.920634920634921,0.410842133600981,1.68984483569127,"clonal"]
["G13407","PREX1","missense","chr20",47253168,"C","T","p.A1334T",0.1509,159,24,"unknown",0,"chr20:g.47253168C>T","predicted passenger",100,"FALSE","SNV","-","PREX1","ts","CT","GCG","CT_GCG","GGCGG","CT_GGCGG","+",0.150943396226415,"M",0.45,1.06736,5,5,0,0.669026765509631,1.12368972746331,1,1.12368972746331,1,0.738264819500506,1.60961475777557,"clonal"]
["G13407","CACNA1I","missense","chr22",39996615,"G","A","p.G147R",0.2679,112,30,"unknown",0,"chr22:g.39996615G>A","predicted passenger",122,"FALSE","SNV","+","CACNA1I","ts","CT","CCG","CT_CCG","CCCGA","CT_CCCGA","-",0.267857142857143,"M",0.45,-0.0836674,2,2,0,-0.123382415505282,1.19047619047619,1,1.19047619047619,1,0.838126839746965,1.59912471539368,"clonal"]
["G13407","PCDH11X","missense","chrX",91518129,"A","T","p.K1044I",0.1009,109,11,"unknown",0,"chrX:g.91518129A>T","predicted passenger",70,"FALSE","SNV","+","PCDH11X","ts","TA","TTT","TA_TTT","CTTTC","TA_CTTTC","-",0.100917431192661,"M",0.45,0.281035,3,3,0,0.63890130783196,0.426095820591233,0,0.426095820591233,0.426095820591233,0.280191375616938,0.944052141584718,"subclonal"]
["G13407","OPN5","missense","chr6",47763246,"C","T","p.H235Y",0.0208,96,2,"unknown",0,"chr6:g.47763246C>T","predicted passenger",89,"FALSE","SNV","+","OPN5","nt","CT","TCA","CT_TCA","CTCAT","CT_CTCAT","+",0.0208333333333333,"M",0.45,-0.163052,2,2,0,0.109229069754758,0.0925925925925926,0,0.0925925925925926,0.0925925925925926,0.0112579857297099,0.325497025755501,"subclonal"]
["G13407","CHD3","missense","chr17",7794000,"G","A","p.E168K",0.029126213592233,122,3,"unknown",1,"chr17:g.7794000G>A","predicted passenger",116,"FALSE","SNV","+","CHD3","ts","CT","TCT","CT_TCT","TTCTC","CT_TTCTC","-",0.0245901639344262,"M",0.45,0.10138,2,2,0,0.0727563424353141,0.109289617486339,0,0.109289617486339,0.109289617486339,0.022667010608896,0.311918621523847,"subclonal"]
["G13407","NOL10","missense","chr2",10798012,"T","A","p.L254F",0.0714285714285714,30,2,"unknown",0,"chr2:g.10798012T>A","predicted passenger",20,"FALSE","SNV","-","NOL10","ts","TA","ATA","TA_ATA","AATAA","TA_AATAA","+",0.0666666666666667,"M",0.45,0.257286,3,3,0,0.584962500721156,0.362962962962963,0,0.362962962962963,0.362962962962963,0.04452539873024,1.2017816305139,"clonal"]
["G13407","CEP290","missense","chr12",88502943,"C","T","p.E795K",0.0294117647058824,105,3,"unknown",0,"chr12:g.88502943C>T","predicted driver: tier 1",113,"TRUE","SNV","-","CEP290","ts","CT","TCT","CT_TCT","TTCTT","CT_TTCTT","+",0.0285714285714286,"M",0.45,-0.0602944,2,2,0,-0.105933444749065,0.126984126984127,0,0.126984126984127,0.126984126984127,0.0263614309239424,0.36103081230397,"subclonal"]
["G13407","WDR89","missense","chr14",64065513,"C","T","p.R383K",0.08,25,2,"unknown",0,"chr14:g.64065513C>T","predicted passenger",20,"FALSE","SNV","-","WDR89","ts","CT","TCT","CT_TCT","TTCTT","CT_TTCTT","+",0.08,"M",0.45,-0.0653701,2,2,0,0.321928094887362,0.355555555555556,0,0.355555555555556,0.355555555555556,0.0437315111946556,1.15691485380095,"clonal"]
["G13407","NOL4L","missense","chr20",31035566,"T","G","p.T382P",0.15625,38,5,"unknown",0,"chr20:g.31035566T>G","predicted passenger",25,"FALSE","SNV","-","C20orf112","ts","TG","GTG","TG_GTG","CGTGG","TG_CGTGG","+",0.131578947368421,"M",0.45,1.10361,5,5,0,0.604071323668861,0.97953216374269,1,0.97953216374269,0.97953216374269,0.328578720431141,2.09087529713461,"clonal"]
["G13408","BRINP2","missense","chr1",177250251,"C","T","p.R647W",0.0287,244,7,"known",0,"chr1:g.177250251C>T","predicted passenger",212,"FALSE","SNV","+","BRINP2","nt","CT","ACG","CT_ACG","TACGG","CT_TACGG","+",0.0286885245901639,"M",0.12,-0.894323,1,1,0,0.202816882999687,0.449453551912568,0,0.449453551912568,0.449453551912568,0.181897376064771,0.912010807005822,"subclonal"]
["G13408","CCDC142","missense","chr2",74709712,"G","A","p.P85S",0.1039,77,8,"known",0,"chr2:g.74709712G>A","predicted passenger",58,"FALSE","SNV","-","CCDC142","nt","CT","CCC","CT_CCC","TCCCT","CT_TCCCT","-",0.103896103896104,"M",0.12,-0.0688706,2,2,0,0.408805545567329,1.73160173160173,2,0.865800865800866,0.865800865800866,0.382784318032634,1.62077229130507,"clonal"]
["G13408","ANKRD36C","missense","chr2",96517905,"A","T","p.C1730S",0.0364,247,9,"known",0,"chr2:g.96517905A>T","predicted passenger",202,"FALSE","SNV","-","ANKRD36C","nt","TA","ATG","TA_ATG","GATGT","TA_GATGT","-",0.0364372469635627,"M",0.12,-0.0908966,2,2,0,0.290155748832883,0.607287449392713,1,0.607287449392713,0.607287449392713,0.27990693498612,1.13400054910609,"clonal"]
["G13408","LRP1B","missense","chr2",141680654,"C","T","p.V1067I",0.0667,120,8,"known",1,"chr2:g.141680654C>T","predicted passenger",112,"FALSE","SNV","-","LRP1B","ts","CT","ACG","CT_ACG","AACGC","CT_AACGC","+",0.0666666666666667,"M",0.12,-1.08251,1,1,0,0.0995356735509144,1.04444444444444,1,1.04444444444444,1,0.457767220916144,1.99180905574767,"clonal"]
["G13408","FAM218A","missense","chr4",165878332,"G","A","p.R53H",0.1005,189,19,"known",0,"chr4:g.165878332G>A","predicted passenger",142,"FALSE","SNV","NA","NA","NA","CT","GCG","CT_GCG","GGCGG","CT_GGCGG","-",0.100529100529101,"M",0.12,-0.409315,1,1,0,0.412495304716391,1.57495590828924,2,0.787477954144621,0.787477954144621,0.482670590286398,1.19484240302671,"clonal"]
["G13408","TCAF2","missense","chr7",143421687,"C","T","p.A801V",0.08,175,14,"known",0,"chr7:g.143421687C>T","predicted passenger",209,"FALSE","SNV","NA","NA","NA","CT","GCT","CT_GCT","GGCTC","CT_GGCTC","+",0.08,"M",0.12,-0.0412517,2,2,0,-0.256148020248554,1.33333333333333,1,1.33333333333333,1,0.740441213126447,2.17639837802223,"clonal"]
["G13408","TMEM72","missense","chr10",45430544,"C","T","p.L264F",0.08,50,4,"known",0,"chr10:g.45430544C>T","predicted passenger",40,"FALSE","SNV","NA","NA","NA","CT","ACT","CT_ACT","CACTC","CT_CACTC","+",0.08,"M",0.12,-0.12748,2,2,0,0.321928094887362,1.33333333333333,1,1.33333333333333,1,0.370466060915496,3.20571305993271,"clonal"]
["G13408","SGSM2","missense","chr17",2264970,"G","A","p.R58H",0.0417,192,8,"known",0,"chr17:g.2264970G>A","predicted passenger",192,"FALSE","SNV","+","SGSM2","ts","CT","ACG","CT_ACG","CACGG","CT_CACGG","-",0.0416666666666667,"M",0.12,0.531956,3,3,0,0,0.736111111111111,1,0.736111111111111,0.736111111111111,0.320786318162576,1.42122278358491,"clonal"]
["G13408","TP53","missense","chr17",7578406,"C","T","p.R175H",0.1355,214,29,"known",1,"chr17:g.7578406C>T","known in: CANCER;CANCER-PR",198,"TRUE","SNV","-","TP53","ts","CT","GCG","CT_GCG","AGCGC","CT_AGCGC","+",0.135514018691589,"M",0.12,0.719937,4,4,0,0.112110366321537,2.52959501557632,3,0.843198338525441,0.843198338525441,0.576613775290519,1.17469327590159,"clonal"]
["G13408","PRR22","missense","chr19",5783393,"C","T","p.A289T",0.0794,126,10,"known",0,"chr19:g.5783393C>T","predicted passenger",98,"FALSE","SNV","-","PRR22","ts","CT","GCG","CT_GCG","GGCGT","CT_GGCGT","+",0.0793650793650794,"M",0.12,0.747264,4,4,0,0.362570079384708,1.48148148148148,1,1.48148148148148,1,0.722674986249146,2.63411149938601,"clonal"]
["G13408","SYCP2","nonsense","chr20",58441641,"G","A","p.R1377*",0.0328,122,4,"known",0,"chr20:g.58441641G>A","predicted passenger",73,"FALSE","SNV","-","SYCP2","nt","CT","CCG","CT_CCG","TCCGA","CT_TCCGA","-",0.0327868852459016,"M",0.12,1.01328,5,5,0,0.740912778682869,0.644808743169399,1,0.644808743169399,0.644808743169399,0.177082937778011,1.60914095319793,"clonal"]
["G13408","ANOS1","missense","chrX",8538671,"C","T","p.V311I",0.1497,147,22,"known",0,"chrX:g.8538671C>T","predicted passenger",118,"FALSE","SNV","-","KAL1","ts","CT","ACG","CT_ACG","GACGG","CT_GACGG","+",0.149659863945578,"M",0.12,0.0313263,2,2,0,0.317029295474523,1.3968253968254,1,1.3968253968254,1,1.60383981856519,3.62958116410715,"clonal"]
["G13408","CNTNAP5","missense","chr2",125671723,"G","A","p.R1260Q",0.056,125,7,"known",0,"chr2:g.125671723G>A","predicted passenger",109,"FALSE","SNV","+","CNTNAP5","ts","CT","CCG","CT_CCG","ACCGG","CT_ACCGG","-",0.056,"M",0.12,-0.0908966,2,2,0,0.197599959885161,0.933333333333333,1,0.933333333333333,0.933333333333333,0.380143350783617,1.86632012536449,"clonal"]
["G13408","STEAP1","missense","chr7",89791240,"A","G","p.K204E",0.0513,39,2,"known",0,"chr7:g.89791240A>G","predicted passenger",40,"FALSE","SNV","NA","NA","NA","TC","TTA","TC_TTA","TTTAT","TC_TTTAT","-",0.0512820512820513,"M",0.12,-1.32771,0,0,0,-0.036525876025114,0.752136752136752,1,0.752136752136752,0.752136752136752,0.091988924070126,2.54092346014622,"clonal"]
["G13408","LMOD2","missense","chr7",123303069,"C","A","p.Q477K",0.0368,136,5,"known",0,"chr7:g.123303069C>A","predicted passenger",94,"FALSE","SNV","+","LMOD2","nt","CA","ACA","CA_ACA","GACAA","CA_GACAA","+",0.0367647058823529,"M",0.12,-1.12536,0,0,0,0.532873989572702,0.53921568627451,1,0.53921568627451,0.53921568627451,0.176635347727748,1.22774593882839,"clonal"]
["G13408","CEP295","missense","chr11",93428778,"G","A","p.R550K",0.0197,152,3,"known",0,"chr11:g.93428778G>A","predicted passenger",151,"FALSE","SNV","+","KIAA1731","ts","CT","TCT","CT_TCT","TTCTT","CT_TTCTT","-",0.0197368421052632,"M",0.12,-0.907998,1,1,0,0.00952277411850664,0.309210526315789,0,0.309210526315789,0.309210526315789,0.0640587020604941,0.886642059037934,"subclonal"]
["G13408","ABCA5","missense","chr17",67299038,"C","A","p.A314S",0.0313,96,3,"known",0,"chr17:g.67299038C>A","predicted passenger",70,"FALSE","SNV","-","ABCA5","ts","CA","GCA","CA_GCA","AGCAA","CA_AGCAA","+",0.03125,"M",0.12,0.247286,3,3,0,0.45567948377619,0.552083333333333,1,0.552083333333333,0.552083333333333,0.114682367600937,1.56558642735424,"clonal"]
["G13408","OXCT2","missense","chr1",40235796,"C","T","p.A378T",0.069,29,2,"known",0,"chr1:g.40235796C>T","predicted passenger",12,"FALSE","SNV","NA","NA","NA","CT","GCG","CT_GCG","GGCGA","CT_GGCGA","+",0.0689655172413793,"M",0.12,0.380361,3,3,0,1.27301849440642,1.2183908045977,1,1.2183908045977,1,0.149529999803032,4.02202672235259,"clonal"]
["G13408","U2SURP","missense","chr3",142738832,"G","A","p.E198K",0.0763,118,9,"known",0,"chr3:g.142738832G>A","predicted passenger",112,"FALSE","SNV","+","U2SURP","ts","CT","TCT","CT_TCT","TTCTT","CT_TTCTT","-",0.076271186440678,"M",0.12,-0.612866,1,1,0,0.0752881273042372,1.19491525423729,1,1.19491525423729,1,0.555674000692191,2.19100546159992,"clonal"]
["G13408","TENM3","missense","chr4",183694625,"C","A","p.D1631E",0.0571,35,2,"known",0,"chr4:g.183694625C>A","predicted passenger",29,"FALSE","SNV","NA","NA","NA","CA","GCT","CA_GCT","AGCTA","CA_AGCTA","+",0.0571428571428571,"M",0.12,-0.409315,1,1,0,0.271302021817394,0.895238095238095,1,0.895238095238095,0.895238095238095,0.109615963510182,3.00128536607541,"clonal"]
["G13408","FANCG","missense","chr9",35075002,"G","A","p.R520C",0.0644,295,19,"known",1,"chr9:g.35075002G>A","predicted driver: tier 1",213,"TRUE","SNV","-","FANCG","nt","CT","TCG","CT_TCG","GTCGT","CT_GTCGT","-",0.0644067796610169,"M",0.12,0.367164,3,3,0,0.469861524023365,1.13785310734463,1,1.13785310734463,1,0.692870689768725,1.74465546329743,"clonal"]
["G13408","BARX2","missense","chr11",129321073,"C","T","p.R206C",0.0909,110,10,"known",0,"chr11:g.129321073C>T","predicted passenger",71,"FALSE","SNV","+","BARX2","nt","CT","TCG","CT_TCG","GTCGC","CT_GTCGC","+",0.0909090909090909,"M",0.12,-0.548137,1,1,0,0.631612594019977,1.42424242424242,1,1.42424242424242,1,0.696532254960559,2.51974648841123,"clonal"]
["G13408","KLHL34","missense","chrX",21675213,"C","T","p.V232I",0.0571,35,2,"known",0,"chrX:g.21675213C>T","predicted passenger",24,"FALSE","SNV","-","KLHL34","ts","CT","ACG","CT_ACG","TACGT","CT_TACGT","+",0.0571428571428571,"M",0.12,0.28604,3,3,0,0.54432051622381,0.59047619047619,1,0.59047619047619,0.59047619047619,0.123609490766802,3.38442817876589,"clonal"]
["G13408","ARMCX4","missense","chrX",100749005,"A","G","p.E1810G",0.1667,36,6,"known",0,"chrX:g.100749005A>G","predicted passenger",19,"FALSE","SNV","+","ARMCX4","ts","TC","CTC","TC_CTC","CCTCA","TC_CCTCA","-",0.166666666666667,"M",0.12,0.315238,3,3,0,0.921997487998727,1.72222222222222,2,0.861111111111111,0.861111111111111,0.562861180207407,2.89835739971244,"clonal"]
["G13408","HNRNPR","missense","chr1",23650080,"C","T","p.G215E",0.0632,95,6,"unknown",0,"chr1:g.23650080C>T","predicted passenger",64,"FALSE","SNV","-","HNRNPR","ts","CT","TCC","CT_TCC","TTCCA","CT_TTCCA","+",0.0631578947368421,"M",0.12,0.380535,3,3,0,0.569855608330948,1.11578947368421,1,1.11578947368421,1,0.415668148856075,2.33929180162862,"clonal"]
["G13408","SPRR1A","missense","chr1",152957753,"C","T","p.P16L",0.1039,77,8,"unknown",0,"chr1:g.152957753C>T","predicted passenger",74,"FALSE","SNV","+","SPRR1A","nt","CT","CCT","CT_CCT","GCCTC","CT_GCCTC","+",0.103896103896104,"M",0.12,-0.458881,1,1,0,0.0573331750659516,1.62770562770563,2,0.813852813852814,0.813852813852814,0.359817258950676,1.52352595382676,"clonal"]
["G13408","KLHL12","missense","chr1",202878161,"C","T","p.G270E",0.0756,119,9,"unknown",0,"chr1:g.202878161C>T","predicted passenger",106,"FALSE","SNV","-","KLHL12","ts","CT","TCC","CT_TCC","GTCCC","CT_GTCCC","+",0.0756302521008403,"M",0.12,-0.0974452,2,2,0,0.166897308744744,1.26050420168067,1,1.26050420168067,1,0.586090036626672,2.31195199132743,"clonal"]
["G13408","ITGAV","missense","chr2",187506268,"G","A","p.G371D",0.1104,163,18,"unknown",1,"chr2:g.187506268G>A","predicted passenger",190,"TRUE","SNV","NA","NA","NA","CT","GCC","CT_GCC","TGCCA","CT_TGCCA","-",0.110429447852761,"M",0.12,-0.631669,1,1,0,-0.22112745409987,1.73006134969325,2,0.865030674846626,0.865030674846626,0.523071574888959,1.32307810529252,"clonal"]
["G13408","PPP1R7","missense","chr2",242105759,"G","A","p.R241Q",0.0333,90,3,"unknown",0,"chr2:g.242105759G>A","predicted passenger",81,"FALSE","SNV","+","PPP1R7","ts","CT","CCG","CT_CCG","GCCGG","CT_GCCGG","-",0.0333333333333333,"M",0.12,-0.04155,2,2,0,0.15200309344505,0.555555555555556,1,0.555555555555556,0.555555555555556,0.115460045516836,1.57226822355227,"clonal"]
["G13408","MLH1","missense","chr3",37090434,"A","C","p.S677R",0.0155,193,3,"unknown",1,"chr3:g.37090434A>C","predicted driver: tier 1",191,"TRUE","SNV","+","MLH1","ts","TG","CTG","TG_CTG","ACTGA","TG_ACTGA","-",0.0155440414507772,"M",0.12,-0.270045,1,1,0,0.0150282092323316,0.243523316062176,0,0.243523316062176,0.243523316062176,0.0504012066580202,0.701114172775878,"subclonal"]
["G13408","CDKL2","nonsense","chr4",76532412,"C","T","p.W166*",0.1552,58,9,"unknown",0,"chr4:g.76532412C>T","predicted passenger",47,"FALSE","SNV","-","CDKL2","ts","CT","CCA","CT_CCA","ACCAT","CT_ACCAT","+",0.155172413793103,"M",0.12,0.571973,3,3,0,0.303392143449935,2.74137931034483,3,0.913793103448276,0.913793103448276,0.432793712101248,1.61491897469098,"clonal"]
["G13408","SMARCA5","missense","chr4",144474281,"C","T","p.R1035C",0.123,122,15,"unknown",0,"chr4:g.144474281C>T","predicted passenger",111,"FALSE","SNV","+","SMARCA5","nt","CT","ACG","CT_ACG","AACGT","CT_AACGT","+",0.122950819672131,"M",0.12,-0.409315,1,1,0,0.13632147121278,1.92622950819672,2,0.963114754098361,0.963114754098361,0.552057799530213,1.52491514310167,"clonal"]
["G13408","ASB5","missense","chr4",177142344,"G","A","p.S211L",0.0659340659340659,97,6,"unknown",0,"chr4:g.177142344G>A","predicted passenger",82,"FALSE","SNV","-","ASB5","nt","CT","TCA","CT_TCA","GTCAC","CT_GTCAC","-",0.0618556701030928,"M",0.12,-0.409315,1,1,0,0.242360837569044,0.969072164948454,1,0.969072164948454,0.969072164948454,0.360897290758348,2.03327735564843,"clonal"]
["G13408","ADAMTS12","missense","chr5",33614462,"T","G","p.N803T",0.0696,115,8,"unknown",0,"chr5:g.33614462T>G","predicted passenger",89,"FALSE","SNV","-","ADAMTS12","ts","TG","GTT","TG_GTT","GGTTA","TG_GGTTA","+",0.0695652173913043,"M",0.12,-0.357598,1,1,0,0.369756619977978,1.08985507246377,1,1.08985507246377,1,0.477990150932187,2.07542613168582,"clonal"]
["G13408","HIST1H2AD","missense","chr6",26199390,"C","G","p.V28L",0.045,200,9,"unknown",0,"chr6:g.26199390C>G","predicted passenger",171,"FALSE","SNV","NA","NA","NA","CG","ACA","CG_ACA","CACAG","CG_CACAG","+",0.045,"M",0.12,-0.0777608,2,2,0,0.226003674888827,0.75,1,0.75,0.75,0.346340370450072,1.39504480126423,"clonal"]
["G13408","POU3F2","missense","chr6",99283151,"A","T","p.Q134H",0.2256,164,37,"unknown",0,"chr6:g.99283151A>T","predicted passenger",152,"FALSE","SNV","+","POU3F2","ts","TA","GTT","TA_GTT","TGTTG","TA_TGTTG","-",0.225609756097561,"M",0.12,-1.66555,0,0,0,0.109624491174498,3.30894308943089,3,1.1029810298103,1,0.802263300856826,1.45350525472294,"clonal"]
["G13408","SGCE","missense","chr7",94285329,"C","T","p.A28T",0.0819,171,14,"unknown",0,"chr7:g.94285329C>T","predicted passenger",142,"FALSE","SNV","-","SGCE","ts","CT","GCG","CT_GCG","CGCGG","CT_CGCGG","+",0.0818713450292398,"M",0.12,-1.06974,1,1,0,0.268105395381216,1.28265107212476,1,1.28265107212476,1,0.712563162425744,2.09230191962984,"clonal"]
["G13408","LRRN3","missense","chr7",110763539,"C","A","p.N237K",0.045,200,9,"unknown",0,"chr7:g.110763539C>A","predicted passenger",167,"FALSE","SNV","NA","NA","NA","CA","ACT","CA_ACT","AACTT","CA_AACTT","+",0.045,"M",0.12,-1.12536,0,0,0,0.260151897300672,0.66,1,0.66,0.66,0.304779525996064,1.22763942511253,"clonal"]
["G13408","WDR86","missense","chr7",151079038,"G","A","p.R298W",0.0588,102,6,"unknown",0,"chr7:g.151079038G>A","predicted passenger",118,"FALSE","SNV","-","WDR86","nt","CT","CCG","CT_CCG","CCCGG","CT_CCCGG","-",0.0588235294117647,"M",0.12,-0.457926,1,1,0,-0.210217707390346,0.92156862745098,1,0.92156862745098,0.92156862745098,0.342954617859557,1.93711571808806,"clonal"]
["G13408","TMEM70","nonsense","chr8",74891054,"G","T","p.G92*",0.0325,277,9,"unknown",0,"chr8:g.74891054G>T","predicted passenger",173,"FALSE","SNV","+","TMEM70","ts","CA","CCA","CA_CCA","TCCAT","CA_TCCAT","-",0.0324909747292419,"M",0.12,1.39664,6,6,0,0.679113938412464,0.671480144404332,1,0.671480144404332,0.671480144404332,0.309225225192724,1.25611777433996,"clonal"]
["G13408","TSPYL5","missense","chr8",98289328,"G","A","p.P249S",0.0404,198,8,"unknown",0,"chr8:g.98289328G>A","predicted passenger",125,"FALSE","SNV","-","TSPYL5","nt","CT","CCC","CT_CCC","TCCCG","CT_TCCCG","-",0.0404040404040404,"M",0.12,0.938828,4,4,0,0.663572335417523,0.754208754208754,1,0.754208754208754,0.754208754208754,0.328578732504052,1.45706779203213,"clonal"]
["G13408","FAM135B","missense","chr8",139163470,"G","A","p.T1083M",0.320754716981132,70,17,"unknown",1,"chr8:g.139163470G>A","predicted passenger",52,"FALSE","SNV","-","FAM135B","nt","CT","ACG","CT_ACG","CACGT","CT_CACGT","-",0.242857142857143,"M",0.12,0.583858,3,3,0,0.428843298803874,4.29047619047619,4,1.07261904761905,1,0.654943206100108,1.59050898546649,"clonal"]
["G13408","BNC2","missense","chr9",16419268,"C","T","p.E1007K",0.097,134,13,"unknown",0,"chr9:g.16419268C>T","predicted passenger",124,"FALSE","SNV","-","BNC2","ts","CT","TCG","CT_TCG","CTCGG","CT_CTCGG","+",0.0970149253731343,"M",0.12,-0.438697,1,1,0,0.111892880070897,1.51990049751244,2,0.759950248756219,0.759950248756219,0.412615406640456,1.25477683184506,"clonal"]
["G13408","NTRK2","missense","chr9",87482197,"G","A","p.S495N",0.00803212851405622,251,2,"unknown",0,"chr9:g.87482197G>A","predicted passenger",221,"FALSE","SNV","+","NTRK2","ts","CT","GCT","CT_GCT","GGCTG","CT_GGCTG","-",0.00796812749003984,"M",0.12,0.0350832,2,2,0,0.18364099455934,0.132802124833997,0,0.132802124833997,0.132802124833997,0.0161073014462758,0.474759924704032,"subclonal"]
["G13408","FAM13C","missense","chr10",61112056,"T","G","p.S100R",0.0988,172,17,"unknown",0,"chr10:g.61112056T>G","predicted passenger",133,"FALSE","SNV","-","FAM13C","ts","TG","CTC","TG_CTC","GCTCT","TG_GCTCT","+",0.0988372093023256,"M",0.12,-0.638031,1,1,0,0.370982319200908,1.5484496124031,2,0.77422480620155,0.77422480620155,0.459325252740991,1.20264293919727,"clonal"]
["G13408","TENM4","missense","chr11",78387231,"C","T","p.R1821Q",0.1846,65,12,"unknown",0,"chr11:g.78387231C>T","predicted passenger",47,"FALSE","SNV","-","TENM4","ts","CT","CCG","CT_CCG","CCCGA","CT_CCCGA","+",0.184615384615385,"M",0.12,0.685833,3,3,0,0.467778961350817,3.26153846153846,3,1.08717948717949,1,0.584175776644058,1.76833685799098,"clonal"]
["G13408","FGFR1OP2","missense","chr12",27110625,"C","A","p.S115R",0.0357142857142857,186,6,"unknown",0,"chr12:g.27110625C>A","predicted passenger",149,"FALSE","SNV","+","FGFR1OP2","nt","CA","GCA","CA_GCA","AGCAA","CA_AGCAA","+",0.032258064516129,"M",0.12,-0.339394,1,1,0,0.31999029064587,0.505376344086022,1,0.505376344086022,0.505376344086022,0.186878154279439,1.0792272411952,"clonal"]
["G13408","NELL2","missense","chr12",44917199,"C","T","p.G675R",0.0594405594405594,303,17,"unknown",0,"chr12:g.44917199C>T","predicted passenger",284,"FALSE","SNV","-","NELL2","ts","CT","CCG","CT_CCG","TCCGC","CT_TCCGC","+",0.0561056105610561,"M",0.12,-0.166018,2,2,0,0.0934268639682689,0.935093509350935,1,0.935093509350935,0.935093509350935,0.550327413223428,1.47187738751619,"clonal"]
["G13408","CYP27B1","missense","chr12",58158944,"C","A","p.V214L",0.0435,207,9,"unknown",0,"chr12:g.58158944C>A","predicted passenger",178,"FALSE","SNV","-","CYP27B1","ts","CA","ACT","CA_ACT","CACTT","CA_CACTT","+",0.0434782608695652,"M",0.12,-0.0929489,2,2,0,0.217753526532928,0.72463768115942,1,0.72463768115942,0.72463768115942,0.334515526018233,1.34880404484735,"clonal"]
["G13408","C12orf65","missense","chr12",123738340,"C","T","p.P40L",0.0238,210,5,"unknown",0,"chr12:g.123738340C>T","predicted passenger",159,"FALSE","SNV","NA","NA","NA","CT","CCG","CT_CCG","TCCGG","CT_TCCGG","+",0.0238095238095238,"M",0.12,1.0159,5,5,0,0.401362562381767,0.468253968253968,0,0.468253968253968,0.468253968253968,0.152909686953951,1.07548899665004,"clonal"]
["G13408","SLITRK5","missense","chr13",88329610,"G","A","p.G656E",0.0853,129,11,"unknown",0,"chr13:g.88329610G>A","predicted passenger",101,"FALSE","SNV","+","SLITRK5","ts","CT","TCC","CT_TCC","CTCCG","CT_CTCCG","-",0.0852713178294574,"M",0.12,-0.672967,1,1,0,0.353015772671459,1.3359173126615,1,1.3359173126615,1,0.678953358201784,2.3100778083575,"clonal"]
["G13408","RNASE2","missense","chr14",21424237,"A","C","p.S103R",0.0859,326,28,"unknown",0,"chr14:g.21424237A>C","predicted passenger",317,"FALSE","SNV","+","RNASE2","ts","TG","CTT","TG_CTT","GCTTC","TG_GCTTC","-",0.0858895705521472,"M",0.12,-0.61819,1,1,0,0.0403891240916704,1.34560327198364,1,1.34560327198364,1,0.906028154664044,1.90728165445647,"clonal"]
["G13408","FANCM","missense","chr14",45645288,"G","C","p.V1111L",0.072,250,18,"unknown",0,"chr14:g.45645288G>C","predicted passenger",225,"FALSE","SNV","+","FANCM","ts","CG","ACT","CG_ACT","AACTA","CG_AACTA","-",0.072,"M",0.12,0.261125,3,3,0,0.15200309344505,1.272,1,1.272,1,0.763685118216497,1.96816612256259,"clonal"]
["G13408","NPAP1","missense","chr15",24921496,"A","C","p.K161T",0.2632,19,5,"unknown",0,"chr15:g.24921496A>C","predicted passenger",14,"FALSE","SNV","+","NPAP1","ts","TG","CTT","TG_CTT","TCTTC","TG_TCTTC","-",0.263157894736842,"M",0.12,0.919384,4,4,0,0.440572591385981,4.91228070175439,5,0.982456140350877,0.982456140350877,0.341472263655288,1.91157622262459,"clonal"]
["G13408","GOLGA8M","missense","chr15",28947701,"G","T","p.H493N",0.1133,256,29,"unknown",0,"chr15:g.28947701G>T","predicted passenger",225,"FALSE","SNV","-","GOLGA8M","nt","CA","CCA","CA_CCA","TCCAT","CA_TCCAT","-",0.11328125,"M",0.12,-0.56276,1,1,0,0.186218808782963,1.77473958333333,2,0.887369791666667,0.887369791666667,0.604672579688402,1.24257161017314,"clonal"]
["G13408","USP8","missense","chr15",50751259,"G","A","p.R133Q",0.1364,198,27,"unknown",1,"chr15:g.50751259G>A","predicted passenger",168,"FALSE","SNV","+","USP8","ts","CT","CCG","CT_CCG","GCCGC","CT_GCCGC","-",0.136363636363636,"M",0.12,0.646794,3,3,0,0.237039197300849,2.40909090909091,2,1.20454545454545,1,0.811128097158968,1.69748644244782,"clonal"]
["G13408","ADAMTS18","missense","chr16",77465503,"C","T","p.V62I",0.06,200,12,"unknown",0,"chr16:g.77465503C>T","predicted passenger",149,"FALSE","SNV","-","ADAMTS18","ts","CT","ACG","CT_ACG","GACGT","CT_GACGT","+",0.06,"M",0.12,-0.221221,2,2,0,0.424687669312563,1,1,1,1,0.523065898224724,1.70769718847207,"clonal"]
["G13408","HSDL1","missense","chr16",84163824,"C","T","p.V145I",0.0621,177,11,"unknown",0,"chr16:g.84163824C>T","predicted passenger",178,"FALSE","SNV","-","HSDL1","ts","CT","ACG","CT_ACG","AACGT","CT_AACGT","+",0.0621468926553672,"M",0.12,-0.221221,2,2,0,-0.00812788088340033,1.03578154425612,1,1.03578154425612,1,0.523812306828983,1.80792811276177,"clonal"]
["G13408","KRT20","missense","chr17",39041194,"C","A","p.A82S",0.06,150,9,"unknown",0,"chr17:g.39041194C>A","predicted passenger",139,"FALSE","SNV","-","KRT20","ts","CA","GCT","CA_GCT","CGCTA","CA_CGCTA","+",0.06,"M",0.12,0.247286,3,3,0,0.109877617772373,1.06,1,1.06,1,0.491132941035388,1.95820018690738,"clonal"]
["G13408","KRTAP2-4","missense","chr17",39221973,"C","T","p.R42H",0.1163,43,5,"unknown",0,"chr17:g.39221973C>T","predicted passenger",25,"FALSE","SNV","-","KRTAP2-4","ts","CT","GCG","CT_GCG","GGCGG","CT_GGCGG","+",0.116279069767442,"M",0.12,0.247286,3,3,0,0.782408564927373,2.05426356589147,2,1.02713178294574,1,0.343195447206212,2.2156864238866,"clonal"]
["G13408","CRHR1","missense","chr17",43861938,"G","A","p.V10I",0.094,117,11,"unknown",0,"chr17:g.43861938G>A","predicted passenger",121,"FALSE","SNV","NA","NA","NA","CT","ACG","CT_ACG","GACGA","CT_GACGA","-",0.094017094017094,"M",0.12,0.247286,3,3,0,-0.04849851769119,1.66096866096866,2,0.830484330484331,0.830484330484331,0.42287719980239,1.43097374556678,"clonal"]
["G13408","RANBP3","missense","chr19",5928050,"C","T","p.A248T",0.0254,118,3,"unknown",0,"chr19:g.5928050C>T","predicted passenger",96,"FALSE","SNV","-","RANBP3","ts","CT","GCT","CT_GCT","GGCTT","CT_GGCTT","+",0.0254237288135593,"M",0.12,0.747264,4,4,0,0.297680548640685,0.474576271186441,0,0.474576271186441,0.474576271186441,0.0984477767018853,1.35337873111932,"clonal"]
["G13408","ZNF91","missense","chr19",23557529,"G","A","p.S23F",0.0493,142,7,"unknown",0,"chr19:g.23557529G>A","predicted passenger",152,"FALSE","SNV","-","ZNF91","nt","CT","TCT","CT_TCT","CTCTC","CT_CTCTC","-",0.0492957746478873,"M",0.12,0.380584,3,3,0,-0.0981803939389034,0.870892018779343,1,0.870892018779343,0.870892018779343,0.354152976569384,1.74775720539707,"clonal"]
["G13408","ZNF415","missense","chr19",53612460,"T","G","p.S280R",0.0625,96,6,"unknown",0,"chr19:g.53612460T>G","predicted passenger",75,"FALSE","SNV","-","ZNF415","ts","TG","CTT","TG_CTT","ACTTC","TG_ACTTC","+",0.0625,"M",0.12,0.671454,3,3,0,0.356143810225275,1.10416666666667,1,1.10416666666667,1,0.411272716576981,2.31583563250096,"clonal"]
["G13408","LZTS3","missense","chr20",3145350,"C","T","p.R591Q",0.1222,221,27,"unknown",0,"chr20:g.3145350C>T","predicted passenger",165,"FALSE","SNV","-","LZTS3","ts","CT","CCG","CT_CCG","CCCGG","CT_CCCGG","+",0.122171945701357,"M",0.12,1.47207,6,6,0,0.421580345145616,2.52488687782805,3,0.841628959276018,0.841628959276018,0.565423257491289,1.19010653029776,"clonal"]
["G13408","CHD6","missense","chr20",40112102,"T","G","p.D772A",0.0417,144,6,"unknown",0,"chr20:g.40112102T>G","predicted driver: tier 1",105,"TRUE","SNV","-","CHD6","ts","TG","GTC","TG_GTC","AGTCA","TG_AGTCA","+",0.0416666666666667,"M",0.12,1.03174,5,5,0,0.45567948377619,0.819444444444444,1,0.819444444444444,0.819444444444444,0.303694813009719,1.74016363175138,"clonal"]
["G13408","SLC2A10","missense","chr20",45353896,"G","A","p.R74K",0.1161,155,18,"unknown",0,"chr20:g.45353896G>A","predicted passenger",98,"FALSE","SNV","+","SLC2A10","ts","CT","CCT","CT_CCT","TCCTG","CT_TCCTG","-",0.116129032258065,"M",0.12,0.998689,4,4,0,0.661414561159029,2.16774193548387,2,1.08387096774194,1,0.656105713685879,1.65493136475569,"clonal"]
["G13408","TMPRSS2","missense","chr21",42851138,"C","G","p.S252T",0.0968,124,12,"unknown",1,"chr21:g.42851138C>G","predicted passenger",126,"FALSE","SNV","-","TMPRSS2","ts","CG","ACT","CG_ACT","CACTT","CG_CACTT","+",0.0967741935483871,"M",0.12,-1.57425,0,0,0,-0.0230836131130413,1.41935483870968,1,1.41935483870968,1,0.748165354288395,2.3898419898278,"clonal"]
["G13408","CFAP47","missense","chrX",35966531,"C","G","p.F206L",0.1127,71,8,"unknown",0,"chrX:g.35966531C>G","predicted passenger",60,"FALSE","SNV","+","CXorf22","nt","CG","TCT","CG_TCT","TTCTG","CG_TTCTG","+",0.112676056338028,"M",0.12,0.28604,3,3,0,0.242856523896164,1.16431924882629,1,1.16431924882629,1,0.88191417411176,3.71000872142216,"clonal"]
["G13408","STARD8","missense","chrX",67943586,"G","A","p.R973Q",0.2437,119,29,"unknown",0,"chrX:g.67943586G>A","predicted passenger",88,"FALSE","SNV","+","STARD8","ts","CT","CCG","CT_CCG","CCCGC","CT_CCCGC","-",0.243697478991597,"M",0.12,0.446704,3,3,0,0.435386144670646,2.51820728291317,3,0.839402427637722,0.839402427637722,0.999236413995226,1.94855602745855,"clonal"]
["G13408","KHDRBS3","missense","chr8",136594201,"C","T","p.T231I",0.0197,152,3,"unknown",0,"chr8:g.136594201C>T","predicted passenger",169,"FALSE","SNV","+","KHDRBS3","nt","CT","ACC","CT_ACC","CACCC","CT_CACCC","+",0.0197368421052632,"M",0.12,0.583858,3,3,0,-0.152951922838599,0.348684210526316,0,0.348684210526316,0.348684210526316,0.0722364087065147,0.999830407000224,"clonal"]
["G13408","TUBGCP5","missense","chr15",22835946,"C","A","p.H59Q",0.0240384615384615,213,5,"unknown",0,"chr15:g.22835946C>A","predicted passenger",156,"FALSE","SNV","+","TUBGCP5","nt","CA","ACA","CA_ACA","CACAA","CA_CACAA","+",0.0234741784037559,"M",0.12,0.919384,4,4,0,0.44930740136359,0.438184663536776,0,0.438184663536776,0.438184663536776,0.143078903394755,1.00665192863158,"clonal"]
["G13408","CACNG8","missense","chr19",54485712,"G","A","p.G296D",0.0293,205,6,"unknown",0,"chr19:g.54485712G>A","predicted passenger",157,"FALSE","SNV","+","CACNG8","ts","CT","GCC","CT_GCC","GGCCC","CT_GGCCC","-",0.0292682926829268,"M",0.12,0.671454,3,3,0,0.384859350613819,0.517073170731707,1,0.517073170731707,0.517073170731707,0.191067674482378,1.10616537200585,"clonal"]
["G13408","PREX1","missense","chr20",47253168,"C","T","p.A1334T",0.0846,130,11,"unknown",0,"chr20:g.47253168C>T","predicted passenger",100,"FALSE","SNV","-","PREX1","ts","CT","GCG","CT_GCG","GGCGG","CT_GGCGG","+",0.0846153846153846,"M",0.12,1.4545,6,6,0,0.37851162325373,1.74871794871795,2,0.874358974358974,0.874358974358974,0.444312605283935,1.51235104186955,"clonal"]
["G13408","CACNA1I","missense","chr22",39996615,"G","A","p.G147R",0.0714,126,9,"unknown",0,"chr22:g.39996615G>A","predicted passenger",122,"FALSE","SNV","+","CACNA1I","ts","CT","CCG","CT_CCG","CCCGA","CT_CCCGA","-",0.0714285714285714,"M",0.12,0.272093,3,3,0,0.0465425859370302,1.26190476190476,1,1.26190476190476,1,0.586185003094578,2.31899893456163,"clonal"]
["G13408","UBR4","missense","chr1",19403243,"C","T","p.D5160N",0.08,175,14,"unknown",0,"chr1:g.19403243C>T","predicted passenger",155,"FALSE","SNV","-","UBR4","ts","CT","TCG","CT_TCG","ATCGA","CT_ATCGA","+",0.08,"M",0.12,-0.503857,1,1,0,0.175086706558091,1.25333333333333,1,1.25333333333333,1,0.69601474033886,2.0458144753409,"clonal"]
["G13408","TMEM200B","missense","chr1",29448336,"G","A","p.T2M",0.1538,13,2,"unknown",0,"chr1:g.29448336G>A","predicted passenger",15,"FALSE","SNV","-","TMEM200B","nt","CT","ACG","CT_ACG","GACGG","CT_GACGG","-",0.153846153846154,"M",0.12,0.380535,3,3,0,-0.206450877467426,2.71794871794872,3,0.905982905982906,0.905982905982906,0.113105957230446,2.67632955009528,"clonal"]
["G13408","SCYL3","missense","chr1",169847899,"T","C","p.D76G",0.0714,98,7,"unknown",0,"chr1:g.169847899T>C","predicted passenger",88,"FALSE","SNV","-","SCYL3","ts","TC","ATC","TC_ATC","CATCC","TC_CATCC","+",0.0714285714285714,"M",0.12,-0.631755,1,1,0,0.155278225477911,1.11904761904762,1,1.11904761904762,1,0.457450681039646,2.21910886950443,"clonal"]
["G13408","CNNM3","nonsense","chr2",97482917,"C","A","p.Y301*",0.125,16,2,"unknown",0,"chr2:g.97482917C>A","predicted passenger",17,"FALSE","SNV","+","CNNM3","nt","CA","ACA","CA_ACA","TACAG","CA_TACAG","+",0.125,"M",0.12,-0.0908966,2,2,0,-0.0874628412503394,2.08333333333333,2,1.04166666666667,1,0.129280031795116,3.1956353070772,"clonal"]
["G13408","GPR148","missense","chr2",131487564,"C","A","p.F280L",0.1176,17,2,"unknown",0,"chr2:g.131487564C>A","predicted passenger",13,"FALSE","SNV","+","GPR148","nt","CA","TCT","CA_TCT","TTCTC","CA_TTCTC","+",0.117647058823529,"M",0.12,-0.0908966,2,2,0,0.387023123109247,1.96078431372549,2,0.980392156862745,0.980392156862745,0.121494307002521,3.03674301751042,"clonal"]
["G13408","STAB1","missense","chr3",52548411,"C","A","p.L1193M",0.1176,17,2,"unknown",0,"chr3:g.52548411C>A","predicted passenger",17,"FALSE","SNV","+","STAB1","nt","CA","CCT","CA_CCT","TCCTG","CA_TCCTG","+",0.117647058823529,"M",0.12,-0.236684,2,2,0,0,1.96078431372549,2,0.980392156862745,0.980392156862745,0.121494307002521,3.03674301751042,"clonal"]
["G13408","SLC44A4","missense","chr6",31833330,"C","A","p.C544F",0.1429,14,2,"unknown",0,"chr6:g.31833330C>A","predicted passenger",14,"FALSE","SNV","-","SLC44A4","ts","CA","GCA","CA_GCA","GGCAG","CA_GGCAG","+",0.142857142857143,"M",0.12,-0.0777608,2,2,0,0,2.38095238095238,2,1.19047619047619,1,0.148287629026596,3.56774300758082,"clonal"]
["G13408","OPN5","missense","chr6",47763246,"C","T","p.H235Y",0.0526,95,5,"unknown",0,"chr6:g.47763246C>T","predicted passenger",89,"FALSE","SNV","+","OPN5","nt","CT","TCA","CT_TCA","CTCAT","CT_CTCAT","+",0.0526315789473684,"M",0.12,-1.14349,0,0,0,0.09412217736455,0.771929824561403,1,0.771929824561403,0.771929824561403,0.253848845747786,1.73892090247166,"clonal"]
["G13408","RBM20","missense","chr10",112595711,"C","T","p.P1220L",0.1333,30,4,"unknown",0,"chr10:g.112595711C>T","predicted passenger",27,"FALSE","SNV","+","RBM20","nt","CT","CCA","CT_CCA","GCCAC","CT_GCCAC","+",0.133333333333333,"M",0.12,0.0209638,2,2,0,0.15200309344505,2.22222222222222,2,1.11111111111111,1,0.312945802819694,2.56015291896772,"clonal"]
["G13408","ITGA5","missense","chr12",54812825,"G","A","p.S53L",0.0769,78,6,"unknown",0,"chr12:g.54812825G>A","predicted passenger",65,"FALSE","SNV","NA","NA","NA","CT","TCG","CT_TCG","CTCGG","CT_CTCGG","-",0.0769230769230769,"M",0.12,0.0509672,2,2,0,0.263034405833794,1.28205128205128,1,1.28205128205128,1,0.47920875002559,2.66577274167686,"clonal"]
["G13408","GABRB3","missense","chr15",26793270,"A","T","p.H364Q",0.0718,209,15,"unknown",0,"chr15:g.26793270A>T","predicted passenger",182,"FALSE","SNV","-","GABRB3","nt","TA","ATG","TA_ATG","CATGG","TA_CATGG","-",0.0717703349282297,"M",0.12,-0.56276,1,1,0,0.199564491882186,1.1244019138756,1,1.1244019138756,1,0.637999959159963,1.81125213360066,"clonal"]
["G13408","CHD3","missense","chr17",7794000,"G","A","p.E168K",0.0755,106,8,"unknown",1,"chr17:g.7794000G>A","predicted passenger",116,"FALSE","SNV","+","CHD3","ts","CT","TCT","CT_TCT","TTCTC","CT_TTCTC","-",0.0754716981132075,"M",0.12,0.0941003,2,2,0,-0.130060540564373,1.25786163522013,1,1.25786163522013,1,0.552430175640131,2.38835221590175,"clonal"]
["G13408","SMAD4","missense","chr18",48575083,"G","A","p.V93M",0.0817,208,17,"unknown",1,"chr18:g.48575083G>A","predicted driver: tier 1",191,"TRUE","SNV","NA","NA","NA","CT","ACA","CT_ACA","CACAT","CT_CACAT","-",0.0817307692307692,"M",0.12,-3.02398,0,0,0,0.123010890105344,1.19871794871795,1,1.19871794871795,1,0.708864248311273,1.87197151046795,"clonal"]
["G13408","KCNJ14","missense","chr19",48965021,"C","A","p.L14M",0.1176,17,2,"unknown",0,"chr19:g.48965021C>A","predicted passenger",12,"FALSE","SNV","+","KCNJ14","nt","CA","CCT","CA_CCT","CCCTG","CA_CCCTG","+",0.117647058823529,"M",0.12,0.678502,3,3,0,0.502500340529183,2.07843137254902,2,1.03921568627451,1,0.128783965422672,3.21894759856104,"clonal"]
["G13408","ZNF776","missense","chr19",58265036,"C","T","p.L180F",0.0625,160,10,"unknown",0,"chr19:g.58265036C>T","predicted passenger",106,"FALSE","SNV","+","ZNF776","nt","CT","ACT","CT_ACT","TACTC","CT_TACTC","+",0.0625,"M",0.12,0.671454,3,3,0,0.594007640324163,1.10416666666667,1,1.10416666666667,1,0.536628258886251,1.97751372500419,"clonal"]
["G13408","CLIC6","missense","chr21",36042311,"C","A","p.D208E",0.1818,11,2,"unknown",0,"chr21:g.36042311C>A","predicted passenger",11,"FALSE","SNV","+","CLIC6","nt","CA","ACA","CA_ACA","GACAA","CA_GACAA","+",0.181818181818182,"M",0.12,-1.56136,0,0,0,0,2.66666666666667,3,0.888888888888889,0.888888888888889,0.111619191688692,2.53125083376084,"clonal"]
["G13408","CRELD2","missense","chr22",50312503,"C","A","p.T29K",0.1,20,2,"unknown",0,"chr22:g.50312503C>A","predicted passenger",14,"FALSE","SNV","+","CRELD2","nt","CA","ACG","CA_ACG","GACGC","CA_GACGC","+",0.1,"M",0.12,0.237898,3,3,0,0.514573172829758,1.76666666666667,2,0.883333333333333,0.883333333333333,0.109078656670938,2.80001397383523,"clonal"]
["G13408","CEP290","missense","chr12",88502943,"C","T","p.E795K",0.0223880597014925,137,3,"unknown",0,"chr12:g.88502943C>T","predicted driver: tier 1",113,"TRUE","SNV","-","CEP290","ts","CT","TCT","CT_TCT","TTCTT","CT_TTCTT","+",0.0218978102189781,"M",0.12,-0.518796,1,1,0,0.277853120545339,0.343065693430657,0,0.343065693430657,0.343065693430657,0.0711082217314162,0.981673118087245,"clonal"]
["G13408","NOL4L","missense","chr20",31035566,"T","G","p.T382P",0.147058823529412,39,5,"unknown",0,"chr20:g.31035566T>G","predicted passenger",25,"FALSE","SNV","-","C20orf112","ts","TG","GTG","TG_GTG","CGTGG","TG_CGTGG","+",0.128205128205128,"M",0.12,1.49643,6,6,0,0.641546029087524,2.64957264957265,3,0.883190883190883,0.883190883190883,0.296004140678992,1.88961816084138,"clonal"]
["G13409","ANKRD36C","missense","chr2",96517905,"A","T","p.C1730S",0.0553,253,14,"known",0,"chr2:g.96517905A>T","predicted passenger",202,"FALSE","SNV","-","ANKRD36C","nt","TA","ATG","TA_ATG","GATGT","TA_GATGT","-",0.0553359683794466,"M",0.78,0.0337297,2,2,0,0.324782091942515,0.141887098408838,0,0.141887098408838,0.141887098408838,0.0784087044935481,0.233595413945593,"subclonal"]
["G13409","FAM218A","missense","chr4",165878332,"G","A","p.R53H",0.0149,202,3,"known",0,"chr4:g.165878332G>A","predicted passenger",142,"FALSE","SNV","NA","NA","NA","CT","GCG","CT_GCG","GGCGG","CT_GGCGG","-",0.0148514851485149,"M",0.78,-0.0289938,2,2,0,0.508464363247113,0.0380807311500381,0,0.0380807311500381,0.0380807311500381,0.00788017409845389,0.109709220571551,"subclonal"]
["G13409","TCAF2","missense","chr7",143421687,"C","T","p.A801V",0.00775193798449612,260,2,"known",0,"chr7:g.143421687C>T","predicted passenger",209,"FALSE","SNV","NA","NA","NA","CT","GCT","CT_GCT","GGCTC","CT_GGCTC","+",0.00769230769230769,"M",0.78,0.158256,2,2,0,0.315008680947572,0.019723865877712,0,0.019723865877712,0.019723865877712,2.39214232324283E-3,0.0705370891665535,"subclonal"]
["G13409","TP53","missense","chr17",7578406,"C","T","p.R175H",0.0103448275862069,293,3,"known",1,"chr17:g.7578406C>T","known in: CANCER;CANCER-PR",198,"TRUE","SNV","-","TP53","ts","CT","GCG","CT_GCG","AGCGC","CT_AGCGC","+",0.0102389078498294,"M",0.78,0.0943195,2,2,0,0.565400234342638,0.0262536098713573,0,0.0262536098713573,0.0262536098713573,0.00542694037274712,0.0759723204463503,"subclonal"]
["G13409","LMOD2","missense","chr7",123303069,"C","A","p.Q477K",0.0625,128,8,"known",0,"chr7:g.123303069C>A","predicted passenger",94,"FALSE","SNV","+","LMOD2","nt","CA","ACA","CA_ACA","GACAA","CA_GACAA","+",0.0625,"M",0.78,-0.0444886,2,2,0,0.445411148322363,0.16025641025641,0,0.16025641025641,0.16025641025641,0.0701709868881304,0.306248162548344,"subclonal"]
["G13409","CEP295","missense","chr11",93428778,"G","A","p.R550K",0.0566037735849057,168,9,"known",0,"chr11:g.93428778G>A","predicted passenger",151,"FALSE","SNV","+","KIAA1731","ts","CT","TCT","CT_TCT","TTCTT","CT_TTCTT","-",0.0535714285714286,"M",0.78,-0.0449857,2,2,0,0.153912683453681,0.137362637362637,0,0.137362637362637,0.137362637362637,0.0635533081593059,0.254505369143091,"subclonal"]
["G13409","U2SURP","missense","chr3",142738832,"G","A","p.E198K",0.0298507462686567,138,4,"known",0,"chr3:g.142738832G>A","predicted passenger",112,"FALSE","SNV","+","U2SURP","ts","CT","TCT","CT_TCT","TTCTT","CT_TTCTT","-",0.0289855072463768,"M",0.78,-0.0268444,2,2,0,0.301169534720565,0.0743218134522482,0,0.0743218134522482,0.0743218134522482,0.0203920384575752,0.186026659635238,"subclonal"]
["G13409","STAG2","nonsense","chrX",123217296,"G","T","p.E984*",0.0513,39,2,"known",1,"chrX:g.123217296G>T","predicted driver: tier 1",32,"TRUE","SNV","+","STAG2","ts","CA","TCT","CA_TCT","CTCTT","CA_CTCTT","-",0.0512820512820513,"M",0.78,-0.808975,1,1,0,0.285402218862248,0.0657462195923734,0,0.0657462195923734,0.0657462195923734,0.0098100076368491,0.270972606763845,"subclonal"]
["G13409","CDKL2","nonsense","chr4",76532412,"C","T","p.W166*",0.0417,48,2,"unknown",0,"chr4:g.76532412C>T","predicted passenger",47,"FALSE","SNV","-","CDKL2","ts","CT","CCA","CT_CCA","ACCAT","CT_ACCAT","+",0.0416666666666667,"M",0.78,-0.0289938,2,2,0,0.0303736490435187,0.106837606837607,0,0.106837606837607,0.106837606837607,0.013042225461623,0.365489674875327,"subclonal"]
["G13409","ASB5","missense","chr4",177142344,"G","A","p.S211L",0.0192307692307692,106,2,"unknown",0,"chr4:g.177142344G>A","predicted passenger",82,"FALSE","SNV","-","ASB5","nt","CT","TCA","CT_TCA","GTCAC","CT_GTCAC","-",0.0188679245283019,"M",0.78,-0.0289938,2,2,0,0.370368449945116,0.0483792936623125,0,0.0483792936623125,0.0483792936623125,0.00588004349324751,0.170508204600638,"subclonal"]
["G13409","POU3F2","missense","chr6",99283151,"A","T","p.Q134H",0.0842696629213483,193,15,"unknown",0,"chr6:g.99283151A>T","predicted passenger",152,"FALSE","SNV","+","POU3F2","ts","TA","GTT","TA_GTT","TGTTG","TA_TGTTG","-",0.077720207253886,"M",0.78,-0.0479905,2,2,0,0.344529523824495,0.199282582702272,0,0.199282582702272,0.199282582702272,0.113207048707319,0.32037887592842,"subclonal"]
["G13409","WDR86","missense","chr7",151079038,"G","A","p.R298W",0.0125786163522013,161,2,"unknown",0,"chr7:g.151079038G>A","predicted passenger",118,"FALSE","SNV","-","WDR86","nt","CT","CCG","CT_CCG","CCCGG","CT_CCCGG","-",0.0124223602484472,"M",0.78,0.0245127,2,2,0,0.448273828752776,0.0318522057652492,0,0.0318522057652492,0.0318522057652492,3.86656890614401E-3,0.113209211075995,"subclonal"]
["G13409","BNC2","missense","chr9",16419268,"C","T","p.E1007K",0.0129,155,2,"unknown",0,"chr9:g.16419268C>T","predicted passenger",124,"FALSE","SNV","-","BNC2","ts","CT","TCG","CT_TCG","CTCGG","CT_CTCGG","+",0.0129032258064516,"M",0.78,-0.0400591,2,2,0,0.321928094887362,0.033085194375517,0,0.033085194375517,0.033085194375517,0.00401661091853314,0.117517665642011,"subclonal"]
["G13409","NCAPD3","missense","chr11",134048770,"C","T","p.R874H",0.0123,162,2,"unknown",0,"chr11:g.134048770C>T","predicted passenger",121,"FALSE","SNV","NA","NA","NA","CT","GCG","CT_GCG","TGCGC","CT_TGCGC","+",0.0123456790123457,"M",0.78,0.00824944,2,2,0,0.42098676561003,0.0316555872111428,0,0.0316555872111428,0.0316555872111428,0.00384264500322941,0.112521658595778,"subclonal"]
["G13409","FGFR1OP2","missense","chr12",27110625,"C","A","p.S115R",0.023121387283237,178,4,"unknown",0,"chr12:g.27110625C>A","predicted passenger",149,"FALSE","SNV","+","FGFR1OP2","nt","CA","GCA","CA_GCA","AGCAA","CA_AGCAA","+",0.0224719101123595,"M",0.78,-0.00973726,2,2,0,0.256564910504236,0.0576202823393835,0,0.0576202823393835,0.0576202823393835,0.0157846134525091,0.144961344459803,"subclonal"]
["G13409","NELL2","missense","chr12",44917199,"C","T","p.G675R",0.00586510263929619,343,2,"unknown",0,"chr12:g.44917199C>T","predicted passenger",284,"FALSE","SNV","-","NELL2","ts","CT","CCG","CT_CCG","TCCGC","CT_TCCGC","+",5.83090379008746E-3,"M",0.78,-0.0642043,2,2,0,0.27231764666813,0.0149510353591986,0,0.0149510353591986,0.0149510353591986,0.0018126440923858,0.0535985054196603,"subclonal"]
["G13409","USP8","missense","chr15",50751259,"G","A","p.R133Q",0.0141,213,3,"unknown",1,"chr15:g.50751259G>A","predicted passenger",168,"FALSE","SNV","+","USP8","ts","CT","CCG","CT_CCG","GCCGC","CT_GCCGC","-",0.0140845070422535,"M",0.78,-0.0578628,2,2,0,0.342392197447078,0.0361141206211629,0,0.0361141206211629,0.0361141206211629,0.00747188629255421,0.104120356405511,"subclonal"]
["G13409","STARD8","missense","chrX",67943586,"G","A","p.R973Q",0.0166666666666667,122,2,"unknown",0,"chrX:g.67943586G>A","predicted passenger",88,"FALSE","SNV","+","STARD8","ts","CT","CCG","CT_CCG","CCCGC","CT_CCCGC","-",0.0163934426229508,"M",0.78,-0.763975,1,1,0,0.471305718925589,0.0210172341319882,0,0.0210172341319882,0.0210172341319882,0.0031149486171459,0.0906619193984089,"subclonal"]
["G13409","TUBGCP5","missense","chr15",22835946,"C","A","p.H59Q",0.0454545454545455,184,8,"unknown",0,"chr15:g.22835946C>A","predicted passenger",156,"FALSE","SNV","+","TUBGCP5","nt","CA","ACA","CA_ACA","CACAA","CA_CACAA","+",0.0434782608695652,"M",0.78,-0.0112533,2,2,0,0.238159737194765,0.111482720178372,0,0.111482720178372,0.111482720178372,0.0486025369263393,0.215050088620497,"subclonal"]
["G13409","CACNG8","missense","chr19",54485712,"G","A","p.G296D",0.00934579439252336,218,2,"unknown",0,"chr19:g.54485712G>A","predicted passenger",157,"FALSE","SNV","+","CACNG8","ts","CT","GCC","CT_GCC","GGCCC","CT_GGCCC","-",0.00917431192660551,"M",0.78,0.11454,2,2,0,0.473563575885299,0.0235238767348859,0,0.0235238767348859,0.0235238767348859,2.85381852827838E-3,0.0839641098809658,"subclonal"]
["G13409","CHD3","missense","chr17",7794000,"G","A","p.E168K",0.033112582781457,156,5,"unknown",1,"chr17:g.7794000G>A","predicted passenger",116,"FALSE","SNV","+","CHD3","ts","CT","TCT","CT_TCT","TTCTC","CT_TTCTC","-",0.032051282051282,"M",0.78,0.0943195,2,2,0,0.427421223734676,0.0821827744904668,0,0.0821827744904668,0.0821827744904668,0.0268905255357326,0.187716681636142,"subclonal"]
["G13409","NOL10","missense","chr2",10798012,"T","A","p.L254F",0.1,30,3,"unknown",0,"chr2:g.10798012T>A","predicted passenger",20,"FALSE","SNV","-","NOL10","ts","TA","ATA","TA_ATA","AATAA","TA_AATAA","+",0.1,"M",0.78,-0.0228468,2,2,0,0.584962500721156,0.256410256410256,0,0.256410256410256,0.256410256410256,0.0541465052044169,0.680226796087713,"subclonal"]
["G13409","CACNA1D","missense","chr3",53779691,"G","A","p.G1036D",0.1066,197,21,"unknown",1,"chr3:g.53779691G>A","predicted passenger",163,"FALSE","SNV","+","CACNA1D","ts","CT","GCC","CT_GCC","TGCCG","CT_TGCCG","-",0.106598984771574,"M",0.78,0.00991947,2,2,0,0.273323665225299,0.273330730183522,0,0.273330730183522,0.273330730183522,0.172328613688288,0.405960897943614,"subclonal"]
["G13409","ADH6","missense","chr4",100131373,"T","A","p.S145C",0.0521,326,17,"unknown",0,"chr4:g.100131373T>A","predicted passenger",269,"FALSE","SNV","NA","NA","NA","TA","CTG","TA_CTG","GCTGG","TA_GCTGG","+",0.0521472392638037,"M",0.78,-0.0289938,2,2,0,0.277265791674453,0.133710869907189,0,0.133710869907189,0.133710869907189,0.0786347374513117,0.210722401337716,"subclonal"]
["G13409","PPP1R26","missense","chr9",138379119,"C","A","p.S921R",0.1071,28,3,"unknown",0,"chr9:g.138379119C>A","predicted passenger",25,"FALSE","SNV","+","PPP1R26","nt","CA","GCC","CA_GCC","AGCCA","CA_AGCCA","+",0.107142857142857,"M",0.78,0.0511011,2,2,0,0.16349873228288,0.274725274725275,0,0.274725274725275,0.274725274725275,0.058115617023228,0.723754860808524,"subclonal"]
["G13409","CEP290","missense","chr12",88502943,"C","T","p.E795K",0.0513,117,6,"unknown",0,"chr12:g.88502943C>T","predicted driver: tier 1",113,"TRUE","SNV","-","CEP290","ts","CT","TCT","CT_TCT","TTCTT","CT_TTCTT","+",0.0512820512820513,"M",0.78,-0.0584596,2,2,0,0.0501857571682169,0.131492439184747,0,0.131492439184747,0.131492439184747,0.0488449998374761,0.277641324455129,"subclonal"]
["G13409","WDR89","missense","chr14",64065513,"C","T","p.R383K",0.15,40,6,"unknown",0,"chr14:g.64065513C>T","predicted passenger",20,"FALSE","SNV","-","WDR89","ts","CT","TCT","CT_TCT","TTCTT","CT_TTCTT","+",0.15,"M",0.78,-0.0329195,2,2,0,1,0.384615384615385,0,0.384615384615385,0.384615384615385,0.146416046550066,0.765006838050196,"subclonal"]
["G13409","SMARCD2","missense","chr17",61919971,"C","A","p.A22S",0.1429,14,2,"unknown",0,"chr17:g.61919971C>A","predicted passenger",16,"FALSE","SNV","-","SMARCD2","ts","CA","GCC","CA_GCC","AGCCA","CA_AGCCA","+",0.142857142857143,"M",0.78,0.0643179,2,2,0,-0.192645077942396,0.366300366300366,0,0.366300366300366,0.366300366300366,0.0456269627774142,1.09776707925564,"clonal"]
["G13409","NOL4L","missense","chr20",31035566,"T","G","p.T382P",0.2121,33,7,"unknown",0,"chr20:g.31035566T>G","predicted passenger",25,"FALSE","SNV","-","C20orf112","ts","TG","GTG","TG_GTG","CGTGG","TG_CGTGG","+",0.212121212121212,"M",0.78,0.0679726,2,2,0,0.400537929583729,0.543900543900544,1,0.543900543900544,0.543900543900544,0.230267293699234,0.997643383779778,"clonal"]
["G13401","USP48","missense","chr1",22078013,"G","A","p.S254L",0.1238,105,13,"known",0,"chr1:g.22078013G>A","predicted passenger",99,"FALSE","SNV","-","USP48","nt","CT","TCG","CT_TCG","CTCGG","CT_CTCGG","-",0.123809523809524,"M",0.15,-0.00643691,2,2,0,0.0848888975865129,1.65079365079365,2,0.825396825396825,0.825396825396825,0.450667419058231,1.34939696289241,"clonal"]
["G13401","KDM5B","missense","chr1",202698198,"C","T","p.R1534H",0.0575,87,5,"known",0,"chr1:g.202698198C>T","predicted passenger",122,"FALSE","SNV","-","KDM5B","ts","CT","GCG","CT_GCG","AGCGC","CT_AGCGC","+",0.0574712643678161,"M",0.15,-0.334309,1,1,0,-0.487793841714158,0.708812260536398,1,0.708812260536398,0.708812260536398,0.233369978750621,1.59152362755108,"clonal"]
["G13401","ELOVL5","missense","chr6",53139987,"G","A","p.R160C",0.0696,115,8,"known",0,"chr6:g.53139987G>A","predicted passenger",216,"TRUE","SNV","-","ELOVL5","nt","CT","GCG","CT_GCG","TGCGC","CT_TGCGC","-",0.0695652173913043,"M",0.15,-0.286474,1,1,0,-0.909397451219093,0.857971014492754,1,0.857971014492754,0.857971014492754,0.376290118818956,1.63384610366756,"clonal"]
["G13401","AK9","missense","chr6",109906342,"C","T","p.E700K",0.0909,121,11,"known",0,"chr6:g.109906342C>T","predicted passenger",102,"FALSE","SNV","-","AK9","ts","CT","TCT","CT_TCT","TTCTT","CT_TTCTT","+",0.0909090909090909,"M",0.15,0.0527239,2,2,0,0.246437895303099,1.21212121212121,1,1.21212121212121,1,0.616788221280475,2.09120469008426,"clonal"]
["G13401","AIMP2","missense","chr7",6057478,"G","A","p.A126T",0.05,40,2,"known",0,"chr7:g.6057478G>A","predicted passenger",69,"FALSE","SNV","+","AIMP2","ts","CT","GCG","CT_GCG","TGCGT","CT_TGCGT","-",0.05,"M",0.15,0.44923,3,3,0,-0.786596361890807,0.716666666666667,1,0.716666666666667,0.716666666666667,0.0876289345906953,2.42515505008499,"clonal"]
["G13401","NECAB1","missense","chr8",91929840,"C","A","p.Q160K",0.0517,58,3,"known",0,"chr8:g.91929840C>A","predicted passenger",49,"FALSE","SNV","+","NECAB1","nt","CA","GCA","CA_GCA","AGCAA","CA_AGCAA","+",0.0517241379310345,"M",0.15,-0.0688329,2,2,0,0.243271151012364,0.689655172413793,1,0.689655172413793,0.689655172413793,0.14395304112393,1.91739503033793,"clonal"]
["G13401","AKAP2","missense","chr9",112899835,"G","A","p.A671T",0.1068,103,11,"known",0,"chr9:g.112899835G>A","predicted passenger",190,"FALSE","SNV","NA","NA","NA","CT","GCG","CT_GCG","GGCGC","CT_GGCGC","-",0.106796116504854,"M",0.15,0.217351,3,3,0,-0.883355081147729,1.53074433656958,2,0.76537216828479,0.76537216828479,0.390809924612185,1.3119086286008,"clonal"]
["G13401","SH3PXD2A","missense","chr10",105362636,"C","T","p.R752H",0.0519,77,4,"known",0,"chr10:g.105362636C>T","predicted passenger",93,"FALSE","SNV","-","SH3PXD2A","ts","CT","GCG","CT_GCG","GGCGC","CT_GGCGC","+",0.051948051948052,"M",0.15,-0.0280012,2,2,0,-0.27237227041313,0.692640692640693,1,0.692640692640693,0.692640692640693,0.191113521552815,1.70264805002937,"clonal"]
["G13401","SCGB1D1","missense","chr11",61960895,"C","T",".",0.0685,146,10,"known",0,"chr11:g.61960895C>T","predicted passenger",177,"FALSE","SNV","+","SCGB1D1","nt","CT","TCG","CT_TCG","ATCGC","CT_ATCGC","+",0.0684931506849315,"M",0.15,0.289242,3,3,0,-0.27778099120298,0.981735159817351,1,0.981735159817351,0.981735159817351,0.477752180871617,1.75373136293586,"clonal"]
["G13401","FUT4","missense","chr11",94277903,"G","A","p.D202N",0.0552,163,9,"known",0,"chr11:g.94277903G>A","predicted passenger",173,"FALSE","SNV","NA","NA","NA","CT","TCG","CT_TCG","ATCGC","CT_ATCGC","-",0.0552147239263804,"M",0.15,-0.192201,2,2,0,-0.085900073405647,0.736196319018405,1,0.736196319018405,0.736196319018405,0.340739410335916,1.3629997381114,"clonal"]
["G13401","NXPE1","missense","chr11",114392979,"C","T","p.R310H",0.1103,136,15,"known",0,"chr11:g.114392979C>T","predicted passenger",151,"FALSE","SNV","-","NXPE1","ts","CT","GCG","CT_GCG","TGCGA","CT_TGCGA","+",0.110294117647059,"M",0.15,-0.298585,1,1,0,-0.150941898074739,1.36029411764706,1,1.36029411764706,1,0.777742602316158,2.16305321705894,"clonal"]
["G13401","CACNA2D4","missense","chr12",1953630,"C","T","p.R803H",0.0991,111,11,"known",0,"chr12:g.1953630C>T","predicted passenger",144,"FALSE","SNV","-","CACNA2D4","ts","CT","GCG","CT_GCG","GGCGG","CT_GGCGG","+",0.0990990990990991,"M",0.15,0.0698907,2,2,0,-0.375509135092206,1.32132132132132,1,1.32132132132132,1,0.673552278586925,2.27199575936984,"clonal"]
["G13401","C1QTNF9B","missense","chr13",24465562,"T","C","p.S290G",0.0741,54,4,"known",0,"chr13:g.24465562T>C","predicted passenger",66,"FALSE","SNV","NA","NA","NA","TC","CTG","TC_CTG","GCTGC","TC_GCTGC","+",0.0740740740740741,"M",0.15,0.450513,3,3,0,-0.289506617194985,1.06172839506173,1,1.06172839506173,1,0.294563864606022,2.56471248471371,"clonal"]
["G13401","PDX1","missense","chr13",28498834,"G","A",".",0.0959,73,7,"known",0,"chr13:g.28498834G>A","predicted passenger",87,"FALSE","SNV","+","PDX1","ts","CT","TCG","CT_TCG","ATCGT","CT_ATCGT","-",0.0958904109589041,"M",0.15,0.450513,3,3,0,-0.253118936968711,1.37442922374429,1,1.37442922374429,1,0.565149195288268,2.68954144739071,"clonal"]
["G13401","AK7","missense","chr14",96924441,"G","A","p.D417N",0.0972,72,7,"known",0,"chr14:g.96924441G>A","predicted passenger",69,"FALSE","SNV","+","AK7","ts","CT","TCG","CT_TCG","ATCGT","CT_ATCGT","-",0.0972222222222222,"M",0.15,1.21799E-3,2,2,0,0.0614005446641433,1.2962962962963,1,1.2962962962963,1,0.533193345781367,2.53480453927412,"clonal"]
["G13401","GOLGA6L2","missense","chr15",23685022,"A","G","p.V867A",0.0721,111,8,"known",0,"chr15:g.23685022A>G","predicted passenger",147,"FALSE","SNV","-","GOLGA6L2","nt","TC","GTG","TC_GTG","TGTGG","TC_TGTGG","-",0.0720720720720721,"M",0.15,-0.362717,1,1,0,-0.405256478486259,0.888888888888889,1,0.888888888888889,0.888888888888889,0.39007637743573,1.69062001116105,"clonal"]
["G13401","SNX33","missense","chr15",75941985,"G","A","p.R181H",0.0645,31,2,"known",0,"chr15:g.75941985G>A","predicted passenger",38,"FALSE","SNV","+","SNX33","ts","CT","ACG","CT_ACG","TACGG","CT_TACGG","-",0.0645161290322581,"M",0.15,-0.367383,1,1,0,-0.29373120305671,0.795698924731183,1,0.795698924731183,0.795698924731183,0.0975687960295414,2.64199927168196,"clonal"]
["G13401","ABCC1","missense","chr16",16208628,"G","A","p.A1029T",0.1176,17,2,"known",0,"chr16:g.16208628G>A","predicted passenger",24,"FALSE","SNV","+","ABCC1","ts","CT","GCG","CT_GCG","GGCGA","CT_GGCGA","-",0.117647058823529,"M",0.15,0.0493022,2,2,0,-0.497499659470817,1.56862745098039,2,0.784313725490196,0.784313725490196,0.0971954456020167,2.42939441400834,"clonal"]
["G13401","TP53","nonsense","chr17",7578437,"G","A","p.Q165*",0.1013,158,16,"known",1,"chr17:g.7578437G>A","known in: CANCER-PR",224,"TRUE","SNV","-","TP53","nt","CT","GCA","CT_GCA","AGCAG","CT_AGCAG","-",0.10126582278481,"M",0.15,-0.443763,1,1,0,-0.503574173880501,1.24894514767932,1,1.24894514767932,1,0.727648350532427,1.96393080553947,"clonal"]
["G13401","FZD2","missense","chr17",42635787,"C","T","p.A244V",0.087,23,2,"known",0,"chr17:g.42635787C>T","predicted passenger",39,"FALSE","SNV","+","FZD2","nt","CT","GCG","CT_GCG","CGCGC","CT_CGCGC","+",0.0869565217391304,"M",0.15,-0.366121,1,1,0,-0.761840262805235,1.07246376811594,1,1.07246376811594,1,0.132089581133803,3.4580118095494,"clonal"]
["G13401","ANKRD24","missense","chr19",4217787,"C","A","p.A877E",0.0645,31,2,"known",0,"chr19:g.4217787C>A","predicted passenger",20,"FALSE","SNV","+","ANKRD24","nt","CA","GCA","CA_GCA","GGCAC","CA_GGCAC","+",0.0645161290322581,"M",0.15,0.666358,3,3,0,0.632268215499513,0.924731182795699,1,0.924731182795699,0.924731182795699,0.113390762953251,3.07043158600877,"clonal"]
["G13401","ZNF257","missense","chr19",22271876,"C","T","p.R442W",0.1158,95,11,"known",0,"chr19:g.22271876C>T","predicted passenger",124,"FALSE","SNV","+","ZNF257","nt","CT","CCG","CT_CCG","ACCGG","CT_ACCGG","+",0.115789473684211,"M",0.15,0.685961,3,3,0,-0.384340702055927,1.65964912280702,2,0.829824561403509,0.829824561403509,0.42455782074823,1.41714250884762,"clonal"]
["G13401","ZIK1","missense","chr19",58099931,"G","A","p.A33T",0.1111,36,4,"known",0,"chr19:g.58099931G>A","predicted passenger",31,"FALSE","SNV","+","ZIK1","ts","CT","GCG","CT_GCG","GGCGA","CT_GGCGA","-",0.111111111111111,"M",0.15,0.423305,3,3,0,0.215728691055437,1.59259259259259,2,0.796296296296296,0.796296296296296,0.222999002939276,1.86771159699428,"clonal"]
["G13401","ZNF814","missense","chr19",58385580,"G","A","p.A393V",0.1989,176,35,"known",0,"chr19:g.58385580G>A","predicted passenger",111,"FALSE","SNV","-","ZNF814","nt","CT","GCT","CT_GCT","TGCTA","CT_TGCTA","-",0.198863636363636,"M",0.15,0.423305,3,3,0,0.665015752287191,2.85037878787879,3,0.950126262626263,0.950126262626263,0.681298979457686,1.26879037011827,"clonal"]
["G13401","KRTAP26-1","missense","chr21",31692048,"G","T","p.F102L",0.0682,88,6,"known",0,"chr21:g.31692048G>T","predicted passenger",114,"FALSE","SNV","-","KRTAP26-1","nt","CA","TCT","CA_TCT","TTCTT","CA_TTCTT","-",0.0681818181818182,"M",0.15,0.187816,2,2,0,-0.373458395527444,0.909090909090909,1,0.909090909090909,0.909090909090909,0.339079340323281,1.90021559621402,"clonal"]
["G13401","ZRANB2","missense","chr1",71535040,"C","T","p.R230H",0.0155,129,2,"known",0,"chr1:g.71535040C>T","predicted passenger",152,"FALSE","SNV","-","ZRANB2","ts","CT","ACG","CT_ACG","AACGG","CT_AACGG","+",0.0155038759689922,"M",0.15,-0.133303,2,2,0,-0.236700258020331,0.20671834625323,0,0.20671834625323,0.20671834625323,0.0251084959790459,0.731767604927871,"subclonal"]
["G13401","OPRM1","missense","chr6",154360866,"G","A","p.G156S",0.0238,84,2,"known",0,"chr6:g.154360866G>A","predicted passenger",154,"FALSE","SNV","+","OPRM1","ts","CT","CCG","CT_CCG","GCCGG","CT_GCCGG","-",0.0238095238095238,"M",0.15,-0.198742,2,2,0,-0.874469117916141,0.317460317460317,0,0.317460317460317,0.317460317460317,0.0386208396071065,1.11165955422541,"clonal"]
["G13401","CDKN2A","nonsense","chr9",21971120,"G","A","p.R80*",0.0978,184,18,"known",1,"chr9:g.21971120G>A","known in: CM",254,"TRUE","SNV","NA","NA","NA","CT","CCG","CT_CCG","CCCGA","CT_CCCGA","-",0.0978260869565217,"M",0.15,-0.86523,1,1,0,-0.465122730715153,1.20652173913043,1,1.20652173913043,1,0.727845112935773,1.85244190299491,"clonal"]
["G13401","LINGO1","missense","chr15",77907381,"G","A","p.R290C",0.0921,152,14,"known",0,"chr15:g.77907381G>A","predicted passenger",209,"FALSE","SNV","-","LINGO1","nt","CT","CCG","CT_CCG","TCCGC","CT_TCCGC","-",0.0921052631578947,"M",0.15,-0.367383,1,1,0,-0.459431618637297,1.1359649122807,1,1.1359649122807,1,0.632374767254493,1.84639595943362,"clonal"]
["G13401","FSIP2","missense","chr2",186673134,"C","A","p.S6456R",0.0324324324324324,191,6,"known",0,"chr2:g.186673134C>A","predicted passenger",190,"FALSE","SNV","+","FSIP2","nt","CA","GCA","CA_GCA","AGCAA","CA_AGCAA","+",0.031413612565445,"M",0.15,-0.0677663,2,2,0,0.00757321970480087,0.418848167539267,0,0.418848167539267,0.418848167539267,0.154850666605739,0.894895192110911,"subclonal"]
["G13401","ATP11B","nonsense","chr3",182553917,"C","A","p.S137*",0.015,133,2,"known",0,"chr3:g.182553917C>A","predicted passenger",133,"FALSE","SNV","+","ATP11B","nt","CA","TCA","CA_TCA","ATCAA","CA_ATCAA","+",0.0150375939849624,"M",0.15,0.273497,3,3,0,0,0.215538847117794,0,0.215538847117794,0.215538847117794,0.0261775232463599,0.763456380188789,"subclonal"]
["G13401","CLOCK","nonsense","chr4",56336953,"TA","T","p.L123*fs*1",0.0229,131,3,"known",0,"chr4:g.56336954_56336954del","predicted driver: tier 1",157,"TRUE","SNV","-","CLOCK","ts","NA","NA","NA","NA","NA","+",0.0229007633587786,"M",0.15,-0.330225,1,1,0,-0.261197747354177,0.282442748091603,0,0.282442748091603,0.282442748091603,0.0585564223527787,0.807421249074392,"subclonal"]
["G13401","MAPK14","missense","chr6",36040747,"C","A","p.L135I",0.01875,163,3,"known",0,"chr6:g.36040747C>A","predicted passenger",162,"FALSE","SNV","+","MAPK14","nt","CA","TCT","CA_TCT","TTCTC","CA_TTCTC","+",0.0184049079754601,"M",0.15,0.0620826,2,2,0,0.00887815134645287,0.245398773006135,0,0.245398773006135,0.245398773006135,0.0508231539989379,0.704569416800952,"subclonal"]
["G13401","STK33","missense","chr11",8496277,"C","T","p.R59K",0.162393162393162,136,19,"known",0,"chr11:g.8496277C>T","predicted passenger",152,"FALSE","SNV","-","STK33","ts","CT","TCT","CT_TCT","TTCTC","CT_TTCTC","+",0.139705882352941,"M",0.15,-0.339974,1,1,0,-0.160464672193246,1.72303921568627,2,0.861519607843137,0.861519607843137,0.531911880635335,1.29217529853257,"clonal"]
["G13401","FAM186A","missense","chr12",50746672,"A","G","p.F1315L",0.0470588235294118,89,4,"known",0,"chr12:g.50746672A>G","predicted passenger",75,"FALSE","SNV","-","FAM186A","nt","TC","TTT","TC_TTT","CTTTC","TC_CTTTC","-",0.0449438202247191,"M",0.15,0.696442,3,3,0,0.246914740470517,0.644194756554307,1,0.644194756554307,0.644194756554307,0.177440612524979,1.59231862721272,"clonal"]
["G13401","NOMO2","missense","chr16",18532182,"A","T","p.N726K",0.022,363,8,"known",0,"chr16:g.18532182A>T","predicted passenger",522,"FALSE","SNV","-","NOMO2","nt","TA","ATG","TA_ATG","AATGA","TA_AATGA","-",0.0220385674931129,"M",0.15,0.0493022,2,2,0,-0.524080258574134,0.293847566574839,0,0.293847566574839,0.293847566574839,0.127487817956057,0.572818375497934,"subclonal"]
["G13401","KRTAP4-2","missense","chr17",39334070,"T","C","p.Y116C",0.0121951219512195,168,2,"known",0,"chr17:g.39334070T>C","predicted passenger",198,"FALSE","SNV","-","KRTAP4-2","ts","TC","GTA","TC_GTA","GGTAG","TC_GGTAG","+",0.0119047619047619,"M",0.15,-0.900366,1,1,0,-0.237039197300849,0.146825396825397,0,0.146825396825397,0.146825396825397,0.0178215125620174,0.522200228495723,"subclonal"]
["G13401","FOXJ3","nonsense","chr1",42657370,"C","A","p.E319*",0.125,16,2,"unknown",0,"chr1:g.42657370C>A","predicted passenger",25,"FALSE","SNV","-","FOXJ3","ts","CA","TCA","CA_TCA","TTCAG","CA_TTCAG","+",0.125,"M",0.15,0.191583,2,2,0,-0.643856189774725,1.66666666666667,2,0.833333333333333,0.833333333333333,0.103424025436093,2.55650824566176,"clonal"]
["G13401","SPTA1","missense","chr1",158612223,"T","A","p.D1572V",0.0791,278,22,"unknown",1,"chr1:g.158612223T>A","predicted passenger",284,"FALSE","SNV","-","SPTA1","ts","TA","ATC","TA_ATC","CATCA","TA_CATCA","+",0.079136690647482,"M",0.15,-0.407297,1,1,0,-0.0308060467811746,0.976019184652278,1,0.976019184652278,0.976019184652278,0.619843270283192,1.44748609478633,"clonal"]
["G13401","CACNA1S","missense","chr1",201016338,"C","T","p.A1525T",0.0862,232,20,"unknown",0,"chr1:g.201016338C>T","predicted passenger",352,"FALSE","SNV","-","CACNA1S","ts","CT","GCG","CT_GCG","GGCGT","CT_GGCGT","+",0.0862068965517241,"M",0.15,-1.18683,0,0,0,-0.601450623509725,0.977011494252874,1,0.977011494252874,0.977011494252874,0.605803316852694,1.47332727797259,"clonal"]
["G13401","IBA57","missense","chr1",228362650,"C","A","p.T200N",0.1429,14,2,"unknown",0,"chr1:g.228362650C>A","predicted passenger",20,"FALSE","SNV","+","IBA57","nt","CA","ACC","CA_ACC","CACCC","CA_CACCC","+",0.142857142857143,"M",0.15,-0.382717,1,1,0,-0.514573172829758,1.76190476190476,2,0.880952380952381,0.880952380952381,0.109732845479681,2.64012982560981,"clonal"]
["G13401","MYCN","missense","chr2",16086002,"G","A","p.R393H",0.1423,260,37,"unknown",1,"chr2:g.16086002G>A","predicted driver: tier 1",307,"TRUE","SNV","+","MYCN","ts","CT","GCG","CT_GCG","GGCGC","CT_GGCGC","-",0.142307692307692,"M",0.15,-0.272157,1,1,0,-0.239727032341725,1.75512820512821,2,0.877564102564103,0.877564102564103,0.630342244673281,1.17646960606789,"clonal"]
["G13401","CNNM3","missense","chr2",97482547,"G","A","p.R178H",0.1429,14,2,"unknown",0,"chr2:g.97482547G>A","predicted passenger",18,"FALSE","SNV","+","CNNM3","ts","CT","ACG","CT_ACG","CACGC","CT_CACGC","-",0.142857142857143,"M",0.15,-0.0677663,2,2,0,-0.362570079384708,1.9047619047619,2,0.952380952380952,0.952380952380952,0.118630103221277,2.85419440606466,"clonal"]
["G13401","SLC11A1","missense","chr2",219257720,"G","T","p.R394L",0.1757,74,13,"unknown",0,"chr2:g.219257720G>T","predicted passenger",109,"FALSE","SNV","+","SLC11A1","ts","CA","CCG","CA_CCG","ACCGC","CA_ACCGC","-",0.175675675675676,"M",0.15,-0.0677663,2,2,0,-0.558730959147977,2.34234234234234,2,1.17117117117117,1,0.646618463010593,1.8777113405176,"clonal"]
["G13401","DGKD","missense","chr2",234345007,"G","A","p.A247T",0.11,100,11,"unknown",0,"chr2:g.234345007G>A","predicted passenger",174,"FALSE","SNV","+","DGKD","ts","CT","GCG","CT_GCG","GGCGC","CT_GGCGC","-",0.11,"M",0.15,-0.0677663,2,2,0,-0.799087306074004,1.46666666666667,1,1.46666666666667,1,0.749426937139833,2.51068176261924,"clonal"]
["G13401","SENP7","missense","chr3",101136558,"C","G","p.D121H",0.0943,212,20,"unknown",0,"chr3:g.101136558C>G","predicted passenger",269,"FALSE","SNV","-","SENP7","ts","CG","TCG","CG_TCG","ATCGT","CG_ATCGT","+",0.0943396226415094,"M",0.15,0.605583,3,3,0,-0.343541907993425,1.35220125786164,1,1.35220125786164,1,0.839664493482411,2.03443617020324,"clonal"]
["G13401","JAKMIP1","missense","chr4",6037706,"C","A","p.Q768H",0.0847,118,10,"unknown",0,"chr4:g.6037706C>A","predicted passenger",241,"FALSE","SNV","-","JAKMIP1","ts","CA","TCT","CA_TCT","ATCTG","CA_ATCTG","+",0.0847457627118644,"M",0.15,-0.240384,2,2,0,-1.03024628686812,1.12994350282486,1,1.12994350282486,1,0.55184882718214,2.00441049676493,"clonal"]
["G13401","DRD5","missense","chr4",9784686,"G","A","p.V345I",0.116,181,21,"unknown",0,"chr4:g.9784686G>A","predicted passenger",267,"FALSE","SNV","NA","NA","NA","CT","ACG","CT_ACG","GACGA","CT_GACGA","-",0.116022099447514,"M",0.15,-0.908852,1,1,0,-0.560850044604349,1.43093922651934,1,1.43093922651934,1,0.90369111110103,2.11975127215599,"clonal"]
["G13401","KCTD8","nonsense","chr4",44177235,"C","A","p.E332*",0.1111,18,2,"unknown",0,"chr4:g.44177235C>A","predicted passenger",26,"FALSE","SNV","-","KCTD8","ts","CA","TCT","CA_TCT","TTCTT","CA_TTCTT","+",0.111111111111111,"M",0.15,-0.28207,1,1,0,-0.53051471669878,1.37037037037037,1,1.37037037037037,1,0.169598326527162,4.28115207617362,"clonal"]
["G13401","TMEM165","missense","chr4",56283243,"G","T","p.L146F",0.1923,26,5,"unknown",0,"chr4:g.56283243G>T","predicted passenger",23,"FALSE","SNV","+","TMEM165","ts","CA","ACA","CA_ACA","AACAA","CA_AACAA","-",0.192307692307692,"M",0.15,-0.330225,1,1,0,0.176877762084079,2.37179487179487,2,1.18589743589744,1,0.404213337210159,2.42661742229248,"clonal"]
["G13401","IBSP","nonsense","chr4",88733050,"C","A","p.Y314*",0.1429,14,2,"unknown",0,"chr4:g.88733050C>A","predicted passenger",23,"FALSE","SNV","+","IBSP","nt","CA","ACC","CA_ACC","TACCA","CA_TACCA","+",0.142857142857143,"M",0.15,-0.490036,1,1,0,-0.716207033999409,1.76190476190476,2,0.880952380952381,0.880952380952381,0.109732845479681,2.64012982560981,"clonal"]
["G13401","AGA","missense","chr4",178358607,"T","C","p.I192V",0.032,281,9,"unknown",0,"chr4:g.178358607T>C","predicted passenger",296,"FALSE","SNV","-","AGA","ts","TC","ATA","TC_ATA","AATAT","TC_AATAT","+",0.0320284697508897,"M",0.15,-0.527699,1,1,0,-0.0750270454080237,0.395017793594306,0,0.395017793594306,0.395017793594306,0.181892252492826,0.739103039366108,"subclonal"]
["G13401","PLCXD3","missense","chr5",41382112,"G","T","p.Q210K",0.033,182,6,"unknown",0,"chr5:g.41382112G>T","predicted passenger",184,"FALSE","SNV","-","PLCXD3","nt","CA","GCA","CA_GCA","GGCAG","CA_GGCAG","-",0.032967032967033,"M",0.15,0.612095,3,3,0,-0.0157673158583167,0.472527472527473,0,0.472527472527473,0.472527472527473,0.174760752767714,1.00865432531648,"clonal"]
["G13401","PDE4D","missense","chr5",58286665,"C","T","p.R418Q",0.1,160,16,"unknown",0,"chr5:g.58286665C>T","predicted passenger",154,"FALSE","SNV","-","PDE4D","ts","CT","CCG","CT_CCG","GCCGG","CT_GCCGG","+",0.1,"M",0.15,0.575532,3,3,0,0.0551415541924608,1.43333333333333,1,1.43333333333333,1,0.834869189557604,2.25480154657635,"clonal"]
["G13401","SLCO4C1","missense","chr5",101576439,"A","G","p.M620T",0.1154,130,15,"unknown",0,"chr5:g.101576439A>G","predicted passenger",158,"FALSE","SNV","-","SLCO4C1","nt","TC","ATG","TC_ATG","TATGG","TC_TATGG","-",0.115384615384615,"M",0.15,-0.188983,2,2,0,-0.281412935148648,1.53846153846154,2,0.769230769230769,0.769230769230769,0.440253105209864,1.2210723952351,"clonal"]
["G13401","FBN2","missense","chr5",127713530,"G","C","p.N588K",0.1809,282,51,"unknown",0,"chr5:g.127713530G>C","predicted passenger",335,"FALSE","SNV","-","FBN2","nt","CG","ACG","CG_ACG","AACGG","CG_AACGG","-",0.180851063829787,"M",0.15,-0.188983,2,2,0,-0.248465932946341,2.4113475177305,2,1.20567375886525,1,0.918136752235866,1.53887994995622,"clonal"]
["G13401","KIAA1024L","missense","chr5",129100750,"C","A","p.F189L",0.1538,13,2,"unknown",0,"chr5:g.129100750C>A","predicted passenger",20,"FALSE","SNV","NA","NA","NA","CA","TCA","CA_TCA","TTCAC","CA_TTCAC","+",0.153846153846154,"M",0.15,-0.188983,2,2,0,-0.62148837674627,2.05128205128205,2,1.02564102564103,1,0.128044479883523,3.02980703784372,"clonal"]
["G13401","P4HA2","missense","chr5",131530685,"G","A","p.R491W",0.0505,99,5,"unknown",0,"chr5:g.131530685G>A","predicted passenger",151,"FALSE","SNV","-","P4HA2","nt","CT","GCG","CT_GCG","TGCGG","CT_TGCGG","-",0.0505050505050505,"M",0.15,-0.188983,2,2,0,-0.609048119245469,0.673400673400673,1,0.673400673400673,0.673400673400673,0.22133215106458,1.51914423721986,"clonal"]
["G13401","SHROOM1","missense","chr5",132158786,"C","T","p.R754Q",0.1163,43,5,"unknown",0,"chr5:g.132158786C>T","predicted passenger",49,"FALSE","SNV","-","SHROOM1","ts","CT","CCG","CT_CCG","GCCGC","CT_GCCGC","+",0.116279069767442,"M",0.15,1.02301,5,5,0,-0.18844508941311,1.89922480620155,2,0.949612403100775,0.949612403100775,0.317293904020837,2.0484648069895,"clonal"]
["G13401","TEAD3","missense","chr6",35443216,"C","T","p.R364H",0.0811,74,6,"unknown",0,"chr6:g.35443216C>T","predicted passenger",107,"FALSE","SNV","-","TEAD3","ts","CT","GCG","CT_GCG","AGCGG","CT_AGCGG","+",0.0810810810810811,"M",0.15,0.0620826,2,2,0,-0.532013620772197,1.08108108108108,1,1.08108108108108,1,0.404500961701294,2.24228315878982,"clonal"]
["G13401","PHF3","missense","chr6",64394096,"C","A","p.T158K",0.0652,92,6,"unknown",0,"chr6:g.64394096C>A","predicted passenger",134,"FALSE","SNV","+","PHF3","nt","CA","ACA","CA_ACA","CACAA","CA_CACAA","+",0.0652173913043478,"M",0.15,-0.133985,2,2,0,-0.54252723440076,0.869565217391304,1,0.869565217391304,0.869565217391304,0.32410334933485,1.82082794453508,"clonal"]
["G13401","LAMA2","missense","chr6",129204442,"G","A","p.G18R",0.1089,202,22,"unknown",0,"chr6:g.129204442G>A","predicted passenger",253,"FALSE","SNV","+","LAMA2","ts","CT","CCG","CT_CCG","CCCGA","CT_CCCGA","-",0.108910891089109,"M",0.15,-0.152543,2,2,0,-0.324782091942515,1.45214521452145,1,1.45214521452145,1,0.926993604650473,2.13654914257541,"clonal"]
["G13401","ARID1B","missense","chr6",157488179,"G","A","p.G962D",0.1129,62,7,"unknown",1,"chr6:g.157488179G>A","predicted driver: tier 1",98,"TRUE","SNV","+","ARID1B","ts","CT","GCC","CT_GCC","TGCCT","CT_TGCCT","-",0.112903225806452,"M",0.15,-0.198742,2,2,0,-0.660513533728333,1.50537634408602,2,0.752688172043011,0.752688172043011,0.310777495818777,1.45924524347239,"clonal"]
["G13401","ZNF716","missense","chr7",57529280,"G","T","p.K371N",0.087,138,12,"unknown",0,"chr7:g.57529280G>T","predicted passenger",186,"FALSE","SNV","+","ZNF716","ts","CA","TCT","CA_TCT","CTCTT","CA_CTCTT","-",0.0869565217391304,"M",0.15,0.865061,4,4,0,-0.430634354329862,1.33333333333333,1,1.33333333333333,1,0.701363719629167,2.25352570094443,"clonal"]
["G13401","RELN","missense","chr7",103126755,"A","G","p.I3291T",0.1518,336,51,"unknown",0,"chr7:g.103126755A>G","predicted passenger",361,"FALSE","SNV","NA","NA","NA","TC","ATA","TC_ATA","CATAG","TC_CATAG","-",0.151785714285714,"M",0.15,-0.0459919,2,2,0,-0.103537604108411,2.02380952380952,2,1.01190476190476,1,0.76766395262987,1.29796623728346,"clonal"]
["G13401","PURG","nonsense","chr8",30889548,"G","A","p.R251*",0.0511,176,9,"unknown",0,"chr8:g.30889548G>A","predicted passenger",161,"FALSE","SNV","-","PURG","nt","CT","ACG","CT_ACG","AACGA","CT_AACGA","-",0.0511363636363636,"M",0.15,0.23636,3,3,0,0.12851474052268,0.732954545454545,1,0.732954545454545,0.732954545454545,0.338930770652054,1.35952878657738,"clonal"]
["G13401","ANK1","missense","chr8",41530065,"T","C","p.I1676V",0.0352,199,7,"unknown",1,"chr8:g.41530065T>C","predicted passenger",241,"FALSE","SNV","-","ANK1","ts","TC","ATA","TC_ATA","GATAA","TC_GATAA","+",0.0351758793969849,"M",0.15,0.23636,3,3,0,-0.276264715686313,0.504187604690117,1,0.504187604690117,0.504187604690117,0.204355962281898,1.01952973847944,"clonal"]
["G13401","ANXA1","missense","chr9",75773681,"C","T","p.S46L",0.0269,186,5,"unknown",0,"chr9:g.75773681C>T","predicted passenger",290,"FALSE","SNV","+","ANXA1","nt","CT","TCG","CT_TCG","CTCGG","CT_CTCGG","+",0.0268817204301075,"M",0.15,-0.103054,2,2,0,-0.640750278906903,0.3584229390681,0,0.3584229390681,0.3584229390681,0.117130837353202,0.821533585770012,"subclonal"]
["G13401","CEL","missense","chr9",135946591,"G","A","p.A571T",0.3048,105,32,"unknown",0,"chr9:g.135946591G>A","predicted passenger",146,"FALSE","SNV","+","CEL","ts","CT","GCC","CT_GCC","GGCCT","CT_GGCCT","-",0.304761904761905,"M",0.15,0.273361,3,3,0,-0.475579041213895,4.36825396825397,4,1.09206349206349,1,0.783573166296452,1.44122278304205,"clonal"]
["G13401","CEL","missense","chr9",135946594,"A","G","p.T572A",0.25,96,24,"unknown",0,"chr9:g.135946594A>G","predicted passenger",136,"FALSE","SNV","+","CEL","ts","TC","GTG","TC_GTG","AGTGG","TC_AGTGG","-",0.25,"M",0.15,0.273361,3,3,0,-0.502500340529183,3.58333333333333,4,0.895833333333333,0.895833333333333,0.599175129185648,1.24976422374154,"clonal"]
["G13401","RNF208","missense","chr9",140115305,"C","A","p.Q120H",0.1,20,2,"unknown",0,"chr9:g.140115305C>A","predicted passenger",25,"FALSE","SNV","-","RNF208","ts","CA","ACT","CA_ACT","TACTG","CA_TACTG","+",0.1,"M",0.15,0.273361,3,3,0,-0.321928094887362,1.43333333333333,1,1.43333333333333,1,0.176995556107559,4.54341890094018,"clonal"]
["G13401","CDC123","missense","chr10",12252300,"T","G","p.D72E",0.1026,117,12,"unknown",0,"chr10:g.12252300T>G","predicted passenger",142,"FALSE","SNV","+","CDC123","nt","TG","ATG","TG_ATG","GATGA","TG_GATGA","+",0.102564102564103,"M",0.15,0.546814,3,3,0,-0.279382399921278,1.47008547008547,1,1.47008547008547,1,0.775860856338192,2.46971823354651,"clonal"]
["G13401","CCDC3","missense","chr10",12940423,"C","T","p.R269Q",0.1154,52,6,"unknown",0,"chr10:g.12940423C>T","predicted passenger",59,"FALSE","SNV","-","CCDC3","ts","CT","CCG","CT_CCG","CCCGC","CT_CCCGC","+",0.115384615384615,"M",0.15,0.546814,3,3,0,-0.182203331220749,1.65384615384615,2,0.826923076923077,0.826923076923077,0.312045295252257,1.67992631128659,"clonal"]
["G13401","SEMA4G","missense","chr10",102739994,"G","T","p.R415L",0.0592,169,10,"unknown",0,"chr10:g.102739994G>T","predicted passenger",244,"FALSE","SNV","NA","NA","NA","CA","ACG","CA_ACG","CACGT","CA_CACGT","-",0.0591715976331361,"M",0.15,0.108161,2,2,0,-0.529857901280702,0.788954635108481,1,0.788954635108481,0.788954635108481,0.383155987901719,1.41499782133905,"clonal"]
["G13401","EDRF1","nonsense","chr10",127442314,"C","T","p.R1149*",0.0595,269,16,"unknown",0,"chr10:g.127442314C>T","predicted passenger",276,"FALSE","SNV","+","EDRF1","nt","CT","TCG","CT_TCG","ATCGA","CT_ATCGA","+",0.0594795539033457,"M",0.15,-0.247432,2,2,0,-0.0370620942215449,0.793060718711276,1,0.793060718711276,0.793060718711276,0.458351667329089,1.26394244967508,"clonal"]
["G13401","ZP1","missense","chr11",60638562,"C","T","p.T320M",0.0678,59,4,"unknown",0,"chr11:g.60638562C>T","predicted passenger",107,"FALSE","SNV","+","ZP1","nt","CT","ACG","CT_ACG","CACGG","CT_CACGG","+",0.0677966101694915,"M",0.15,-0.316794,1,1,0,-0.858823937039306,0.836158192090395,1,0.836158192090395,0.836158192090395,0.231619549739437,2.02988379633515,"clonal"]
["G13401","CASP1","nonsense","chr11",104901170,"C","A","p.E172*",0.0629,143,9,"unknown",0,"chr11:g.104901170C>A","predicted driver: tier 1",196,"TRUE","SNV","-","CASP1","ts","CA","TCT","CA_TCT","TTCTT","CA_TTCTT","+",0.0629370629370629,"M",0.15,0.121516,2,2,0,-0.454838507336819,0.839160839160839,1,0.839160839160839,0.839160839160839,0.389066800794672,1.54814642362712,"clonal"]
["G13401","SORL1","nonsense","chr11",121437677,"C","A","p.C1026*",0.0556,72,4,"unknown",0,"chr11:g.121437677C>A","predicted passenger",104,"FALSE","SNV","+","SORL1","nt","CA","GCA","CA_GCA","TGCAG","CA_TGCAG","+",0.0555555555555556,"M",0.15,-0.386237,1,1,0,-0.53051471669878,0.685185185185185,1,0.685185185185185,0.685185185185185,0.189224624370611,1.6795366748594,"clonal"]
["G13401","MFAP5","missense","chr12",8807054,"C","A","p.A66S",0.1163,129,15,"unknown",0,"chr12:g.8807054C>A","predicted passenger",165,"FALSE","SNV","-","MFAP5","ts","CA","GCA","CA_GCA","TGCAA","CA_TGCAA","+",0.116279069767442,"M",0.15,0.0698907,2,2,0,-0.355094958822562,1.55038759689922,2,0.775193798449612,0.775193798449612,0.44374554924265,1.2301644596625,"clonal"]
["G13401","ERBB3","missense","chr12",56490935,"C","G","p.S794C",0.0298,235,7,"unknown",1,"chr12:g.56490935C>G","predicted passenger",293,"TRUE","SNV","+","ERBB3","nt","CG","TCT","CG_TCT","TTCTC","CG_TTCTC","+",0.0297872340425532,"M",0.15,0.140931,2,2,0,-0.318239907857248,0.397163120567376,0,0.397163120567376,0.397163120567376,0.160775931063133,0.80543218693901,"subclonal"]
["G13401","NUP107","missense","chr12",69096517,"G","A","p.D228N",0.0844,225,19,"unknown",0,"chr12:g.69096517G>A","predicted driver: tier 1",172,"TRUE","SNV","+","NUP107","ts","CT","TCT","CT_TCT","GTCTC","CT_GTCTC","-",0.0844444444444444,"M",0.15,0.264697,3,3,0,0.387516436514939,1.21037037037037,1,1.21037037037037,1,0.739699451135592,1.84512396465531,"clonal"]
["G13401","SBNO1","missense","chr12",123806166,"A","G","p.Y747H",0.0674,267,18,"unknown",0,"chr12:g.123806166A>G","predicted passenger",212,"FALSE","SNV","-","SBNO1","nt","TC","CTA","TC_CTA","ACTAT","TC_ACTAT","-",0.0674157303370786,"M",0.15,0.826745,4,4,0,0.332775477124355,1.03370786516854,1,1.03370786516854,1,0.620097406860697,1.60164435753358,"clonal"]
["G13401","FREM2","missense","chr13",39424182,"G","T","p.K2129N",0.0583,206,12,"unknown",0,"chr13:g.39424182G>T","predicted passenger",253,"FALSE","SNV","+","FREM2","ts","CA","TCT","CA_TCT","ATCTT","CA_ATCTT","-",0.058252427184466,"M",0.15,0.223594,3,3,0,-0.296493047511092,0.83495145631068,1,0.83495145631068,0.83495145631068,0.436576485902716,1.42679454797431,"clonal"]
["G13401","SPTB","nonsense","chr14",65266594,"G","T","p.S312*",0.0808,198,16,"unknown",0,"chr14:g.65266594G>T","predicted passenger",264,"FALSE","SNV","-","SPTB","nt","CA","TCG","CA_TCG","CTCGG","CA_CTCGG","-",0.0808080808080808,"M",0.15,1.21799E-3,2,2,0,-0.415037499278844,1.07744107744108,1,1.07744107744108,1,0.625250012150031,1.70548059148344,"clonal"]
["G13401","RYR3","missense","chr15",34021102,"G","T","p.D2360Y",0.0685,73,5,"unknown",0,"chr15:g.34021102G>T","predicted passenger",73,"FALSE","SNV","+","RYR3","ts","CA","TCA","CA_TCA","GTCAG","CA_GTCAG","-",0.0684931506849315,"M",0.15,-0.362717,1,1,0,0,0.844748858447488,1,0.844748858447488,0.844748858447488,0.278883744536943,1.88264650325497,"clonal"]
["G13401","UNC13C","missense","chr15",54307445,"G","T","p.R782L",0.0733,191,14,"unknown",0,"chr15:g.54307445G>T","predicted passenger",275,"FALSE","SNV","+","UNC13C","ts","CA","TCG","CA_TCG","ATCGA","CA_ATCGA","-",0.0732984293193717,"M",0.15,-0.0294367,2,2,0,-0.525858980376273,0.977312390924956,1,0.977312390924956,0.977312390924956,0.542004791835447,1.59899760152187,"clonal"]
["G13401","AGBL1","missense","chr15",86702241,"C","A","p.R112S",0.1811,127,23,"unknown",0,"chr15:g.86702241C>A","predicted passenger",146,"FALSE","SNV","+","AGBL1","nt","CA","GCG","CA_GCG","AGCGC","CA_AGCGC","+",0.181102362204724,"M",0.15,-0.443449,1,1,0,-0.201139872107851,2.23359580052493,2,1.11679790026247,1,0.730160742680979,1.59867982867297,"clonal"]
["G13401","VWA3A","missense","chr16",22162025,"A","C","p.S1047R",0.1299,77,10,"unknown",0,"chr16:g.22162025A>C","predicted passenger",53,"FALSE","SNV","+","VWA3A","ts","TG","CTG","TG_CTG","ACTGA","TG_ACTGA","-",0.12987012987013,"M",0.15,-0.150173,2,2,0,0.538866086131702,1.73160173160173,2,0.865800865800866,0.865800865800866,0.427154556372996,1.5059680147905,"clonal"]
["G13401","KIF1C","nonsense","chr17",4925397,"C","A","p.S674*",0.1053,19,2,"unknown",0,"chr17:g.4925397C>A","predicted passenger",21,"FALSE","SNV","+","KIF1C","nt","CA","TCG","CA_TCG","CTCGG","CA_CTCGG","+",0.105263157894737,"M",0.15,-0.0510574,2,2,0,-0.144389909335175,1.40350877192982,1,1.40350877192982,1,0.173495524957033,4.41835552609021,"clonal"]
["G13401","DERL2","missense","chr17",5383896,"C","A","p.G112C",0.125,24,3,"unknown",0,"chr17:g.5383896C>A","predicted passenger",22,"FALSE","SNV","-","DERL2","ts","CA","CCA","CA_CCA","ACCAA","CA_ACCAA","+",0.125,"M",0.15,-0.0510574,2,2,0,0.125530882083859,1.66666666666667,2,0.833333333333333,0.833333333333333,0.177062099908326,2.15740905459222,"clonal"]
["G13401","TAOK1","missense","chr17",27825346,"A","T","p.H337L",0.0849,106,9,"unknown",0,"chr17:g.27825346A>T","predicted passenger",99,"FALSE","SNV","+","TAOK1","ts","TA","ATG","TA_ATG","CATGA","TA_CATGA","-",0.0849056603773585,"M",0.15,0.352502,3,3,0,0.0985638344835896,1.21698113207547,1,1.21698113207547,1,0.567044445912834,2.22259795395611,"clonal"]
["G13401","STAT5B","missense","chr17",40376843,"C","T","p.R110H",0.1397,136,19,"unknown",1,"chr17:g.40376843C>T","predicted driver: tier 1",188,"TRUE","SNV","-","STAT5B","ts","CT","GCG","CT_GCG","GGCGG","CT_GGCGG","+",0.139705882352941,"M",0.15,0.702919,4,4,0,-0.467126010427298,2.1421568627451,2,1.07107843137255,1,0.661295851600687,1.60648820898644,"clonal"]
["G13401","RNF43","nonsense","chr17",56434940,"G","A","p.Q733*",0.1753,97,17,"unknown",1,"chr17:g.56434940G>A","predicted driver: tier 1",168,"TRUE","SNV","NA","NA","NA","CT","CCA","CT_CCA","GCCAG","CT_GCCAG","-",0.175257731958763,"M",0.15,-0.701433,1,1,0,-0.792404580591633,2.16151202749141,2,1.0807560137457,1,0.650821637227832,1.6385394071468,"clonal"]
["G13401","SMAD4","missense","chr18",48593492,"G","C","p.D415H",0.0677,192,13,"unknown",1,"chr18:g.48593492G>C","predicted driver: tier 1",228,"TRUE","SNV","+","SMAD4","ts","CG","TCT","CG_TCT","GTCTA","CG_GTCTA","-",0.0677083333333333,"M",0.15,-0.688908,1,1,0,-0.247927513443586,0.835069444444444,1,0.835069444444444,0.835069444444444,0.450680799906251,1.39367120276053,"clonal"]
["G13401","CHERP","missense","chr19",16630065,"C","T","p.V886M",0.0636,110,7,"unknown",0,"chr19:g.16630065C>T","predicted passenger",110,"FALSE","SNV","NA","NA","NA","CT","ACG","CT_ACG","CACGC","CT_CACGC","+",0.0636363636363636,"M",0.15,0.685961,3,3,0,0,0.912121212121212,1,0.912121212121212,0.912121212121212,0.372173805735274,1.81640494719012,"clonal"]
["G13401","B3GNT3","missense","chr19",17918780,"G","C","p.R55P",0.1786,56,10,"unknown",0,"chr19:g.17918780G>C","predicted passenger",75,"FALSE","SNV","+","B3GNT3","ts","CG","GCG","CG_GCG","GGCGG","CG_GGCGG","-",0.178571428571429,"M",0.15,0.685961,3,3,0,-0.421463768438277,2.55952380952381,3,0.853174603174603,0.853174603174603,0.425704554244557,1.45230878872405,"clonal"]
["G13401","SLC8A2","missense","chr19",47951289,"C","T","p.V514I",0.0714,140,10,"unknown",0,"chr19:g.47951289C>T","predicted passenger",139,"FALSE","SNV","-","SLC8A2","ts","CT","ACG","CT_ACG","GACGG","CT_GACGG","+",0.0714285714285714,"M",0.15,0.584749,3,3,0,0.010341944221459,1.02380952380952,1,1.02380952380952,1,0.498548234436446,1.82658692459138,"clonal"]
["G13401","BICRA","missense","chr19",48197721,"A","C","p.H878P",0.1124,89,10,"unknown",0,"chr19:g.48197721A>C","predicted passenger",109,"FALSE","SNV","NA","NA","NA","TG","GTG","TG_GTG","GGTGG","TG_GGTGG","-",0.112359550561798,"M",0.15,0.584749,3,3,0,-0.292450893810529,1.61048689138577,2,0.805243445692884,0.805243445692884,0.395703608498365,1.4114091663302,"clonal"]
["G13401","NOP53","missense","chr19",48248932,"G","C","p.R39P",0.0403,124,5,"unknown",0,"chr19:g.48248932G>C","predicted passenger",108,"FALSE","SNV","+","GLTSCR2","ts","CG","TCG","CG_TCG","CTCGC","CG_CTCGC","-",0.0403225806451613,"M",0.15,0.584749,3,3,0,0.199308808223407,0.577956989247312,1,0.577956989247312,0.577956989247312,0.189490055562327,1.31280961034707,"clonal"]
["G13401","KLK8","missense","chr19",51503500,"C","A","p.R127L",0.1111,18,2,"unknown",0,"chr19:g.51503500C>A","predicted passenger",34,"FALSE","SNV","NA","NA","NA","CA","GCG","CA_GCG","GGCGT","CA_GGCGT","+",0.111111111111111,"M",0.15,0.584749,3,3,0,-0.917537839808027,1.59259259259259,2,0.796296296296296,0.796296296296296,0.0985503789279455,2.48769647669548,"clonal"]
["G13401","SOX18","missense","chr20",62680249,"C","T","p.R142H",0.0605,347,21,"unknown",0,"chr20:g.62680249C>T","predicted passenger",288,"FALSE","SNV","-","SOX18","ts","CT","GCG","CT_GCG","CGCGC","CT_CGCGC","+",0.0605187319884726,"M",0.15,0.422963,3,3,0,0.268866851135949,0.867435158501441,1,0.867435158501441,0.867435158501441,0.542498438362507,1.30467721647643,"clonal"]
["G13401","ARVCF","missense","chr22",19967764,"C","A","p.A300S",0.1176,17,2,"unknown",0,"chr22:g.19967764C>A","predicted passenger",23,"FALSE","SNV","-","ARVCF","ts","CA","GCC","CA_GCC","GGCCC","CA_GGCCC","+",0.117647058823529,"M",0.15,-0.300702,1,1,0,-0.436099114806674,1.45098039215686,1,1.45098039215686,1,0.179811574363731,4.49437966591542,"clonal"]
["G13401","PLXNB2","missense","chr22",50722617,"A","G","p.L736P",0.1416,113,16,"unknown",1,"chr22:g.50722617A>G","predicted driver: tier 1",164,"TRUE","SNV","-","PLXNB2","nt","TC","CTG","TC_CTG","GCTGC","TC_GCTGC","-",0.141592920353982,"M",0.15,-1.22688,0,0,0,-0.537373042202896,1.6047197640118,2,0.8023598820059,0.8023598820059,0.471195386176729,1.24514966594189,"clonal"]
["G13401","PPP2R3B","missense","chrX",308034,"C","T","p.V218I",0.036,139,5,"unknown",0,"chrX:g.308034C>T","predicted passenger",169,"FALSE","SNV","-","PPP2R3B","ts","CT","ACG","CT_ACG","GACGA","CT_GACGA","+",0.0359712230215827,"M",0.15,-0.151517,2,2,0,-0.281938363558677,0.275779376498801,0,0.275779376498801,0.275779376498801,0.157081608324305,1.09262641533451,"clonal"]
["G13401","MXRA5","missense","chrX",3229361,"C","T","p.G2295S",0.1322,121,16,"unknown",0,"chrX:g.3229361C>T","predicted passenger",129,"FALSE","SNV","-","MXRA5","ts","CT","CCG","CT_CCG","ACCGC","CT_ACCGC","+",0.132231404958678,"M",0.15,-0.151517,2,2,0,-0.0923640181486596,1.0137741046832,1,1.0137741046832,1,1.03346385939813,2.74450965706361,"clonal"]
["G13401","FAM47B","missense","chrX",34962010,"G","T","p.E354D",0.0645,124,8,"unknown",0,"chrX:g.34962010G>T","predicted passenger",141,"FALSE","SNV","+","FAM47B","ts","CA","TCT","CA_TCT","TTCTC","CA_TTCTC","-",0.0645161290322581,"M",0.15,0.0924821,2,2,0,-0.185355042011918,0.494623655913978,0,0.494623655913978,0.494623655913978,0.376834741152895,1.64222196495523,"clonal"]
["G13401","GPR50","nonsense","chrX",150349130,"G","T","p.E359*",0.1915,94,18,"unknown",0,"chrX:g.150349130G>T","predicted passenger",121,"FALSE","SNV","+","GPR50","ts","CA","TCC","CA_TCC","CTCCA","CA_CTCCA","-",0.191489361702128,"M",0.15,0.190103,2,2,0,-0.364274385596957,1.46808510638298,1,1.46808510638298,1,1.56825986887198,3.80861773641869,"clonal"]
["G13401","ATP2B3","missense","chrX",152818661,"G","T","p.E664D",0.1667,72,12,"unknown",1,"chrX:g.152818661G>T","predicted passenger",78,"FALSE","SNV","+","ATP2B3","ts","CA","TCT","CA_TCT","TTCTC","CA_TTCTC","-",0.166666666666667,"M",0.15,-0.293101,1,1,0,-0.115477217419936,1.11111111111111,1,1.11111111111111,1,1.10008900743355,3.36748443991381,"clonal"]
["G13401","UBXN11","missense","chr1",26608885,"C","A","p.G490C",0.0385,52,2,"unknown",0,"chr1:g.26608885C>A","predicted passenger",74,"FALSE","SNV","-","UBXN11","ts","CA","CCG","CA_CCG","ACCGG","CA_ACCGG","+",0.0384615384615385,"M",0.15,-0.00643691,2,2,0,-0.509013647487857,0.512820512820513,1,0.512820512820513,0.512820512820513,0.0625638534569449,1.76171209702404,"clonal"]
["G13401","KCND3","missense","chr1",112524659,"G","T","p.D230E",0.132352941176471,154,18,"unknown",0,"chr1:g.112524659G>T","predicted passenger",234,"FALSE","SNV","-","KCND3","nt","CA","ACA","CA_ACA","GACAC","CA_GACAC","-",0.116883116883117,"M",0.15,-0.48606,1,1,0,-0.603578178888503,1.44155844155844,1,1.44155844155844,1,0.872751000917326,2.20056946481068,"clonal"]
["G13401","DAP3","missense","chr1",155679573,"G","C",".",0.021505376344086,95,2,"unknown",0,"chr1:g.155679573G>C","predicted passenger",86,"FALSE","SNV","NA","NA","NA","CG","TCA","CG_TCA","ATCAT","CG_ATCAT","-",0.0210526315789474,"M",0.15,0.526683,3,3,0,0.14359085362885,0.301754385964912,0,0.301754385964912,0.301754385964912,0.0366907244668841,1.06047384647986,"clonal"]
["G13401","SPTA1","nonsense","chr1",158614995,"G","A","p.Q1393*",0.0336,268,9,"unknown",1,"chr1:g.158614995G>A","predicted passenger",308,"TRUE","SNV","-","SPTA1","nt","CT","CCA","CT_CCA","ACCAG","CT_ACCAG","-",0.0335820895522388,"M",0.15,-0.407297,1,1,0,-0.200697350237129,0.414179104477612,0,0.414179104477612,0.414179104477612,0.190780613279168,0.774408829982494,"subclonal"]
["G13401","FMO4","missense","chr1",171292278,"T","C","p.Y90H",0.111650485436893,229,23,"unknown",0,"chr1:g.171292278T>C","predicted passenger",242,"FALSE","SNV","+","FMO4","nt","TC","CTA","TC_CTA","ACTAT","TC_ACTAT","+",0.100436681222707,"M",0.15,-0.0296533,2,2,0,-0.0796594491776506,1.3391557496361,1,1.3391557496361,1,0.863199803899065,1.95850505723299,"clonal"]
["G13401","MYT1L","missense","chr2",1946829,"C","T","p.E144K",0.0308,65,2,"unknown",0,"chr2:g.1946829C>T","predicted passenger",122,"FALSE","SNV","-","MYT1L","ts","CT","TCG","CT_TCG","CTCGT","CT_CTCGT","+",0.0307692307692308,"M",0.15,-0.337291,1,1,0,-0.908369524534432,0.37948717948718,0,0.37948717948718,0.37948717948718,0.0462285673739922,1.31683395375092,"clonal"]
["G13401","TRIB2","missense","chr2",12880457,"G","A","p.R190Q",0.0702,57,4,"unknown",0,"chr2:g.12880457G>A","predicted passenger",73,"FALSE","SNV","+","TRIB2","ts","CT","CCG","CT_CCG","CCCGA","CT_CCCGA","-",0.0701754385964912,"M",0.15,-0.272157,1,1,0,-0.356934544715276,0.865497076023392,1,0.865497076023392,0.865497076023392,0.239888521901414,2.09715777948991,"clonal"]
["G13401","PFN4","missense","chr2",24338479,"C","G","p.D122H",0.0294,136,4,"unknown",0,"chr2:g.24338479C>G","predicted passenger",108,"FALSE","SNV","NA","NA","NA","CG","TCT","CG_TCT","GTCTC","CG_GTCTC","+",0.0294117647058824,"M",0.15,0.0446372,2,2,0,0.332575339086871,0.392156862745098,0,0.392156862745098,0.392156862745098,0.107609133430034,0.981235983142749,"clonal"]
["G13401","C2orf16","missense","chr2",27804279,"C","T","p.H1614Y",0.0177,113,2,"unknown",0,"chr2:g.27804279C>T","predicted passenger",142,"FALSE","SNV","+","C2orf16","nt","CT","TCA","CT_TCA","ATCAC","CT_ATCAC","+",0.0176991150442478,"M",0.15,0.0446372,2,2,0,-0.329568157089494,0.23598820058997,0,0.23598820058997,0.23598820058997,0.0286757108798097,0.832988695268588,"subclonal"]
["G13401","TRMT61B","missense","chr2",29073223,"C","G","p.R454T",0.0133333333333333,229,3,"unknown",0,"chr2:g.29073223C>G","predicted passenger",203,"FALSE","SNV","NA","NA","NA","CG","TCT","CG_TCT","GTCTA","CG_GTCTA","+",0.0131004366812227,"M",0.15,0.0446372,2,2,0,0.173867870911768,0.174672489082969,0,0.174672489082969,0.174672489082969,0.03613088154716,0.50407435560328,"subclonal"]
["G13401","PNPT1","missense","chr2",55900077,"G","A","p.P273S",0.0187,107,2,"unknown",0,"chr2:g.55900077G>A","predicted passenger",88,"FALSE","SNV","-","PNPT1","nt","CT","ACC","CT_ACC","CACCT","CT_CACCT","-",0.0186915887850467,"M",0.15,0.689188,3,3,0,0.28203536776385,0.26791277258567,0,0.26791277258567,0.26791277258567,0.0325611533092833,0.944450523558202,"subclonal"]
["G13401","APLF","missense","chr2",68772404,"G","C","p.D416H",0.04,75,3,"unknown",0,"chr2:g.68772404G>C","predicted passenger",90,"FALSE","SNV","+","APLF","ts","CG","TCA","CG_TCA","ATCAG","CG_ATCAG","-",0.04,"M",0.15,0.0687405,2,2,0,-0.263034405833794,0.533333333333333,1,0.533333333333333,0.533333333333333,0.111015542214392,1.49969095680013,"clonal"]
["G13401","DNAH6","missense","chr2",84771598,"C","A","p.Q302K",0.0266666666666667,89,2,"unknown",0,"chr2:g.84771598C>A","predicted passenger",99,"FALSE","SNV","+","DNAH6","nt","CA","ACA","CA_ACA","TACAA","CA_TACAA","+",0.0224719101123595,"M",0.15,-0.0942597,2,2,0,-0.153623189113212,0.299625468164794,0,0.299625468164794,0.299625468164794,0.0364417784545415,1.05104165757768,"clonal"]
["G13401","ASB18","missense","chr2",237172946,"C","T","p.D15N",0.0282,142,4,"unknown",0,"chr2:g.237172946C>T","predicted passenger",168,"FALSE","SNV","NA","NA","NA","CT","TCT","CT_TCT","ATCTG","CT_ATCTG","+",0.028169014084507,"M",0.15,-0.0677663,2,2,0,-0.242570303274078,0.375586854460094,0,0.375586854460094,0.375586854460094,0.103031166701298,0.940692003373974,"subclonal"]
["G13401","XCR1","missense","chr3",46062784,"C","T","p.R219Q",0.0949,137,13,"unknown",0,"chr3:g.46062784C>T","predicted passenger",194,"FALSE","SNV","-","XCR1","ts","CT","CCG","CT_CCG","GCCGC","CT_GCCGC","+",0.0948905109489051,"M",0.15,-0.259222,1,1,0,-0.501880759226601,1.17031630170316,1,1.17031630170316,1,0.635144323315503,1.93385497819306,"clonal"]
["G13401","ASTE1","missense","chr3",130743542,"G","C","p.F203L",0.0714,42,3,"unknown",0,"chr3:g.130743542G>C","predicted passenger",63,"FALSE","SNV","-","ASTE1","nt","CG","TCT","CG_TCT","TTCTG","CG_TTCTG","-",0.0714285714285714,"M",0.15,-0.0631717,2,2,0,-0.584962500721156,0.952380952380952,1,0.952380952380952,0.952380952380952,0.199729222276133,2.59774930875322,"clonal"]
["G13401","CLRN1","missense","chr3",150659428,"C","A","p.G125V",0.0841,214,18,"unknown",0,"chr3:g.150659428C>A","predicted passenger",279,"FALSE","SNV","NA","NA","NA","CA","TCC","CA_TCC","TTCCA","CA_TTCCA","+",0.0841121495327103,"M",0.15,0.0322401,2,2,0,-0.382654325428041,1.1214953271028,1,1.1214953271028,1,0.674830025863742,1.72901331053397,"clonal"]
["G13401","MLF1","missense","chr3",158317946,"C","A","p.F215L",0.0263157894736842,78,2,"unknown",1,"chr3:g.158317946C>A","predicted passenger",48,"TRUE","SNV","+","MLF1","nt","CA","TCA","CA_TCA","TTCAT","CA_TTCAT","+",0.0256410256410256,"M",0.15,0.0322401,2,2,0,0.700439718141092,0.341880341880342,0,0.341880341880342,0.341880341880342,0.0416062997724537,1.1943110286177,"clonal"]
["G13401","SEL1L3","missense","chr4",25849330,"G","C","p.Q107E",0.00956937799043062,211,2,"unknown",0,"chr4:g.25849330G>C","predicted passenger",216,"FALSE","SNV","-","SEL1L3","nt","CG","TCA","CG_TCA","CTCAG","CG_CTCAG","-",0.00947867298578199,"M",0.15,-0.234035,2,2,0,-0.0337883134562834,0.126382306477093,0,0.126382306477093,0.126382306477093,0.0153330623583672,0.45091887437111,"subclonal"]
["G13401","MYO10","missense","chr5",16701686,"C","G","p.E940Q",0.0191,262,5,"unknown",0,"chr5:g.16701686C>G","predicted passenger",246,"FALSE","SNV","-","MYO10","ts","CG","TCC","CG_TCC","CTCCT","CG_CTCCT","+",0.0190839694656489,"M",0.15,0.613977,3,3,0,0.0909084961982103,0.2735368956743,0,0.2735368956743,0.2735368956743,0.0892227165764762,0.630254238406605,"subclonal"]
["G13401","LNPEP","missense","chr5",96328758,"C","T","p.H391Y",0.0214,140,3,"unknown",0,"chr5:g.96328758C>T","predicted passenger",166,"FALSE","SNV","+","LNPEP","nt","CT","TCA","CT_TCA","TTCAT","CT_TTCAT","+",0.0214285714285714,"M",0.15,-0.188983,2,2,0,-0.245756414401958,0.285714285714286,0,0.285714285714286,0.285714285714286,0.0592143516748647,0.817933469898491,"subclonal"]
["G13401","KDM3B","missense","chr5",137727525,"C","T","p.P735L",0.0991,111,11,"unknown",0,"chr5:g.137727525C>T","predicted passenger",143,"FALSE","SNV","+","KDM3B","nt","CT","CCC","CT_CCC","GCCCA","CT_GCCCA","+",0.0990990990990991,"M",0.15,0.40256,3,3,0,-0.365455470428283,1.42042042042042,1,1.42042042042042,1,0.724068699480944,2.44239544132258,"clonal"]
["G13401","TRIM7","missense","chr5",180631770,"C","T","p.G114E",0.0566,106,6,"unknown",0,"chr5:g.180631770C>T","predicted passenger",95,"FALSE","SNV","-","TRIM7","ts","CT","TCC","CT_TCC","CTCCC","CT_CTCCC","+",0.0566037735849057,"M",0.15,-0.047603,2,2,0,0.158064846232251,0.754716981132076,1,0.754716981132076,0.754716981132076,0.280711553749783,1.58850285149652,"clonal"]
["G13401","FAM200A","missense","chr7",99145586,"C","G","p.D149H",0.0149,202,3,"unknown",0,"chr7:g.99145586C>G","predicted passenger",193,"FALSE","SNV","-","FAM200A","ts","CG","TCA","CG_TCA","ATCAG","CG_ATCAG","+",0.0148514851485149,"M",0.15,1.31962,5,5,0,0.0657544454837142,0.242574257425743,0,0.242574257425743,0.242574257425743,0.0501967090071513,0.69884773504078,"subclonal"]
["G13401","ATXN7L1","missense","chr7",105279986,"C","G","p.G298A",0.0484,124,6,"unknown",0,"chr7:g.105279986C>G","predicted passenger",137,"FALSE","SNV","-","ATXN7L1","ts","CG","TCC","CG_TCC","CTCCA","CG_CTCCA","+",0.0483870967741935,"M",0.15,-0.0459919,2,2,0,-0.143835772573651,0.645161290322581,1,0.645161290322581,0.645161290322581,0.239488955462812,1.36458682046254,"clonal"]
["G13401","VPS13B","missense","chr8",100286549,"C","T","p.A880V",0.0455,242,11,"unknown",0,"chr8:g.100286549C>T","predicted passenger",330,"FALSE","SNV","+","VPS13B","nt","CT","GCC","CT_GCC","TGCCA","CT_TGCCA","+",0.0454545454545455,"M",0.15,0.15829,2,2,0,-0.447458976971221,0.606060606060606,1,0.606060606060606,0.606060606060606,0.305413872314491,1.06498404109617,"clonal"]
["G13401","RECK","missense","chr9",36120706,"C","A","p.D837E",0.0136986301369863,148,2,"unknown",0,"chr9:g.36120706C>A","predicted passenger",178,"FALSE","SNV","+","RECK","nt","CA","ACA","CA_ACA","GACAA","CA_GACAA","+",0.0135135135135135,"M",0.15,-0.356323,1,1,0,-0.266280065337448,0.166666666666667,0,0.166666666666667,0.166666666666667,0.0202360335881105,0.591523509765301,"subclonal"]
["G13401","DLG5","missense","chr10",79581180,"G","A","p.S1021F",0.0355,141,5,"unknown",0,"chr10:g.79581180G>A","predicted passenger",148,"FALSE","SNV","-","DLG5","nt","CT","TCC","CT_TCC","CTCCA","CT_CTCCA","-",0.0354609929078014,"M",0.15,-0.0497791,2,2,0,-0.0699020132301562,0.472813238770686,0,0.472813238770686,0.472813238770686,0.154834318197187,1.07749779930837,"clonal"]
["G13401","TRIM21","missense","chr11",4406576,"T","A","p.N456I",0.0787,89,7,"unknown",0,"chr11:g.4406576T>A","predicted passenger",118,"FALSE","SNV","-","TRIM21","ts","TA","GTT","TA_GTT","TGTTT","TA_TGTTT","+",0.0786516853932584,"M",0.15,-0.808768,1,1,0,-0.406909618395444,0.97003745318352,1,0.97003745318352,0.97003745318352,0.397220447420331,1.91609999585451,"clonal"]
["G13401","GUCY1A2","missense","chr11",106888628,"C","T","p.A52T",0.0833,24,2,"unknown",0,"chr11:g.106888628C>T","predicted passenger",33,"FALSE","SNV","-","GUCY1A2","ts","CT","GCG","CT_GCG","TGCGG","CT_TGCGG","+",0.0833333333333333,"M",0.15,0.121516,2,2,0,-0.459431618637297,1.11111111111111,1,1.11111111111111,1,0.136751217083335,3.59963735410138,"clonal"]
["G13401","SIDT2","missense","chr11",117063046,"C","T","p.T650M",0.0349,86,3,"unknown",0,"chr11:g.117063046C>T","predicted passenger",134,"FALSE","SNV","+","SIDT2","nt","CT","ACG","CT_ACG","CACGC","CT_CACGC","+",0.0348837209302326,"M",0.15,-0.298585,1,1,0,-0.639824435755675,0.430232558139535,0,0.430232558139535,0.430232558139535,0.0894469626157377,1.2157726891919,"clonal"]
["G13401","SCAF11","missense","chr12",46322234,"G","C","p.P417R",0.0864,162,14,"unknown",0,"chr12:g.46322234G>C","predicted passenger",181,"FALSE","SNV","-","SCAF11","nt","CG","CCT","CG_CCT","ACCTG","CG_ACCTG","-",0.0864197530864197,"M",0.15,0.115212,2,2,0,-0.159995884198581,1.1522633744856,1,1.1522633744856,1,0.640713033560248,1.87662218161368,"clonal"]
["G13401","KRT85","missense","chr12",52757857,"C","T","p.E261K",0.011,181,2,"unknown",0,"chr12:g.52757857C>T","predicted passenger",266,"FALSE","SNV","-","KRT85","ts","CT","TCA","CT_TCA","TTCAT","CT_TTCAT","+",0.0110497237569061,"M",0.15,-0.610609,1,1,0,-0.555436548417984,0.136279926335175,0,0.136279926335175,0.136279926335175,0.0165388186775684,0.485235770608397,"subclonal"]
["G13401","TMBIM4","nonsense","chr12",66531931,"C","A","p.E176*",0.0526315789473684,85,4,"unknown",0,"chr12:g.66531931C>A","predicted passenger",101,"FALSE","SNV","NA","NA","NA","CA","TCA","CA_TCA","CTCAC","CA_CTCAC","+",0.0470588235294118,"M",0.15,0.264697,3,3,0,-0.248820546614093,0.674509803921569,1,0.674509803921569,0.674509803921569,0.185887211009677,1.66447757849338,"clonal"]
["G13401","SRRM4","missense","chr12",119594329,"G","A","p.R521Q",0.0561,107,6,"unknown",0,"chr12:g.119594329G>A","predicted passenger",129,"FALSE","SNV","+","SRRM4","ts","CT","CCG","CT_CCG","GCCGA","CT_GCCGA","-",0.0560747663551402,"M",0.15,0.063723,2,2,0,-0.269760269022107,0.747663551401869,1,0.747663551401869,0.747663551401869,0.27805258755629,1.5741543101922,"clonal"]
["G13401","LRRC43","missense","chr12",122672290,"C","G","p.L189V",0.0146,137,2,"unknown",0,"chr12:g.122672290C>G","predicted passenger",151,"FALSE","SNV","+","LRRC43","nt","CG","TCT","CG_TCT","GTCTG","CG_GTCTG","+",0.0145985401459854,"M",0.15,0.999314,4,4,0,-0.140372656364552,0.223844282238443,0,0.223844282238443,0.223844282238443,0.0271839518805695,0.793329762925655,"subclonal"]
["G13401","TDRD3","missense","chr13",61034670,"A","C","p.I117L",0.0345,58,2,"unknown",0,"chr13:g.61034670A>C","predicted passenger",53,"FALSE","SNV","+","TDRD3","ts","TG","ATT","TG_ATT","TATTT","TG_TATTT","-",0.0344827586206897,"M",0.15,-0.146014,2,2,0,0.130060540564373,0.459770114942529,0,0.459770114942529,0.459770114942529,0.0560486298649023,1.58769747840523,"clonal"]
["G13401","PCDH20","missense","chr13",61989195,"G","A","p.R33C",0.0536,56,3,"unknown",0,"chr13:g.61989195G>A","predicted passenger",89,"FALSE","SNV","-","PCDH20","nt","CT","TCG","CT_TCG","ATCGT","CT_ATCGT","-",0.0535714285714286,"M",0.15,-0.146014,2,2,0,-0.668378508908794,0.714285714285714,1,0.714285714285714,0.714285714285714,0.149159611122327,1.98232601262922,"clonal"]
["G13401","ELMSAN1","missense","chr14",74203744,"C","T","p.R569H",0.0545,55,3,"unknown",0,"chr14:g.74203744C>T","predicted passenger",50,"FALSE","SNV","-","ELMSAN1","ts","CT","GCG","CT_GCG","TGCGG","CT_TGCGG","+",0.0545454545454545,"M",0.15,1.21799E-3,2,2,0,0.137503523749935,0.727272727272727,1,0.727272727272727,0.727272727272727,0.151906750302783,2.01646606355466,"clonal"]
["G13401","SPATA7","missense","chr14",88892994,"G","A","p.R264K",0.050314465408805,168,8,"unknown",0,"chr14:g.88892994G>A","predicted passenger",174,"FALSE","SNV","+","SPATA7","ts","CT","TCT","CT_TCT","TTCTT","CT_TTCTT","-",0.0476190476190476,"M",0.15,1.21799E-3,2,2,0,-0.0506260730699679,0.634920634920635,1,0.634920634920635,0.634920634920635,0.27706427434604,1.2222688768662,"clonal"]
["G13401","GOLGA6B","missense","chr15",72955020,"G","C","p.K425N",0.0741,27,2,"unknown",0,"chr15:g.72955020G>C","predicted passenger",36,"FALSE","SNV","+","GOLGA6B","ts","CG","GCT","CG_GCT","TGCTT","CG_TGCTT","-",0.0740740740740741,"M",0.15,-0.367383,1,1,0,-0.415037499278844,0.91358024691358,1,0.91358024691358,0.91358024691358,0.112234232955111,2.99574627776274,"clonal"]
["G13401","ABAT","missense","chr16",8870315,"A","G","p.K413E",0.0891,258,23,"unknown",0,"chr16:g.8870315A>G","predicted passenger",299,"FALSE","SNV","+","ABAT","ts","TC","TTC","TC_TTC","CTTCC","TC_CTTCC","-",0.0891472868217054,"M",0.15,-0.402672,1,1,0,-0.212774418774851,1.09948320413437,1,1.09948320413437,1,0.707345534394831,1.61271580326255,"clonal"]
["G13401","NPIPB15","missense","chr16",74425688,"C","G","p.Q348E",3.57142857142857E-3,845,3,"unknown",0,"chr16:g.74425688C>G","predicted passenger",832,"FALSE","SNV","+","NPIPB15","nt","CG","TCA","CG_TCA","CTCAG","CG_CTCAG","+",0.00355029585798817,"M",0.15,2.201,10,10,0,0.0223678130284545,0.0757396449704142,0,0.0757396449704142,0.0757396449704142,0.0156321203568521,0.220589153609941,"subclonal"]
["G13401","KRTAP4-8","missense","chr17",39254191,"C","T","p.C49Y",0.0852272727272727,191,15,"unknown",0,"chr17:g.39254191C>T","predicted passenger",206,"FALSE","SNV","-","KRTAP4-8","ts","CT","GCA","CT_GCA","AGCAG","CT_AGCAG","+",0.0785340314136126,"M",0.15,-0.900366,1,1,0,-0.10907169914747,0.968586387434555,1,0.968586387434555,0.968586387434555,0.550315460403385,1.55673510748066,"clonal"]
["G13401","BECN1","missense","chr17",40972799,"G","A","p.S64L",0.0166666666666667,123,2,"unknown",0,"chr17:g.40972799G>A","predicted passenger",123,"FALSE","SNV","-","BECN1","nt","CT","TCA","CT_TCA","CTCAG","CT_CTCAG","-",0.016260162601626,"M",0.15,0.702919,4,4,0,0,0.249322493224932,0,0.249322493224932,0.249322493224932,0.0302876719931123,0.88171166367836,"subclonal"]
["G13401","UNC13D","missense","chr17",73829052,"G","T","p.F814L",0.0588235294117647,180,10,"unknown",0,"chr17:g.73829052G>T","predicted passenger",187,"FALSE","SNV","-","UNC13D","nt","CA","TCA","CA_TCA","TTCAG","CA_TTCAG","-",0.0555555555555556,"M",0.15,0.554448,3,3,0,-0.055041363557962,0.796296296296296,1,0.796296296296296,0.796296296296296,0.386417199256441,1.43037519985868,"clonal"]
["G13401","CCDC178","nonsense","chr18",30913153,"A","T","p.Y288*",0.0434782608695652,49,2,"unknown",0,"chr18:g.30913153A>T","predicted passenger",52,"FALSE","SNV","-","CCDC178","nt","TA","ATA","TA_ATA","TATAA","TA_TATAA","-",0.0408163265306122,"M",0.15,-0.688908,1,1,0,-0.085729874025884,0.503401360544218,1,0.503401360544218,0.503401360544218,0.0614427159646461,1.72404197327705,"clonal"]
["G13401","ZNF846","missense","chr19",9869049,"A","G","p.F235S",0.0748,107,8,"unknown",0,"chr19:g.9869049A>G","predicted passenger",100,"FALSE","SNV","-","ZNF846","nt","TC","TTC","TC_TTC","CTTCA","TC_CTTCA","-",0.0747663551401869,"M",0.15,0.721286,4,4,0,0.0976107966264223,1.14641744548287,1,1.14641744548287,1,0.503403485619711,2.17751142112773,"clonal"]
["G13401","DMPK","missense","chr19",46281822,"C","G","p.E180D",0.0323,93,3,"unknown",0,"chr19:g.46281822C>G","predicted passenger",139,"FALSE","SNV","-","DMPK","ts","CG","TCT","CG_TCT","ATCTC","CG_ATCTC","+",0.032258064516129,"M",0.15,0.584749,3,3,0,-0.579782261615476,0.462365591397849,0,0.462365591397849,0.462365591397849,0.0960683150485456,1.30989172589957,"clonal"]
["G13401","DMPK","missense","chr19",46281839,"C","T","p.E175K",0.025,80,2,"unknown",0,"chr19:g.46281839C>T","predicted passenger",138,"FALSE","SNV","-","DMPK","ts","CT","TCC","CT_TCC","CTCCC","CT_CTCCC","+",0.025,"M",0.15,0.584749,3,3,0,-0.786596361890807,0.358333333333333,0,0.358333333333333,0.358333333333333,0.0436032350289376,1.25283590167182,"clonal"]
["G13401","SHANK1","missense","chr19",51171831,"G","A","p.A1129V",0.0476,84,4,"unknown",0,"chr19:g.51171831G>A","predicted passenger",72,"FALSE","SNV","-","SHANK1","nt","CT","GCG","CT_GCG","CGCGC","CT_CGCGC","-",0.0476190476190476,"M",0.15,0.584749,3,3,0,0.222392421336448,0.682539682539682,1,0.682539682539682,0.682539682539682,0.188126035877127,1.68354992299622,"clonal"]
["G13401","ZNF530","missense","chr19",58115652,"T","G","p.F13C",0.0645,155,10,"unknown",0,"chr19:g.58115652T>G","predicted passenger",205,"FALSE","SNV","+","ZNF530","nt","TG","TTT","TG_TTT","TTTTG","TG_TTTTG","+",0.0645161290322581,"M",0.15,0.423305,3,3,0,-0.403355694231208,0.924731182795699,1,0.924731182795699,0.924731182795699,0.449620111876214,1.65472245050322,"clonal"]
["G13401","LSS","missense","chr21",47626632,"C","A","p.K506N",0.0686,102,7,"unknown",0,"chr21:g.47626632C>A","predicted passenger",146,"FALSE","SNV","-","LSS","ts","CA","GCT","CA_GCT","CGCTT","CA_CGCTT","+",0.0686274509803922,"M",0.15,-2.15768,0,0,0,-0.517399216908522,0.777777777777778,1,0.777777777777778,0.777777777777778,0.317732999065046,1.5446993013815,"clonal"]
["G13401","CUL4B","missense","chrX",119674237,"C","G","p.A560P",0.0333,120,4,"unknown",0,"chrX:g.119674237C>G","predicted passenger",87,"FALSE","SNV","-","CUL4B","ts","CG","GCT","CG_GCT","AGCTG","CG_AGCTG","+",0.0333333333333333,"M",0.15,0.331859,3,3,0,0.46394709975979,0.288888888888889,0,0.288888888888889,0.288888888888889,0.131228912981326,1.19179834047531,"clonal"]
["G13401","MAN1C1","missense","chr1",25944653,"C","A","p.T122K",0.0233,129,3,"unknown",0,"chr1:g.25944653C>A","predicted passenger",138,"FALSE","SNV","+","MAN1C1","nt","CA","ACG","CA_ACG","CACGG","CA_CACGG","+",0.0232558139534884,"M",0.15,-0.00643691,2,2,0,-0.0972972013549149,0.310077519379845,0,0.310077519379845,0.310077519379845,0.0642910266277732,0.886117637682646,"subclonal"]
["G13401","BSND","nonsense","chr1",55464961,"C","A","p.Y34*",0.0192307692307692,106,2,"unknown",0,"chr1:g.55464961C>A","predicted passenger",101,"FALSE","SNV","+","BSND","nt","CA","ACG","CA_ACG","TACGG","CA_TACGG","+",0.0188679245283019,"M",0.15,-0.275794,1,1,0,0.0697089718114045,0.232704402515723,0,0.232704402515723,0.232704402515723,0.0282830092025205,0.820144464129068,"subclonal"]
["G13401","CTH","missense","chr1",70895487,"C","A","p.A200D",0.00947867298578199,213,2,"unknown",0,"chr1:g.70895487C>A","predicted passenger",180,"FALSE","SNV","+","CTH","nt","CA","GCT","CA_GCT","GGCTC","CA_GGCTC","+",0.00938967136150235,"M",0.15,-0.133303,2,2,0,0.242856523896164,0.125195618153365,0,0.125195618153365,0.125195618153365,0.015188832544471,0.446736826083525,"subclonal"]
["G13401","CD101","missense","chr1",117564417,"G","A","p.R747K",0.0142857142857143,142,2,"unknown",0,"chr1:g.117564417G>A","predicted passenger",155,"FALSE","SNV","+","CD101","ts","CT","TCT","CT_TCT","TTCTC","CT_TTCTC","-",0.0140845070422535,"M",0.15,-0.533657,1,1,0,-0.126377285769555,0.173708920187793,0,0.173708920187793,0.173708920187793,0.0210933757772275,0.6160578076766,"subclonal"]
["G13401","ASH1L","missense","chr1",155449952,"C","A","p.M903I",0.0136986301369863,148,2,"unknown",0,"chr1:g.155449952C>A","predicted driver: tier 1",162,"TRUE","SNV","-","ASH1L","ts","CA","TCA","CA_TCA","TTCAT","CA_TTCAT","+",0.0135135135135135,"M",0.15,0.526683,3,3,0,-0.130396637255675,0.193693693693694,0,0.193693693693694,0.193693693693694,0.0235175525483446,0.687446241078593,"subclonal"]
["G13401","AAK1","missense","chr2",69703069,"T","C","p.S940G",0.0137931034482759,147,2,"unknown",0,"chr2:g.69703069T>C","predicted passenger",147,"FALSE","SNV","-","AAK1","ts","TC","CTC","TC_CTC","GCTCC","TC_GCTCC","+",0.0136054421768707,"M",0.15,0.0687405,2,2,0,0,0.18140589569161,0,0.18140589569161,0.18140589569161,0.0220260011754234,0.643757806393442,"subclonal"]
["G13401","LNP1","nonsense","chr3",100170600,"A","ATCCTAGAAGGCATTCTCATGAGGACCAAGGAATTCCGATGCCGATCGTCTGACCGTCT","p.E75Gfs*8",0.646153846153846,214,84,"unknown",0,"chr3:g.100170600_100170601insTCCTAGAAGGCATTCTCATGAGGACCAAGGAATTCCGATGCCGATCGTCTGACCGTCT","predicted passenger",261,"FALSE","SNV","+","LNP1","ts","TAGACGGTCAGACGATCGGCATCGGAATTCCTTGGTCCTCATGAGAATGCCTTCTAGGAT","ATG","TAGACGGTCAGACGATCGGCATCGGAATTCCTTGGTCCTCATGAGAATGCCTTCTAGGAT_ATG","GATGG","TAGACGGTCAGACGATCGGCATCGGAATTCCTTGGTCCTCATGAGAATGCCTTCTAGGAT_GATGG","-",0.392523364485981,"M",0.15,-0.0814675,2,2,0,-0.286439010168737,5.23364485981308,5,1.04672897196262,1,0.871103773132872,1.23041123131945,"clonal"]
["G13401","HTT","missense","chr4",3124657,"C","A","p.Q439K",0.0337,89,3,"unknown",0,"chr4:g.3124657C>A","predicted passenger",119,"FALSE","SNV","+","HTT","nt","CA","ACA","CA_ACA","AACAA","CA_AACAA","+",0.0337078651685393,"M",0.15,-0.240384,2,2,0,-0.419084332341546,0.449438202247191,0,0.449438202247191,0.449438202247191,0.0934140911156141,1.2714875414176,"clonal"]
["G13401","GDNF","missense","chr5",37815918,"G","T","p.D174E",0.0087463556851312,346,3,"unknown",0,"chr5:g.37815918G>T","predicted passenger",357,"FALSE","SNV","-","GDNF","nt","CA","ACA","CA_ACA","GACAA","CA_GACAA","-",0.00867052023121387,"M",0.15,0.612095,3,3,0,-0.0451520363923751,0.124277456647399,0,0.124277456647399,0.124277456647399,0.0256803367613159,0.360175532726284,"subclonal"]
["G13401","ARSI","missense","chr5",149677476,"C","A","p.K337N",0.0285714285714286,72,2,"unknown",0,"chr5:g.149677476C>A","predicted passenger",87,"FALSE","SNV","-","ARSI","ts","CA","GCT","CA_GCT","TGCTT","CA_TGCTT","+",0.0277777777777778,"M",0.15,-0.462131,1,1,0,-0.273018494406416,0.342592592592593,0,0.342592592592593,0.342592592592593,0.0417101040228033,1.19346323239879,"clonal"]
["G13401","ZNF391","missense","chr6",27368680,"C","A","p.S177R",0.0170940170940171,119,2,"unknown",0,"chr6:g.27368680C>A","predicted passenger",123,"FALSE","SNV","+","ZNF391","nt","CA","GCA","CA_GCA","AGCAC","CA_AGCAC","+",0.0168067226890756,"M",0.15,-0.0210462,2,2,0,-0.0476967420312963,0.224089635854342,0,0.224089635854342,0.224089635854342,0.0272252308831997,0.791911841793008,"subclonal"]
["G13401","CYP2W1","missense","chr7",1024720,"C","A","p.L158M",0.019047619047619,107,2,"unknown",0,"chr7:g.1024720C>A","predicted passenger",150,"FALSE","SNV","+","CYP2W1","nt","CA","GCT","CA_GCT","AGCTG","CA_AGCTG","+",0.0186915887850467,"M",0.15,-0.352718,1,1,0,-0.487351704094734,0.230529595015576,0,0.230529595015576,0.230529595015576,0.0280177365684531,0.812666729573337,"subclonal"]
["G13401","SNX13","missense","chr7",17854559,"T","A","p.L654F",0.0333333333333333,63,2,"unknown",0,"chr7:g.17854559T>A","predicted passenger",46,"FALSE","SNV","-","SNX13","ts","TA","CTA","TA_CTA","GCTAA","TA_GCTAA","+",0.0317460317460317,"M",0.15,1.18426,5,5,0,0.453717967442904,0.518518518518519,1,0.518518518518519,0.518518518518519,0.0631770474415071,1.79698309901171,"clonal"]
["G13401","PARP12","missense","chr7",139741584,"C","A","p.A348S",0.025974025974026,79,2,"unknown",0,"chr7:g.139741584C>A","predicted passenger",112,"FALSE","SNV","-","PARP12","ts","CA","GCG","CA_GCG","GGCGT","CA_GGCGT","+",0.0253164556962025,"M",0.15,0.0833307,2,2,0,-0.503574173880501,0.337552742616034,0,0.337552742616034,0.337552742616034,0.041077077138933,1.17969323727471,"clonal"]
["G13401","TEX15","missense","chr8",30699720,"C","T","p.E2272K",0.072289156626506,89,6,"unknown",0,"chr8:g.30699720C>T","predicted passenger",83,"FALSE","SNV","-","TEX15","ts","CT","TCT","CT_TCT","TTCTT","CT_TTCTT","+",0.0674157303370786,"M",0.15,0.23636,3,3,0,0.100693999619473,0.966292134831461,1,0.966292134831461,0.966292134831461,0.360347576146993,2.02070709390749,"clonal"]
["G13401","DENND3","missense","chr8",142151400,"C","A","p.N120K",0.0208,96,2,"unknown",0,"chr8:g.142151400C>A","predicted passenger",123,"FALSE","SNV","+","DENND3","nt","CA","ACT","CA_ACT","AACTC","CA_AACTC","+",0.0208333333333333,"M",0.15,-0.0465698,2,2,0,-0.357552004618084,0.277777777777778,0,0.277777777777778,0.277777777777778,0.0337739571891298,0.976491077266502,"clonal"]
["G13401","KDM4C","missense","chr9",7013975,"C","A","p.A719E",0.0283,106,3,"unknown",0,"chr9:g.7013975C>A","predicted passenger",143,"FALSE","SNV","+","KDM4C","nt","CA","GCA","CA_GCA","TGCAA","CA_TGCAA","+",0.0283018867924528,"M",0.15,-0.818024,1,1,0,-0.43195088221519,0.349056603773585,0,0.349056603773585,0.349056603773585,0.0724582776938495,0.992667071295332,"clonal"]
["G13401","DENND4C","missense","chr9",19341095,"C","A","p.T711K",0.0272727272727273,113,3,"unknown",0,"chr9:g.19341095C>A","predicted passenger",106,"FALSE","SNV","+","DENND4C","nt","CA","ACA","CA_ACA","AACAA","CA_AACAA","+",0.0265486725663717,"M",0.15,0.190757,2,2,0,0.0922585078519887,0.353982300884956,0,0.353982300884956,0.353982300884956,0.0734506447119486,1.00837884408926,"clonal"]
["G13401","CTNNAL1","missense","chr9",111734993,"C","A","p.A437S",0.0171,117,2,"unknown",0,"chr9:g.111734993C>A","predicted passenger",160,"FALSE","SNV","-","CTNNAL1","ts","CA","GCA","CA_GCA","GGCAT","CA_GGCAT","+",0.0170940170940171,"M",0.15,0.217351,3,3,0,-0.451563375303958,0.245014245014245,0,0.245014245014245,0.245014245014245,0.0297690508704054,0.865532582626448,"subclonal"]
["G13401","LCN10","missense","chr9",139636343,"C","A","p.A83S",0.0208,96,2,"unknown",0,"chr9:g.139636343C>A","predicted passenger",103,"FALSE","SNV","NA","NA","NA","CA","GCG","CA_GCG","GGCGA","CA_GGCGA","+",0.0208333333333333,"M",0.15,0.273361,3,3,0,-0.101538026462062,0.298611111111111,0,0.298611111111111,0.298611111111111,0.0363070039783145,1.04972790806149,"clonal"]
["G13401","UPF2","missense","chr10",12006122,"C","A","p.M690I",0.028169014084507,73,2,"unknown",0,"chr10:g.12006122C>A","predicted passenger",56,"FALSE","SNV","-","UPF2","ts","CA","GCA","CA_GCA","AGCAT","CA_AGCAT","+",0.0273972602739726,"M",0.15,0.546814,3,3,0,0.382469636822413,0.392694063926941,0,0.392694063926941,0.392694063926941,0.0478063808013389,1.36867801500831,"clonal"]
["G13401","PLCE1","missense","chr10",96073099,"C","A","p.T2031N",0,236,0,"unknown",0,"chr10:g.96073099C>A","predicted passenger",301,"FALSE","SNV","+","PLCE1","nt","CA","ACT","CA_ACT","CACTA","CA_CACTA","+",0,"M",0.15,0.418801,3,3,0,-0.350976627397861,0,0,0,0,0,0.22230021752519,"subclonal"]
["G13401","FBXO3","missense","chr11",33777486,"C","A","p.R170L",0.0113,177,2,"unknown",0,"chr11:g.33777486C>A","predicted passenger",270,"FALSE","SNV","-","FBXO3","ts","CA","ACG","CA_ACG","AACGA","CA_AACGA","+",0.0112994350282486,"M",0.15,-0.344294,1,1,0,-0.609210046967833,0.139359698681733,0,0.139359698681733,0.139359698681733,0.0169133821904341,0.496039729106175,"subclonal"]
["G13401","AMOTL1","missense","chr11",94599292,"C","A","p.A816D",0.0114942528735632,176,2,"unknown",0,"chr11:g.94599292C>A","predicted passenger",228,"FALSE","SNV","+","AMOTL1","nt","CA","GCT","CA_GCT","GGCTG","CA_GGCTG","+",0.0113636363636364,"M",0.15,-0.192201,2,2,0,-0.373458395527444,0.151515151515152,0,0.151515151515152,0.151515151515152,0.0183888530742619,0.539260869310622,"subclonal"]
["G13401","CNTN5","missense","chr11",99931987,"C","A","p.P342T",0.0348837209302326,89,3,"unknown",0,"chr11:g.99931987C>A","predicted passenger",108,"FALSE","SNV","+","CNTN5","nt","CA","TCC","CA_TCC","TTCCT","CA_TTCCT","+",0.0337078651685393,"M",0.15,-0.192201,2,2,0,-0.279154071197071,0.449438202247191,0,0.449438202247191,0.449438202247191,0.0934140911156141,1.2714875414176,"clonal"]
["G13401","VSIG2","missense","chr11",124621395,"C","A","p.S48I",0.0137931034482759,147,2,"unknown",0,"chr11:g.124621395C>A","predicted passenger",163,"FALSE","SNV","-","VSIG2","ts","CA","GCT","CA_GCT","TGCTG","CA_TGCTG","+",0.0136054421768707,"M",0.15,-0.386237,1,1,0,-0.149055809394713,0.167800453514739,0,0.167800453514739,0.167800453514739,0.0203740510872666,0.595475970913934,"subclonal"]
["G13401","ANO2","missense","chr12",5963212,"C","A","p.K206N",0.0144,139,2,"unknown",0,"chr12:g.5963212C>A","predicted passenger",153,"FALSE","SNV","-","ANO2","ts","CA","TCT","CA_TCT","TTCTT","CA_TTCTT","+",0.0143884892086331,"M",0.15,0.0698907,2,2,0,-0.138446769969144,0.191846522781775,0,0.191846522781775,0.191846522781775,0.0232971664545206,0.680112619219419,"subclonal"]
["G13401","CD163L1","missense","chr12",7586129,"C","A","p.A96S",0.0128205128205128,158,2,"unknown",0,"chr12:g.7586129C>A","predicted passenger",183,"FALSE","SNV","-","CD163L1","ts","CA","GCG","CA_GCG","GGCGA","CA_GGCGA","+",0.0126582278481013,"M",0.15,0.0698907,2,2,0,-0.21191909010694,0.168776371308017,0,0.168776371308017,0.168776371308017,0.0204888424843475,0.599680730066473,"subclonal"]
["G13401","FAM90A1","missense","chr12",8377415,"C","T","p.R5H",0.0221,181,4,"unknown",0,"chr12:g.8377415C>T","predicted passenger",245,"FALSE","SNV","-","FAM90A1","ts","CT","ACG","CT_ACG","CACGA","CT_CACGA","+",0.0220994475138122,"M",0.15,0.0698907,2,2,0,-0.436792051919365,0.294659300184162,0,0.294659300184162,0.294659300184162,0.0807122749059753,0.741521453760628,"subclonal"]
["G13401","MICU2","missense","chr13",22113803,"G","T","p.T128K",0.0365853658536585,170,6,"unknown",0,"chr13:g.22113803G>T","predicted passenger",158,"FALSE","SNV","-","MICU2","nt","CA","ACA","CA_ACA","GACAA","CA_GACAA","-",0.0352941176470588,"M",0.15,0.450513,3,3,0,0.105610187960599,0.505882352941176,1,0.505882352941176,0.505882352941176,0.187200463213243,1.07836279858193,"clonal"]
["G13401","FNDC3A","missense","chr13",49772676,"C","A","p.Q985K",8.29875518672199E-3,243,2,"unknown",0,"chr13:g.49772676C>A","predicted passenger",228,"FALSE","SNV","+","FNDC3A","nt","CA","TCA","CA_TCA","TTCAG","CA_TTCAG","+",8.23045267489712E-3,"M",0.15,0.551079,3,3,0,0.0919224894410394,0.117969821673525,0,0.117969821673525,0.117969821673525,0.0143090355382893,0.421590816195535,"subclonal"]
["G13401","SLC35F4","missense","chr14",58060818,"C","A","p.R79I",0.0444444444444444,47,2,"unknown",0,"chr14:g.58060818C>A","predicted passenger",59,"FALSE","SNV","-","SLC35F4","ts","CA","TCT","CA_TCT","ATCTA","CA_ATCTA","+",0.0425531914893617,"M",0.15,1.21799E-3,2,2,0,-0.328054197684204,0.567375886524823,1,0.567375886524823,0.567375886524823,0.0692744423565844,1.93873660650952,"clonal"]
["G13401","PDCD7","missense","chr15",65412125,"G","T","p.Q393K",0.0305343511450382,135,4,"unknown",0,"chr15:g.65412125G>T","predicted passenger",103,"FALSE","SNV","-","PDCD7","nt","CA","ACA","CA_ACA","AACAA","CA_AACAA","-",0.0296296296296296,"M",0.15,0.121773,2,2,0,0.390315069867613,0.395061728395062,0,0.395061728395062,0.395061728395062,0.108411976800719,0.988335432788522,"clonal"]
["G13401","LINS1","missense","chr15",101114263,"C","A","p.C272F",0.0148,203,3,"unknown",0,"chr15:g.101114263C>A","predicted passenger",194,"FALSE","SNV","-","LINS","ts","CA","GCA","CA_GCA","GGCAA","CA_GGCAA","+",0.0147783251231527,"M",0.15,-0.287327,1,1,0,0.0654230749980486,0.182266009852217,0,0.182266009852217,0.182266009852217,0.0377162793059133,0.525138832644338,"subclonal"]
["G13401","KCNH6","missense","chr17",61611470,"T","C","p.L300P",0.0272108843537415,151,4,"unknown",0,"chr17:g.61611470T>C","predicted passenger",171,"FALSE","SNV","+","KCNH6","nt","TC","CTC","TC_CTC","CCTCA","TC_CCTCA","+",0.0264900662251656,"M",0.15,0.550482,3,3,0,-0.179447775560819,0.379690949227373,0,0.379690949227373,0.379690949227373,0.104114578389981,0.952224144997566,"clonal"]
["G13401","ABCA10","missense","chr17",67178431,"C","A","p.D878Y",0.0508474576271186,128,6,"unknown",0,"chr17:g.67178431C>A","predicted passenger",105,"FALSE","SNV","-","ABCA10","ts","CA","TCC","CA_TCC","ATCCT","CA_ATCCT","+",0.046875,"M",0.15,0.69819,3,3,0,0.285754482333878,0.671875,1,0.671875,0.671875,0.249314804677239,1.42237010627911,"clonal"]
["G13401","STAP2","missense","chr19",4325217,"C","A","p.K356N",0.0121951219512195,166,2,"unknown",0,"chr19:g.4325217C>A","predicted passenger",134,"FALSE","SNV","-","STAP2","ts","CA","GCT","CA_GCT","GGCTT","CA_GGCTT","+",0.0120481927710843,"M",0.15,0.666358,3,3,0,0.308950240889152,0.172690763052209,0,0.172690763052209,0.172690763052209,0.0209615967991698,0.614078111410943,"subclonal"]
["G13401","NPIPB11","missense","chr16",29395195,"C","T","p.R353H",0.0714285714285714,30,2,"unknown",0,"chr16:g.29395195C>T","predicted passenger",32,"FALSE","SNV","NA","NA","NA","CT","ACG","CT_ACG","GACGC","CT_GACGC","+",0.0666666666666667,"M",0.15,-0.177932,2,2,0,-0.0931094043914815,0.888888888888889,1,0.888888888888889,0.888888888888889,0.109041792808751,2.94313868697283,"clonal"]
["G13402","USP48","missense","chr1",22078013,"G","A","p.S254L",0.4091,88,36,"known",0,"chr1:g.22078013G>A","predicted passenger",99,"FALSE","SNV","-","USP48","nt","CT","TCG","CT_TCG","CTCGG","CT_CTCGG","-",0.409090909090909,"M",0.34,0.0567233,2,2,0,-0.169925001442312,2.40641711229947,2,1.20320855614973,1,0.898209864531599,1.52672939358072,"clonal"]
["G13402","AK9","missense","chr6",109906342,"C","T","p.E700K",0.132530120481928,95,11,"known",0,"chr6:g.109906342C>T","predicted passenger",102,"FALSE","SNV","-","AK9","ts","CT","TCT","CT_TCT","TTCTT","CT_TTCTT","+",0.115789473684211,"M",0.34,-0.689405,1,1,0,-0.102569733640548,0.565325077399381,1,0.565325077399381,0.565325077399381,0.28923364532506,0.965440450623958,"clonal"]
["G13402","AKAP2","missense","chr9",112899835,"G","A","p.A671T",0.3974,151,60,"known",0,"chr9:g.112899835G>A","predicted passenger",190,"FALSE","SNV","NA","NA","NA","CT","GCG","CT_GCG","GGCGC","CT_GGCGC","-",0.397350993377483,"M",0.34,0.776022,4,4,0,-0.331450869005869,3.1320607713284,3,1.04402025710947,1,0.837407443670371,1.26143426697554,"clonal"]
["G13402","SCGB1D1","missense","chr11",61960895,"C","T",".",0.4872,117,57,"known",0,"chr11:g.61960895C>T","predicted passenger",177,"FALSE","SNV","+","SCGB1D1","nt","CT","TCG","CT_TCG","ATCGC","CT_ATCGC","+",0.487179487179487,"M",0.34,-0.588352,1,1,0,-0.597240830499593,2.37858220211161,2,1.18929110105581,1,0.961099282259312,1.41910506523107,"clonal"]
["G13402","FUT4","missense","chr11",94277903,"G","A","p.D202N",0.5478,157,86,"known",0,"chr11:g.94277903G>A","predicted passenger",173,"FALSE","SNV","NA","NA","NA","CT","TCG","CT_TCG","ATCGC","CT_ATCGC","-",0.547770700636943,"M",0.34,-0.946267,1,1,0,-0.140007478745098,2.67440989134507,3,0.891469963781691,0.891469963781691,0.759151223334973,1.020798445654,"clonal"]
["G13402","CACNA2D4","missense","chr12",1953630,"C","T","p.R803H",0.3615,130,47,"known",0,"chr12:g.1953630C>T","predicted passenger",144,"FALSE","SNV","-","CACNA2D4","ts","CT","GCG","CT_GCG","GGCGG","CT_GGCGG","+",0.361538461538462,"M",0.34,0.34872,3,3,0,-0.147557188413858,2.48823529411765,2,1.24411764705882,1,0.9606042811657,1.54986874516209,"clonal"]
["G13402","PDX1","missense","chr13",28498834,"G","A",".",0.2597,77,20,"known",0,"chr13:g.28498834G>A","predicted passenger",87,"FALSE","SNV","+","PDX1","ts","CT","TCG","CT_TCG","ATCGT","CT_ATCGT","-",0.25974025974026,"M",0.34,0.339557,3,3,0,-0.176156955153827,1.78762414056532,2,0.893812070282658,0.893812070282658,0.572726665652341,1.28100025755526,"clonal"]
["G13402","AK7","missense","chr14",96924441,"G","A","p.D417N",0.2967,91,27,"known",0,"chr14:g.96924441G>A","predicted passenger",69,"FALSE","SNV","+","AK7","ts","CT","TCG","CT_TCG","ATCGT","CT_ATCGT","-",0.296703296703297,"M",0.34,0.178495,2,2,0,0.399270183420527,1.74531351001939,2,0.872656755009696,0.872656755009696,0.604328915401173,1.18120726895007,"clonal"]
["G13402","GOLGA6L2","missense","chr15",23685022,"A","G","p.V867A",0.0168067226890756,127,2,"known",0,"chr15:g.23685022A>G","predicted passenger",147,"FALSE","SNV","-","GOLGA6L2","nt","TC","GTG","TC_GTG","TGTGG","TC_TGTGG","-",0.015748031496063,"M",0.34,-0.0105577,2,2,0,-0.210987658064199,0.0926354793886058,0,0.0926354793886058,0.0926354793886058,0.0112522477811408,0.32781815702407,"subclonal"]
["G13402","TP53","nonsense","chr17",7578437,"G","A","p.Q165*",0.4779,136,65,"known",1,"chr17:g.7578437G>A","known in: CANCER-PR",224,"TRUE","SNV","-","TP53","nt","CT","GCA","CT_GCA","AGCAG","CT_AGCAG","-",0.477941176470588,"M",0.34,-1.04111,1,1,0,-0.719892080807265,2.33347750865052,2,1.16673875432526,1,0.956023019310392,1.37985024828025,"clonal"]
["G13402","ZNF257","missense","chr19",22271876,"C","T","p.R442W",0.3333,72,24,"known",0,"chr19:g.22271876C>T","predicted passenger",124,"FALSE","SNV","+","ZNF257","nt","CT","CCG","CT_CCG","ACCGG","CT_ACCGG","+",0.333333333333333,"M",0.34,-0.00391309,2,2,0,-0.784271308944563,1.96078431372549,2,0.980392156862745,0.980392156862745,0.666363013200544,1.33616503242814,"clonal"]
["G13402","ZIK1","missense","chr19",58099931,"G","A","p.A33T",0.2727,22,6,"known",0,"chr19:g.58099931G>A","predicted passenger",31,"FALSE","SNV","+","ZIK1","ts","CT","GCG","CT_GCG","GGCGA","CT_GGCGA","-",0.272727272727273,"M",0.34,0.0515545,2,2,0,-0.494764691749578,1.60427807486631,2,0.802139037433155,0.802139037433155,0.315556612854109,1.47712118019514,"clonal"]
["G13402","ZNF814","missense","chr19",58385580,"G","A","p.A393V",0.024,128,3,"known",0,"chr19:g.58385580G>A","predicted passenger",111,"FALSE","SNV","-","ZNF814","nt","CT","GCT","CT_GCT","TGCTA","CT_TGCTA","-",0.0234375,"M",0.34,0.308035,3,3,0,0.205584133649894,0.161305147058824,0,0.161305147058824,0.161305147058824,0.0334461949223353,0.460885725842253,"subclonal"]
["G13402","CEP85","missense","chr1",26582321,"C","A","p.L290M",0.0541,37,2,"known",0,"chr1:g.26582321C>A","predicted passenger",30,"FALSE","SNV","+","CEP85","nt","CA","GCT","CA_GCT","AGCTG","CA_AGCTG","+",0.0540540540540541,"M",0.34,0.0567233,2,2,0,0.302562770020431,0.317965023847377,0,0.317965023847377,0.317965023847377,0.0389092377148754,1.07028893163382,"clonal"]
["G13402","DNAJC6","missense","chr1",65871572,"C","A","p.S692R",0.0625,32,2,"known",0,"chr1:g.65871572C>A","predicted passenger",37,"FALSE","SNV","+","DNAJC6","nt","CA","GCA","CA_GCA","AGCAA","CA_AGCAA","+",0.0625,"M",0.34,-0.214085,2,2,0,-0.20945336562895,0.367647058823529,0,0.367647058823529,0.367647058823529,0.0450631549791552,1.22393782291181,"clonal"]
["G13402","ZRANB2","missense","chr1",71535040,"C","T","p.R230H",0.2054,112,23,"known",0,"chr1:g.71535040C>T","predicted passenger",152,"FALSE","SNV","-","ZRANB2","ts","CT","ACG","CT_ACG","AACGG","CT_AACGG","+",0.205357142857143,"M",0.34,-0.479542,1,1,0,-0.440572591385981,1.00262605042017,1,1.00262605042017,1,0.658419514557665,1.42579431079655,"clonal"]
["G13402","SNX7","missense","chr1",99156638,"G","A","p.R124H",0.0813,123,10,"known",0,"chr1:g.99156638G>A","predicted passenger",118,"FALSE","SNV","+","SNX7","ts","CT","ACG","CT_ACG","CACGA","CT_CACGA","-",0.0813008130081301,"M",0.34,-0.254665,1,1,0,0.0598714559773988,0.396939263510282,0,0.396939263510282,0.396939263510282,0.193711989538629,0.705179341308129,"subclonal"]
["G13402","FMN2","missense","chr1",240371195,"C","T","p.A1028V",0.4286,14,6,"known",0,"chr1:g.240371195C>T","predicted passenger",22,"FALSE","SNV","+","FMN2","nt","CT","GCG","CT_GCG","AGCGG","CT_AGCGG","+",0.428571428571429,"M",0.34,-0.0843207,2,2,0,-0.652076696579693,2.52100840336134,3,0.840336134453781,0.840336134453781,0.346296254866898,1.39488352933665,"clonal"]
["G13402","ADGRL3","missense","chr4",62453154,"C","A","p.Q89K",0.05,60,3,"known",0,"chr4:g.62453154C>A","predicted passenger",94,"FALSE","SNV","+","LPHN3","nt","CA","TCA","CA_TCA","CTCAA","CA_CTCAA","+",0.05,"M",0.34,-1.32663,0,0,0,-0.647698256069119,0.194117647058823,0,0.194117647058823,0.194117647058823,0.0405019856780578,0.540591428446518,"subclonal"]
["G13402","OPRM1","missense","chr6",154360866,"G","A","p.G156S",0.5046,109,55,"known",0,"chr6:g.154360866G>A","predicted passenger",154,"FALSE","SNV","+","OPRM1","ts","CT","CCG","CT_CCG","GCCGG","CT_GCCGG","-",0.504587155963303,"M",0.34,-0.726361,1,1,0,-0.498602215917975,2.4635725849973,2,1.23178629249865,1,0.99396349752229,1.46898543626506,"clonal"]
["G13402","HOXA5","missense","chr7",27182686,"G","A","p.R181C",0.087,23,2,"known",0,"chr7:g.27182686G>A","predicted passenger",47,"FALSE","SNV","NA","NA","NA","CT","GCG","CT_GCG","TGCGC","CT_TGCGC","-",0.0869565217391304,"M",0.34,-0.785809,1,1,0,-1.03102689562062,0.424552429667519,0,0.424552429667519,0.424552429667519,0.0522898341849234,1.36891087532242,"clonal"]
["G13402","ZNF716","missense","chr7",57522280,"C","A","p.L52M",0.1289,194,25,"known",0,"chr7:g.57522280C>A","predicted passenger",119,"FALSE","SNV","+","ZNF716","nt","CA","CCT","CA_CCT","ACCTG","CA_ACCTG","+",0.128865979381443,"M",0.34,1.17201,5,5,0,0.705095078879184,1.14463311097635,1,1.14463311097635,1,0.756431179893693,1.63728298454173,"clonal"]
["G13402","GIMAP4","missense","chr7",150270136,"C","A","p.F326L",0.0588,34,2,"known",0,"chr7:g.150270136C>A","predicted passenger",44,"FALSE","SNV","+","GIMAP4","nt","CA","TCG","CA_TCG","TTCGC","CA_TTCGC","+",0.0588235294117647,"M",0.34,-1.15766,0,0,0,-0.371968777386958,0.228373702422145,0,0.228373702422145,0.228373702422145,0.0279720324104283,0.763943048008705,"subclonal"]
["G13402","CDKN2A","nonsense","chr9",21971120,"G","A","p.R80*",0.5,174,87,"known",1,"chr9:g.21971120G>A","known in: CM",254,"TRUE","SNV","NA","NA","NA","CT","CCG","CT_CCG","CCCGA","CT_CCCGA","-",0.5,"M",0.34,-1.97934,0,0,0,-0.545741190923438,1.94117647058823,2,0.970588235294117,0.970588235294117,0.821886412426031,1.1192900581622,"clonal"]
["G13402","EXD3","missense","chr9",140243980,"G","A","p.R500W",0.3171,41,13,"known",0,"chr9:g.140243980G>A","predicted passenger",18,"FALSE","SNV","-","EXD3","nt","CT","GCG","CT_GCG","TGCGG","CT_TGCGG","-",0.317073170731707,"M",0.34,1.06005,5,5,0,1.18762700317577,2.81635581061693,3,0.938785270205643,0.938785270205643,0.535456057512762,1.42374165515054,"clonal"]
["G13402","TYR","missense","chr11",88911732,"C","A","p.A204E",0.058,69,4,"known",0,"chr11:g.88911732C>A","predicted passenger",87,"FALSE","SNV","+","TYR","nt","CA","GCA","CA_GCA","AGCAC","CA_AGCAC","+",0.0579710144927536,"M",0.34,-1.27923,0,0,0,-0.334419039070559,0.225063938618926,0,0.225063938618926,0.225063938618926,0.0621920272461269,0.550629877311225,"subclonal"]
["G13402","LINGO1","missense","chr15",77907381,"G","A","p.R290C",0.4811,106,51,"known",0,"chr15:g.77907381G>A","predicted passenger",209,"FALSE","SNV","-","LINGO1","nt","CT","CCG","CT_CCG","TCCGC","CT_TCCGC","-",0.481132075471698,"M",0.34,-0.0809583,2,2,0,-0.979438677517684,2.83018867924528,3,0.943396226415094,0.943396226415094,0.751065332810753,1.13784680490392,"clonal"]
["G13402","CEP131","missense","chr17",79171919,"C","A","p.S489I",0.0541,37,2,"known",0,"chr17:g.79171919C>A","predicted passenger",39,"FALSE","SNV","NA","NA","NA","CA","GCT","CA_GCT","CGCTG","CA_CGCTG","+",0.0540540540540541,"M",0.34,0.74157,4,4,0,-0.0759488532332986,0.426073131955485,0,0.426073131955485,0.426073131955485,0.0521383785379331,1.43418716838932,"clonal"]
["G13402","SMAD4","missense","chr18",48604797,"T","G","p.L540R",0.5405,74,40,"known",1,"chr18:g.48604797T>G","predicted driver: tier 1",96,"TRUE","SNV","+","SMAD4","nt","TG","CTT","TG_CTT","ACTTC","TG_ACTTC","+",0.540540540540541,"M",0.34,-2.20493,0,0,0,-0.375509135092206,2.09856915739269,2,1.04928457869634,1,0.816566894015832,1.27550902786437,"clonal"]
["G13402","SIGLEC12","missense","chr19",51995064,"G","A","p.P540L",0.2105,19,4,"known",0,"chr19:g.51995064G>A","predicted passenger",29,"FALSE","SNV","-","SIGLEC12","nt","CT","CCG","CT_CCG","CCCGG","CT_CCCGG","-",0.210526315789474,"M",0.34,0.0600097,2,2,0,-0.610053481683987,1.23839009287926,1,1.23839009287926,1,0.356026692407587,2.68031224642062,"clonal"]
["G13402","TTLL1","missense","chr22",43464424,"C","A","p.K165N",0.0571,35,2,"known",0,"chr22:g.43464424C>A","predicted passenger",41,"FALSE","SNV","-","TTLL1","ts","CA","TCT","CA_TCT","GTCTT","CA_GTCTT","+",0.0571428571428571,"M",0.34,0.0876187,2,2,0,-0.228268987673117,0.336134453781513,0,0.336134453781513,0.336134453781513,0.041157433107703,1.12689062556023,"clonal"]
["G13402","CLOCK","nonsense","chr4",56336953,"TA","T","p.L123*fs*1",0.00719424460431655,140,1,"known",0,"chr4:g.56336954_56336954del","predicted driver: tier 1",157,"TRUE","SNV","-","CLOCK","ts","NA","NA","NA","NA","NA","+",7.14285714285714E-3,"M",0.34,-0.884696,1,1,0,-0.165337731946661,0.0348739495798319,0,0.0348739495798319,0.0348739495798319,0.000882852128564704,0.191162222930604,"subclonal"]
["G13402","STK33","missense","chr11",8496277,"C","T","p.R59K",0.137931034482759,132,16,"known",0,"chr11:g.8496277C>T","predicted passenger",152,"FALSE","SNV","-","STK33","ts","CT","TCT","CT_TCT","TTCTC","CT_TTCTC","+",0.121212121212121,"M",0.34,-0.851959,1,1,0,-0.203533394085132,0.591800356506239,1,0.591800356506239,0.591800356506239,0.346138779149143,0.92456176832351,"subclonal"]
["G13402","FAM186A","missense","chr12",50746672,"A","G","p.F1315L",0.0357142857142857,87,3,"known",0,"chr12:g.50746672A>G","predicted passenger",75,"FALSE","SNV","-","FAM186A","nt","TC","TTT","TC_TTT","CTTTC","TC_CTTTC","-",0.0344827586206897,"M",0.34,0.497719,3,3,0,0.214124805352847,0.237322515212982,0,0.237322515212982,0.237322515212982,0.0493355946119494,0.670897506131688,"subclonal"]
["G13402","NOMO2","missense","chr16",18532182,"A","T","p.N726K",0.0487106017191977,366,17,"known",0,"chr16:g.18532182A>T","predicted passenger",522,"FALSE","SNV","-","NOMO2","nt","TA","ATG","TA_ATG","AATGA","TA_AATGA","-",0.046448087431694,"M",0.34,-0.881229,1,1,0,-0.512206158285842,0.226775956284153,0,0.226775956284153,0.226775956284153,0.133225601564498,0.358013088075878,"subclonal"]
["G13402","KRTAP4-2","missense","chr17",39334070,"T","C","p.Y116C",0.0466666666666667,157,7,"known",0,"chr17:g.39334070T>C","predicted passenger",198,"FALSE","SNV","-","KRTAP4-2","ts","TC","GTA","TC_GTA","GGTAG","TC_GGTAG","+",0.0445859872611465,"M",0.34,-1.29253,0,0,0,-0.334735871187983,0.173098538778569,0,0.173098538778569,0.173098538778569,0.0703138922679742,0.348264688813742,"subclonal"]
["G13402","DDX42","missense","chr17",61886234,"G","A","p.V360I",0.0119047619047619,170,2,"known",0,"chr17:g.61886234G>A","predicted passenger",184,"FALSE","SNV","+","DDX42","ts","CT","ACG","CT_ACG","TACGG","CT_TACGG","-",0.0117647058823529,"M",0.34,0.609137,3,3,0,-0.114171019919311,0.0809688581314879,0,0.0809688581314879,0.0809688581314879,9.82765259869481E-3,0.288027092008505,"subclonal"]
["G13402","ARMCX4","missense","chrX",100749019,"G","A","p.A1815T",0.0833333333333333,26,2,"known",0,"chrX:g.100749019G>A","predicted passenger",31,"FALSE","SNV","+","ARMCX4","ts","CT","GCC","CT_GCC","AGCCC","CT_AGCCC","-",0.0769230769230769,"M",0.34,-0.150191,2,2,0,-0.253756592245783,0.30316742081448,0,0.30316742081448,0.30316742081448,0.0556199470806632,1.47825245114926,"clonal"]
["G13402","SPTA1","missense","chr1",158612223,"T","A","p.D1572V",0.2375,261,62,"unknown",1,"chr1:g.158612223T>A","predicted passenger",284,"FALSE","SNV","-","SPTA1","ts","TA","ATC","TA_ATC","CATCA","TA_CATCA","+",0.237547892720307,"M",0.34,-0.17213,2,2,0,-0.121841122934798,1.39734054541357,1,1.39734054541357,1,1.10144856409584,1.72892059309446,"clonal"]
["G13402","CACNA1S","missense","chr1",201016338,"C","T","p.A1525T",0.382,267,102,"unknown",0,"chr1:g.201016338C>T","predicted passenger",352,"FALSE","SNV","-","CACNA1S","ts","CT","GCG","CT_GCG","GGCGT","CT_GGCGT","+",0.382022471910112,"M",0.34,-0.0957923,2,2,0,-0.398735686949743,2.24719101123595,2,1.12359550561798,1,0.951381737523263,1.30360425299777,"clonal"]
["G13402","MYCN","missense","chr2",16086002,"G","A","p.R393H",0.3636,341,124,"unknown",1,"chr2:g.16086002G>A","predicted driver: tier 1",307,"TRUE","SNV","+","MYCN","ts","CT","GCG","CT_GCG","GGCGC","CT_GGCGC","-",0.363636363636364,"M",0.34,-0.0851817,2,2,0,0.151533083653993,2.13903743315508,2,1.06951871657754,1,0.919099960133377,1.22697088438676,"clonal"]
["G13402","SLC11A1","missense","chr2",219257720,"G","T","p.R394L",0.425,120,51,"unknown",0,"chr2:g.219257720G>T","predicted passenger",109,"FALSE","SNV","+","SLC11A1","ts","CA","CCG","CA_CCG","ACCGC","CA_ACCGC","-",0.425,"M",0.34,0.372475,3,3,0,0.138706270831592,2.925,3,0.975,0.975,0.769116586673945,1.18958027946475,"clonal"]
["G13402","DGKD","missense","chr2",234345007,"G","A","p.A247T",0.2458,118,29,"unknown",0,"chr2:g.234345007G>A","predicted passenger",174,"FALSE","SNV","+","DGKD","ts","CT","GCG","CT_GCG","GGCGC","CT_GGCGC","-",0.245762711864407,"M",0.34,0.04685,2,2,0,-0.560300446486887,1.4456630109671,1,1.4456630109671,1,1.00694617571484,1.96189698641332,"clonal"]
["G13402","SENP7","missense","chr3",101136558,"C","G","p.D121H",0.1724,232,40,"unknown",0,"chr3:g.101136558C>G","predicted passenger",269,"FALSE","SNV","-","SENP7","ts","CG","TCG","CG_TCG","ATCGT","CG_ATCGT","+",0.172413793103448,"M",0.34,0.000166767,2,2,0,-0.213481367429052,1.01419878296146,1,1.01419878296146,1,0.74190360282456,1.33700437046131,"clonal"]
["G13402","JAKMIP1","missense","chr4",6037706,"C","A","p.Q768H",0.3497,143,50,"unknown",0,"chr4:g.6037706C>A","predicted passenger",241,"FALSE","SNV","-","JAKMIP1","ts","CA","TCT","CA_TCT","ATCTG","CA_ATCTG","+",0.34965034965035,"M",0.34,0.0975905,2,2,0,-0.753017999451572,2.05676676264912,2,1.02838338132456,1,0.799634126949893,1.27587372560294,"clonal"]
["G13402","DRD5","missense","chr4",9784686,"G","A","p.V345I",0.383,188,72,"unknown",0,"chr4:g.9784686G>A","predicted passenger",267,"FALSE","SNV","NA","NA","NA","CT","ACG","CT_ACG","GACGA","CT_GACGA","-",0.382978723404255,"M",0.34,0.0975905,2,2,0,-0.506107080009916,2.25281602002503,2,1.12640801001252,1,0.921118860627097,1.34273452207113,"clonal"]
["G13402","TMEM165","missense","chr4",56283243,"G","T","p.L146F",0.125,18,2,"unknown",0,"chr4:g.56283243G>T","predicted passenger",23,"FALSE","SNV","+","TMEM165","ts","CA","ACA","CA_ACA","AACAA","CA_AACAA","-",0.111111111111111,"M",0.34,-0.884696,1,1,0,-0.3536369546147,0.542483660130719,1,0.542483660130719,0.542483660130719,0.0671382882436619,1.69476449438352,"clonal"]
["G13402","AGA","missense","chr4",178358607,"T","C","p.I192V",0.5746,228,131,"unknown",0,"chr4:g.178358607T>C","predicted passenger",296,"FALSE","SNV","-","AGA","ts","TC","ATA","TC_ATA","AATAT","TC_AATAT","+",0.574561403508772,"M",0.34,-1.68661,0,0,0,-0.376563351464208,2.23065015479876,2,1.11532507739938,1,0.985290690965228,1.24154596166096,"clonal"]
["G13402","PLCXD3","missense","chr5",41382112,"G","T","p.Q210K",0.2661,218,58,"unknown",0,"chr5:g.41382112G>T","predicted passenger",184,"FALSE","SNV","-","PLCXD3","nt","CA","GCA","CA_GCA","GGCAG","CA_GGCAG","-",0.26605504587156,"M",0.34,0.777709,4,4,0,0.244622368719913,2.09713977334053,2,1.04856988667026,1,0.822326549058659,1.30036423616244,"clonal"]
["G13402","PDE4D","missense","chr5",58286665,"C","T","p.R418Q",0.5241,166,87,"unknown",0,"chr5:g.58286665C>T","predicted passenger",154,"FALSE","SNV","-","PDE4D","ts","CT","CCG","CT_CCG","GCCGG","CT_GCCGG","+",0.524096385542169,"M",0.34,0.75102,4,4,0,0.108252890652023,4.13111268603827,4,1.03277817150957,1,0.877456042575941,1.18637468008637,"clonal"]
["G13402","SLCO4C1","missense","chr5",101576439,"A","G","p.M620T",0.6216,148,92,"unknown",0,"chr5:g.101576439A>G","predicted passenger",158,"FALSE","SNV","-","SLCO4C1","nt","TC","ATG","TC_ATG","TATGG","TC_TATGG","-",0.621621621621622,"M",0.34,0.138757,2,2,0,-0.0943273825481531,3.65659777424483,4,0.914149443561208,0.914149443561208,0.791620297602507,1.0293649810617,"clonal"]
["G13402","FBN2","missense","chr5",127713530,"G","C","p.N588K",0.6075,321,195,"unknown",0,"chr5:g.127713530G>C","predicted passenger",335,"FALSE","SNV","-","FBN2","nt","CG","ACG","CG_ACG","AACGG","CG_AACGG","-",0.607476635514019,"M",0.34,-0.0620898,2,2,0,-0.0615877982228316,3.57339197361187,4,0.893347993402969,0.893347993402969,0.811336261949412,0.972414478164755,"clonal"]
["G13402","SHROOM1","missense","chr5",132158786,"C","T","p.R754Q",0.3704,81,30,"unknown",0,"chr5:g.132158786C>T","predicted passenger",49,"FALSE","SNV","-","SHROOM1","ts","CT","CCG","CT_CCG","GCCGC","CT_GCCGC","+",0.37037037037037,"M",0.34,1.63392,7,7,0,0.725140158769417,4.03050108932462,4,1.00762527233115,1,0.722688707027094,1.31916684271839,"clonal"]
["G13402","LAMA2","missense","chr6",129204442,"G","A","p.G18R",0.5217,161,84,"unknown",0,"chr6:g.129204442G>A","predicted passenger",253,"FALSE","SNV","+","LAMA2","ts","CT","CCG","CT_CCG","CCCGA","CT_CCCGA","-",0.521739130434783,"M",0.34,-0.884109,1,1,0,-0.652076696579693,2.54731457800511,3,0.849104859335038,0.849104859335038,0.718841328429075,0.978042146699258,"clonal"]
["G13402","ZNF716","missense","chr7",57529280,"G","T","p.K371N",0.2329,219,51,"unknown",0,"chr7:g.57529280G>T","predicted passenger",186,"FALSE","SNV","+","ZNF716","ts","CA","TCT","CA_TCT","CTCTT","CA_CTCTT","-",0.232876712328767,"M",0.34,1.17201,5,5,0,0.235628248493142,2.06849315068493,2,1.03424657534247,1,0.793103876543567,1.30818179313415,"clonal"]
["G13402","RELN","missense","chr7",103126755,"A","G","p.I3291T",0.4516,279,126,"unknown",0,"chr7:g.103126755A>G","predicted passenger",361,"FALSE","SNV","NA","NA","NA","TC","ATA","TC_ATA","CATAG","TC_CATAG","-",0.451612903225806,"M",0.34,-0.842816,1,1,0,-0.371733715057984,2.20493358633776,2,1.10246679316888,1,0.957466847227887,1.25000225958443,"clonal"]
["G13402","PURG","nonsense","chr8",30889548,"G","A","p.R251*",0.3372,172,58,"unknown",0,"chr8:g.30889548G>A","predicted passenger",161,"FALSE","SNV","-","PURG","nt","CT","ACG","CT_ACG","AACGA","CT_AACGA","-",0.337209302325581,"M",0.34,0.552772,3,3,0,0.095347876587481,2.32079343365253,2,1.16039671682627,1,0.918875808914868,1.42160639556089,"clonal"]
["G13402","ANK1","missense","chr8",41530065,"T","C","p.I1676V",0.3348,230,77,"unknown",1,"chr8:g.41530065T>C","predicted passenger",241,"FALSE","SNV","-","ANK1","ts","TC","ATA","TC_ATA","GATAA","TC_GATAA","+",0.334782608695652,"M",0.34,0.482934,3,3,0,-0.0673992852855863,2.30409207161125,2,1.15204603580563,1,0.943254088174209,1.37571483415048,"clonal"]
["G13402","ANXA1","missense","chr9",75773681,"C","T","p.S46L",0.3919,222,87,"unknown",0,"chr9:g.75773681C>T","predicted passenger",290,"FALSE","SNV","+","ANXA1","nt","CT","TCG","CT_TCG","CTCGG","CT_CTCGG","+",0.391891891891892,"M",0.34,0.773753,4,4,0,-0.385493223664829,3.08903020667727,3,1.02967673555909,1,0.859849978675703,1.20719689247608,"clonal"]
["G13402","CDC123","missense","chr10",12252300,"T","G","p.D72E",0.3421,114,39,"unknown",0,"chr10:g.12252300T>G","predicted passenger",142,"FALSE","SNV","+","CDC123","nt","TG","ATG","TG_ATG","GATGA","TG_GATGA","+",0.342105263157895,"M",0.34,0.174194,2,2,0,-0.31685710533994,2.01238390092879,2,1.0061919504644,1,0.752412379318213,1.28475768465637,"clonal"]
["G13402","CCDC3","missense","chr10",12940423,"C","T","p.R269Q",0.493,71,35,"unknown",0,"chr10:g.12940423C>T","predicted passenger",59,"FALSE","SNV","-","CCDC3","ts","CT","CCG","CT_CCG","CCCGC","CT_CCCGC","+",0.492957746478873,"M",0.34,0.174194,2,2,0,0.267104070142841,2.89975144987572,3,0.966583816625242,0.966583816625242,0.72974253123291,1.20461297307879,"clonal"]
["G13402","EDRF1","nonsense","chr10",127442314,"C","T","p.R1149*",0.1822,269,49,"unknown",0,"chr10:g.127442314C>T","predicted passenger",276,"FALSE","SNV","+","EDRF1","nt","CT","TCG","CT_TCG","ATCGA","CT_ATCGA","+",0.182156133828996,"M",0.34,-0.0566534,2,2,0,-0.0370620942215449,1.07150666958233,1,1.07150666958233,1,0.811199808802663,1.37391565940072,"clonal"]
["G13402","MFAP5","missense","chr12",8807054,"C","A","p.A66S",0.2466,146,36,"unknown",0,"chr12:g.8807054C>A","predicted passenger",165,"FALSE","SNV","-","MFAP5","ts","CA","GCA","CA_GCA","TGCAA","CA_TGCAA","+",0.246575342465753,"M",0.34,0.395591,3,3,0,-0.176497655365799,1.69701853344077,2,0.848509266720387,0.848509266720387,0.616181892735117,1.11722375344632,"clonal"]
["G13402","ERBB3","missense","chr12",56490935,"C","G","p.S794C",0.371,283,105,"unknown",1,"chr12:g.56490935C>G","predicted passenger",293,"TRUE","SNV","+","ERBB3","nt","CG","TCT","CG_TCT","TTCTC","CG_TTCTC","+",0.371024734982332,"M",0.34,0.423729,3,3,0,-0.0500986115903655,2.55352317605487,3,0.851174392018291,0.851174392018291,0.721707257934369,0.986908851257566,"clonal"]
["G13402","NUP107","missense","chr12",69096517,"G","A","p.D228N",0.4151,212,88,"unknown",0,"chr12:g.69096517G>A","predicted driver: tier 1",172,"TRUE","SNV","+","NUP107","ts","CT","TCT","CT_TCT","GTCTC","CT_GTCTC","-",0.415094339622642,"M",0.34,0.29343,3,3,0,0.301655699861101,2.85682574916759,3,0.95227524972253,0.95227524972253,0.798388735486384,1.11168782545761,"clonal"]
["G13402","SBNO1","missense","chr12",123806166,"A","G","p.Y747H",0.2378,286,68,"unknown",0,"chr12:g.123806166A>G","predicted passenger",212,"FALSE","SNV","-","SBNO1","nt","TC","CTA","TC_CTA","ACTAT","TC_ACTAT","-",0.237762237762238,"M",0.34,0.706133,4,4,0,0.43195088221519,1.87412587412587,2,0.937062937062937,0.937062937062937,0.747331922743666,1.14856378607748,"clonal"]
["G13402","FREM2","missense","chr13",39424182,"G","T","p.K2129N",0.2877,219,63,"unknown",0,"chr13:g.39424182G>T","predicted passenger",253,"FALSE","SNV","+","FREM2","ts","CA","TCT","CA_TCT","ATCTT","CA_ATCTT","-",0.287671232876712,"M",0.34,0.153712,2,2,0,-0.208206515093137,1.69218372280419,2,0.846091861402095,0.846091861402095,0.67259188389783,1.03679845601605,"clonal"]
["G13402","SPTB","nonsense","chr14",65266594,"G","T","p.S312*",0.351,208,73,"unknown",0,"chr14:g.65266594G>T","predicted passenger",264,"FALSE","SNV","-","SPTB","nt","CA","TCG","CA_TCG","CTCGG","CA_CTCGG","-",0.350961538461538,"M",0.34,0.178495,2,2,0,-0.343954401217361,2.06447963800905,2,1.03223981900452,1,0.841897457104871,1.23527867202391,"clonal"]
["G13402","RYR3","missense","chr15",34021102,"G","T","p.D2360Y",0.1392,79,11,"unknown",0,"chr15:g.34021102G>T","predicted passenger",73,"FALSE","SNV","+","RYR3","ts","CA","TCA","CA_TCA","GTCAG","CA_GTCAG","-",0.139240506329114,"M",0.34,-0.208923,2,2,0,0.113956189297086,0.819061801935964,1,0.819061801935964,0.819061801935964,0.421238070935799,1.3852738364116,"clonal"]
["G13402","UNC13C","missense","chr15",54307445,"G","T","p.R782L",0.4106,207,85,"unknown",0,"chr15:g.54307445G>T","predicted passenger",275,"FALSE","SNV","+","UNC13C","ts","CA","TCG","CA_TCG","ATCGA","CA_ATCGA","-",0.410628019323671,"M",0.34,-0.180919,2,2,0,-0.409800850912697,2.41545893719807,2,1.20772946859903,1,1.00856468233981,1.4145349594726,"clonal"]
["G13402","AGBL1","missense","chr15",86702241,"C","A","p.R112S",0.3982,113,45,"unknown",0,"chr15:g.86702241C>A","predicted passenger",146,"FALSE","SNV","+","AGBL1","nt","CA","GCG","CA_GCG","AGCGC","CA_AGCGC","+",0.398230088495575,"M",0.34,-0.257076,1,1,0,-0.36964559646483,1.94429984383134,2,0.972149921915669,0.972149921915669,0.750250391202178,1.20740451420032,"clonal"]
["G13402","VWA3A","missense","chr16",22162025,"A","C","p.S1047R",0.459,61,28,"unknown",0,"chr16:g.22162025A>C","predicted passenger",53,"FALSE","SNV","+","VWA3A","ts","TG","CTG","TG_CTG","ACTGA","TG_ACTGA","-",0.459016393442623,"M",0.34,-0.881229,1,1,0,0.202816882999687,2.24108003857281,2,1.1205400192864,1,0.80716058695069,1.44395858776875,"clonal"]
["G13402","TAOK1","missense","chr17",27825346,"A","T","p.H337L",0.3833,120,46,"unknown",0,"chr17:g.27825346A>T","predicted passenger",99,"FALSE","SNV","+","TAOK1","ts","TA","ATG","TA_ATG","CATGA","TA_CATGA","-",0.383333333333333,"M",0.34,0.602269,3,3,0,0.277533975528909,2.63823529411765,3,0.879411764705882,0.879411764705882,0.67922373751102,1.09314064949101,"clonal"]
["G13402","STAT5B","missense","chr17",40376843,"C","T","p.R110H",0.3486,175,61,"unknown",1,"chr17:g.40376843C>T","predicted driver: tier 1",188,"TRUE","SNV","-","STAT5B","ts","CT","GCG","CT_GCG","GGCGG","CT_GGCGG","+",0.348571428571429,"M",0.34,0.743216,4,4,0,-0.103377739845309,2.74756302521008,3,0.915854341736695,0.915854341736695,0.731047042017651,1.1143966589353,"clonal"]
["G13402","RNF43","nonsense","chr17",56434940,"G","A","p.Q733*",0.5821,67,39,"unknown",1,"chr17:g.56434940G>A","predicted driver: tier 1",168,"TRUE","SNV","NA","NA","NA","CT","CCA","CT_CCA","GCCAG","CT_GCCAG","-",0.582089552238806,"M",0.34,-1.17936,0,0,0,-1.32622823232099,2.25987708516242,2,1.12993854258121,1,0.883570039715538,1.36175585489689,"clonal"]
["G13402","CHERP","missense","chr19",16630065,"C","T","p.V886M",0.3868,106,41,"unknown",0,"chr19:g.16630065C>T","predicted passenger",110,"FALSE","SNV","NA","NA","NA","CT","ACG","CT_ACG","CACGC","CT_CACGC","+",0.386792452830189,"M",0.34,0.411654,3,3,0,-0.0534392589614604,2.66204217536071,3,0.887347391786903,0.887347391786903,0.673917068595363,1.11567993316092,"clonal"]
["G13402","B3GNT3","missense","chr19",17918780,"G","C","p.R55P",0.22,71,11,"unknown",0,"chr19:g.17918780G>C","predicted passenger",75,"FALSE","SNV","+","B3GNT3","ts","CG","GCG","CG_GCG","GGCGG","CG_GGCGG","-",0.154929577464789,"M",0.34,0.411654,3,3,0,-0.0790715709911988,1.06628003314002,1,1.06628003314002,1,0.550318774637965,1.79164837757924,"clonal"]
["G13402","SLC8A2","missense","chr19",47951289,"C","T","p.V514I",0.3816,152,58,"unknown",0,"chr19:g.47951289C>T","predicted passenger",139,"FALSE","SNV","-","SLC8A2","ts","CT","ACG","CT_ACG","GACGG","CT_GACGG","+",0.381578947368421,"M",0.34,0.444883,3,3,0,0.128986440720078,2.62616099071207,3,0.875386996904025,0.875386996904025,0.697583306962168,1.06400193064721,"clonal"]
["G13402","BICRA","missense","chr19",48197721,"A","C","p.H878P",0.0943,106,10,"unknown",0,"chr19:g.48197721A>C","predicted passenger",109,"FALSE","SNV","NA","NA","NA","TG","GTG","TG_GTG","GGTGG","TG_GGTGG","-",0.0943396226415094,"M",0.34,0.444883,3,3,0,-0.0402638702137271,0.649278579356271,1,0.649278579356271,0.649278579356271,0.317775187373717,1.14698803706689,"clonal"]
["G13402","NOP53","missense","chr19",48248932,"G","C","p.R39P",0.1429,112,16,"unknown",0,"chr19:g.48248932G>C","predicted passenger",108,"FALSE","SNV","+","GLTSCR2","ts","CG","TCG","CG_TCG","CTCGC","CG_CTCGC","-",0.142857142857143,"M",0.34,0.444883,3,3,0,0.0524674198941355,0.983193277310924,1,0.983193277310924,0.983193277310924,0.577537887684287,1.52514101188124,"clonal"]
["G13402","SOX18","missense","chr20",62680249,"C","T","p.R142H",0.2709,347,94,"unknown",0,"chr20:g.62680249C>T","predicted passenger",288,"FALSE","SNV","-","SOX18","ts","CT","GCG","CT_GCG","CGCGC","CT_CGCGC","+",0.270893371757925,"M",0.34,0.650693,3,3,0,0.268866851135949,1.86438379386337,2,0.932191896931683,0.932191896931683,0.773655846210713,1.10435068204803,"clonal"]
["G13402","PLXNB2","missense","chr22",50722617,"A","G","p.L736P",0.5238,126,66,"unknown",1,"chr22:g.50722617A>G","predicted driver: tier 1",164,"TRUE","SNV","-","PLXNB2","nt","TC","CTG","TC_CTG","GCTGC","TC_GCTGC","-",0.523809523809524,"M",0.34,0.0373266,2,2,0,-0.380272081118167,3.0812324929972,3,1.02707749766573,1,0.848991683955815,1.20291883612688,"clonal"]
["G13402","PPP2R3B","missense","chrX",308034,"C","T","p.V218I",0.5252,139,73,"unknown",0,"chrX:g.308034C>T","predicted passenger",169,"FALSE","SNV","-","PPP2R3B","ts","CT","ACG","CT_ACG","GACGA","CT_GACGA","+",0.525179856115108,"M",0.34,-1.278,0,0,0,-0.281938363558677,1.01946677951756,1,1.01946677951756,1,1.7036201527347,2.36999296419776,"clonal"]
["G13402","MXRA5","missense","chrX",3229361,"C","T","p.G2295S",0.6567,134,88,"unknown",0,"chrX:g.3229361C>T","predicted passenger",129,"FALSE","SNV","-","MXRA5","ts","CT","CCG","CT_CCG","ACCGC","CT_ACCGC","+",0.656716417910448,"M",0.34,-0.108183,2,2,0,0.0548619350345184,2.58823529411765,3,0.862745098039216,0.862745098039216,1.1172643290117,1.44417853754922,"clonal"]
["G13402","FAM47B","missense","chrX",34962010,"G","T","p.E354D",0.6364,143,91,"unknown",0,"chrX:g.34962010G>T","predicted passenger",141,"FALSE","SNV","+","FAM47B","ts","CA","TCT","CA_TCT","TTCTC","CA_TTCTC","-",0.636363636363636,"M",0.34,-0.108183,2,2,0,0.0203199843795959,2.50802139037433,3,0.836007130124777,0.836007130124777,1.08204051417615,1.40217650608855,"clonal"]
["G13402","GPR50","nonsense","chrX",150349130,"G","T","p.E359*",0.6718,131,88,"unknown",0,"chrX:g.150349130G>T","predicted passenger",121,"FALSE","SNV","+","GPR50","ts","CA","TCC","CA_TCC","CTCCA","CA_CTCCA","-",0.67175572519084,"M",0.34,-0.071228,2,2,0,0.114559764262856,2.64750785810507,3,0.882502619368358,0.882502619368358,1.14571620751508,1.47300443073893,"clonal"]
["G13402","ATP2B3","missense","chrX",152818661,"G","T","p.E664D",0.5977,87,52,"unknown",1,"chrX:g.152818661G>T","predicted passenger",78,"FALSE","SNV","+","ATP2B3","ts","CA","TCT","CA_TCT","TTCTC","CA_TTCTC","-",0.597701149425287,"M",0.34,-0.071228,2,2,0,0.15754127698648,2.35564570655849,2,1.17782285327924,1,1.43255556808385,2.0631919877301,"clonal"]
["G13402","UBXN11","missense","chr1",26608885,"C","A","p.G490C",0.2381,63,15,"unknown",0,"chr1:g.26608885C>A","predicted passenger",74,"FALSE","SNV","-","UBXN11","ts","CA","CCG","CA_CCG","ACCGG","CA_ACCGG","+",0.238095238095238,"M",0.34,0.0567233,2,2,0,-0.232173442129033,1.40056022408964,1,1.40056022408964,1,0.822421459641528,2.1300963413694,"clonal"]
["G13402","PRKAA2","missense","chr1",57169651,"G","C","p.E266Q",0.1852,54,10,"unknown",0,"chr1:g.57169651G>C","predicted passenger",63,"FALSE","SNV","+","PRKAA2","ts","CG","TCA","CG_TCA","TTCAT","CG_TTCAT","-",0.185185185185185,"M",0.34,-0.228788,2,2,0,-0.222392421336448,1.08932461873638,1,1.08932461873638,1,0.544385215917947,1.84880304106005,"clonal"]
["G13402","KCND3","missense","chr1",112524659,"G","T","p.D230E",0.354,161,57,"unknown",0,"chr1:g.112524659G>T","predicted passenger",234,"FALSE","SNV","-","KCND3","nt","CA","ACA","CA_ACA","GACAC","CA_GACAC","-",0.354037267080745,"M",0.34,-0.0253369,2,2,0,-0.539447841468788,2.0825721592985,2,1.04128607964925,1,0.824660900838053,1.27403845482345,"clonal"]
["G13402","DAP3","missense","chr1",155679573,"G","C",".",0.1818,88,16,"unknown",0,"chr1:g.155679573G>C","predicted passenger",86,"FALSE","SNV","NA","NA","NA","CG","TCA","CG_TCA","ATCAT","CG_ATCAT","-",0.181818181818182,"M",0.34,0.39445,3,3,0,0.0331668639351994,1.25133689839572,1,1.25133689839572,1,0.740874592596374,1.91606060896709,"clonal"]
["G13402","SPTA1","nonsense","chr1",158614995,"G","A","p.Q1393*",0.1763,278,49,"unknown",1,"chr1:g.158614995G>A","predicted passenger",308,"TRUE","SNV","-","SPTA1","nt","CT","CCA","CT_CCA","ACCAG","CT_ACCAG","-",0.176258992805755,"M",0.34,-0.17213,2,2,0,-0.147845467971394,1.03681760473974,1,1.03681760473974,1,0.784319085972655,1.33081118774448,"clonal"]
["G13402","FMO4","missense","chr1",171292278,"T","C","p.Y90H",0.3593,231,83,"unknown",0,"chr1:g.171292278T>C","predicted passenger",242,"FALSE","SNV","+","FMO4","nt","TC","CTA","TC_CTA","ACTAT","TC_ACTAT","+",0.359307359307359,"M",0.34,-0.0254115,2,2,0,-0.0671141958585369,2.113572701808,2,1.056786350904,1,0.874813567793125,1.24953176646438,"clonal"]
["G13402","MYT1L","missense","chr2",1946829,"C","T","p.E144K",0.3256,86,28,"unknown",0,"chr2:g.1946829C>T","predicted passenger",122,"FALSE","SNV","-","MYT1L","ts","CT","TCG","CT_TCG","CTCGT","CT_CTCGT","+",0.325581395348837,"M",0.34,-0.170589,2,2,0,-0.504472582860788,1.91518467852257,2,0.957592339261286,0.957592339261286,0.671785142175513,1.27988777162681,"clonal"]
["G13402","TRIB2","missense","chr2",12880457,"G","A","p.R190Q",0.2963,81,24,"unknown",0,"chr2:g.12880457G>A","predicted passenger",73,"FALSE","SNV","+","TRIB2","ts","CT","CCG","CT_CCG","CCCGA","CT_CCCGA","-",0.296296296296296,"M",0.34,-0.0851817,2,2,0,0.150025444004607,1.74291938997821,2,0.871459694989107,0.871459694989107,0.5880276410791,1.20025956310116,"clonal"]
["G13402","PFN4","missense","chr2",24338479,"C","G","p.D122H",0.2519,131,33,"unknown",0,"chr2:g.24338479C>G","predicted passenger",108,"FALSE","SNV","NA","NA","NA","CG","TCT","CG_TCT","GTCTC","CG_GTCTC","+",0.251908396946565,"M",0.34,0.106733,2,2,0,0.278535499373982,1.48181409968568,1,1.48181409968568,1,1.05987733384811,1.97172181496206,"clonal"]
["G13402","C2orf16","missense","chr2",27804279,"C","T","p.H1614Y",0.2679,112,30,"unknown",0,"chr2:g.27804279C>T","predicted passenger",142,"FALSE","SNV","+","C2orf16","nt","CT","TCA","CT_TCA","ATCAC","CT_ATCAC","+",0.267857142857143,"M",0.34,0.106733,2,2,0,-0.342392197447078,1.57563025210084,2,0.78781512605042,0.78781512605042,0.554642761597256,1.0582442969517,"clonal"]
["G13402","TRMT61B","missense","chr2",29073223,"C","G","p.R454T",0.3073,218,67,"unknown",0,"chr2:g.29073223C>G","predicted passenger",203,"FALSE","SNV","NA","NA","NA","CG","TCT","CG_TCT","GTCTA","CG_GTCTA","+",0.307339449541284,"M",0.34,0.106733,2,2,0,0.10284840759175,1.80787911494873,2,0.903939557474366,0.903939557474366,0.725882726057929,1.09766838770661,"clonal"]
["G13402","PNPT1","missense","chr2",55900077,"G","A","p.P273S",0.2797,118,33,"unknown",0,"chr2:g.55900077G>A","predicted passenger",88,"FALSE","SNV","-","PNPT1","nt","CT","ACC","CT_ACC","CACCT","CT_CACCT","-",0.279661016949153,"M",0.34,0.192539,2,2,0,0.423211430724544,1.64506480558325,2,0.822532402791625,0.822532402791625,0.591058071055922,1.08751250256883,"clonal"]
["G13402","APLF","missense","chr2",68772404,"G","C","p.D416H",0.2632,76,20,"unknown",0,"chr2:g.68772404G>C","predicted passenger",90,"FALSE","SNV","+","APLF","ts","CG","TCA","CG_TCA","ATCAG","CG_ATCAG","-",0.263157894736842,"M",0.34,-0.0223844,2,2,0,-0.243925582886089,1.54798761609907,2,0.773993808049536,0.773993808049536,0.496292490652126,1.1081178017329,"clonal"]
["G13402","DNAH6","missense","chr2",84771598,"C","A","p.Q302K",0.0946,74,7,"unknown",0,"chr2:g.84771598C>A","predicted passenger",99,"FALSE","SNV","+","DNAH6","nt","CA","ACA","CA_ACA","TACAA","CA_TACAA","+",0.0945945945945946,"M",0.34,-0.133185,2,2,0,-0.41990325445066,0.556438791732909,1,0.556438791732909,0.556438791732909,0.228729570581972,1.08963303807926,"clonal"]
["G13402","KCTD18","nonsense","chr2",201354849,"C","A","p.E419*",0.1111,18,2,"unknown",0,"chr2:g.201354849C>A","predicted passenger",21,"FALSE","SNV","-","KCTD18","ts","CA","TCA","CA_TCA","CTCAG","CA_CTCAG","+",0.111111111111111,"M",0.34,0.0290729,2,2,0,-0.222392421336448,0.65359477124183,1,0.65359477124183,0.65359477124183,0.0808895039080264,2.04188493299219,"clonal"]
["G13402","ASB18","missense","chr2",237172946,"C","T","p.D15N",0.2041,147,30,"unknown",0,"chr2:g.237172946C>T","predicted passenger",168,"FALSE","SNV","NA","NA","NA","CT","TCT","CT_TCT","ATCTG","CT_ATCTG","+",0.204081632653061,"M",0.34,0.04685,2,2,0,-0.192645077942396,1.20048019207683,1,1.20048019207683,1,0.83606368011744,1.63730534163215,"clonal"]
["G13402","CYP8B1","missense","chr3",42916354,"C","A","p.A319S",0.1111,18,2,"unknown",0,"chr3:g.42916354C>A","predicted passenger",32,"FALSE","SNV","NA","NA","NA","CA","GCC","CA_GCC","GGCCT","CA_GGCCT","+",0.111111111111111,"M",0.34,-1.03757,1,1,0,-0.830074998557688,0.542483660130719,1,0.542483660130719,0.542483660130719,0.0671382882436619,1.69476449438352,"clonal"]
["G13402","TOPAZ1","missense","chr3",44285791,"C","T","p.S598L",0.0509,216,11,"unknown",0,"chr3:g.44285791C>T","predicted passenger",260,"FALSE","SNV","+","TOPAZ1","nt","CT","TCA","CT_TCA","ATCAG","CT_ATCAG","+",0.0509259259259259,"M",0.34,-1.03757,1,1,0,-0.267480310864986,0.248638344226579,0,0.248638344226579,0.248638344226579,0.125441762677433,0.435955222142326,"subclonal"]
["G13402","XCR1","missense","chr3",46062784,"C","T","p.R219Q",0.5424,118,64,"unknown",0,"chr3:g.46062784C>T","predicted passenger",194,"FALSE","SNV","-","XCR1","ts","CT","CCG","CT_CCG","GCCGC","CT_GCCGC","+",0.542372881355932,"M",0.34,-1.03757,1,1,0,-0.717269792825287,2.64805583250249,3,0.882685277500831,0.882685277500831,0.729377318341876,1.0324491268874,"clonal"]
["G13402","ABI3BP","missense","chr3",100470405,"T","C","p.I1035V",0.125,56,7,"unknown",0,"chr3:g.100470405T>C","predicted passenger",64,"FALSE","SNV","-","ABI3BP","ts","TC","ATT","TC_ATT","GATTG","TC_GATTG","+",0.125,"M",0.34,0.000166767,2,2,0,-0.192645077942396,0.735294117647059,1,0.735294117647059,0.735294117647059,0.304497087524708,1.41607399795335,"clonal"]
["G13402","ASTE1","missense","chr3",130743542,"G","C","p.F203L",0.2174,46,10,"unknown",0,"chr3:g.130743542G>C","predicted passenger",63,"FALSE","SNV","-","ASTE1","nt","CG","TCT","CG_TCT","TTCTG","CG_TTCTG","-",0.217391304347826,"M",0.34,-0.00682772,2,2,0,-0.453717967442904,1.27877237851662,1,1.27877237851662,1,0.644010000993054,2.13896681538469,"clonal"]
["G13402","CLRN1","missense","chr3",150659428,"C","A","p.G125V",0.4066,241,98,"unknown",0,"chr3:g.150659428C>A","predicted passenger",279,"FALSE","SNV","NA","NA","NA","CA","TCC","CA_TCC","TTCCA","CA_TTCCA","+",0.406639004149378,"M",0.34,-0.00414499,2,2,0,-0.211231975599226,2.39199414205516,2,1.19599707102758,1,1.01188395310353,1.38695119491711,"clonal"]
["G13402","MLF1","missense","chr3",158317946,"C","A","p.F215L",0.4205,88,37,"unknown",1,"chr3:g.158317946C>A","predicted passenger",48,"TRUE","SNV","+","MLF1","nt","CA","TCA","CA_TCA","TTCAT","CA_TTCAT","+",0.420454545454545,"M",0.34,-0.00414499,2,2,0,0.874469117916141,2.47326203208556,2,1.23663101604278,1,0.929298693642563,1.56016617719398,"clonal"]
["G13402","SEL1L3","missense","chr4",25849330,"G","C","p.Q107E",0.2057,209,43,"unknown",0,"chr4:g.25849330G>C","predicted passenger",216,"FALSE","SNV","-","SEL1L3","nt","CG","TCA","CG_TCA","CTCAG","CG_CTCAG","-",0.205741626794258,"M",0.34,0.12009,2,2,0,-0.0475283700825858,1.21024486349564,1,1.21024486349564,1,0.900466634003169,1.57031252475989,"clonal"]
["G13402","ARAP2","missense","chr4",36212016,"G","C","p.Q495E",0.1648,91,15,"unknown",0,"chr4:g.36212016G>C","predicted passenger",85,"FALSE","SNV","-","ARAP2","nt","CG","TCA","CG_TCA","CTCAA","CG_CTCAA","-",0.164835164835165,"M",0.34,0.12009,2,2,0,0.0984037040609945,0.96961861667744,1,0.96961861667744,0.96961861667744,0.560564530649924,1.51327845046901,"clonal"]
["G13402","LIMCH1","missense","chr4",41694384,"G","A","p.C1070Y",0.1935,93,18,"unknown",0,"chr4:g.41694384G>A","predicted passenger",131,"FALSE","SNV","NA","NA","NA","CT","GCA","CT_GCA","AGCAA","CT_AGCAA","-",0.193548387096774,"M",0.34,-0.0879479,2,2,0,-0.494264190429419,1.13851992409867,1,1.13851992409867,1,0.699605268519815,1.69723977281495,"clonal"]
["G13402","CTNND2","missense","chr5",11385077,"C","T","p.A293T",0.1416,113,16,"unknown",1,"chr5:g.11385077C>T","predicted passenger",142,"FALSE","SNV","-","CTNND2","ts","CT","GCG","CT_GCG","GGCGT","CT_GGCGT","+",0.141592920353982,"M",0.34,0.359123,3,3,0,-0.329568157089494,0.974492451847996,1,0.974492451847996,0.974492451847996,0.572282285633328,1.51227519981178,"clonal"]
["G13402","MYO10","missense","chr5",16701413,"C","G","p.E1031Q",0.0792,101,8,"unknown",0,"chr5:g.16701413C>G","predicted passenger",91,"FALSE","SNV","-","MYO10","ts","CG","TCT","CG_TCT","CTCTG","CG_CTCTG","+",0.0792079207920792,"M",0.34,0.837826,4,4,0,0.150416842553099,0.624344787419918,1,0.624344787419918,0.624344787419918,0.274439176084617,1.18326887851069,"clonal"]
["G13402","MYO10","missense","chr5",16701686,"C","G","p.E940Q",0.1519,270,41,"unknown",0,"chr5:g.16701686C>G","predicted passenger",246,"FALSE","SNV","-","MYO10","ts","CG","TCC","CG_TCC","CTCCT","CG_CTCCT","+",0.151851851851852,"M",0.34,0.837826,4,4,0,0.134301091711591,1.19694989106754,1,1.19694989106754,1,0.876735828969346,1.57894842146272,"clonal"]
["G13402","LNPEP","missense","chr5",96328758,"C","T","p.H391Y",0.3377,151,51,"unknown",0,"chr5:g.96328758C>T","predicted passenger",166,"FALSE","SNV","+","LNPEP","nt","CT","TCA","CT_TCA","TTCAT","CT_TTCAT","+",0.337748344370861,"M",0.34,0.138757,2,2,0,-0.136634692021846,1.98675496688742,2,0.993377483443709,0.993377483443709,0.773189241848103,1.23271027823923,"clonal"]
["G13402","KDM3B","missense","chr5",137727525,"C","T","p.P735L",0.5778,135,78,"unknown",0,"chr5:g.137727525C>T","predicted passenger",143,"FALSE","SNV","+","KDM3B","nt","CT","CCC","CT_CCC","GCCCA","CT_GCCCA","+",0.577777777777778,"M",0.34,0.466843,3,3,0,-0.0830557397275585,3.97647058823529,4,0.994117647058823,0.994117647058823,0.842786371041579,1.13944684743003,"clonal"]
["G13402","STK10","missense","chr5",171554400,"C","G","p.G116A",0.4483,116,52,"unknown",0,"chr5:g.171554400C>G","predicted passenger",110,"FALSE","SNV","-","STK10","ts","CG","TCC","CG_TCC","CTCCC","CG_CTCCC","+",0.448275862068966,"M",0.34,0.41871,3,3,0,0.0766212816029124,3.08519269776876,3,1.02839756592292,1,0.816375237963227,1.24662571190481,"clonal"]
["G13402","TRIM7","missense","chr5",180631770,"C","T","p.G114E",0.3826,115,44,"unknown",0,"chr5:g.180631770C>T","predicted passenger",95,"FALSE","SNV","-","TRIM7","ts","CT","TCC","CT_TCC","CTCCC","CT_CTCCC","+",0.382608695652174,"M",0.34,0.441105,3,3,0,0.275634442613427,2.63324808184143,3,0.877749360613811,0.877749360613811,0.673415523818638,1.09631033589223,"clonal"]
["G13402","PHF3","missense","chr6",64423203,"C","A","p.Q1907K",0.0606,66,4,"unknown",0,"chr6:g.64423203C>A","predicted passenger",150,"FALSE","SNV","+","PHF3","nt","CA","ACA","CA_ACA","AACAG","CA_AACAG","+",0.0606060606060606,"M",0.34,-0.889447,1,1,0,-1.18442457113743,0.295900178253119,0,0.295900178253119,0.295900178253119,0.0818195578792908,0.722429871029717,"subclonal"]
["G13402","SYNCRIP","missense","chr6",86325003,"C","T","p.R448H",0.4821,56,27,"unknown",0,"chr6:g.86325003C>T","predicted passenger",86,"FALSE","SNV","-","SYNCRIP","ts","CT","ACG","CT_ACG","CACGC","CT_CACGC","+",0.482142857142857,"M",0.34,-0.55585,1,1,0,-0.618909832644494,2.35399159663866,2,1.17699579831933,1,0.846001589942644,1.51275848319407,"clonal"]
["G13402","DNAAF5","missense","chr7",766685,"C","A","p.P110T",0.1538,13,2,"unknown",0,"chr7:g.766685C>A","predicted passenger",16,"FALSE","SNV","NA","NA","NA","CA","GCC","CA_GCC","GGCCC","CA_GGCCC","+",0.153846153846154,"M",0.34,-0.590665,1,1,0,-0.299560281858908,0.751131221719457,1,0.751131221719457,0.751131221719457,0.0937737514441096,2.21888809536202,"clonal"]
["G13402","FAM200A","missense","chr7",99145586,"C","G","p.D149H",0.15,280,42,"unknown",0,"chr7:g.99145586C>G","predicted passenger",193,"FALSE","SNV","-","FAM200A","ts","CG","TCA","CG_TCA","ATCAG","CG_ATCAG","+",0.15,"M",0.34,1.73046,7,7,0,0.536825979676886,1.63235294117647,2,0.816176470588235,0.816176470588235,0.600131071037979,1.07354753826077,"clonal"]
["G13402","ATXN7L1","missense","chr7",105279986,"C","G","p.G298A",0.3158,95,30,"unknown",0,"chr7:g.105279986C>G","predicted passenger",137,"FALSE","SNV","-","ATXN7L1","ts","CG","TCC","CG_TCC","CTCCA","CG_CTCCA","+",0.315789473684211,"M",0.34,-0.842816,1,1,0,-0.528176474629579,1.54179566563467,2,0.770897832817337,0.770897832817337,0.547360077001359,1.0233591525651,"clonal"]
["G13402","VPS13B","missense","chr8",100286549,"C","T","p.A880V",0.3288,295,97,"unknown",0,"chr8:g.100286549C>T","predicted passenger",330,"FALSE","SNV","+","VPS13B","nt","CT","GCC","CT_GCC","TGCCA","CT_TGCCA","+",0.328813559322034,"M",0.34,0.480719,3,3,0,-0.161751069996612,2.2630109670987,2,1.13150548354935,1,0.947943075639976,1.32704384776413,"clonal"]
["G13402","KCNQ3","missense","chr8",133492734,"C","T","p.G16S",0.2593,27,7,"unknown",0,"chr8:g.133492734C>T","predicted passenger",27,"FALSE","SNV","-","KCNQ3","ts","CT","CCG","CT_CCG","GCCGC","CT_GCCGC","+",0.259259259259259,"M",0.34,0.145288,2,2,0,0,1.52505446623094,2,0.762527233115468,0.762527233115468,0.326895773074831,1.36131983022403,"clonal"]
["G13402","SMARCA2","missense","chr9",2110415,"C","G","p.Q1152E",0.1,50,5,"unknown",0,"chr9:g.2110415C>G","predicted passenger",59,"FALSE","SNV","+","SMARCA2","nt","CG","TCA","CG_TCA","ATCAG","CG_ATCAG","+",0.1,"M",0.34,-1.75525,0,0,0,-0.238786859587117,0.388235294117647,0,0.388235294117647,0.388235294117647,0.129185657463264,0.846878481450432,"subclonal"]
["G13402","RECK","missense","chr9",36120706,"C","A","p.D837E",0.0714,112,8,"unknown",0,"chr9:g.36120706C>A","predicted passenger",178,"FALSE","SNV","+","RECK","nt","CA","ACA","CA_ACA","GACAA","CA_GACAA","+",0.0714285714285714,"M",0.34,-1.24129,0,0,0,-0.668378508908794,0.277310924369748,0,0.277310924369748,0.277310924369748,0.121675862271203,0.527599244908108,"subclonal"]
["G13402","DLG5","missense","chr10",79581180,"G","A","p.S1021F",0.1871,139,26,"unknown",0,"chr10:g.79581180G>A","predicted passenger",148,"FALSE","SNV","-","DLG5","nt","CT","TCC","CT_TCC","CTCCA","CT_CTCCA","-",0.18705035971223,"M",0.34,-0.182383,2,2,0,-0.0905122929054424,1.10029623360135,1,1.10029623360135,1,0.741037500611423,1.54079528768438,"clonal"]
["G13402","TRIM21","missense","chr11",4406576,"T","A","p.N456I",0.5,86,43,"unknown",0,"chr11:g.4406576T>A","predicted passenger",118,"FALSE","SNV","-","TRIM21","ts","TA","GTT","TA_GTT","TGTTT","TA_TGTTT","+",0.5,"M",0.34,-0.851959,1,1,0,-0.456378294659743,2.44117647058824,2,1.22058823529412,1,0.952492719874232,1.488683750714,"clonal"]
["G13402","OR52E2","missense","chr11",5080769,"C","T","p.G30D",0.2344,64,15,"unknown",0,"chr11:g.5080769C>T","predicted passenger",100,"FALSE","SNV","-","OR52E2","ts","CT","GCC","CT_GCC","AGCCG","CT_AGCCG","+",0.234375,"M",0.34,-0.851959,1,1,0,-0.643856189774725,1.14430147058824,1,1.14430147058824,1,0.671399100621734,1.74267830369942,"clonal"]
["G13402","ST5","missense","chr11",8751513,"G","A","p.R442C",0.2778,36,10,"unknown",0,"chr11:g.8751513G>A","predicted passenger",58,"FALSE","SNV","-","ST5","nt","CT","CCG","CT_CCG","ACCGC","CT_ACCGC","-",0.277777777777778,"M",0.34,-0.851959,1,1,0,-0.68805599368526,1.3562091503268,1,1.3562091503268,1,0.693306066050728,2.20614559062533,"clonal"]
["G13402","GUCY1A2","missense","chr11",106888628,"C","T","p.A52T",0.4762,21,10,"unknown",0,"chr11:g.106888628C>T","predicted passenger",33,"FALSE","SNV","-","GUCY1A2","ts","CT","GCG","CT_GCG","TGCGG","CT_TGCGG","+",0.476190476190476,"M",0.34,-0.946267,1,1,0,-0.652076696579693,2.3249299719888,2,1.1624649859944,1,0.627701235050934,1.71417742296934,"clonal"]
["G13402","SIDT2","missense","chr11",117063046,"C","T","p.T650M",0.5783,83,48,"unknown",0,"chr11:g.117063046C>T","predicted passenger",134,"FALSE","SNV","+","SIDT2","nt","CT","ACG","CT_ACG","CACGC","CT_CACGC","+",0.578313253012048,"M",0.34,-0.732427,1,1,0,-0.691049759110848,2.82352941176471,3,0.941176470588235,0.941176470588235,0.756590066765222,1.11639670622374,"clonal"]
["G13402","SCAF11","missense","chr12",46322234,"G","C","p.P417R",0.4876,201,98,"unknown",0,"chr12:g.46322234G>C","predicted passenger",181,"FALSE","SNV","-","SCAF11","nt","CG","CCT","CG_CCT","ACCTG","CG_ACCTG","-",0.487562189054726,"M",0.34,0.310961,3,3,0,0.151205804095723,3.35557506584723,3,1.11852502194908,1,0.955751046028649,1.28215294597173,"clonal"]
["G13402","KRT85","missense","chr12",52757857,"C","T","p.E261K",0.1963,219,43,"unknown",0,"chr12:g.52757857C>T","predicted passenger",266,"FALSE","SNV","-","KRT85","ts","CT","TCA","CT_TCA","TTCAT","CT_TTCAT","+",0.19634703196347,"M",0.34,0.280882,3,3,0,-0.280495375900016,1.35132957292506,1,1.35132957292506,1,1.00408590273157,1.75651879376519,"clonal"]
["G13402","TMBIM4","nonsense","chr12",66531931,"C","A","p.E176*",0.0761,92,7,"unknown",0,"chr12:g.66531931C>A","predicted passenger",101,"FALSE","SNV","NA","NA","NA","CA","TCA","CA_TCA","CTCAC","CA_CTCAC","+",0.0760869565217391,"M",0.34,0.29343,3,3,0,-0.134649526694782,0.523657289002557,1,0.523657289002557,0.523657289002557,0.214301139721442,1.03581218414979,"clonal"]
["G13402","SLC8B1","missense","chr12",113753180,"G","C","p.I365M",0.25,88,22,"unknown",0,"chr12:g.113753180G>C","predicted passenger",101,"FALSE","SNV","-","SLC8B1","nt","CG","TCA","CG_TCA","ATCAG","CG_ATCAG","-",0.25,"M",0.34,0.41005,3,3,0,-0.198779864114497,1.72058823529412,2,0.860294117647059,0.860294117647059,0.563596205418742,1.21708806699259,"clonal"]
["G13402","SRRM4","missense","chr12",119594329,"G","A","p.R521Q",0.2797,143,40,"unknown",0,"chr12:g.119594329G>A","predicted passenger",129,"FALSE","SNV","+","SRRM4","ts","CT","CCG","CT_CCG","GCCGA","CT_GCCGA","-",0.27972027972028,"M",0.34,0.420472,3,3,0,0.148644081355135,1.92513368983957,2,0.962566844919786,0.962566844919786,0.715587360395127,1.24177678867279,"clonal"]
["G13402","LRRC43","missense","chr12",122672290,"C","G","p.L189V",0.246,126,31,"unknown",0,"chr12:g.122672290C>G","predicted passenger",151,"FALSE","SNV","+","LRRC43","nt","CG","TCT","CG_TCT","GTCTG","CG_GTCTG","+",0.246031746031746,"M",0.34,0.771074,4,4,0,-0.261124815825162,1.93930905695612,2,0.969654528478058,0.969654528478058,0.684554215472226,1.30328181310016,"clonal"]
["G13402","TDRD3","missense","chr13",61034670,"A","C","p.I117L",0.322,59,19,"unknown",0,"chr13:g.61034670A>C","predicted passenger",53,"FALSE","SNV","+","TDRD3","ts","TG","ATT","TG_ATT","TATTT","TG_TATTT","-",0.322033898305085,"M",0.34,0.188949,2,2,0,0.154722594798642,1.89431704885344,2,0.94715852442672,0.94715852442672,0.606607391593222,1.34229408533165,"clonal"]
["G13402","PCDH20","missense","chr13",61989195,"G","A","p.R33C",0.3158,57,18,"unknown",0,"chr13:g.61989195G>A","predicted passenger",89,"FALSE","SNV","-","PCDH20","nt","CT","TCG","CT_TCG","ATCGT","CT_ATCGT","-",0.315789473684211,"M",0.34,-0.164672,2,2,0,-0.642843416801656,1.85758513931889,2,0.928792569659443,0.928792569659443,0.585441405112406,1.33067600526109,"clonal"]
["G13402","MYCBP2","missense","chr13",77755878,"A","C","p.H1633Q",0.2097,124,26,"unknown",0,"chr13:g.77755878A>C","predicted passenger",119,"FALSE","SNV","-","MYCBP2","nt","TG","ATC","TG_ATC","CATCG","TG_CATCG","-",0.209677419354839,"M",0.34,0.157995,2,2,0,0.0593785470789318,1.23339658444023,1,1.23339658444023,1,0.83396939721711,1.7172756614535,"clonal"]
["G13402","PCNX4","missense","chr14",60585079,"C","A","p.F537L",0.0533,75,4,"unknown",0,"chr14:g.60585079C>A","predicted passenger",106,"FALSE","SNV","+","PCNXL4","nt","CA","TCA","CA_TCA","TTCAT","CA_TTCAT","+",0.0533333333333333,"M",0.34,0.178495,2,2,0,-0.499101764067318,0.313725490196078,0,0.313725490196078,0.313725490196078,0.0865927332892835,0.77035768987338,"subclonal"]
["G13402","ELMSAN1","missense","chr14",74203744,"C","T","p.R569H",0.2364,55,13,"unknown",0,"chr14:g.74203744C>T","predicted passenger",50,"FALSE","SNV","-","ELMSAN1","ts","CT","GCG","CT_GCG","TGCGG","CT_TGCGG","+",0.236363636363636,"M",0.34,0.178495,2,2,0,0.137503523749935,1.3903743315508,1,1.3903743315508,1,0.778111735200755,2.17761813311274,"clonal"]
["G13402","ANGEL1","missense","chr14",77273115,"G","A","p.R342C",0.3134,67,21,"unknown",0,"chr14:g.77273115G>A","predicted passenger",100,"FALSE","SNV","-","ANGEL1","nt","CT","CCG","CT_CCG","TCCGC","CT_TCCGC","-",0.313432835820896,"M",0.34,0.178495,2,2,0,-0.577766999316952,1.84372256365233,2,0.921861281826163,0.921861281826163,0.604643306274431,1.28940592921002,"clonal"]
["G13402","SPATA7","missense","chr14",88892994,"G","A","p.R264K",0.0702,171,12,"unknown",0,"chr14:g.88892994G>A","predicted passenger",174,"FALSE","SNV","+","SPATA7","ts","CT","TCT","CT_TCT","TTCTT","CT_TTCTT","-",0.0701754385964912,"M",0.34,0.178495,2,2,0,-0.0250909809628305,0.412796697626419,0,0.412796697626419,0.412796697626419,0.216377389977511,0.702196404130775,"subclonal"]
["G13402","BAHD1","missense","chr15",40750733,"C","A","p.Q24K",0.1111,36,4,"unknown",0,"chr15:g.40750733C>A","predicted passenger",45,"FALSE","SNV","+","BAHD1","nt","CA","GCA","CA_GCA","TGCAG","CA_TGCAG","+",0.111111111111111,"M",0.34,-0.103208,2,2,0,-0.321928094887362,0.65359477124183,1,0.65359477124183,0.65359477124183,0.183036117323619,1.53300541476958,"clonal"]
["G13402","GOLGA6B","missense","chr15",72955020,"G","C","p.K425N",0.1053,19,2,"unknown",0,"chr15:g.72955020G>C","predicted passenger",36,"FALSE","SNV","+","GOLGA6B","ts","CG","GCT","CG_GCT","TGCTT","CG_TGCTT","-",0.105263157894737,"M",0.34,-0.202705,2,2,0,-0.921997487998727,0.619195046439628,1,0.619195046439628,0.619195046439628,0.0765421433633968,1.94927449680451,"clonal"]
["G13402","ADAMTS7","missense","chr15",79057024,"G","A","p.A1431V",0.1111,18,2,"unknown",0,"chr15:g.79057024G>A","predicted passenger",45,"FALSE","SNV","-","ADAMTS7","nt","CT","GCG","CT_GCG","TGCGG","CT_TGCGG","-",0.111111111111111,"M",0.34,-0.0809583,2,2,0,-1.32192809488736,0.65359477124183,1,0.65359477124183,0.65359477124183,0.0808895039080264,2.04188493299219,"clonal"]
["G13402","ADAMTS17","missense","chr15",100871113,"C","A","p.Q199H",0.0714,56,4,"unknown",0,"chr15:g.100871113C>A","predicted passenger",126,"FALSE","SNV","-","ADAMTS17","ts","CA","GCT","CA_GCT","AGCTG","CA_AGCTG","+",0.0714285714285714,"M",0.34,-9.96578,0,0,0,-1.16992500144231,0.277310924369748,0,0.277310924369748,0.277310924369748,0.0768858517401625,0.671277063364612,"subclonal"]
["G13402","TBL3","missense","chr16",2024666,"C","A","p.T122N",0.0732,41,3,"unknown",0,"chr16:g.2024666C>A","predicted passenger",76,"FALSE","SNV","+","TBL3","nt","CA","ACT","CA_ACT","CACTC","CA_CACTC","+",0.0731707317073171,"M",0.34,-0.811508,1,1,0,-0.890375508825502,0.357245337159254,0,0.357245337159254,0.357245337159254,0.0749513021925637,0.972789188544883,"clonal"]
["G13402","ABAT","missense","chr16",8870315,"A","G","p.K413E",0.5064,235,119,"unknown",0,"chr16:g.8870315A>G","predicted passenger",299,"FALSE","SNV","+","ABAT","ts","TC","TTC","TC_TTC","CTTCC","TC_CTTCC","-",0.506382978723404,"M",0.34,-0.804897,1,1,0,-0.347484727633105,2.47234042553191,2,1.23617021276596,1,1.07559743291096,1.39634502304973,"clonal"]
["G13402","NPIPB15","missense","chr16",74425688,"C","G","p.Q348E",0.0776,876,68,"unknown",0,"chr16:g.74425688C>G","predicted passenger",832,"FALSE","SNV","+","NPIPB15","nt","CG","TCA","CG_TCA","CTCAG","CG_CTCAG","+",0.0776255707762557,"M",0.34,1.35108,6,6,0,0.0743473414600813,0.767123287671233,1,0.767123287671233,0.767123287671233,0.600655648767865,0.962281218465812,"clonal"]
["G13402","NOS2","missense","chr17",26096006,"G","T","p.F677L",0.3684,38,14,"unknown",0,"chr17:g.26096006G>T","predicted passenger",26,"FALSE","SNV","-","NOS2","nt","CA","TCA","CA_TCA","TTCAA","CA_TTCAA","-",0.368421052631579,"M",0.34,0.692244,3,3,0,0.547487795302493,2.53560371517028,3,0.845201238390093,0.845201238390093,0.500404492279407,1.23895478523217,"clonal"]
["G13402","KRTAP4-8","missense","chr17",39254191,"C","T","p.C49Y",0.3925,186,73,"unknown",0,"chr17:g.39254191C>T","predicted passenger",206,"FALSE","SNV","-","KRTAP4-8","ts","CT","GCA","CT_GCA","AGCAG","CT_AGCAG","+",0.39247311827957,"M",0.34,-1.29253,0,0,0,-0.147341716075187,1.52371916508539,2,0.761859582542694,0.761859582542694,0.624743414682051,0.905741057431613,"subclonal"]
["G13402","BECN1","missense","chr17",40972799,"G","A","p.S64L",0.1591,132,21,"unknown",0,"chr17:g.40972799G>A","predicted passenger",123,"FALSE","SNV","-","BECN1","nt","CT","TCA","CT_TCA","CTCAG","CT_CTCAG","-",0.159090909090909,"M",0.34,0.743216,4,4,0,0.101879614019214,1.25401069518717,1,1.25401069518717,1,0.798166866828085,1.83539564089395,"clonal"]
["G13402","UNC13D","missense","chr17",73829052,"G","T","p.F814L",0.2124,226,48,"unknown",0,"chr17:g.73829052G>T","predicted passenger",187,"FALSE","SNV","-","UNC13D","nt","CA","TCA","CA_TCA","TTCAG","CA_TTCAG","-",0.212389380530973,"M",0.34,1.42781,6,6,0,0.273284502527551,2.09890681936491,2,1.04945340968246,1,0.795270516640783,1.34174181502228,"clonal"]
["G13402","CCDC178","nonsense","chr18",30913153,"A","T","p.Y288*",0.1667,36,6,"unknown",0,"chr18:g.30913153A>T","predicted passenger",52,"FALSE","SNV","-","CCDC178","nt","TA","ATA","TA_ATA","TATAA","TA_TATAA","-",0.166666666666667,"M",0.34,-2.20493,0,0,0,-0.53051471669878,0.647058823529412,1,0.647058823529412,0.647058823529412,0.247384048126674,1.27386185381368,"clonal"]
["G13402","CBLN2","missense","chr18",70209393,"C","A",".",0.1111,18,2,"unknown",0,"chr18:g.70209393C>A","predicted passenger",43,"FALSE","SNV","-","CBLN2","ts","CA","GCA","CA_GCA","TGCAT","CA_TGCAT","+",0.111111111111111,"M",0.34,-2.79336,0,0,0,-1.25633975325979,0.431372549019608,0,0.431372549019608,0.431372549019608,0.0533870725792974,1.34764405577484,"clonal"]
["G13402","ZNF236","missense","chr18",74649295,"C","T","p.S1591F",0.125,16,2,"unknown",0,"chr18:g.74649295C>T","predicted passenger",26,"FALSE","SNV","+","ZNF236","nt","CT","TCT","CT_TCT","CTCTC","CT_CTCTC","+",0.125,"M",0.34,-2.79336,0,0,0,-0.700439718141092,0.485294117647059,0,0.485294117647059,0.485294117647059,0.0602292854010187,1.48879009600302,"clonal"]
["G13402","ZNF846","missense","chr19",9869049,"A","G","p.F235S",0.2169,83,18,"unknown",0,"chr19:g.9869049A>G","predicted passenger",100,"FALSE","SNV","-","ZNF846","nt","TC","TTC","TC_TTC","CTTCA","TC_CTTCA","-",0.216867469879518,"M",0.34,0.452248,3,3,0,-0.2688167584278,1.4925584691708,1,1.4925584691708,1,0.921457990416225,2.20865022351048,"clonal"]
["G13402","NKPD1","missense","chr19",45661953,"G","A","p.A166V",0.1765,17,3,"unknown",0,"chr19:g.45661953G>A","predicted passenger",14,"FALSE","SNV","NA","NA","NA","CT","GCG","CT_GCG","AGCGG","CT_AGCGG","-",0.176470588235294,"M",0.34,0.444883,3,3,0,0.280107919192735,1.21453287197232,1,1.21453287197232,1,0.261426644956661,2.98912888957537,"clonal"]
["G13402","DMPK","missense","chr19",46281822,"C","G","p.E180D",0.3111,90,28,"unknown",0,"chr19:g.46281822C>G","predicted passenger",139,"FALSE","SNV","-","DMPK","ts","CG","TCT","CG_TCT","ATCTC","CG_ATCTC","+",0.311111111111111,"M",0.34,0.444883,3,3,0,-0.627087976393833,2.14117647058824,2,1.07058823529412,1,0.749039274812141,1.43631788730903,"clonal"]
["G13402","DMPK","missense","chr19",46281839,"C","T","p.E175K",0.3261,92,30,"unknown",0,"chr19:g.46281839C>T","predicted passenger",138,"FALSE","SNV","-","DMPK","ts","CT","TCC","CT_TCC","CTCCC","CT_CTCCC","+",0.326086956521739,"M",0.34,0.444883,3,3,0,-0.584962500721156,2.24424552429667,2,1.12212276214834,1,0.798228447083136,1.48576428085209,"clonal"]
["G13402","SHANK1","missense","chr19",51171831,"G","A","p.A1129V",0.3857,70,27,"unknown",0,"chr19:g.51171831G>A","predicted passenger",72,"FALSE","SNV","-","SHANK1","nt","CT","GCG","CT_GCG","CGCGC","CT_CGCGC","-",0.385714285714286,"M",0.34,0.33031,3,3,0,-0.0406419844973459,2.6546218487395,3,0.884873949579832,0.884873949579832,0.623357750454344,1.16931308220732,"clonal"]
["G13402","NLRP11","missense","chr19",56300234,"C","G","p.D932H",0.3846,130,50,"unknown",0,"chr19:g.56300234C>G","predicted passenger",142,"FALSE","SNV","-","NLRP11","ts","CG","TCA","CG_TCA","ATCAT","CG_ATCAT","+",0.384615384615385,"M",0.34,0.376695,3,3,0,-0.127379306476228,2.64705882352941,3,0.882352941176471,0.882352941176471,0.689761653118,1.08729017682676,"clonal"]
["G13402","ZNF530","missense","chr19",58115652,"T","G","p.F13C",0.3285,137,45,"unknown",0,"chr19:g.58115652T>G","predicted passenger",205,"FALSE","SNV","+","ZNF530","nt","TG","TTT","TG_TTT","TTTTG","TG_TTTTG","+",0.328467153284672,"M",0.34,0.0515545,2,2,0,-0.581448016544919,1.93215972520395,2,0.966079862601975,0.966079862601975,0.737327120918702,1.21718428473087,"clonal"]
["G13402","LSS","missense","chr21",47626632,"C","A","p.K506N",0.3302,106,35,"unknown",0,"chr21:g.47626632C>A","predicted passenger",146,"FALSE","SNV","-","LSS","ts","CA","GCT","CA_GCT","CGCTT","CA_CGCTT","+",0.330188679245283,"M",0.34,-9.96578,0,0,0,-0.461904104316818,1.2819089900111,1,1.2819089900111,1,0.939136405368133,1.6625887744145,"clonal"]
["G13402","CUL4B","missense","chrX",119674237,"C","G","p.A560P",0.673,159,107,"unknown",0,"chrX:g.119674237C>G","predicted passenger",87,"FALSE","SNV","-","CUL4B","ts","CG","GCT","CG_GCT","AGCTG","CG_AGCTG","+",0.672955974842767,"M",0.34,0.129149,2,2,0,0.869939459435627,2.65223825379208,3,0.884079417930694,0.884079417930694,1.16503394279155,1.46109405816348,"clonal"]
["G13402","MACF1","missense","chr1",39853866,"C","A","p.L3056M",0.0126582278481013,160,2,"unknown",1,"chr1:g.39853866C>A","predicted driver: tier 1",134,"TRUE","SNV","+","MACF1","nt","CA","GCT","CA_GCT","AGCTG","CA_AGCTG","+",0.0125,"M",0.34,0.0760554,2,2,0,0.25583890442959,0.0735294117647059,0,0.0735294117647059,0.0735294117647059,0.00892593590110435,0.261311967240655,"subclonal"]
["G13402","CFH","missense","chr1",196697529,"C","A","p.H764N",0.0329,152,5,"unknown",0,"chr1:g.196697529C>A","predicted passenger",138,"FALSE","SNV","+","CFH","nt","CA","ACA","CA_ACA","AACAT","CA_AACAT","+",0.0328947368421053,"M",0.34,-0.21766,2,2,0,0.139403056665416,0.193498452012384,0,0.193498452012384,0.193498452012384,0.0633263925266392,0.441726478853847,"subclonal"]
["G13402","NUP133","missense","chr1",229580746,"C","A","p.W1083C",0.0136054421768707,149,2,"unknown",1,"chr1:g.229580746C>A","predicted passenger",116,"TRUE","SNV","-","NUP133","ts","CA","ACC","CA_ACC","GACCA","CA_GACCA","+",0.0134228187919463,"M",0.34,0.256663,3,3,0,0.36118752533459,0.0923805763916305,0,0.0923805763916305,0.0923805763916305,0.0112163045684573,0.327910540936249,"subclonal"]
["G13402","RAD51AP2","missense","chr2",17696820,"C","A","p.A955S",0.0125786163522013,161,2,"unknown",0,"chr2:g.17696820C>A","predicted passenger",181,"FALSE","SNV","-","RAD51AP2","ts","CA","GCT","CA_GCT","AGCTT","CA_AGCTT","+",0.0124223602484472,"M",0.34,-0.0851817,2,2,0,-0.168929008968588,0.0730727073438071,0,0.0730727073438071,0.0730727073438071,0.00887036396115391,0.259715248939047,"subclonal"]
["G13402","CAPN14","missense","chr2",31412338,"C","A","p.D432Y",0.0172,174,3,"unknown",0,"chr2:g.31412338C>A","predicted passenger",200,"FALSE","SNV","-","CAPN14","ts","CA","TCA","CA_TCA","ATCAT","CA_ATCAT","+",0.0172413793103448,"M",0.34,-0.386789,1,1,0,-0.200912693925996,0.0841784989858012,0,0.0841784989858012,0.0841784989858012,0.0174290161767266,0.241957659117979,"subclonal"]
["G13402","CEBPZ","missense","chr2",37455442,"C","A","p.L298F",0.0111,180,2,"unknown",0,"chr2:g.37455442C>A","predicted passenger",185,"FALSE","SNV","-","CEBPZ","ts","CA","GCA","CA_GCA","GGCAA","CA_GGCAA","+",0.0111111111111111,"M",0.34,0.10141,2,2,0,-0.0395283641866373,0.065359477124183,0,0.065359477124183,0.065359477124183,0.00793206465659362,0.232699078836357,"subclonal"]
["G13402","FAM136A","missense","chr2",70528087,"C","A","p.S38I",0.0227272727272727,90,2,"unknown",0,"chr2:g.70528087C>A","predicted passenger",67,"FALSE","SNV","-","FAM136A","ts","CA","GCT","CA_GCT","AGCTG","CA_AGCTG","+",0.0222222222222222,"M",0.34,0.265749,3,3,0,0.425763905871902,0.152941176470588,0,0.152941176470588,0.152941176470588,0.0186004937921934,0.536669952993334,"subclonal"]
["G13402","ZNF2","nonsense","chr2",95846998,"C","A","p.S142*",0.0116959064327485,173,2,"unknown",0,"chr2:g.95846998C>A","predicted passenger",165,"FALSE","SNV","+","ZNF2","nt","CA","TCA","CA_TCA","TTCAG","CA_TTCAG","+",0.0115606936416185,"M",0.34,0.0127579,2,2,0,0.068306013390909,0.0680040802448147,0,0.0680040802448147,0.0680040802448147,0.00825372248043535,0.241972509135624,"subclonal"]
["G13402","LNP1","nonsense","chr3",100170600,"A","ATCCTAGAAGGCATTCTCATGAGGACCAAGGAATTCCGATGCCGATCGTCTGACCGTCT","p.E75Gfs*8",0.581699346405229,242,89,"unknown",0,"chr3:g.100170600_100170601insTCCTAGAAGGCATTCTCATGAGGACCAAGGAATTCCGATGCCGATCGTCTGACCGTCT","predicted passenger",261,"FALSE","SNV","+","LNP1","ts","TAGACGGTCAGACGATCGGCATCGGAATTCCTTGGTCCTCATGAGAATGCCTTCTAGGAT","ATG","TAGACGGTCAGACGATCGGCATCGGAATTCCTTGGTCCTCATGAGAATGCCTTCTAGGAT_ATG","GATGG","TAGACGGTCAGACGATCGGCATCGGAATTCCTTGGTCCTCATGAGAATGCCTTCTAGGAT_GATGG","-",0.367768595041322,"M",0.34,0.000166767,2,2,0,-0.10904275929529,2.16334467671366,2,1.08167233835683,1,0.902666343889867,1.27033424631452,"clonal"]
["G13402","HTT","missense","chr4",3124657,"C","A","p.Q439K",0.0175438596491228,116,2,"unknown",0,"chr4:g.3124657C>A","predicted passenger",119,"FALSE","SNV","+","HTT","nt","CA","ACA","CA_ACA","AACAA","CA_AACAA","+",0.0172413793103448,"M",0.34,0.0975905,2,2,0,-0.0368367681803714,0.101419878296146,0,0.101419878296146,0.101419878296146,0.0123227879375739,0.358204942702396,"subclonal"]
["G13402","HTT","missense","chr4",3182322,"G","A","p.E1565K",0.205357142857143,135,23,"unknown",0,"chr4:g.3182322G>A","predicted passenger",123,"FALSE","SNV","+","HTT","ts","CT","TCA","CT_TCA","TTCAA","CT_TTCAA","-",0.17037037037037,"M",0.34,0.0975905,2,2,0,0.134301091711591,1.00217864923747,1,1.00217864923747,1,0.6539579006624,1.43876752606702,"clonal"]
["G13402","GDNF","missense","chr5",37815918,"G","T","p.D174E",0.01,402,4,"unknown",0,"chr5:g.37815918G>T","predicted passenger",357,"FALSE","SNV","-","GDNF","nt","CA","ACA","CA_ACA","GACAA","CA_GACAA","-",0.00995024875621891,"M",0.34,0.777709,4,4,0,0.171271427149829,0.0784313725490196,0,0.0784313725490196,0.0784313725490196,0.0214208889177099,0.199261089335753,"subclonal"]
["G13402","SYNJ2","nonsense","chr6",158505202,"C","A","p.Y1068*",0.0339,59,2,"unknown",0,"chr6:g.158505202C>A","predicted passenger",87,"FALSE","SNV","+","SYNJ2","nt","CA","ACA","CA_ACA","TACAA","CA_TACAA","+",0.0338983050847458,"M",0.34,-0.726361,1,1,0,-0.560300446486887,0.165503489531406,0,0.165503489531406,0.165503489531406,0.0201735551003713,0.571960147219802,"subclonal"]
["G13402","EVX1","missense","chr7",27284701,"C","A","p.N154K",0.00816326530612245,247,2,"unknown",0,"chr7:g.27284701C>A","predicted passenger",192,"FALSE","SNV","NA","NA","NA","CA","ACG","CA_ACG","AACGG","CA_AACGG","+",0.00809716599190283,"M",0.34,1.31758,5,5,0,0.363404730863521,0.0719218861633722,0,0.0719218861633722,0.0719218861633722,0.00872347445128699,0.257073255248446,"subclonal"]
["G13402","SLC39A14","missense","chr8",22265976,"C","A","p.Q142K",0.0185185185185185,110,2,"unknown",0,"chr8:g.22265976C>A","predicted passenger",79,"FALSE","SNV","+","SLC39A14","nt","CA","GCA","CA_GCA","AGCAG","CA_AGCAG","+",0.0181818181818182,"M",0.34,0.577285,3,3,0,0.477578965347557,0.125133689839572,0,0.125133689839572,0.125133689839572,0.0152068146742857,0.441417182774235,"subclonal"]
["G13402","TEX15","missense","chr8",30699720,"C","T","p.E2272K",0.0462962962962963,113,5,"unknown",0,"chr8:g.30699720C>T","predicted passenger",83,"FALSE","SNV","-","TEX15","ts","CT","TCT","CT_TCT","TTCTT","CT_TTCTT","+",0.0442477876106195,"M",0.34,0.552772,3,3,0,0.445139531068263,0.304528891202499,0,0.304528891202499,0.304528891202499,0.0999389896016918,0.689900673119611,"subclonal"]
["G13402","VPS13B","missense","chr8",100874135,"C","A","p.L3751I",0.0158730158730159,128,2,"unknown",0,"chr8:g.100874135C>A","predicted passenger",142,"FALSE","SNV","+","VPS13B","nt","CA","GCT","CA_GCT","GGCTT","CA_GGCTT","+",0.015625,"M",0.34,0.480719,3,3,0,-0.149747119504682,0.107536764705882,0,0.107536764705882,0.107536764705882,0.0130619703084411,0.380611943095677,"subclonal"]
["G13402","DMRT3","missense","chr9",990470,"C","A","p.A295E",0.0144,139,2,"unknown",0,"chr9:g.990470C>A","predicted passenger",180,"FALSE","SNV","+","DMRT3","nt","CA","GCA","CA_GCA","AGCAG","CA_AGCAG","+",0.0143884892086331,"M",0.34,-1.75525,0,0,0,-0.372912023606167,0.0558611933982226,0,0.0558611933982226,0.0558611933982226,0.00678358670293395,0.198032792066831,"subclonal"]
["G13402","KIAA2026","missense","chr9",5920635,"C","A","p.Q1787H",0.0138888888888889,146,2,"unknown",0,"chr9:g.5920635C>A","predicted passenger",193,"FALSE","SNV","-","KIAA2026","ts","CA","ACT","CA_ACT","AACTG","CA_AACTG","+",0.0136986301369863,"M",0.34,-1.75525,0,0,0,-0.402632478388063,0.0531829170024174,0,0.0531829170024174,0.0531829170024174,0.00645749588211618,0.188708038761987,"subclonal"]
["G13402","SYK","missense","chr9",93606242,"C","A","p.T21N",0.0327868852459016,63,2,"unknown",1,"chr9:g.93606242C>A","predicted driver: tier 1",36,"TRUE","SNV","+","SYK","nt","CA","ACC","CA_ACC","CACCC","CA_CACCC","+",0.0317460317460317,"M",0.34,0.773753,4,4,0,0.807354922057604,0.250233426704015,0,0.250233426704015,0.250233426704015,0.0304888032070659,0.86721153157588,"subclonal"]
["G13402","JCAD","missense","chr10",30315496,"C","A","p.S1194I",0.0124,161,2,"unknown",0,"chr10:g.30315496C>A","predicted passenger",189,"FALSE","SNV","-","KIAA1462","ts","CA","GCT","CA_GCT","GGCTG","CA_GGCTG","+",0.0124223602484472,"M",0.34,-0.0431612,2,2,0,-0.231325546106456,0.0730727073438071,0,0.0730727073438071,0.0730727073438071,0.00887036396115391,0.259715248939047,"subclonal"]
["G13402","KIF20B","missense","chr10",91497669,"C","A","p.T984K",0.0101,198,2,"unknown",0,"chr10:g.91497669C>A","predicted passenger",188,"FALSE","SNV","+","KIF20B","nt","CA","ACA","CA_ACA","TACAC","CA_TACAC","+",0.0101010101010101,"M",0.34,-0.182383,2,2,0,0.0747677684019721,0.05941770647653,0,0.05941770647653,0.05941770647653,0.00720958026015597,0.211823912388703,"subclonal"]
["G13402","PLCE1","missense","chr10",96073099,"C","A","p.T2031N",0,242,0,"unknown",0,"chr10:g.96073099C>A","predicted passenger",301,"FALSE","SNV","+","PLCE1","nt","CA","ACT","CA_ACT","CACTA","CA_CACTA","+",0,"M",0.34,0.00599595,2,2,0,-0.314756439485107,0,0,0,0,0,0.0889865438436205,"subclonal"]
["G13402","DCDC1","missense","chr11",31312204,"G","T","p.T317K",0.037037037037037,56,2,"unknown",0,"chr11:g.31312204G>T","predicted passenger",69,"FALSE","SNV","-","DCDC1","nt","CA","ACA","CA_ACA","AACAA","CA_AACAA","-",0.0357142857142857,"M",0.34,-0.851959,1,1,0,-0.301169534720565,0.17436974789916,0,0.17436974789916,0.17436974789916,0.0212617327945512,0.601172942294921,"subclonal"]
["G13402","FAM90A1","missense","chr12",8377415,"C","T","p.R5H",0.0326,215,7,"unknown",0,"chr12:g.8377415C>T","predicted passenger",245,"FALSE","SNV","-","FAM90A1","ts","CT","ACG","CT_ACG","CACGA","CT_CACGA","+",0.0325581395348837,"M",0.34,0.395591,3,3,0,-0.18844508941311,0.224076607387141,0,0.224076607387141,0.224076607387141,0.0907669304743799,0.453746062060299,"subclonal"]
["G13402","BICD1","missense","chr12",32458859,"C","A","p.L270I",0.0115606936416185,176,2,"unknown",0,"chr12:g.32458859C>A","predicted passenger",164,"FALSE","SNV","+","BICD1","nt","CA","ACT","CA_ACT","GACTC","CA_GACTC","+",0.0113636363636364,"M",0.34,0.276574,3,3,0,0.101879614019214,0.0782085561497326,0,0.0782085561497326,0.0782085561497326,0.00949189327803811,0.2783537722471,"subclonal"]
["G13402","LRP1","nonsense","chr12",57595597,"C","A","p.C3501*",0.032258064516129,96,3,"unknown",0,"chr12:g.57595597C>A","predicted passenger",116,"FALSE","SNV","+","LRP1","nt","CA","GCA","CA_GCA","TGCAA","CA_TGCAA","+",0.03125,"M",0.34,0.29343,3,3,0,-0.273018494406416,0.215073529411765,0,0.215073529411765,0.215073529411765,0.0446764828278898,0.609901038847214,"subclonal"]
["G13402","MARS","missense","chr12",57905648,"C","A","p.D512E",0.0294117647058824,70,2,"unknown",0,"chr12:g.57905648C>A","predicted passenger",69,"FALSE","SNV","+","MARS","nt","CA","ACA","CA_ACA","GACAA","CA_GACAA","+",0.0285714285714286,"M",0.34,0.29343,3,3,0,0.0207585601667975,0.196638655462185,0,0.196638655462185,0.196638655462185,0.0239440986654077,0.684304989457865,"subclonal"]
["G13402","USPL1","missense","chr13",31232907,"C","A","p.A898E",0.0104166666666667,194,2,"unknown",0,"chr13:g.31232907C>A","predicted passenger",175,"FALSE","SNV","+","USPL1","nt","CA","GCA","CA_GCA","GGCAG","CA_GGCAG","+",0.0103092783505155,"M",0.34,0.339557,3,3,0,0.148701730354799,0.070952092177077,0,0.070952092177077,0.070952092177077,0.00860947228282894,0.252875154905163,"subclonal"]
["G13402","ASB2","missense","chr14",94405707,"C","A","p.R455L",0.0134228187919463,151,2,"unknown",0,"chr14:g.94405707C>A","predicted passenger",163,"FALSE","SNV","-","ASB2","ts","CA","GCG","CA_GCG","TGCGC","CA_TGCGC","+",0.0132450331125828,"M",0.34,0.178495,2,2,0,-0.110323414905999,0.0779119594857811,0,0.0779119594857811,0.0779119594857811,0.00945928957995907,0.27661752527401,"subclonal"]
["G13402","PDCD7","missense","chr15",65412125,"G","T","p.Q393K",0.0174,115,2,"unknown",0,"chr15:g.65412125G>T","predicted passenger",103,"FALSE","SNV","-","PDCD7","nt","CA","ACA","CA_ACA","AACAA","CA_AACAA","-",0.0173913043478261,"M",0.34,0.114985,2,2,0,0.158989523761157,0.10230179028133,0,0.10230179028133,0.10230179028133,0.0124302989544796,0.361249015051311,"subclonal"]
["G13402","HAGHL","missense","chr16",778139,"A","G","p.E65G",0.0118343195266272,171,2,"unknown",0,"chr16:g.778139A>G","predicted passenger",150,"FALSE","SNV","+","HAGHL","ts","TC","CTC","TC_CTC","GCTCC","TC_GCTCC","-",0.0116959064327485,"M",0.34,-0.811508,1,1,0,0.189033824390017,0.0571035431716546,0,0.0571035431716546,0.0571035431716546,0.00693089215900248,0.203150272754562,"subclonal"]
["G13402","EDC4","missense","chr16",67912734,"C","A","p.Q427K",0.0206,97,2,"unknown",0,"chr16:g.67912734C>A","predicted passenger",136,"FALSE","SNV","+","EDC4","nt","CA","GCA","CA_GCA","TGCAA","CA_TGCAA","+",0.0206185567010309,"M",0.34,-0.99402,1,1,0,-0.487549999063212,0.100667070952092,0,0.100667070952092,0.100667070952092,0.012239227670402,0.353981084934733,"subclonal"]
["G13402","CCDC42","missense","chr17",8644965,"C","A","p.A107S",0.0101010101010101,200,2,"unknown",0,"chr17:g.8644965C>A","predicted passenger",228,"FALSE","SNV","-","CCDC42","ts","CA","GCG","CA_GCG","GGCGC","CA_GGCGC","+",0.01,"M",0.34,-1.04111,1,1,0,-0.189033824390017,0.0488235294117647,0,0.0488235294117647,0.0488235294117647,0.00592399812588769,0.174078675115935,"subclonal"]
["G13402","KCNH6","missense","chr17",61611470,"T","C","p.L300P",0.0261437908496732,159,4,"unknown",0,"chr17:g.61611470T>C","predicted passenger",171,"FALSE","SNV","+","KCNH6","nt","TC","CTC","TC_CTC","CCTCA","TC_CCTCA","+",0.0251572327044025,"M",0.34,0.609137,3,3,0,-0.104969559601542,0.173140954495006,0,0.173140954495006,0.173140954495006,0.0474614250626339,0.434672936835536,"subclonal"]
["G13402","ABCA10","missense","chr17",67178431,"C","A","p.D878Y",0.0422535211267606,154,6,"unknown",0,"chr17:g.67178431C>A","predicted passenger",105,"FALSE","SNV","-","ABCA10","ts","CA","TCC","CA_TCC","ATCCT","CA_ATCCT","+",0.038961038961039,"M",0.34,0.612671,3,3,0,0.552541023028779,0.268143621084798,0,0.268143621084798,0.268143621084798,0.0993126556203799,0.570343808618875,"subclonal"]
["G13402","AP3D1","missense","chr19",2114156,"C","A","p.D857Y",0.0128205128205128,158,2,"unknown",0,"chr19:g.2114156C>A","predicted passenger",138,"FALSE","SNV","-","AP3D1","ts","CA","TCT","CA_TCT","GTCTC","CA_GTCTC","+",0.0126582278481013,"M",0.34,0.399114,3,3,0,0.195256291398934,0.0871183916604616,0,0.0871183916604616,0.0871183916604616,0.0105758584000088,0.309541082725488,"subclonal"]
["G13402","ZNF304","missense","chr19",57868105,"C","A","p.H290N",0.0178571428571429,114,2,"unknown",0,"chr19:g.57868105C>A","predicted passenger",122,"FALSE","SNV","+","ZNF304","nt","CA","TCA","CA_TCA","TTCAC","CA_TTCAC","+",0.0175438596491228,"M",0.34,0.0515545,2,2,0,-0.0978473233981445,0.103199174406605,0,0.103199174406605,0.103199174406605,0.0125397024762836,0.364345254293536,"subclonal"]
["G13402","FERMT1","missense","chr20",6096497,"C","A","p.V116L",0.0115384615384615,263,3,"unknown",0,"chr20:g.6096497C>A","predicted passenger",324,"FALSE","SNV","-","FERMT1","ts","CA","ACA","CA_ACA","CACAG","CA_CACAG","+",0.0114068441064639,"M",0.34,-0.810874,1,1,0,-0.300931013592322,0.0556922388727354,0,0.0556922388727354,0.0556922388727354,0.0115153780607354,0.160980337855697,"subclonal"]
["G13402","SLC9A6","nonsense","chrX",135122295,"C","A","p.C596*",0.013986013986014,145,2,"unknown",0,"chrX:g.135122295C>A","predicted passenger",103,"FALSE","SNV","+","SLC9A6","nt","CA","GCT","CA_GCT","TGCTG","CA_TGCTG","+",0.0137931034482759,"M",0.34,-0.0798348,2,2,0,0.493408562831716,0.0543610547667343,0,0.0543610547667343,0.0543610547667343,9.85173873908257E-3,0.287857617082004,"subclonal"]
["G13402","KRTAP4-11","missense","chr17",39274422,"C","T","p.C49Y",0.0479704797047971,287,13,"unknown",0,"chr17:g.39274422C>T","predicted passenger",325,"FALSE","SNV","-","KRTAP4-11","ts","CT","GCA","CT_GCA","AGCAG","CT_AGCAG","+",0.0452961672473868,"M",0.34,-1.29253,0,0,0,-0.179388981240129,0.175855708136913,0,0.175855708136913,0.175855708136913,0.0944791725082124,0.295883314521723,"subclonal"]
["G13404","USP48","missense","chr1",22078013,"G","A","p.S254L",0.5,94,47,"known",0,"chr1:g.22078013G>A","predicted passenger",99,"FALSE","SNV","-","USP48","nt","CT","TCG","CT_TCG","CTCGG","CT_CTCGG","-",0.5,"M",0.42,0.162673,2,2,0,-0.0747677684019722,2.38095238095238,2,1.19047619047619,1,0.940607543417481,1.4403448375349,"clonal"]
["G13404","AK9","missense","chr6",109906342,"C","T","p.E700K",0.166666666666667,80,11,"known",0,"chr6:g.109906342C>T","predicted passenger",102,"FALSE","SNV","-","AK9","ts","CT","TCT","CT_TCT","TTCTT","CT_TTCTT","+",0.1375,"M",0.42,-0.585867,1,1,0,-0.350497247084133,0.517261904761905,1,0.517261904761905,0.517261904761905,0.265920894457448,0.875473752150159,"subclonal"]
["G13404","AKAP2","missense","chr9",112899835,"G","A","p.A671T",0.3582,134,48,"known",0,"chr9:g.112899835G>A","predicted passenger",190,"FALSE","SNV","NA","NA","NA","CT","GCG","CT_GCG","GGCGC","CT_GGCGC","-",0.358208955223881,"M",0.42,0.566645,3,3,0,-0.503766417873175,2.06396588486141,2,1.0319829424307,1,0.798828068789251,1.28362687116323,"clonal"]
["G13404","SCGB1D1","missense","chr11",61960895,"C","T",".",0.4711,121,57,"known",0,"chr11:g.61960895C>T","predicted passenger",177,"FALSE","SNV","+","SCGB1D1","nt","CT","TCG","CT_TCG","ATCGC","CT_ATCGC","+",0.471074380165289,"M",0.42,-0.247812,2,2,0,-0.548742312808403,2.24321133412043,2,1.12160566706021,1,0.904063155313622,1.34259827289652,"clonal"]
["G13404","FUT4","missense","chr11",94277903,"G","A","p.D202N",0.5659,129,73,"known",0,"chr11:g.94277903G>A","predicted passenger",173,"FALSE","SNV","NA","NA","NA","CT","TCG","CT_TCG","ATCGC","CT_ATCGC","-",0.565891472868217,"M",0.42,-0.650249,1,1,0,-0.423400972213471,2.12882982650425,2,1.06441491325212,1,0.894984105614371,1.22802545685433,"clonal"]
["G13404","CACNA2D4","missense","chr12",1953630,"C","T","p.R803H",0.4655,116,54,"known",0,"chr12:g.1953630C>T","predicted passenger",144,"FALSE","SNV","-","CACNA2D4","ts","CT","GCG","CT_GCG","GGCGG","CT_GGCGG","+",0.46551724137931,"M",0.42,-0.00358167,2,2,0,-0.31194400631474,2.21674876847291,2,1.10837438423645,1,0.886620298771688,1.33442156960508,"clonal"]
["G13404","C1QTNF9B","missense","chr13",24465562,"T","C","p.S290G",0.0323,62,2,"known",0,"chr13:g.24465562T>C","predicted passenger",66,"FALSE","SNV","NA","NA","NA","TC","CTG","TC_CTG","GCTGC","TC_GCTGC","+",0.032258064516129,"M",0.42,0.539866,3,3,0,-0.0901978089715781,0.185867895545315,0,0.185867895545315,0.185867895545315,0.0226486486147946,0.643714956165745,"subclonal"]
["G13404","PDX1","missense","chr13",28498834,"G","A",".",0.3333,72,24,"known",0,"chr13:g.28498834G>A","predicted passenger",87,"FALSE","SNV","+","PDX1","ts","CT","TCG","CT_TCG","ATCGT","CT_ATCGT","-",0.333333333333333,"M",0.42,0.539866,3,3,0,-0.273018494406416,1.92063492063492,2,0.96031746031746,0.96031746031746,0.652718437215961,1.30880546271651,"clonal"]
["G13404","AK7","missense","chr14",96924441,"G","A","p.D417N",0.36,75,27,"known",0,"chr14:g.96924441G>A","predicted passenger",69,"FALSE","SNV","+","AK7","ts","CT","TCG","CT_TCG","ATCGT","CT_ATCGT","-",0.36,"M",0.42,-0.0950605,2,2,0,0.120294233717712,1.71428571428571,2,0.857142857142857,0.857142857142857,0.600767592635268,1.14071806463627,"clonal"]
["G13404","GOLGA6L2","missense","chr15",23685022,"A","G","p.V867A",0.021978021978022,97,2,"known",0,"chr15:g.23685022A>G","predicted passenger",147,"FALSE","SNV","-","GOLGA6L2","nt","TC","GTG","TC_GTG","TGTGG","TC_TGTGG","-",0.0206185567010309,"M",0.42,-0.498674,1,1,0,-0.599759502649237,0.0775650466372116,0,0.0775650466372116,0.0775650466372116,0.00943045482578879,0.272746183056424,"subclonal"]
["G13404","TP53","nonsense","chr17",7578437,"G","A","p.Q165*",0.5143,140,72,"known",1,"chr17:g.7578437G>A","known in: CANCER-PR",224,"TRUE","SNV","-","TP53","nt","CT","GCA","CT_GCA","AGCAG","CT_AGCAG","-",0.514285714285714,"M",0.42,-0.510588,1,1,0,-0.678071905112638,1.93469387755102,2,0.96734693877551,0.96734693877551,0.805800767423228,1.12773233011724,"clonal"]
["G13404","ZNF257","missense","chr19",22271876,"C","T","p.R442W",0.3571,98,35,"known",0,"chr19:g.22271876C>T","predicted passenger",124,"FALSE","SNV","+","ZNF257","nt","CT","CCG","CT_CCG","ACCGG","CT_ACCGG","+",0.357142857142857,"M",0.42,0.263796,3,3,0,-0.339486466271667,2.0578231292517,2,1.02891156462585,1,0.757325319285649,1.32609746091193,"clonal"]
["G13404","ZIK1","missense","chr19",58099931,"G","A","p.A33T",0.2083,48,10,"known",0,"chr19:g.58099931G>A","predicted passenger",31,"FALSE","SNV","+","ZIK1","ts","CT","GCG","CT_GCG","GGCGA","CT_GGCGA","-",0.208333333333333,"M",0.42,0.188488,2,2,0,0.630766190334281,0.992063492063492,1,0.992063492063492,0.992063492063492,0.498527062061457,1.6662392393206,"clonal"]
["G13404","ZRANB2","missense","chr1",71535040,"C","T","p.R230H",0.1933,119,23,"known",0,"chr1:g.71535040C>T","predicted passenger",152,"FALSE","SNV","-","ZRANB2","ts","CT","ACG","CT_ACG","AACGG","CT_AACGG","+",0.19327731092437,"M",0.42,-0.327828,1,1,0,-0.353109750135642,0.727090836334534,1,0.727090836334534,0.727090836334534,0.476422407719524,1.03738453048528,"clonal"]
["G13404","SNX7","missense","chr1",99156638,"G","A","p.R124H",0.154545454545455,127,17,"known",0,"chr1:g.99156638G>A","predicted passenger",118,"FALSE","SNV","+","SNX7","ts","CT","ACG","CT_ACG","CACGA","CT_CACGA","-",0.133858267716535,"M",0.42,-0.306868,1,1,0,0.106041637410325,0.503562054743157,1,0.503562054743157,0.503562054743157,0.300770797337622,0.773634909027048,"subclonal"]
["G13404","OPRM1","missense","chr6",154360866,"G","A","p.G156S",0.5567,97,54,"known",0,"chr6:g.154360866G>A","predicted passenger",154,"FALSE","SNV","+","OPRM1","ts","CT","CCG","CT_CCG","GCCGG","CT_GCCGG","-",0.556701030927835,"M",0.42,-0.663257,1,1,0,-0.666873698507774,2.09425625920471,2,1.04712812960236,1,0.850707223678445,1.23686035376086,"clonal"]
["G13404","ZNF716","missense","chr7",57522280,"C","A","p.L52M",0.0581,241,14,"known",0,"chr7:g.57522280C>A","predicted passenger",119,"FALSE","SNV","+","ZNF716","nt","CA","CCT","CA_CCT","ACCTG","CA_ACCTG","+",0.0580912863070539,"M",0.42,1.36108,6,6,0,1.01807157292202,0.508990318118949,1,0.508990318118949,0.508990318118949,0.281427985289314,0.837176239606842,"subclonal"]
["G13404","CDKN2A","nonsense","chr9",21971120,"G","A","p.R80*",0.5385,169,91,"known",1,"chr9:g.21971120G>A","known in: CM",254,"TRUE","SNV","NA","NA","NA","CT","CCG","CT_CCG","CCCGA","CT_CCCGA","-",0.538461538461538,"M",0.42,-0.971087,1,1,0,-0.587805250489981,2.02564102564103,2,1.01282051282051,1,0.86569151823782,1.15736757805178,"clonal"]
["G13404","EXD3","missense","chr9",140243980,"G","A","p.R500W",0.2143,28,6,"known",0,"chr9:g.140243980G>A","predicted passenger",18,"FALSE","SNV","-","EXD3","nt","CT","GCG","CT_GCG","TGCGG","CT_TGCGG","-",0.214285714285714,"M",0.42,0.746061,4,4,0,0.637429920615292,1.44897959183673,1,1.44897959183673,1,0.560971759954508,2.76920979827751,"clonal"]
["G13404","LINGO1","missense","chr15",77907381,"G","A","p.R290C",0.4528,106,48,"known",0,"chr15:g.77907381G>A","predicted passenger",209,"FALSE","SNV","-","LINGO1","nt","CT","CCG","CT_CCG","TCCGC","CT_TCCGC","-",0.452830188679245,"M",0.42,-0.515826,1,1,0,-0.979438677517684,1.70350404312668,2,0.851752021563342,0.851752021563342,0.669432638981044,1.03915595651519,"clonal"]
["G13404","SMAD4","missense","chr18",48604797,"T","G","p.L540R",0.3881,67,26,"known",1,"chr18:g.48604797T>G","predicted driver: tier 1",96,"TRUE","SNV","+","SMAD4","nt","TG","CTT","TG_CTT","ACTTC","TG_ACTTC","+",0.388059701492537,"M",0.42,-2.6495,0,0,0,-0.518873310263384,1.07178393745558,1,1.07178393745558,1,0.749492721235639,1.42233087195853,"clonal"]
["G13404","SIGLEC12","missense","chr19",51995064,"G","A","p.P540L",0.4118,17,7,"known",0,"chr19:g.51995064G>A","predicted passenger",29,"FALSE","SNV","-","SIGLEC12","nt","CT","CCG","CT_CCG","CCCGG","CT_CCCGG","-",0.411764705882353,"M",0.42,0.182069,2,2,0,-0.770518153877233,1.96078431372549,2,0.980392156862745,0.980392156862745,0.439135623295111,1.59703058584105,"clonal"]
["G13404","FSIP2","missense","chr2",186673134,"C","A","p.S6456R",0.012987012987013,160,2,"known",0,"chr2:g.186673134C>A","predicted passenger",190,"FALSE","SNV","+","FSIP2","nt","CA","GCA","CA_GCA","AGCAA","CA_AGCAA","+",0.0125,"M",0.42,-0.147163,2,2,0,-0.247927513443586,0.0595238095238095,0,0.0595238095238095,0.0595238095238095,0.00722575763422733,0.211538259194816,"subclonal"]
["G13404","ATP11B","nonsense","chr3",182553917,"C","A","p.S137*",0,117,0,"known",0,"chr3:g.182553917C>A","predicted passenger",133,"FALSE","SNV","+","ATP11B","nt","CA","TCA","CA_TCA","ATCAA","CA_ATCAA","+",0,"M",0.42,0.234357,3,3,0,-0.184917715917785,0,0,0,0,0,0.178832420707929,"subclonal"]
["G13404","CLOCK","nonsense","chr4",56336953,"TA","T","p.L123*fs*1",0,122,0,"known",0,"chr4:g.56336954_56336954del","predicted driver: tier 1",157,"TRUE","SNV","-","CLOCK","ts","NA","NA","NA","NA","NA","+",0,"M",0.42,-0.471944,1,1,0,-0.363883411328741,0,0,0,0,0,0.112045173564422,"subclonal"]
["G13404","STK33","missense","chr11",8496277,"C","T","p.R59K",0.125,117,13,"known",0,"chr11:g.8496277C>T","predicted passenger",152,"FALSE","SNV","-","STK33","ts","CT","TCT","CT_TCT","TTCTC","CT_TTCTC","+",0.111111111111111,"M",0.42,-0.498765,1,1,0,-0.377562793860181,0.417989417989418,0,0.417989417989418,0.417989417989418,0.227614694106433,0.686574868097134,"subclonal"]
["G13404","FAM186A","missense","chr12",50746672,"A","G","p.F1315L",0.0631578947368421,101,6,"known",0,"chr12:g.50746672A>G","predicted passenger",75,"FALSE","SNV","-","FAM186A","nt","TC","TTT","TC_TTT","CTTTC","TC_CTTTC","-",0.0594059405940594,"M",0.42,0.332624,3,3,0,0.429392792255914,0.342291371994342,0,0.342291371994342,0.342291371994342,0.127399012454266,0.719238039712587,"subclonal"]
["G13404","NOMO2","missense","chr16",18532182,"A","T","p.N726K",0.0599369085173502,337,19,"known",0,"chr16:g.18532182A>T","predicted passenger",522,"FALSE","SNV","-","NOMO2","nt","TA","ATG","TA_ATG","AATGA","TA_AATGA","-",0.056379821958457,"M",0.42,-0.452622,1,1,0,-0.631301215388026,0.212095520700862,0,0.212095520700862,0.212095520700862,0.128965507852161,0.32595465614728,"subclonal"]
["G13404","ZNF729","missense","chr19",22497408,"G","A","p.V397I",0.0266666666666667,231,6,"known",0,"chr19:g.22497408G>A","predicted passenger",218,"FALSE","SNV","+","ZNF729","ts","CT","ACT","CT_ACT","AACTA","CT_AACTA","-",0.025974025974026,"M",0.42,0.263796,3,3,0,0.0835647166391311,0.149659863945578,0,0.149659863945578,0.149659863945578,0.0552587916436467,0.320790262813034,"subclonal"]
["G13404","ARMCX4","missense","chrX",100749019,"G","A","p.A1815T",0.125,18,2,"known",0,"chrX:g.100749019G>A","predicted passenger",31,"FALSE","SNV","+","ARMCX4","ts","CT","GCC","CT_GCC","AGCCC","CT_AGCCC","-",0.111111111111111,"M",0.42,-0.321624,1,1,0,-0.784271308944563,0.264550264550265,0,0.264550264550265,0.264550264550265,0.0517307636897521,1.30583403095643,"clonal"]
["G13404","DOCK3","missense","chr3",51308262,"C","A","p.S791Y",0.05,40,2,"known",0,"chr3:g.51308262C>A","predicted passenger",61,"FALSE","SNV","+","DOCK3","nt","CA","TCT","CA_TCT","TTCTT","CA_TTCTT","+",0.05,"M",0.42,-0.548031,1,1,0,-0.608809242675524,0.188095238095238,0,0.188095238095238,0.188095238095238,0.0229989562547008,0.636502488228285,"subclonal"]
["G13404","DSCAM","missense","chr21",42080523,"C","A","p.R73L",0.0769,26,2,"known",0,"chr21:g.42080523C>A","predicted passenger",61,"FALSE","SNV","-","DSCAM","ts","CA","GCG","CA_GCG","GGCGG","CA_GGCGG","+",0.0769230769230769,"M",0.42,-1.99821,0,0,0,-1.23029761942179,0.212454212454213,0,0.212454212454213,0.212454212454213,0.0261148894388257,0.694074722301509,"subclonal"]
["G13404","TCF20","missense","chr22",42564729,"C","A","p.C1938F",0.0513,39,2,"known",0,"chr22:g.42564729C>A","predicted passenger",62,"FALSE","SNV","-","TCF20","ts","CA","GCA","CA_GCA","GGCAC","CA_GGCAC","+",0.0512820512820513,"M",0.42,-0.50325,1,1,0,-0.668794091524627,0.192918192918193,0,0.192918192918193,0.192918192918193,0.0235945616933115,0.651730368024517,"subclonal"]
["G13404","GUCY2F","missense","chrX",108718538,"G","A","p.R210W",0.0677,133,9,"known",0,"chrX:g.108718538G>A","predicted passenger",149,"FALSE","SNV","-","GUCY2F","nt","CT","TCG","CT_TCG","TTCGG","CT_TTCGG","-",0.0676691729323308,"M",0.42,-0.321624,1,1,0,-0.163886084960972,0.161117078410312,0,0.161117078410312,0.161117078410312,0.118151476995219,0.468622035281087,"subclonal"]
["G13404","SPTA1","missense","chr1",158612223,"T","A","p.D1572V",0.247,251,62,"unknown",1,"chr1:g.158612223T>A","predicted passenger",284,"FALSE","SNV","-","SPTA1","ts","TA","ATC","TA_ATC","CATCA","TA_CATCA","+",0.247011952191235,"M",0.42,-0.214605,2,2,0,-0.17820356555391,1.17624739138683,1,1.17624739138683,1,0.928282602056204,1.45317192008438,"clonal"]
["G13404","CACNA1S","missense","chr1",201016338,"C","T","p.A1525T",0.3797,266,101,"unknown",0,"chr1:g.201016338C>T","predicted passenger",352,"FALSE","SNV","-","CACNA1S","ts","CT","GCG","CT_GCG","GGCGT","CT_GGCGT","+",0.379699248120301,"M",0.42,0.0159612,2,2,0,-0.404149183136108,1.80809165771572,2,0.904045828857859,0.904045828857859,0.764597200334322,1.04995377050453,"clonal"]
["G13404","MYCN","missense","chr2",16086002,"G","A","p.R393H",0.1919,271,52,"unknown",1,"chr2:g.16086002G>A","predicted driver: tier 1",307,"TRUE","SNV","+","MYCN","ts","CT","GCG","CT_GCG","GGCGC","CT_GGCGC","-",0.191881918819188,"M",0.42,-0.112109,2,2,0,-0.179945804016308,0.913723422948515,1,0.913723422948515,0.913723422948515,0.698827557389788,1.16137964055449,"clonal"]
["G13404","SLC11A1","missense","chr2",219257720,"G","T","p.R394L",0.1981,106,21,"unknown",0,"chr2:g.219257720G>T","predicted passenger",109,"FALSE","SNV","+","SLC11A1","ts","CA","CCG","CA_CCG","ACCGC","CA_ACCGC","-",0.19811320754717,"M",0.42,0.349457,3,3,0,-0.0402638702137271,1.14150943396226,1,1.14150943396226,1,0.731868069225107,1.65223868011937,"clonal"]
["G13404","DGKD","missense","chr2",234345007,"G","A","p.A247T",0.1463,123,18,"unknown",0,"chr2:g.234345007G>A","predicted passenger",174,"FALSE","SNV","+","DGKD","ts","CT","GCG","CT_GCG","GGCGC","CT_GGCGC","-",0.146341463414634,"M",0.42,0.0227969,2,2,0,-0.500428990509489,0.696864111498258,1,0.696864111498258,0.696864111498258,0.424274585818206,1.05422979654847,"clonal"]
["G13404","SENP7","missense","chr3",101136558,"C","G","p.D121H",0.1823,192,35,"unknown",0,"chr3:g.101136558C>G","predicted passenger",269,"FALSE","SNV","-","SENP7","ts","CG","TCG","CG_TCG","ATCGT","CG_ATCGT","+",0.182291666666667,"M",0.42,-0.0313548,2,2,0,-0.486499861835468,0.868055555555556,1,0.868055555555556,0.868055555555556,0.620855182326433,1.16329922690552,"clonal"]
["G13404","JAKMIP1","missense","chr4",6037706,"C","A","p.Q768H",0.3418,158,54,"unknown",0,"chr4:g.6037706C>A","predicted passenger",241,"FALSE","SNV","-","JAKMIP1","ts","CA","TCT","CA_TCT","ATCTG","CA_ATCTG","+",0.341772151898734,"M",0.42,0.162659,2,2,0,-0.609108588052859,1.62748643761302,2,0.81374321880651,0.81374321880651,0.638737119475348,1.0031806815962,"clonal"]
["G13404","DRD5","missense","chr4",9784686,"G","A","p.V345I",0.4686,175,82,"unknown",0,"chr4:g.9784686G>A","predicted passenger",267,"FALSE","SNV","NA","NA","NA","CT","ACG","CT_ACG","GACGA","CT_GACGA","-",0.468571428571429,"M",0.42,-0.163168,2,2,0,-0.609484819855225,2.2312925170068,2,1.1156462585034,1,0.935421972082436,1.29844816516644,"clonal"]
["G13404","AGA","missense","chr4",178358607,"T","C","p.I192V",0.5301,266,141,"unknown",0,"chr4:g.178358607T>C","predicted passenger",296,"FALSE","SNV","-","AGA","ts","TC","ATA","TC_ATA","AATAT","TC_AATAT","+",0.530075187969925,"M",0.42,-1.00619,1,1,0,-0.15417093012776,1.99409237379162,2,0.997046186895811,0.997046186895811,0.880607183004552,1.11221085958998,"clonal"]
["G13404","PLCXD3","missense","chr5",41382112,"G","T","p.Q210K",0.2784,176,49,"unknown",0,"chr5:g.41382112G>T","predicted passenger",184,"FALSE","SNV","-","PLCXD3","nt","CA","GCA","CA_GCA","GGCAG","CA_GGCAG","-",0.278409090909091,"M",0.42,0.717226,4,4,0,-0.0641303374197156,1.88257575757576,2,0.941287878787879,0.941287878787879,0.722187573686699,1.18617950470123,"clonal"]
["G13404","PDE4D","missense","chr5",58286665,"C","T","p.R418Q",0.471,155,73,"unknown",0,"chr5:g.58286665C>T","predicted passenger",154,"FALSE","SNV","-","PDE4D","ts","CT","CCG","CT_CCG","GCCGG","CT_GCCGG","+",0.470967741935484,"M",0.42,0.769077,4,4,0,0.00933786457933628,3.18463901689708,3,1.06154633896569,1,0.879938660021065,1.245703537171,"clonal"]
["G13404","SLCO4C1","missense","chr5",101576439,"A","G","p.M620T",0.6127,142,87,"unknown",0,"chr5:g.101576439A>G","predicted passenger",158,"FALSE","SNV","-","SLCO4C1","nt","TC","ATG","TC_ATG","TATGG","TC_TATGG","-",0.612676056338028,"M",0.42,0.348658,3,3,0,-0.154033628672421,3.53018108651911,4,0.882545271629779,0.882545271629779,0.759650785220318,0.998519482869385,"clonal"]
["G13404","FBN2","missense","chr5",127713530,"G","C","p.N588K",0.6342,298,189,"unknown",0,"chr5:g.127713530G>C","predicted passenger",335,"FALSE","SNV","-","FBN2","nt","CG","ACG","CG_ACG","AACGG","CG_AACGG","-",0.634228187919463,"M",0.42,0.348658,3,3,0,-0.168848764882973,3.65436241610738,4,0.913590604026846,0.913590604026846,0.83078706343428,0.992507138182469,"clonal"]
["G13404","SHROOM1","missense","chr5",132158786,"C","T","p.R754Q",0.3,79,18,"unknown",0,"chr5:g.132158786C>T","predicted passenger",49,"FALSE","SNV","-","SHROOM1","ts","CT","CCG","CT_CCG","GCCGC","CT_GCCGC","+",0.227848101265823,"M",0.42,1.62643,7,7,0,0.689070904061895,2.22423146473779,2,1.1121157323689,1,0.688117678609295,1.63991989389901,"clonal"]
["G13404","LAMA2","missense","chr6",129204442,"G","A","p.G18R",0.531,145,77,"unknown",0,"chr6:g.129204442G>A","predicted passenger",253,"FALSE","SNV","+","LAMA2","ts","CT","CCG","CT_CCG","CCCGA","CT_CCCGA","-",0.531034482758621,"M",0.42,-0.84088,1,1,0,-0.803084484679376,1.99770114942529,2,0.998850574712644,0.998850574712644,0.839759109965764,1.15550839987371,"clonal"]
["G13404","ZNF716","missense","chr7",57529280,"G","T","p.K371N",0.1736,265,46,"unknown",0,"chr7:g.57529280G>T","predicted passenger",186,"FALSE","SNV","+","ZNF716","ts","CA","TCT","CA_TCT","CTCTT","CA_CTCTT","-",0.173584905660377,"M",0.42,1.36108,6,6,0,0.51068973834253,1.52093441150045,2,0.760467205750225,0.760467205750225,0.569426045930167,0.984235226451582,"clonal"]
["G13404","RELN","missense","chr7",103126755,"A","G","p.I3291T",0.5263,266,140,"unknown",0,"chr7:g.103126755A>G","predicted passenger",361,"FALSE","SNV","NA","NA","NA","TC","ATA","TC_ATA","CATAG","TC_CATAG","-",0.526315789473684,"M",0.42,-0.764299,1,1,0,-0.440572591385981,1.97994987468672,2,0.989974937343359,0.989974937343359,0.873568042145645,1.10526681087942,"clonal"]
["G13404","PURG","nonsense","chr8",30889548,"G","A","p.R251*",0.4296,142,61,"unknown",0,"chr8:g.30889548G>A","predicted passenger",161,"FALSE","SNV","-","PURG","nt","CT","ACG","CT_ACG","AACGA","CT_AACGA","-",0.429577464788732,"M",0.42,0.170244,2,2,0,-0.181169758609935,2.04560697518444,2,1.02280348759222,1,0.825932538420799,1.22681760684292,"clonal"]
["G13404","ANK1","missense","chr8",41530065,"T","C","p.I1676V",0.2619,252,66,"unknown",1,"chr8:g.41530065T>C","predicted passenger",241,"FALSE","SNV","-","ANK1","ts","TC","ATA","TC_ATA","GATAA","TC_GATAA","+",0.261904761904762,"M",0.42,0.194446,2,2,0,0.0643905872699549,1.24716553287982,1,1.24716553287982,1,0.993932964258973,1.52751991202351,"clonal"]
["G13404","ANXA1","missense","chr9",75773681,"C","T","p.S46L",0.3203,231,74,"unknown",0,"chr9:g.75773681C>T","predicted passenger",290,"FALSE","SNV","+","ANXA1","nt","CT","TCG","CT_TCG","CTCGG","CT_CTCGG","+",0.32034632034632,"M",0.42,0.518814,3,3,0,-0.328160048598877,1.84580498866213,2,0.922902494331066,0.922902494331066,0.75096998774511,1.10832522853036,"clonal"]
["G13404","CDC123","missense","chr10",12252300,"T","G","p.D72E",0.3675,117,43,"unknown",0,"chr10:g.12252300T>G","predicted passenger",142,"FALSE","SNV","+","CDC123","nt","TG","ATG","TG_ATG","GATGA","TG_GATGA","+",0.367521367521368,"M",0.42,0.192743,2,2,0,-0.279382399921278,1.75010175010175,2,0.875050875050875,0.875050875050875,0.667363805233288,1.09911944955817,"clonal"]
["G13404","CCDC3","missense","chr10",12940423,"C","T","p.R269Q",0.3036,56,17,"unknown",0,"chr10:g.12940423C>T","predicted passenger",59,"FALSE","SNV","-","CCDC3","ts","CT","CCG","CT_CCG","CCCGC","CT_CCCGC","+",0.303571428571429,"M",0.42,0.192743,2,2,0,-0.0752881273042371,1.44557823129252,1,1.44557823129252,1,0.894279666102548,2.09984463657485,"clonal"]
["G13404","EDRF1","nonsense","chr10",127442314,"C","T","p.R1149*",0.2093,258,54,"unknown",0,"chr10:g.127442314C>T","predicted passenger",276,"FALSE","SNV","+","EDRF1","nt","CT","TCG","CT_TCG","ATCGA","CT_ATCGA","+",0.209302325581395,"M",0.42,-0.0431261,2,2,0,-0.0972972013549149,0.996677740863787,1,0.996677740863787,0.996677740863787,0.768199283016032,1.25760089796313,"clonal"]
["G13404","MFAP5","missense","chr12",8807054,"C","A","p.A66S",0.1268,142,18,"unknown",0,"chr12:g.8807054C>A","predicted passenger",165,"FALSE","SNV","-","MFAP5","ts","CA","GCA","CA_GCA","TGCAA","CA_TGCAA","+",0.126760563380282,"M",0.42,0.12167,2,2,0,-0.216575094741134,0.603621730382294,1,0.603621730382294,0.603621730382294,0.36613068320557,0.918671840546806,"subclonal"]
["G13404","ERBB3","missense","chr12",56490935,"C","G","p.S794C",0.4246,252,107,"unknown",1,"chr12:g.56490935C>G","predicted passenger",293,"TRUE","SNV","+","ERBB3","nt","CG","TCT","CG_TCT","TTCTC","CG_TTCTC","+",0.424603174603175,"M",0.42,0.338578,3,3,0,-0.217476930922331,2.44652305366591,2,1.22326152683296,1,1.04521104138362,1.40648278877659,"clonal"]
["G13404","NUP107","missense","chr12",69096517,"G","A","p.D228N",0.3871,186,72,"unknown",0,"chr12:g.69096517G>A","predicted driver: tier 1",172,"TRUE","SNV","+","NUP107","ts","CT","TCT","CT_TCT","GTCTC","CT_GTCTC","-",0.387096774193548,"M",0.42,0.0342654,2,2,0,0.112894056405933,1.84331797235023,2,0.921658986175115,0.921658986175115,0.754097040319976,1.09793482238524,"clonal"]
["G13404","SBNO1","missense","chr12",123806166,"A","G","p.Y747H",0.206,233,48,"unknown",0,"chr12:g.123806166A>G","predicted passenger",212,"FALSE","SNV","-","SBNO1","nt","TC","CTA","TC_CTA","ACTAT","TC_ACTAT","-",0.206008583690987,"M",0.42,0.353573,3,3,0,0.136265690091081,1.18700183936235,1,1.18700183936235,1,0.898714062216633,1.51934544652077,"clonal"]
["G13404","FREM2","missense","chr13",39424182,"G","T","p.K2129N",0.3421,228,78,"unknown",0,"chr13:g.39424182G>T","predicted passenger",253,"FALSE","SNV","+","FREM2","ts","CA","TCT","CA_TCT","ATCTT","CA_ATCTT","-",0.342105263157895,"M",0.42,0.379922,3,3,0,-0.150103560529568,1.97117794486216,2,0.985588972431078,0.985588972431078,0.808828389016968,1.17435571221296,"clonal"]
["G13404","SPTB","nonsense","chr14",65266594,"G","T","p.S312*",0.3234,201,65,"unknown",0,"chr14:g.65266594G>T","predicted passenger",264,"FALSE","SNV","-","SPTB","nt","CA","TCG","CA_TCG","CTCGG","CA_CTCGG","-",0.323383084577114,"M",0.42,0.0284154,2,2,0,-0.393342428179525,1.53991945036721,2,0.769959725183606,0.769959725183606,0.617318164149851,0.935223643449622,"subclonal"]
["G13404","RYR3","missense","chr15",34021102,"G","T","p.D2360Y",0.0274,73,2,"unknown",0,"chr15:g.34021102G>T","predicted passenger",73,"FALSE","SNV","+","RYR3","ts","CA","TCA","CA_TCA","GTCAG","CA_GTCAG","-",0.0273972602739726,"M",0.42,-0.757779,1,1,0,0,0.103065883887802,0,0.103065883887802,0.103065883887802,0.0125471896455341,0.359221140151683,"subclonal"]
["G13404","UNC13C","missense","chr15",54307445,"G","T","p.R782L",0.4469,179,80,"unknown",0,"chr15:g.54307445G>T","predicted passenger",275,"FALSE","SNV","+","UNC13C","ts","CA","TCG","CA_TCG","ATCGA","CA_ATCGA","-",0.446927374301676,"M",0.42,-0.910366,1,1,0,-0.619472031147766,1.68129821761107,2,0.840649108805533,0.840649108805533,0.70108029478343,0.983579205729989,"clonal"]
["G13404","AGBL1","missense","chr15",86702241,"C","A","p.R112S",0.4286,91,39,"unknown",0,"chr15:g.86702241C>A","predicted passenger",146,"FALSE","SNV","+","AGBL1","nt","CA","GCG","CA_GCG","AGCGC","CA_AGCGC","+",0.428571428571429,"M",0.42,-0.515826,1,1,0,-0.682029918681321,1.61224489795918,2,0.806122448979592,0.806122448979592,0.611852523876526,1.00938452784187,"clonal"]
["G13404","VWA3A","missense","chr16",22162025,"A","C","p.S1047R",0.5636,55,31,"unknown",0,"chr16:g.22162025A>C","predicted passenger",53,"FALSE","SNV","+","VWA3A","ts","TG","CTG","TG_CTG","ACTGA","TG_ACTGA","-",0.563636363636364,"M",0.42,-0.452622,1,1,0,0.0534392589614604,2.12034632034632,2,1.06017316017316,1,0.796050363511117,1.31095444888241,"clonal"]
["G13404","TAOK1","missense","chr17",27825346,"A","T","p.H337L",0.2772,101,28,"unknown",0,"chr17:g.27825346A>T","predicted passenger",99,"FALSE","SNV","+","TAOK1","ts","TA","ATG","TA_ATG","CATGA","TA_CATGA","-",0.277227722772277,"M",0.42,0.467581,3,3,0,0.028854862672185,1.5973597359736,2,0.798679867986799,0.798679867986799,0.555357499112062,1.08088236391903,"clonal"]
["G13404","STAT5B","missense","chr17",40376843,"C","T","p.R110H",0.4128,172,71,"unknown",1,"chr17:g.40376843C>T","predicted driver: tier 1",188,"TRUE","SNV","-","STAT5B","ts","CT","GCG","CT_GCG","GGCGG","CT_GGCGG","+",0.412790697674419,"M",0.42,0.568842,3,3,0,-0.128324096975539,2.37846068660022,2,1.18923034330011,1,0.974888504025502,1.41238544953293,"clonal"]
["G13404","RNF43","nonsense","chr17",56434940,"G","A","p.Q733*",0.5513,78,43,"unknown",1,"chr17:g.56434940G>A","predicted driver: tier 1",168,"TRUE","SNV","NA","NA","NA","CT","CCA","CT_CCA","GCCAG","CT_GCCAG","-",0.551282051282051,"M",0.42,-0.837742,1,1,0,-1.10691520391651,2.07387057387057,2,1.03693528693529,1,0.817102892628074,1.24922146816197,"clonal"]
["G13404","CHERP","missense","chr19",16630065,"C","T","p.V886M",0.2636,110,29,"unknown",0,"chr19:g.16630065C>T","predicted passenger",110,"FALSE","SNV","NA","NA","NA","CT","ACG","CT_ACG","CACGC","CT_CACGC","+",0.263636363636364,"M",0.42,0.437488,3,3,0,0,1.51904761904762,2,0.759523809523809,0.759523809523809,0.530682637500619,1.0262222330362,"clonal"]
["G13404","B3GNT3","missense","chr19",17918780,"G","C","p.R55P",0.0454545454545455,79,3,"unknown",0,"chr19:g.17918780G>C","predicted passenger",75,"FALSE","SNV","+","B3GNT3","ts","CG","GCG","CG_GCG","GGCGG","CG_GGCGG","-",0.0379746835443038,"M",0.42,0.437488,3,3,0,0.0749620576812219,0.21880650994575,0,0.21880650994575,0.21880650994575,0.0455237658967163,0.616471490126172,"subclonal"]
["G13404","SLC8A2","missense","chr19",47951289,"C","T","p.V514I",0.4318,132,57,"unknown",0,"chr19:g.47951289C>T","predicted passenger",139,"FALSE","SNV","-","SLC8A2","ts","CT","ACG","CT_ACG","GACGG","CT_GACGG","+",0.431818181818182,"M",0.42,0.443307,3,3,0,-0.074546953365054,2.48809523809524,2,1.24404761904762,1,0.996634398385728,1.50047277155374,"clonal"]
["G13404","BICRA","missense","chr19",48197721,"A","C","p.H878P",0.123595505617978,100,11,"unknown",0,"chr19:g.48197721A>C","predicted passenger",109,"FALSE","SNV","NA","NA","NA","TG","GTG","TG_GTG","GGTGG","TG_GGTGG","-",0.11,"M",0.42,0.443307,3,3,0,-0.124328135002202,0.633809523809524,1,0.633809523809524,0.633809523809524,0.323859497835428,1.08497319027474,"clonal"]
["G13404","NOP53","missense","chr19",48248932,"G","C","p.R39P",0.298701298701299,100,23,"unknown",0,"chr19:g.48248932G>C","predicted passenger",108,"FALSE","SNV","+","GLTSCR2","ts","CG","TCG","CG_TCG","CTCGC","CG_CTCGC","-",0.23,"M",0.42,0.443307,3,3,0,-0.111031312388744,1.3252380952381,1,1.3252380952381,1,0.874263093686988,1.87180507932321,"clonal"]
["G13404","SOX18","missense","chr20",62680249,"C","T","p.R142H",0.2292,288,66,"unknown",0,"chr20:g.62680249C>T","predicted passenger",288,"FALSE","SNV","-","SOX18","ts","CT","GCG","CT_GCG","CGCGC","CT_CGCGC","+",0.229166666666667,"M",0.42,0.347977,3,3,0,0,1.32043650793651,1,1.32043650793651,1,1.04808610349231,1.62544304290063,"clonal"]
["G13404","PLXNB2","missense","chr22",50722617,"A","G","p.L736P",0.4818,110,53,"unknown",1,"chr22:g.50722617A>G","predicted driver: tier 1",164,"TRUE","SNV","-","PLXNB2","nt","TC","CTG","TC_CTG","GCTGC","TC_GCTGC","-",0.481818181818182,"M",0.42,-0.50325,1,1,0,-0.576192291093424,1.81255411255411,2,0.906277056277056,0.906277056277056,0.725174649733447,1.08926660148901,"clonal"]
["G13404","PPP2R3B","missense","chrX",308034,"C","T","p.V218I",0.5546,119,66,"unknown",0,"chrX:g.308034C>T","predicted passenger",169,"FALSE","SNV","-","PPP2R3B","ts","CT","ACG","CT_ACG","GACGA","CT_GACGA","+",0.554621848739496,"M",0.42,-1.32135,0,0,0,-0.506061672974241,0.765906362545018,1,0.765906362545018,0.765906362545018,1.27248846642708,1.78344881546532,"clonal"]
["G13404","MXRA5","missense","chrX",3229361,"C","T","p.G2295S",0.7273,99,72,"unknown",0,"chrX:g.3229361C>T","predicted passenger",129,"FALSE","SNV","-","MXRA5","ts","CT","CCG","CT_CCG","ACCGC","CT_ACCGC","+",0.727272727272727,"M",0.42,-0.330156,1,1,0,-0.381870635343644,1.73160173160173,2,0.865800865800866,0.865800865800866,1.18223225344643,1.52725998804301,"clonal"]
["G13404","FAM47B","missense","chrX",34962010,"G","T","p.E354D",0.6239,117,73,"unknown",0,"chrX:g.34962010G>T","predicted passenger",141,"FALSE","SNV","+","FAM47B","ts","CA","TCT","CA_TCT","TTCTC","CA_TTCTC","-",0.623931623931624,"M",0.42,-0.330156,1,1,0,-0.269186632815389,1.48555148555149,1,1.48555148555149,1,1.99246879860287,2.67766738387825,"clonal"]
["G13404","GPR50","nonsense","chrX",150349130,"G","T","p.E359*",0.6286,105,66,"unknown",0,"chrX:g.150349130G>T","predicted passenger",121,"FALSE","SNV","+","GPR50","ts","CA","TCC","CA_TCC","CTCCA","CA_CTCCA","-",0.628571428571429,"M",0.42,-0.264486,1,1,0,-0.204617719608472,1.49659863945578,1,1.49659863945578,1,1.98933319070268,2.71188391254979,"clonal"]
["G13404","ATP2B3","missense","chrX",152818661,"G","T","p.E664D",0.7237,76,55,"unknown",1,"chrX:g.152818661G>T","predicted passenger",78,"FALSE","SNV","+","ATP2B3","ts","CA","TCT","CA_TCT","TTCTC","CA_TTCTC","-",0.723684210526316,"M",0.42,-0.264486,1,1,0,-0.0374747054186629,1.72305764411028,2,0.861528822055138,0.861528822055138,1.14576888066932,1.54262091007107,"clonal"]
["G13404","UBXN11","missense","chr1",26608885,"C","A","p.G490C",0.24,50,12,"unknown",0,"chr1:g.26608885C>A","predicted passenger",74,"FALSE","SNV","-","UBXN11","ts","CA","CCG","CA_CCG","ACCGG","CA_ACCGG","+",0.24,"M",0.42,0.279524,3,3,0,-0.565597175854225,1.38285714285714,1,1.38285714285714,1,0.752561898090111,2.19926573907565,"clonal"]
["G13404","PRKAA2","missense","chr1",57169651,"G","C","p.E266Q",0.1525,59,9,"unknown",0,"chr1:g.57169651G>C","predicted passenger",63,"FALSE","SNV","+","PRKAA2","ts","CG","TCA","CG_TCA","TTCAT","CG_TTCAT","-",0.152542372881356,"M",0.42,-0.0701516,2,2,0,-0.0946368741380752,0.726392251815981,1,0.726392251815981,0.726392251815981,0.343821085428485,1.28533138958269,"clonal"]
["G13404","KCND3","missense","chr1",112524659,"G","T","p.D230E",0.4072,167,68,"unknown",0,"chr1:g.112524659G>T","predicted passenger",234,"FALSE","SNV","-","KCND3","nt","CA","ACA","CA_ACA","GACAC","CA_GACAC","-",0.407185628742515,"M",0.42,0.0554575,2,2,0,-0.486660427109352,1.93897918448817,2,0.969489592244083,0.969489592244083,0.790315749457022,1.15665171338087,"clonal"]
["G13404","DAP3","missense","chr1",155679573,"G","C",".",0.1209,91,11,"unknown",0,"chr1:g.155679573G>C","predicted passenger",86,"FALSE","SNV","NA","NA","NA","CG","TCA","CG_TCA","ATCAT","CG_ATCAT","-",0.120879120879121,"M",0.42,0.26087,3,3,0,0.0815298854965985,0.696493982208268,1,0.696493982208268,0.696493982208268,0.356743062422461,1.18695583381174,"clonal"]
["G13404","SPTA1","nonsense","chr1",158614995,"G","A","p.Q1393*",0.2077,284,59,"unknown",1,"chr1:g.158614995G>A","predicted passenger",308,"TRUE","SNV","-","SPTA1","nt","CT","CCA","CT_CCA","ACCAG","CT_ACCAG","-",0.207746478873239,"M",0.42,-0.214605,2,2,0,-0.117039421190219,0.989268947015426,1,0.989268947015426,0.989268947015426,0.771772165828507,1.23635187901939,"clonal"]
["G13404","FMO4","missense","chr1",171292278,"T","C","p.Y90H",0.327,211,69,"unknown",0,"chr1:g.171292278T>C","predicted passenger",242,"FALSE","SNV","+","FMO4","nt","TC","CTA","TC_CTA","ACTAT","TC_ACTAT","+",0.327014218009479,"M",0.42,-0.0565534,2,2,0,-0.197764048567409,1.5572105619499,2,0.778605280974949,0.778605280974949,0.62901165645951,0.939965325001527,"subclonal"]
["G13404","MYT1L","missense","chr2",1946829,"C","T","p.E144K",0.1519,79,12,"unknown",0,"chr2:g.1946829C>T","predicted passenger",122,"FALSE","SNV","-","MYT1L","ts","CT","TCG","CT_TCG","CTCGT","CT_CTCGT","+",0.151898734177215,"M",0.42,-0.167862,2,2,0,-0.626956589385783,0.723327305605787,1,0.723327305605787,0.723327305605787,0.385846745922857,1.19194014993277,"clonal"]
["G13404","TRIB2","missense","chr2",12880457,"G","A","p.R190Q",0.2281,57,13,"unknown",0,"chr2:g.12880457G>A","predicted passenger",73,"FALSE","SNV","+","TRIB2","ts","CT","CCG","CT_CCG","CCCGA","CT_CCCGA","-",0.228070175438596,"M",0.42,-0.112109,2,2,0,-0.356934544715276,1.08604845446951,1,1.08604845446951,1,0.606652893372138,1.70649257538435,"clonal"]
["G13404","PFN4","missense","chr2",24338479,"C","G","p.D122H",0.375,152,57,"unknown",0,"chr2:g.24338479C>G","predicted passenger",108,"FALSE","SNV","NA","NA","NA","CG","TCT","CG_TCT","GTCTC","CG_GTCTC","+",0.375,"M",0.42,0.155474,2,2,0,0.493040011280117,1.78571428571429,2,0.892857142857143,0.892857142857143,0.709250703464908,1.08830943070579,"clonal"]
["G13404","C2orf16","missense","chr2",27804279,"C","T","p.H1614Y",0.3853,109,42,"unknown",0,"chr2:g.27804279C>T","predicted passenger",142,"FALSE","SNV","+","C2orf16","nt","CT","TCA","CT_TCA","ATCAC","CT_ATCAC","+",0.385321100917431,"M",0.42,0.155474,2,2,0,-0.381562794727756,1.8348623853211,2,0.917431192660551,0.917431192660551,0.699207172617117,1.15088530577725,"clonal"]
["G13404","TRMT61B","missense","chr2",29073223,"C","G","p.R454T",0.4184,196,82,"unknown",0,"chr2:g.29073223C>G","predicted passenger",203,"FALSE","SNV","NA","NA","NA","CG","TCT","CG_TCT","GTCTA","CG_GTCTA","+",0.418367346938776,"M",0.42,0.155474,2,2,0,-0.0506260730699679,1.99222546161322,2,0.996112730806608,0.996112730806608,0.829682561890295,1.16851377204258,"clonal"]
["G13404","PNPT1","missense","chr2",55900077,"G","A","p.P273S",0.4524,126,57,"unknown",0,"chr2:g.55900077G>A","predicted passenger",88,"FALSE","SNV","-","PNPT1","nt","CT","ACC","CT_ACC","CACCT","CT_CACCT","-",0.452380952380952,"M",0.42,0.0841343,2,2,0,0.517848304862619,2.15419501133787,2,1.07709750566893,1,0.865634177431277,1.29401269515322,"clonal"]
["G13404","APLF","missense","chr2",68772404,"G","C","p.D416H",0.3623,69,25,"unknown",0,"chr2:g.68772404G>C","predicted passenger",90,"FALSE","SNV","+","APLF","ts","CG","TCA","CG_TCA","ATCAG","CG_ATCAG","-",0.36231884057971,"M",0.42,-0.020903,2,2,0,-0.383328639551506,1.72532781228433,2,0.862663906142167,0.862663906142167,0.595117629440319,1.15931766232836,"clonal"]
["G13404","DNAH6","missense","chr2",84771598,"C","A","p.Q302K",0.0447761194029851,70,3,"unknown",0,"chr2:g.84771598C>A","predicted passenger",99,"FALSE","SNV","+","DNAH6","nt","CA","ACA","CA_ACA","TACAA","CA_TACAA","+",0.0428571428571429,"M",0.42,-0.186013,2,2,0,-0.500073603134643,0.204081632653061,0,0.204081632653061,0.204081632653061,0.0425090670364709,0.572279072983745,"subclonal"]
["G13404","ASB18","missense","chr2",237172946,"C","T","p.D15N",0.3958,144,57,"unknown",0,"chr2:g.237172946C>T","predicted passenger",168,"FALSE","SNV","NA","NA","NA","CT","TCT","CT_TCT","ATCTG","CT_ATCTG","+",0.395833333333333,"M",0.42,0.0227969,2,2,0,-0.222392421336448,1.88492063492063,2,0.942460317460317,0.942460317460317,0.75094632612214,1.1443977239054,"clonal"]
["G13404","XCR1","missense","chr3",46062784,"C","T","p.R219Q",0.4444,90,40,"unknown",0,"chr3:g.46062784C>T","predicted passenger",194,"FALSE","SNV","-","XCR1","ts","CT","CCG","CT_CCG","GCCGC","CT_GCCGC","+",0.444444444444444,"M",0.42,-0.604291,1,1,0,-1.10805974585745,1.67195767195767,2,0.835978835978836,0.835978835978836,0.638854484499229,1.04017416326841,"clonal"]
["G13404","ASTE1","missense","chr3",130743542,"G","C","p.F203L",0.2051,39,8,"unknown",0,"chr3:g.130743542G>C","predicted passenger",63,"FALSE","SNV","-","ASTE1","nt","CG","TCT","CG_TCT","TTCTG","CG_TTCTG","-",0.205128205128205,"M",0.42,-0.760218,1,1,0,-0.691877704637668,0.771672771672772,1,0.771672771672772,0.771672771672772,0.349721440731269,1.37175690547211,"clonal"]
["G13404","CLRN1","missense","chr3",150659428,"C","A","p.G125V",0.4113,231,95,"unknown",0,"chr3:g.150659428C>A","predicted passenger",279,"FALSE","SNV","NA","NA","NA","CA","TCC","CA_TCC","TTCCA","CA_TTCCA","+",0.411255411255411,"M",0.42,0.0177665,2,2,0,-0.27237227041313,1.95835910121624,2,0.979179550608122,0.979179550608122,0.826531090743931,1.13732296631684,"clonal"]
["G13404","MLF1","missense","chr3",158317946,"C","A","p.F215L",0.4342,76,33,"unknown",1,"chr3:g.158317946C>A","predicted passenger",48,"TRUE","SNV","+","MLF1","nt","CA","TCA","CA_TCA","TTCAT","CA_TTCAT","+",0.434210526315789,"M",0.42,0.0144115,2,2,0,0.662965012722429,2.06766917293233,2,1.03383458646617,1,0.763870413313351,1.31638305572945,"clonal"]
["G13404","SEL1L3","missense","chr4",25849330,"G","C","p.Q107E",0.1692,195,33,"unknown",0,"chr4:g.25849330G>C","predicted passenger",216,"FALSE","SNV","-","SEL1L3","nt","CG","TCA","CG_TCA","CTCAG","CG_CTCAG","-",0.169230769230769,"M",0.42,0.101408,2,2,0,-0.147557188413858,0.805860805860806,1,0.805860805860806,0.805860805860806,0.568790764680464,1.09224465249834,"clonal"]
["G13404","LIMCH1","missense","chr4",41694384,"G","A","p.C1070Y",0.1531,98,15,"unknown",0,"chr4:g.41694384G>A","predicted passenger",131,"FALSE","SNV","NA","NA","NA","CT","GCA","CT_GCA","AGCAA","CT_AGCAA","-",0.153061224489796,"M",0.42,0.0179191,2,2,0,-0.418713157422242,0.728862973760933,1,0.728862973760933,0.728862973760933,0.420353612478711,1.1421736303821,"clonal"]
["G13404","CTNND2","missense","chr5",11385077,"C","T","p.A293T",0.1603,131,21,"unknown",1,"chr5:g.11385077C>T","predicted passenger",142,"FALSE","SNV","-","CTNND2","ts","CT","GCG","CT_GCG","GGCGT","CT_GGCGT","+",0.16030534351145,"M",0.42,0.383793,3,3,0,-0.116324117967232,0.923664122137405,1,0.923664122137405,0.923664122137405,0.588035621253759,1.35142952696152,"clonal"]
["G13404","MYO10","missense","chr5",16701413,"C","G","p.E1031Q",0.0841,107,9,"unknown",0,"chr5:g.16701413C>G","predicted passenger",91,"FALSE","SNV","-","MYO10","ts","CG","TCT","CG_TCT","CTCTG","CG_CTCTG","+",0.0841121495327103,"M",0.42,0.766701,4,4,0,0.233672346202451,0.568758344459279,1,0.568758344459279,0.568758344459279,0.264961455663232,1.03911588770182,"clonal"]
["G13404","MYO10","missense","chr5",16701686,"C","G","p.E940Q",0.1412,262,37,"unknown",0,"chr5:g.16701686C>G","predicted passenger",246,"FALSE","SNV","-","MYO10","ts","CG","TCC","CG_TCC","CTCCT","CG_CTCCT","+",0.141221374045802,"M",0.42,0.766701,4,4,0,0.0909084961982103,0.954925481643039,1,0.954925481643039,0.954925481643039,0.68580073515969,1.28046133895527,"clonal"]
["G13404","LNPEP","missense","chr5",96328758,"C","T","p.H391Y",0.2638,163,43,"unknown",0,"chr5:g.96328758C>T","predicted passenger",166,"FALSE","SNV","+","LNPEP","nt","CT","TCA","CT_TCA","TTCAT","CT_TTCAT","+",0.263803680981595,"M",0.42,0.348658,3,3,0,-0.0263112771158472,1.52001168565586,2,0.760005842827929,0.760005842827929,0.570312673061912,0.975048882608612,"clonal"]
["G13404","KDM3B","missense","chr5",137727525,"C","T","p.P735L",0.6466,133,86,"unknown",0,"chr5:g.137727525C>T","predicted passenger",143,"FALSE","SNV","+","KDM3B","nt","CT","CCC","CT_CCC","GCCCA","CT_GCCCA","+",0.646616541353383,"M",0.42,0.656196,3,3,0,-0.1045889012772,3.72574292875045,4,0.931435732187612,0.931435732187612,0.805301983760886,1.04793573482261,"clonal"]
["G13404","STK10","missense","chr5",171554400,"C","G","p.G116A",0.2828,145,41,"unknown",0,"chr5:g.171554400C>G","predicted passenger",110,"FALSE","SNV","-","STK10","ts","CG","TCC","CG_TCC","CTCCC","CG_CTCCC","+",0.282758620689655,"M",0.42,0.600365,3,3,0,0.398549376490275,1.62922824302135,2,0.814614121510673,0.814614121510673,0.608355335880085,1.04710591670252,"clonal"]
["G13404","TRIM7","missense","chr5",180631770,"C","T","p.G114E",0.2989,87,26,"unknown",0,"chr5:g.180631770C>T","predicted passenger",95,"FALSE","SNV","-","TRIM7","ts","CT","TCC","CT_TCC","CTCCC","CT_CTCCC","+",0.298850574712644,"M",0.42,0.577488,3,3,0,-0.12691211248222,1.72194854953476,2,0.860974274767378,0.860974274767378,0.591677573340856,1.17107127902882,"clonal"]
["G13404","SYNCRIP","missense","chr6",86325003,"C","T","p.R448H",0.4828,58,28,"unknown",0,"chr6:g.86325003C>T","predicted passenger",86,"FALSE","SNV","-","SYNCRIP","ts","CT","ACG","CT_ACG","CACGC","CT_CACGC","+",0.482758620689655,"M",0.42,-0.619145,1,1,0,-0.568283759574526,1.81609195402299,2,0.908045977011494,0.908045977011494,0.657413930225163,1.16210181392998,"clonal"]
["G13404","FAM200A","missense","chr7",99145586,"C","G","p.D149H",0.0915,295,27,"unknown",0,"chr7:g.99145586C>G","predicted passenger",193,"FALSE","SNV","-","FAM200A","ts","CG","TCA","CG_TCA","ATCAG","CG_ATCAG","+",0.0915254237288136,"M",0.42,1.6367,7,7,0,0.612114106981123,0.893462469733656,1,0.893462469733656,0.893462469733656,0.597272230164684,1.2726508433986,"clonal"]
["G13404","ATXN7L1","missense","chr7",105279986,"C","G","p.G298A",0.4884,86,42,"unknown",0,"chr7:g.105279986C>G","predicted passenger",137,"FALSE","SNV","-","ATXN7L1","ts","CG","TCC","CG_TCC","CTCCA","CG_CTCCA","+",0.488372093023256,"M",0.42,-0.764299,1,1,0,-0.671767328258429,1.83720930232558,2,0.918604651162791,0.918604651162791,0.712861057398053,1.12589750174756,"clonal"]
["G13404","VPS13B","missense","chr8",100286549,"C","T","p.A880V",0.1848,276,51,"unknown",0,"chr8:g.100286549C>T","predicted passenger",330,"FALSE","SNV","+","VPS13B","nt","CT","GCC","CT_GCC","TGCCA","CT_TGCCA","+",0.184782608695652,"M",0.42,0.149498,2,2,0,-0.257797757467647,0.87991718426501,1,0.87991718426501,0.87991718426501,0.670416149108578,1.12233768440391,"clonal"]
["G13404","KCNQ3","missense","chr8",133492734,"C","T","p.G16S",0.4167,12,5,"unknown",0,"chr8:g.133492734C>T","predicted passenger",27,"FALSE","SNV","-","KCNQ3","ts","CT","CCG","CT_CCG","GCCGC","CT_GCCGC","+",0.416666666666667,"M",0.42,-0.101618,2,2,0,-1.16992500144231,1.98412698412698,2,0.992063492063492,0.992063492063492,0.361076737639119,1.72221503409022,"clonal"]
["G13404","DLG5","missense","chr10",79581180,"G","A","p.S1021F",0.1885,122,23,"unknown",0,"chr10:g.79581180G>A","predicted passenger",148,"FALSE","SNV","-","DLG5","nt","CT","TCC","CT_TCC","CTCCA","CT_CTCCA","-",0.188524590163934,"M",0.42,-0.00555327,2,2,0,-0.278716028066063,0.897736143637783,1,0.897736143637783,0.897736143637783,0.587728364781054,1.28251167730067,"clonal"]
["G13404","TRIM21","missense","chr11",4406576,"T","A","p.N456I",0.5244,82,43,"unknown",0,"chr11:g.4406576T>A","predicted passenger",118,"FALSE","SNV","-","TRIM21","ts","TA","GTT","TA_GTT","TGTTT","TA_TGTTT","+",0.524390243902439,"M",0.42,-0.498765,1,1,0,-0.525091044743757,1.97270615563299,2,0.986353077816493,0.986353077816493,0.773228335790212,1.19606713537698,"clonal"]
["G13404","OR52E2","missense","chr11",5080769,"C","T","p.G30D",0.1607,56,9,"unknown",0,"chr11:g.5080769C>T","predicted passenger",100,"FALSE","SNV","-","OR52E2","ts","CT","GCC","CT_GCC","AGCCG","CT_AGCCG","+",0.160714285714286,"M",0.42,-0.498765,1,1,0,-0.83650126771712,0.604591836734694,1,0.604591836734694,0.604591836734694,0.286727655717909,1.06567128308333,"clonal"]
["G13404","ST5","missense","chr11",8751513,"G","A","p.R442C",0.2857,49,14,"unknown",0,"chr11:g.8751513G>A","predicted passenger",58,"FALSE","SNV","-","ST5","nt","CT","CCG","CT_CCG","ACCGC","CT_ACCGC","-",0.285714285714286,"M",0.42,-0.498765,1,1,0,-0.243271151012364,1.07482993197279,1,1.07482993197279,1,0.623881025748187,1.62751180247967,"clonal"]
["G13404","GUCY1A2","missense","chr11",106888628,"C","T","p.A52T",0.2381,21,5,"unknown",0,"chr11:g.106888628C>T","predicted passenger",33,"FALSE","SNV","-","GUCY1A2","ts","CT","GCG","CT_GCG","TGCGG","CT_TGCGG","+",0.238095238095238,"M",0.42,-0.651349,1,1,0,-0.652076696579693,0.895691609977324,1,0.895691609977324,0.895691609977324,0.309137817707085,1.7743393516531,"clonal"]
["G13404","SIDT2","missense","chr11",117063046,"C","T","p.T650M",0.5625,80,45,"unknown",0,"chr11:g.117063046C>T","predicted passenger",134,"FALSE","SNV","+","SIDT2","nt","CT","ACG","CT_ACG","CACGC","CT_CACGC","+",0.5625,"M",0.42,-0.322644,1,1,0,-0.74416109557041,2.11607142857143,2,1.05803571428571,1,0.84078114618253,1.2663249447317,"clonal"]
["G13404","SCAF11","missense","chr12",46322234,"G","C","p.P417R",0.4103,156,64,"unknown",0,"chr12:g.46322234G>C","predicted passenger",181,"FALSE","SNV","-","SCAF11","nt","CG","CCT","CG_CCT","ACCTG","CG_ACCTG","-",0.41025641025641,"M",0.42,0.0604245,2,2,0,-0.214443668220957,1.95360195360195,2,0.976800976800977,0.976800976800977,0.791062996101479,1.17081571810514,"clonal"]
["G13404","KRT85","missense","chr12",52757857,"C","T","p.E261K",0.1697,218,37,"unknown",0,"chr12:g.52757857C>T","predicted passenger",266,"FALSE","SNV","-","KRT85","ts","CT","TCA","CT_TCA","TTCAT","CT_TTCAT","+",0.169724770642202,"M",0.42,0.0205036,2,2,0,-0.287098110724263,0.808213193534295,1,0.808213193534295,0.808213193534295,0.58288634460372,1.07748172687375,"clonal"]
["G13404","SLC8B1","missense","chr12",113753180,"G","C","p.I365M",0.1233,73,9,"unknown",0,"chr12:g.113753180G>C","predicted passenger",101,"FALSE","SNV","-","SLC8B1","nt","CG","TCA","CG_TCA","ATCAG","CG_ATCAG","-",0.123287671232877,"M",0.42,0.162048,2,2,0,-0.468386923871778,0.587084148727984,1,0.587084148727984,0.587084148727984,0.275975789082601,1.05323706045019,"clonal"]
["G13404","SRRM4","missense","chr12",119594329,"G","A","p.R521Q",0.25,96,24,"unknown",0,"chr12:g.119594329G>A","predicted passenger",129,"FALSE","SNV","+","SRRM4","ts","CT","CCG","CT_CCG","GCCGA","CT_GCCGA","-",0.25,"M",0.42,0.118287,2,2,0,-0.426264754702098,1.19047619047619,1,1.19047619047619,1,0.79624601885136,1.66081624417481,"clonal"]
["G13404","LRRC43","missense","chr12",122672290,"C","G","p.L189V",0.2667,135,36,"unknown",0,"chr12:g.122672290C>G","predicted passenger",151,"FALSE","SNV","+","LRRC43","nt","CG","TCT","CG_TCT","GTCTG","CG_GTCTG","+",0.266666666666667,"M",0.42,0.353573,3,3,0,-0.161589142274248,1.53650793650794,2,0.768253968253968,0.768253968253968,0.559701452328561,1.00713887785828,"clonal"]
["G13404","TDRD3","missense","chr13",61034670,"A","C","p.I117L",0.3793,87,33,"unknown",0,"chr13:g.61034670A>C","predicted passenger",53,"FALSE","SNV","+","TDRD3","ts","TG","ATT","TG_ATT","TATTT","TG_TATTT","-",0.379310344827586,"M",0.42,0.306917,3,3,0,0.715023041285529,2.18555008210181,2,1.0927750410509,1,0.799133157196318,1.41080448196071,"clonal"]
["G13404","PCDH20","missense","chr13",61989195,"G","A","p.R33C",0.3519,54,19,"unknown",0,"chr13:g.61989195G>A","predicted passenger",89,"FALSE","SNV","-","PCDH20","nt","CT","TCG","CT_TCG","ATCGT","CT_ATCGT","-",0.351851851851852,"M",0.42,0.119155,2,2,0,-0.720845928802929,1.67548500881834,2,0.837742504409171,0.837742504409171,0.540028295472551,1.17562413866853,"clonal"]
["G13404","MYCBP2","missense","chr13",77755878,"A","C","p.H1633Q",0.1752,137,24,"unknown",0,"chr13:g.77755878A>C","predicted passenger",119,"FALSE","SNV","-","MYCBP2","nt","TG","ATC","TG_ATC","CATCG","TG_CATCG","-",0.175182481751825,"M",0.42,0.467657,3,3,0,0.203214319652583,1.00938477580813,1,1.00938477580813,1,0.665997274448063,1.43673497295754,"clonal"]
["G13404","ELMSAN1","missense","chr14",74203744,"C","T","p.R569H",0.2203,59,13,"unknown",0,"chr14:g.74203744C>T","predicted passenger",50,"FALSE","SNV","-","ELMSAN1","ts","CT","GCG","CT_GCG","TGCGG","CT_TGCGG","+",0.220338983050847,"M",0.42,0.157583,2,2,0,0.238786859587116,1.04923325262308,1,1.04923325262308,1,0.585064800640424,1.65360663898854,"clonal"]
["G13404","ANGEL1","missense","chr14",77273115,"G","A","p.R342C",0.2759,58,16,"unknown",0,"chr14:g.77273115G>A","predicted passenger",100,"FALSE","SNV","-","ANGEL1","nt","CT","CCG","CT_CCG","TCCGC","CT_TCCGC","-",0.275862068965517,"M",0.42,-0.0227927,2,2,0,-0.785875194647153,1.3136288998358,1,1.3136288998358,1,0.793452270381682,1.94744548792649,"clonal"]
["G13404","ABAT","missense","chr16",8870315,"A","G","p.K413E",0.5498,231,127,"unknown",0,"chr16:g.8870315A>G","predicted passenger",299,"FALSE","SNV","+","ABAT","ts","TC","TTC","TC_TTC","CTTCC","TC_CTTCC","-",0.54978354978355,"M",0.42,-0.452622,1,1,0,-0.372252632782047,2.06823335394764,2,1.03411667697382,1,0.908828241973952,1.1569710109563,"clonal"]
["G13404","NPIPB15","missense","chr16",74425688,"C","G","p.Q348E",0.0989,910,90,"unknown",0,"chr16:g.74425688C>G","predicted passenger",832,"FALSE","SNV","+","NPIPB15","nt","CG","TCA","CG_TCA","CTCAG","CG_CTCAG","+",0.0989010989010989,"M",0.42,1.19113,5,5,0,0.129283016944966,0.767660910518054,1,0.767660910518054,0.767660910518054,0.623117551786996,0.932707346481404,"subclonal"]
["G13404","NOS2","missense","chr17",26096006,"G","T","p.F677L",0.2333,30,7,"unknown",0,"chr17:g.26096006G>T","predicted passenger",26,"FALSE","SNV","-","NOS2","nt","CA","TCA","CA_TCA","TTCAA","CA_TTCAA","-",0.233333333333333,"M",0.42,0.630459,3,3,0,0.206450877467426,1.34444444444444,1,1.34444444444444,1,0.572375317139066,2.43634377525546,"clonal"]
["G13404","KRTAP4-8","missense","chr17",39254191,"C","T","p.C49Y",0.4731,167,79,"unknown",0,"chr17:g.39254191C>T","predicted passenger",206,"FALSE","SNV","-","KRTAP4-8","ts","CT","GCA","CT_GCA","AGCAG","CT_AGCAG","+",0.473053892215569,"M",0.42,-0.968201,1,1,0,-0.302796234709166,1.77958368976333,2,0.889791844881665,0.889791844881665,0.743766696236801,1.03764774788318,"clonal"]
["G13404","BECN1","missense","chr17",40972799,"G","A","p.S64L",0.1707,123,21,"unknown",0,"chr17:g.40972799G>A","predicted passenger",123,"FALSE","SNV","-","BECN1","nt","CT","TCA","CT_TCA","CTCAG","CT_CTCAG","-",0.170731707317073,"M",0.42,0.568842,3,3,0,0,0.983739837398374,1,0.983739837398374,0.983739837398374,0.627489977885358,1.43507886893463,"clonal"]
["G13404","UNC13D","missense","chr17",73829052,"G","T","p.F814L",0.1765,238,42,"unknown",0,"chr17:g.73829052G>T","predicted passenger",187,"FALSE","SNV","-","UNC13D","nt","CA","TCA","CA_TCA","TTCAG","CA_TTCAG","-",0.176470588235294,"M",0.42,1.31315,5,5,0,0.347923303420307,1.36974789915966,1,1.36974789915966,1,1.01093806459937,1.79266012356291,"clonal"]
["G13404","ZNF846","missense","chr19",9869049,"A","G","p.F235S",0.2018,114,23,"unknown",0,"chr19:g.9869049A>G","predicted passenger",100,"FALSE","SNV","-","ZNF846","nt","TC","TTC","TC_TTC","CTTCA","TC_CTTCA","-",0.201754385964912,"M",0.42,0.46245,3,3,0,0.189033824390017,1.1624895572264,1,1.1624895572264,1,0.7628963576884,1.65476112432052,"clonal"]
["G13404","NKPD1","missense","chr19",45661953,"G","A","p.A166V",0.5,14,7,"unknown",0,"chr19:g.45661953G>A","predicted passenger",14,"FALSE","SNV","NA","NA","NA","CT","GCG","CT_GCG","AGCGG","CT_AGCGG","-",0.5,"M",0.42,0.443307,3,3,0,0,2.88095238095238,3,0.96031746031746,0.96031746031746,0.442438500241517,1.4781964203934,"clonal"]
["G13404","DMPK","missense","chr19",46281822,"C","G","p.E180D",0.3711,97,36,"unknown",0,"chr19:g.46281822C>G","predicted passenger",139,"FALSE","SNV","-","DMPK","ts","CG","TCT","CG_TCT","ATCTC","CG_ATCTC","+",0.371134020618557,"M",0.42,0.443307,3,3,0,-0.51902823053638,2.13843888070692,2,1.06921944035346,1,0.79278966950559,1.36897179641704,"clonal"]
["G13404","DMPK","missense","chr19",46281839,"C","T","p.E175K",0.4124,97,40,"unknown",0,"chr19:g.46281839C>T","predicted passenger",138,"FALSE","SNV","-","DMPK","ts","CT","TCC","CT_TCC","CTCCC","CT_CTCCC","+",0.412371134020619,"M",0.42,0.443307,3,3,0,-0.508611614591041,2.37604320078547,2,1.18802160039273,1,0.902738783433694,1.48914576772183,"clonal"]
["G13404","SHANK1","missense","chr19",51171831,"G","A","p.A1129V",0.4643,56,26,"unknown",0,"chr19:g.51171831G>A","predicted passenger",72,"FALSE","SNV","-","SHANK1","nt","CT","GCG","CT_GCG","CGCGC","CT_CGCGC","-",0.464285714285714,"M",0.42,0.182069,2,2,0,-0.362570079384708,2.2108843537415,2,1.10544217687075,1,0.785511167294152,1.43467617850016,"clonal"]
["G13404","NLRP11","missense","chr19",56300234,"C","G","p.D932H",0.3934,122,48,"unknown",0,"chr19:g.56300234C>G","predicted passenger",142,"FALSE","SNV","-","NLRP11","ts","CG","TCA","CG_TCA","ATCAT","CG_ATCAT","+",0.39344262295082,"M",0.42,0.188488,2,2,0,-0.219009781941796,1.87353629976581,2,0.936768149882904,0.936768149882904,0.729138037040223,1.15701691722901,"clonal"]
["G13404","ZNF530","missense","chr19",58115652,"T","G","p.F13C",0.3171,164,52,"unknown",0,"chr19:g.58115652T>G","predicted passenger",205,"FALSE","SNV","+","ZNF530","nt","TG","TTT","TG_TTT","TTTTG","TG_TTTTG","+",0.317073170731707,"M",0.42,0.188488,2,2,0,-0.321928094887362,1.50987224157956,2,0.754936120789779,0.754936120789779,0.587419133270803,0.938532532281027,"subclonal"]
["G13404","LSS","missense","chr21",47626632,"C","A","p.K506N",0.3093,97,30,"unknown",0,"chr21:g.47626632C>A","predicted passenger",146,"FALSE","SNV","-","LSS","ts","CA","GCT","CA_GCT","CGCTT","CA_CGCTT","+",0.309278350515464,"M",0.42,-2.53788,0,0,0,-0.58991171669289,0.85419734904271,1,0.85419734904271,0.85419734904271,0.605794690204026,1.13578220349583,"clonal"]
["G13404","CUL4B","missense","chrX",119674237,"C","G","p.A560P",0.6273,110,69,"unknown",0,"chrX:g.119674237C>G","predicted passenger",87,"FALSE","SNV","-","CUL4B","ts","CG","GCT","CG_GCT","AGCTG","CG_AGCTG","+",0.627272727272727,"M",0.42,-0.196538,2,2,0,0.338416217675931,2.12077922077922,2,1.06038961038961,1,1.261710178614,1.70854996269838,"clonal"]
["G13404","CFAP74","missense","chr1",1858339,"C","A","p.S502I",0.0192307692307692,106,2,"unknown",0,"chr1:g.1858339C>A","predicted passenger",90,"FALSE","SNV","-","C1orf222","ts","CA","GCT","CA_GCT","AGCTC","CA_AGCTC","+",0.0188679245283019,"M",0.42,0.745518,4,4,0,0.236067358233525,0.127583108715184,0,0.127583108715184,0.127583108715184,0.015506514697907,0.449654493846825,"subclonal"]
["G13404","MACF1","missense","chr1",39853866,"C","A","p.L3056M",0.0143884892086331,141,2,"unknown",1,"chr1:g.39853866C>A","predicted driver: tier 1",134,"TRUE","SNV","+","MACF1","nt","CA","GCT","CA_GCT","AGCTG","CA_AGCTG","+",0.0141843971631206,"M",0.42,0.129184,2,2,0,0.0734621619410212,0.0675447483958122,0,0.0675447483958122,0.0675447483958122,0.00820207692746297,0.239515855174462,"subclonal"]
["G13404","YY1AP1","missense","chr1",155629966,"C","A","p.A717S",0.0244,82,2,"unknown",0,"chr1:g.155629966C>A","predicted passenger",104,"FALSE","SNV","NA","NA","NA","CA","GCA","CA_GCA","CGCAT","CA_CGCAT","+",0.024390243902439,"M",0.42,0.26087,3,3,0,-0.342887713523009,0.140534262485482,0,0.140534262485482,0.140534262485482,0.0170986917962929,0.491739534265,"subclonal"]
["G13404","CFH","missense","chr1",196697529,"C","A","p.H764N",0.0152,132,2,"unknown",0,"chr1:g.196697529C>A","predicted passenger",138,"FALSE","SNV","+","CFH","nt","CA","ACA","CA_ACA","AACAT","CA_AACAT","+",0.0151515151515152,"M",0.42,-0.176078,2,2,0,-0.0641303374197156,0.0721500721500722,0,0.0721500721500722,0.0721500721500722,0.00876292746959603,0.255523482072669,"subclonal"]
["G13404","CEBPZ","missense","chr2",37455442,"C","A","p.L298F",0.00909090909090909,222,2,"unknown",0,"chr2:g.37455442C>A","predicted passenger",185,"FALSE","SNV","-","CEBPZ","ts","CA","GCA","CA_GCA","GGCAA","CA_GGCAA","+",0.00900900900900901,"M",0.42,0.0751598,2,2,0,0.263034405833794,0.0429000429000429,0,0.0429000429000429,0.0429000429000429,0.00520429034937782,0.153156802788547,"subclonal"]
["G13404","LNP1","nonsense","chr3",100170600,"A","ATCCTAGAAGGCATTCTCATGAGGACCAAGGAATTCCGATGCCGATCGTCTGACCGTCT","p.E75Gfs*8",0.63768115942029,226,88,"unknown",0,"chr3:g.100170600_100170601insTCCTAGAAGGCATTCTCATGAGGACCAAGGAATTCCGATGCCGATCGTCTGACCGTCT","predicted passenger",261,"FALSE","SNV","+","LNP1","ts","TAGACGGTCAGACGATCGGCATCGGAATTCCTTGGTCCTCATGAGAATGCCTTCTAGGAT","ATG","TAGACGGTCAGACGATCGGCATCGGAATTCCTTGGTCCTCATGAGAATGCCTTCTAGGAT_ATG","GATGG","TAGACGGTCAGACGATCGGCATCGGAATTCCTTGGTCCTCATGAGAATGCCTTCTAGGAT_GATGG","-",0.389380530973451,"M",0.42,-0.0313548,2,2,0,-0.207727034154697,1.85419300463548,2,0.927096502317741,0.927096502317741,0.774822465312021,1.08637637249642,"clonal"]
["G13404","HTT","missense","chr4",3182322,"G","A","p.E1565K",0.1954,87,17,"unknown",0,"chr4:g.3182322G>A","predicted passenger",123,"FALSE","SNV","+","HTT","ts","CT","TCA","CT_TCA","TTCAA","CT_TTCAA","-",0.195402298850575,"M",0.42,0.162659,2,2,0,-0.499571009490512,0.930487137383689,1,0.930487137383689,0.930487137383689,0.562612789350647,1.40152271810632,"clonal"]
["G13404","MAN2B2","nonsense","chr4",6596289,"C","A","p.S296*",0.00930232558139535,217,2,"unknown",0,"chr4:g.6596289C>A","predicted passenger",213,"FALSE","SNV","+","MAN2B2","nt","CA","TCG","CA_TCG","CTCGG","CA_CTCGG","+",0.00921658986175115,"M",0.42,0.162659,2,2,0,0.0268416122186411,0.043888523151196,0,0.043888523151196,0.043888523151196,0.0053244152775808,0.156643283183508,"subclonal"]
["G13404","GDNF","missense","chr5",37815918,"G","T","p.D174E",0.012853470437018,395,5,"unknown",0,"chr5:g.37815918G>T","predicted passenger",357,"FALSE","SNV","-","GDNF","nt","CA","ACA","CA_ACA","GACAA","CA_GACAA","-",0.0126582278481013,"M",0.42,0.717226,4,4,0,0.145928579035366,0.0855937311633514,0,0.0855937311633514,0.0855937311633514,0.0278760983826137,0.198065830523292,"subclonal"]
["G13404","CAMLG","missense","chr5",134086635,"C","A",".",0.0273972602739726,75,2,"unknown",0,"chr5:g.134086635C>A","predicted passenger",59,"FALSE","SNV","+","CAMLG","nt","CA","ACC","CA_ACC","TACCA","CA_TACCA","+",0.0266666666666667,"M",0.42,0.663804,3,3,0,0.34617564113404,0.153650793650794,0,0.153650793650794,0.153650793650794,0.0187027448764233,0.536038828509894,"subclonal"]
["G13404","THEMIS","missense","chr6",128134687,"C","A","p.V367L",0.0177,113,2,"unknown",0,"chr6:g.128134687C>A","predicted passenger",172,"FALSE","SNV","-","THEMIS","ts","CA","ACG","CA_ACG","CACGT","CA_CACGT","+",0.0176991150442478,"M",0.42,-0.84088,1,1,0,-0.60608579228691,0.066582385166456,0,0.066582385166456,0.066582385166456,0.00809064699823201,0.23502181045078,"subclonal"]
["G13404","SNX13","missense","chr7",17854559,"T","A","p.L654F",0.0333333333333333,62,2,"unknown",0,"chr7:g.17854559T>A","predicted passenger",46,"FALSE","SNV","-","SNX13","ts","TA","CTA","TA_CTA","GCTAA","TA_GCTAA","+",0.032258064516129,"M",0.42,0.812909,4,4,0,0.430634354329862,0.218125960061444,0,0.218125960061444,0.218125960061444,0.0265794058124036,0.755434080789553,"subclonal"]
["G13404","TEX15","missense","chr8",30699720,"C","T","p.E2272K",0.0352941176470588,88,3,"unknown",0,"chr8:g.30699720C>T","predicted passenger",83,"FALSE","SNV","-","TEX15","ts","CT","TCT","CT_TCT","TTCTT","CT_TTCTT","+",0.0340909090909091,"M",0.42,0.170244,2,2,0,0.0843921872903726,0.162337662337662,0,0.162337662337662,0.162337662337662,0.0337443254172571,0.459093155200014,"subclonal"]
["G13404","DENND4C","missense","chr9",19341095,"C","A","p.T711K",0.046,87,4,"unknown",0,"chr9:g.19341095C>A","predicted passenger",106,"FALSE","SNV","+","DENND4C","nt","CA","ACA","CA_ACA","AACAA","CA_AACAA","+",0.0459770114942529,"M",0.42,-0.971087,1,1,0,-0.284976958714471,0.17296113847838,0,0.17296113847838,0.17296113847838,0.0476534614205081,0.427177256636485,"subclonal"]
["G13404","GABBR2","missense","chr9",101304203,"C","A","p.Q194H",0.0154,130,2,"unknown",0,"chr9:g.101304203C>A","predicted passenger",174,"FALSE","SNV","-","GABBR2","ts","CA","ACT","CA_ACT","CACTG","CA_CACTG","+",0.0153846153846154,"M",0.42,0.433331,3,3,0,-0.420575682820274,0.0886446886446886,0,0.0886446886446886,0.0886446886446886,0.0107667468546904,0.313844506732779,"subclonal"]
["G13404","KIAA0368","missense","chr9",114182394,"C","A","p.V666F",0.0114068441064639,266,3,"unknown",0,"chr9:g.114182394C>A","predicted passenger",231,"FALSE","SNV","-","KIAA0368","ts","CA","ACT","CA_ACT","AACTT","CA_AACTT","+",0.0112781954887218,"M",0.42,0.566645,3,3,0,0.203533394085132,0.064983888292159,0,0.064983888292159,0.064983888292159,0.0134361941484882,0.187861432931226,"subclonal"]
["G13404","SIRT1","missense","chr10",69672425,"C","A","p.Q518K",0.00947867298578199,213,2,"unknown",0,"chr10:g.69672425C>A","predicted passenger",179,"FALSE","SNV","+","SIRT1","nt","CA","ACA","CA_ACA","CACAA","CA_CACAA","+",0.00938967136150235,"M",0.42,0.232473,3,3,0,0.250893842961582,0.0541023921305611,0,0.0541023921305611,0.0541023921305611,6.56374549243211E-3,0.193054128414666,"subclonal"]
["G13404","PLCE1","missense","chr10",96073099,"C","A","p.T2031N",0,215,0,"unknown",0,"chr10:g.96073099C>A","predicted passenger",301,"FALSE","SNV","+","PLCE1","nt","CA","ACT","CA_ACT","CACTA","CA_CACTA","+",0,"M",0.42,-0.00555327,2,2,0,-0.485426827170242,0,0,0,0,0,0.0810058372233828,"subclonal"]
["G13404","DCDC1","missense","chr11",31312204,"G","T","p.T317K",0.0714285714285714,45,3,"unknown",0,"chr11:g.31312204G>T","predicted passenger",69,"FALSE","SNV","-","DCDC1","nt","CA","ACA","CA_ACA","AACAA","CA_AACAA","-",0.0666666666666667,"M",0.42,-0.498765,1,1,0,-0.616671360448494,0.250793650793651,0,0.250793650793651,0.250793650793651,0.0525353650716797,0.687241527127615,"subclonal"]
["G13404","CASP5","missense","chr11",104871181,"C","A","p.E266D",0.0131004366812227,232,3,"unknown",0,"chr11:g.104871181C>A","predicted passenger",277,"FALSE","SNV","-","CASP5","ts","CA","GCT","CA_GCT","TGCTC","CA_TGCTC","+",0.0129310344827586,"M",0.42,-0.651349,1,1,0,-0.255761170921616,0.0486453201970443,0,0.0486453201970443,0.0486453201970443,0.0100618549190883,0.14040481189972,"subclonal"]
["G13404","FAM90A1","missense","chr12",8377415,"C","T","p.R5H",0.0426,188,8,"unknown",0,"chr12:g.8377415C>T","predicted passenger",245,"FALSE","SNV","-","FAM90A1","ts","CT","ACG","CT_ACG","CACGA","CT_CACGA","+",0.0425531914893617,"M",0.42,0.12167,2,2,0,-0.382049087324933,0.202634245187437,0,0.202634245187437,0.202634245187437,0.0883228018310199,0.391059114819693,"subclonal"]
["G13404","ZBTB39","missense","chr12",57397739,"C","A","p.E321D",0.0134,149,2,"unknown",0,"chr12:g.57397739C>A","predicted passenger",183,"FALSE","SNV","-","ZBTB39","ts","CA","GCT","CA_GCT","AGCTC","CA_AGCTC","+",0.0134228187919463,"M",0.42,0.139747,2,2,0,-0.296531317821881,0.0639181847235539,0,0.0639181847235539,0.0639181847235539,0.00776056889148449,0.226881530155321,"subclonal"]
["G13404","MARS","missense","chr12",57905648,"C","A","p.D512E",0.028169014084507,73,2,"unknown",0,"chr12:g.57905648C>A","predicted passenger",69,"FALSE","SNV","+","MARS","nt","CA","ACA","CA_ACA","GACAA","CA_GACAA","+",0.0273972602739726,"M",0.42,0.288797,3,3,0,0.0813001021018482,0.157860404435747,0,0.157860404435747,0.157860404435747,0.0192178474317675,0.550199467827261,"subclonal"]
["G13404","PAH","missense","chr12",103288555,"C","A","p.A104S",0.00847457627118644,238,2,"unknown",0,"chr12:g.103288555C>A","predicted passenger",232,"FALSE","SNV","-","PAH","ts","CA","GCA","CA_GCA","GGCAC","CA_GGCAC","+",0.00840336134453781,"M",0.42,0.0413227,2,2,0,0.0368367681803715,0.040016006402561,0,0.040016006402561,0.040016006402561,0.00485386253731647,0.14297360785025,"subclonal"]
["G13404","SLC41A2","nonsense","chr12",105321909,"C","A","p.E133*",0.0132,152,2,"unknown",0,"chr12:g.105321909C>A","predicted passenger",146,"FALSE","SNV","-","SLC41A2","ts","CA","TCA","CA_TCA","TTCAT","CA_TTCAT","+",0.0131578947368421,"M",0.42,0.0413227,2,2,0,0.0581029545635682,0.06265664160401,0,0.06265664160401,0.06265664160401,0.00760701524577114,0.222480580820113,"subclonal"]
["G13404","MICU2","missense","chr13",22113803,"G","T","p.T128K",0.0207253886010363,204,4,"unknown",0,"chr13:g.22113803G>T","predicted passenger",158,"FALSE","SNV","-","MICU2","nt","CA","ACA","CA_ACA","GACAA","CA_GACAA","-",0.0196078431372549,"M",0.42,0.539866,3,3,0,0.368644593794393,0.112978524743231,0,0.112978524743231,0.112978524743231,0.0309281376844547,0.284870233623616,"subclonal"]
["G13404","SYT17","missense","chr16",19236031,"C","A","p.H367N",0.018348623853211,111,2,"unknown",0,"chr16:g.19236031C>A","predicted passenger",114,"FALSE","SNV","+","SYT17","nt","CA","GCA","CA_GCA","TGCAT","CA_TGCAT","+",0.018018018018018,"M",0.42,-0.452622,1,1,0,-0.0384741478146357,0.0677820677820678,0,0.0677820677820678,0.0677820677820678,0.00823692682337269,0.239156792562266,"subclonal"]
["G13404","GEMIN4","missense","chr17",650381,"C","A","p.S301I",0.0158730158730159,128,2,"unknown",0,"chr17:g.650381C>A","predicted passenger",179,"FALSE","SNV","-","GEMIN4","ts","CA","GCT","CA_GCT","GGCTG","CA_GGCTG","+",0.015625,"M",0.42,-0.50743,1,1,0,-0.483815777264256,0.0587797619047619,0,0.0587797619047619,0.0587797619047619,0.00713969317225739,0.208043076751117,"subclonal"]
["G13404","KCNH6","missense","chr17",61611470,"T","C","p.L300P",0.0429447852760736,170,7,"unknown",0,"chr17:g.61611470T>C","predicted passenger",171,"FALSE","SNV","+","KCNH6","nt","TC","CTC","TC_CTC","CCTCA","TC_CCTCA","+",0.0411764705882353,"M",0.42,0.453976,3,3,0,-0.00846157874819618,0.237254901960784,0,0.237254901960784,0.237254901960784,0.0962979737933684,0.478218138616134,"subclonal"]
["G13404","ABCA10","missense","chr17",67178431,"C","A","p.D878Y",0.031496062992126,133,4,"unknown",0,"chr17:g.67178431C>A","predicted passenger",105,"FALSE","SNV","-","ABCA10","ts","CA","TCC","CA_TCC","ATCCT","CA_ATCCT","+",0.0300751879699248,"M",0.42,0.49486,3,3,0,0.341036917835067,0.173290368779091,0,0.173290368779091,0.173290368779091,0.0475591140195095,0.433373141566276,"subclonal"]
["G13404","ATP8B1","missense","chr18",55364872,"C","A","p.V226L",0.0147058823529412,138,2,"unknown",0,"chr18:g.55364872C>A","predicted passenger",235,"FALSE","SNV","NA","NA","NA","CA","ACA","CA_ACA","CACAT","CA_CACAT","+",0.0144927536231884,"M",0.42,-2.6495,0,0,0,-0.767992489786831,0.0400276052449966,0,0.0400276052449966,0.0400276052449966,0.00486090824884828,0.141882019528525,"subclonal"]
["G13404","SEL1L2","missense","chr20",13869139,"G","A","p.S190F",0.0129032258064516,157,2,"unknown",0,"chr20:g.13869139G>A","predicted passenger",106,"FALSE","SNV","-","SEL1L2","nt","CT","TCT","CT_TCT","TTCTT","CT_TTCTT","-",0.0127388535031847,"M",0.42,0.461741,3,3,0,0.566700294328428,0.0734000606612072,0,0.0734000606612072,0.0734000606612072,0.00891063954653809,0.260770902313134,"subclonal"]
["G13404","TRPC4AP","missense","chr20",33594349,"C","A","p.E572D",0.0172,116,2,"unknown",0,"chr20:g.33594349C>A","predicted passenger",132,"FALSE","SNV","-","TRPC4AP","ts","CA","ACT","CA_ACT","CACTC","CA_CACTC","+",0.0172413793103448,"M",0.42,0.71466,4,4,0,-0.186413124230881,0.116584564860427,0,0.116584564860427,0.116584564860427,0.014165338133954,0.411765110325517,"subclonal"]
["G13404","TBC1D10A","missense","chr22",30690935,"C","A","p.A86S",0.0168067226890756,121,2,"unknown",0,"chr22:g.30690935C>A","predicted passenger",130,"FALSE","SNV","NA","NA","NA","CA","GCA","CA_GCA","AGCAG","CA_AGCAG","+",0.0165289256198347,"M",0.42,-0.50325,1,1,0,-0.10350457575386,0.0621802439984258,0,0.0621802439984258,0.0621802439984258,0.00755403793903451,0.219818925158934,"subclonal"]
["G13404","STX19","missense","chr3",93733536,"A","C","p.V193G",0.1683,202,34,"unknown",0,"chr3:g.93733536A>C","predicted passenger",185,"FALSE","SNV","NA","NA","NA","TG","GTT","TG_GTT","AGTTT","TG_AGTTT","-",0.168316831683168,"M",0.42,-0.0313548,2,2,0,0.126830022235483,0.801508722300802,1,0.801508722300802,0.801508722300802,0.568902811763494,1.08182197476225,"clonal"]
["G13404","CHST2","missense","chr3",142840817,"G","A","p.A387T",0.1053,19,2,"unknown",0,"chr3:g.142840817G>A","predicted passenger",25,"FALSE","SNV","+","CHST2","ts","CT","GCG","CT_GCG","TGCGG","CT_TGCGG","-",0.105263157894737,"M",0.42,0.0177665,2,2,0,-0.395928676331139,0.50125313283208,1,0.50125313283208,0.50125313283208,0.0619626874846546,1.57798411646079,"clonal"]
["G13404","TIGD6","missense","chr5",149375365,"C","G","p.V183L",0.1748,143,25,"unknown",0,"chr5:g.149375365C>G","predicted passenger",141,"FALSE","SNV","-","TIGD6","ts","CG","ACT","CG_ACT","CACTC","CG_CACTC","+",0.174825174825175,"M",0.42,0.567482,3,3,0,0.0203199843795959,1.00732600732601,1,1.00732600732601,1,0.670968496655943,1.42414132060955,"clonal"]
["G13404","TXNDC5","missense","chr6",7910904,"C","A","p.A36S",0.1,20,2,"unknown",0,"chr6:g.7910904C>A","predicted passenger",55,"FALSE","SNV","NA","NA","NA","CA","GCG","CA_GCG","GGCGC","CA_GGCGC","+",0.1,"M",0.42,-0.683611,1,1,0,-1.4594316186373,0.376190476190476,0,0.376190476190476,0.376190476190476,0.0464539831644424,1.19245878130988,"clonal"]
["G13404","KDM1B","missense","chr6",18222161,"C","A","p.Q571K",0.0649,77,5,"unknown",0,"chr6:g.18222161C>A","predicted passenger",95,"FALSE","SNV","+","KDM1B","nt","CA","ACA","CA_ACA","CACAA","CA_CACAA","+",0.0649350649350649,"M",0.42,-0.683611,1,1,0,-0.303069067636047,0.244279529993816,0,0.244279529993816,0.244279529993816,0.0805749904950084,0.545726948733482,"subclonal"]
["G13404","HIST1H4F","missense","chr6",26240783,"G","A","p.V44M",0.0988,81,8,"unknown",0,"chr6:g.26240783G>A","predicted passenger",120,"FALSE","SNV","+","HIST1H4F","ts","CT","ACG","CT_ACG","CACGC","CT_CACGC","-",0.0987654320987654,"M",0.42,-0.683611,1,1,0,-0.567040592723894,0.371546149323927,0,0.371546149323927,0.371546149323927,0.164067678860704,0.697321902743271,"subclonal"]
["G13404","FOXD4L3","missense","chr9",70918289,"G","A","p.R141H",0.2308,13,3,"unknown",0,"chr9:g.70918289G>A","predicted passenger",24,"FALSE","SNV","+","FOXD4L3","ts","CT","GCG","CT_GCG","AGCGG","CT_AGCGG","-",0.230769230769231,"M",0.42,0.518814,3,3,0,-0.884522782580064,1.32967032967033,1,1.32967032967033,1,0.29029094725854,3.10066267844376,"clonal"]
["G13404","TLE1","missense","chr9",84226842,"C","A","p.G366C",0.1176,17,2,"unknown",0,"chr9:g.84226842C>A","predicted passenger",25,"FALSE","SNV","-","TLE1","ts","CA","CCG","CA_CCG","GCCGG","CA_GCCGG","+",0.117647058823529,"M",0.42,0.32689,3,3,0,-0.556393348524385,0.677871148459384,1,0.677871148459384,0.677871148459384,0.0840046351274573,2.09969088639292,"clonal"]
["G13404","KLHL35","nonsense","chr11",75141317,"C","A","p.E120*",0.1176,17,2,"unknown",0,"chr11:g.75141317C>A","predicted passenger",55,"FALSE","SNV","-","KLHL35","ts","CA","TCC","CA_TCC","CTCCG","CA_CTCCG","+",0.117647058823529,"M",0.42,-0.431065,1,1,0,-1.69389687227432,0.442577030812325,0,0.442577030812325,0.442577030812325,0.0548460014468523,1.37087256219042,"clonal"]
["G13404","CLSTN3","missense","chr12",7293919,"G","A","p.D469N",0.1387,137,19,"unknown",0,"chr12:g.7293919G>A","predicted passenger",163,"FALSE","SNV","+","CLSTN3","ts","CT","TCG","CT_TCG","GTCGA","CT_GTCGA","-",0.138686131386861,"M",0.42,0.12167,2,2,0,-0.250696071270551,0.660410149461244,1,0.660410149461244,0.660410149461244,0.407666407834991,0.990835754970579,"clonal"]
["G13404","SLC26A10","missense","chr12",58016865,"A","G","p.N333S",0.1282,156,20,"unknown",0,"chr12:g.58016865A>G","predicted passenger",206,"FALSE","SNV","+","SLC26A10","ts","TC","GTT","TC_GTT","AGTTG","TC_AGTTG","-",0.128205128205128,"M",0.42,0.0342654,2,2,0,-0.40109830832097,0.61050061050061,1,0.61050061050061,0.61050061050061,0.381434320523632,0.909704266927607,"subclonal"]
["G13404","NPIPB11","missense","chr16",29395195,"C","T","p.R353H",0.1379,29,4,"unknown",0,"chr16:g.29395195C>T","predicted passenger",32,"FALSE","SNV","NA","NA","NA","CT","ACG","CT_ACG","GACGC","CT_GACGC","+",0.137931034482759,"M",0.42,-0.452622,1,1,0,-0.142019004872428,0.51888341543514,1,0.51888341543514,0.51888341543514,0.146318651063794,1.19117181646152,"clonal"]
["G13404","CTRB1","missense","chr16",75257418,"G","T","p.A130S",0.1667,12,2,"unknown",0,"chr16:g.75257418G>T","predicted passenger",14,"FALSE","SNV","+","CTRB1","ts","CA","GCA","CA_GCA","GGCAG","CA_GGCAG","-",0.166666666666667,"M",0.42,-0.557592,1,1,0,-0.222392421336448,0.626984126984127,1,0.626984126984127,0.626984126984127,0.0784828338736809,1.82128010219959,"clonal"]
["G13404","JPH3","nonsense","chr16",87723544,"C","A","p.C526*",0.1176,17,2,"unknown",0,"chr16:g.87723544C>A","predicted passenger",21,"FALSE","SNV","+","JPH3","nt","CA","GCG","CA_GCG","TGCGC","CA_TGCGC","+",0.117647058823529,"M",0.42,-0.557592,1,1,0,-0.304854581528421,0.442577030812325,0,0.442577030812325,0.442577030812325,0.0548460014468523,1.37087256219042,"clonal"]
["G13404","KRTAP4-11","missense","chr17",39274422,"C","T","p.C49Y",0.0439,228,10,"unknown",0,"chr17:g.39274422C>T","predicted passenger",325,"FALSE","SNV","-","KRTAP4-11","ts","CT","GCA","CT_GCA","AGCAG","CT_AGCAG","+",0.043859649122807,"M",0.42,-0.968201,1,1,0,-0.511405893751075,0.16499582289056,0,0.16499582289056,0.16499582289056,0.0798645936365365,0.297861628204347,"subclonal"]
["G13404","ZNF541","missense","chr19",48047978,"G","A","p.P603L",0.1333,15,2,"unknown",0,"chr19:g.48047978G>A","predicted passenger",28,"FALSE","SNV","-","ZNF541","nt","CT","CCA","CT_CCA","ACCAC","CT_ACCAC","-",0.133333333333333,"M",0.42,0.443307,3,3,0,-0.900464326449086,0.768253968253968,1,0.768253968253968,0.768253968253968,0.095508834583339,2.33128220423848,"clonal"]
["G13404","NFATC2","missense","chr20",50049009,"C","A","p.A773S",0.125,16,2,"unknown",1,"chr20:g.50049009C>A","predicted passenger",31,"FALSE","SNV","-","NFATC2","ts","CA","GCG","CA_GCG","GGCGG","CA_GGCGG","+",0.125,"M",0.42,0.662005,3,3,0,-0.954196310386875,0.720238095238095,1,0.720238095238095,0.720238095238095,0.0893879076983372,2.20955355517909,"clonal"]
["G13404","GAS2L1","missense","chr22",29704655,"C","A","p.T187N",0.1053,19,2,"unknown",0,"chr22:g.29704655C>A","predicted passenger",20,"FALSE","SNV","+","GAS2L1","nt","CA","ACC","CA_ACC","AACCG","CA_AACCG","+",0.105263157894737,"M",0.42,-0.50325,1,1,0,-0.0740005814437769,0.395989974937343,0,0.395989974937343,0.395989974937343,0.0489505231128771,1.24660745200402,"clonal"]
["G13404","SSX3","missense","chrX",48213482,"C","T","p.D78N",0.0556,126,7,"unknown",0,"chrX:g.48213482C>T","predicted passenger",122,"FALSE","SNV","-","SSX3","ts","CT","TCT","CT_TCT","GTCTG","CT_GTCTG","+",0.0555555555555556,"M",0.42,-0.179273,2,2,0,0.0465425859370302,0.187830687830688,0,0.187830687830688,0.187830687830688,0.107739110822229,0.529129007547834,"subclonal"]
["G04240","UBR4","missense","chr1",19513771,"C","A","p.A507S",0.06,50,3,"known",0,"chr1:g.19513771C>A","predicted passenger",82,"FALSE","SNV","-","UBR4","ts","CA","GCA","CA_GCA","TGCAG","CA_TGCAG","+",0.06,"M",0.25,-0.0268297,2,2,0,-0.713695814843359,0.48,0,0.48,0.48,0.100388702682672,1.32385557283018,"clonal"]
["G04240","NGF","missense","chr1",115829253,"G","A","p.P55L",0.338,71,24,"known",0,"chr1:g.115829253G>A","predicted passenger",143,"FALSE","SNV","NA","NA","NA","CT","CCG","CT_CCG","CCCGG","CT_CCCGG","-",0.338028169014085,"M",0.25,-1.76206,0,0,0,-1.01012421727371,2.02816901408451,2,1.01408450704225,1,0.689910400528258,1.38021911455452,"clonal"]
["G04240","NLRP3","missense","chr1",247607294,"C","T","p.T897M",0.1808,260,47,"known",0,"chr1:g.247607294C>T","predicted passenger",270,"FALSE","SNV","+","NLRP3","nt","CT","ACG","CT_ACG","TACGT","CT_TACGT","+",0.180769230769231,"M",0.25,1.05967,5,5,0,-0.0544477840223765,1.98846153846154,2,0.994230769230769,0.994230769230769,0.747726300879339,1.2816730140647,"clonal"]
["G04240","SCN9A","missense","chr2",167141144,"C","T","p.R598H",0.1124,89,10,"known",0,"chr2:g.167141144C>T","predicted passenger",111,"TRUE","SNV","NA","NA","NA","CT","GCG","CT_GCG","TGCGT","CT_TGCGT","+",0.112359550561798,"M",0.25,-0.412964,1,1,0,-0.318682435383708,0.786516853932584,1,0.786516853932584,0.786516853932584,0.386501198998403,1.37858569734578,"clonal"]
["G04240","VWA5B2","nonsense","chr3",183959475,"C","A","p.C1126*",0.0714,28,2,"known",0,"chr3:g.183959475C>A","predicted passenger",22,"FALSE","SNV","NA","NA","NA","CA","GCA","CA_GCA","TGCAG","CA_TGCAG","+",0.0714285714285714,"M",0.25,1.41926,6,6,0,0.347923303420307,0.857142857142857,1,0.857142857142857,0.857142857142857,0.105245960442326,2.82041727809509,"clonal"]
["G04240","SMARCA5","missense","chr4",144461537,"C","A","p.Q598K",0.0625,32,2,"known",0,"chr4:g.144461537C>A","predicted passenger",58,"FALSE","SNV","+","SMARCA5","nt","CA","GCA","CA_GCA","GGCAG","CA_GGCAG","+",0.0625,"M",0.25,-1.55376,0,0,0,-0.857980995127572,0.375,0,0.375,0.375,0.0459644180787383,1.24841657937004,"clonal"]
["G04240","DNAH8","missense","chr6",38691246,"C","A","p.S163Y",0.05,40,2,"known",0,"chr6:g.38691246C>A","predicted passenger",78,"FALSE","SNV","+","DNAH8","nt","CA","TCT","CA_TCT","ATCTG","CA_ATCTG","+",0.05,"M",0.25,0.572335,3,3,0,-0.963474123974886,0.45,0,0.45,0.45,0.0550228193941575,1.52277177563476,"clonal"]
["G04240","GRIK2","missense","chr6",102516277,"G","A","p.R873H",0.2581,93,24,"known",0,"chr6:g.102516277G>A","predicted passenger",174,"FALSE","SNV","+","GRIK2","ts","CT","ACG","CT_ACG","GACGC","CT_GACGC","-",0.258064516129032,"M",0.25,0.265557,3,3,0,-0.903784684740697,2.32258064516129,2,1.16129032258065,1,0.777900098379882,1.61652053678695,"clonal"]
["G04240","NMBR","missense","chr6",142397171,"G","A","p.R263C",0.1333,30,4,"known",0,"chr6:g.142397171G>A","predicted passenger",34,"TRUE","SNV","-","NMBR","nt","CT","ACG","CT_ACG","AACGC","CT_AACGC","-",0.133333333333333,"M",0.25,1.10695,5,5,0,-0.180572245641821,1.46666666666667,1,1.46666666666667,1,0.413088459721996,3.37940185303739,"clonal"]
["G04240","ZNF786","nonsense","chr7",148771559,"C","A","p.E73*",0.1368,117,16,"known",0,"chr7:g.148771559C>A","predicted passenger",130,"FALSE","SNV","-","ZNF786","ts","CA","TCT","CA_TCT","TTCTC","CA_TTCTC","+",0.136752136752137,"M",0.25,0.305596,3,3,0,-0.15200309344505,1.23076923076923,1,1.23076923076923,1,0.722086196251848,1.91303132305986,"clonal"]
["G04240","NRG1","missense","chr8",32621438,"G","A","p.V486M",0.2712,59,16,"known",1,"chr8:g.32621438G>A","predicted passenger",97,"TRUE","SNV","+","NRG1","ts","CT","ACG","CT_ACG","CACGA","CT_CACGA","-",0.271186440677966,"M",0.25,0.0518121,2,2,0,-0.717269792825287,2.16949152542373,2,1.08474576271186,1,0.654530906594783,1.61077418622331,"clonal"]
["G04240","LRRCC1","missense","chr8",86019547,"C","T","p.A6V",0.0339,59,2,"known",0,"chr8:g.86019547C>T","predicted passenger",69,"FALSE","SNV","+","LRRCC1","nt","CT","GCG","CT_GCG","GGCGG","CT_GGCGG","+",0.0338983050847458,"M",0.25,0.398412,3,3,0,-0.225881407416328,0.305084745762712,0,0.305084745762712,0.305084745762712,0.0371873967512869,1.05433617499554,"clonal"]
["G04240","MPDZ","missense","chr9",13138138,"G","A","p.R1340C",0.3889,18,7,"known",0,"chr9:g.13138138G>A","predicted passenger",25,"FALSE","SNV","-","MPDZ","nt","CT","GCG","CT_GCG","AGCGT","CT_AGCGT","-",0.388888888888889,"M",0.25,0.0315023,2,2,0,-0.473931188332412,3.11111111111111,3,1.03703703703704,1,0.461295612772672,1.71346345095183,"clonal"]
["G04240","CPXM2","missense","chr10",125506356,"T","G","p.K732T",0.2387,155,37,"known",0,"chr10:g.125506356T>G","predicted passenger",205,"FALSE","SNV","-","CPXM2","ts","TG","CTT","TG_CTT","ACTTC","TG_ACTTC","+",0.238709677419355,"M",0.25,0.344423,3,3,0,-0.403355694231208,2.14838709677419,2,1.0741935483871,1,0.782920656280227,1.41165538800735,"clonal"]
["G04240","MUC5B","missense","chr11",1272447,"C","A","p.H4779Q",0.05,40,2,"known",0,"chr11:g.1272447C>A","predicted passenger",96,"FALSE","SNV","+","MUC5B","nt","CA","ACA","CA_ACA","CACAC","CA_CACAC","+",0.05,"M",0.25,-0.0659698,2,2,0,-1.26303440583379,0.4,0,0.4,0.4,0.0489091727948067,1.35357491167534,"clonal"]
["G04240","TRIM49C","missense","chr11",89774338,"A","C","p.S327R",0.1574,108,17,"known",0,"chr11:g.89774338A>C","predicted passenger",166,"FALSE","SNV","+","TRIM49C","ts","TG","CTT","TG_CTT","ACTTC","TG_ACTTC","-",0.157407407407407,"M",0.25,-0.466031,1,1,0,-0.620151929183456,1.10185185185185,1,1.10185185185185,1,0.661171276609785,1.68014388559014,"clonal"]
["G04240","TBCEL","missense","chr11",120916472,"C","T","p.R25C",0.1228,114,14,"known",0,"chr11:g.120916472C>T","predicted passenger",137,"FALSE","SNV","+","TBCEL","nt","CT","TCG","CT_TCG","ATCGC","CT_ATCGC","+",0.12280701754386,"M",0.25,-0.105213,2,2,0,-0.265142068795785,0.982456140350877,1,0.982456140350877,0.982456140350877,0.550354605455583,1.5796721163344,"clonal"]
["G04240","LTBP2","missense","chr14",74970709,"C","T","p.R1501Q",0.1513,152,23,"known",0,"chr14:g.74970709C>T","predicted passenger",177,"FALSE","SNV","-","LTBP2","ts","CT","CCG","CT_CCG","ACCGG","CT_ACCGG","+",0.151315789473684,"M",0.25,-0.173439,2,2,0,-0.219678036639412,1.21052631578947,1,1.21052631578947,1,0.787233851300977,1.74678081834291,"clonal"]
["G04240","CPSF2","missense","chr14",92624140,"G","T","p.C578F",0.13,200,26,"known",0,"chr14:g.92624140G>T","predicted passenger",195,"FALSE","SNV","+","CPSF2","ts","CA","ACA","CA_ACA","GACAG","CA_GACAG","-",0.13,"M",0.25,-0.173439,2,2,0,0.0365258760251139,1.04,1,1.04,1,0.693666822148603,1.4772186441873,"clonal"]
["G04240","ATP10A","missense","chr15",26026198,"G","A","p.R208W",0.2396,96,23,"known",0,"chr15:g.26026198G>A","predicted passenger",178,"FALSE","SNV","-","ATP10A","nt","CT","GCG","CT_GCG","AGCGG","CT_AGCGG","-",0.239583333333333,"M",0.25,-1.7726,0,0,0,-0.890770930245242,1.4375,1,1.4375,1,0.950030256765086,2.0249608194914,"clonal"]
["G04240","CDH8","nonsense","chr16",61851594,"C","A","p.E356*",0.0513,39,2,"known",0,"chr16:g.61851594C>A","predicted passenger",72,"FALSE","SNV","-","CDH8","ts","CA","TCT","CA_TCT","CTCTA","CA_CTCTA","+",0.0512820512820513,"M",0.25,0.102319,2,2,0,-0.884522782580064,0.41025641025641,0,0.41025641025641,0.41025641025641,0.0501757767655233,1.38595825098885,"clonal"]
["G04240","TP53","nonsense","chr17",7577022,"G","A","p.R306*",0.4172,163,68,"known",1,"chr17:g.7577022G>A","known in: HNC;COREAD;CANCER-PR",274,"TRUE","SNV","-","TP53","nt","CT","GCG","CT_GCG","AGCGA","CT_AGCGA","-",0.417177914110429,"M",0.25,-1.23064,0,0,0,-0.749303928729449,2.50306748466258,3,0.834355828220859,0.834355828220859,0.681103253170892,0.993744284051053,"clonal"]
["G04240","CHAD","missense","chr17",48545463,"C","A","p.A238S",0.0513,39,2,"known",0,"chr17:g.48545463C>A","predicted passenger",81,"FALSE","SNV","NA","NA","NA","CA","GCA","CA_GCA","GGCAT","CA_GGCAT","+",0.0512820512820513,"M",0.25,0.249285,3,3,0,-1.05444778402238,0.461538461538462,0,0.461538461538462,0.461538461538462,0.0564477488612137,1.55920303236245,"clonal"]
["G04240","TPRX1","missense","chr19",48305646,"G","A","p.P208S",0.1905,42,8,"known",0,"chr19:g.48305646G>A","predicted passenger",77,"FALSE","SNV","-","TPRX1","nt","CT","CCC","CT_CCC","TCCCA","CT_TCCCA","-",0.19047619047619,"M",0.25,1.45931,6,6,0,-0.874469117916141,2.28571428571429,2,1.14285714285714,1,0.516033566735593,2.04710648162494,"clonal"]
["G04240","PEG3","missense","chr19",57327786,"C","T","p.R675H",0.187,123,23,"known",0,"chr19:g.57327786C>T","predicted passenger",186,"FALSE","SNV","NA","NA","NA","CT","ACG","CT_ACG","GACGC","CT_GACGC","+",0.186991869918699,"M",0.25,1.11343,5,5,0,-0.596644305768792,2.05691056910569,2,1.02845528455285,1,0.673120008697173,1.46986969916396,"clonal"]
["G04240","MX2","missense","chr21",42774029,"C","T","p.A516V",0.1765,68,12,"known",0,"chr21:g.42774029C>T","predicted passenger",114,"FALSE","SNV","+","MX2","nt","CT","GCC","CT_GCC","CGCCC","CT_CGCCC","+",0.176470588235294,"M",0.25,-0.710699,1,1,0,-0.745427172914402,1.23529411764706,1,1.23529411764706,1,0.662550099716736,2.01580986908502,"clonal"]
["G04240","MXRA5","missense","chrX",3238486,"C","T","p.R1747Q",0.5156,64,33,"known",0,"chrX:g.3238486C>T","predicted passenger",81,"FALSE","SNV","-","MXRA5","ts","CT","CCG","CT_CCG","TCCGG","CT_TCCGG","+",0.515625,"M",0.25,-0.121565,2,2,0,-0.339850002884625,2.578125,3,0.859375,0.859375,1.03269015525446,1.7133280087473,"clonal"]
["G04240","BEND5","missense","chr1",49193689,"C","G","p.E379Q",0.225,98,18,"known",0,"chr1:g.49193689C>G","predicted passenger",148,"FALSE","SNV","NA","NA","NA","CG","TCT","CG_TCT","TTCTT","CG_TTCTT","+",0.183673469387755,"M",0.25,-0.0820651,2,2,0,-0.594743521513742,1.46938775510204,1,1.46938775510204,1,0.901152899523322,2.19728401775393,"clonal"]
["G04240","GOLGA6L2","missense","chr15",23685211,"G","A","p.A804V",0.0235,85,2,"known",0,"chr15:g.23685211G>A","predicted passenger",183,"FALSE","SNV","-","GOLGA6L2","nt","CT","GCG","CT_GCG","TGCGG","CT_TGCGG","-",0.0235294117647059,"M",0.25,-1.7726,0,0,0,-1.10630890214634,0.141176470588235,0,0.141176470588235,0.141176470588235,0.0171739915298919,0.494542466697455,"subclonal"]
["G04240","ZNF536","missense","chr19",31038892,"C","T","p.T789M",0.1875,48,9,"known",0,"chr19:g.31038892C>T","predicted passenger",58,"TRUE","SNV","+","ZNF536","nt","CT","ACG","CT_ACG","CACGC","CT_CACGC","+",0.1875,"M",0.25,1.19095,5,5,0,-0.273018494406416,2.0625,2,1.03125,1,0.49224110017155,1.79461163176192,"clonal"]
["G04240","GOLGA6L2","missense","chr15",23686228,"G","T","p.T465K",0.201923076923077,167,21,"known",0,"chr15:g.23686228G>T","predicted passenger",262,"FALSE","SNV","-","GOLGA6L2","nt","CA","ACG","CA_ACG","GACGA","CA_GACGA","-",0.125748502994012,"M",0.25,-1.7726,0,0,0,-0.649718709063398,0.754491017964072,1,0.754491017964072,0.754491017964072,0.477321433839602,1.11466503567256,"clonal"]
["G04240","ASXL3","missense","chr18",31319980,"G","A","p.R871K",0.0522388059701493,141,7,"known",0,"chr18:g.31319980G>A","predicted passenger",176,"FALSE","SNV","+","ASXL3","ts","CT","TCT","CT_TCT","TTCTT","CT_TTCTT","-",0.049645390070922,"M",0.25,0.474299,3,3,0,-0.319880266238504,0.446808510638298,0,0.446808510638298,0.446808510638298,0.181712006451801,0.896512948603567,"subclonal"]
["G04240","OGFR","missense","chr20",61444558,"G","A","p.G531R",0.00495049504950495,407,2,"known",0,"chr20:g.61444558G>A","predicted passenger",324,"FALSE","SNV","+","OGFR","ts","CT","CCT","CT_CCT","CCCTG","CT_CCCTG","-",0.00491400491400491,"M",0.25,1.44236,6,6,0,0.329034981381622,0.058968058968059,0,0.058968058968059,0.058968058968059,0.00714796551109549,0.211650047738088,"subclonal"]
["G04240","ZNF236","missense","chr18",74593422,"T","A","p.D455E",0.0657894736842105,81,5,"known",0,"chr18:g.74593422T>A","predicted passenger",104,"FALSE","SNV","+","ZNF236","nt","TA","ATA","TA_ATA","GATAA","TA_GATAA","+",0.0617283950617284,"M",0.25,-1.70721,0,0,0,-0.360589715256467,0.37037037037037,0,0.37037037037037,0.37037037037037,0.12206903593453,0.82921563164481,"subclonal"]
["G04240","TCHH","missense","chr1",152083739,"G","C","p.Q652E",0.0149253731343284,138,2,"known",0,"chr1:g.152083739G>C","predicted passenger",188,"FALSE","SNV","-","TCHH","nt","CG","GCA","CG_GCA","AGCAG","CG_AGCAG","-",0.0144927536231884,"M",0.25,0.235665,3,3,0,-0.446064394899468,0.130434782608696,0,0.130434782608696,0.130434782608696,0.0158398561902125,0.462339684325712,"subclonal"]
["G04240","TECTA","missense","chr11",121008394,"G","A","p.R1069K",0.00704225352112676,286,2,"known",0,"chr11:g.121008394G>A","predicted passenger",283,"FALSE","SNV","+","TECTA","ts","CT","CCT","CT_CCT","CCCTG","CT_CCCTG","-",0.00699300699300699,"M",0.25,-0.105213,2,2,0,0.0152130939465072,0.0559440559440559,0,0.0559440559440559,0.0559440559440559,0.00678408314646807,0.200251664806243,"subclonal"]
["G04240","KRTAP4-7","missense","chr17",39240796,"G","C","p.S113T",0.0615384615384615,152,4,"known",0,"chr17:g.39240796G>C","predicted passenger",181,"FALSE","SNV","+","KRTAP4-7","ts","CG","GCT","CG_GCT","AGCTG","CG_AGCTG","-",0.0263157894736842,"M",0.25,-0.232185,2,2,0,-0.25191837363962,0.210526315789474,0,0.210526315789474,0.210526315789474,0.0577257168053281,0.528049560480515,"subclonal"]
["G04240","MIIP","missense","chr1",12091362,"G","C","p.E328Q",0.1286,70,9,"unknown",0,"chr1:g.12091362G>C","predicted passenger",127,"FALSE","SNV","+","MIIP","ts","CG","TCA","CG_TCA","CTCAG","CG_CTCAG","-",0.128571428571429,"M",0.25,-0.0747003,2,2,0,-0.859401669827199,1.02857142857143,1,1.02857142857143,1,0.484106513523114,1.8407071213523,"clonal"]
["G04240","C1orf87","missense","chr1",60503732,"A","T","p.D265E",0.1048,105,11,"unknown",0,"chr1:g.60503732A>T","predicted passenger",122,"FALSE","SNV","-","C1orf87","nt","TA","ATT","TA_ATT","GATTA","TA_GATTA","-",0.104761904761905,"M",0.25,-0.0820651,2,2,0,-0.216491819896764,0.838095238095238,1,0.838095238095238,0.838095238095238,0.427752932641451,1.43775957278397,"clonal"]
["G04240","RYR2","missense","chr1",237753216,"T","G","p.V1241G",0.1975,157,31,"unknown",0,"chr1:g.237753216T>G","predicted passenger",135,"FALSE","SNV","+","RYR2","nt","TG","GTT","TG_GTT","CGTTA","TG_CGTTA","+",0.197452229299363,"M",0.25,1.27563,5,5,0,0.217805151840796,2.17197452229299,2,1.0859872611465,1,0.760525988961393,1.47622035638198,"clonal"]
["G04240","RBM43","missense","chr2",152108003,"T","C","p.E164G",0.1579,114,18,"unknown",0,"chr2:g.152108003T>C","predicted passenger",192,"FALSE","SNV","-","RBM43","ts","TC","TTC","TC_TTC","ATTCT","TC_ATTCT","+",0.157894736842105,"M",0.25,-0.282763,1,1,0,-0.752072486556414,1.10526315789474,1,1.10526315789474,1,0.674427039324219,1.66610798103095,"clonal"]
["G04240","FAM208A","missense","chr3",56675468,"C","G","p.S843T",0.0588,68,4,"unknown",0,"chr3:g.56675468C>G","predicted passenger",99,"FALSE","SNV","-","FAM208A","ts","CG","GCT","CG_GCT","AGCTC","CG_AGCTC","+",0.0588235294117647,"M",0.25,-0.544112,1,1,0,-0.54189377882927,0.411764705882353,0,0.411764705882353,0.411764705882353,0.113807126925431,1.00672477844401,"clonal"]
["G04240","TRPC7","missense","chr5",135602072,"G","C","p.S394C",0.1667,150,25,"unknown",0,"chr5:g.135602072G>C","predicted passenger",216,"FALSE","SNV","-","TRPC7","nt","CG","TCT","CG_TCT","TTCTT","CG_TTCTT","-",0.166666666666667,"M",0.25,-0.620497,1,1,0,-0.526068811667588,1.16666666666667,1,1.16666666666667,1,0.776001324123023,1.65287028578302,"clonal"]
["G04240","MDFI","missense","chr6",41614018,"C","A","p.D77E",0.1333,15,2,"unknown",0,"chr6:g.41614018C>A","predicted passenger",16,"FALSE","SNV","+","MDFI","nt","CA","ACC","CA_ACC","GACCT","CA_GACCT","+",0.133333333333333,"M",0.25,0.572335,3,3,0,-0.0931094043914815,1.2,1,1.2,1,0.149183220960753,3.64142426943035,"clonal"]
["G04240","ADAM22","missense","chr7",87811296,"A","G","p.K845E",0.1356,118,16,"unknown",0,"chr7:g.87811296A>G","predicted passenger",124,"FALSE","SNV","+","ADAM22","ts","TC","TTC","TC_TTC","TTTCT","TC_TTTCT","-",0.135593220338983,"M",0.25,1.84052E-3,2,2,0,-0.0715532610250339,1.08474576271186,1,1.08474576271186,1,0.63626812179015,1.68670499066238,"clonal"]
["G04240","RGS22","missense","chr8",101083620,"T","G","p.K191Q",0.1538,52,8,"unknown",0,"chr8:g.101083620T>G","predicted passenger",62,"FALSE","SNV","-","RGS22","ts","TG","TTT","TG_TTT","CTTTT","TG_CTTTT","+",0.153846153846154,"M",0.25,0.559942,3,3,0,-0.253756592245783,1.38461538461538,1,1.38461538461538,1,0.619553109404782,2.52729975656962,"clonal"]
["G04240","TONSL","missense","chr8",145667776,"C","A","p.D200Y",0.1176,17,2,"unknown",0,"chr8:g.145667776C>A","predicted passenger",20,"FALSE","SNV","-","TONSL","ts","CA","TCC","CA_TCC","GTCCT","CA_GTCCT","+",0.117647058823529,"M",0.25,1.05794,5,5,0,-0.234465253637023,1.29411764705882,1,1.29411764705882,1,0.160372485243328,4.00850078311375,"clonal"]
["G04240","PAPSS2","missense","chr10",89487181,"C","A","p.H341N",0.1634,153,25,"unknown",0,"chr10:g.89487181C>A","predicted passenger",250,"FALSE","SNV","+","PAPSS2","nt","CA","ACA","CA_ACA","AACAC","CA_AACAC","+",0.163398692810458,"M",0.25,-2.04656,0,0,0,-0.708396441969435,0.980392156862745,1,0.980392156862745,0.980392156862745,0.65173274852357,1.39012831329525,"clonal"]
["G04240","IGHMBP2","missense","chr11",68704200,"A","G","p.N751S",0.1635,159,26,"unknown",0,"chr11:g.68704200A>G","predicted passenger",238,"FALSE","SNV","+","IGHMBP2","ts","TC","ATT","TC_ATT","AATTG","TC_AATTG","-",0.163522012578616,"M",0.25,-0.0233988,2,2,0,-0.581934808023588,1.30817610062893,1,1.30817610062893,1,0.877485104054972,1.84276203067785,"clonal"]
["G04240","NBEA","missense","chr13",35644916,"C","A","p.Q500K",0.1792,106,19,"unknown",1,"chr13:g.35644916C>A","predicted passenger",150,"FALSE","SNV","+","NBEA","nt","CA","TCA","CA_TCA","TTCAA","CA_TTCAA","+",0.179245283018868,"M",0.25,0.24593,3,3,0,-0.500898235932682,1.61320754716981,2,0.806603773584906,0.806603773584906,0.501776585028809,1.19553956357464,"clonal"]
["G04240","NEDD4","missense","chr15",56134243,"T","C","p.E923G",0.1688,154,26,"unknown",0,"chr15:g.56134243T>C","predicted passenger",251,"FALSE","SNV","-","NEDD4","ts","TC","CTC","TC_CTC","ACTCA","TC_ACTCA","+",0.168831168831169,"M",0.25,-1.5154,0,0,0,-0.704757013255871,1.01298701298701,1,1.01298701298701,1,0.680097909867698,1.42505000428468,"clonal"]
["G04240","PRSS8","missense","chr16",31144003,"C","A","p.V180L",0.1,20,2,"unknown",0,"chr16:g.31144003C>A","predicted passenger",56,"FALSE","SNV","-","PRSS8","ts","CA","CCT","CA_CCT","ACCTG","CA_ACCTG","+",0.1,"M",0.25,-0.0347508,2,2,0,-1.48542682717024,0.8,1,0.8,0.8,0.0987882173623585,2.53586171215266,"clonal"]
["G04240","SMURF2","missense","chr17",62557687,"T","C","p.K416R",0.2685,108,29,"unknown",0,"chr17:g.62557687T>C","predicted passenger",146,"FALSE","SNV","-","SMURF2","ts","TC","TTT","TC_TTT","CTTTT","TC_CTTTT","+",0.268518518518519,"M",0.25,0.0736709,2,2,0,-0.434937056716549,2.14814814814815,2,1.07407407407407,1,0.751105259205543,1.44947071478691,"clonal"]
["G04240","SPTBN4","missense","chr19",41063292,"C","A","p.Q1885K",0.2273,22,5,"unknown",0,"chr19:g.41063292C>A","predicted passenger",36,"FALSE","SNV","+","SPTBN4","nt","CA","GCA","CA_GCA","TGCAG","CA_TGCAG","+",0.227272727272727,"M",0.25,1.46512,6,6,0,-0.710493382805015,2.72727272727273,3,0.909090909090909,0.909090909090909,0.31282504140757,1.81481449464849,"clonal"]
["G04240","NTSR1","missense","chr20",61389675,"T","C","p.M325T",0.1,140,14,"unknown",0,"chr20:g.61389675T>C","predicted passenger",120,"FALSE","SNV","+","NTSR1","nt","TC","ATG","TC_ATG","CATGT","TC_CATGT","+",0.1,"M",0.25,1.44236,6,6,0,0.222392421336448,1.2,1,1.2,1,0.669090880013272,1.94507604325726,"clonal"]
["G04240","RANGAP1","missense","chr22",41650454,"T","A","p.E373V",0.2979,47,14,"unknown",0,"chr22:g.41650454T>A","predicted passenger",74,"FALSE","SNV","-","RANGAP1","ts","TA","TTC","TA_TTC","CTTCT","TA_CTTCT","+",0.297872340425532,"M",0.25,0.173342,2,2,0,-0.654864513951313,2.38297872340426,2,1.19148936170213,1,0.693554010831111,1.7957427488253,"clonal"]
["G04240","UGT3A2","nonsense","chr5",36051981,"A","T","p.L101*",0.0256,117,3,"unknown",0,"chr5:g.36051981A>T","predicted passenger",192,"FALSE","SNV","-","UGT3A2","nt","TA","TTA","TA_TTA","TTTAG","TA_TTTAG","-",0.0256410256410256,"M",0.25,-1.37999,0,0,0,-0.714597781137752,0.153846153846154,0,0.153846153846154,0.153846153846154,0.0319160093874225,0.438640742223645,"subclonal"]
["G04240","FAM181B","missense","chr11",82444723,"C","T","p.G17S",0.3191,47,15,"unknown",0,"chr11:g.82444723C>T","predicted passenger",86,"FALSE","SNV","-","FAM181B","ts","CT","CCG","CT_CCG","GCCGA","CT_GCCGA","+",0.319148936170213,"M",0.25,-0.466031,1,1,0,-0.871675903024461,2.23404255319149,2,1.11702127659574,1,0.668011776836278,1.64913440021421,"clonal"]
["G04240","PLBD1","missense","chr12",14664577,"T","A","p.S305C",0.116666666666667,201,21,"unknown",0,"chr12:g.14664577T>A","predicted passenger",184,"FALSE","SNV","-","PLBD1","ts","TA","CTG","TA_CTG","ACTGT","TA_ACTGT","+",0.104477611940299,"M",0.25,0.0613484,2,2,0,0.127489735121916,0.835820895522388,1,0.835820895522388,0.835820895522388,0.526766862812225,1.24211890458981,"clonal"]
["G04240","DCST2","missense","chr1",154999131,"T","A","p.D468V",0.0861,151,13,"unknown",0,"chr1:g.154999131T>A","predicted passenger",173,"FALSE","SNV","-","DCST2","ts","TA","GTC","TA_GTC","GGTCA","TA_GGTCA","+",0.0860927152317881,"M",0.25,0.235665,3,3,0,-0.196223488311646,0.774834437086093,1,0.774834437086093,0.774834437086093,0.419748723962062,1.28449312323689,"clonal"]
["G04240","DCAF12L2","missense","chrX",125298521,"T","A",".",0.4444,9,4,"unknown",1,"chrX:g.125298521T>A","predicted passenger",17,"TRUE","SNV","-","DCAF12L2","ts","TA","CTC","TA_CTC","ACTCC","TA_ACTCC","+",0.444444444444444,"M",0.25,0.722274,4,4,0,-0.917537839808027,3.11111111111111,3,1.03703703703704,1,0.456652207550555,2.62663831073711,"clonal"]
["G04240","POU2F2","missense","chr19",42599494,"T","C","p.S359G",0.0236,127,3,"unknown",0,"chr19:g.42599494T>C","predicted passenger",131,"FALSE","SNV","-","POU2F2","ts","TC","CTG","TC_CTG","ACTGC","TC_ACTGC","+",0.0236220472440945,"M",0.25,1.46512,6,6,0,-0.0447383147652845,0.283464566929134,0,0.283464566929134,0.283464566929134,0.0587781582787313,0.809779064562433,"subclonal"]
["G04242","TRIM49C","missense","chr11",89774338,"A","C","p.S327R",0.2273,66,15,"known",0,"chr11:g.89774338A>C","predicted passenger",166,"FALSE","SNV","+","TRIM49C","ts","TG","CTT","TG_CTT","ACTTC","TG_ACTTC","-",0.227272727272727,"M",0.49,-0.327829,1,1,0,-1.33064531198847,0.700371057513915,1,0.700371057513915,0.700371057513915,0.410297149200533,1.06932068160315,"clonal"]
["G04242","ZNF536","missense","chr19",31038892,"C","T","p.T789M",0.1818,22,4,"known",0,"chr19:g.31038892C>T","predicted passenger",58,"TRUE","SNV","+","ZNF536","nt","CT","ACG","CT_ACG","CACGC","CT_CACGC","+",0.181818181818182,"M",0.49,0.749101,4,4,0,-1.39854937649027,1.10575139146568,1,1.10575139146568,1,0.315437861124616,2.4499600685144,"clonal"]
["G04242","SLC22A25","missense","chr11",62997098,"T","G","p.Q9H",0.1905,21,4,"known",0,"chr11:g.62997098T>G","predicted passenger",42,"FALSE","SNV","NA","NA","NA","TG","CTT","TG_CTT","ACTTG","TG_ACTTG","+",0.19047619047619,"M",0.49,-0.0573314,2,2,0,-1,0.777453838678328,1,0.777453838678328,0.777453838678328,0.222300278279211,1.71047363748379,"clonal"]
["G04242","NRDC","missense","chr1",52260187,"A","T","p.L979Q",0.1975,81,16,"unknown",0,"chr1:g.52260187A>T","predicted passenger",125,"FALSE","SNV","NA","NA","NA","TA","CTG","TA_CTG","TCTGA","TA_TCTGA","-",0.197530864197531,"M",0.49,-0.100012,2,2,0,-0.625934281777462,0.806248425296044,1,0.806248425296044,0.806248425296044,0.478903955329043,1.22801120357544,"clonal"]
["G04242","EHBP1","missense","chr2",63175475,"A","T","p.K533N",0.193,57,11,"unknown",0,"chr2:g.63175475A>T","predicted passenger",89,"FALSE","SNV","+","EHBP1","ts","TA","GTT","TA_GTT","AGTTT","TA_AGTTT","-",0.192982456140351,"M",0.49,0.134317,2,2,0,-0.642843416801656,0.787683494450412,1,0.787683494450412,0.787683494450412,0.410090728970336,1.30248892354514,"clonal"]
["G04242","USP37","missense","chr2",219394739,"G","C","p.S268C",0.3913,69,27,"unknown",0,"chr2:g.219394739G>C","predicted passenger",95,"FALSE","SNV","-","USP37","nt","CG","TCC","CG_TCC","ATCCT","CG_ATCCT","-",0.391304347826087,"M",0.49,0.0327879,2,2,0,-0.461331151552779,1.59716060337178,2,0.798580301685892,0.798580301685892,0.563196575964294,1.05363992252323,"clonal"]
["G04242","IL1RAP","missense","chr3",190374233,"A","G","p.Q634R",0.1139,79,9,"unknown",0,"chr3:g.190374233A>G","predicted passenger",118,"FALSE","SNV","+","IL1RAP","ts","TC","CTG","TC_CTG","GCTGG","TC_GCTGG","-",0.113924050632911,"M",0.49,0.593593,3,3,0,-0.578862301184738,0.578920175665203,1,0.578920175665203,0.578920175665203,0.271546555165066,1.04314661599555,"clonal"]
["G04242","DGKI","missense","chr7",137531404,"T","A","p.S69C",0.2,25,5,"unknown",0,"chr7:g.137531404T>A","predicted passenger",23,"FALSE","SNV","-","DGKI","ts","TA","CTG","TA_CTG","GCTGC","TA_GCTGC","+",0.2,"M",0.49,0.279611,3,3,0,0.120294233717712,1.01632653061225,1,1.01632653061225,1,0.347133766104256,2.06841470688552,"clonal"]
["G04242","TMEM252","missense","chr9",71155683,"C","T","p.M16I",0.4512,82,37,"unknown",0,"chr9:g.71155683C>T","predicted passenger",164,"FALSE","SNV","-","TMEM252","ts","CT","CCA","CT_CCA","CCCAT","CT_CCCAT","+",0.451219512195122,"M",0.49,-0.388624,1,1,0,-1,1.39049278247885,1,1.39049278247885,1,1.05086385373168,1.7412999622235,"clonal"]
["G04242","PPRC1","nonsense","chr10",103908601,"A","T","p.K1549*",0.3805,113,43,"unknown",0,"chr10:g.103908601A>T","predicted passenger",132,"FALSE","SNV","+","PPRC1","ts","TA","TTT","TA_TTT","CTTTC","TA_CTTTC","-",0.380530973451327,"M",0.49,0.305742,3,3,0,-0.224215156943266,1.93371862019144,2,0.96685931009572,0.96685931009572,0.738954812356748,1.21108903433566,"clonal"]
["G04242","HSPA2","missense","chr14",65008555,"G","T","p.D330Y",0.2054,112,23,"unknown",0,"chr14:g.65008555G>T","predicted passenger",182,"FALSE","SNV","+","HSPA2","ts","CA","TCC","CA_TCC","GTCCA","CA_GTCCA","-",0.205357142857143,"M",0.49,-0.358786,1,1,0,-0.700439718141092,0.63283527696793,1,0.63283527696793,0.63283527696793,0.415579762446405,0.89992967686618,"subclonal"]
["G04242","MYH4","missense","chr17",10356980,"T","C","p.K972E",0.1714,105,18,"unknown",0,"chr17:g.10356980T>C","predicted passenger",240,"FALSE","SNV","NA","NA","NA","TC","TTC","TC_TTC","TTTCT","TC_TTTCT","+",0.171428571428571,"M",0.49,-1.12128,0,0,0,-1.1926450779424,0.356851311953353,0,0.356851311953353,0.356851311953353,0.218324746509626,0.535671975008489,"subclonal"]
["G04242","FECH","missense","chr18",55230158,"G","A","p.T224M",0.0938,96,9,"unknown",0,"chr18:g.55230158G>A","predicted passenger",177,"FALSE","SNV","-","FECH","nt","CT","ACG","CT_ACG","CACGA","CT_CACGA","-",0.09375,"M",0.49,-1.31164,0,0,0,-0.882643049361841,0.19515306122449,0,0.19515306122449,0.19515306122449,0.0911138590366618,0.354956969853186,"subclonal"]
["G04242","NTSR1","missense","chr20",61389675,"T","C","p.M325T",0.0917,120,11,"unknown",0,"chr20:g.61389675T>C","predicted passenger",120,"FALSE","SNV","+","NTSR1","nt","TC","ATG","TC_ATG","CATGT","TC_CATGT","+",0.0916666666666667,"M",0.49,0.955345,4,4,0,0,0.557482993197279,1,0.557482993197279,0.557482993197279,0.283721966474777,0.961497250537924,"clonal"]
["G04242","ETF1","missense","chr5",137853359,"C","T","p.G98E",0.2933,75,22,"unknown",0,"chr5:g.137853359C>T","predicted passenger",99,"FALSE","SNV","-","ETF1","ts","CT","TCC","CT_TCC","TTCCA","CT_TTCCA","+",0.293333333333333,"M",0.49,-0.0813896,2,2,0,-0.400537929583729,1.19727891156463,1,1.19727891156463,1,0.791058303935347,1.67258509749942,"clonal"]
["G04242","XKR4","missense","chr8",56015640,"G","A","p.G198S",0.2,50,10,"unknown",0,"chr8:g.56015640G>A","predicted passenger",98,"FALSE","SNV","+","XKR4","ts","CT","CCG","CT_CCG","ACCGC","CT_ACCGC","-",0.2,"M",0.49,0.185376,2,2,0,-0.970853654340484,0.816326530612245,1,0.816326530612245,0.816326530612245,0.409396887643147,1.37625758523873,"clonal"]
["G04242","TXLNG","missense","chrX",16855775,"A","T","p.E373D",0.2642,53,14,"unknown",0,"chrX:g.16855775A>T","predicted passenger",79,"FALSE","SNV","+","TXLNG","ts","TA","GTT","TA_GTT","AGTTC","TA_AGTTC","-",0.264150943396226,"M",0.49,-0.500039,1,1,0,-0.575860293613904,0.539083557951482,1,0.539083557951482,0.539083557951482,0.470159640300211,1.24275844608878,"clonal"]
["G04242","CELSR2","missense","chr1",109806769,"C","T","p.P1691S",0.1176,17,2,"unknown",0,"chr1:g.109806769C>T","predicted passenger",54,"FALSE","SNV","+","CELSR2","nt","CT","GCC","CT_GCC","AGCCA","CT_AGCCA","+",0.117647058823529,"M",0.49,-1.10247,0,0,0,-1.66742466091313,0.244897959183673,0,0.244897959183673,0.244897959183673,0.0303487819940991,0.758566010904643,"subclonal"]
["G04242","CXCR2","missense","chr2",218999539,"C","A","p.N5K",0.1,20,2,"unknown",0,"chr2:g.218999539C>A","predicted passenger",41,"FALSE","SNV","+","CXCR2","nt","CA","ACA","CA_ACA","AACAT","CA_AACAT","+",0.1,"M",0.49,0.0327879,2,2,0,-1.03562390973072,0.408163265306122,0,0.408163265306122,0.408163265306122,0.050402151715489,1.29380699599625,"clonal"]
["G04242","AMTN","missense","chr4",71389640,"A","T","p.D65V",0.1364,44,6,"unknown",0,"chr4:g.71389640A>T","predicted passenger",83,"FALSE","SNV","+","AMTN","ts","TA","ATC","TA_ATC","GATCT","TA_GATCT","-",0.136363636363636,"M",0.49,-0.333474,1,1,0,-0.915607812709627,0.420222634508349,0,0.420222634508349,0.420222634508349,0.159415413314843,0.842847765846478,"subclonal"]
["G04242","PCDHA11","missense","chr5",140250604,"C","A","p.A639E",0.0513,39,2,"unknown",0,"chr5:g.140250604C>A","predicted passenger",149,"FALSE","SNV","NA","NA","NA","CA","GCA","CA_GCA","GGCAG","CA_GGCAG","+",0.0512820512820513,"M",0.49,-0.996448,1,1,0,-1.93376630159991,0.158032443746729,0,0.158032443746729,0.158032443746729,0.0193279140091684,0.533876775253356,"subclonal"]
["G04242","FAM184A","missense","chr6",119285872,"T","G","p.N1033T",0.1667,156,26,"unknown",0,"chr6:g.119285872T>G","predicted passenger",205,"FALSE","SNV","NA","NA","NA","TG","GTT","TG_GTT","AGTTA","TG_AGTTA","+",0.166666666666667,"M",0.49,0.783319,4,4,0,-0.394077880643198,1.01360544217687,1,1.01360544217687,1,0.680261178070852,1.42669291375617,"clonal"]
["G04242","TMEM245","missense","chr9",111795776,"C","A","p.G802V",0.1667,12,2,"unknown",0,"chr9:g.111795776C>A","predicted passenger",23,"FALSE","SNV","-","TMEM245","ts","CA","GCC","CA_GCC","GGCCA","CA_GGCCA","+",0.166666666666667,"M",0.49,-0.205665,2,2,0,-0.938599455335857,0.680272108843537,1,0.680272108843537,0.680272108843537,0.0851531651432342,1.97607244361619,"clonal"]
["G04242","SWAP70","missense","chr11",9759860,"A","C","p.E394A",0.2632,38,10,"unknown",0,"chr11:g.9759860A>C","predicted passenger",55,"FALSE","SNV","+","SWAP70","ts","TG","CTC","TG_CTC","TCTCT","TG_TCTCT","-",0.263157894736842,"M",0.49,-0.251019,1,1,0,-0.533432200081074,0.810955961331901,1,0.810955961331901,0.810955961331901,0.413042697485123,1.32820907753139,"clonal"]
["G04242","PDZD3","missense","chr11",119058385,"C","A","p.F211L",0.1111,18,2,"unknown",0,"chr11:g.119058385C>A","predicted passenger",32,"FALSE","SNV","+","PDZD3","nt","CA","TCA","CA_TCA","TTCAC","CA_TTCAC","+",0.111111111111111,"M",0.49,-0.0662692,2,2,0,-0.830074998557688,0.453514739229025,0,0.453514739229025,0.453514739229025,0.0561274108749571,1.41681811677009,"clonal"]
["G04242","SLITRK5","missense","chr13",88327992,"A","T","p.I117F",0.1852,108,20,"unknown",0,"chr13:g.88327992A>T","predicted passenger",267,"FALSE","SNV","+","SLITRK5","ts","TA","ATA","TA_ATA","GATAA","TA_GATAA","-",0.185185185185185,"M",0.49,-0.63864,1,1,0,-1.30580842952409,0.570672713529856,1,0.570672713529856,0.570672713529856,0.360369784506441,0.836388545460012,"subclonal"]
["G04242","CACNA1H","missense","chr16",1252380,"G","A","p.G644R",0.1364,22,3,"unknown",0,"chr16:g.1252380G>A","predicted passenger",59,"FALSE","SNV","+","CACNA1H","ts","CT","CCG","CT_CCG","CCCGG","CT_CCCGG","-",0.136363636363636,"M",0.49,-0.209276,2,2,0,-1.42321143072454,0.556586270871985,1,0.556586270871985,0.556586270871985,0.118595310729578,1.42498815207105,"clonal"]
["G04242","DRC3","missense","chr17",17900940,"C","A","p.H331N",0.0645,31,2,"unknown",0,"chr17:g.17900940C>A","predicted passenger",110,"FALSE","SNV","NA","NA","NA","CA","GCA","CA_GCA","AGCAC","CA_AGCAC","+",0.0645161290322581,"M",0.49,-0.804624,1,1,0,-1.82716340313778,0.198815009874918,0,0.198815009874918,0.198815009874918,0.0243787449538788,0.660135504728036,"subclonal"]
["G04242","SERTAD1","missense","chr19",40929018,"C","T","p.G146R",0.1875,64,12,"unknown",0,"chr19:g.40929018C>T","predicted passenger",88,"FALSE","SNV","-","SERTAD1","ts","CT","CCG","CT_CCG","CCCGA","CT_CCCGA","+",0.1875,"M",0.49,1.08389,5,5,0,-0.459431618637297,1.32780612244898,1,1.32780612244898,1,0.713935924403282,2.15722728922891,"clonal"]
["G04242","PLXNA3","missense","chrX",153688745,"C","A","p.N74K",0.1,20,2,"unknown",0,"chrX:g.153688745C>A","predicted passenger",33,"FALSE","SNV","+","PLXNA3","nt","CA","ACG","CA_ACG","AACGC","CA_AACGC","+",0.1,"M",0.49,-0.0906243,2,2,0,-0.722466024471091,0.304081632653061,0,0.304081632653061,0.304081632653061,0.050402151715489,1.29380699599625,"clonal"]
["G04242","CSNK1G3","missense","chr5",122909234,"T","A","p.L146Q",0.2727,11,3,"unknown",0,"chr5:g.122909234T>A","predicted passenger",35,"FALSE","SNV","+","CSNK1G3","nt","TA","CTG","TA_CTG","ACTGG","TA_ACTGG","+",0.272727272727273,"M",0.49,-0.388326,1,1,0,-1.66985139830767,0.840445269016698,1,0.840445269016698,0.840445269016698,0.18556893592059,1.8790025815395,"clonal"]
["G04242","IGLL1","missense","chr22",23915658,"G","A","p.T146M",0.0573770491803279,258,14,"unknown",0,"chr22:g.23915658G>A","predicted passenger",335,"FALSE","SNV","NA","NA","NA","CT","ACG","CT_ACG","GACGG","CT_GACGG","-",0.0542635658914729,"M",0.49,-0.06804,2,2,0,-0.376790029921881,0.221483942414175,0,0.221483942414175,0.221483942414175,0.122369086768435,0.364774675568854,"subclonal"]
["G04241","MPDZ","missense","chr9",13138138,"G","A","p.R1340C",0.4571,35,16,"known",0,"chr9:g.13138138G>A","predicted passenger",25,"FALSE","SNV","-","MPDZ","nt","CT","GCG","CT_GCG","AGCGT","CT_AGCGT","-",0.457142857142857,"M",0.28,-0.00671944,2,2,0,0.485426827170242,3.26530612244898,3,1.08843537414966,1,0.686360580454183,1.50843329256797,"clonal"]
["G04241","LTBP2","missense","chr14",74970709,"C","T","p.R1501Q",0.0563,160,9,"known",0,"chr14:g.74970709C>T","predicted passenger",177,"FALSE","SNV","-","LTBP2","ts","CT","CCG","CT_CCG","ACCGG","CT_ACCGG","+",0.05625,"M",0.28,-0.386112,1,1,0,-0.145677455195635,0.345535714285714,0,0.345535714285714,0.345535714285714,0.159963919900439,0.639424800806628,"subclonal"]
["G04241","ING4","nonsense","chr12",6762551,"C","A","p.E41*",0.0541,37,2,"known",0,"chr12:g.6762551C>A","predicted passenger",37,"FALSE","SNV","-","ING4","ts","CA","TCA","CA_TCA","TTCAG","CA_TTCAG","+",0.0540540540540541,"M",0.28,0.614397,3,3,0,0,0.44015444015444,0,0.44015444015444,0.44015444015444,0.053861501922449,1.48158567821882,"clonal"]
["G04241","C1orf87","missense","chr1",60503732,"A","T","p.D265E",0.1111,90,10,"unknown",0,"chr1:g.60503732A>T","predicted passenger",122,"FALSE","SNV","-","C1orf87","nt","TA","ATT","TA_ATT","GATTA","TA_GATTA","-",0.111111111111111,"M",0.28,-0.242743,2,2,0,-0.438884241233211,0.793650793650793,1,0.793650793650793,0.793650793650793,0.389897178215214,1.39184740563282,"clonal"]
["G04241","SOS1","missense","chr2",39224440,"T","G","p.Q973P",0.142,169,24,"unknown",1,"chr2:g.39224440T>G","predicted driver: tier 1",220,"TRUE","SNV","-","SOS1","ts","TG","CTG","TG_CTG","ACTGC","TG_ACTGC","+",0.142011834319527,"M",0.28,-0.368868,1,1,0,-0.380480277242475,0.872358410819949,1,0.872358410819949,0.872358410819949,0.572251021473171,1.25250049407853,"clonal"]
["G04241","SERPINE2","missense","chr2",224866639,"C","A","p.R5S",0.4706,17,8,"unknown",0,"chr2:g.224866639C>A","predicted passenger",40,"FALSE","SNV","-","SERPINE2","ts","CA","ACC","CA_ACC","GACCT","CA_GACCT","+",0.470588235294118,"M",0.28,-0.175355,2,2,0,-1.23446525363702,3.36134453781513,3,1.12044817927171,1,0.547220683966644,1.7187659515926,"clonal"]
["G04241","SLC17A2","nonsense","chr6",25913557,"A","T","p.L426*",0.2838,74,21,"unknown",0,"chr6:g.25913557A>T","predicted passenger",86,"FALSE","SNV","-","SLC17A2","nt","TA","TTA","TA_TTA","CTTAC","TA_CTTAC","-",0.283783783783784,"M",0.28,-1.37004,0,0,0,-0.216811389073148,1.45945945945946,1,1.45945945945946,1,0.95148552820088,2.05981901129909,"clonal"]
["G04241","KMT2C","missense","chr7",151856083,"T","A","p.E3845D",0.1017,236,24,"unknown",1,"chr7:g.151856083T>A","predicted passenger",269,"FALSE","SNV","-","KMT2C","ts","TA","TTT","TA_TTT","GTTTC","TA_GTTTC","+",0.101694915254237,"M",0.28,0.149801,2,2,0,-0.188819313194783,0.726392251815981,1,0.726392251815981,0.726392251815981,0.473225490747941,1.05378142513953,"clonal"]
["G04241","NTNG2","missense","chr9",135102354,"C","T","p.R326W",0.175,80,14,"unknown",0,"chr9:g.135102354C>T","predicted passenger",111,"FALSE","SNV","+","NTNG2","nt","CT","CCG","CT_CCG","CCCGG","CT_CCCGG","+",0.175,"M",0.28,-0.316268,1,1,0,-0.472487771462744,1.075,1,1.075,1,0.608821703299347,1.69637481420051,"clonal"]
["G04241","NAV3","missense","chr12",78583910,"A","C","p.K2046Q",0.104,173,18,"unknown",0,"chr12:g.78583910A>C","predicted passenger",222,"FALSE","SNV","+","NAV3","ts","TG","TTG","TG_TTG","TTTGT","TG_TTTGT","-",0.104046242774566,"M",0.28,-0.425076,1,1,0,-0.359787638713381,0.639141205615194,1,0.639141205615194,0.639141205615194,0.386016495930605,0.97946819860782,"clonal"]
["G04241","PDS5B","missense","chr13",33232416,"A","C","p.E118A",0.115,200,23,"unknown",1,"chr13:g.33232416A>C","predicted passenger",195,"TRUE","SNV","+","PDS5B","ts","TG","CTC","TG_CTC","CCTCT","TG_CCTCT","-",0.115,"M",0.28,-0.330427,1,1,0,0.0365258760251139,0.706428571428571,1,0.706428571428571,0.706428571428571,0.456496438395539,1.0292169446767,"clonal"]
["G04241","UBR1","missense","chr15",43360217,"T","G","p.Y226S",0.1548,84,13,"unknown",0,"chr15:g.43360217T>G","predicted passenger",155,"FALSE","SNV","-","UBR1","ts","TG","GTA","TG_GTA","AGTAT","TG_AGTAT","+",0.154761904761905,"M",0.28,-0.997793,1,1,0,-0.883806982495477,0.950680272108843,1,0.950680272108843,0.950680272108843,0.522507414231605,1.5363143253556,"clonal"]
["G04241","SMG9","missense","chr19",44238616,"A","C","p.S343A",0.0588,102,6,"unknown",0,"chr19:g.44238616A>C","predicted passenger",99,"FALSE","SNV","-","SMG9","nt","TG","CTC","TG_CTC","CCTCC","TG_CCTCC","-",0.0588235294117647,"M",0.28,1.2347,5,5,0,0.0430687218918859,0.596638655462185,1,0.596638655462185,0.596638655462185,0.222034448644637,1.2541205104947,"clonal"]
["G04241","MYH7B","missense","chr20",33588341,"A","G","p.E1718G",0.0619,113,7,"unknown",0,"chr20:g.33588341A>G","predicted passenger",102,"FALSE","SNV","+","MYH7B","ts","TC","CTC","TC_CTC","GCTCG","TC_GCTCG","-",0.0619469026548673,"M",0.28,1.05184,5,5,0,0.147753620443692,0.628318584070796,1,0.628318584070796,0.628318584070796,0.256271130139818,1.25238032064689,"clonal"]
["G04241","PPP2R3B","missense","chrX",301634,"C","T","p.G406D",0.183908045977011,103,16,"unknown",0,"chrX:g.301634C>T","predicted passenger",102,"FALSE","SNV","-","PPP2R3B","ts","CT","GCC","CT_GCC","CGCCG","CT_CGCCG","+",0.155339805825243,"M",0.28,-1.95458,0,0,0,0.0140751852117227,0.399445214979195,0,0.399445214979195,0.399445214979195,0.470454373919746,1.23413670070123,"clonal"]
["G04241","TLR10","missense","chr4",38777180,"C","A","p.C11F",0.0938,32,3,"unknown",0,"chr4:g.38777180C>A","predicted passenger",75,"FALSE","SNV","-","TLR10","ts","CA","ACA","CA_ACA","TACAA","CA_TACAA","+",0.09375,"M",0.28,-1.3433,0,0,0,-1.22881869049588,0.482142857142857,0,0.482142857142857,0.482142857142857,0.101659783748322,1.28688146065952,"clonal"]
["G04241","IQUB","missense","chr7",123142716,"C","T","p.D320N",0.0881,159,14,"unknown",0,"chr7:g.123142716C>T","predicted passenger",211,"FALSE","SNV","-","IQUB","ts","CT","TCA","CT_TCA","ATCAG","CT_ATCAG","+",0.0880503144654088,"M",0.28,-0.665802,1,1,0,-0.40821623342283,0.540880503144654,1,0.540880503144654,0.540880503144654,0.300853947041676,0.88039687187795,"subclonal"]
["G04241","STOX1","missense","chr10",70587391,"C","A","p.P4H",0.125,16,2,"unknown",0,"chr10:g.70587391C>A","predicted passenger",29,"FALSE","SNV","+","STOX1","nt","CA","CCC","CA_CCC","GCCCG","CA_GCCCG","+",0.125,"M",0.28,-1.74762,0,0,0,-0.857980995127572,0.642857142857143,1,0.642857142857143,0.642857142857143,0.0797842481935572,1.97216350379621,"clonal"]
["G04241","CNGB1","missense","chr16",57994397,"G","A","p.A191V",0.1141,149,17,"unknown",0,"chr16:g.57994397G>A","predicted passenger",179,"FALSE","SNV","-","CNGB1","nt","CT","GCC","CT_GCC","TGCCT","CT_TGCCT","-",0.114093959731544,"M",0.28,0.169632,2,2,0,-0.264647256802095,0.814956855225312,1,0.814956855225312,0.814956855225312,0.484904127817058,1.25987590024418,"clonal"]
["G04241","ARHGAP40","missense","chr20",37270436,"C","G","p.N396K",0.1195,159,19,"unknown",0,"chr20:g.37270436C>G","predicted passenger",130,"FALSE","SNV","+","ARHGAP40","nt","CG","ACA","CG_ACA","AACAG","CG_AACAG","+",0.119496855345912,"M",0.28,1.2871,5,5,0,0.290515142255901,1.21203953279425,1,1.21203953279425,1,0.745504273589092,1.82882102034611,"clonal"]
["G04241","AFF2","missense","chrX",148037695,"C","G","p.S707C",0.136,125,17,"unknown",0,"chrX:g.148037695C>G","predicted passenger",153,"FALSE","SNV","+","AFF2","nt","CG","TCT","CG_TCT","GTCTC","CG_GTCTC","+",0.136,"M",0.28,-0.04766,2,2,0,-0.291603558030565,0.621714285714286,1,0.621714285714286,0.621714285714286,0.580463446218953,1.49141622677967,"clonal"]
["G04241","SLC35G5","missense","chr8",11189621,"G","T","p.V336L",0.0402,174,7,"unknown",0,"chr8:g.11189621G>T","predicted passenger",164,"FALSE","SNV","+","SLC35G5","ts","CA","ACC","CA_ACC","CACCT","CA_CACCT","-",0.0402298850574713,"M",0.28,-0.460198,1,1,0,0.0853914912306447,0.247126436781609,0,0.247126436781609,0.247126436781609,0.100282532058096,0.498368493378914,"subclonal"]
["G04241","MAGEA4","missense","chrX",151092553,"A","C","p.R139S",0.0476,105,5,"unknown",0,"chrX:g.151092553A>C","predicted passenger",118,"FALSE","SNV","+","MAGEA4","ts","TG","CTC","TG_CTC","ACTCT","TG_ACTCT","-",0.0476190476190476,"M",0.28,-0.04766,2,2,0,-0.168397531695719,0.217687074829932,0,0.217687074829932,0.217687074829932,0.111716372422672,0.768818327043295,"subclonal"]
["G04244","NMBR","missense","chr6",142397171,"G","A","p.R263C",0.2692,26,7,"known",0,"chr6:g.142397171G>A","predicted passenger",34,"TRUE","SNV","-","NMBR","nt","CT","ACG","CT_ACG","AACGC","CT_AACGC","-",0.269230769230769,"M",0.37,0.801445,4,4,0,-0.387023123109247,1.99376299376299,2,0.996881496881497,0.996881496881497,0.428521978944218,1.76942827535284,"clonal"]
["G04244","TBCEL","missense","chr11",120916472,"C","T","p.R25C",0.1587,126,20,"known",0,"chr11:g.120916472C>T","predicted passenger",137,"FALSE","SNV","+","TBCEL","nt","CT","TCG","CT_TCG","ATCGC","CT_ATCGC","+",0.158730158730159,"M",0.37,-0.0844852,2,2,0,-0.12075215946061,0.858000858000858,1,0.858000858000858,0.858000858000858,0.539111223506717,1.26727827954089,"clonal"]
["G04244","TP53BP1","nonsense","chr15",43748582,"C","A","p.E742*",0.0526,38,2,"known",0,"chr15:g.43748582C>A","predicted driver: tier 1",69,"TRUE","SNV","-","TP53BP1","ts","CA","TCT","CA_TCT","TTCTT","CA_TTCTT","+",0.0526315789473684,"M",0.37,-1.13898,0,0,0,-0.860596943334584,0.17923186344239,0,0.17923186344239,0.17923186344239,0.0219264407054482,0.604427415778452,"subclonal"]
["G04244","NRDC","missense","chr1",52260187,"A","T","p.L979Q",0.1538,117,18,"unknown",0,"chr1:g.52260187A>T","predicted passenger",125,"FALSE","SNV","NA","NA","NA","TA","CTG","TA_CTG","TCTGA","TA_TCTGA","-",0.153846153846154,"M",0.37,-0.16174,2,2,0,-0.0954195650786824,0.831600831600832,1,0.831600831600832,0.831600831600832,0.507041254818366,1.25515210340395,"clonal"]
["G04244","NBAS","missense","chr2",15679430,"A","C","p.C144G",0.2028,217,44,"unknown",0,"chr2:g.15679430A>C","predicted passenger",225,"FALSE","SNV","-","NBAS","nt","TG","TTG","TG_TTG","ATTGT","TG_ATTGT","-",0.202764976958525,"M",0.37,0.422779,3,3,0,-0.0522299587725578,1.29879187943704,1,1.29879187943704,1,0.969552896278825,1.68128391781328,"clonal"]
["G04244","SERPINE2","missense","chr2",224866639,"C","A","p.R5S",0.35,20,7,"unknown",0,"chr2:g.224866639C>A","predicted passenger",40,"FALSE","SNV","-","SERPINE2","ts","CA","ACC","CA_ACC","GACCT","CA_GACCT","+",0.35,"M",0.37,0.158067,2,2,0,-1,1.89189189189189,2,0.945945945945946,0.945945945945946,0.415970823742003,1.60050955279143,"clonal"]
["G04244","TTC1","nonsense","chr5",159462192,"C","T","p.Q126*",0.274,73,20,"unknown",0,"chr5:g.159462192C>T","predicted passenger",88,"FALSE","SNV","+","TTC1","nt","CT","ACA","CT_ACA","AACAG","CT_AACAG","+",0.273972602739726,"M",0.37,-0.172361,2,2,0,-0.26960705975728,1.4809329877823,1,1.4809329877823,1,0.951671363040838,2.11319654290745,"clonal"]
["G04244","PCLO","nonsense","chr7",82784833,"T","TGCTGAGCTGGAGGCTTAAGCAGGACCAAGAG","p.Q375Pfs*6",0,129,0,"unknown",0,"chr7:g.82784833_82784834insGCTGAGCTGGAGGCTTAAGCAGGACCAAGAG","predicted passenger",264,"FALSE","SNV","-","PCLO","ts","TTGCTGAGCTGGAGGCTTAAGCAGGACCAAGAG","CTG","TTGCTGAGCTGGAGGCTTAAGCAGGACCAAGAG_CTG","TCTGC","TTGCTGAGCTGGAGGCTTAAGCAGGACCAAGAG_TCTGC","+",0,"M",0.37,-0.013947,2,2,0,-1.0331668639352,0,0,0,0,0,0.152383620268791,"subclonal"]
["G04244","VPS13B","missense","chr8",100844673,"T","C","p.L3161P",0.2645,155,41,"unknown",0,"chr8:g.100844673T>C","predicted passenger",166,"FALSE","SNV","+","VPS13B","nt","TC","CTT","TC_CTT","CCTTC","TC_CCTTC","+",0.264516129032258,"M",0.37,0.273867,3,3,0,-0.0989150260726873,1.69433304272014,2,0.84716652136007,0.84716652136007,0.630890298038665,1.09301378530363,"clonal"]
["G04244","HELB","missense","chr12",66725097,"C","A","p.T945N",0.3152,184,58,"unknown",0,"chr12:g.66725097C>A","predicted passenger",258,"FALSE","SNV","+","HELB","nt","CA","ACT","CA_ACT","AACTC","CA_AACTC","+",0.315217391304348,"M",0.37,-0.314652,1,1,0,-0.487665299366241,1.38866039952996,1,1.38866039952996,1,1.09628181619534,1.70777733825254,"clonal"]
["G04244","HSPA2","missense","chr14",65008555,"G","T","p.D330Y",0.1338,142,19,"unknown",0,"chr14:g.65008555G>T","predicted passenger",182,"FALSE","SNV","+","HSPA2","ts","CA","TCC","CA_TCC","GTCCA","CA_GTCCA","-",0.133802816901408,"M",0.37,-0.212039,2,2,0,-0.358047520694014,0.723258469737343,1,0.723258469737343,0.723258469737343,0.446052948172775,1.08670364669996,"clonal"]
["G04244","TMOD2","missense","chr15",52060601,"C","A","p.T90N",0.0416666666666667,50,2,"unknown",0,"chr15:g.52060601C>A","predicted passenger",70,"FALSE","SNV","+","TMOD2","nt","CA","ACT","CA_ACT","CACTG","CA_CACTG","+",0.04,"M",0.37,-1.23075,0,0,0,-0.485426827170242,0.136216216216216,0,0.136216216216216,0.136216216216216,0.0166232597755868,0.467009211516213,"subclonal"]
["G04244","ABCA10","missense","chr17",67151217,"A","C","p.F1213V",0.2205,127,28,"unknown",0,"chr17:g.67151217A>C","predicted passenger",144,"FALSE","SNV","-","ABCA10","nt","TG","CTT","TG_CTT","GCTTT","TG_GCTTT","-",0.220472440944882,"M",0.37,0.294368,3,3,0,-0.181240314670147,1.41221536497127,1,1.41221536497127,1,0.972209115098914,1.93853219204129,"clonal"]
["G04244","SCAF4","missense","chr21",33044572,"G","T","p.P862T",0.4314,51,22,"unknown",1,"chr21:g.33044572G>T","predicted passenger",57,"TRUE","SNV","-","SCAF4","nt","CA","CCC","CA_CCC","GCCCT","CA_GCCCT","-",0.431372549019608,"M",0.37,-0.44791,1,1,0,-0.160464672193246,1.90037095919449,2,0.950185479597244,0.950185479597244,0.646393843729958,1.27216384045189,"clonal"]
["G04244","PPP2R3B","missense","chrX",301634,"C","T","p.G406D",0.1622,74,12,"unknown",0,"chrX:g.301634C>T","predicted passenger",102,"FALSE","SNV","-","PPP2R3B","ts","CT","GCC","CT_GCC","CGCCG","CT_CGCCG","+",0.162162162162162,"M",0.37,-1.33578,0,0,0,-0.462971976342546,0.276113951789627,0,0.276113951789627,0.276113951789627,0.295245120506671,0.906300322338862,"subclonal"]
["G04244","DAXX","missense","chr6",33287452,"C","T","p.G549R",0.1379,203,28,"unknown",1,"chr6:g.33287452C>T","predicted passenger",207,"FALSE","SNV","-","DAXX","ts","CT","CCA","CT_CCA","TCCAT","CT_TCCAT","+",0.137931034482759,"M",0.37,0.412873,3,3,0,-0.028151040314149,0.883504193849021,1,0.883504193849021,0.883504193849021,0.599870476729789,1.23716560437275,"clonal"]
["G04244","CACNA1H","nonsense","chr16",1265249,"C","T","p.Q1683*",0.1364,22,3,"unknown",0,"chr16:g.1265249C>T","predicted passenger",27,"FALSE","SNV","+","CACNA1H","nt","CT","CCA","CT_CCA","ACCAG","CT_ACCAG","+",0.136363636363636,"M",0.37,0.0979507,2,2,0,-0.295455883526171,0.737100737100737,1,0.737100737100737,0.737100737100737,0.157058654749982,1.88714647166167,"clonal"]
["G04244","NHSL2","missense","chrX",71354030,"A","T","p.R176W",0.260869565217391,87,18,"unknown",0,"chrX:g.71354030A>T","predicted passenger",51,"FALSE","SNV","NA","NA","NA","TA","CTT","TA_CTT","CCTTG","TA_CCTTG","-",0.206896551724138,"M",0.37,-0.150328,2,2,0,0.770518153877233,0.766076421248835,1,0.766076421248835,0.766076421248835,0.689053334433159,1.66017106769492,"clonal"]
["G04244","KCNT2","missense","chr1",196311257,"T","C","p.E502G",0.0631,206,13,"unknown",0,"chr1:g.196311257T>C","predicted passenger",122,"FALSE","SNV","-","KCNT2","ts","TC","TTC","TC_TTC","ATTCA","TC_ATTCA","+",0.0631067961165049,"M",0.37,0.950768,4,4,0,0.755763189620332,0.467331409078982,0,0.467331409078982,0.467331409078982,0.251979601119966,0.78124833406461,"subclonal"]
["G04244","ATP5B","missense","chr12",57037360,"C","A","p.G207C",0.0434782608695652,48,2,"unknown",0,"chr12:g.57037360C>A","predicted passenger",73,"FALSE","SNV","-","ATP5B","ts","CA","CCA","CA_CCA","ACCAC","CA_ACCAC","+",0.0416666666666667,"M",0.37,-0.919403,1,1,0,-0.604862058158861,0.183558558558559,0,0.183558558558559,0.183558558558559,0.0224079533133885,0.627950773833095,"subclonal"]
["G04244","KCNN3","missense","chr1",154841748,"C","A","p.Q231H",0.05,60,3,"unknown",0,"chr1:g.154841748C>A","predicted passenger",123,"FALSE","SNV","-","KCNN3","ts","CA","TCT","CA_TCT","GTCTG","CA_GTCTG","+",0.05,"M",0.37,-0.197196,2,2,0,-1.03562390973072,0.27027027027027,0,0.27027027027027,0.27027027027027,0.056390971050531,0.752666198492285,"subclonal"]
["G04244","PCNX2","missense","chr1",233122274,"C","A","p.G1935V",0.2,10,2,"unknown",0,"chr1:g.233122274C>A","predicted passenger",11,"FALSE","SNV","-","PCNXL2","ts","CA","GCC","CA_GCC","TGCCT","CA_TGCCT","+",0.2,"M",0.37,1.15387,5,5,0,-0.137503523749935,1.68108108108108,2,0.840540540540541,0.840540540540541,0.105953187670881,2.33710390240103,"clonal"]
["G04244","CDK9","nonsense","chr9",130551461,"G","A","p.W253*",0.1176,17,2,"unknown",0,"chr9:g.130551461G>A","predicted passenger",24,"FALSE","SNV","+","CDK9","ts","CT","CCA","CT_CCA","GCCAC","CT_GCCAC","-",0.117647058823529,"M",0.37,-0.125547,2,2,0,-0.497499659470817,0.635930047694754,1,0.635930047694754,0.635930047694754,0.0788071180556892,1.96977925460135,"clonal"]
["G04244","CCDC84","missense","chr11",118869170,"G","C","p.A51P",0.0984,61,6,"unknown",0,"chr11:g.118869170G>C","predicted passenger",96,"FALSE","SNV","+","CCDC84","ts","CG","GCG","CG_GCG","AGCGG","CG_AGCGG","-",0.0983606557377049,"M",0.37,-0.0844852,2,2,0,-0.65422516315827,0.53167922020381,1,0.53167922020381,0.53167922020381,0.199783756096497,1.09133076678038,"clonal"]
["G04244","CTCF","missense","chr16",67660616,"C","A","p.Q506K",0.1,20,2,"unknown",1,"chr16:g.67660616C>A","predicted driver: tier 1",15,"TRUE","SNV","+","CTCF","nt","CA","ACA","CA_ACA","GACAG","CA_GACAG","+",0.1,"M",0.37,0.085615,2,2,0,0.415037499278844,0.540540540540541,1,0.540540540540541,0.540540540540541,0.0667487955151071,1.71342007577882,"clonal"]
["G04244","FAM9B","missense","chrX",8993566,"A","G","p.L184P",0.127,63,8,"unknown",0,"chrX:g.8993566A>G","predicted passenger",69,"FALSE","SNV","-","FAM9B","nt","TC","CTT","TC_CTT","ACTTG","TC_ACTTG","-",0.126984126984127,"M",0.37,-0.0538931,2,2,0,-0.131244533278253,0.47018447018447,0,0.47018447018447,0.47018447018447,0.305142051596232,1.27008419294948,"clonal"]
["G04245","GRIK2","missense","chr6",102516277,"G","A","p.R873H",0.3217,115,37,"known",0,"chr6:g.102516277G>A","predicted passenger",174,"FALSE","SNV","+","GRIK2","ts","CT","ACG","CT_ACG","GACGC","CT_GACGC","-",0.321739130434783,"M",0.56,-0.0605265,2,2,0,-0.597453444904353,1.14906832298137,1,1.14906832298137,1,0.848798913172465,1.48304733515519,"clonal"]
["G04245","TBCEL","missense","chr11",120916472,"C","T","p.R25C",0.1707,123,21,"known",0,"chr11:g.120916472C>T","predicted passenger",137,"FALSE","SNV","+","TBCEL","nt","CT","TCG","CT_TCG","ATCGC","CT_ATCGC","+",0.170731707317073,"M",0.56,-0.208822,2,2,0,-0.155517577621287,0.609756097560976,1,0.609756097560976,0.609756097560976,0.388940068937206,0.889511695620641,"subclonal"]
["G04245","EPC2","nonsense","chr2",149528954,"C","A","p.S573*",0.0714,28,2,"known",0,"chr2:g.149528954C>A","predicted passenger",46,"FALSE","SNV","+","EPC2","nt","CA","TCA","CA_TCA","ATCAG","CA_ATCAG","+",0.0714285714285714,"M",0.56,-0.358738,1,1,0,-0.716207033999409,0.183673469387755,0,0.183673469387755,0.183673469387755,0.0225527058090698,0.604375131020376,"subclonal"]
["G04245","NRDC","missense","chr1",52260187,"A","T","p.L979Q",0.2056,107,22,"unknown",0,"chr1:g.52260187A>T","predicted passenger",125,"FALSE","SNV","NA","NA","NA","TA","CTG","TA_CTG","TCTGA","TA_TCTGA","-",0.205607476635514,"M",0.56,-0.110355,2,2,0,-0.22431729826094,0.734312416555407,1,0.734312416555407,0.734312416555407,0.477025084885888,1.05206202982664,"clonal"]
["G04245","KIAA1841","missense","chr2",61348408,"C","G","p.T706R",0.3204,103,33,"unknown",0,"chr2:g.61348408C>G","predicted passenger",93,"FALSE","SNV","+","KIAA1841","nt","CG","ACA","CG_ACA","CACAA","CG_CACAA","+",0.320388349514563,"M",0.56,-0.0768115,2,2,0,0.147341716075187,1.14424410540915,1,1.14424410540915,1,0.828003572934794,1.49847875047802,"clonal"]
["G04245","WDR19","missense","chr4",39255636,"A","G","p.Y996C",0.5556,54,30,"unknown",0,"chr4:g.39255636A>G","predicted passenger",70,"FALSE","SNV","+","WDR19","ts","TC","ATA","TC_ATA","CATAG","TC_CATAG","-",0.555555555555556,"M",0.56,-0.987957,1,1,0,-0.374395514781498,1.42857142857143,1,1.42857142857143,1,1.06457227209494,1.77635192300291,"clonal"]
["G04245","UHRF1BP1","missense","chr6",34835113,"A","G","p.N1175S",0.1053,114,12,"unknown",0,"chr6:g.34835113A>G","predicted passenger",125,"FALSE","SNV","+","UHRF1BP1","ts","TC","GTT","TC_GTT","TGTTG","TC_TGTTG","-",0.105263157894737,"M",0.56,0.402119,3,3,0,-0.132894270497345,0.481203007518797,0,0.481203007518797,0.481203007518797,0.254108683084534,0.807567163459024,"subclonal"]
["G04245","ALDH8A1","missense","chr6",135239809,"T","C","p.D403G",0.2687,387,104,"unknown",0,"chr6:g.135239809T>C","predicted passenger",334,"FALSE","SNV","-","ALDH8A1","ts","TC","ATC","TC_ATC","TATCA","TC_TATCA","+",0.268733850129199,"M",0.56,0.664008,3,3,0,0.212485463670358,1.22849760059062,1,1.22849760059062,1,1.02944830345771,1.44390215559652,"clonal"]
["G04245","RRP8","missense","chr11",6621986,"G","C","p.S356C",0.1579,133,21,"unknown",0,"chr11:g.6621986G>C","predicted passenger",140,"FALSE","SNV","-","RRP8","nt","CG","TCT","CG_TCT","GTCTG","CG_GTCTG","-",0.157894736842105,"M",0.56,-0.32319,1,1,0,-0.0740005814437769,0.406015037593985,0,0.406015037593985,0.406015037593985,0.258368168392799,0.594452798032437,"subclonal"]
["G04245","FREM2","nonsense","chr13",39264602,"C","T","p.Q1041*",0.3275,229,75,"unknown",0,"chr13:g.39264602C>T","predicted passenger",263,"FALSE","SNV","+","FREM2","nt","CT","TCA","CT_TCA","CTCAA","CT_CTCAA","+",0.327510917030568,"M",0.56,0.114931,2,2,0,-0.199715201195358,1.16968184653774,1,1.16968184653774,1,0.954056521663152,1.40150201979297,"clonal"]
["G04245","MYO16","missense","chr13",109793506,"G","T","p.G1627V",0.3187,91,29,"unknown",0,"chr13:g.109793506G>T","predicted passenger",98,"FALSE","SNV","+","MYO16","ts","CA","CCC","CA_CCC","GCCCG","CA_GCCCG","-",0.318681318681319,"M",0.56,0.329822,3,3,0,-0.106915203916512,1.45682888540031,1,1.45682888540031,1,1.02799475407902,1.94134995925959,"clonal"]
["G04245","SMURF2","missense","chr17",62557687,"T","C","p.K416R",0.3661,112,41,"unknown",0,"chr17:g.62557687T>C","predicted passenger",146,"FALSE","SNV","-","SMURF2","ts","TC","TTT","TC_TTT","CTTTT","TC_CTTTT","+",0.366071428571429,"M",0.56,0.164941,2,2,0,-0.382469636822413,1.30739795918367,1,1.30739795918367,1,0.989496581286548,1.65126875263886,"clonal"]
["G04245","ZIM3","missense","chr19",57647373,"G","A","p.T111M",0.1419,148,21,"unknown",0,"chr19:g.57647373G>A","predicted passenger",152,"FALSE","SNV","-","ZIM3","nt","CT","ACG","CT_ACG","AACGC","CT_AACGC","-",0.141891891891892,"M",0.56,0.676373,3,3,0,-0.0384741478146357,0.648648648648649,1,0.648648648648649,0.648648648648649,0.411561930542113,0.953983637974784,"clonal"]
["G04245","RANGAP1","missense","chr22",41650454,"T","A","p.E373V",0.4746,59,28,"unknown",0,"chr22:g.41650454T>A","predicted passenger",74,"FALSE","SNV","-","RANGAP1","ts","TA","TTC","TA_TTC","CTTCT","TA_CTTCT","+",0.474576271186441,"M",0.56,-0.190827,2,2,0,-0.326810316267109,1.69491525423729,2,0.847457627118644,0.847457627118644,0.612470802228025,1.08715554344171,"clonal"]
["G04245","DAXX","missense","chr6",33287452,"C","T","p.G549R",0.1827,197,36,"unknown",1,"chr6:g.33287452C>T","predicted passenger",207,"FALSE","SNV","-","DAXX","ts","CT","CCA","CT_CCA","TCCAT","CT_TCCAT","+",0.182741116751269,"M",0.56,0.402119,3,3,0,-0.071435138042949,0.835387962291515,1,0.835387962291515,0.835387962291515,0.600657185188486,1.11498058065246,"clonal"]
["G04245","ZDHHC5","missense","chr11",57466175,"A","C","p.S423R",0.25,120,30,"unknown",0,"chr11:g.57466175A>C","predicted passenger",152,"FALSE","SNV","+","ZDHHC5","ts","TG","CTG","TG_CTG","ACTGG","TG_ACTGG","-",0.25,"M",0.56,-0.139151,2,2,0,-0.341036917835067,0.892857142857143,1,0.892857142857143,0.892857142857143,0.626659353678773,1.20453291532856,"clonal"]
["G04245","VAC14","missense","chr16",70820152,"A","C","p.I74S",0.2527,91,23,"unknown",0,"chr16:g.70820152A>C","predicted passenger",78,"FALSE","SNV","-","VAC14","nt","TG","ATC","TG_ATC","CATCG","TG_CATCG","-",0.252747252747253,"M",0.56,0.195337,2,2,0,0.222392421336448,0.902668759811617,1,0.902668759811617,0.902668759811617,0.598053862160387,1.26688426993097,"clonal"]
["G04245","OR52B6","missense","chr11",5602351,"T","C","p.F82S",0.2333,60,14,"unknown",0,"chr11:g.5602351T>C","predicted passenger",68,"FALSE","SNV","NA","NA","NA","TC","TTC","TC_TTC","ATTCT","TC_ATTCT","+",0.233333333333333,"M",0.56,-0.32319,1,1,0,-0.180572245641821,0.6,1,0.6,0.6,0.344153169999895,0.926698595414804,"subclonal"]
["G04245","CEP250","nonsense","chr20",34090503,"G","T","p.E1436*",0.1642,274,45,"unknown",0,"chr20:g.34090503G>T","predicted passenger",230,"FALSE","SNV","+","CEP250","ts","CA","TCC","CA_TCC","CTCCT","CA_CTCCT","-",0.164233576642336,"M",0.56,1.04408,5,5,0,0.252542032016151,1.07924921793535,1,1.07924921793535,1,0.804253585644161,1.40310450758101,"clonal"]
["G04245","OGFR","missense","chr20",61444555,"G","A","p.A530T",0.00934579439252336,542,5,"unknown",0,"chr20:g.61444555G>A","predicted passenger",316,"FALSE","SNV","+","OGFR","ts","CT","GCA","CT_GCA","TGCAG","CT_TGCAG","-",0.00922509225092251,"M",0.56,1.12378,5,5,0,0.778368293176769,0.0606220347917765,0,0.0606220347917765,0.0606220347917765,0.0197271294056649,0.140603087527137,"subclonal"]
["G04245","PDLIM3","missense","chr4",186446277,"C","T","p.V48I",0.0984,183,18,"unknown",0,"chr4:g.186446277C>T","predicted passenger",301,"FALSE","SNV","-","PDLIM3","ts","CT","ACA","CT_ACA","GACAT","CT_GACAT","+",0.0983606557377049,"M",0.56,-1.05967,1,1,0,-0.71791983847566,0.252927400468384,0,0.252927400468384,0.252927400468384,0.15259596173671,0.388271298195545,"subclonal"]
["G04245","HOOK3","missense","chr8",42819593,"A","G","p.E252G",0.1186,59,7,"unknown",1,"chr8:g.42819593A>G","predicted passenger",64,"TRUE","SNV","+","HOOK3","ts","TC","TTC","TC_TTC","GTTCT","TC_GTTCT","-",0.11864406779661,"M",0.56,0.259334,3,3,0,-0.117356950638159,0.542372881355932,1,0.542372881355932,0.542372881355932,0.224255042933778,1.04819450951997,"clonal"]
["G04245","SNAPC4","missense","chr9",139277660,"C","A","p.G654V",0.125,16,2,"unknown",0,"chr9:g.139277660C>A","predicted passenger",24,"FALSE","SNV","-","SNAPC4","ts","CA","GCC","CA_GCC","CGCCC","CA_CGCCC","+",0.125,"M",0.56,-0.110887,2,2,0,-0.584962500721156,0.446428571428571,0,0.446428571428571,0.446428571428571,0.0554057279121925,1.36955798874737,"clonal"]
["G04245","PTPN2","missense","chr18",12817363,"C","A","p.S166I",0.0889,45,4,"unknown",0,"chr18:g.12817363C>A","predicted passenger",52,"FALSE","SNV","-","PTPN2","ts","CA","ACT","CA_ACT","CACTC","CA_CACTC","+",0.0888888888888889,"M",0.56,-0.0230748,2,2,0,-0.208586621811417,0.317460317460317,0,0.317460317460317,0.317460317460317,0.0884034206552466,0.757899060551213,"subclonal"]
["G04245","SMAD4","missense","chr18",48575192,"A","T","p.N129I",0.1818,88,16,"unknown",1,"chr18:g.48575192A>T","predicted driver: tier 1",181,"TRUE","SNV","NA","NA","NA","TA","ATT","TA_ATT","GATTC","TA_GATTC","-",0.181818181818182,"M",0.56,-1.85579,0,0,0,-1.04041426844591,0.285714285714286,0,0.285714285714286,0.285714285714286,0.169161842265594,0.437488808152438,"subclonal"]
["G04245","TNMD","missense","chrX",99849261,"T","A","p.Y109N",0.1081,74,8,"unknown",0,"chrX:g.99849261T>A","predicted passenger",61,"FALSE","SNV","+","TNMD","nt","TA","ATA","TA_ATA","GATAC","TA_GATAC","+",0.108108108108108,"M",0.56,-0.150976,2,2,0,0.278716028066064,0.301158301158301,0,0.301158301158301,0.301158301158301,0.1708713942676,0.721250486542307,"subclonal"]
["G04283","TRIM49C","missense","chr11",89774338,"A","C","p.S327R",0.1754,171,30,"known",0,"chr11:g.89774338A>C","predicted passenger",166,"FALSE","SNV","+","TRIM49C","ts","TG","CTT","TG_CTT","ACTTC","TG_ACTTC","-",0.175438596491228,"M",0.51,-0.402422,1,1,0,0.042813083538973,0.512555899552804,1,0.512555899552804,0.512555899552804,0.355288336644032,0.703742847489329,"subclonal"]
["G04283","ASXL3","missense","chr18",31319980,"G","A","p.R871K",0.0606,165,10,"known",0,"chr18:g.31319980G>A","predicted passenger",176,"FALSE","SNV","+","ASXL3","ts","CT","TCT","CT_TCT","TTCTT","CT_TTCTT","-",0.0606060606060606,"M",0.51,-0.320378,1,1,0,-0.0931094043914815,0.177064765300059,0,0.177064765300059,0.177064765300059,0.0860184374396538,0.317372475242901,"subclonal"]
["G04283","SPATA31A1","missense","chr9",39890330,"C","T","p.P1106L",0.2,10,2,"known",0,"chr9:g.39890330C>T","predicted passenger",15,"FALSE","SNV","+","SPATA31A2","nt","CT","CCT","CT_CCT","CCCTA","CT_CCCTA","+",0.2,"M",0.51,-0.207035,2,2,0,-0.584962500721156,0.784313725490196,1,0.784313725490196,0.784313725490196,0.0988655934385622,2.1807665188535,"clonal"]
["G04283","EPB41","missense","chr1",29391650,"C","A","p.Q722K",0.0392,51,2,"unknown",0,"chr1:g.29391650C>A","predicted passenger",39,"FALSE","SNV","+","EPB41","nt","CA","GCA","CA_GCA","GGCAA","CA_GGCAA","+",0.0392156862745098,"M",0.51,0.0874306,2,2,0,0.387023123109247,0.153787004998078,0,0.153787004998078,0.153787004998078,0.0187646772341462,0.527790161292801,"subclonal"]
["G04283","USP37","missense","chr2",219394739,"G","C","p.S268C",0.4848,99,48,"unknown",0,"chr2:g.219394739G>C","predicted passenger",95,"FALSE","SNV","-","USP37","nt","CG","TCC","CG_TCC","ATCCT","CG_ATCCT","-",0.484848484848485,"M",0.51,0.314243,3,3,0,0.0595010117486617,2.38621509209744,2,1.19310754604872,1,0.942862739230825,1.44564191258306,"clonal"]
["G04283","LSG1","missense","chr3",194390780,"A","T","p.F62I",0.1274,157,20,"unknown",0,"chr3:g.194390780A>T","predicted passenger",118,"FALSE","SNV","-","LSG1","nt","TA","CTT","TA_CTT","ACTTC","TA_ACTTC","-",0.127388535031847,"M",0.51,0.535322,3,3,0,0.411977699529786,0.626951417509679,1,0.626951417509679,0.626951417509679,0.391653942035702,0.934436405528091,"subclonal"]
["G04283","TTC1","nonsense","chr5",159462192,"C","T","p.Q126*",0.358,81,29,"unknown",0,"chr5:g.159462192C>T","predicted passenger",88,"FALSE","SNV","+","TTC1","nt","CT","ACA","CT_ACA","AACAG","CT_AACAG","+",0.358024691358025,"M",0.51,-0.25261,1,1,0,-0.119581615752673,1.04599370612442,1,1.04599370612442,1,0.74352398886163,1.37976975643096,"clonal"]
["G04283","KMT2C","missense","chr7",151856083,"T","A","p.E3845D",0.1261,222,28,"unknown",1,"chr7:g.151856083T>A","predicted passenger",269,"FALSE","SNV","-","KMT2C","ts","TA","TTT","TA_TTT","GTTTC","TA_GTTTC","+",0.126126126126126,"M",0.51,0.135976,2,2,0,-0.277046496206518,0.494612259318142,0,0.494612259318142,0.494612259318142,0.335182283463501,0.694532497002284,"subclonal"]
["G04283","HMX3","missense","chr10",124896741,"G","A","p.E190K",0.3407,226,77,"unknown",0,"chr10:g.124896741G>A","predicted passenger",222,"FALSE","SNV","+","HMX3","ts","CT","TCG","CT_TCG","TTCGC","CT_TTCGC","-",0.34070796460177,"M",0.51,0.261146,3,3,0,0.0257630960650818,1.67681762970675,2,0.838408814853375,0.838408814853375,0.686962347539298,1.0002945647909,"clonal"]
["G04283","NAV3","missense","chr12",78583910,"A","C","p.K2046Q",0.1823,181,33,"unknown",0,"chr12:g.78583910A>C","predicted passenger",222,"FALSE","SNV","+","NAV3","ts","TG","TTG","TG_TTG","TTTGT","TG_TTTGT","-",0.18232044198895,"M",0.51,-0.455669,1,1,0,-0.294569979266901,0.532661683457914,1,0.532661683457914,0.532661683457914,0.376734509065438,0.719890664132157,"subclonal"]
["G04283","RTL1","missense","chr14",101347933,"C","T","p.A1065T",0.1739,92,16,"unknown",0,"chr14:g.101347933C>T","predicted passenger",101,"FALSE","SNV","-","RTL1","ts","CT","GCG","CT_GCG","GGCGA","CT_GGCGA","+",0.173913043478261,"M",0.51,-0.421961,1,1,0,-0.134649526694782,0.508098891730605,1,0.508098891730605,0.508098891730605,0.300341665306523,0.78007225686115,"subclonal"]
["G04283","FECH","missense","chr18",55230158,"G","A","p.T224M",0.0473,148,7,"unknown",0,"chr18:g.55230158G>A","predicted passenger",177,"FALSE","SNV","-","FECH","nt","CT","ACG","CT_ACG","CACGA","CT_CACGA","-",0.0472972972972973,"M",0.51,-1.46228,0,0,0,-0.258152184454048,0.0908850026497085,0,0.0908850026497085,0.0908850026497085,0.0369415788591857,0.18258943404715,"subclonal"]
["G04283","MAG","missense","chr19",35801470,"A","T","p.I514F",0.2421,190,46,"unknown",0,"chr19:g.35801470A>T","predicted passenger",153,"FALSE","SNV","+","MAG","ts","TA","ATC","TA_ATC","GATCT","TA_GATCT","-",0.242105263157895,"M",0.51,1.13043,5,5,0,0.312467765638296,1.67574819401445,2,0.837874097007224,0.837874097007224,0.633437492638478,1.07079969651349,"clonal"]
["G04283","DSCAM","missense","chr21",41725613,"G","A","p.A238V",0.1387,137,19,"unknown",0,"chr21:g.41725613G>A","predicted passenger",108,"FALSE","SNV","-","DSCAM","nt","CT","GCT","CT_GCT","GGCTG","CT_GGCTG","-",0.138686131386861,"M",0.51,-0.395606,1,1,0,0.343144580797058,0.405181050522399,0,0.405181050522399,0.405181050522399,0.250115331395233,0.607906877902537,"subclonal"]
["G04283","ADAM9","nonsense","chr8",38876378,"A","T","p.R205*",0.1405,242,34,"unknown",0,"chr8:g.38876378A>T","predicted passenger",211,"FALSE","SNV","+","ADAM9","ts","TA","CTT","TA_CTT","TCTTC","TA_TCTTC","-",0.140495867768595,"M",0.51,0.082382,2,2,0,0.197764048567409,0.550964187327824,1,0.550964187327824,0.550964187327824,0.389410191782423,0.748073220544502,"subclonal"]
["G04283","OR52B6","missense","chr11",5602348,"T","G","p.I81R",0.1781,73,13,"unknown",0,"chr11:g.5602348T>G","predicted passenger",74,"FALSE","SNV","NA","NA","NA","TG","ATA","TG_ATA","CATAT","TG_CATAT","+",0.178082191780822,"M",0.51,-0.197056,2,2,0,-0.0196288067489325,0.69836153639538,1,0.69836153639538,0.69836153639538,0.385777167580426,1.11864232800668,"clonal"]
["G04283","GRB7","missense","chr17",37898670,"T","A","p.V62E",0.073,370,27,"unknown",0,"chr17:g.37898670T>A","predicted passenger",107,"FALSE","SNV","+","GRB7","nt","TA","GTA","TA_GTA","GGTAA","TA_GGTAA","+",0.072972972972973,"M",0.51,2.89292,15,15,0,1.78991447411517,1.23481717011129,1,1.23481717011129,1,0.823024662261415,1.76657624026306,"clonal"]
["G04283","COL6A5","missense","chr3",130190678,"T","G","p.F2576C",0.1162,241,28,"unknown",0,"chr3:g.130190678T>G","predicted passenger",215,"FALSE","SNV","+","COL6A5","nt","TG","TTT","TG_TTT","CTTTT","TG_CTTTT","+",0.116182572614108,"M",0.51,0.414207,3,3,0,0.164696486640501,0.571800504434139,1,0.571800504434139,0.571800504434139,0.386869255316376,0.804794522508011,"subclonal"]
["G04283","SNX13","missense","chr7",17913222,"A","G","p.C228R",0.15,100,15,"unknown",0,"chr7:g.17913222A>G","predicted passenger",104,"FALSE","SNV","-","SNX13","nt","TC","GTG","TC_GTG","TGTGT","TC_TGTGT","-",0.15,"M",0.51,-0.0371989,2,2,0,-0.0565835283663674,0.588235294117647,1,0.588235294117647,0.588235294117647,0.339036806437838,0.922774510388058,"subclonal"]
["G04283","TONSL","missense","chr8",145665556,"C","T","p.R443K",0.1457,151,22,"unknown",0,"chr8:g.145665556C>T","predicted passenger",90,"FALSE","SNV","-","TONSL","ts","CT","CCT","CT_CCT","GCCTC","CT_GCCTC","+",0.145695364238411,"M",0.51,0.984931,4,4,0,0.746551642995404,0.862745098039216,1,0.862745098039216,0.862745098039216,0.554345065784936,1.25677020925178,"clonal"]
["G04283","ZNF831","missense","chr20",57768416,"C","T","p.P781L",0.1158,95,11,"unknown",0,"chr20:g.57768416C>T","predicted passenger",66,"FALSE","SNV","+","ZNF831","nt","CT","CCG","CT_CCG","GCCGG","CT_GCCGG","+",0.115789473684211,"M",0.51,0.812218,4,4,0,0.525461488972494,0.685655314757482,1,0.685655314757482,0.685655314757482,0.350797433285815,1.17093580758408,"clonal"]
["G04283","CCDC84","missense","chr11",118869170,"G","C","p.A51P",0.0177,113,2,"unknown",0,"chr11:g.118869170G>C","predicted passenger",96,"FALSE","SNV","+","CCDC84","ts","CG","GCG","CG_GCG","AGCGG","CG_AGCGG","-",0.0176991150442478,"M",0.51,0.0573451,2,2,0,0.235216461694031,0.0694082942911678,0,0.0694082942911678,0.0694082942911678,0.00843403261170872,0.244996675078996,"subclonal"]
["G04283","GPC2","missense","chr7",99773504,"C","A","p.E113D",0.0555555555555556,38,2,"unknown",0,"chr7:g.99773504C>A","predicted passenger",44,"FALSE","SNV","-","GPC2","ts","CA","TCT","CA_TCT","ATCTC","CA_ATCTC","+",0.0526315789473684,"M",0.51,0.594435,3,3,0,-0.211504105193712,0.259029927760578,0,0.259029927760578,0.259029927760578,0.0316885861860406,0.873532121122703,"subclonal"]
["G04283","MICAL3","missense","chr22",18301871,"C","A","p.A1186S",0.1429,14,2,"unknown",0,"chr22:g.18301871C>A","predicted passenger",26,"FALSE","SNV","-","MICAL3","ts","CA","GCA","CA_GCA","GGCAG","CA_GGCAG","+",0.142857142857143,"M",0.51,-0.368598,1,1,0,-0.893084796083488,0.417366946778712,0,0.417366946778712,0.417366946778712,0.0519878981763831,1.25080872501069,"clonal"]
["G09209","ADPRH","missense","chr3",119306493,"C","A","p.A281D",0.0556,36,2,"known",0,"chr3:g.119306493C>A","predicted passenger",51,"FALSE","SNV","+","ADPRH","nt","CA","GCT","CA_GCT","TGCTG","CA_TGCTG","+",0.0555555555555556,"M",0.33,-0.374031,1,1,0,-0.502500340529183,0.281144781144781,0,0.281144781144781,0.281144781144781,0.0344136427036912,0.944494847830652,"subclonal"]
["G09209","PDIA4","missense","chr7",148701083,"C","A","p.A581S",0.0541,37,2,"known",0,"chr7:g.148701083C>A","predicted passenger",27,"FALSE","SNV","-","PDIA4","ts","CA","GCG","CA_GCG","GGCGA","CA_GGCGA","+",0.0540540540540541,"M",0.33,-0.901067,1,1,0,0.454565863465481,0.273546273546274,0,0.273546273546274,0.273546273546274,0.0334737351128883,0.920772811184368,"subclonal"]
["G09209","NOS1","missense","chr12",117685269,"C","T","p.A937T",0.2571,70,18,"known",0,"chr12:g.117685269C>T","predicted passenger",87,"FALSE","SNV","-","NOS1","ts","CT","GCG","CT_GCG","AGCGT","CT_AGCGT","+",0.257142857142857,"M",0.33,0.186273,2,2,0,-0.313660478903762,1.55844155844156,2,0.779220779220779,0.779220779220779,0.485060275552736,1.13822541128387,"clonal"]
["G09209","ZSCAN10","missense","chr16",3140144,"C","T","p.A376T",0.3462,26,9,"known",0,"chr16:g.3140144C>T","predicted passenger",22,"FALSE","SNV","-","ZSCAN10","ts","CT","GCG","CT_GCG","GGCGG","CT_GGCGG","+",0.346153846153846,"M",0.33,-0.49886,1,1,0,0.241008099503795,1.75174825174825,2,0.875874125874126,0.875874125874126,0.435576834044641,1.40854866134968,"clonal"]
["G09209","TRAPPC10","missense","chr21",45475765,"C","A","p.F223L",0.0556,36,2,"known",0,"chr21:g.45475765C>A","predicted passenger",36,"FALSE","SNV","+","TRAPPC10","nt","CA","TCA","CA_TCA","TTCAT","CA_TTCAT","+",0.0555555555555556,"M",0.33,-0.340811,1,1,0,0,0.281144781144781,0,0.281144781144781,0.281144781144781,0.0344136427036912,0.944494847830652,"subclonal"]
["G09209","DDX60","missense","chr4",169189123,"G","A","p.S933L",0.1132,53,6,"known",0,"chr4:g.169189123G>A","predicted passenger",44,"FALSE","SNV","-","DDX60","nt","CT","TCG","CT_TCG","ATCGG","CT_ATCGG","-",0.113207547169811,"M",0.33,-0.413893,1,1,0,0.268488835925902,0.572898799313894,1,0.572898799313894,0.572898799313894,0.216069634980537,1.16540654648285,"clonal"]
["G09209","BCAN","missense","chr1",156626840,"G","A","p.A721T",0.4194,62,26,"unknown",0,"chr1:g.156626840G>A","predicted passenger",58,"FALSE","SNV","NA","NA","NA","CT","GCG","CT_GCG","CGCGC","CT_CGCGC","-",0.419354838709677,"M",0.33,0.263832,3,3,0,0.096215315259303,2.96089931573803,3,0.986966438579342,0.986966438579342,0.694637553133636,1.29804280659077,"clonal"]
["G09209","FASTKD2","missense","chr2",207631944,"C","T","p.A176V",0.148,223,33,"unknown",0,"chr2:g.207631944C>T","predicted passenger",233,"FALSE","SNV","+","FASTKD2","nt","CT","GCG","CT_GCG","AGCGC","CT_AGCGC","+",0.147982062780269,"M",0.33,0.103211,2,2,0,-0.0632862447339755,0.896860986547085,1,0.896860986547085,0.896860986547085,0.630938548137205,1.22120472875627,"clonal"]
["G09209","CEP85L","missense","chr6",118813021,"T","C","p.Y425C",0.1379,58,8,"unknown",0,"chr6:g.118813021T>C","predicted passenger",60,"FALSE","SNV","-","CEP85L","ts","TC","ATA","TC_ATA","CATAT","TC_CATAT","+",0.137931034482759,"M",0.33,-0.530863,1,1,0,-0.0489096004809464,0.698014629049112,1,0.698014629049112,0.698014629049112,0.311124355008419,1.28443118579309,"clonal"]
["G09209","LRRC4","nonsense","chr7",127669616,"G","A","p.R360*",0.198,101,20,"unknown",0,"chr7:g.127669616G>A","predicted passenger",140,"FALSE","SNV","NA","NA","NA","CT","TCG","CT_TCG","CTCGA","CT_CTCGA","-",0.198019801980198,"M",0.33,-0.5755,1,1,0,-0.471071534193172,1.002100210021,1,1.002100210021,1,0.634365922059107,1.46313709086599,"clonal"]
["G09209","ADGRB1","missense","chr8",143623320,"C","T","p.A1242V",0.2273,44,10,"unknown",0,"chr8:g.143623320C>T","predicted passenger",25,"FALSE","SNV","+","BAI1","nt","CT","GCG","CT_GCG","CGCGG","CT_CGCGG","+",0.227272727272727,"M",0.33,0.411532,3,3,0,0.815575428862573,1.60468319559229,2,0.802341597796143,0.802341597796143,0.405044071934739,1.33601828458736,"clonal"]
["G09209","KLLN","missense","chr10",89622237,"C","A","p.R3L",0.1053,19,2,"unknown",0,"chr10:g.89622237C>A","predicted passenger",12,"FALSE","SNV","-","KLLN","ts","CA","GCG","CA_GCG","GGCGA","CA_GGCGA","+",0.105263157894737,"M",0.33,-0.573698,1,1,0,0.662965012722429,0.532695374800638,1,0.532695374800638,0.532695374800638,0.0658494378814193,1.67696675649333,"clonal"]
["G09209","FLRT1","missense","chr11",63884820,"G","A","p.E361K",0.1515,33,5,"unknown",0,"chr11:g.63884820G>A","predicted passenger",16,"FALSE","SNV","NA","NA","NA","CT","TCA","CT_TCA","CTCAG","CT_CTCAG","-",0.151515151515152,"M",0.33,0.208891,3,3,0,1.04439411935845,1.06978879706152,1,1.06978879706152,1,0.360717180302028,2.25226145431914,"clonal"]
["G09209","KDM5A","missense","chr12",401962,"C","T","p.C1610Y",0.1397,136,19,"unknown",1,"chr12:g.401962C>T","predicted passenger",144,"TRUE","SNV","-","KDM5A","ts","CT","GCA","CT_GCA","CGCAC","CT_CGCAC","+",0.139705882352941,"M",0.33,0.283883,3,3,0,-0.082462160191973,0.986408199643494,1,0.986408199643494,0.986408199643494,0.609019499695495,1.47949309365154,"clonal"]
["G09209","SELPLG","missense","chr12",109025656,"G","C","p.L8V",0.1848,92,17,"unknown",0,"chr12:g.109025656G>C","predicted passenger",110,"FALSE","SNV","NA","NA","NA","CG","TCT","CG_TCT","GTCTA","CG_GTCTA","-",0.184782608695652,"M",0.33,0.186273,2,2,0,-0.257797757467647,1.11989459815547,1,1.11989459815547,1,0.675682826469778,1.69264994811712,"clonal"]
["G09209","MMP2","missense","chr16",55523652,"G","A","p.A366T",0.1591,132,21,"unknown",0,"chr16:g.55523652G>A","predicted passenger",150,"FALSE","SNV","+","MMP2","ts","CT","GCG","CT_GCG","GGCGC","CT_GGCGC","-",0.159090909090909,"M",0.33,-0.505196,1,1,0,-0.184424571137427,0.805096418732782,1,0.805096418732782,0.805096418732782,0.512436846432595,1.17835554601943,"clonal"]
["G09209","P4HB","missense","chr17",79813353,"C","A","p.E154D",0.1053,19,2,"unknown",0,"chr17:g.79813353C>A","predicted passenger",30,"FALSE","SNV","-","P4HB","ts","CA","CCT","CA_CCT","ACCTC","CA_ACCTC","+",0.105263157894737,"M",0.33,-0.31874,1,1,0,-0.658963082164933,0.532695374800638,1,0.532695374800638,0.532695374800638,0.0658494378814193,1.67696675649333,"clonal"]
["G09209","PLPPR2","missense","chr19",11473220,"G","A","p.G232D",0.1667,108,18,"unknown",0,"chr19:g.11473220G>A","predicted passenger",107,"FALSE","SNV","+","DKFZP761J1410","ts","CT","GCC","CT_GCC","AGCCC","CT_AGCCC","-",0.166666666666667,"M",0.33,-0.35708,1,1,0,0.0134205157623214,0.843434343434343,1,0.843434343434343,0.843434343434343,0.515540020798586,1.26796313178805,"clonal"]
["G09209","SYN1","missense","chrX",47478824,"C","T","p.G102S",0.2727,66,18,"unknown",0,"chrX:g.47478824C>T","predicted passenger",57,"FALSE","SNV","-","SYN1","ts","CT","CCG","CT_CCG","GCCGC","CT_GCCGC","+",0.272727272727273,"M",0.33,-0.241179,2,2,0,0.211504105193712,1.09917355371901,1,1.09917355371901,1,1.03228252230012,2.40216487420428,"clonal"]
["G09209","ARHGEF1","missense","chr19",42410713,"C","G","p.R881G",0.0741,54,4,"unknown",0,"chr19:g.42410713C>G","predicted passenger",33,"FALSE","SNV","+","ARHGEF1","nt","CG","ACG","CG_ACG","CACGG","CG_CACGG","+",0.0740740740740741,"M",0.33,0.775442,4,4,0,0.710493382805015,0.597081930415264,1,0.597081930415264,0.597081930415264,0.165653251554338,1.44231188358107,"clonal"]
["G09209","KSR1","missense","chr17",25909968,"A","C","p.T273P",0.3,52,12,"unknown",0,"chr17:g.25909968A>C","predicted passenger",32,"FALSE","SNV","+","KSR1","ts","TG","GTG","TG_GTG","GGTGG","TG_GGTGG","-",0.230769230769231,"M",0.33,-0.579365,1,1,0,0.700439718141092,1.16783216783217,1,1.16783216783217,1,0.634175453689208,1.86434129891625,"clonal"]
["G09210","DAAM2","missense","chr6",39851756,"G","A","p.V622I",0.0805,87,7,"known",0,"chr6:g.39851756G>A","predicted passenger",77,"FALSE","SNV","NA","NA","NA","CT","ACG","CT_ACG","TACGG","CT_TACGG","-",0.0804597701149425,"M",0.19,0.609786,3,3,0,0.176156955153827,0.927404718693285,1,0.927404718693285,0.927404718693285,0.379926874092789,1.83009119081004,"clonal"]
["G09210","UNC119","missense","chr17",26875098,"C","T","p.R119Q",0.0316,95,3,"known",0,"chr17:g.26875098C>T","predicted passenger",52,"FALSE","SNV","NA","NA","NA","CT","CCG","CT_CCG","CCCGC","CT_CCCGC","+",0.0315789473684211,"M",0.19,0.788801,4,4,0,0.869415890189856,0.395567867036011,0,0.395567867036011,0.395567867036011,0.0821762861335627,1.12138708004656,"clonal"]
["G09210","CNTN3","missense","chr3",74411186,"C","A","p.A407S",0.0513,39,2,"known",0,"chr3:g.74411186C>A","predicted passenger",51,"FALSE","SNV","-","CNTN3","ts","CA","GCA","CA_GCA","AGCAG","CA_AGCAG","+",0.0512820512820513,"M",0.19,-0.588439,1,1,0,-0.387023123109247,0.488529014844804,0,0.488529014844804,0.488529014844804,0.0597487868063139,1.6503844962433,"clonal"]
["G09210","GRHL2","missense","chr8",102676738,"C","A","p.S585R",0.0763,118,9,"known",0,"chr8:g.102676738C>A","predicted passenger",140,"FALSE","SNV","+","GRHL2","nt","CA","GCA","CA_GCA","AGCAA","CA_AGCAA","+",0.076271186440678,"M",0.19,0.362396,3,3,0,-0.246639967583125,0.879125780553078,1,0.879125780553078,0.879125780553078,0.408821745190111,1.61197154341674,"clonal"]
["G09210","CASZ1","missense","chr1",10699780,"C","G","p.S1500T",0.0444,45,2,"unknown",0,"chr1:g.10699780C>G","predicted passenger",35,"FALSE","SNV","NA","NA","NA","CG","GCT","CG_GCT","AGCTG","CG_AGCTG","+",0.0444444444444444,"M",0.19,-9.96578,0,0,0,0.362570079384708,0.378947368421053,0,0.378947368421053,0.378947368421053,0.0462850089179291,1.29167630733794,"clonal"]
["G09210","PAPPA2","missense","chr1",176680990,"C","T","p.P1224L",0.102,49,5,"unknown",0,"chr1:g.176680990C>T","predicted passenger",52,"FALSE","SNV","+","PAPPA2","nt","CT","CCA","CT_CCA","TCCAG","CT_TCCAG","+",0.102040816326531,"M",0.19,0.259595,3,3,0,-0.085729874025884,1.17615467239527,1,1.17615467239527,1,0.391568599551911,2.56203139399449,"clonal"]
["G09210","TLL1","missense","chr4",167012392,"A","T","p.K852M",0.0833,144,12,"unknown",0,"chr4:g.167012392A>T","predicted passenger",145,"FALSE","SNV","+","TLL1","ts","TA","CTT","TA_CTT","TCTTG","TA_TCTTG","-",0.0833333333333333,"M",0.19,-0.265001,1,1,0,-0.00998408857262213,0.793859649122807,1,0.793859649122807,0.793859649122807,0.417269663391502,1.3436100655655,"clonal"]
["G09210","C7orf69","missense","chr7",47857717,"C","A","p.P68T",0.1339,112,15,"unknown",0,"chr7:g.47857717C>A","predicted passenger",114,"FALSE","SNV","NA","NA","NA","CA","ACC","CA_ACC","CACCC","CA_CACCC","+",0.133928571428571,"M",0.19,0.236389,3,3,0,-0.0255350921071376,1.5437030075188,2,0.771851503759399,0.771851503759399,0.443409271087692,1.2175147633855,"clonal"]
["G09210","BRINP1","missense","chr9",122000968,"A","G","p.L217P",0.0588,51,3,"unknown",0,"chr9:g.122000968A>G","predicted passenger",62,"FALSE","SNV","-","BRINP1","nt","TC","CTT","TC_CTT","CCTTC","TC_CCTTC","-",0.0588235294117647,"M",0.19,-0.500284,1,1,0,-0.28177096841538,0.560371517027864,1,0.560371517027864,0.560371517027864,0.117164998642024,1.54728534058111,"clonal"]
["G09210","CD44","missense","chr11",35211416,"G","C","p.Q157H",0.0431,116,5,"unknown",0,"chr11:g.35211416G>C","predicted passenger",75,"FALSE","SNV","+","CD44","ts","CG","TCT","CG_TCT","TTCTG","CG_TTCTG","-",0.0431034482758621,"M",0.19,-0.426473,1,1,0,0.629162304631691,0.410617059891107,0,0.410617059891107,0.410617059891107,0.13471693437063,0.93095759748463,"subclonal"]
["G09210","AKT1","missense","chr14",105243078,"G","A","p.R69W",0.0923,65,6,"unknown",1,"chr14:g.105243078G>A","predicted driver: tier 1",62,"TRUE","SNV","-","AKT1","nt","CT","CCG","CT_CCG","CCCGG","CT_CCCGG","-",0.0923076923076923,"M",0.19,-0.300335,1,1,0,0.0681715026415792,0.879352226720648,1,0.879352226720648,0.879352226720648,0.329931107934321,1.81157983674855,"clonal"]
["G09210","MYO15A","missense","chr17",18024116,"C","T","p.R668W",0.1429,21,3,"unknown",0,"chr17:g.18024116C>T","predicted passenger",26,"FALSE","SNV","+","MYO15A","nt","CT","GCG","CT_GCG","CGCGG","CT_CGCGG","+",0.142857142857143,"M",0.19,-0.367933,1,1,0,-0.308122295362332,1.3609022556391,1,1.3609022556391,1,0.290447533657596,3.46209166579334,"clonal"]
["G09210","PRR5","missense","chr22",45098380,"T","C","p.F32S",0.1452,62,9,"unknown",0,"chr22:g.45098380T>C","predicted passenger",70,"FALSE","SNV","NA","NA","NA","TC","TTC","TC_TTC","GTTCA","TC_GTTCA","+",0.145161290322581,"M",0.19,0.335249,3,3,0,-0.175086706558091,1.67317487266554,2,0.836587436332768,0.836587436332768,0.395287004329947,1.48549349836005,"clonal"]
["G09210","RBM5","missense","chr3",50143092,"C","G","p.Q269E",0.25,96,24,"unknown",0,"chr3:g.50143092C>G","predicted passenger",111,"FALSE","SNV","+","RBM5","nt","CG","ACA","CG_ACA","AACAG","CG_AACAG","+",0.25,"M",0.19,-0.173756,2,2,0,-0.20945336562895,2.63157894736842,3,0.87719298245614,0.87719298245614,0.586707592837844,1.22375933781302,"clonal"]
["G09210","UNC79","missense","chr14",94048618,"G","A","p.E734K",0.1215,107,13,"unknown",0,"chr14:g.94048618G>A","predicted passenger",73,"FALSE","SNV","+","UNC79","ts","CT","TCC","CT_TCC","CTCCC","CT_CTCCC","-",0.121495327102804,"M",0.19,-0.300335,1,1,0,0.55164242752113,1.15740285292671,1,1.15740285292671,1,0.63163486690066,1.89380421028893,"clonal"]
["G09210","GABPB1","missense","chr15",50593562,"C","A","p.A159S",0.0465116279069767,45,2,"unknown",0,"chr15:g.50593562C>A","predicted passenger",17,"FALSE","SNV","-","GABPB1","ts","CA","GCA","CA_GCA","AGCAA","CA_AGCAA","+",0.0444444444444444,"M",0.19,-0.345525,1,1,0,1.40439025507934,0.423391812865497,0,0.423391812865497,0.423391812865497,0.0517134976181801,1.44316920758128,"clonal"]
["G09211","ANKRD36C","missense","chr2",96517893,"T","C","p.M1734V",0.0979,194,19,"known",0,"chr2:g.96517893T>C","predicted passenger",163,"FALSE","SNV","-","ANKRD36C","ts","TC","ATC","TC_ATC","CATCT","TC_CATCT","+",0.0979381443298969,"M",0.27,0.0495898,2,2,0,0.25118468795605,0.725467735777014,1,0.725467735777014,0.725467735777014,0.444451330108112,1.10158767628414,"clonal"]
["G09211","POM121L2","missense","chr6",27277662,"G","T","p.P763H",0.0899,189,17,"known",0,"chr6:g.27277662G>T","predicted passenger",139,"FALSE","SNV","-","POM121L2","nt","CA","CCT","CA_CCT","ACCTT","CA_ACCTT","-",0.0899470899470899,"M",0.27,0.852576,4,4,0,0.443301351497565,0.846168920242994,1,0.846168920242994,0.846168920242994,0.501160819034523,1.31804601274319,"clonal"]
["G09211","NOS1","missense","chr12",117685269,"C","T","p.A937T",0.2074,135,28,"known",0,"chr12:g.117685269C>T","predicted passenger",87,"FALSE","SNV","-","NOS1","ts","CT","GCG","CT_GCG","AGCGT","CT_AGCGT","+",0.207407407407407,"M",0.27,0.88609,4,4,0,0.633872101202103,1.95116598079561,2,0.975582990397805,0.975582990397805,0.670114116860898,1.34347379678612,"clonal"]
["G09211","DIDO1","missense","chr20",61511162,"G","A","p.A2049V",0.075,80,6,"known",0,"chr20:g.61511162G>A","predicted passenger",26,"FALSE","SNV","-","DIDO1","nt","CT","GCG","CT_GCG","CGCGC","CT_CGCGC","-",0.075,"M",0.27,0.940046,4,4,0,1.62148837674627,0.705555555555555,1,0.705555555555555,0.705555555555555,0.263600693663618,1.46875906151712,"clonal"]
["G09211","APBB2","missense","chr4",41015617,"C","A","p.S273I",0.0645,31,2,"known",0,"chr4:g.41015617C>A","predicted passenger",12,"FALSE","SNV","-","APBB2","ts","CA","GCT","CA_GCT","AGCTG","CA_AGCTG","+",0.0645161290322581,"M",0.27,0.119412,2,2,0,1.36923380966572,0.4778972520908,0,0.4778972520908,0.4778972520908,0.05859987749522,1.58678634935854,"clonal"]
["G09211","MST1L","missense","chr1",17085995,"G","C","p.A301G",0.247422680412371,121,24,"unknown",0,"chr1:g.17085995G>C","predicted passenger",89,"FALSE","SNV","NA","NA","NA","CG","GCG","CG_GCG","GGCGG","CG_GGCGG","-",0.198347107438017,"M",0.27,-0.204389,2,2,0,0.443129806308197,1.4692378328742,1,1.4692378328742,1,0.973429616710767,2.07849014702516,"clonal"]
["G09211","PAPOLG","missense","chr2",61014687,"G","A","p.R443Q",0.1343,134,18,"unknown",0,"chr2:g.61014687G>A","predicted passenger",91,"FALSE","SNV","+","PAPOLG","ts","CT","CCG","CT_CCG","TCCGA","CT_TCCGA","-",0.134328358208955,"M",0.27,0.258813,3,3,0,0.558294550259076,1.12935323383085,1,1.12935323383085,1,0.68600556416557,1.71482543198766,"clonal"]
["G09211","LRWD1","missense","chr7",102107897,"G","A","p.E182K",0.099,101,10,"unknown",0,"chr7:g.102107897G>A","predicted passenger",75,"FALSE","SNV","+","LRWD1","ts","CT","TCG","CT_TCG","CTCGG","CT_CTCGG","-",0.099009900990099,"M",0.27,-0.0516832,2,2,0,0.429392792255914,0.733406674000733,1,0.733406674000733,0.733406674000733,0.35932411941042,1.29298389686755,"clonal"]
["G09211","COL22A1","missense","chr8",139629192,"C","T","p.G1279R",0.1264,174,22,"unknown",0,"chr8:g.139629192C>T","predicted passenger",143,"FALSE","SNV","-","COL22A1","ts","CT","CCC","CT_CCC","TCCCT","CT_TCCCT","+",0.126436781609195,"M",0.27,0.607717,3,3,0,0.283072159070339,1.0630055342699,1,1.0630055342699,1,0.680679377126878,1.55662699015033,"clonal"]
["G09211","LRRC55","missense","chr11",56949630,"G","A","p.R88H",0.0917,120,11,"unknown",0,"chr11:g.56949630G>A","predicted passenger",80,"FALSE","SNV","+","LRRC55","ts","CT","ACG","CT_ACG","TACGG","CT_TACGG","-",0.0916666666666667,"M",0.27,0.162511,2,2,0,0.584962500721156,0.679012345679012,1,0.679012345679012,0.679012345679012,0.345572367816656,1.17110030515432,"clonal"]
["G09211","KMT2D","missense","chr12",49422876,"A","G","p.V4740A",0.1224,49,6,"unknown",1,"chr12:g.49422876A>G","predicted passenger",20,"FALSE","SNV","-","KMT2D","nt","TC","GTC","TC_GTC","TGTCA","TC_TGTCA","-",0.122448979591837,"M",0.27,0.283059,3,3,0,1.29278174922785,1.02947845804989,1,1.02947845804989,1,0.389170742799642,2.08245569694993,"clonal"]
["G09211","GLYR1","missense","chr16",4882848,"T","C","p.N74S",0.0686,102,7,"unknown",0,"chr16:g.4882848T>C","predicted passenger",95,"FALSE","SNV","-","GLYR1","ts","TC","GTT","TC_GTT","TGTTA","TC_TGTTA","+",0.0686274509803922,"M",0.27,-0.583691,1,1,0,0.102569733640548,0.439724037763253,0,0.439724037763253,0.439724037763253,0.179633362216513,0.873310389343135,"subclonal"]
["G09211","ZNF714","missense","chr19",21300107,"T","A","p.S213T",0.1124,89,10,"unknown",0,"chr19:g.21300107T>A","predicted passenger",49,"FALSE","SNV","+","ZNF714","nt","TA","CTC","TA_CTC","CCTCA","TA_CCTCA","+",0.112359550561798,"M",0.27,-0.485643,1,1,0,0.86102358685119,0.71993341656263,1,0.71993341656263,0.71993341656263,0.353781520776316,1.2618800298456,"clonal"]
["G09211","TTC28","missense","chr22",28378457,"G","A","p.R2400W",0.1917,193,37,"unknown",0,"chr22:g.28378457G>A","predicted passenger",134,"FALSE","SNV","NA","NA","NA","CT","ACG","CT_ACG","CACGG","CT_CACGG","-",0.191709844559585,"M",0.27,0.344936,3,3,0,0.526367846810308,1.61178276722318,2,0.805891383611591,0.805891383611591,0.583135571316345,1.06954046811493,"clonal"]
["G09211","KRTAP5-4","missense","chr11",1643061,"T","C","p.K88R",0.119047619047619,47,5,"unknown",0,"chr11:g.1643061T>C","predicted passenger",30,"FALSE","SNV","-","KRTAP5-4","ts","TC","CTT","TC_CTT","CCTTG","TC_CCTTG","+",0.106382978723404,"M",0.27,-0.395372,1,1,0,0.647698256069119,0.681639085894405,1,0.681639085894405,0.681639085894405,0.227182964431418,1.48041627510815,"clonal"]
["G09211","GPAA1","missense","chr8",145138886,"C","T","p.H187Y",0.0565,177,10,"unknown",0,"chr8:g.145138886C>T","predicted passenger",120,"FALSE","SNV","+","GPAA1","nt","CT","ACA","CT_ACA","AACAT","CT_AACAT","+",0.0564971751412429,"M",0.27,0.607717,3,3,0,0.560714954474479,0.474994768780079,0,0.474994768780079,0.474994768780079,0.230547023071626,0.852882719180544,"subclonal"]
["G09211","DYNC1H1","missense","chr14",102516495,"G","A","p.R4591H",0.0846,201,17,"unknown",0,"chr14:g.102516495G>A","predicted passenger",181,"FALSE","SNV","NA","NA","NA","CT","GCG","CT_GCG","AGCGC","CT_AGCGC","-",0.0845771144278607,"M",0.27,-0.0868495,2,2,0,0.151205804095723,0.626497143910079,1,0.626497143910079,0.626497143910079,0.370679226975573,0.977501996366807,"clonal"]
["G09211","WDR44","missense","chrX",117527169,"C","A","p.A254D",0.1,20,2,"unknown",0,"chrX:g.117527169C>A","predicted passenger",18,"FALSE","SNV","+","WDR44","nt","CA","GCT","CA_GCT","TGCTC","CA_TGCTC","+",0.1,"M",0.27,-0.0634572,2,2,0,0.15200309344505,0.47037037037037,0,0.47037037037037,0.47037037037037,0.0914705716318134,2.34802010384505,"clonal"]
["G09211","SF3A2","missense","chr19",2246929,"A","T","p.M152L",0.0755,53,4,"unknown",0,"chr19:g.2246929A>T","predicted passenger",19,"FALSE","SNV","+","SF3A2","ts","TA","ATG","TA_ATG","CATGA","TA_CATGA","-",0.0754716981132075,"M",0.27,-0.525047,1,1,0,1.47999294111961,0.483577917540182,0,0.483577917540182,0.483577917540182,0.134209756998325,1.16683909979929,"clonal"]
["G09212","CTDSP2","missense","chr12",58223308,"G","A","p.R46C",0.1083,120,13,"known",0,"chr12:g.58223308G>A","predicted passenger",119,"FALSE","SNV","-","CTDSP2","nt","CT","TCG","CT_TCG","TTCGC","CT_TTCGC","-",0.108333333333333,"M",0.84,0.0134817,2,2,0,0.012072832300575,0.257936507936508,0,0.257936507936508,0.257936507936508,0.14037691959306,0.424112948545102,"subclonal"]
["G09212","UNC119","missense","chr17",26875098,"C","T","p.R119Q",0.0426,94,4,"known",0,"chr17:g.26875098C>T","predicted passenger",52,"FALSE","SNV","NA","NA","NA","CT","CCG","CT_CCG","CCCGC","CT_CCCGC","+",0.0425531914893617,"M",0.84,0.349947,3,3,0,0.854149133536545,0.14387031408308,0,0.14387031408308,0.14387031408308,0.0396052358698767,0.356287797321793,"subclonal"]
["G09212","GRHL2","missense","chr8",102676738,"C","A","p.S585R",0.0529801324503311,159,8,"known",0,"chr8:g.102676738C>A","predicted passenger",140,"FALSE","SNV","+","GRHL2","nt","CA","GCA","CA_GCA","AGCAA","CA_AGCAA","+",0.050314465408805,"M",0.84,-0.0446875,2,2,0,0.183599938339389,0.119796346211441,0,0.119796346211441,0.119796346211441,0.0523084581699333,0.230310816034015,"subclonal"]
["G09212","CASZ1","missense","chr1",10699780,"C","G","p.S1500T",0.1053,57,6,"unknown",0,"chr1:g.10699780C>G","predicted passenger",35,"FALSE","SNV","NA","NA","NA","CG","GCT","CG_GCT","AGCTG","CG_AGCTG","+",0.105263157894737,"M",0.84,-0.294577,1,1,0,0.703606997219775,0.145363408521303,0,0.145363408521303,0.145363408521303,0.0547154542691592,0.297130692345762,"subclonal"]
["G09212","CCT7","missense","chr2",73478487,"C","G","p.P446R",0.0899,178,16,"unknown",0,"chr2:g.73478487C>G","predicted passenger",139,"FALSE","SNV","+","CCT7","nt","CG","CCA","CG_CCA","CCCAC","CG_CCCAC","+",0.0898876404494382,"M",0.84,-0.0224864,2,2,0,0.35679235824289,0.214018191546281,0,0.214018191546281,0.214018191546281,0.124414387932559,0.33777922485586,"subclonal"]
["G09212","TLL1","missense","chr4",167012392,"A","T","p.K852M",0.071,183,13,"unknown",0,"chr4:g.167012392A>T","predicted passenger",145,"FALSE","SNV","+","TLL1","ts","TA","CTT","TA_CTT","TCTTG","TA_TCTTG","-",0.0710382513661202,"M",0.84,-0.0888815,2,2,0,0.335790748269108,0.169138693728858,0,0.169138693728858,0.169138693728858,0.091344836433307,0.281938416877718,"subclonal"]
["G09212","ENY2","missense","chr8",110348414,"G","A","p.E22K",0.033,91,3,"unknown",0,"chr8:g.110348414G>A","predicted passenger",101,"FALSE","SNV","+","ENY2","ts","CT","TCT","CT_TCT","TTCTA","CT_TTCTA","-",0.032967032967033,"M",0.84,-0.0446875,2,2,0,-0.150416842553098,0.0784929356357928,0,0.0784929356357928,0.0784929356357928,0.0163116340735206,0.222220066680104,"subclonal"]
["G09212","DOCK1","missense","chr10",129046313,"G","A","p.M942I",0.115,113,13,"unknown",0,"chr10:g.129046313G>A","predicted passenger",90,"FALSE","SNV","+","DOCK1","ts","CT","CCA","CT_CCA","TCCAT","CT_TCCAT","-",0.115044247787611,"M",0.84,0.00261221,2,2,0,0.328325866085513,0.273914875684787,0,0.273914875684787,0.273914875684787,0.149282322903857,0.449268258289748,"subclonal"]
["G09212","OR8U1","missense","chr11",56143694,"A","G","p.I199V",0.0424,165,7,"unknown",0,"chr11:g.56143694A>G","predicted passenger",97,"FALSE","SNV","+","OR8U1","ts","TC","ATC","TC_ATC","GATCC","TC_GATCC","-",0.0424242424242424,"M",0.84,0.0611982,2,2,0,0.766409372058688,0.101010101010101,0,0.101010101010101,0.101010101010101,0.0410103259796755,0.203462733480504,"subclonal"]
["G09212","SELPLG","missense","chr12",109025656,"G","C","p.L8V",0.1735,98,17,"unknown",0,"chr12:g.109025656G>C","predicted passenger",110,"FALSE","SNV","NA","NA","NA","CG","TCT","CG_TCT","GTCTA","CG_GTCTA","-",0.173469387755102,"M",0.84,0.103024,2,2,0,-0.166649869409451,0.413022351797862,0,0.413022351797862,0.413022351797862,0.248629344670814,0.626546881003217,"subclonal"]
["G09212","ADGRG3","nonsense","chr16",57712130,"C","T","p.R132*",0.0722,97,7,"unknown",0,"chr16:g.57712130C>T","predicted passenger",100,"FALSE","SNV","+","GPR97","nt","CT","GCG","CT_GCG","TGCGA","CT_TGCGA","+",0.0721649484536082,"M",0.84,-0.0893719,2,2,0,-0.0439433475875971,0.171821305841924,0,0.171821305841924,0.171821305841924,0.0702503939460944,0.340591561352545,"subclonal"]
["G09212","PHOSPHO1","missense","chr17",47302273,"C","T","p.V72M",0.0667,75,5,"unknown",0,"chr17:g.47302273C>T","predicted passenger",39,"FALSE","SNV","-","PHOSPHO1","ts","CT","ACG","CT_ACG","CACGA","CT_CACGA","+",0.0666666666666667,"M",0.84,0.502807,3,3,0,0.943416471633633,0.225396825396825,0,0.225396825396825,0.225396825396825,0.0743784250169279,0.502952096200121,"subclonal"]
["G09212","BRWD3","missense","chrX",79943594,"C","T","p.G1280S",0.1275,102,13,"unknown",0,"chrX:g.79943594C>T","predicted passenger",74,"FALSE","SNV","-","BRWD3","ts","CT","CCG","CT_CCG","ACCGT","CT_ACCGT","+",0.127450980392157,"M",0.84,-0.677949,1,1,0,0.462971976342546,0.151727357609711,0,0.151727357609711,0.151727357609711,0.0961721248056967,0.287349364190989,"subclonal"]
["G09212","SNED1","missense","chr2",241991871,"G","A","p.R690H",0.1273,55,7,"unknown",0,"chr2:g.241991871G>A","predicted passenger",31,"FALSE","SNV","NA","NA","NA","CT","GCG","CT_GCG","GGCGT","CT_GGCGT","-",0.127272727272727,"M",0.84,0.051132,2,2,0,0.827163403137784,0.303030303030303,0,0.303030303030303,0.303030303030303,0.125559959437451,0.582863619814345,"subclonal"]
["G09212","INO80D","missense","chr2",206882418,"G","T","p.H510N",0.1111,45,5,"unknown",0,"chr2:g.206882418G>T","predicted passenger",37,"FALSE","SNV","-","INO80D","nt","CA","ACA","CA_ACA","AACAT","CA_AACAT","-",0.111111111111111,"M",0.84,0.111162,2,2,0,0.282399730700725,0.264550264550265,0,0.264550264550265,0.264550264550265,0.0882777650171224,0.5727043059417,"subclonal"]
["G09212","OSGIN1","missense","chr16",83998970,"C","A","p.F264L",0.1,20,2,"unknown",0,"chr16:g.83998970C>A","predicted passenger",15,"FALSE","SNV","+","OSGIN1","nt","CA","TCA","CA_TCA","TTCAT","CA_TTCAT","+",0.1,"M",0.84,-0.210473,2,1,1,0.415037499278844,0.238095238095238,0,0.238095238095238,0.238095238095238,0.0294012551673686,0.754720747664482,"subclonal"]
["G13370","CMTR1","missense","chr6",37441312,"C","T","p.R586C",0.0377,106,4,"known",0,"chr6:g.37441312C>T","predicted passenger",79,"FALSE","SNV","+","CMTR1","nt","CT","CCG","CT_CCG","TCCGC","CT_TCCGC","+",0.0377358490566038,"M",0.22,0.474114,3,3,0,0.424139706386096,0.380789022298456,0,0.380789022298456,0.380789022298456,0.104701823280852,0.946584173034256,"subclonal"]
["G13370","RBM20","missense","chr10",112541599,"C","T","p.P411L",0.0775,142,11,"known",0,"chr10:g.112541599C>T","predicted passenger",126,"FALSE","SNV","+","RBM20","nt","CT","CCG","CT_CCG","GCCGC","CT_GCCGC","+",0.0774647887323944,"M",0.22,0.138912,2,2,0,0.172467196004766,0.704225352112676,1,0.704225352112676,0.704225352112676,0.35730717514382,1.22161721907096,"clonal"]
["G13370","SALL3","missense","chr18",76753496,"C","T","p.S502L",0.1143,35,4,"known",0,"chr18:g.76753496C>T","predicted passenger",35,"FALSE","SNV","+","SALL3","nt","CT","TCG","CT_TCG","GTCGC","CT_GTCGC","+",0.114285714285714,"M",0.22,-3.56357,0,0,0,0,0.81038961038961,1,0.81038961038961,0.81038961038961,0.227130107660877,1.89595340091828,"clonal"]
["G13370","DIDO1","missense","chr20",61511162,"G","A","p.A2049V",0.0313,64,2,"known",0,"chr20:g.61511162G>A","predicted passenger",26,"FALSE","SNV","-","DIDO1","nt","CT","GCG","CT_GCG","CGCGC","CT_CGCGC","-",0.03125,"M",0.22,1.20536,5,5,0,1.29956028185891,0.377840909090909,0,0.377840909090909,0.377840909090909,0.0460322839808205,1.31029813235098,"clonal"]
["G13370","MST1L","missense","chr1",17085995,"G","C","p.A301G",0.117647058823529,116,12,"unknown",0,"chr1:g.17085995G>C","predicted passenger",89,"FALSE","SNV","NA","NA","NA","CG","GCG","CG_GCG","GGCGG","CG_GGCGG","-",0.103448275862069,"M",0.22,-1.65749,0,0,0,0.382247564161174,0.733542319749216,1,0.733542319749216,0.733542319749216,0.387211504063652,1.23191618346573,"clonal"]
["G13370","TSNAX","missense","chr1",231700312,"G","T","p.W178C",0.1351,37,5,"unknown",0,"chr1:g.231700312G>T","predicted passenger",33,"FALSE","SNV","NA","NA","NA","CA","TCC","CA_TCC","CTCCA","CA_CTCCA","-",0.135135135135135,"M",0.22,0.095614,2,2,0,0.165059246270496,1.22850122850123,1,1.22850122850123,1,0.412472657654491,2.61588906645975,"clonal"]
["G13370","RREB1","missense","chr6",7230509,"C","A","p.T726N",0.0556,36,2,"unknown",0,"chr6:g.7230509C>A","predicted passenger",13,"FALSE","SNV","+","RREB1","nt","CA","ACC","CA_ACC","CACCC","CA_CACCC","+",0.0555555555555556,"M",0.22,0.752756,4,4,0,1.46948528330122,0.616161616161616,1,0.616161616161616,0.616161616161616,0.0754215163446167,2.06997074434742,"clonal"]
["G13370","ENY2","missense","chr8",110348414,"G","A","p.E22K",0.0896,134,12,"unknown",0,"chr8:g.110348414G>A","predicted passenger",101,"FALSE","SNV","+","ENY2","ts","CT","TCT","CT_TCT","TTCTA","CT_TTCTA","-",0.0895522388059701,"M",0.22,-0.397493,1,1,0,0.407877707705978,0.724559023066486,1,0.724559023066486,0.724559023066486,0.381343435699155,1.22338477377758,"clonal"]
["G13370","COL22A1","missense","chr8",139629192,"C","T","p.G1279R",0.0349,172,6,"unknown",0,"chr8:g.139629192C>T","predicted passenger",143,"FALSE","SNV","-","COL22A1","ts","CT","CCC","CT_CCC","TCCCT","CT_TCCCT","+",0.0348837209302326,"M",0.22,0.253825,3,3,0,0.266393417923708,0.352008456659619,0,0.352008456659619,0.352008456659619,0.130247093192596,0.750540777033495,"subclonal"]
["G13370","CD44","missense","chr11",35211416,"G","C","p.Q157H",0.0455,132,6,"unknown",0,"chr11:g.35211416G>C","predicted passenger",75,"FALSE","SNV","+","CD44","ts","CG","TCT","CG_TCT","TTCTG","CG_TTCTG","-",0.0454545454545455,"M",0.22,0.0233828,2,2,0,0.815575428862573,0.413223140495868,0,0.413223140495868,0.413223140495868,0.153283816392974,0.875540360076002,"subclonal"]
["G13370","SLITRK1","missense","chr13",84453978,"G","T","p.D555E",0.0461,152,7,"unknown",0,"chr13:g.84453978G>T","predicted passenger",151,"FALSE","SNV","-","SLITRK1","nt","CA","ACC","CA_ACC","GACCT","CA_GACCT","-",0.0460526315789474,"M",0.22,-0.615474,1,1,0,0.00952277411850664,0.372607655502392,0,0.372607655502392,0.372607655502392,0.151407879424016,0.749075632879454,"subclonal"]
["G13370","UBALD1","missense","chr16",4659903,"C","T","p.E89K",0.2571,35,9,"unknown",0,"chr16:g.4659903C>T","predicted passenger",19,"FALSE","SNV","-","UBALD1","ts","CT","TCG","CT_TCG","CTCGG","CT_CTCGG","+",0.257142857142857,"M",0.22,-0.13607,2,2,0,0.881355503501381,2.33766233766234,2,1.16883116883117,1,0.567699872348918,1.96617658951836,"clonal"]
["G13370","PHOSPHO1","missense","chr17",47302273,"C","T","p.V72M",0.0725,69,5,"unknown",0,"chr17:g.47302273C>T","predicted passenger",39,"FALSE","SNV","-","PHOSPHO1","ts","CT","ACG","CT_ACG","CACGA","CT_CACGA","+",0.072463768115942,"M",0.22,1.28698,5,5,0,0.823122237915921,0.876152832674572,1,0.876152832674572,0.876152832674572,0.289536417167064,1.94738285967186,"clonal"]
["G13370","LRP1B","missense","chr2",141526793,"T","A","p.D1916V",0.0313,224,7,"unknown",1,"chr2:g.141526793T>A","predicted passenger",140,"TRUE","SNV","-","LRP1B","ts","TA","ATC","TA_ATC","AATCT","TA_AATCT","+",0.03125,"M",0.22,-0.0927895,2,2,0,0.678071905112638,0.284090909090909,0,0.284090909090909,0.284090909090909,0.115042069684398,0.575675369023718,"subclonal"]
["G13370","A1BG","missense","chr19",58862970,"C","T","p.V233M",0.0744186046511628,231,16,"unknown",0,"chr19:g.58862970C>T","predicted passenger",157,"FALSE","SNV","NA","NA","NA","CT","ACG","CT_ACG","CACGC","CT_CACGC","+",0.0692640692640693,"M",0.22,0.690698,3,3,0,0.55712829252443,0.698937426210154,1,0.698937426210154,0.698937426210154,0.40470516759965,1.11045476256689,"clonal"]
["G13370","ARHGEF1","missense","chr19",42410713,"C","G","p.R881G",0.0286,70,2,"unknown",0,"chr19:g.42410713C>G","predicted passenger",33,"FALSE","SNV","+","ARHGEF1","nt","CG","ACG","CG_ACG","CACGG","CG_CACGG","+",0.0285714285714286,"M",0.22,0.748045,4,4,0,1.08488889758651,0.316883116883117,0,0.316883116883117,0.316883116883117,0.0385859056970129,1.1027572246586,"clonal"]
["G13389","PPIP5K2","missense","chr5",102489599,"C","A","p.T393K",0.058,138,8,"known",0,"chr5:g.102489599C>A","predicted passenger",141,"FALSE","SNV","+","PPIP5K2","nt","CA","ACA","CA_ACA","AACAC","CA_AACAC","+",0.0579710144927536,"M",0.3,0.054154,2,2,0,-0.0310268956206245,0.386473429951691,0,0.386473429951691,0.386473429951691,0.169047829228385,0.740201511249445,"subclonal"]
["G13389","BCAS1","missense","chr20",52645304,"C","A","p.G117V",0.3084,308,95,"known",0,"chr20:g.52645304C>A","predicted passenger",150,"FALSE","SNV","-","BCAS1","ts","CA","TCC","CA_TCC","ATCCA","CA_ATCCA","+",0.308441558441558,"M",0.3,2.44268,11,11,0,1.03796785019902,4.83225108225108,5,0.966450216450216,0.966450216450216,0.806215938330231,1.13837213895584,"clonal"]
["G13389","UVRAG","missense","chr11",75852040,"C","A","p.N561K",0.0231481481481481,221,5,"known",0,"chr11:g.75852040C>A","predicted passenger",212,"FALSE","SNV","+","UVRAG","nt","CA","ACA","CA_ACA","AACAA","CA_AACAA","+",0.0226244343891403,"M",0.3,0.0468867,2,2,0,0.0599821048282325,0.150829562594268,0,0.150829562594268,0.150829562594268,0.0492397664549814,0.346701752618068,"subclonal"]
["G13389","RAP1GAP","missense","chr1",21935347,"A","T","p.L449Q",0.0442,113,5,"unknown",0,"chr1:g.21935347A>T","predicted passenger",110,"FALSE","SNV","-","RAP1GAP","nt","TA","CTG","TA_CTG","ACTGG","TA_ACTGG","-",0.0442477876106195,"M",0.3,-0.297714,1,1,0,0.0388192488905282,0.250737463126844,0,0.250737463126844,0.250737463126844,0.0822859487033873,0.568037876158312,"subclonal"]
["G13389","RUSC2","missense","chr9",35560779,"C","A","p.P1381H",0.1429,14,2,"unknown",0,"chr9:g.35560779C>A","predicted passenger",18,"FALSE","SNV","+","RUSC2","nt","CA","CCT","CA_CCT","ACCTG","CA_ACCTG","+",0.142857142857143,"M",0.3,-0.119217,2,2,0,-0.362570079384708,0.952380952380952,1,0.952380952380952,0.952380952380952,0.118630103221277,2.85419440606466,"clonal"]
["G13389","ATRN","missense","chr20",3564545,"C","T","p.A922V",0.1176,17,2,"unknown",0,"chr20:g.3564545C>T","predicted passenger",18,"FALSE","SNV","+","ATRN","nt","CT","GCA","CT_GCA","AGCAA","CT_AGCAA","+",0.117647058823529,"M",0.3,0.093681,2,2,0,-0.082462160191973,0.784313725490196,1,0.784313725490196,0.784313725490196,0.0971954456020167,2.42939441400834,"clonal"]
["G13389","UPF3B","missense","chrX",118977178,"C","T","p.E186K",0.0619,97,6,"unknown",0,"chrX:g.118977178C>T","predicted driver: tier 1",75,"TRUE","SNV","-","UPF3B","ts","CT","TCT","CT_TCT","TTCTA","CT_TTCTA","+",0.0618556701030928,"M",0.3,-0.456627,1,1,0,0.371094151691247,0.206185567010309,0,0.206185567010309,0.206185567010309,0.130537317933871,0.735440745660071,"subclonal"]
["G13389","PPP2R3A","missense","chr3",135863979,"G","A","p.G1142R",0.0331,121,4,"unknown",0,"chr3:g.135863979G>A","predicted passenger",132,"FALSE","SNV","+","PPP2R3A","ts","CT","CCA","CT_CCA","TCCAC","CT_TCCAC","-",0.0330578512396694,"M",0.3,-0.063004,2,2,0,-0.125530882083859,0.220385674931129,0,0.220385674931129,0.220385674931129,0.0605282076399713,0.549862541114207,"subclonal"]
["G13389","XPO6","missense","chr16",28167699,"T","C","p.S265G",0.013986013986014,145,2,"unknown",0,"chr16:g.28167699T>C","predicted passenger",137,"FALSE","SNV","-","XPO6","ts","TC","CTG","TC_CTG","GCTGG","TC_GCTGG","+",0.0137931034482759,"M",0.3,-0.117536,2,2,0,0.0818770070544077,0.0919540229885057,0,0.0919540229885057,0.0919540229885057,0.0111653039042936,0.326238632692938,"subclonal"]
["G13389","NME8","missense","chr7",37889877,"C","A","p.S3R",0.0531400966183575,218,11,"unknown",0,"chr7:g.37889877C>A","predicted passenger",204,"FALSE","SNV","NA","NA","NA","CA","GCA","CA_GCA","AGCAA","CA_AGCAA","+",0.0504587155963303,"M",0.3,0.0249753,2,2,0,0.0957589828054307,0.336391437308869,0,0.336391437308869,0.336391437308869,0.169697755940383,0.589929595622209,"subclonal"]
["G13390","TCHH","missense","chr1",152082320,"T","C","p.R1125G",0.0482,353,17,"known",0,"chr1:g.152082320T>C","predicted passenger",489,"FALSE","SNV","-","TCHH","ts","TC","CTC","TC_CTC","TCTCA","TC_TCTCA","+",0.0481586402266289,"M",0.18,0.46445,3,3,0,-0.470166281681054,0.583254642744728,1,0.583254642744728,0.583254642744728,0.3427566575146,0.920307157191512,"subclonal"]
["G13390","CARMIL2","missense","chr16",67688555,"C","A","p.P1181H",0.1333,15,2,"known",0,"chr16:g.67688555C>A","predicted passenger",28,"FALSE","SNV","+","RLTPR","nt","CA","CCT","CA_CCT","GCCTG","CA_GCCTG","+",0.133333333333333,"M",0.18,-0.445826,1,1,0,-0.900464326449086,1.34814814814815,1,1.34814814814815,1,0.167600902560846,4.09098282121187,"clonal"]
["G13390","FCRL1","missense","chr1",157771259,"C","T","p.R332K",0.0422535211267606,74,3,"known",0,"chr1:g.157771259C>T","predicted passenger",87,"FALSE","SNV","-","FCRL1","ts","CT","TCT","CT_TCT","TTCTT","CT_TTCTT","+",0.0405405405405405,"M",0.18,0.46445,3,3,0,-0.233490130219779,0.490990990990991,0,0.490990990990991,0.490990990990991,0.102214827157036,1.37990677615281,"clonal"]
["G13390","GNB2","missense","chr7",100275879,"G","A","p.R219Q",0.1884,138,26,"unknown",0,"chr7:g.100275879G>A","predicted passenger",147,"FALSE","SNV","+","GNB2","ts","CT","TCG","CT_TCG","GTCGG","CT_GTCGG","-",0.188405797101449,"M",0.18,0.362362,3,3,0,-0.0911478880581953,2.28180354267311,2,1.14090177133655,1,0.768565521728328,1.59710964538101,"clonal"]
["G13390","BIRC6","missense","chr2",32693542,"C","A","p.Q1940K",0.1053,19,2,"unknown",1,"chr2:g.32693542C>A","predicted passenger",23,"FALSE","SNV","+","BIRC6","nt","CA","GCA","CA_GCA","TGCAA","CA_TGCAA","+",0.105263157894737,"M",0.18,0.104018,2,2,0,-0.275634442613427,1.16959064327485,1,1.16959064327485,1,0.144579604130861,3.68196293840851,"clonal"]
["G13390","CYLC2","nonsense","chr9",105767683,"C","A","p.S257*",0.0977,215,21,"unknown",0,"chr9:g.105767683C>A","predicted passenger",325,"FALSE","SNV","+","CYLC2","nt","CA","TCG","CA_TCG","ATCGA","CA_ATCGA","+",0.0976744186046512,"M",0.18,-1.85512,0,0,0,-0.596103058326357,0.889922480620155,1,0.889922480620155,0.889922480620155,0.560188092691702,1.3249996897485,"clonal"]
["G13390","GPR19","missense","chr12",12814950,"G","T","p.Q145K",0.1263,95,12,"unknown",0,"chr12:g.12814950G>T","predicted passenger",100,"FALSE","SNV","-","GPR19","nt","CA","TCA","CA_TCA","TTCAA","CA_TTCAA","-",0.126315789473684,"M",0.18,0.856854,4,4,0,-0.0740005814437769,1.65614035087719,2,0.828070175438597,0.828070175438597,0.439261156716589,1.37833800072643,"clonal"]
["G13390","ANKRD34C","missense","chr15",79586183,"C","T","p.A186V",0.0729,96,7,"unknown",0,"chr15:g.79586183C>T","predicted passenger",131,"FALSE","SNV","+","ANKRD34C","nt","CT","GCG","CT_GCG","TGCGT","CT_TGCGT","+",0.0729166666666667,"M",0.18,-0.0096821,2,2,0,-0.448460500816294,0.810185185185185,1,0.810185185185185,0.810185185185185,0.331309359130913,1.60533008028554,"clonal"]
["G13390","KCNG2","nonsense","chr18",77623853,"C","A","p.Y62*",0.1294,85,11,"unknown",0,"chr18:g.77623853C>A","predicted passenger",141,"FALSE","SNV","+","KCNG2","nt","CA","ACG","CA_ACG","TACGA","CA_TACGA","+",0.129411764705882,"M",0.18,-0.182907,2,2,0,-0.730160416261092,1.43790849673203,1,1.43790849673203,1,0.737888176783397,2.44184845366444,"clonal"]
["G13390","LRBA","nonsense","chr4",151772050,"G","C","p.S1277*",0.1795,39,7,"unknown",0,"chr4:g.151772050G>C","predicted passenger",37,"FALSE","SNV","-","LRBA","nt","CG","TCA","CG_TCA","ATCAA","CG_ATCAA","-",0.179487179487179,"M",0.18,-0.515317,1,1,0,0.0759488532332984,1.81481481481481,2,0.907407407407407,0.907407407407407,0.380938524211968,1.69537833680837,"clonal"]
["G13390","CYB5R3","missense","chr22",43015909,"C","T","p.R292Q",0.0944,180,17,"unknown",0,"chr22:g.43015909C>T","predicted passenger",203,"FALSE","SNV","-","CYB5R3","ts","CT","CCG","CT_CCG","CCCGG","CT_CCCGG","+",0.0944444444444444,"M",0.18,0.208878,3,3,0,-0.173482820855501,1.14382716049383,1,1.14382716049383,1,0.678033015212395,1.77920274346362,"clonal"]
["G13390","GTF3C1","missense","chr16",27500977,"C","T","p.S1080N",0.0131578947368421,155,2,"unknown",0,"chr16:g.27500977C>T","predicted passenger",146,"FALSE","SNV","-","GTF3C1","ts","CT","GCT","CT_GCT","CGCTC","CT_CGCTC","+",0.0129032258064516,"M",0.18,0.598006,3,3,0,0.0862998463942204,0.156272401433692,0,0.156272401433692,0.156272401433692,0.0189717922385382,0.555075107382432,"subclonal"]
["G13391","COL4A2-AS2","missense","chr13",111109251,"G","A","p.R272C",0.042,238,10,"known",0,"chr13:g.111109251G>A","predicted passenger",286,"FALSE","SNV","NA","NA","NA","CT","ACG","CT_ACG","GACGC","CT_GACGC","-",0.0420168067226891,"M",0.37,0.144566,2,2,0,-0.265053573470446,0.227117874176698,0,0.227117874176698,0.227117874176698,0.109890459130978,0.410330188283847,"subclonal"]
["G13391","CLEC18C","missense","chr16",70208251,"G","A","p.A24T",0.1042,48,5,"known",0,"chr16:g.70208251G>A","predicted passenger",38,"FALSE","SNV","+","CLEC18C","ts","CT","GCG","CT_GCG","GGCGG","CT_GGCGG","-",0.104166666666667,"M",0.37,-0.385939,1,1,0,0.337034987277571,0.458896396396396,0,0.458896396396396,0.458896396396396,0.152859294750134,0.998166453763608,"clonal"]
["G13391","FILIP1L","missense","chr3",99569454,"C","T","p.E356K",0.0449438202247191,279,12,"known",0,"chr3:g.99569454C>T","predicted passenger",314,"FALSE","SNV","NA","NA","NA","CT","TCT","CT_TCT","TTCTT","CT_TTCTT","+",0.043010752688172,"M",0.37,-0.10689,2,2,0,-0.170499437062439,0.2324905550712,0,0.2324905550712,0.2324905550712,0.121182455755651,0.399596221597105,"subclonal"]
["G13391","NSUN6","missense","chr10",18834891,"C","A","p.A461S",0.0175438596491228,116,2,"unknown",0,"chr10:g.18834891C>A","predicted passenger",89,"FALSE","SNV","-","NSUN6","ts","CA","GCA","CA_GCA","TGCAA","CA_TGCAA","+",0.0172413793103448,"M",0.37,0.0762649,2,2,0,0.382247564161174,0.0931966449207828,0,0.0931966449207828,0.0931966449207828,0.0113236429696625,0.329161298699499,"subclonal"]
["G13391","MFSD1","missense","chr3",158537524,"C","A","p.Q296K",0.0166666666666667,122,2,"unknown",0,"chr3:g.158537524C>A","predicted passenger",138,"FALSE","SNV","+","MFSD1","nt","CA","ACA","CA_ACA","AACAA","CA_AACAA","+",0.0163934426229508,"M",0.37,-0.0110487,2,2,0,-0.177787119215283,0.0886132033673017,0,0.0886132033673017,0.0886132033673017,0.010764997436304,0.313319880951524,"subclonal"]
["G13391","HSPA14","missense","chr10",14891794,"C","A","p.Q151K",0.0556,144,8,"unknown",0,"chr10:g.14891794C>A","predicted passenger",133,"FALSE","SNV","+","HSPA14","nt","CA","GCA","CA_GCA","AGCAA","CA_AGCAA","+",0.0555555555555556,"M",0.37,0.272956,3,3,0,0.114642565941123,0.355855855855856,0,0.355855855855856,0.355855855855856,0.155569126250312,0.682373880279987,"subclonal"]
["G13391","PPP4R2","missense","chr3",73114286,"G","A","p.E308K",0.0909,77,7,"unknown",0,"chr3:g.73114286G>A","predicted passenger",38,"FALSE","SNV","+","PPP4R2","ts","CT","TCT","CT_TCT","TTCTT","CT_TTCTT","-",0.0909090909090909,"M",0.37,0.872678,4,4,0,1.01885902725132,0.673218673218673,1,0.673218673218673,0.673218673218673,0.276487436426615,1.32096552756866,"clonal"]
["G13391","NANOGNB","missense","chr12",7923097,"T","A","p.H166Q",0.0277777777777778,111,3,"unknown",0,"chr12:g.7923097T>A","predicted passenger",76,"FALSE","SNV","+","NANOGNB","nt","TA","ATA","TA_ATA","CATAA","TA_CATAA","+",0.027027027027027,"M",0.37,0.372657,3,3,0,0.54648835290652,0.173119065010957,0,0.173119065010957,0.173119065010957,0.0359258897933027,0.492931656513954,"subclonal"]
["G13391","BLMH","missense","chr17",28598402,"C","A","p.D345Y",0.0217391304347826,94,2,"unknown",0,"chr17:g.28598402C>A","predicted passenger",77,"FALSE","SNV","-","BLMH","ts","CA","TCA","CA_TCA","GTCAT","CA_GTCAT","+",0.0212765957446809,"M",0.37,0.377657,3,3,0,0.287802310982736,0.136285221391604,0,0.136285221391604,0.136285221391604,0.0165718157803853,0.478815365856394,"subclonal"]
["G13392","ADGRF2","missense","chr6",47649286,"C","T","p.R331W",0.0925,227,21,"known",0,"chr6:g.47649286C>T","predicted passenger",243,"FALSE","SNV","+","GPR111","nt","CT","TCG","CT_TCG","TTCGG","CT_TTCGG","+",0.092511013215859,"M",0.23,-0.300179,1,1,0,-0.098264016314866,0.711932579965524,1,0.711932579965524,0.711932579965524,0.447738793375454,1.0614961198536,"clonal"]
["G13392","WNK3","missense","chrX",54337720,"C","T","p.R181Q",0.198,101,20,"known",0,"chrX:g.54337720C>T","predicted passenger",79,"FALSE","SNV","-","WNK3","ts","CT","TCG","CT_TCG","TTCGG","CT_TTCGG","+",0.198019801980198,"M",0.23,-0.580497,1,1,0,0.354430734574692,0.86095566078347,1,0.86095566078347,0.86095566078347,0.964678820814174,2.22498926002298,"clonal"]
["G13392","THSD7A","missense","chr7",11501650,"C","A","p.C830F",0.0652,46,3,"known",0,"chr7:g.11501650C>A","predicted passenger",64,"FALSE","SNV","NA","NA","NA","CA","GCA","CA_GCA","GGCAC","CA_GGCAC","+",0.0652173913043478,"M",0.23,-0.0857845,2,2,0,-0.476438043942987,0.56710775047259,1,0.56710775047259,0.56710775047259,0.118754538377788,1.55621207715436,"clonal"]
["G13392","ZNF587","missense","chr19",58370285,"C","T","p.P169S",0.0714,56,4,"known",0,"chr19:g.58370285C>T","predicted passenger",58,"FALSE","SNV","NA","NA","NA","CT","GCC","CT_GCC","AGCCA","CT_AGCCA","+",0.0714285714285714,"M",0.23,-0.38492,1,1,0,-0.0506260730699679,0.549689440993789,1,0.549689440993789,0.549689440993789,0.152404168567951,1.33061441611602,"clonal"]
["G13392","PPP4R2","missense","chr3",73114640,"G","A","p.E341K",0.1944,216,42,"unknown",0,"chr3:g.73114640G>A","predicted passenger",176,"FALSE","SNV","+","PPP4R2","ts","CT","TCA","CT_TCA","CTCAG","CT_CTCAG","-",0.194444444444444,"M",0.23,1.5849,6,6,0,0.295455883526171,2.46859903381643,2,1.23429951690821,1,0.913318434334224,1.60983216952431,"clonal"]
["G13392","ARMC3","missense","chr10",23287272,"C","A","p.S457R",0.1274,157,20,"unknown",0,"chr10:g.23287272C>A","predicted passenger",185,"FALSE","SNV","+","ARMC3","nt","CA","GCA","CA_GCA","AGCAA","CA_AGCAA","+",0.127388535031847,"M",0.23,-0.0352023,2,2,0,-0.236760711624685,1.10772639158128,1,1.10772639158128,1,0.691992068034672,1.65100490843349,"clonal"]
["G13392","CCDC60","missense","chr12",119966491,"C","A","p.A434E",0.00819672131147541,252,2,"unknown",0,"chr12:g.119966491C>A","predicted passenger",182,"FALSE","SNV","NA","NA","NA","CA","GCA","CA_GCA","AGCAA","CA_AGCAA","+",0.00793650793650794,"M",0.23,1.2654,5,5,0,0.46948528330122,0.0928226363008972,0,0.0928226363008972,0.0928226363008972,0.0112582023183622,0.33184926817197,"subclonal"]
["G13392","MYH13","missense","chr17",10227550,"C","T","p.R908Q",0.096,125,12,"unknown",0,"chr17:g.10227550C>T","predicted passenger",141,"FALSE","SNV","NA","NA","NA","CT","CCG","CT_CCG","ACCGT","CT_ACCGT","+",0.096,"M",0.23,0.176576,2,2,0,-0.173767067736707,0.834782608695652,1,0.834782608695652,0.834782608695652,0.439955411751681,1.40598791492879,"clonal"]
["G13392","ZBTB7B","missense","chr1",154987915,"C","A","p.T260N",0.1111,18,2,"unknown",1,"chr1:g.154987915C>A","predicted passenger",19,"FALSE","SNV","+","ZBTB7B","nt","CA","ACT","CA_ACT","AACTG","CA_AACTG","+",0.111111111111111,"M",0.23,0.779735,4,4,0,-0.0780025120012732,1.18840579710145,1,1.18840579710145,1,0.147078219714507,3.71267947381449,"clonal"]
["G13392","PMFBP1","missense","chr16",72174479,"C","A","p.E213D",0.1364,22,3,"unknown",0,"chr16:g.72174479C>A","predicted passenger",49,"FALSE","SNV","-","PMFBP1","ts","CA","GCT","CA_GCT","GGCTC","CA_GGCTC","+",0.136363636363636,"M",0.23,-1.41807,0,0,0,-1.15527822547791,0.91304347826087,1,0.91304347826087,0.91304347826087,0.194547872775087,2.33760012946265,"clonal"]
["G13392","PDZD7","missense","chr10",102783784,"C","T","p.E90K",7.14285714285714E-3,423,3,"unknown",0,"chr10:g.102783784C>T","predicted passenger",294,"FALSE","SNV","-","PDZD7","ts","CT","TCC","CT_TCC","CTCCA","CT_CTCCA","+",7.09219858156028E-3,"M",0.23,-0.748123,1,1,0,0.524841508283585,0.0545790934320074,0,0.0545790934320074,0.0545790934320074,0.0112739513227833,0.158419149294855,"subclonal"]
["G13392","GMPS","missense","chr3",155632331,"G","A","p.R337K",0.0196,102,2,"unknown",1,"chr3:g.155632331G>A","predicted passenger",106,"TRUE","SNV","+","GMPS","ts","CT","TCT","CT_TCT","TTCTT","CT_TTCTT","-",0.0196078431372549,"M",0.23,0.274762,3,3,0,-0.0554951125917036,0.190110826939471,0,0.190110826939471,0.190110826939471,0.0231094374651879,0.669380187842056,"subclonal"]
["G13393","ADGRF2","missense","chr6",47649286,"C","T","p.R331W",0.1458,192,28,"known",0,"chr6:g.47649286C>T","predicted passenger",243,"FALSE","SNV","+","GPR111","nt","CT","TCG","CT_TCG","TTCGG","CT_TTCGG","+",0.145833333333333,"M",0.24,-0.00596357,2,2,0,-0.339850002884625,1.21527777777778,1,1.21527777777778,1,0.82620045744221,1.69856452292084,"clonal"]
["G13393","TBKBP1","missense","chr17",45786144,"T","C","p.S349P",0.340909090909091,60,15,"known",0,"chr17:g.45786144T>C","predicted passenger",61,"FALSE","SNV","+","TBKBP1","nt","TC","CTC","TC_CTC","CCTCC","TC_CCTCC","+",0.25,"M",0.24,0.255448,3,3,0,-0.0238467419543678,2.33333333333333,2,1.16666666666667,1,0.68686834439535,1.76678299223787,"clonal"]
["G13393","PHLPP1","missense","chr18",60639886,"C","A","p.Q1234K",0.0556,72,4,"known",0,"chr18:g.60639886C>A","predicted passenger",112,"FALSE","SNV","+","PHLPP1","nt","CA","GCA","CA_GCA","TGCAA","CA_TGCAA","+",0.0555555555555556,"M",0.24,-0.856537,1,1,0,-0.637429920615292,0.407407407407407,0,0.407407407407407,0.407407407407407,0.112511938814958,0.998643428294776,"clonal"]
["G13393","ZFPM2","nonsense","chr8",106815341,"G","T","p.E1011*",0.1385,195,27,"unknown",0,"chr8:g.106815341G>T","predicted passenger",307,"FALSE","SNV","NA","NA","NA","CA","TCT","CA_TCT","TTCTG","CA_TTCTG","-",0.138461538461538,"M",0.24,-0.154122,2,2,0,-0.654764531620569,1.15384615384615,1,1.15384615384615,1,0.777257172665094,1.6252160717265,"clonal"]
["G13393","UTRN","missense","chr6",144780025,"G","T","p.A802S",0.0165,182,3,"unknown",0,"chr6:g.144780025G>T","predicted passenger",223,"FALSE","SNV","+","UTRN","ts","CA","GCA","CA_GCA","AGCAT","CA_AGCAT","-",0.0164835164835165,"M",0.24,-0.0435895,2,2,0,-0.293105259721608,0.137362637362637,0,0.137362637362637,0.137362637362637,0.0284356922431828,0.395115304689384,"subclonal"]
["G13393","PPP4R2","missense","chr3",73114286,"G","A","p.E308K",0.236363636363636,68,13,"unknown",0,"chr3:g.73114286G>A","predicted passenger",38,"FALSE","SNV","+","PPP4R2","ts","CT","TCT","CT_TCT","TTCTT","CT_TTCTT","-",0.191176470588235,"M",0.24,0.843953,4,4,0,0.839535327806754,1.97549019607843,2,0.987745098039216,0.987745098039216,0.547206232260286,1.57429240253577,"clonal"]
["G13393","DAAM2","missense","chr6",39824241,"C","A","p.L55M",0.125,16,2,"unknown",0,"chr6:g.39824241C>A","predicted passenger",19,"FALSE","SNV","+","DAAM2","nt","CA","GCT","CA_GCT","AGCTG","CA_AGCTG","+",0.125,"M",0.24,-0.00596357,2,2,0,-0.247927513443586,1.04166666666667,1,1.04166666666667,1,0.129280031795116,3.1956353070772,"clonal"]
["G13393","RASAL3","missense","chr19",15567044,"C","T","p.R531H",0.129,62,8,"unknown",0,"chr19:g.15567044C>T","predicted passenger",69,"FALSE","SNV","-","RASAL3","ts","CT","ACG","CT_ACG","GACGC","CT_GACGC","+",0.129032258064516,"M",0.24,0.44222,3,3,0,-0.154328146391294,1.20430107526882,1,1.20430107526882,1,0.535640052332204,2.22607593956338,"clonal"]
["G13393","RBM45","nonsense","chr2",178988919,"C","A","p.C378*",0.05,128,6,"unknown",0,"chr2:g.178988919C>A","predicted passenger",156,"FALSE","SNV","+","RBM45","nt","CA","GCA","CA_GCA","TGCAA","CA_TGCAA","+",0.046875,"M",0.24,0.174412,2,2,0,-0.285402218862248,0.390625,0,0.390625,0.390625,0.144950467835604,0.82695936411576,"subclonal"]
["G13393","NCAPG2","missense","chr7",158445157,"T","A","p.Y921F",0.082,61,5,"unknown",0,"chr7:g.158445157T>A","predicted passenger",83,"FALSE","SNV","-","NCAPG2","ts","TA","ATA","TA_ATA","CATAA","TA_CATAA","+",0.0819672131147541,"M",0.24,-0.915164,1,1,0,-0.444302093784038,0.601092896174863,1,0.601092896174863,0.601092896174863,0.199109976234077,1.32742068147185,"clonal"]
["G13393","ARHGEF35","missense","chr7",143884663,"G","T","p.Q272K",0.0789473684210526,87,6,"unknown",0,"chr7:g.143884663G>T","predicted passenger",102,"FALSE","SNV","-","ARHGEF35","nt","CA","ACA","CA_ACA","AACAG","CA_AACAG","-",0.0689655172413793,"M",0.24,-0.170086,2,2,0,-0.229481846122767,0.574712643678161,1,0.574712643678161,0.574712643678161,0.214401351931636,1.20072161551549,"clonal"]
["G13394","U2SURP","missense","chr3",142738832,"G","A","p.E198K",0.053030303030303,141,7,"known",0,"chr3:g.142738832G>A","predicted passenger",147,"FALSE","SNV","+","U2SURP","ts","CT","TCT","CT_TCT","TTCTT","CT_TTCTT","-",0.049645390070922,"M",0.32,-0.0423611,2,2,0,-0.0601209924375709,0.310283687943262,0,0.310283687943262,0.310283687943262,0.126188893369306,0.622578436530255,"subclonal"]
["G13394","NUCB2","missense","chr11",17352467,"C","A","p.Q398K",0.012448132780083,245,3,"known",0,"chr11:g.17352467C>A","predicted passenger",212,"FALSE","SNV","+","NUCB2","nt","CA","ACA","CA_ACA","AACAA","CA_AACAA","+",0.0122448979591837,"M",0.32,0.314417,3,3,0,0.208717484439371,0.0887755102040816,0,0.0887755102040816,0.0887755102040816,0.0183595089898039,0.256401745164748,"subclonal"]
["G13394","TCHHL1","missense","chr1",152059317,"C","T","p.E281K",0.0235294117647059,174,4,"known",0,"chr1:g.152059317C>T","predicted passenger",188,"FALSE","SNV","-","TCHHL1","ts","CT","TCT","CT_TCT","TTCTG","CT_TTCTG","+",0.0229885057471264,"M",0.32,-0.0458954,2,2,0,-0.111645355828909,0.14367816091954,0,0.14367816091954,0.14367816091954,0.0393643986446867,0.361319819577064,"subclonal"]
["G13394","CPXM2","missense","chr10",125528215,"C","T","p.A376T",0.0351,114,4,"unknown",0,"chr10:g.125528215C>T","predicted passenger",159,"FALSE","SNV","-","CPXM2","ts","CT","GCG","CT_GCG","CGCGA","CT_CGCGA","+",0.0350877192982456,"M",0.32,-0.175667,2,2,0,-0.479992941119614,0.219298245614035,0,0.219298245614035,0.219298245614035,0.0602593426326763,0.546277861156495,"subclonal"]
["G13394","GPR19","missense","chr12",12814950,"G","T","p.Q145K",0.0297,101,3,"unknown",0,"chr12:g.12814950G>T","predicted passenger",100,"FALSE","SNV","-","GPR19","nt","CA","TCA","CA_TCA","TTCAA","CA_TTCAA","-",0.0297029702970297,"M",0.32,-0.0870923,2,2,0,0.0143552929770701,0.185643564356436,0,0.185643564356436,0.185643564356436,0.0385491221472793,0.527230614225765,"subclonal"]
["G13394","NAT10","missense","chr11",34167699,"C","A","p.T1013K",0.0434782608695652,168,7,"unknown",0,"chr11:g.34167699C>A","predicted passenger",139,"FALSE","SNV","+","NAT10","nt","CA","ACA","CA_ACA","GACAA","CA_GACAA","+",0.0416666666666667,"M",0.32,-0.115374,2,2,0,0.273376350055253,0.260416666666667,0,0.260416666666667,0.260416666666667,0.105711053308578,0.524765655067937,"subclonal"]
["G13394","CEP126","missense","chr11",101832493,"C","A","p.Q243K",0.1429,14,2,"unknown",0,"chr11:g.101832493C>A","predicted passenger",21,"FALSE","SNV","+","KIAA1377","nt","CA","TCA","CA_TCA","ATCAG","CA_ATCAG","+",0.142857142857143,"M",0.32,-0.146583,2,2,0,-0.584962500721156,0.892857142857143,1,0.892857142857143,0.892857142857143,0.111215721769947,2.67580725568562,"clonal"]
["G13394","ZNF587","missense","chr19",58370196,"A","G","p.Q96R",0.1132,53,6,"unknown",0,"chr19:g.58370196A>G","predicted passenger",56,"FALSE","SNV","NA","NA","NA","TC","CTG","TC_CTG","TCTGG","TC_TCTGG","-",0.113207547169811,"M",0.32,0.274134,3,3,0,-0.079434467494405,0.820754716981132,1,0.820754716981132,0.820754716981132,0.309548863287984,1.66960189368876,"clonal"]
["G13394","TIGAR","missense","chr12",4461459,"C","T","p.L139F",0.073394495412844,120,8,"unknown",0,"chr12:g.4461459C>T","predicted passenger",95,"FALSE","SNV","+","C12orf5","nt","CT","TCT","CT_TCT","TTCTT","CT_TTCTT","+",0.0666666666666667,"M",0.32,-0.0768102,2,2,0,0.337034987277571,0.416666666666667,0,0.416666666666667,0.416666666666667,0.182619901961228,0.79460467649508,"subclonal"]
["G13395","U2SURP","missense","chr3",142738832,"G","A","p.E198K",0.0529801324503311,160,8,"known",0,"chr3:g.142738832G>A","predicted passenger",147,"FALSE","SNV","+","U2SURP","ts","CT","TCT","CT_TCT","TTCTT","CT_TTCTT","-",0.05,"M",0.17,0.0362427,2,2,0,0.122255750050998,0.588235294117647,1,0.588235294117647,0.588235294117647,0.256831460989658,1.13106907926726,"clonal"]
["G13395","SNED1","missense","chr2",242011122,"A","C","p.T1241P",0.0488,41,2,"known",0,"chr2:g.242011122A>C","predicted passenger",46,"FALSE","SNV","+","SNED1","ts","TG","GTG","TG_GTG","GGTGG","TG_GGTGG","-",0.0487804878048781,"M",0.17,0.190378,2,2,0,-0.166009951438929,0.573888091822095,1,0.573888091822095,0.573888091822095,0.0701543322475627,1.94509827550388,"clonal"]
["G13395","SOHLH1","missense","chr9",138585645,"C","A","p.R321L",0.0667,30,2,"known",0,"chr9:g.138585645C>A","predicted passenger",49,"FALSE","SNV","-","SOHLH1","ts","CA","TCG","CA_TCG","CTCGA","CA_CTCGA","+",0.0666666666666667,"M",0.17,0.239125,3,3,0,-0.70781924850669,0.850980392156863,1,0.850980392156863,0.850980392156863,0.104391481056613,2.81762247826369,"clonal"]
["G13395","MPDZ","missense","chr9",13138066,"G","T","p.L1364I",0.289473684210526,98,22,"unknown",0,"chr9:g.13138066G>T","predicted passenger",118,"FALSE","SNV","-","MPDZ","nt","CA","TCT","CA_TCT","GTCTT","CA_GTCTT","-",0.224489795918367,"M",0.17,-5.01357,0,0,0,-0.267933205246633,2.19207683073229,2,1.09603841536615,1,0.714543780653442,1.56195476907972,"clonal"]
["G13395","VEZT","missense","chr12",95681622,"C","A","p.T504K",0.0273972602739726,75,2,"unknown",0,"chr12:g.95681622C>A","predicted passenger",80,"FALSE","SNV","+","VEZT","nt","CA","ACA","CA_ACA","TACAG","CA_TACAG","+",0.0266666666666667,"M",0.17,-0.404502,1,1,0,-0.0931094043914815,0.287058823529412,0,0.287058823529412,0.287058823529412,0.0349414917647519,1.00145708214075,"clonal"]
["G13395","ABCD4","missense","chr14",74759267,"C","G","p.G339R",0.2195,82,18,"unknown",0,"chr14:g.74759267C>G","predicted passenger",118,"FALSE","SNV","NA","NA","NA","CG","CCA","CG_CCA","GCCAG","CG_GCCAG","+",0.219512195121951,"M",0.17,-0.313854,1,1,0,-0.525091044743757,2.36298421807747,2,1.18149210903874,1,0.729806264736176,1.74686914302718,"clonal"]
["G13395","KLHL17","nonsense","chr1",897262,"C","A","p.C182*",0.0513,78,4,"unknown",0,"chr1:g.897262C>A","predicted passenger",132,"FALSE","SNV","+","KLHL17","nt","CA","GCA","CA_GCA","TGCAA","CA_TGCAA","+",0.0512820512820513,"M",0.17,-0.571924,1,1,0,-0.758991900496205,0.552036199095022,1,0.552036199095022,0.552036199095022,0.152292932570057,1.35772684250746,"clonal"]
["G13395","SFT2D1","nonsense","chr6",166743692,"C","T","p.W36*",0.1538,169,26,"unknown",0,"chr6:g.166743692C>T","predicted passenger",189,"FALSE","SNV","-","SFT2D1","ts","CT","CCA","CT_CCA","ACCAT","CT_ACCAT","+",0.153846153846154,"M",0.17,-0.117661,2,2,0,-0.161362987938888,1.80995475113122,2,0.904977375565611,0.904977375565611,0.60603369067792,1.27787451416768,"clonal"]
["G13395","COMMD5","missense","chr8",146076062,"C","A","p.R221I",0.125,16,2,"unknown",0,"chr8:g.146076062C>A","predicted passenger",30,"FALSE","SNV","-","COMMD5","ts","CA","TCT","CA_TCT","GTCTG","CA_GTCTG","+",0.125,"M",0.17,0.553716,3,3,0,-0.906890595608519,1.59558823529412,2,0.797794117647059,0.797794117647059,0.0990132949395534,2.44748068812618,"clonal"]
["G13395","CXXC1","missense","chr18",47810927,"C","A","p.E346D",0.125,16,2,"unknown",0,"chr18:g.47810927C>A","predicted passenger",28,"FALSE","SNV","-","CXXC1","ts","CA","CCT","CA_CCT","TCCTC","CA_TCCTC","+",0.125,"M",0.17,-0.641571,1,1,0,-0.807354922057604,1.34558823529412,1,1.34558823529412,1,0.166999382248279,4.12800890255384,"clonal"]
["G13395","MAP7D3","missense","chrX",135313848,"T","A","p.E423V",0.1064,47,5,"unknown",0,"chrX:g.135313848T>A","predicted passenger",50,"FALSE","SNV","-","MAP7D3","ts","TA","TTC","TA_TTC","CTTCT","TA_CTTCT","+",0.106382978723404,"M",0.17,0.142268,2,2,0,-0.0892673380970874,0.732165206508135,1,0.732165206508135,0.732165206508135,0.417132950673124,2.71820737354098,"clonal"]
["G13395","WIF1","missense","chr12",65462682,"C","A","p.V134F",0.0568181818181818,93,5,"unknown",1,"chr12:g.65462682C>A","predicted passenger",84,"TRUE","SNV","-","WIF1","ts","CA","ACA","CA_ACA","AACAA","CA_AACAA","+",0.0537634408602151,"M",0.17,-0.173202,2,2,0,0.146841388329271,0.632511068943706,1,0.632511068943706,0.632511068943706,0.208058821247985,1.42376450722467,"clonal"]
["G13397","LCA5","missense","chr6",80201340,"C","T","p.E355K",0.2,240,48,"known",0,"chr6:g.80201340C>T","predicted passenger",313,"FALSE","SNV","-","LCA5","ts","CT","TCG","CT_TCG","TTCGT","CT_TTCGT","+",0.2,"M",0.4,0.00167503,2,2,0,-0.3831282513241,1,1,1,1,0.756505980921237,1.28136767764156,"clonal"]
["G13397","FCRL1","missense","chr1",157771259,"C","T","p.R332K",0.0253164556962025,82,2,"known",0,"chr1:g.157771259C>T","predicted passenger",87,"FALSE","SNV","-","FCRL1","ts","CT","TCT","CT_TCT","TTCTT","CT_TTCTT","+",0.024390243902439,"M",0.4,0.0896539,2,2,0,-0.0853914912306447,0.121951219512195,0,0.121951219512195,0.121951219512195,0.0148377077571137,0.426716124775413,"subclonal"]
["G13397","FMN2","missense","chr1",240371141,"C","T","p.P1010L",0.5,16,8,"known",0,"chr1:g.240371141C>T","predicted passenger",15,"FALSE","SNV","+","FMN2","nt","CT","CCT","CT_CCT","CCCTC","CT_CCCTC","+",0.5,"M",0.4,0.0896539,2,2,0,0.0931094043914815,2.5,2,1.25,1,0.616275278726438,1.88372472127356,"clonal"]
["G13397","MPDZ","missense","chr9",13138066,"G","T","p.L1364I",0.289855072463768,89,20,"unknown",0,"chr9:g.13138066G>T","predicted passenger",118,"FALSE","SNV","-","MPDZ","nt","CA","TCT","CA_TCT","GTCTT","CA_GTCTT","-",0.224719101123595,"M",0.4,-1.08386,1,1,0,-0.406909618395444,0.898876404494382,1,0.898876404494382,0.898876404494382,0.571979503294115,1.30200850164476,"clonal"]
["G13397","DDX49","missense","chr19",19031496,"G","A","p.V75I",0.318840579710145,91,22,"unknown",0,"chr19:g.19031496G>A","predicted passenger",80,"FALSE","SNV","NA","NA","NA","CT","ACG","CT_ACG","GACGA","CT_GACGA","-",0.241758241758242,"M",0.4,0.441023,3,3,0,0.185866545311334,1.45054945054945,1,1.45054945054945,1,0.94877888361566,2.05700640871229,"clonal"]
["G13397","XPO6","missense","chr16",28167699,"T","C","p.S265G",0.0625,128,8,"unknown",0,"chr16:g.28167699T>C","predicted passenger",137,"FALSE","SNV","-","XPO6","ts","TC","CTG","TC_CTG","GCTGG","TC_GCTGG","+",0.0625,"M",0.4,0.137392,2,2,0,-0.0980320829605268,0.3125,0,0.3125,0.3125,0.136833424431854,0.59718391696927,"subclonal"]
["G13397","RBM45","nonsense","chr2",178988919,"C","A","p.C378*",0.034965034965035,148,5,"unknown",0,"chr2:g.178988919C>A","predicted passenger",156,"FALSE","SNV","+","RBM45","nt","CA","GCA","CA_GCA","TGCAA","CA_TGCAA","+",0.0337837837837838,"M",0.4,0.073122,2,2,0,-0.0759488532332986,0.168918918918919,0,0.168918918918919,0.168918918918919,0.0552941462025151,0.385384942393317,"subclonal"]
["G13397","PTPRU","missense","chr1",29585232,"C","A","p.R141S",0.1667,12,2,"unknown",0,"chr1:g.29585232C>A","predicted driver: tier 1",10,"TRUE","SNV","+","PTPRU","nt","CA","CCG","CA_CCG","GCCGT","CA_GCCGT","+",0.166666666666667,"M",0.4,-0.642792,1,1,0,0.263034405833794,0.666666666666667,1,0.666666666666667,0.666666666666667,0.0834501018403696,1.93655099474387,"clonal"]
["G13397","KLHDC7B","missense","chr22",50988165,"C","A","p.L524M",0.1111,18,2,"unknown",0,"chr22:g.50988165C>A","predicted passenger",19,"FALSE","SNV","+","KLHDC7B","nt","CA","CCT","CA_CCT","CCCTG","CA_CCCTG","+",0.111111111111111,"M",0.4,-0.491528,1,1,0,-0.0780025120012732,0.444444444444444,0,0.444444444444444,0.444444444444444,0.055004862657458,1.38848175443469,"clonal"]
["G13396","NOTCH4","missense","chr6",32166817,"C","T","p.R1474Q",0.2018,114,23,"known",0,"chr6:g.32166817C>T","predicted passenger",113,"FALSE","SNV","-","NOTCH4","ts","CT","TCG","CT_TCG","GTCGA","CT_GTCGA","+",0.201754385964912,"M",0.42,0.254688,3,3,0,0.012711051749554,1.1624895572264,1,1.1624895572264,1,0.7628963576884,1.65476112432052,"clonal"]
["G13396","CDH1","nonsense","chr16",68855984,"C","T","p.R598*",0.0571,175,10,"known",1,"chr16:g.68855984C>T","predicted driver: tier 1",142,"TRUE","SNV","NA","NA","NA","CT","TCG","CT_TCG","CTCGA","CT_CTCGA","+",0.0571428571428571,"M",0.42,-0.662642,1,1,0,0.301463992327647,0.214965986394558,0,0.214965986394558,0.214965986394558,0.104352163378781,0.385878293205503,"subclonal"]
["G13396","NANOGNB","missense","chr12",7923095,"C","A","p.H166N",0.0619,97,6,"known",0,"chr12:g.7923095C>A","predicted passenger",77,"FALSE","SNV","+","NANOGNB","nt","CA","GCA","CA_GCA","AGCAT","CA_AGCAT","+",0.0618556701030928,"M",0.42,0.132192,2,2,0,0.333126301492226,0.294550810014728,0,0.294550810014728,0.294550810014728,0.109695225154513,0.618017433327791,"subclonal"]
["G13396","MPDZ","missense","chr9",13138066,"G","T","p.L1364I",0.313,115,36,"unknown",0,"chr9:g.13138066G>T","predicted passenger",118,"FALSE","SNV","-","MPDZ","nt","CA","TCT","CA_TCT","GTCTT","CA_GTCTT","-",0.31304347826087,"M",0.42,-0.740989,1,1,0,-0.0371529984174661,1.1776397515528,1,1.1776397515528,1,0.864523273162344,1.52801176463348,"clonal"]
["G13396","CPXM2","missense","chr10",125528215,"C","T","p.A376T",0.2718,103,28,"unknown",0,"chr10:g.125528215C>T","predicted passenger",159,"FALSE","SNV","-","CPXM2","ts","CT","GCG","CT_GCG","CGCGA","CT_CGCGA","+",0.271844660194175,"M",0.42,-0.742038,1,1,0,-0.626382428101137,1.02265372168285,1,1.02265372168285,1,0.710409605130482,1.3858862421822,"clonal"]
["G13396","HSPA14","missense","chr10",14891794,"C","A","p.Q151K",0.03125,165,5,"unknown",0,"chr10:g.14891794C>A","predicted passenger",133,"FALSE","SNV","+","HSPA14","nt","CA","GCA","CA_GCA","AGCAA","CA_AGCAA","+",0.0303030303030303,"M",0.42,0.116176,2,2,0,0.311039778744626,0.144300144300144,0,0.144300144300144,0.144300144300144,0.0471955900582526,0.3299885252259,"subclonal"]
["G13396","THOC2","missense","chrX",122747346,"G","T","p.D1527E",0.0394736842105263,158,6,"unknown",0,"chrX:g.122747346G>T","predicted passenger",163,"FALSE","SNV","-","THOC2","nt","CA","ACA","CA_ACA","GACAA","CA_GACAA","-",0.0379746835443038,"M",0.42,-0.43968,1,1,0,-0.0449474060539747,0.0904159132007233,0,0.0904159132007233,0.0904159132007233,0.0528977082827739,0.304036556340153,"subclonal"]
["G13396","RBM45","nonsense","chr2",178988919,"C","A","p.C378*",0.0514705882352941,146,7,"unknown",0,"chr2:g.178988919C>A","predicted passenger",156,"FALSE","SNV","+","RBM45","nt","CA","GCA","CA_GCA","TGCAA","CA_TGCAA","+",0.0479452054794521,"M",0.42,0.21605,3,3,0,-0.0955776599822311,0.276255707762557,0,0.276255707762557,0.276255707762557,0.11230533549998,0.554808910684364,"subclonal"]
["G13396","ZNF587","missense","chr19",58370196,"A","G","p.Q96R",0.1098,82,9,"unknown",0,"chr19:g.58370196A>G","predicted passenger",56,"FALSE","SNV","NA","NA","NA","TC","CTG","TC_CTG","TCTGG","TC_TCTGG","-",0.109756097560976,"M",0.42,-0.354965,1,1,0,0.55019708256048,0.412891986062718,0,0.412891986062718,0.412891986062718,0.19348320852177,0.745430509905352,"subclonal"]
["G13398","TCHH","missense","chr1",152082320,"T","C","p.R1125G",0.0140449438202247,362,5,"known",0,"chr1:g.152082320T>C","predicted passenger",489,"FALSE","SNV","-","TCHH","ts","TC","CTC","TC_CTC","TCTCA","TC_TCTCA","+",0.0138121546961326,"M",0.3,0.103409,2,2,0,-0.433844767869028,0.0920810313075506,0,0.0920810313075506,0.0920810313075506,0.029997167153529,0.212913194432527,"subclonal"]
["G13398","DUOX2","missense","chr15",45402689,"G","A","p.P326L",0.049,102,5,"known",0,"chr15:g.45402689G>A","predicted passenger",149,"FALSE","SNV","-","DUOX2","nt","CT","CCG","CT_CCG","CCCGG","CT_CCCGG","-",0.0490196078431373,"M",0.3,0.0697112,2,2,0,-0.546743178490666,0.326797385620915,0,0.326797385620915,0.326797385620915,0.107372125626158,0.73797108423685,"subclonal"]
["G13398","STK19","missense","chr6",31948509,"C","T","p.A331V",0.1111,36,4,"known",0,"chr6:g.31948509C>T","predicted passenger",62,"FALSE","SNV","+","STK19","nt","CT","GCG","CT_GCG","GGCGC","CT_GGCGC","+",0.111111111111111,"M",0.3,-3.33398,0,0,0,-0.784271308944563,0.518518518518518,1,0.518518518518518,0.518518518518518,0.145208653076738,1.2161842957172,"clonal"]
["G13398","USP54","missense","chr10",75258655,"T","G","p.H1596P",0.114285714285714,78,8,"known",0,"chr10:g.75258655T>G","predicted passenger",49,"FALSE","SNV","NA","NA","NA","TG","GTG","TG_GTG","GGTGG","TG_GGTGG","+",0.102564102564103,"M",0.3,-0.138044,2,2,0,0.67069237474704,0.683760683760684,1,0.683760683760684,0.683760683760684,0.302206331858381,1.28084971612269,"clonal"]
["G13398","ADAMTS5","nonsense","chr21",28296395,"G","A","p.Q924*",0.0571,35,2,"known",0,"chr21:g.28296395G>A","predicted passenger",33,"FALSE","SNV","NA","NA","NA","CT","GCA","CT_GCA","AGCAA","CT_AGCAA","-",0.0571428571428571,"M",0.3,0.21269,3,3,0,0.0848888975865129,0.438095238095238,0,0.438095238095238,0.438095238095238,0.0536418544837063,1.4687141153135,"clonal"]
["G13398","CNTNAP3","missense","chr9",39103836,"G","T","p.T814N",0.0909,121,11,"unknown",0,"chr9:g.39103836G>T","predicted passenger",118,"FALSE","SNV","-","CNTNAP3","nt","CA","ACT","CA_ACT","CACTG","CA_CACTG","-",0.0909090909090909,"M",0.3,-0.0755645,2,2,0,0.0362201879127532,0.606060606060606,1,0.606060606060606,0.606060606060606,0.308394110640238,1.04560234504213,"clonal"]
["G13398","USP54","missense","chr10",75331243,"C","T","p.R59H",0.0476,105,5,"unknown",0,"chr10:g.75331243C>T","predicted passenger",159,"FALSE","SNV","-","USP54","ts","CT","ACG","CT_ACG","TACGT","CT_TACGT","+",0.0476190476190476,"M",0.3,-0.138044,2,2,0,-0.598637437618233,0.317460317460317,0,0.317460317460317,0.317460317460317,0.104268614261161,0.717563771907076,"subclonal"]
["G13398","IGDCC3","missense","chr15",65621353,"G","A","p.A780V",0.0263157894736842,78,2,"unknown",0,"chr15:g.65621353G>A","predicted passenger",74,"FALSE","SNV","-","IGDCC3","nt","CT","GCG","CT_GCG","GGCGG","CT_GGCGG","-",0.0256410256410256,"M",0.3,-0.0355306,2,2,0,0.0759488532332984,0.170940170940171,0,0.170940170940171,0.170940170940171,0.0208031498862268,0.597155514308851,"subclonal"]
["G13398","NME8","missense","chr7",37889877,"C","A","p.S3R",0.0357142857142857,178,6,"unknown",0,"chr7:g.37889877C>A","predicted passenger",204,"FALSE","SNV","NA","NA","NA","CA","GCA","CA_GCA","AGCAA","CA_AGCAA","+",0.0337078651685393,"M",0.3,0.038382,2,2,0,-0.196691911005098,0.224719101123595,0,0.224719101123595,0.224719101123595,0.0831253283260564,0.479473197024091,"subclonal"]
["G13398","ZNF587","missense","chr19",58370196,"A","G","p.Q96R",0.0625,34,2,"unknown",0,"chr19:g.58370196A>G","predicted passenger",56,"FALSE","SNV","NA","NA","NA","TC","CTG","TC_CTG","TCTGG","TC_TCTGG","-",0.0588235294117647,"M",0.3,-2.33672,0,0,0,-0.719892080807265,0.274509803921569,0,0.274509803921569,0.274509803921569,0.0336229480488987,0.918274976899353,"subclonal"]
["G13398","ANKS1A","missense","chr6",35048783,"C","A","p.L853I",0.0968,31,3,"unknown",0,"chr6:g.35048783C>A","predicted passenger",60,"FALSE","SNV","+","ANKS1A","nt","CA","GCT","CA_GCT","TGCTC","CA_TGCTC","+",0.0967741935483871,"M",0.3,-0.00648921,2,2,0,-0.952694285221643,0.645161290322581,1,0.645161290322581,0.645161290322581,0.136132417918614,1.71692709751824,"clonal"]
["G13398","ELF4","missense","chrX",129201067,"G","C","p.L541V",0.1,20,2,"unknown",1,"chrX:g.129201067G>C","predicted passenger",23,"FALSE","SNV","-","ELF4","nt","CG","ACT","CG_ACT","CACTG","CG_CACTG","-",0.1,"M",0.3,-0.3358,1,1,0,-0.201633861169651,0.333333333333333,0,0.333333333333333,0.333333333333333,0.0699749872983373,1.79623537944147,"clonal"]
["G13383","ACOT11","missense","chr1",55063015,"G","A","p.A231T",0.0413,121,5,"known",0,"chr1:g.55063015G>A","predicted passenger",128,"FALSE","SNV","+","ACOT11","ts","CT","GCG","CT_GCG","GGCGT","CT_GGCGT","-",0.0413223140495868,"M",0.28,0.0439977,2,2,0,-0.0811367627254055,0.295159386068477,0,0.295159386068477,0.295159386068477,0.0967950716744897,0.669993360470436,"subclonal"]
["G13383","URB2","nonsense","chr1",229790070,"C","T","p.R1438*",0.0672,134,9,"known",0,"chr1:g.229790070C>T","predicted passenger",174,"FALSE","SNV","+","URB2","nt","CT","ACG","CT_ACG","CACGA","CT_CACGA","+",0.0671641791044776,"M",0.28,-0.115494,2,2,0,-0.376854305390956,0.479744136460554,0,0.479744136460554,0.479744136460554,0.222638797616548,0.883353225034692,"subclonal"]
["G13383","SLC6A1","missense","chr3",11059010,"C","T","p.A38V",0.097,268,26,"known",0,"chr3:g.11059010C>T","predicted passenger",363,"FALSE","SNV","NA","NA","NA","CT","GCG","CT_GCG","GGCGG","CT_GGCGG","+",0.0970149253731343,"M",0.28,0.538387,3,3,0,-0.437736547537978,0.78997867803838,1,0.78997867803838,0.78997867803838,0.524044215778388,1.13115754990051,"clonal"]
["G13383","ABCC5","missense","chr3",183683207,"A","G","p.L639P",0.0987,152,15,"known",0,"chr3:g.183683207A>G","predicted passenger",114,"FALSE","SNV","-","ABCC5","nt","TC","CTG","TC_CTG","TCTGA","TC_TCTGA","-",0.0986842105263158,"M",0.28,0.633206,3,3,0,0.415037499278844,0.803571428571429,1,0.803571428571429,0.803571428571429,0.45837749687363,1.28281097522109,"clonal"]
["G13383","WDR17","missense","chr4",177046324,"C","T","p.T227M",0.1364,176,24,"known",0,"chr4:g.177046324C>T","predicted passenger",169,"FALSE","SNV","+","WDR17","nt","CT","ACG","CT_ACG","TACGG","CT_TACGG","+",0.136363636363636,"M",0.28,-0.214398,2,2,0,0.0585521823551129,0.974025974025974,1,0.974025974025974,0.974025974025974,0.638319174651619,1.40051707028945,"clonal"]
["G13383","TDRD6","missense","chr6",46661210,"A","G","p.N1782S",0.1118,170,19,"known",0,"chr6:g.46661210A>G","predicted passenger",151,"FALSE","SNV","+","TDRD6","ts","TC","GTT","TC_GTT","GGTTT","TC_GGTTT","-",0.111764705882353,"M",0.28,-0.348817,1,1,0,0.170986196812623,0.686554621848739,1,0.686554621848739,0.686554621848739,0.421683113639503,1.03828723007679,"clonal"]
["G13383","THEMIS","missense","chr6",128040967,"C","T","p.R626H",0.1116,242,27,"known",0,"chr6:g.128040967C>T","predicted passenger",259,"FALSE","SNV","-","THEMIS","ts","CT","ACG","CT_ACG","GACGC","CT_GACGC","+",0.111570247933884,"M",0.28,-0.315282,1,1,0,-0.0979450504119593,0.685360094451003,1,0.685360094451003,0.685360094451003,0.459643253117273,0.971593958243688,"clonal"]
["G13383","HNF4G","missense","chr8",76456181,"G","A","p.R75H",0.1081,74,8,"known",0,"chr8:g.76456181G>A","predicted passenger",62,"TRUE","SNV","+","HNF4G","ts","CT","GCG","CT_GCG","TGCGT","CT_TGCGT","-",0.108108108108108,"M",0.28,0.0680508,2,2,0,0.255257055242075,0.772200772200772,1,0.772200772200772,0.772200772200772,0.341742788535201,1.44250097308461,"clonal"]
["G13383","GLI1","missense","chr12",57864196,"G","A","p.R558H",0.1475,61,9,"known",1,"chr12:g.57864196G>A","predicted passenger",70,"TRUE","SNV","+","GLI1","ts","CT","GCG","CT_GCG","AGCGG","CT_AGCGG","-",0.147540983606557,"M",0.28,0.218039,3,3,0,-0.19854567938208,1.20140515222482,1,1.20140515222482,1,0.567982997776549,2.13088871658732,"clonal"]
["G13383","TAOK3","nonsense","chr12",118599655,"G","A","p.R693*",0.1732,127,22,"known",0,"chr12:g.118599655G>A","predicted passenger",158,"FALSE","SNV","-","TAOK3","nt","CT","GCG","CT_GCG","GGCGA","CT_GGCGA","-",0.173228346456693,"M",0.28,0.145487,2,2,0,-0.315096061404937,1.23734533183352,1,1.23734533183352,1,0.799011624995005,1.78885602508048,"clonal"]
["G13383","IFI27L1","missense","chr14",94568222,"G","A","p.A42T",0.1488,168,25,"known",0,"chr14:g.94568222G>A","predicted passenger",185,"FALSE","SNV","+","IFI27L1","ts","CT","GCG","CT_GCG","GGCGA","CT_GGCGA","-",0.148809523809524,"M",0.28,-0.102196,2,2,0,-0.139064037737552,1.06292517006803,1,1.06292517006803,1,0.704824402910501,1.51276585900519,"clonal"]
["G13383","PIMREG","missense","chr17",6350927,"G","A","p.A147T",0.1582,177,28,"known",0,"chr17:g.6350927G>A","predicted passenger",220,"FALSE","SNV","+","FAM64A","ts","CT","GCG","CT_GCG","GGCGG","CT_GGCGG","-",0.15819209039548,"M",0.28,0.0884097,2,2,0,-0.313754163441662,1.12994350282486,1,1.12994350282486,1,0.769750284038254,1.57465704792112,"clonal"]
["G13383","KRT23","missense","chr17",39084537,"G","A","p.R292C",0.152,125,19,"known",0,"chr17:g.39084537G>A","predicted passenger",137,"FALSE","SNV","NA","NA","NA","CT","GCG","CT_GCG","AGCGC","CT_AGCGC","-",0.152,"M",0.28,-0.165702,2,2,0,-0.13224779829844,1.08571428571429,1,1.08571428571429,1,0.671891648037295,1.62248139996791,"clonal"]
["G13383","LRRC30","nonsense","chr18",7231554,"C","T","p.R140*",0.1985,136,27,"known",0,"chr18:g.7231554C>T","predicted passenger",188,"FALSE","SNV","+","LRRC30","nt","CT","CCG","CT_CCG","GCCGA","CT_GCCGA","+",0.198529411764706,"M",0.28,-0.331451,1,1,0,-0.467126010427298,1.21953781512605,1,1.21953781512605,1,0.829877928572256,1.69264605010114,"clonal"]
["G13383","NLRP9","missense","chr19",56228155,"C","T","p.E757K",0.012,166,2,"known",0,"chr19:g.56228155C>T","predicted passenger",203,"FALSE","SNV","-","NLRP9","ts","CT","TCG","CT_TCG","TTCGT","CT_TTCGT","+",0.0120481927710843,"M",0.28,0.12347,2,2,0,-0.290296485838251,0.0860585197934595,0,0.0860585197934595,0.0860585197934595,0.0104459784713471,0.30601899239748,"subclonal"]
["G13383","TUBGCP6","missense","chr22",50667900,"G","A","p.T408M",0.1194,134,16,"known",0,"chr22:g.50667900G>A","predicted passenger",168,"FALSE","SNV","-","TUBGCP6","nt","CT","ACG","CT_ACG","CACGC","CT_CACGC","-",0.119402985074627,"M",0.28,0.39465,3,3,0,-0.326228232320988,0.97228144989339,1,0.97228144989339,0.97228144989339,0.568476117468632,1.51988122631839,"clonal"]
["G13383","RAF1","missense","chr3",12626107,"C","T","p.R618Q",0.0878,205,18,"known",1,"chr3:g.12626107C>T","predicted driver: tier 1",206,"TRUE","SNV","-","RAF1","ts","CT","CCG","CT_CCG","TCCGG","CT_TCCGG","+",0.0878048780487805,"M",0.28,0.538387,3,3,0,-0.00702042767777234,0.714982578397212,1,0.714982578397212,0.714982578397212,0.430516199709535,1.10107007292383,"clonal"]
["G13383","INCENP","missense","chr11",61914275,"G","A","p.R702Q",0.0153,196,3,"known",0,"chr11:g.61914275G>A","predicted passenger",223,"FALSE","SNV","+","INCENP","ts","CT","CCG","CT_CCG","GCCGC","CT_GCCGC","-",0.0153061224489796,"M",0.28,0.11393,2,2,0,-0.186190055805097,0.10932944606414,0,0.10932944606414,0.10932944606414,0.0226262995931701,0.31483633991513,"subclonal"]
["G13383","CLOCK","nonsense","chr4",56336953,"TA","T","p.L123*fs*1",0.0483,145,7,"known",0,"chr4:g.56336954_56336954del","predicted driver: tier 1",141,"TRUE","SNV","-","CLOCK","ts","NA","NA","NA","NA","NA","+",0.0482758620689655,"M",0.28,-0.214398,2,2,0,0.040357737616141,0.344827586206897,0,0.344827586206897,0.344827586206897,0.140192498022361,0.692399855647408,"subclonal"]
["G13383","TMEM219","missense","chr16",29982829,"C","T","p.P229L",0.0741,108,8,"known",0,"chr16:g.29982829C>T","predicted passenger",147,"FALSE","SNV","+","TMEM219","nt","CT","CCG","CT_CCG","CCCGC","CT_CCCGC","+",0.0740740740740741,"M",0.28,0.335517,3,3,0,-0.444784842672896,0.603174603174603,1,0.603174603174603,0.603174603174603,0.264817533775273,1.14606698926531,"clonal"]
["G13383","CAMTA1","nonsense","chr1",7725101,"C","T","p.Q832*",0.25,20,5,"unknown",1,"chr1:g.7725101C>T","predicted passenger",20,"TRUE","SNV","+","CAMTA1","nt","CT","GCA","CT_GCA","TGCAG","CT_TGCAG","+",0.25,"M",0.28,0.0439977,2,2,0,0,1.78571428571429,2,0.892857142857143,0.892857142857143,0.309183818219409,1.75373525609985,"clonal"]
["G13383","SPOCD1","missense","chr1",32257932,"T","C","p.Y949C",0.1379,145,20,"unknown",0,"chr1:g.32257932T>C","predicted passenger",157,"FALSE","SNV","-","SPOCD1","ts","TC","GTA","TC_GTA","GGTAT","TC_GGTAT","+",0.137931034482759,"M",0.28,0.0439977,2,2,0,-0.114711658876693,0.985221674876847,1,0.985221674876847,0.985221674876847,0.616659015580485,1.46397466580332,"clonal"]
["G13383","PTBP2","missense","chr1",97189145,"G","A","p.V12M",0.1078,102,11,"unknown",0,"chr1:g.97189145G>A","predicted passenger",133,"FALSE","SNV","+","PTBP2","ts","CT","ACG","CT_ACG","CACGC","CT_CACGC","-",0.107843137254902,"M",0.28,0.0439977,2,2,0,-0.382857093529694,0.7703081232493,1,0.7703081232493,0.7703081232493,0.39342050011312,1.31980260694042,"clonal"]
["G13383","PIP5K1A","missense","chr1",151204798,"G","A","p.R148H",0.0971,175,17,"unknown",0,"chr1:g.151204798G>A","predicted driver: tier 1",193,"TRUE","SNV","+","PIP5K1A","ts","CT","GCG","CT_GCG","AGCGG","CT_AGCGG","-",0.0971428571428571,"M",0.28,0.195253,2,2,0,-0.141245925435752,0.693877551020408,1,0.693877551020408,0.693877551020408,0.411524805967868,1.07840588199603,"clonal"]
["G13383","IFI16","missense","chr1",159021715,"C","T","p.R582C",0.1429,210,30,"unknown",0,"chr1:g.159021715C>T","predicted passenger",221,"FALSE","SNV","+","IFI16","nt","CT","CCG","CT_CCG","GCCGC","CT_GCCGC","+",0.142857142857143,"M",0.28,-0.382328,1,1,0,-0.073657041725309,0.877551020408163,1,0.877551020408163,0.877551020408163,0.605109543281914,1.21392434071554,"clonal"]
["G13383","PLD5","missense","chr1",242511469,"C","T","p.V89M",0.1373,102,14,"unknown",0,"chr1:g.242511469C>T","predicted passenger",108,"FALSE","SNV","-","PLD5","ts","CT","ACG","CT_ACG","CACGG","CT_CACGG","+",0.137254901960784,"M",0.28,-0.209607,2,2,0,-0.082462160191973,0.980392156862745,1,0.980392156862745,0.980392156862745,0.550843402179893,1.56826097068994,"clonal"]
["G13383","CAD","missense","chr2",27466159,"A","G","p.S2192G",0.125,96,12,"unknown",0,"chr2:g.27466159A>G","predicted passenger",109,"FALSE","SNV","+","CAD","ts","TC","CTT","TC_CTT","CCTTA","TC_CCTTA","-",0.125,"M",0.28,0.136064,2,2,0,-0.18322182405577,0.892857142857143,1,0.892857142857143,0.892857142857143,0.473493541023748,1.48694206026759,"clonal"]
["G13383","FBXO11","missense","chr2",48066836,"C","T","p.R102H",0.1135,185,21,"unknown",1,"chr2:g.48066836C>T","predicted driver: tier 1",205,"TRUE","SNV","-","FBXO11","ts","CT","ACG","CT_ACG","TACGA","CT_TACGA","+",0.113513513513514,"M",0.28,-0.0187122,2,2,0,-0.148098638989134,0.810810810810811,1,0.810810810810811,0.810810810810811,0.51182749555178,1.20194630755479,"clonal"]
["G13383","RFTN2","nonsense","chr2",198498643,"C","A","p.G173*",0.146,137,20,"unknown",0,"chr2:g.198498643C>A","predicted passenger",144,"FALSE","SNV","-","RFTN2","ts","CA","CCA","CA_CCA","TCCAT","CA_TCCAT","+",0.145985401459854,"M",0.28,-0.308257,1,1,0,-0.0718929184817857,0.896767466110531,1,0.896767466110531,0.896767466110531,0.562132377089559,1.32944268548685,"clonal"]
["G13383","PTPRN","missense","chr2",220167359,"T","G","p.Q193P",0.135,163,22,"unknown",0,"chr2:g.220167359T>G","predicted passenger",143,"FALSE","SNV","NA","NA","NA","TG","CTG","TG_CTG","GCTGT","TG_GCTGT","+",0.134969325153374,"M",0.28,0.122483,2,2,0,0.188856817452688,0.964066608238387,1,0.964066608238387,0.964066608238387,0.618261503024258,1.40847877204304,"clonal"]
["G13383","PRRT3","missense","chr3",9988033,"G","A","p.P942S",0.1212,99,12,"unknown",0,"chr3:g.9988033G>A","predicted passenger",70,"FALSE","SNV","-","PRRT3","nt","CT","GCC","CT_GCC","TGCCT","CT_TGCCT","-",0.121212121212121,"M",0.28,0.740371,4,4,0,0.500073603134643,1.10822510822511,1,1.10822510822511,1,0.587225512035513,1.84834380011337,"clonal"]
["G13383","TRAK1","missense","chr3",42265183,"G","A","p.G939D",0.1923,78,15,"unknown",0,"chr3:g.42265183G>A","predicted passenger",71,"FALSE","SNV","+","TRAK1","ts","CT","GCC","CT_GCC","TGCCC","CT_TGCCC","-",0.192307692307692,"M",0.28,0.483506,3,3,0,0.135655099357566,1.56593406593407,2,0.782967032967033,0.782967032967033,0.455265859050625,1.21031589192974,"clonal"]
["G13383","FBXO40","missense","chr3",121342048,"T","C","p.V591A",0.1176,221,26,"unknown",0,"chr3:g.121342048T>C","predicted passenger",168,"FALSE","SNV","+","FBXO40","nt","TC","GTC","TC_GTC","CGTCA","TC_CGTCA","+",0.117647058823529,"M",0.28,0.444201,3,3,0,0.395585136612671,0.957983193277311,1,0.957983193277311,0.957983193277311,0.637652298113258,1.36484971772762,"clonal"]
["G13383","COL6A5","missense","chr3",130150629,"C","T","p.R1857W",0.1414,290,41,"unknown",0,"chr3:g.130150629C>T","predicted passenger",284,"FALSE","SNV","+","COL6A5","nt","CT","GCG","CT_GCG","AGCGG","CT_AGCGG","+",0.141379310344828,"M",0.28,0.356645,3,3,0,0.0301619705102524,1.1512315270936,1,1.1512315270936,1,0.842004623863659,1.52167408937131,"clonal"]
["G13383","USP13","missense","chr3",179474840,"A","T","p.D641V",0.1111,126,14,"unknown",0,"chr3:g.179474840A>T","predicted passenger",129,"FALSE","SNV","+","USP13","ts","TA","ATC","TA_ATC","GATCT","TA_GATCT","-",0.111111111111111,"M",0.28,0.276807,3,3,0,-0.0339473319233377,0.904761904761905,1,0.904761904761905,0.904761904761905,0.505616506654194,1.46079011160513,"clonal"]
["G13383","GSX2","missense","chr4",54966903,"C","T","p.P131L",0.1131,221,25,"unknown",0,"chr4:g.54966903C>T","predicted passenger",229,"FALSE","SNV","NA","NA","NA","CT","CCG","CT_CCG","CCCGC","CT_CCCGC","+",0.113122171945701,"M",0.28,-0.214398,2,2,0,-0.0513012287055123,0.808015513897867,1,0.808015513897867,0.808015513897867,0.532563936251374,1.16035416571872,"clonal"]
["G13383","SLC9B2","missense","chr4",103970173,"A","G","p.L197P",0.1905,21,4,"unknown",0,"chr4:g.103970173A>G","predicted passenger",28,"FALSE","SNV","-","SLC9B2","nt","TC","CTG","TC_CTG","CCTGA","TC_CCTGA","-",0.19047619047619,"M",0.28,-0.214398,2,2,0,-0.415037499278844,1.36054421768707,1,1.36054421768707,1,0.38902548698862,2.99332886559663,"clonal"]
["G13383","CFI","missense","chr4",110670378,"G","A","p.L382F",0.0594,219,13,"unknown",0,"chr4:g.110670378G>A","predicted passenger",235,"FALSE","SNV","-","CFI","nt","CT","TCT","CT_TCT","GTCTC","CT_GTCTC","-",0.0593607305936073,"M",0.28,-0.214398,2,2,0,-0.101729886963826,0.424005218525766,0,0.424005218525766,0.424005218525766,0.228445132948874,0.709783280569558,"subclonal"]
["G13383","FASTKD3","missense","chr5",7868092,"C","A","p.K35N",0.118,161,19,"unknown",0,"chr5:g.7868092C>A","predicted passenger",208,"FALSE","SNV","NA","NA","NA","CA","CCT","CA_CCT","ACCTT","CA_ACCTT","+",0.118012422360248,"M",0.28,-0.174261,2,2,0,-0.369522840026475,0.842945874001775,1,0.842945874001775,0.842945874001775,0.518338349688343,1.27245972146221,"clonal"]
["G13383","ZNF608","missense","chr5",123983616,"C","T","p.D821N",0.1273,165,21,"unknown",0,"chr5:g.123983616C>T","predicted passenger",156,"FALSE","SNV","-","ZNF608","ts","CT","TCC","CT_TCC","GTCCT","CT_GTCCT","+",0.127272727272727,"M",0.28,-0.075582,2,2,0,0.0809199953835675,0.909090909090909,1,0.909090909090909,0.909090909090909,0.57528546854055,1.34249684321704,"clonal"]
["G13383","JADE2","missense","chr5",133898034,"A","G","p.S277G",0.0926,54,5,"unknown",0,"chr5:g.133898034A>G","predicted passenger",51,"FALSE","SNV","+","JADE2","ts","TC","CTG","TC_CTG","GCTGA","TC_GCTGA","-",0.0925925925925926,"M",0.28,-0.075582,2,2,0,0.082462160191973,0.661375661375661,1,0.661375661375661,0.661375661375661,0.219662751910879,1.45001105133064,"clonal"]
["G13383","GALNT10","missense","chr5",153789117,"C","T","p.A394V",0.1284,109,14,"unknown",0,"chr5:g.153789117C>T","predicted passenger",107,"FALSE","SNV","NA","NA","NA","CT","GCC","CT_GCC","GGCCG","CT_GGCCG","+",0.128440366972477,"M",0.28,-0.075582,2,2,0,0.0267173383757794,0.91743119266055,1,0.91743119266055,0.91743119266055,0.514526693312541,1.47216786945431,"clonal"]
["G13383","RREB1","missense","chr6",7231237,"C","T","p.P969S",0.124,121,15,"unknown",0,"chr6:g.7231237C>T","predicted passenger",107,"FALSE","SNV","+","RREB1","nt","CT","GCC","CT_GCC","AGCCC","CT_AGCCC","+",0.12396694214876,"M",0.28,0.0312926,2,2,0,0.177396250873448,0.885478158205431,1,0.885478158205431,0.885478158205431,0.50766047427222,1.40150676253688,"clonal"]
["G13383","KIAA1586","missense","chr6",56919138,"T","C","p.M614T",0.1504,133,20,"unknown",0,"chr6:g.56919138T>C","predicted passenger",116,"FALSE","SNV","+","KIAA1586","nt","TC","ATG","TC_ATG","CATGA","TC_CATGA","+",0.150375939849624,"M",0.28,-0.0935849,2,2,0,0.197301440373617,1.07411385606874,1,1.07411385606874,1,0.673850519282569,1.59033296876056,"clonal"]
["G13383","MAP3K4","missense","chr6",161494606,"A","G","p.I687V",0.1417,127,18,"unknown",1,"chr6:g.161494606A>G","predicted passenger",161,"FALSE","SNV","+","MAP3K4","ts","TC","ATG","TC_ATG","AATGT","TC_AATGT","-",0.141732283464567,"M",0.28,-0.203522,2,2,0,-0.342232191342451,1.01237345331834,1,1.01237345331834,1,0.615821191922694,1.53371251031181,"clonal"]
["G13383","ZNF680","missense","chr7",63982431,"C","G","p.G234A",0.1325,83,11,"unknown",0,"chr7:g.63982431C>G","predicted passenger",88,"FALSE","SNV","-","ZNF680","ts","CG","TCC","CG_TCC","CTCCC","CG_CTCCC","+",0.132530120481928,"M",0.28,-0.205107,2,2,0,-0.0843921872903724,0.946643717728055,1,0.946643717728055,0.946643717728055,0.486124053842365,1.60551242903101,"clonal"]
["G13383","LMTK2","missense","chr7",97821849,"G","A","p.R691H",0.1722,151,26,"unknown",0,"chr7:g.97821849G>A","predicted passenger",145,"FALSE","SNV","+","LMTK2","ts","CT","ACG","CT_ACG","TACGG","CT_TACGG","-",0.172185430463576,"M",0.28,-0.113417,2,2,0,0.0584956493101446,1.22989593188269,1,1.22989593188269,1,0.826200768301425,1.7287388577652,"clonal"]
["G13383","ZNF705G","missense","chr8",7215520,"C","T","p.S294N",0.149,208,31,"unknown",0,"chr8:g.7215520C>T","predicted passenger",229,"FALSE","SNV","-","ZNF705G","ts","CT","ACT","CT_ACT","GACTG","CT_GACTG","+",0.149038461538462,"M",0.28,-3.81259,0,0,0,-0.138764069955852,0.766483516483516,1,0.766483516483516,0.766483516483516,0.532620875872674,1.05340720614055,"clonal"]
["G13383","NPBWR1","missense","chr8",53852960,"A","G","p.I165V",0.1034,116,12,"unknown",0,"chr8:g.53852960A>G","predicted passenger",115,"FALSE","SNV","+","NPBWR1","ts","TC","ATC","TC_ATC","GATCC","TC_GATCC","-",0.103448275862069,"M",0.28,0.24714,3,3,0,0.0124909441831968,0.842364532019704,1,0.842364532019704,0.842364532019704,0.444654968952216,1.41467297991394,"clonal"]
["G13383","KCNS2","missense","chr8",99440209,"T","C",".",0.2,25,5,"unknown",0,"chr8:g.99440209T>C","predicted passenger",26,"FALSE","SNV","NA","NA","NA","TC","ATG","TC_ATG","CATGA","TC_CATGA","+",0.2,"M",0.28,0.46362,3,3,0,-0.0565835283663674,1.62857142857143,2,0.814285714285714,0.814285714285714,0.278125246336542,1.65722383142033,"clonal"]
["G13383","ADCK5","missense","chr8",145617773,"G","A","p.E461K",0.1538,156,24,"unknown",0,"chr8:g.145617773G>A","predicted passenger",159,"FALSE","SNV","+","ADCK5","ts","CT","TCG","CT_TCG","CTCGC","CT_CTCGC","-",0.153846153846154,"M",0.28,0.743026,4,4,0,-0.027480736422107,1.40659340659341,1,1.40659340659341,1,0.924600868011205,2.01333382132176,"clonal"]
["G13383","ERP44","missense","chr9",102778629,"C","T","p.R246Q",0.1064,94,10,"unknown",0,"chr9:g.102778629C>T","predicted passenger",96,"FALSE","SNV","-","ERP44","ts","CT","TCG","CT_TCG","CTCGG","CT_CTCGG","+",0.106382978723404,"M",0.28,-0.282375,1,1,0,-0.0303736490435189,0.653495440729483,1,0.653495440729483,0.653495440729483,0.320701797482781,1.14841581479098,"clonal"]
["G13383","KIAA0368","missense","chr9",114134018,"C","A","p.Q1718H",0.1479,257,38,"unknown",0,"chr9:g.114134018C>A","predicted passenger",308,"FALSE","SNV","-","KIAA0368","ts","CA","CCT","CA_CCT","CCCTG","CA_CCCTG","+",0.147859922178988,"M",0.28,-0.150651,2,2,0,-0.261161991501023,1.05614230127849,1,1.05614230127849,1,0.762908526655071,1.4089643866774,"clonal"]
["G13383","ACBD5","missense","chr10",27493463,"G","A","p.P491S",0.1381,210,29,"unknown",0,"chr10:g.27493463G>A","predicted passenger",208,"FALSE","SNV","-","ACBD5","nt","CT","GCC","CT_GCC","GGCCC","CT_GGCCC","-",0.138095238095238,"M",0.28,-0.0576807,2,2,0,0.0138057995250304,0.986394557823129,1,0.986394557823129,0.986394557823129,0.6748171734419,1.37336483992894,"clonal"]
["G13383","FAM35A","missense","chr10",88912414,"T","C","p.C435R",0.1646,164,27,"unknown",0,"chr10:g.88912414T>C","predicted passenger",125,"FALSE","SNV","+","FAM35A","nt","TC","CTG","TC_CTG","ACTGT","TC_ACTGT","+",0.164634146341463,"M",0.28,0.0228741,2,2,0,0.391767719955997,1.17595818815331,1,1.17595818815331,1,0.795618536124206,1.64586011235181,"clonal"]
["G13383","BTBD16","missense","chr10",124094418,"C","T","p.T396M",0.1595,163,26,"unknown",0,"chr10:g.124094418C>T","predicted passenger",167,"FALSE","SNV","+","BTBD16","nt","CT","ACG","CT_ACG","AACGA","CT_AACGA","+",0.159509202453988,"M",0.28,-0.0347439,2,2,0,-0.0349761382429746,1.13935144609991,1,1.13935144609991,1,0.763720362742744,1.60655553995954,"clonal"]
["G13383","MRPL16","missense","chr11",59573906,"G","T","p.L224M",0.1615,192,31,"unknown",0,"chr11:g.59573906G>T","predicted passenger",166,"FALSE","SNV","-","MRPL16","nt","CA","GCT","CA_GCT","TGCTG","CA_TGCTG","-",0.161458333333333,"M",0.28,-0.173913,2,2,0,0.209923069374231,1.15327380952381,1,1.15327380952381,1,0.802976594490685,1.58057074411116,"clonal"]
["G13383","CABP2","missense","chr11",67290025,"T","C","p.T69A",0.1458,144,21,"unknown",0,"chr11:g.67290025T>C","predicted passenger",148,"FALSE","SNV","-","CABP2","ts","TC","GTG","TC_GTG","GGTGG","TC_GGTGG","+",0.145833333333333,"M",0.28,0.360744,3,3,0,-0.0395283641866373,1.1875,1,1.1875,1,0.753999632837738,1.74455462396243,"clonal"]
["G13383","TENM4","missense","chr11",78380972,"T","C","p.T2140A",0.1611,180,29,"unknown",0,"chr11:g.78380972T>C","predicted passenger",202,"FALSE","SNV","-","TENM4","ts","TC","GTC","TC_GTC","GGTCA","TC_GGTCA","+",0.161111111111111,"M",0.28,-0.159505,2,2,0,-0.16635838642212,1.15079365079365,1,1.15079365079365,1,0.790229361488229,1.59369330807955,"clonal"]
["G13383","FAM90A1","missense","chr12",8376637,"T","C","p.K100E",0.1211,289,35,"unknown",0,"chr12:g.8376637T>C","predicted passenger",278,"FALSE","SNV","-","FAM90A1","ts","TC","TTA","TC_TTA","CTTAT","TC_CTTAT","+",0.121107266435986,"M",0.28,0.0187026,2,2,0,0.0559846097771714,0.865051903114187,1,0.865051903114187,0.865051903114187,0.613025694071434,1.17420772155647,"clonal"]
["G13383","GIT2","missense","chr12",110390944,"C","T","p.E399K",0.1074,121,13,"unknown",0,"chr12:g.110390944C>T","predicted passenger",105,"FALSE","SNV","NA","NA","NA","CT","TCG","CT_TCG","TTCGT","CT_TTCGT","+",0.107438016528926,"M",0.28,0.347342,3,3,0,0.204617719608472,0.874852420306966,1,0.874852420306966,0.874852420306966,0.476032414371908,1.43895493547677,"clonal"]
["G13383","MPHOSPH9","missense","chr12",123649876,"G","C","p.Q762E",0.1511,139,21,"unknown",0,"chr12:g.123649876G>C","predicted passenger",118,"FALSE","SNV","-","MPHOSPH9","nt","CG","ACA","CG_ACA","CACAG","CG_CACAG","-",0.151079136690647,"M",0.28,0.35712,3,3,0,0.236298023361666,1.23021582733813,1,1.23021582733813,1,0.781871046353347,1.80464365552393,"clonal"]
["G13383","SHISA2","missense","chr13",26624870,"G","A","p.R82C",0.1364,132,18,"unknown",0,"chr13:g.26624870G>A","predicted passenger",158,"FALSE","SNV","-","SHISA2","nt","CT","GCG","CT_GCG","CGCGC","CT_CGCGC","-",0.136363636363636,"M",0.28,-0.178084,2,2,0,-0.259386628818649,0.974025974025974,1,0.974025974025974,0.974025974025974,0.591885119230945,1.47805190258413,"clonal"]
["G13383","NFATC4","missense","chr14",24843561,"G","A","p.V651M",0.1316,76,10,"unknown",0,"chr14:g.24843561G>A","predicted driver: tier 1",72,"TRUE","SNV","+","NFATC4","ts","CT","ACC","CT_ACC","CACCT","CT_CACCT","-",0.131578947368421,"M",0.28,0.08433,2,2,0,0.0780025120012732,0.93984962406015,1,0.93984962406015,0.93984962406015,0.46386834054348,1.63354137576866,"clonal"]
["G13383","SEL1L","missense","chr14",81969192,"T","C","p.N217S",0.1084,83,9,"unknown",0,"chr14:g.81969192T>C","predicted passenger",72,"FALSE","SNV","-","SEL1L","ts","TC","GTT","TC_GTT","GGTTC","TC_GGTTC","+",0.108433734939759,"M",0.28,-0.248549,2,2,0,0.205114429904612,0.774526678141136,1,0.774526678141136,0.774526678141136,0.362836173853916,1.39918330441226,"clonal"]
["G13383","GOLGA6L2","missense","chr15",23688982,"G","A","p.A178V",0.1649,97,16,"unknown",0,"chr15:g.23688982G>A","predicted passenger",101,"FALSE","SNV","-","GOLGA6L2","nt","CT","GCA","CT_GCA","TGCAG","CT_TGCAG","-",0.164948453608247,"M",0.28,0.0718779,2,2,0,-0.0582986405646671,1.17820324005891,1,1.17820324005891,1,0.695176081101561,1.81429419011895,"clonal"]
["G13383","ZNF710","missense","chr15",90611443,"G","T","p.K358N",0.1532,111,17,"unknown",0,"chr15:g.90611443G>T","predicted passenger",79,"FALSE","SNV","+","ZNF710","ts","CA","CCT","CA_CCT","GCCTT","CA_GCCTT","-",0.153153153153153,"M",0.28,0.208354,3,3,0,0.490635118173003,1.24710424710425,1,1.24710424710425,1,0.747701773522686,1.904221460415,"clonal"]
["G13383","RNF151","missense","chr16",2018658,"G","A","p.R157H",0.1667,132,22,"unknown",0,"chr16:g.2018658G>A","predicted passenger",166,"FALSE","SNV","+","RNF151","ts","CT","GCG","CT_GCG","GGCGA","CT_GGCGA","-",0.166666666666667,"M",0.28,0.289816,3,3,0,-0.330645311988471,1.35714285714286,1,1.35714285714286,1,0.875322804455671,1.96561172621393,"clonal"]
["G13383","HSD3B7","nonsense","chr16",30999140,"C","T","p.A249V",0.1667,174,29,"unknown",0,"chr16:g.30999140C>T","predicted passenger",127,"FALSE","SNV","+","HSD3B7","nt","CT","GCA","CT_GCA","GGCAA","CT_GGCAA","+",0.166666666666667,"M",0.28,0.335517,3,3,0,0.454258809076562,1.35714285714286,1,1.35714285714286,1,0.9327732597217,1.87701189954585,"clonal"]
["G13383","ZNF778","missense","chr16",89287543,"C","T","p.A3V",0.1081,148,16,"unknown",0,"chr16:g.89287543C>T","predicted passenger",150,"FALSE","SNV","+","ZNF778","nt","CT","GCC","CT_GCC","AGCCC","CT_AGCCC","+",0.108108108108108,"M",0.28,0.191238,2,2,0,-0.0193653248669311,0.772200772200772,1,0.772200772200772,0.772200772200772,0.450492987397501,1.21156749965143,"clonal"]
["G13383","ZBTB4","missense","chr17",7365293,"C","A","p.G1003V",0.2222,54,12,"unknown",0,"chr17:g.7365293C>A","predicted passenger",44,"FALSE","SNV","-","ZBTB4","ts","CA","CCC","CA_CCC","CCCCT","CA_CCCCT","+",0.222222222222222,"M",0.28,0.401426,3,3,0,0.295455883526171,1.80952380952381,2,0.904761904761905,0.904761904761905,0.490345686263759,1.44942488358292,"clonal"]
["G13383","KRT10","missense","chr17",38975316,"G","A","p.H491Y",0.1667,210,35,"unknown",0,"chr17:g.38975316G>A","predicted passenger",209,"FALSE","SNV","-","KRT10","nt","CT","CCA","CT_CCA","GCCAC","CT_GCCAC","-",0.166666666666667,"M",0.28,-0.165702,2,2,0,0.00688638558523976,1.19047619047619,1,1.19047619047619,1,0.849424815769322,1.60066456515873,"clonal"]
["G13383","USH1G","missense","chr17",72916263,"C","T","p.R223H",0.1935,155,30,"unknown",0,"chr17:g.72916263C>T","predicted passenger",178,"FALSE","SNV","-","USH1G","ts","CT","GCG","CT_GCG","TGCGC","CT_TGCGC","+",0.193548387096774,"M",0.28,0.246527,3,3,0,-0.19960902569216,1.57603686635945,2,0.788018433179724,0.788018433179724,0.547853113050627,1.07741183648279,"clonal"]
["G13383","RNF213","missense","chr17",78265573,"G","T","p.G473V",0.1774,310,55,"unknown",1,"chr17:g.78265573G>T","predicted passenger",257,"FALSE","SNV","+","RNF213","ts","CA","GCC","CA_GCC","CGCCC","CA_CGCCC","-",0.17741935483871,"M",0.28,0.406974,3,3,0,0.270499856080359,1.44470046082949,1,1.44470046082949,1,1.1118491297098,1.82877006008146,"clonal"]
["G13383","ST8SIA3","missense","chr18",55020246,"G","A","p.A57T",0.186,86,16,"unknown",0,"chr18:g.55020246G>A","predicted passenger",90,"FALSE","SNV","+","ST8SIA3","ts","CT","GCG","CT_GCG","CGCGT","CT_CGCGT","-",0.186046511627907,"M",0.28,-0.0631468,2,2,0,-0.0655883416275767,1.32890365448505,1,1.32890365448505,1,0.787483777590781,2.03193959688405,"clonal"]
["G13383","SMARCA4","missense","chr19",11143970,"T","C","p.L1184P",0.1833,180,33,"unknown",1,"chr19:g.11143970T>C","predicted driver: tier 1",217,"TRUE","SNV","+","SMARCA4","nt","TC","CTG","TC_CTG","CCTGC","TC_CCTGC","+",0.183333333333333,"M",0.28,0.573335,3,3,0,-0.269698136114805,1.49285714285714,1,1.49285714285714,1,1.05601845451419,2.01714289356216,"clonal"]
["G13383","KXD1","missense","chr19",18679284,"C","T","p.A125V",0.1135,141,16,"unknown",0,"chr19:g.18679284C>T","predicted passenger",145,"FALSE","SNV","+","KXD1","nt","CT","GCC","CT_GCC","TGCCA","CT_TGCCA","+",0.113475177304965,"M",0.28,0.586021,3,3,0,-0.040357737616141,0.924012158054711,1,0.924012158054711,0.924012158054711,0.539624838205201,1.44722433990561,"clonal"]
["G13383","MAG","missense","chr19",35791184,"G","A","p.A283T",0.1279,86,11,"unknown",0,"chr19:g.35791184G>A","predicted passenger",102,"FALSE","SNV","+","MAG","ts","CT","GCC","CT_GCC","CGCCT","CT_CGCCT","-",0.127906976744186,"M",0.28,0.320036,3,3,0,-0.246160587269398,1.04152823920266,1,1.04152823920266,1,0.534300034665817,1.76981820367055,"clonal"]
["G13383","POLD1","missense","chr19",50905990,"G","A","p.G321D",0.1818,44,8,"unknown",1,"chr19:g.50905990G>A","predicted passenger",29,"TRUE","SNV","+","POLD1","ts","CT","GCC","CT_GCC","GGCCG","CT_GGCCG","-",0.181818181818182,"M",0.28,0.522272,3,3,0,0.601450623509725,1.48051948051948,1,1.48051948051948,1,0.667053418600015,2.66382863771943,"clonal"]
["G13383","GTSF1L","missense","chr20",42355187,"C","T","p.V50M",0.1514,185,28,"unknown",0,"chr20:g.42355187C>T","predicted passenger",178,"FALSE","SNV","-","GTSF1L","ts","CT","ACG","CT_ACG","CACGT","CT_CACGT","+",0.151351351351351,"M",0.28,0.192282,2,2,0,0.0556480295499144,1.08108108108108,1,1.08108108108108,1,0.73563368868997,1.50902150070487,"clonal"]
["G13383","SYCP2","missense","chr20",58495499,"A","G","p.V71A",0.123,122,15,"unknown",0,"chr20:g.58495499A>G","predicted passenger",166,"FALSE","SNV","-","SYCP2","nt","TC","GTT","TC_GTT","GGTTT","TC_GGTTT","-",0.122950819672131,"M",0.28,-0.0763923,2,2,0,-0.444302093784038,0.878220140515222,1,0.878220140515222,0.878220140515222,0.503396169784388,1.39050013048784,"clonal"]
["G13383","MCM3AP","missense","chr21",47695189,"A","G","p.C637R",0.0833,96,8,"unknown",0,"chr21:g.47695189A>G","predicted passenger",104,"FALSE","SNV","-","MCM3AP","nt","TC","CTG","TC_CTG","CCTGC","TC_CCTGC","-",0.0833333333333333,"M",0.28,0.1897,2,2,0,-0.115477217419936,0.595238095238095,1,0.595238095238095,0.595238095238095,0.261896533723374,1.12579144219784,"clonal"]
["G13383","MAGEE1","nonsense","chrX",75650432,"G","A","p.W703*",0.2797,118,33,"unknown",0,"chrX:g.75650432G>A","predicted passenger",113,"FALSE","SNV","+","MAGEE1","ts","CT","GCC","CT_GCC","TGCCA","CT_TGCCA","-",0.279661016949153,"M",0.28,-0.53039,1,1,0,0.0624640869466536,0.998789346246973,1,0.998789346246973,0.998789346246973,1.23446699983394,2.27134754107947,"clonal"]
["G13383","PRPS1","missense","chrX",106888487,"G","A","p.R204H",0.2762,105,29,"unknown",0,"chrX:g.106888487G>A","predicted passenger",95,"FALSE","SNV","+","PRPS1","ts","CT","GCG","CT_GCG","TGCGG","CT_TGCGG","-",0.276190476190476,"M",0.28,-0.625652,1,1,0,0.144389909335175,0.986394557823129,1,0.986394557823129,0.986394557823129,1.18805008747776,2.28521282607177,"clonal"]
["G13383","HMCN1","missense","chr1",186158749,"A","C","p.Q5549H",0.0814,86,7,"unknown",0,"chr1:g.186158749A>C","predicted passenger",79,"FALSE","SNV","+","HMCN1","ts","TG","CTT","TG_CTT","TCTTG","TG_TCTTG","-",0.0813953488372093,"M",0.28,-0.392883,1,1,0,0.122484006524995,0.5,0,0.5,0.5,0.204879206899652,0.986172266760356,"clonal"]
["G13383","C3orf58","missense","chr3",143691788,"T","A","p.L205Q",0.0186,161,3,"unknown",0,"chr3:g.143691788T>A","predicted passenger",145,"FALSE","SNV","+","C3orf58","nt","TA","CTG","TA_CTG","GCTGC","TA_GCTGC","+",0.0186335403726708,"M",0.28,0.358203,3,3,0,0.151007788099683,0.151730257320319,0,0.151730257320319,0.151730257320319,0.0314256684682168,0.435539884686466,"subclonal"]
["G13383","MASP1","missense","chr3",186970964,"C","A","p.R295M",0.0212,189,4,"unknown",0,"chr3:g.186970964C>A","predicted passenger",197,"FALSE","SNV","-","MASP1","ts","CA","CCT","CA_CCT","CCCTG","CA_CCCTG","+",0.0211640211640212,"M",0.28,0.312856,3,3,0,-0.0598093952353036,0.172335600907029,0,0.172335600907029,0.172335600907029,0.0471950220175614,0.434007101586856,"subclonal"]
["G13383","PRDM9","missense","chr5",23522967,"G","T","p.E285D",0.02,200,4,"unknown",0,"chr5:g.23522967G>T","predicted passenger",216,"FALSE","SNV","+","PRDM9","ts","CA","CCT","CA_CCT","GCCTC","CA_GCCTC","-",0.02,"M",0.28,-0.174261,2,2,0,-0.111031312388744,0.142857142857143,0,0.142857142857143,0.142857142857143,0.0391111848539746,0.360097207784974,"subclonal"]
["G13383","ZFHX4","missense","chr8",77690510,"T","C","p.Y1054H",0.0105263157894737,288,3,"unknown",0,"chr8:g.77690510T>C","predicted passenger",292,"FALSE","SNV","+","ZFHX4","nt","TC","TTA","TC_TTA","ATTAC","TC_ATTAC","+",0.0104166666666667,"M",0.28,0.0680508,2,2,0,-0.0198995574377049,0.0744047619047619,0,0.0744047619047619,0.0744047619047619,0.0153810021299419,0.215274602178104,"subclonal"]
["G13383","PAPPA","missense","chr9",118969737,"C","T","p.A494V",0.1311,61,8,"unknown",0,"chr9:g.118969737C>T","predicted passenger",59,"FALSE","SNV","+","PAPPA","nt","CT","GCC","CT_GCC","AGCCT","CT_AGCCT","+",0.131147540983607,"M",0.28,-0.347458,1,1,0,0.0480942882010449,0.805620608899297,1,0.805620608899297,0.805620608899297,0.358500250158406,1.48754623048351,"clonal"]
["G13383","PDE3B","missense","chr11",14880716,"G","A","p.R883H",0.00843881856540084,241,2,"unknown",0,"chr11:g.14880716G>A","predicted passenger",231,"FALSE","SNV","+","PDE3B","ts","CT","ACG","CT_ACG","AACGA","CT_AACGA","-",8.29875518672199E-3,"M",0.28,-0.148739,2,2,0,0.0611402948139042,0.0592768227622999,0,0.0592768227622999,0.0592768227622999,0.00719001839213262,0.21181972026328,"subclonal"]
["G13383","EXOC3L4","missense","chr14",103571154,"C","T","p.A455V",0.0909,44,4,"unknown",0,"chr14:g.103571154C>T","predicted passenger",42,"FALSE","SNV","+","EXOC3L4","nt","CT","GCG","CT_GCG","GGCGC","CT_GGCGC","+",0.0909090909090909,"M",0.28,0.192109,2,2,0,0.067114195858537,0.649350649350649,1,0.649350649350649,0.649350649350649,0.180917297881791,1.54776135332339,"clonal"]
["G13383","ZFHX3","missense","chr16",72993441,"A","C","p.S202A",0.0294,102,3,"unknown",1,"chr16:g.72993441A>C","predicted passenger",107,"TRUE","SNV","-","ZFHX3","nt","TG","CTC","TG_CTC","CCTCA","TG_CCTCA","-",0.0294117647058824,"M",0.28,-0.0361986,2,2,0,-0.0690416444296514,0.210084033613445,0,0.210084033613445,0.210084033613445,0.0436212418744899,0.596809584702542,"subclonal"]
["G13383","TXNDC2","missense","chr18",9887527,"A","G","p.T351A",0.0104529616724739,293,3,"unknown",0,"chr18:g.9887527A>G","predicted passenger",250,"FALSE","SNV","+","TXNDC2","ts","TC","GTT","TC_GTT","GGTTT","TC_GGTTT","-",0.0102389078498294,"M",0.28,-0.00915375,2,2,0,0.228972569760161,0.0731350560702096,0,0.0731350560702096,0.0731350560702096,0.0151179053240813,0.211637178386262,"subclonal"]
["G13383","OSBP2","missense","chr22",31286833,"C","T","p.A581V",0.02,150,3,"unknown",0,"chr22:g.31286833C>T","predicted passenger",129,"FALSE","SNV","+","OSBP2","nt","CT","GCC","CT_GCC","GGCCG","CT_GGCCG","+",0.02,"M",0.28,0.39465,3,3,0,0.217591435072627,0.162857142857143,0,0.162857142857143,0.162857142857143,0.0337409487185102,0.466864381489676,"subclonal"]
["G13383","TSC2","missense","chr16",2133786,"G","A","p.G1325D",0.1695,118,20,"unknown",1,"chr16:g.2133786G>A","predicted passenger",89,"FALSE","SNV","+","TSC2","ts","CT","GCC","CT_GCC","TGCCT","CT_TGCCT","-",0.169491525423729,"M",0.28,0.289816,3,3,0,0.406909618395443,1.38014527845036,1,1.38014527845036,1,0.868947797409361,2.03210440481469,"clonal"]
["G13383","TFB2M","missense","chr1",246707844,"G","A","p.A333V",0.0828,157,13,"unknown",0,"chr1:g.246707844G>A","predicted passenger",138,"FALSE","SNV","-","TFB2M","nt","CT","GCC","CT_GCC","CGCCA","CT_CGCCA","-",0.0828025477707006,"M",0.28,0.0432435,2,2,0,0.186096292113458,0.591446769790719,1,0.591446769790719,0.591446769790719,0.320185979959455,0.981661373285761,"clonal"]
["G13383","TXLNB","missense","chr6",139609817,"C","A","p.A74S",0.00760456273764259,265,2,"unknown",0,"chr6:g.139609817C>A","predicted passenger",206,"FALSE","SNV","-","TXLNB","ts","CA","GCA","CA_GCA","GGCAG","CA_GGCAG","+",0.00754716981132075,"M",0.28,-0.0736346,2,2,0,0.363348022267343,0.0539083557951482,0,0.0539083557951482,0.0539083557951482,0.0065379119932261,0.192825253807667,"subclonal"]
["G13383","C8orf34","missense","chr8",69243416,"C","T","p.P57S",0.0508,118,6,"unknown",0,"chr8:g.69243416C>T","predicted passenger",111,"FALSE","SNV","NA","NA","NA","CT","CCC","CT_CCC","GCCCC","CT_GCCCC","+",0.0508474576271186,"M",0.28,0.317593,3,3,0,0.0882271830117353,0.414043583535109,0,0.414043583535109,0.414043583535109,0.153787131767791,0.874464021009264,"subclonal"]
["G13383","ANKRD12","missense","chr18",9256203,"G","A","p.E980K",0.0306122448979592,101,3,"unknown",0,"chr18:g.9256203G>A","predicted passenger",98,"FALSE","SNV","+","ANKRD12","ts","CT","TCC","CT_TCC","TTCCT","CT_TTCCT","-",0.0297029702970297,"M",0.28,-0.00915375,2,2,0,0.0435016386365864,0.212164073550212,0,0.212164073550212,0.212164073550212,0.0440561395968906,0.602549273400875,"subclonal"]
["G13383","GPR150","missense","chr5",94956557,"C","T","p.P193L",0.0562,89,5,"unknown",0,"chr5:g.94956557C>T","predicted passenger",123,"FALSE","SNV","+","GPR150","nt","CT","CCG","CT_CCG","GCCGC","CT_GCCGC","+",0.0561797752808989,"M",0.28,-0.075582,2,2,0,-0.466781074372842,0.401284109149278,0,0.401284109149278,0.401284109149278,0.132077176189182,0.901805686069488,"subclonal"]
["G13384","EXOSC10","missense","chr1",11147557,"C","T","p.R346Q",0.1772,158,28,"known",0,"chr1:g.11147557C>T","predicted passenger",162,"FALSE","SNV","-","EXOSC10","ts","CT","TCG","CT_TCG","TTCGA","CT_TTCGA","+",0.177215189873418,"M",0.98,0.00748452,2,2,0,-0.0360692547075218,0.361663652802893,0,0.361663652802893,0.361663652802893,0.247156405733824,0.501710344384789,"subclonal"]
["G13384","GREB1","missense","chr2",11780546,"G","A","p.R1939Q",0.1991,211,42,"known",0,"chr2:g.11780546G>A","predicted passenger",228,"FALSE","SNV","+","GREB1","ts","CT","CCG","CT_CCG","GCCGG","CT_GCCGG","-",0.199052132701422,"M",0.98,-0.0337181,2,2,0,-0.111790825457557,0.4062288422478,0,0.4062288422478,0.4062288422478,0.300788463094005,0.529352135158088,"subclonal"]
["G13384","PPP2R3A","missense","chr3",135722118,"G","A","p.R593Q",0.1587,189,30,"known",0,"chr3:g.135722118G>A","predicted passenger",144,"FALSE","SNV","+","PPP2R3A","ts","CT","TCG","CT_TCG","TTCGC","CT_TTCGC","-",0.158730158730159,"M",0.98,0.201274,3,3,0,0.39231742277876,0.482669258179462,0,0.482669258179462,0.482669258179462,0.333668285867575,0.665263557894141,"subclonal"]
["G13384","POU4F2","missense","chr4",147560372,"C","T","p.S27L",0.1939,196,38,"known",0,"chr4:g.147560372C>T","predicted passenger",249,"FALSE","SNV","+","POU4F2","nt","CT","TCG","CT_TCG","CTCGG","CT_CTCGG","+",0.193877551020408,"M",0.98,-0.0542166,2,2,0,-0.345292087952873,0.395668471470221,0,0.395668471470221,0.395668471470221,0.287762142046238,0.522976002588243,"subclonal"]
["G13384","PCDHB14","missense","chr5",140604455,"G","A","p.V460I",0.1667,300,50,"known",0,"chr5:g.140604455G>A","predicted passenger",280,"FALSE","SNV","+","PCDHB14","ts","CT","ACG","CT_ACG","GACGA","CT_GACGA","-",0.166666666666667,"M",0.98,-0.0269568,2,2,0,0.0995356735509144,0.340136054421769,0,0.340136054421769,0.340136054421769,0.257766718140137,0.43623607918351,"subclonal"]
["G13384","FGF17","missense","chr8",21905618,"G","A","p.R170H",0.1986,287,57,"known",0,"chr8:g.21905618G>A","predicted passenger",265,"FALSE","SNV","+","FGF17","ts","CT","GCG","CT_GCG","CGCGC","CT_CGCGC","-",0.198606271777003,"M",0.98,0.246714,3,3,0,0.115058377225126,0.603925193770888,1,0.603925193770888,0.603925193770888,0.468385707499356,0.758755773222625,"subclonal"]
["G13384","NUP188","missense","chr9",131767768,"C","T","p.R1566C",0.1905,126,24,"known",0,"chr9:g.131767768C>T","predicted passenger",106,"FALSE","SNV","+","NUP188","nt","CT","GCG","CT_GCG","TGCGC","CT_TGCGC","+",0.19047619047619,"M",0.98,0.0863839,2,2,0,0.249359468936717,0.388726919339164,0,0.388726919339164,0.388726919339164,0.25718363646223,0.551072974907662,"subclonal"]
["G13384","CHRM1","missense","chr11",62677864,"T","C","p.S237G",0.1538,117,18,"known",0,"chr11:g.62677864T>C","predicted passenger",94,"FALSE","SNV","NA","NA","NA","TC","CTG","TC_CTG","GCTGC","TC_GCTGC","+",0.153846153846154,"M",0.98,0.0778799,2,2,0,0.315775867905767,0.313971742543171,0,0.313971742543171,0.313971742543171,0.19143394314571,0.473883957407613,"subclonal"]
["G13384","STAB2","missense","chr12",104049325,"A","C","p.K567T",0.1477,149,22,"known",0,"chr12:g.104049325A>C","predicted passenger",179,"FALSE","SNV","NA","NA","NA","TG","CTT","TG_CTT","CCTTC","TG_CCTTC","-",0.147651006711409,"M",0.98,-0.0859002,2,2,0,-0.264647256802095,0.301328585125325,0,0.301328585125325,0.301328585125325,0.193682528532656,0.438714004781229,"subclonal"]
["G13384","VWA3A","missense","chr16",22157582,"C","T","p.T919M",0.1705,88,15,"known",0,"chr16:g.22157582C>T","predicted passenger",91,"FALSE","SNV","+","VWA3A","nt","CT","ACG","CT_ACG","GACGC","CT_GACGC","+",0.170454545454545,"M",0.98,0.0432799,2,2,0,-0.048363021561399,0.347866419294991,0,0.347866419294991,0.347866419294991,0.201346490239582,0.541855099166988,"subclonal"]
["G13384","PSMD11","missense","chr17",30771555,"C","T","p.A5V",0.1165,103,12,"known",0,"chr17:g.30771555C>T","predicted passenger",86,"FALSE","SNV","+","PSMD11","nt","CT","GCG","CT_GCG","GGCGG","CT_GGCGG","+",0.116504854368932,"M",0.98,-0.0189195,2,2,0,0.26023577248112,0.237765008916188,0,0.237765008916188,0.237765008916188,0.125859136170276,0.397283068412638,"subclonal"]
["G13384","AOC3","missense","chr17",41008412,"G","A","p.E713K",0.2342,222,52,"known",0,"chr17:g.41008412G>A","predicted passenger",194,"FALSE","SNV","+","AOC3","ts","CT","TCG","CT_TCG","TTCGT","CT_TTCGT","-",0.234234234234234,"M",0.98,0.0961808,2,2,0,0.194503024162978,0.478029049457621,0,0.478029049457621,0.478029049457621,0.3676758944315,0.603166924134334,"subclonal"]
["G13384","UNC13A","missense","chr19",17743703,"G","A","p.R1106C",0.2178,101,22,"known",0,"chr19:g.17743703G>A","predicted passenger",98,"FALSE","SNV","-","UNC13A","nt","CT","TCG","CT_TCG","ATCGT","CT_ATCGT","-",0.217821782178218,"M",0.98,0.151564,2,2,0,0.0435016386365864,0.444534249343302,0,0.444534249343302,0.444534249343302,0.289441714536625,0.63470066401537,"subclonal"]
["G13384","NRK","missense","chrX",105156743,"T","A","p.I783N",0.2966,118,35,"known",0,"chrX:g.105156743T>A","predicted passenger",149,"FALSE","SNV","+","NRK","nt","TA","ATT","TA_ATT","AATTG","TA_AATTG","+",0.296610169491525,"M",0.98,-0.871014,1,1,0,-0.33652547110032,0.302663438256659,0,0.302663438256659,0.302663438256659,0.224885075954777,0.403481824721689,"subclonal"]
["G13384","RAF1","missense","chr3",12626107,"C","T","p.R618Q",0.1348,267,36,"known",1,"chr3:g.12626107C>T","predicted driver: tier 1",206,"TRUE","SNV","-","RAF1","ts","CT","CCG","CT_CCG","TCCGG","CT_TCCGG","+",0.134831460674157,"M",0.98,0.242762,3,3,0,0.374195404504336,0.409997706947948,0,0.409997706947948,0.409997706947948,0.292687185106191,0.552660607899837,"subclonal"]
["G13384","GDF10","missense","chr10",48428877,"G","A","p.R337C",0.1776,107,19,"known",0,"chr10:g.48428877G>A","predicted passenger",84,"FALSE","SNV","-","GDF10","nt","CT","GCG","CT_GCG","GGCGC","CT_GGCGC","-",0.177570093457944,"M",0.98,-0.0415244,2,2,0,0.349149563622387,0.362387945832539,0,0.362387945832539,0.362387945832539,0.225363361318076,0.537400014996666,"subclonal"]
["G13384","TBKBP1","missense","chr17",45786144,"T","C","p.S349P",0.1186,59,7,"known",0,"chr17:g.45786144T>C","predicted passenger",54,"FALSE","SNV","+","TBKBP1","nt","TC","CTC","TC_CTC","CCTCC","TC_CCTCC","+",0.11864406779661,"M",0.98,0.0735847,2,2,0,0.127755547198373,0.242130750605327,0,0.242130750605327,0.242130750605327,0.100113858452579,0.46794397746427,"subclonal"]
["G13384","TMEM74B","missense","chr20",1161830,"G","A","p.R145C",0.1846,130,24,"known",0,"chr20:g.1161830G>A","predicted passenger",119,"FALSE","SNV","-","TMEM74B","nt","CT","CCG","CT_CCG","CCCGT","CT_CCCGT","-",0.184615384615385,"M",0.98,-0.00682721,2,2,0,0.127550049720511,0.376766091051805,0,0.376766091051805,0.376766091051805,0.249009377041069,0.534946777037288,"subclonal"]
["G13384","SLC35F5","missense","chr2",114476836,"G","A","p.S464L",0.016260162601626,125,2,"known",0,"chr2:g.114476836G>A","predicted passenger",154,"FALSE","SNV","-","SLC35F5","nt","CT","TCA","CT_TCA","TTCAT","CT_TTCAT","-",0.016,"M",0.98,-0.00770335,2,2,0,-0.301002256032814,0.0326530612244898,0,0.0326530612244898,0.0326530612244898,0.00396649347422227,0.115514529836235,"subclonal"]
["G13384","EPHA8","missense","chr1",22915507,"C","T","p.R375C",0.1471,204,30,"unknown",0,"chr1:g.22915507C>T","predicted passenger",163,"FALSE","SNV","+","EPHA8","nt","CT","CCG","CT_CCG","GCCGC","CT_GCCGC","+",0.147058823529412,"M",0.98,0.00748452,2,2,0,0.323697187740418,0.300120048019208,0,0.300120048019208,0.300120048019208,0.207084530565508,0.414761538312878,"subclonal"]
["G13384","OXCT2","missense","chr1",40235505,"C","T","p.V475M",0.1276,196,25,"unknown",0,"chr1:g.40235505C>T","predicted passenger",243,"FALSE","SNV","NA","NA","NA","CT","ACG","CT_ACG","CACGT","CT_CACGT","+",0.127551020408163,"M",0.98,0.00748452,2,2,0,-0.310102659490573,0.260308204914619,0,0.260308204914619,0.260308204914619,0.171986511379968,0.372467927262268,"subclonal"]
["G13384","KIAA1107","missense","chr1",92636995,"A","G","p.K100R",0.1728,162,28,"unknown",0,"chr1:g.92636995A>G","predicted passenger",147,"FALSE","SNV","+","KIAA1107","ts","TC","CTT","TC_CTT","GCTTT","TC_GCTTT","-",0.172839506172839,"M",0.98,0.00748452,2,2,0,0.14017765804826,0.352733686067019,0,0.352733686067019,0.352733686067019,0.240877569736315,0.489837981258341,"subclonal"]
["G13384","LMNA","missense","chr1",156105747,"G","A","p.R331Q",0.1852,216,40,"unknown",1,"chr1:g.156105747G>A","predicted passenger",170,"FALSE","SNV","+","LMNA","ts","CT","CCG","CT_CCG","CCCGC","CT_CCCGC","-",0.185185185185185,"M",0.98,0.044037,2,2,0,0.345496566025767,0.377928949357521,0,0.377928949357521,0.377928949357521,0.276975384827851,0.496969781647635,"subclonal"]
["G13384","DISC1","missense","chr1",231830042,"G","T","p.A180S",0.1478,318,47,"unknown",0,"chr1:g.231830042G>T","predicted passenger",267,"FALSE","SNV","NA","NA","NA","CA","GCT","CA_GCT","TGCTG","CA_TGCTG","-",0.147798742138365,"M",0.98,-0.0242895,2,2,0,0.252187023596801,0.301630085996663,0,0.301630085996663,0.301630085996663,0.225839804323525,0.391123654334447,"subclonal"]
["G13384","GPATCH11","missense","chr2",37319325,"A","G","p.K152R",0.1519,79,12,"unknown",0,"chr2:g.37319325A>G","predicted passenger",75,"FALSE","SNV","+","GPATCH11","ts","TC","CTT","TC_CTT","GCTTA","TC_GCTTA","-",0.151898734177215,"M",0.98,-0.00856661,2,2,0,0.0749620576812219,0.309997416688194,0,0.309997416688194,0.309997416688194,0.165362891109796,0.510831492828329,"subclonal"]
["G13384","PLEKHH2","missense","chr2",43871849,"T","C","p.W13R",0.2188,128,28,"unknown",0,"chr2:g.43871849T>C","predicted passenger",123,"FALSE","SNV","+","PLEKHH2","nt","TC","TTG","TC_TTG","ATTGG","TC_ATTGG","+",0.21875,"M",0.98,-0.00856661,2,2,0,0.0574854946607603,0.446428571428571,0,0.446428571428571,0.446428571428571,0.307242849235254,0.613067435657981,"subclonal"]
["G13384","ARMC9","missense","chr2",232143122,"G","A","p.G501D",0.25,168,42,"unknown",0,"chr2:g.232143122G>A","predicted passenger",170,"FALSE","SNV","+","ARMC9","ts","CT","GCC","CT_GCC","GGCCT","CT_GGCCT","-",0.25,"M",0.98,-0.00383883,2,2,0,-0.0170735133589414,0.510204081632653,1,0.510204081632653,0.510204081632653,0.380618723333641,0.65823792745033,"subclonal"]
["G13384","DLEC1","missense","chr3",38163856,"G","A","p.G1741S",0.2818,181,51,"unknown",0,"chr3:g.38163856G>A","predicted passenger",137,"FALSE","SNV","NA","NA","NA","CT","CCC","CT_CCC","GCCCC","CT_GCCCC","-",0.281767955801105,"M",0.98,0.18863,2,2,0,0.401813804122679,0.575036644492051,1,0.575036644492051,0.575036644492051,0.443967930300514,0.721004205539446,"subclonal"]
["G13384","TRAK1","missense","chr3",42265183,"G","A","p.G939D",0.198,101,20,"unknown",0,"chr3:g.42265183G>A","predicted passenger",71,"FALSE","SNV","+","TRAK1","ts","CT","GCC","CT_GCC","TGCCC","CT_TGCCC","-",0.198019801980198,"M",0.98,0.18863,2,2,0,0.508464363247113,0.404122044857547,0,0.404122044857547,0.404122044857547,0.255823969546016,0.590046731010361,"subclonal"]
["G13384","EPHA3","missense","chr3",89448550,"A","T","p.Y505F",0.2321,112,26,"unknown",1,"chr3:g.89448550A>T","predicted passenger",111,"TRUE","SNV","+","EPHA3","ts","TA","GTA","TA_GTA","CGTAT","TA_CGTAT","-",0.232142857142857,"M",0.98,0.0604614,2,2,0,0.012939055707498,0.473760932944606,0,0.473760932944606,0.473760932944606,0.321616687085733,0.655823928720388,"subclonal"]
["G13384","EEFSEC","missense","chr3",128060157,"G","A","p.V290I",0.1826,115,21,"unknown",0,"chr3:g.128060157G>A","predicted passenger",90,"FALSE","SNV","+","EEFSEC","ts","CT","ACG","CT_ACG","GACGC","CT_GACGC","-",0.182608695652174,"M",0.98,0.18131,2,2,0,0.3536369546147,0.372670807453416,0,0.372670807453416,0.372670807453416,0.238238865671519,0.541814560152479,"subclonal"]
["G13384","MAGEF1","missense","chr3",184429039,"C","T","p.E191K",0.1653,236,39,"unknown",0,"chr3:g.184429039C>T","predicted passenger",144,"FALSE","SNV","-","MAGEF1","ts","CT","TCC","CT_TCC","CTCCC","CT_CTCCC","+",0.165254237288136,"M",0.98,0.220009,3,3,0,0.712718047919529,0.502507782774127,1,0.502507782774127,0.502507782774127,0.365593388536771,0.665665631632998,"subclonal"]
["G13384","SLC4A4","missense","chr4",72423447,"C","G","p.L928V",0.1983,237,47,"unknown",0,"chr4:g.72423447C>G","predicted passenger",288,"FALSE","SNV","+","SLC4A4","nt","CG","GCT","CG_GCT","AGCTG","CG_AGCTG","+",0.19831223628692,"M",0.98,-0.0542166,2,2,0,-0.281181752544053,0.404718849565142,0,0.404718849565142,0.404718849565142,0.305107631967322,0.520078560444538,"subclonal"]
["G13384","CCNA2","missense","chr4",122740045,"T","C","p.I342M",0.1525,118,18,"unknown",0,"chr4:g.122740045T>C","predicted passenger",86,"FALSE","SNV","-","CCNA2","ts","TC","CTA","TC_CTA","TCTAT","TC_TCTAT","+",0.152542372881356,"M",0.98,-0.0542166,2,2,0,0.456378294659743,0.311310965063992,0,0.311310965063992,0.311310965063992,0.189763733481265,0.470057333265261,"subclonal"]
["G13384","CCDC110","missense","chr4",186381022,"T","C","p.D240G",0.1304,207,27,"unknown",0,"chr4:g.186381022T>C","predicted passenger",148,"FALSE","SNV","-","CCDC110","ts","TC","GTC","TC_GTC","TGTCA","TC_TGTCA","+",0.130434782608696,"M",0.98,-0.0542166,2,2,0,0.484033591870375,0.266193433895297,0,0.266193433895297,0.266193433895297,0.179076728300384,0.375665060084878,"subclonal"]
["G13384","ZNF608","missense","chr5",123983616,"C","T","p.D821N",0.1711,187,32,"unknown",0,"chr5:g.123983616C>T","predicted passenger",156,"FALSE","SNV","-","ZNF608","ts","CT","TCC","CT_TCC","GTCCT","CT_GTCCT","+",0.171122994652406,"M",0.98,-0.0269568,2,2,0,0.261492241025388,0.349230601331442,0,0.349230601331442,0.349230601331442,0.245081768593284,0.475305602757177,"subclonal"]
["G13384","SH3TC2","missense","chr5",148384453,"C","T","p.A1230T",0.1596,188,30,"unknown",0,"chr5:g.148384453C>T","predicted passenger",221,"FALSE","SNV","-","SH3TC2","ts","CT","GCA","CT_GCA","GGCAT","CT_GGCAT","+",0.159574468085106,"M",0.98,-0.0269568,2,2,0,-0.233313707713794,0.325662179765523,0,0.325662179765523,0.325662179765523,0.225160211440194,0.448773593985613,"subclonal"]
["G13384","DBN1","missense","chr5",176895159,"T","C","p.S71G",0.1711,152,26,"unknown",0,"chr5:g.176895159T>C","predicted passenger",147,"FALSE","SNV","-","DBN1","ts","TC","CTG","TC_CTG","ACTGC","TC_ACTGC","+",0.171052631578947,"M",0.98,-0.0269568,2,2,0,0.0482551686072211,0.349087003222342,0,0.349087003222342,0.349087003222342,0.234458795069857,0.490815320118296,"subclonal"]
["G13384","HIVEP2","missense","chr6",143082670,"G","A","p.H1851Y",0.1366,205,28,"unknown",0,"chr6:g.143082670G>A","predicted passenger",196,"FALSE","SNV","-","HIVEP2","nt","CT","ACA","CT_ACA","CACAC","CT_CACAC","-",0.136585365853659,"M",0.98,-0.0454919,2,2,0,0.0647702553902378,0.278745644599303,0,0.278745644599303,0.278745644599303,0.189217682769797,0.390449982259938,"subclonal"]
["G13384","FGFR1OP","missense","chr6",167436116,"T","C","p.Y267H",0.2061,165,34,"unknown",1,"chr6:g.167436116T>C","predicted passenger",114,"TRUE","SNV","NA","NA","NA","TC","TTA","TC_TTA","CTTAC","TC_CTTAC","+",0.206060606060606,"M",0.98,-0.0511933,2,2,0,0.533432200081074,0.420531849103278,0,0.420531849103278,0.420531849103278,0.300254013311029,0.562985419559294,"subclonal"]
["G13384","HOXA3","missense","chr7",27148169,"G","A","p.R233C",0.1954,174,34,"unknown",0,"chr7:g.27148169G>A","predicted passenger",201,"FALSE","SNV","NA","NA","NA","CT","GCG","CT_GCG","AGCGC","CT_AGCGC","-",0.195402298850575,"M",0.98,-0.0529664,2,2,0,-0.2081081953302,0.398780201735867,0,0.398780201735867,0.398780201735867,0.284245664747665,0.535107640082512,"subclonal"]
["G13384","SLC4A2","missense","chr7",150761682,"G","A","p.R96H",0.1391,151,21,"unknown",0,"chr7:g.150761682G>A","predicted passenger",159,"FALSE","SNV","+","SLC4A2","ts","CT","GCG","CT_GCG","TGCGG","CT_TGCGG","-",0.139072847682119,"M",0.98,-0.0210182,2,2,0,-0.0744782159592764,0.283822138126774,0,0.283822138126774,0.283822138126774,0.1799904270045,0.417754158442693,"subclonal"]
["G13384","FUT10","missense","chr8",33310749,"C","T","p.A121T",0.102,147,15,"unknown",0,"chr8:g.33310749C>T","predicted passenger",106,"FALSE","SNV","-","FUT10","ts","CT","GCT","CT_GCT","TGCTT","CT_TGCTT","+",0.102040816326531,"M",0.98,0.200194,3,3,0,0.471751890273165,0.310287380258226,0,0.310287380258226,0.310287380258226,0.177113838030489,0.494778169688755,"subclonal"]
["G13384","ANK1","missense","chr8",41548012,"G","A","p.R1363C",0.1563,499,78,"unknown",1,"chr8:g.41548012G>A","predicted passenger",437,"FALSE","SNV","-","ANK1","nt","CT","CCG","CT_CCG","ACCGT","CT_ACCGT","-",0.156312625250501,"M",0.98,0.226704,3,3,0,0.191406535836662,0.475317982904585,0,0.475317982904585,0.475317982904585,0.381813369347574,0.581405713434125,"subclonal"]
["G13384","ADCK5","missense","chr8",145617773,"G","A","p.E461K",0.1856,194,36,"unknown",0,"chr8:g.145617773G>A","predicted passenger",159,"FALSE","SNV","+","ADCK5","ts","CT","TCG","CT_TCG","CTCGC","CT_CTCGC","-",0.185567010309278,"M",0.98,0.24173,3,3,0,0.287029886902772,0.564275194613928,1,0.564275194613928,0.564275194613928,0.405897486327691,0.752685019066572,"subclonal"]
["G13384","GDA","missense","chr9",74842935,"A","G","p.H300R",0.1908,152,29,"unknown",0,"chr9:g.74842935A>G","predicted passenger",142,"FALSE","SNV","+","GDA","ts","TC","GTG","TC_GTG","AGTGT","TC_AGTGT","-",0.190789473684211,"M",0.98,-0.0463605,2,2,0,0.0981803939389033,0.389366272824919,0,0.389366272824919,0.389366272824919,0.268683198145833,0.535457102273802,"subclonal"]
["G13384","SETX","missense","chr9",135203353,"C","T","p.R1211H",0.1775,231,41,"unknown",0,"chr9:g.135203353C>T","predicted passenger",165,"FALSE","SNV","-","SETX","ts","CT","ACG","CT_ACG","TACGT","CT_TACGT","+",0.177489177489178,"M",0.98,0.0325542,2,2,0,0.485426827170242,0.362222811202403,0,0.362222811202403,0.362222811202403,0.266291004479554,0.475473021046982,"subclonal"]
["G13384","ZFAND4","missense","chr10",46122100,"C","T","p.E391K",0.1414,198,28,"unknown",0,"chr10:g.46122100C>T","predicted passenger",143,"FALSE","SNV","-","ZFAND4","ts","CT","TCG","CT_TCG","TTCGG","CT_TTCGG","+",0.141414141414141,"M",0.98,-0.0415244,2,2,0,0.46948528330122,0.288600288600289,0,0.288600288600289,0.288600288600289,0.196061603152525,0.403792390997921,"subclonal"]
["G13384","AFAP1L2","missense","chr10",116060010,"C","T","p.A634T",0.1673,245,41,"unknown",0,"chr10:g.116060010C>T","predicted passenger",231,"FALSE","SNV","-","AFAP1L2","ts","CT","GCC","CT_GCC","GGCCA","CT_GGCCA","+",0.16734693877551,"M",0.98,-0.0204774,2,2,0,0.0848888975865129,0.34152436484798,0,0.34152436484798,0.34152436484798,0.250709605579931,0.449182127935513,"subclonal"]
["G13384","DCHS1","missense","chr11",6662520,"G","T","p.R109S",0.1739,161,28,"unknown",0,"chr11:g.6662520G>T","predicted passenger",181,"FALSE","SNV","-","DCHS1","nt","CA","CCG","CA_CCG","ACCGT","CA_ACCGT","-",0.173913043478261,"M",0.98,-0.0545186,2,2,0,-0.168929008968588,0.354924578527063,0,0.354924578527063,0.354924578527063,0.242417142825692,0.492753236261939,"subclonal"]
["G13384","CABP2","missense","chr11",67290025,"T","C","p.T69A",0.1477,149,22,"unknown",0,"chr11:g.67290025T>C","predicted passenger",148,"FALSE","SNV","-","CABP2","ts","TC","GTG","TC_GTG","GGTGG","TC_GGTGG","+",0.147651006711409,"M",0.98,0.0406687,2,2,0,0.00971515483321185,0.301328585125325,0,0.301328585125325,0.301328585125325,0.193682528532656,0.438714004781229,"subclonal"]
["G13384","MED17","missense","chr11",93529578,"T","G","p.L339V",0.1395,258,36,"unknown",0,"chr11:g.93529578T>G","predicted passenger",250,"FALSE","SNV","+","MED17","nt","TG","CTT","TG_CTT","GCTTG","TG_GCTTG","+",0.13953488372093,"M",0.98,0.0511614,2,2,0,0.0454429707611671,0.284765068818225,0,0.284765068818225,0.284765068818225,0.203427936855388,0.38348320872559,"subclonal"]
["G13384","ATF7IP","missense","chr12",14577385,"C","T","p.A179V",0.1744,195,34,"unknown",1,"chr12:g.14577385C>T","predicted passenger",201,"FALSE","SNV","+","ATF7IP","nt","CT","GCC","CT_GCC","TGCCC","CT_TGCCC","+",0.174358974358974,"M",0.98,-0.0776517,2,2,0,-0.0437213774293179,0.355834641548927,0,0.355834641548927,0.355834641548927,0.252803726888303,0.479658559717679,"subclonal"]
["G13384","ABCB9","missense","chr12",123433352,"G","A","p.S291L",0.0943,53,5,"unknown",0,"chr12:g.123433352G>A","predicted passenger",25,"FALSE","SNV","-","ABCB9","nt","CT","TCG","CT_TCG","CTCGG","CT_CTCGG","-",0.0943396226415094,"M",0.98,0.114057,2,2,0,1.08406426478847,0.192529842125529,0,0.192529842125529,0.192529842125529,0.0639730729156186,0.421602704091858,"subclonal"]
["G13384","LCP1","missense","chr13",46722525,"C","T","p.G314S",0.1761,176,31,"unknown",1,"chr13:g.46722525C>T","predicted passenger",178,"FALSE","SNV","-","LCP1","ts","CT","CCT","CT_CCT","ACCTT","CT_ACCTT","+",0.176136363636364,"M",0.98,-0.0394565,2,2,0,-0.0163018123291005,0.359461966604824,0,0.359461966604824,0.359461966604824,0.250866775353178,0.491012476680093,"subclonal"]
["G13384","SLC7A8","missense","chr14",23612411,"G","A","p.L171F",0.1667,54,9,"unknown",0,"chr14:g.23612411G>A","predicted passenger",34,"FALSE","SNV","-","SLC7A8","nt","CT","GCT","CT_GCT","TGCTC","CT_TGCTC","-",0.166666666666667,"M",0.98,-3.4494E-3,2,2,0,0.667424660913129,0.340136054421769,0,0.340136054421769,0.340136054421769,0.161539665653896,0.597839263498745,"subclonal"]
["G13384","GOLGA6L2","missense","chr15",23688982,"G","A","p.A178V",0.2105,114,24,"unknown",0,"chr15:g.23688982G>A","predicted passenger",101,"FALSE","SNV","-","GOLGA6L2","nt","CT","GCA","CT_GCA","TGCAG","CT_TGCAG","-",0.210526315789474,"M",0.98,-0.0422844,2,2,0,0.174678531412947,0.429645542427497,0,0.429645542427497,0.429645542427497,0.285285132829286,0.605833193995331,"subclonal"]
["G13384","TMED3","missense","chr15",79614392,"C","T","p.R164W",0.1768,198,35,"unknown",0,"chr15:g.79614392C>T","predicted passenger",206,"FALSE","SNV","+","TMED3","nt","CT","GCG","CT_GCG","TGCGG","CT_TGCGG","+",0.176767676767677,"M",0.98,-0.0157387,2,2,0,-0.0571439071036087,0.360750360750361,0,0.360750360750361,0.360750360750361,0.257798950655785,0.484015832768356,"subclonal"]
["G13384","DET1","missense","chr15",89074797,"A","G","p.F58S",0.2259,270,61,"unknown",0,"chr15:g.89074797A>G","predicted passenger",232,"FALSE","SNV","-","DET1","nt","TC","TTC","TC_TTC","CTTCC","TC_CTTCC","-",0.225925925925926,"M",0.98,-0.0852461,2,2,0,0.218834601923259,0.461073318216175,0,0.461073318216175,0.461073318216175,0.362136770947374,0.572511351489372,"subclonal"]
["G13384","DCUN1D3","missense","chr16",20873529,"A","G","p.M111T",0.1416,233,33,"unknown",0,"chr16:g.20873529A>G","predicted passenger",251,"FALSE","SNV","NA","NA","NA","TC","ATG","TC_ATG","CATGG","TC_CATGG","-",0.141630901287554,"M",0.98,0.0432799,2,2,0,-0.107357409296492,0.289042655688885,0,0.289042655688885,0.289042655688885,0.203142200070115,0.394112364616287,"subclonal"]
["G13384","CHST6","missense","chr16",75512808,"T","C","p.T307A",0.1824,340,62,"unknown",0,"chr16:g.75512808T>C","predicted passenger",311,"FALSE","SNV","NA","NA","NA","TC","GTG","TC_GTG","GGTGA","TC_GGTGA","+",0.182352941176471,"M",0.98,0.0690486,2,2,0,0.128620166007099,0.372148859543817,0,0.372148859543817,0.372148859543817,0.291350690762363,0.464447763499515,"subclonal"]
["G13384","NLGN2","missense","chr17",7311960,"C","T","p.A129V",0.1186,236,28,"unknown",0,"chr17:g.7311960C>T","predicted passenger",273,"FALSE","SNV","+","NLGN2","nt","CT","GCG","CT_GCG","GGCGG","CT_GGCGG","+",0.11864406779661,"M",0.98,0.0758148,2,2,0,-0.210114091558011,0.242130750605327,0,0.242130750605327,0.242130750605327,0.163885916414252,0.340596474119621,"subclonal"]
["G13384","BRCA1","missense","chr17",41245501,"T","C","p.K683E",0.2365,203,48,"unknown",1,"chr17:g.41245501T>C","predicted passenger",128,"FALSE","SNV","-","BRCA1","ts","TC","TTG","TC_TTG","CTTGT","TC_CTTGT","+",0.236453201970443,"M",0.98,0.0961808,2,2,0,0.665335917185176,0.482557555041721,0,0.482557555041721,0.482557555041721,0.36690643628288,0.614264947029892,"subclonal"]
["G13384","DNAH17","missense","chr17",76491052,"G","A","p.L1997F",0.2462,65,16,"unknown",0,"chr17:g.76491052G>A","predicted passenger",58,"FALSE","SNV","NA","NA","NA","CT","GCT","CT_GCT","TGCTC","CT_TGCTC","-",0.246153846153846,"M",0.98,0.0958817,2,2,0,0.164386817900882,0.502354788069074,1,0.502354788069074,0.502354788069074,0.301475621632126,0.752507311416002,"subclonal"]
["G13384","DSC1","missense","chr18",28722114,"C","T","p.V370M",0.1005,219,22,"unknown",0,"chr18:g.28722114C>T","predicted passenger",224,"FALSE","SNV","NA","NA","NA","CT","ACG","CT_ACG","CACGT","CT_CACGT","+",0.100456621004566,"M",0.98,-0.0479056,2,2,0,-0.0325678624564307,0.205013512254217,0,0.205013512254217,0.205013512254217,0.130679647509972,0.302322437759876,"subclonal"]
["G13384","PLIN4","missense","chr19",4512671,"T","C","p.D420G",0.1793,184,33,"unknown",0,"chr19:g.4512671T>C","predicted passenger",123,"FALSE","SNV","-","PLIN4","ts","TC","GTC","TC_GTC","TGTCC","TC_TGTCC","+",0.179347826086957,"M",0.98,0.147475,2,2,0,0.581047450717773,0.366015971606034,0,0.366015971606034,0.366015971606034,0.258750290342342,0.494992408254632,"subclonal"]
["G13384","ZNF493","missense","chr19",21587940,"A","T","p.T14S",0.1869,107,20,"unknown",0,"chr19:g.21587940A>T","predicted passenger",87,"FALSE","SNV","+","ZNF493","ts","TA","GTC","TA_GTC","TGTCA","TA_TGTCA","-",0.186915887850467,"M",0.98,0.114249,2,2,0,0.298523490552419,0.381460995613199,0,0.381460995613199,0.381460995613199,0.24096545331264,0.558791251977455,"subclonal"]
["G13384","WDR62","missense","chr19",36572347,"T","C","p.F416L",0.1854,356,66,"unknown",0,"chr19:g.36572347T>C","predicted passenger",292,"FALSE","SNV","+","WDR62","nt","TC","GTT","TC_GTT","AGTTT","TC_AGTTT","+",0.185393258426966,"M",0.98,0.119884,2,2,0,0.28590887208638,0.378353588626462,0,0.378353588626462,0.378353588626462,0.298740895851807,0.468833454086351,"subclonal"]
["G13384","NLRP13","missense","chr19",56424372,"G","A","p.H271Y",0.125,208,26,"unknown",0,"chr19:g.56424372G>A","predicted passenger",191,"FALSE","SNV","-","NLRP13","nt","CT","CCA","CT_CCA","GCCAT","CT_GCCAT","-",0.125,"M",0.98,0.069932,2,2,0,0.123010890105344,0.255102040816327,0,0.255102040816327,0.255102040816327,0.170008171975497,0.362792867168325,"subclonal"]
["G13384","ADNP","missense","chr20",49510188,"C","T","p.A355T",0.0165289256198347,247,4,"unknown",0,"chr20:g.49510188C>T","predicted passenger",176,"FALSE","SNV","-","ADNP","ts","CT","GCG","CT_GCG","TGCGT","CT_TGCGT","+",0.0161943319838057,"M",0.98,0.0533788,2,2,0,0.48893561294738,0.0330496571098075,0,0.0330496571098075,0.0330496571098075,0.00903997253683003,0.0835562015771351,"subclonal"]
["G13384","LARGE1","missense","chr22",33673144,"G","A","p.P659S",0.1905,252,48,"unknown",0,"chr22:g.33673144G>A","predicted passenger",222,"FALSE","SNV","-","LARGE","nt","CT","GCC","CT_GCC","AGCCG","CT_AGCCG","-",0.19047619047619,"M",0.98,0.104127,2,2,0,0.18286405714981,0.388726919339164,0,0.388726919339164,0.388726919339164,0.293692530553841,0.498951186892929,"subclonal"]
["G13384","MAGEB6","missense","chrX",26212207,"T","A","p.S82T",0.3964,169,67,"unknown",0,"chrX:g.26212207T>A","predicted passenger",168,"FALSE","SNV","+","MAGEB6","nt","TA","ATC","TA_ATC","AATCC","TA_AATCC","+",0.396449704142012,"M",0.98,-0.940305,1,1,0,0.008562013503424,0.404540514430624,0,0.404540514430624,0.404540514430624,0.335304333738445,0.493808260387787,"subclonal"]
["G13384","ARHGAP4","missense","chrX",153176213,"C","T","p.R626Q",0.3095,42,13,"unknown",0,"chrX:g.153176213C>T","predicted passenger",40,"FALSE","SNV","-","ARHGAP4","ts","CT","CCG","CT_CCG","TCCGG","CT_TCCGG","+",0.30952380952381,"M",0.98,-0.853568,1,1,0,0.070389327891398,0.315840621963071,0,0.315840621963071,0.315840621963071,0.183413779892647,0.49007943011302,"subclonal"]
["G13384","EIF2B4","missense","chr2",27592771,"A","G","p.M37T",0.1042,96,10,"unknown",0,"chr2:g.27592771A>G","predicted passenger",79,"FALSE","SNV","-","EIF2B4","nt","TC","ATG","TC_ATG","GATGA","TC_GATGA","-",0.104166666666667,"M",0.98,0.0314699,2,2,0,0.281181752544053,0.212585034013605,0,0.212585034013605,0.212585034013605,0.104273880520511,0.373945243668141,"subclonal"]
["G13384","EHBP1","missense","chr2",63221066,"C","T","p.A1049V",0.096,125,12,"unknown",0,"chr2:g.63221066C>T","predicted passenger",163,"FALSE","SNV","+","EHBP1","nt","CT","GCG","CT_GCG","AGCGA","CT_AGCGA","+",0.096,"M",0.98,-0.00844361,2,2,0,-0.38294386956899,0.195918367346939,0,0.195918367346939,0.195918367346939,0.103254841533558,0.329976755544512,"subclonal"]
["G13384","SETD2","missense","chr3",47165023,"C","T","p.R368Q",0.0846,272,23,"unknown",1,"chr3:g.47165023C>T","predicted driver: tier 1",178,"TRUE","SNV","-","SETD2","ts","CT","TCG","CT_TCG","ATCGT","CT_ATCGT","+",0.0845588235294118,"M",0.98,0.270912,3,3,0,0.611729410283942,0.257127851140456,0,0.257127851140456,0.257127851140456,0.165292650503819,0.377602665295649,"subclonal"]
["G13384","SLC10A6","missense","chr4",87770013,"G","T","p.L86M",0.1399,193,27,"unknown",0,"chr4:g.87770013G>T","predicted passenger",160,"FALSE","SNV","-","SLC10A6","nt","CA","CCT","CA_CCT","TCCTG","CA_TCCTG","-",0.139896373056995,"M",0.98,-0.0542166,2,2,0,0.270528942380718,0.285502802157132,0,0.285502802157132,0.285502802157132,0.192366885103207,0.401997211354106,"subclonal"]
["G13384","PRIMPOL","nonsense","chr4",185578337,"C","T","p.R15*",0.1791,67,12,"unknown",0,"chr4:g.185578337C>T","predicted passenger",84,"FALSE","SNV","+","PRIMPOL","nt","CT","ACG","CT_ACG","AACGA","CT_AACGA","+",0.17910447761194,"M",0.98,-0.0542166,2,2,0,-0.326228232320988,0.365519342065184,0,0.365519342065184,0.365519342065184,0.196162039981333,0.595843730964453,"subclonal"]
["G13384","NSD1","missense","chr5",176687029,"A","G","p.H1669R",0.0562,178,10,"unknown",1,"chr5:g.176687029A>G","predicted driver: tier 1",145,"TRUE","SNV","+","NSD1","ts","TC","GTG","TC_GTG","CGTGG","TC_CGTGG","-",0.0561797752808989,"M",0.98,-0.0269568,2,2,0,0.295824340951463,0.114652602614079,0,0.114652602614079,0.114652602614079,0.0556448049432529,0.205893828639254,"subclonal"]
["G13384","NSD3","missense","chr8",38194981,"T","C","p.Q251R",0.1667,54,9,"unknown",0,"chr8:g.38194981T>C","predicted passenger",52,"FALSE","SNV","NA","NA","NA","TC","CTG","TC_CTG","GCTGA","TC_GCTGA","+",0.166666666666667,"M",0.98,0.229593,3,3,0,0.0544477840223765,0.506802721088435,1,0.506802721088435,0.506802721088435,0.240694101824305,0.890780502613131,"subclonal"]
["G13384","SPATA31A1","missense","chr9",39888419,"C","T","p.A469V",0.25,32,8,"unknown",0,"chr9:g.39888419C>T","predicted passenger",15,"FALSE","SNV","+","SPATA31A2","nt","CT","GCC","CT_GCC","GGCCC","CT_GGCCC","+",0.25,"M",0.98,0.00869446,2,2,0,1.09310940439148,0.510204081632653,1,0.510204081632653,0.510204081632653,0.233910214495078,0.88581505086172,"subclonal"]
["G13384","ABL1","missense","chr9",133760019,"C","T","p.T781M",0.0559,179,10,"unknown",1,"chr9:g.133760019C>T","predicted passenger",152,"FALSE","SNV","+","ABL1","nt","CT","ACG","CT_ACG","AACGC","CT_AACGC","+",0.0558659217877095,"M",0.98,0.0325542,2,2,0,0.235888263820671,0.11401208528104,0,0.11401208528104,0.11401208528104,0.0553301631947031,0.20477105112743,"subclonal"]
["G13384","SF3B2","nonsense","chr11",65828083,"C","T","p.R554*",0.1339,112,15,"unknown",0,"chr11:g.65828083C>T","predicted passenger",112,"FALSE","SNV","+","SF3B2","nt","CT","GCG","CT_GCG","TGCGA","CT_TGCGA","+",0.133928571428571,"M",0.98,0.0778799,2,2,0,0,0.27332361516035,0,0.27332361516035,0.27332361516035,0.157017540782148,0.431139325399769,"subclonal"]
["G13384","LRP1","missense","chr12",57567752,"G","A","p.G1179D",0.2488,209,52,"unknown",0,"chr12:g.57567752G>A","predicted passenger",166,"FALSE","SNV","+","LRP1","ts","CT","GCC","CT_GCC","CGCCC","CT_CGCCC","-",0.248803827751196,"M",0.98,0.0357752,2,2,0,0.332319700733958,0.507762913777951,1,0.507762913777951,0.507762913777951,0.391321496421059,0.639048602700632,"subclonal"]
["G13384","NALCN","missense","chr13",101707667,"C","A","p.D1733Y",0.1311,61,8,"unknown",0,"chr13:g.101707667C>A","predicted passenger",60,"FALSE","SNV","NA","NA","NA","CA","TCC","CA_TCC","ATCCC","CA_ATCCC","+",0.131147540983607,"M",0.98,-0.120603,2,2,0,0.0238467419543677,0.267648042823687,0,0.267648042823687,0.267648042823687,0.119103073142328,0.494201405476249,"subclonal"]
["G13384","SKOR1","missense","chr15",68120426,"G","A","p.G754S",0.1401,157,22,"unknown",0,"chr15:g.68120426G>A","predicted passenger",148,"FALSE","SNV","+","SKOR1","ts","CT","CCG","CT_CCG","GCCGC","CT_GCCGC","-",0.140127388535032,"M",0.98,-0.0205711,2,2,0,0.0851673832626771,0.285974262316392,0,0.285974262316392,0.285974262316392,0.183565782876143,0.417215385281172,"subclonal"]
["G13384","NARFL","missense","chr16",787296,"C","T","p.V66I",0.184,163,30,"unknown",0,"chr16:g.787296C>T","predicted passenger",187,"FALSE","SNV","-","NARFL","ts","CT","ACC","CT_ACC","GACCT","CT_GACCT","+",0.184049079754601,"M",0.98,0.0432799,2,2,0,-0.198166305656559,0.375610366846125,0,0.375610366846125,0.375610366846125,0.260728019959638,0.514687437237275,"subclonal"]
["G13384","METTL16","missense","chr17",2324066,"C","T","p.V341I",0.0726,124,9,"unknown",0,"chr17:g.2324066C>T","predicted passenger",97,"FALSE","SNV","-","METTL16","ts","CT","ACG","CT_ACG","AACGA","CT_AACGA","+",0.0725806451612903,"M",0.98,0.0835944,2,2,0,0.354283468199747,0.148123765635286,0,0.148123765635286,0.148123765635286,0.0688249183175748,0.272062485254682,"subclonal"]
["G13384","KCTD1","missense","chr18",24126900,"C","T","p.R534H",0.125,40,5,"unknown",0,"chr18:g.24126900C>T","predicted passenger",29,"FALSE","SNV","-","KCTD1","ts","CT","GCG","CT_GCG","CGCGC","CT_CGCGC","+",0.125,"M",0.98,-0.0479056,2,2,0,0.46394709975979,0.255102040816327,0,0.255102040816327,0.255102040816327,0.0854278084461566,0.547005953799429,"subclonal"]
["G13384","ZNF45","missense","chr19",44418959,"T","C","p.H210R",0.1572,159,25,"unknown",0,"chr19:g.44418959T>C","predicted passenger",93,"FALSE","SNV","NA","NA","NA","TC","ATG","TC_ATG","GATGG","TC_GATGG","+",0.157232704402516,"M",0.98,0.0842948,2,2,0,0.773724144176324,0.320883070209216,0,0.320883070209216,0.320883070209216,0.21308551064504,0.455706648173403,"subclonal"]
["G13384","FAM209A","missense","chr20",55100069,"C","T","p.P69S",0.1789,190,34,"unknown",0,"chr20:g.55100069C>T","predicted passenger",156,"FALSE","SNV","NA","NA","NA","CT","GCC","CT_GCC","TGCCG","CT_TGCCG","+",0.178947368421053,"M",0.98,0.0101659,2,2,0,0.284453389468699,0.365198711063373,0,0.365198711063373,0.365198711063373,0.25964111288211,0.491794966378149,"subclonal"]
["G13384","MELTF","missense","chr3",196749968,"A","C","p.F168L",0.00711743772241993,283,2,"unknown",0,"chr3:g.196749968A>C","predicted passenger",220,"FALSE","SNV","-","MFI2","nt","TG","TTG","TG_TTG","TTTGG","TG_TTTGG","-",0.00706713780918728,"M",0.98,0.216359,3,3,0,0.363298529307223,0.0214898680320185,0,0.0214898680320185,0.0214898680320185,0.0026060160322367,0.0769155025743882,"subclonal"]
["G13384","CACNG8","missense","chr19",54485981,"G","C","p.G386R",0.306122448979592,64,15,"unknown",0,"chr19:g.54485981G>C","predicted passenger",41,"FALSE","SNV","+","CACNG8","ts","CG","CCG","CG_CCG","CCCGG","CG_CCCGG","-",0.234375,"M",0.98,0.165906,2,2,0,0.642447995381916,0.478316326530612,0,0.478316326530612,0.478316326530612,0.280643833552237,0.72843695999238,"subclonal"]
["G13384","RBM5","missense","chr3",50141685,"G","T","p.C191F",0.0211864406779661,241,5,"unknown",0,"chr3:g.50141685G>T","predicted driver: tier 2",164,"TRUE","SNV","+","RBM5","ts","CA","GCA","CA_GCA","GGCAG","CA_GGCAG","-",0.020746887966805,"M",0.98,0.270912,3,3,0,0.555337331611878,0.0630874756541621,0,0.0630874756541621,0.0630874756541621,0.0205862080793266,0.145197520342736,"subclonal"]
["G13384","PDE3A","missense","chr12",20522801,"C","A","p.L195I",0.0194174757281553,105,2,"unknown",0,"chr12:g.20522801C>A","predicted passenger",90,"FALSE","SNV","NA","NA","NA","CA","GCT","CA_GCT","TGCTC","CA_TGCTC","+",0.019047619047619,"M",0.98,-0.0785383,2,2,0,0.222392421336448,0.0388726919339164,0,0.0388726919339164,0.0388726919339164,0.00472476885729604,0.136970939392434,"subclonal"]
["G13384","ZNF546","missense","chr19",40521332,"C","A","p.L719I",0.0119047619047619,170,2,"unknown",0,"chr19:g.40521332C>A","predicted passenger",95,"FALSE","SNV","+","ZNF546","nt","CA","GCT","CA_GCT","AGCTT","CA_AGCTT","+",0.0117647058823529,"M",0.98,0.119884,2,2,0,0.839535327806754,0.0240096038415366,0,0.0240096038415366,0.0240096038415366,0.00291418269976996,0.0854083475343552,"subclonal"]
["G13384","CUX1","missense","chr7",101892288,"C","T","p.A1506V",0.0952,21,2,"unknown",1,"chr7:g.101892288C>T","predicted passenger",14,"TRUE","SNV","+","CUX1","nt","CT","GCC","CT_GCC","CGCCA","CT_CGCCA","+",0.0952380952380952,"M",0.98,0.0725625,2,2,0,0.584962500721156,0.194363459669582,0,0.194363459669582,0.194363459669582,0.0239781997641751,0.61994776921209,"subclonal"]
["G13385","PAX7","missense","chr1",18958144,"C","T","p.P16L",0.1422,204,29,"known",1,"chr1:g.18958144C>T","predicted passenger",196,"TRUE","SNV","+","PAX7","nt","CT","CCG","CT_CCG","TCCGG","CT_TCCGG","+",0.142156862745098,"M",0.25,0.0987546,2,2,0,0.0577154978562874,1.13725490196078,1,1.13725490196078,1,0.778533709641061,1.58191857300814,"clonal"]
["G13385","ATP2B2","missense","chr3",10401705,"G","A","p.R588C",0.1376,109,15,"known",0,"chr3:g.10401705G>A","predicted passenger",117,"FALSE","SNV","-","ATP2B2","nt","CT","GCG","CT_GCG","TGCGC","CT_TGCGC","-",0.137614678899083,"M",0.25,0.0274931,2,2,0,-0.102180394806478,1.10091743119266,1,1.10091743119266,1,0.632923460935424,1.73439158687972,"clonal"]
["G13385","KLF3","missense","chr4",38690342,"C","T","p.T65M",0.1135,141,16,"known",0,"chr4:g.38690342C>T","predicted passenger",137,"FALSE","SNV","+","KLF3","nt","CT","ACG","CT_ACG","CACGG","CT_CACGG","+",0.113475177304965,"M",0.25,0.255061,3,3,0,0.0415192694382668,1.02127659574468,1,1.02127659574468,1,0.596427452753117,1.5995637441062,"clonal"]
["G13385","SPEF2","missense","chr5",35644503,"G","A","p.R154Q",0.1296,108,14,"known",0,"chr5:g.35644503G>A","predicted passenger",90,"FALSE","SNV","+","SPEF2","ts","CT","CCG","CT_CCG","TCCGC","CT_TCCGC","-",0.12962962962963,"M",0.25,-0.224146,2,2,0,0.263034405833794,1.03703703703704,1,1.03703703703704,1,0.581748833624021,1.66339037209343,"clonal"]
["G13385","FKBPL","missense","chr6",32096524,"C","T","p.R345H",0.1429,259,37,"known",0,"chr6:g.32096524C>T","predicted passenger",163,"FALSE","SNV","-","FKBPL","ts","CT","GCG","CT_GCG","TGCGC","CT_TGCGC","+",0.142857142857143,"M",0.25,0.184905,2,2,0,0.668080133455476,1.14285714285714,1,1.14285714285714,1,0.820964693077948,1.53195382639502,"clonal"]
["G13385","PKHD1L1","missense","chr8",110465002,"G","A","p.G2188E",0.104,250,26,"known",0,"chr8:g.110465002G>A","predicted passenger",273,"FALSE","SNV","+","PKHD1L1","ts","CT","TCC","CT_TCC","TTCCC","CT_TTCCC","-",0.104,"M",0.25,-0.10045,2,2,0,-0.126972856257765,0.832,1,0.832,0.832,0.552551274691142,1.18930982262035,"clonal"]
["G13385","CFAP46","missense","chr10",134623955,"G","A","p.A2541V",0.1659,217,36,"known",0,"chr10:g.134623955G>A","predicted passenger",281,"FALSE","SNV","-","TTC40","nt","CT","GCG","CT_GCG","TGCGT","CT_TGCGT","-",0.165898617511521,"M",0.25,-0.0513226,2,2,0,-0.372875087776447,1.32718894009217,1,1.32718894009217,1,0.951841038042888,1.77760214536078,"clonal"]
["G13385","WDR66","missense","chr12",122441593,"G","A","p.E1125K",0.1224,196,24,"known",0,"chr12:g.122441593G>A","predicted passenger",177,"FALSE","SNV","+","WDR66","ts","CT","TCG","CT_TCG","TTCGT","CT_TTCGT","-",0.122448979591837,"M",0.25,0.553809,3,3,0,0.147104294032211,1.10204081632653,1,1.10204081632653,1,0.720487525259196,1.59027660506576,"clonal"]
["G13385","ADCY7","missense","chr16",50340964,"C","T","p.R586C",0.1475,61,9,"known",0,"chr16:g.50340964C>T","predicted passenger",59,"FALSE","SNV","+","ADCY7","nt","CT","CCG","CT_CCG","ACCGC","CT_ACCGC","+",0.147540983606557,"M",0.25,-0.183621,2,2,0,0.0480942882010449,1.18032786885246,1,1.18032786885246,1,0.55801838378047,2.09350470401562,"clonal"]
["G13385","WSB1","missense","chr17",25628940,"G","A","p.R56H",0.1373,102,14,"known",0,"chr17:g.25628940G>A","predicted passenger",67,"FALSE","SNV","+","WSB1","ts","CT","GCG","CT_GCG","TGCGA","CT_TGCGA","-",0.137254901960784,"M",0.25,0.19056,2,2,0,0.606336151513723,1.09803921568627,1,1.09803921568627,1,0.61694461044148,1.75645228717273,"clonal"]
["G13385","CACNG5","missense","chr17",64880741,"C","T","p.S178L",0.1375,160,22,"known",0,"chr17:g.64880741C>T","predicted passenger",196,"FALSE","SNV","+","CACNG5","nt","CT","TCG","CT_TCG","GTCGT","CT_GTCGT","+",0.1375,"M",0.25,0.219183,3,3,0,-0.292781749227846,1.2375,1,1.2375,1,0.793973971540005,1.80671404673313,"clonal"]
["G13385","DNAJC28","missense","chr21",34860908,"C","T","p.D265N",0.141,234,33,"known",0,"chr21:g.34860908C>T","predicted passenger",187,"FALSE","SNV","-","DNAJC28","ts","CT","TCG","CT_TCG","ATCGC","CT_ATCGC","+",0.141025641025641,"M",0.25,0.563075,3,3,0,0.323470259695768,1.26923076923077,1,1.26923076923077,1,0.891945906093695,1.73083352893678,"clonal"]
["G13385","USP28","missense","chr11",113679084,"G","A","p.A747V",0.0872,149,13,"known",0,"chr11:g.113679084G>A","predicted passenger",152,"FALSE","SNV","-","USP28","nt","CT","GCC","CT_GCC","TGCCC","CT_TGCCC","-",0.087248322147651,"M",0.25,-0.0839797,2,2,0,-0.0287589929814239,0.697986577181208,1,0.697986577181208,0.697986577181208,0.378208152439872,1.15660756634514,"clonal"]
["G13385","ZNF740","missense","chr12",53578783,"G","A","p.E40K",0.133720930232558,195,23,"known",0,"chr12:g.53578783G>A","predicted passenger",147,"FALSE","SNV","+","ZNF740","ts","CT","TCG","CT_TCG","CTCGC","CT_CTCGC","-",0.117948717948718,"M",0.25,0.280534,3,3,0,0.407657968913246,1.06153846153846,1,1.06153846153846,1,0.686319885941317,1.54538970809317,"clonal"]
["G13385","GALNT17","missense","chr7",70597888,"C","T","p.R34C",0.0794,252,20,"known",0,"chr7:g.70597888C>T","predicted passenger",229,"FALSE","SNV","+","WBSCR17","nt","CT","GCG","CT_GCG","TGCGC","CT_TGCGC","+",0.0793650793650794,"M",0.25,0.641406,3,3,0,0.138076135402972,0.714285714285714,1,0.714285714285714,0.714285714285714,0.442358465565262,1.07921376636806,"clonal"]
["G13385","ZSWIM8","missense","chr10",75557009,"G","A","p.R1138Q",0.1212,66,8,"known",0,"chr10:g.75557009G>A","predicted passenger",62,"FALSE","SNV","NA","NA","NA","CT","CCG","CT_CCG","GCCGT","CT_GCCGT","-",0.121212121212121,"M",0.25,0.274489,3,3,0,0.0901978089715782,1.09090909090909,1,1.09090909090909,1,0.484297756576792,2.02446140150842,"clonal"]
["G13385","ENOX1","missense","chr13",43930175,"G","A","p.R235C",0.0795,176,14,"known",0,"chr13:g.43930175G>A","predicted passenger",198,"FALSE","SNV","-","ENOX1","nt","CT","GCG","CT_GCG","TGCGT","CT_TGCGT","-",0.0795454545454545,"M",0.25,-0.175962,2,2,0,-0.169925001442312,0.636363636363636,1,0.636363636363636,0.636363636363636,0.353360207057559,1.03890042194069,"clonal"]
["G13385","AGAP1","missense","chr2",237032729,"G","A","p.R846Q",0.0938,96,9,"known",0,"chr2:g.237032729G>A","predicted passenger",109,"FALSE","SNV","+","AGAP1","ts","CT","CCG","CT_CCG","TCCGG","CT_TCCGG","-",0.09375,"M",0.25,-0.130342,2,2,0,-0.18322182405577,0.75,1,0.75,0.75,0.350163066101681,1.36414835472989,"clonal"]
["G13385","POLQ","missense","chr3",121200622,"G","A","p.P2003L",0.0333,120,4,"known",1,"chr3:g.121200622G>A","predicted passenger",112,"FALSE","SNV","-","POLQ","nt","CT","CCG","CT_CCG","GCCGA","CT_GCCGA","-",0.0333333333333333,"M",0.25,0.0805138,2,2,0,0.0995356735509144,0.266666666666667,0,0.266666666666667,0.266666666666667,0.0732440444546937,0.665189771428081,"subclonal"]
["G13385","EPHA8","missense","chr1",22915507,"C","T","p.R375C",0.157,172,27,"unknown",0,"chr1:g.22915507C>T","predicted passenger",163,"FALSE","SNV","+","EPHA8","nt","CT","CCG","CT_CCG","GCCGC","CT_GCCGC","+",0.156976744186047,"M",0.25,0.0987546,2,2,0,0.0775366004710202,1.25581395348837,1,1.25581395348837,1,0.84855526091793,1.7609137053915,"clonal"]
["G13385","OLFML3","missense","chr1",114524170,"G","A","p.V334I",0.1111,216,24,"unknown",0,"chr1:g.114524170G>A","predicted passenger",221,"FALSE","SNV","+","OLFML3","ts","CT","ACG","CT_ACG","GACGA","CT_GACGA","-",0.111111111111111,"M",0.25,0.0987546,2,2,0,-0.0330150572279631,0.888888888888889,1,0.888888888888889,0.888888888888889,0.580011894281121,1.28642353078061,"clonal"]
["G13385","NUP210L","missense","chr1",153965334,"A","G","p.W1882R",0.1161,112,13,"unknown",0,"chr1:g.153965334A>G","predicted passenger",87,"FALSE","SNV","-","NUP210L","nt","TC","TTG","TC_TTG","ATTGG","TC_ATTGG","-",0.116071428571429,"M",0.25,0.357067,3,3,0,0.364411426208876,1.04464285714286,1,1.04464285714286,1,0.569448152420009,1.71274460504724,"clonal"]
["G13385","IPO9","missense","chr1",201842029,"A","G","p.K884E",0.1695,118,20,"unknown",0,"chr1:g.201842029A>G","predicted passenger",106,"FALSE","SNV","+","IPO9","ts","TC","TTC","TC_TTC","CTTCA","TC_CTTCA","-",0.169491525423729,"M",0.25,0.056789,2,2,0,0.154722594798642,1.35593220338983,1,1.35593220338983,1,0.853703099209197,1.99645345034426,"clonal"]
["G13385","WDR43","missense","chr2",29149347,"G","T","p.R367I",0.1789,95,17,"unknown",0,"chr2:g.29149347G>T","predicted passenger",92,"FALSE","SNV","+","WDR43","ts","CA","TCT","CA_TCT","CTCTG","CA_CTCTG","-",0.178947368421053,"M",0.25,-0.256903,1,1,0,0.0462936522739349,1.25263157894737,1,1.25263157894737,1,0.754882034648901,1.89685666958855,"clonal"]
["G13385","MAP4K3","missense","chr2",39519960,"C","T","p.V409I",0.12,175,21,"unknown",0,"chr2:g.39519960C>T","predicted passenger",170,"FALSE","SNV","-","MAP4K3","ts","CT","ACG","CT_ACG","GACGT","CT_GACGT","+",0.12,"M",0.25,0.0133346,2,2,0,0.0418201756946269,0.96,1,0.96,0.96,0.606707692286521,1.42054717120443,"clonal"]
["G13385","CYBRD1","missense","chr2",172398288,"A","G","p.I129M",0.075,160,12,"unknown",0,"chr2:g.172398288A>G","predicted passenger",144,"FALSE","SNV","+","CYBRD1","ts","TC","ATA","TC_ATA","CATAT","TC_CATAT","-",0.075,"M",0.25,0.0035941,2,2,0,0.15200309344505,0.6,1,0.6,0.6,0.314821813648432,1.01875754947654,"clonal"]
["G13385","FGD5","missense","chr3",14964628,"G","A","p.G1295S",0.12,175,21,"unknown",0,"chr3:g.14964628G>A","predicted passenger",195,"FALSE","SNV","NA","NA","NA","CT","CCG","CT_CCG","GCCGT","CT_GCCGT","-",0.12,"M",0.25,0.100908,2,2,0,-0.156119201917282,0.96,1,0.96,0.96,0.606707692286521,1.42054717120443,"clonal"]
["G13385","TRAK1","missense","chr3",42265183,"G","A","p.G939D",0.1467,75,11,"unknown",0,"chr3:g.42265183G>A","predicted passenger",71,"FALSE","SNV","+","TRAK1","ts","CT","GCC","CT_GCC","TGCCC","CT_TGCCC","-",0.146666666666667,"M",0.25,0.0295736,2,2,0,0.0790715709911987,1.17333333333333,1,1.17333333333333,1,0.604443246741187,1.9783337155664,"clonal"]
["G13385","ITIH4","missense","chr3",52857889,"C","T","p.G435S",0.0189,106,2,"unknown",0,"chr3:g.52857889C>T","predicted passenger",122,"FALSE","SNV","NA","NA","NA","CT","CCG","CT_CCG","GCCGC","CT_GCCGC","+",0.0188679245283019,"M",0.25,0.276905,3,3,0,-0.202816882999687,0.169811320754717,0,0.169811320754717,0.169811320754717,0.0206389526612987,0.598483798148239,"subclonal"]
["G13385","FBXO40","missense","chr3",121342048,"T","C","p.V591A",0.1302,192,25,"unknown",0,"chr3:g.121342048T>C","predicted passenger",168,"FALSE","SNV","+","FBXO40","nt","TC","GTC","TC_GTC","CGTCA","TC_CGTCA","+",0.130208333333333,"M",0.25,0.0805138,2,2,0,0.192645077942396,1.04166666666667,1,1.04166666666667,1,0.688542209857433,1.489496711597,"clonal"]
["G13385","CC2D2A","missense","chr4",15539522,"A","G","p.R589G",0.0851,47,4,"unknown",0,"chr4:g.15539522A>G","predicted passenger",27,"FALSE","SNV","+","CC2D2A","ts","TC","CTC","TC_CTC","CCTCT","TC_CCTCT","-",0.0851063829787234,"M",0.25,-0.179288,2,2,0,0.799701349514169,0.680851063829787,1,0.680851063829787,0.680851063829787,0.189416736831182,1.63034157130027,"clonal"]
["G13385","GSX2","missense","chr4",54966903,"C","T","p.P131L",0.0873,229,20,"unknown",0,"chr4:g.54966903C>T","predicted passenger",229,"FALSE","SNV","NA","NA","NA","CT","CCG","CT_CCG","CCCGC","CT_CCCGC","+",0.0873362445414847,"M",0.25,-0.150749,2,2,0,0,0.698689956331878,1,0.698689956331878,0.698689956331878,0.43331538589202,1.05328485176723,"clonal"]
["G13385","TACR3","missense","chr4",104579433,"C","A","p.V226F",0.1557,244,38,"unknown",0,"chr4:g.104579433C>A","predicted passenger",229,"FALSE","SNV","-","TACR3","ts","CA","ACT","CA_ACT","GACTT","CA_GACTT","+",0.155737704918033,"M",0.25,-0.252077,1,1,0,0.0915335494659424,1.09016393442623,1,1.09016393442623,1,0.78838950292888,1.45206683661951,"clonal"]
["G13385","IL6ST","missense","chr5",55256304,"C","T","p.R300H",0.1615,130,21,"unknown",1,"chr5:g.55256304C>T","predicted driver: tier 1",149,"TRUE","SNV","-","IL6ST","ts","CT","GCG","CT_GCG","AGCGA","CT_AGCGA","+",0.161538461538462,"M",0.25,-0.059889,2,2,0,-0.196800707433707,1.29230769230769,1,1.29230769230769,1,0.822913468368478,1.89013903202554,"clonal"]
["G13385","JADE2","missense","chr5",133898034,"A","G","p.S277G",0.1818,66,12,"unknown",0,"chr5:g.133898034A>G","predicted passenger",51,"FALSE","SNV","+","JADE2","ts","TC","CTG","TC_CTG","GCTGA","TC_GCTGA","-",0.181818181818182,"M",0.25,-0.059889,2,2,0,0.371968777386958,1.45454545454545,1,1.45454545454545,1,0.781081616126787,2.36852364663944,"clonal"]
["G13385","SLC34A1","missense","chr5",176813511,"T","G","p.L159R",0.1308,237,31,"unknown",0,"chr5:g.176813511T>G","predicted passenger",211,"FALSE","SNV","+","SLC34A1","nt","TG","CTG","TG_CTG","GCTGG","TG_GCTGG","+",0.130801687763713,"M",0.25,-0.059889,2,2,0,0.167644060191074,1.0464135021097,1,1.0464135021097,1,0.725062913232848,1.44398681936871,"clonal"]
["G13385","KLC4","missense","chr6",43041022,"G","T","p.R582I",0.152,125,19,"unknown",0,"chr6:g.43041022G>T","predicted passenger",153,"FALSE","SNV","+","KLC4","ts","CA","TCT","CA_TCT","TTCTG","CA_TTCTG","-",0.152,"M",0.25,0.273687,3,3,0,-0.291603558030565,1.368,1,1.368,1,0.846583476526991,2.04432656395957,"clonal"]
["G13385","LAMA2","missense","chr6",129612841,"G","T","p.Q944H",0.0992,242,24,"unknown",0,"chr6:g.129612841G>T","predicted passenger",327,"FALSE","SNV","+","LAMA2","ts","CA","CCT","CA_CCT","CCCTG","CA_CCCTG","-",0.0991735537190083,"M",0.25,-0.443309,1,1,0,-0.434283588223488,0.694214876033058,1,0.694214876033058,0.694214876033058,0.452070444509867,1.00774755545842,"clonal"]
["G13385","ZBTB2","missense","chr6",151687255,"T","C","p.S316G",0.1521,217,33,"unknown",0,"chr6:g.151687255T>C","predicted passenger",196,"FALSE","SNV","-","ZBTB2","ts","TC","CTT","TC_CTT","ACTTA","TC_ACTTA","+",0.152073732718894,"M",0.25,0.253707,3,3,0,0.146841388329271,1.36866359447005,1,1.36866359447005,1,0.963457486021904,1.86198382920185,"clonal"]
["G13385","NUPR2","missense","chr7",56183848,"G","A","p.R54C",0.0786,140,11,"unknown",0,"chr7:g.56183848G>A","predicted passenger",124,"FALSE","SNV","-","NUPR1L","nt","CT","GCG","CT_GCG","GGCGC","CT_GGCGC","-",0.0785714285714286,"M",0.25,0.413915,3,3,0,0.175086706558091,0.707142857142857,1,0.707142857142857,0.707142857142857,0.358872801179885,1.22612787197363,"clonal"]
["G13385","SLC26A5","missense","chr7",103051902,"C","T","p.A179T",0.1589,107,17,"unknown",0,"chr7:g.103051902C>T","predicted passenger",87,"FALSE","SNV","-","SLC26A5","ts","CT","GCG","CT_GCG","GGCGA","CT_GGCGA","+",0.158878504672897,"M",0.25,-0.264458,1,1,0,0.298523490552419,1.11214953271028,1,1.11214953271028,1,0.667544860573517,1.6950467379498,"clonal"]
["G13385","HTR5A","missense","chr7",154863187,"A","G","p.Q193R",0.1637,171,28,"unknown",0,"chr7:g.154863187A>G","predicted passenger",164,"FALSE","SNV","NA","NA","NA","TC","CTG","TC_CTG","CCTGG","TC_CCTGG","-",0.16374269005848,"M",0.25,-0.229296,2,2,0,0.0603005102678142,1.30994152046784,1,1.30994152046784,1,0.89319049883222,1.8230770826725,"clonal"]
["G13385","LRRC69","missense","chr8",92145504,"G","A","p.A184T",0.1261,119,15,"unknown",0,"chr8:g.92145504G>A","predicted passenger",101,"FALSE","SNV","+","LRRC69","ts","CT","GCT","CT_GCT","GGCTA","CT_GGCTA","-",0.126050420168067,"M",0.25,0.031594,2,2,0,0.236606280556149,1.00840336134454,1,1.00840336134454,1,0.578378875986447,1.59493598600543,"clonal"]
["G13385","ADCK5","missense","chr8",145617773,"G","A","p.E461K",0.1053,190,20,"unknown",0,"chr8:g.145617773G>A","predicted passenger",159,"FALSE","SNV","+","ADCK5","ts","CT","TCG","CT_TCG","CTCGC","CT_CTCGC","-",0.105263157894737,"M",0.25,0.898542,4,4,0,0.256972653046592,1.05263157894737,1,1.05263157894737,1,0.654930926797376,1.57882788379935,"clonal"]
["G13385","FAM221B","missense","chr9",35825247,"G","A","p.A241V",0.1727,110,19,"unknown",0,"chr9:g.35825247G>A","predicted passenger",112,"FALSE","SNV","NA","NA","NA","CT","GCC","CT_GCC","AGCCC","CT_AGCCC","-",0.172727272727273,"M",0.25,0.0496605,2,2,0,-0.0259952085329446,1.38181818181818,1,1.38181818181818,1,0.858529050388908,2.05215667251936,"clonal"]
["G13385","ITIH5","missense","chr10",7659218,"A","G","p.V227A",0.1481,81,12,"unknown",0,"chr10:g.7659218A>G","predicted passenger",87,"FALSE","SNV","-","ITIH5","nt","TC","GTC","TC_GTC","TGTCA","TC_TGTCA","-",0.148148148148148,"M",0.25,-0.0566297,2,2,0,-0.103093492964104,1.18518518518519,1,1.18518518518519,1,0.631696065071514,1.95591148085717,"clonal"]
["G13385","NPFFR1","missense","chr10",72015317,"G","A","p.A230V",0.029,69,2,"unknown",0,"chr10:g.72015317G>A","predicted passenger",60,"FALSE","SNV","-","NPFFR1","nt","CT","GCG","CT_GCG","GGCGC","CT_GGCGC","-",0.0289855072463768,"M",0.25,0.0216757,2,2,0,0.20163386116965,0.231884057971014,0,0.231884057971014,0.231884057971014,0.0282380750576126,0.80652304385658,"subclonal"]
["G13385","AFAP1L2","missense","chr10",116060010,"C","T","p.A634T",0.1296,270,35,"unknown",0,"chr10:g.116060010C>T","predicted passenger",231,"FALSE","SNV","-","AFAP1L2","ts","CT","GCC","CT_GCC","GGCCA","CT_GGCCA","+",0.12962962962963,"M",0.25,-0.0513226,2,2,0,0.225066555634773,1.03703703703704,1,1.03703703703704,1,0.735833025711097,1.40518230689366,"clonal"]
["G13385","MS4A10","missense","chr11",60561475,"A","C","p.S131R",0.17,100,17,"unknown",0,"chr11:g.60561475A>C","predicted passenger",107,"FALSE","SNV","+","MS4A10","ts","TG","CTG","TG_CTG","GCTGA","TG_GCTGA","-",0.17,"M",0.25,-0.346228,1,1,0,-0.0976107966264223,1.19,1,1.19,1,0.715854370248698,1.80722787442511,"clonal"]
["G13385","CABP2","missense","chr11",67290025,"T","C","p.T69A",0.1467,150,22,"unknown",0,"chr11:g.67290025T>C","predicted passenger",148,"FALSE","SNV","-","CABP2","ts","TC","GTG","TC_GTG","GGTGG","TC_GGTGG","+",0.146666666666667,"M",0.25,0.472788,3,3,0,0.0193653248669312,1.32,1,1.32,1,0.848295763763171,1.92234796853561,"clonal"]
["G13385","CEP295","missense","chr11",93431572,"T","C","p.I1165T",0.1067,150,16,"unknown",0,"chr11:g.93431572T>C","predicted passenger",113,"FALSE","SNV","+","KIAA1731","nt","TC","ATA","TC_ATA","AATAC","TC_AATAC","+",0.106666666666667,"M",0.25,0.125578,2,2,0,0.408639728080693,0.853333333333333,1,0.853333333333333,0.853333333333333,0.497684592051766,1.33949071232597,"clonal"]
["G13385","C2CD5","missense","chr12",22671031,"A","C","p.S281A",0.1381,239,33,"unknown",0,"chr12:g.22671031A>C","predicted passenger",227,"FALSE","SNV","-","C2CD5","nt","TG","ATC","TG_ATC","CATCA","TG_CATCA","-",0.138075313807531,"M",0.25,-0.40821,1,1,0,0.0743183206898335,0.96652719665272,1,0.96652719665272,0.96652719665272,0.678915691387936,1.31887725231545,"clonal"]
["G13385","SFSWAP","missense","chr12",132195902,"A","G","p.K43R",0.1119,277,31,"unknown",0,"chr12:g.132195902A>G","predicted passenger",272,"FALSE","SNV","+","SFSWAP","ts","TC","CTT","TC_CTT","GCTTG","TC_GCTTG","-",0.111913357400722,"M",0.25,-0.0602824,2,2,0,0.0262793247988488,0.895306859205776,1,0.895306859205776,0.895306859205776,0.618546251671079,1.24063870862295,"clonal"]
["G13385","URAD","missense","chr13",28552535,"C","T","p.R77Q",0.0822,73,6,"unknown",0,"chr13:g.28552535C>T","predicted passenger",52,"FALSE","SNV","-","URAD","ts","CT","CCG","CT_CCG","CCCGC","CT_CCCGC","+",0.0821917808219178,"M",0.25,-0.129991,2,2,0,0.489384840738925,0.657534246575342,1,0.657534246575342,0.657534246575342,0.246092240595311,1.36288863382954,"clonal"]
["G13385","GPHN","missense","chr14",67579866,"C","T","p.A535V",0.1484,256,38,"unknown",1,"chr14:g.67579866C>T","predicted passenger",266,"FALSE","SNV","+","GPHN","nt","CT","GCA","CT_GCA","TGCAG","CT_TGCAG","+",0.1484375,"M",0.25,-0.0261123,2,2,0,-0.0552824355011897,1.1875,1,1.1875,1,0.857867365352747,1.58402206760295,"clonal"]
["G13385","OCA2","missense","chr15",28326896,"G","A","p.A42V",0.1439,271,39,"unknown",0,"chr15:g.28326896G>A","predicted passenger",293,"FALSE","SNV","-","OCA2","nt","CT","GCC","CT_GCC","AGCCG","CT_AGCCG","-",0.143911439114391,"M",0.25,-0.27259,1,1,0,-0.112607813068376,1.00738007380074,1,1.00738007380074,1,0.730648845010514,1.34008358660328,"clonal"]
["G13385","TMED3","missense","chr15",79614392,"C","T","p.R164W",0.1012,168,17,"unknown",0,"chr15:g.79614392C>T","predicted passenger",206,"FALSE","SNV","+","TMED3","nt","CT","GCG","CT_GCG","TGCGG","CT_TGCGG","+",0.101190476190476,"M",0.25,-0.0801903,2,2,0,-0.294183104404458,0.80952380952381,1,0.80952380952381,0.80952380952381,0.48048257754538,1.25655016814437,"clonal"]
["G13385","FES","missense","chr15",91436993,"C","A","p.L719I",0.1176,51,6,"unknown",1,"chr15:g.91436993C>A","predicted passenger",61,"FALSE","SNV","+","FES","nt","CA","CCT","CA_CCT","GCCTC","CA_GCCTC","+",0.117647058823529,"M",0.25,0.272109,3,3,0,-0.258311995591391,1.05882352941176,1,1.05882352941176,1,0.399781276706833,2.14808442537667,"clonal"]
["G13385","DRC7","missense","chr16",57731938,"C","T","p.A26V",0.0738916256157636,219,15,"unknown",0,"chr16:g.57731938C>T","predicted passenger",129,"FALSE","SNV","NA","NA","NA","CT","GCG","CT_GCG","GGCGA","CT_GGCGA","+",0.0684931506849315,"M",0.25,0.122879,2,2,0,0.763559804177919,0.547945205479452,1,0.547945205479452,0.547945205479452,0.310712570791651,0.883626714247197,"subclonal"]
["G13385","CHST6","missense","chr16",75512808,"T","C","p.T307A",0.1498,327,49,"unknown",0,"chr16:g.75512808T>C","predicted passenger",311,"FALSE","SNV","NA","NA","NA","TC","GTG","TC_GTG","GGTGA","TC_GGTGA","+",0.149847094801223,"M",0.25,0.353511,3,3,0,0.0723760553674799,1.34862385321101,1,1.34862385321101,1,1.01663116425434,1.7389958152998,"clonal"]
["G13385","MYH2","missense","chr17",10427872,"C","T","p.A1696T",0.1292,271,35,"unknown",0,"chr17:g.10427872C>T","predicted passenger",271,"FALSE","SNV","NA","NA","NA","CT","GCC","CT_GCC","GGCCC","CT_GGCCC","+",0.129151291512915,"M",0.25,-0.502963,1,1,0,0,0.904059040590406,1,0.904059040590406,0.904059040590406,0.641432465082397,1.225118740175,"clonal"]
["G13385","PSMC5","missense","chr17",61907265,"G","T","p.G74W",0.12,100,12,"unknown",0,"chr17:g.61907265G>T","predicted passenger",104,"FALSE","SNV","NA","NA","NA","CA","CCC","CA_CCC","CCCCA","CA_CCCCA","-",0.12,"M",0.25,0.219183,3,3,0,-0.0565835283663674,1.08,1,1.08,1,0.572120123050434,1.80212115257972,"clonal"]
["G13385","ANKRD12","nonsense","chr18",9256455,"C","T","p.R1064*",0.1293,232,30,"unknown",0,"chr18:g.9256455C>T","predicted passenger",235,"FALSE","SNV","+","ANKRD12","nt","CT","CCG","CT_CCG","CCCGA","CT_CCCGA","+",0.129310344827586,"M",0.25,-0.122454,2,2,0,-0.0185359514374276,1.03448275862069,1,1.03448275862069,1,0.711790185046746,1.43541456682792,"clonal"]
["G13385","PLPPR3","missense","chr19",815264,"G","C","p.P109A",0.1625,186,26,"unknown",0,"chr19:g.815264G>C","predicted passenger",129,"FALSE","SNV","-","LPPR3","nt","CG","GCC","CG_GCC","GGCCC","CG_GGCCC","-",0.139784946236559,"M",0.25,0.715973,4,4,0,0.527931555684777,1.39784946236559,1,1.39784946236559,1,0.933876134102865,1.98072628309419,"clonal"]
["G13385","CYP4F2","missense","chr19",15990424,"G","T","p.P435Q",0.1205,83,10,"unknown",0,"chr19:g.15990424G>T","predicted passenger",88,"FALSE","SNV","-","CYP4F2","nt","CA","CCG","CA_CCG","GCCGG","CA_GCCGG","-",0.120481927710843,"M",0.25,0.0619842,2,2,0,-0.0843921872903724,0.963855421686747,1,0.963855421686747,0.963855421686747,0.474517268794174,1.68343622480983,"clonal"]
["G13385","NOVA2","missense","chr19",46443237,"G","A","p.R455W",0.15,340,51,"unknown",0,"chr19:g.46443237G>A","predicted passenger",306,"FALSE","SNV","-","NOVA2","nt","CT","CCG","CT_CCG","ACCGG","CT_ACCGG","-",0.15,"M",0.25,0.77218,4,4,0,0.15200309344505,1.5,2,0.75,0.75,0.568843317226049,0.962312194247837,"clonal"]
["G13385","ZNF133","missense","chr20",18296501,"A","G","p.S335G",0.2203,118,26,"unknown",1,"chr20:g.18296501A>G","predicted passenger",160,"FALSE","SNV","+","ZNF133","ts","TC","CTG","TC_CTG","GCTGA","TC_GCTGA","-",0.220338983050847,"M",0.25,0.187194,2,2,0,-0.439285045525521,1.76271186440678,2,0.88135593220339,0.88135593220339,0.597058898059337,1.22377466780185,"clonal"]
["G13385","ERGIC3","missense","chr20",34136405,"A","G","p.Y202C",0.0945,127,12,"unknown",0,"chr20:g.34136405A>G","predicted passenger",77,"FALSE","SNV","+","ERGIC3","ts","TC","ATA","TC_ATA","CATAC","TC_CATAC","-",0.094488188976378,"M",0.25,0.283826,3,3,0,0.721898146077264,0.850393700787402,1,0.850393700787402,0.850393700787402,0.448039289984312,1.43311802140105,"clonal"]
["G13385","EFCAB6","missense","chr22",44083402,"T","G","p.E364A",0.1192,151,18,"unknown",0,"chr22:g.44083402T>G","predicted passenger",128,"FALSE","SNV","-","EFCAB6","ts","TG","CTC","TG_CTC","GCTCA","TG_GCTCA","+",0.119205298013245,"M",0.25,0.418411,3,3,0,0.238404739325079,1.07284768211921,1,1.07284768211921,1,0.649810721568683,1.63656800187729,"clonal"]
["G13385","CXorf23","missense","chrX",19983567,"T","C","p.D290G",0.287,108,31,"unknown",0,"chrX:g.19983567T>C","predicted passenger",95,"FALSE","SNV","-","CXorf23","ts","TC","ATC","TC_ATC","CATCC","TC_CATCC","+",0.287037037037037,"M",0.25,-0.631291,1,1,0,0.185031893832521,1.14814814814815,1,1.14814814814815,1,1.42850228267678,2.67431739386056,"clonal"]
["G13385","HMCN1","missense","chr1",186158749,"A","C","p.Q5549H",0.2045,88,18,"unknown",0,"chr1:g.186158749A>C","predicted passenger",79,"FALSE","SNV","+","HMCN1","ts","TG","CTT","TG_CTT","TCTTG","TG_TCTTG","-",0.204545454545455,"M",0.25,-0.558802,1,1,0,0.155650870460194,1.43181818181818,1,1.43181818181818,1,0.881767873826932,2.12707400617683,"clonal"]
["G13385","PROB1","missense","chr5",138730275,"G","A","p.R166C",0.1026,78,8,"unknown",0,"chr5:g.138730275G>A","predicted passenger",67,"FALSE","SNV","-","PROB1","nt","CT","CCG","CT_CCG","CCCGC","CT_CCCGC","-",0.102564102564103,"M",0.25,-0.059889,2,2,0,0.219313028404476,0.82051282051282,1,0.82051282051282,0.82051282051282,0.362647598230057,1.53701965934723,"clonal"]
["G13385","EQTN","missense","chr9",27296647,"C","T","p.E56K",0.0202702702702703,152,3,"unknown",0,"chr9:g.27296647C>T","predicted passenger",143,"FALSE","SNV","-","EQTN","ts","CT","TCA","CT_TCA","CTCAT","CT_CTCAT","+",0.0197368421052632,"M",0.25,-0.425406,1,1,0,0.0880561766651961,0.138157894736842,0,0.138157894736842,0.138157894736842,0.0286219732610719,0.396159217868013,"subclonal"]
["G13385","OSBP","missense","chr11",59383137,"T","C",".",0.2143,56,12,"unknown",0,"chr11:g.59383137T>C","predicted passenger",37,"FALSE","SNV","-","OSBP","ts","TC","ATG","TC_ATG","CATGA","TC_CATGA","+",0.214285714285714,"M",0.25,-0.346228,1,1,0,0.597901556428654,1.5,2,0.75,0.75,0.405727696919757,1.20538393880217,"clonal"]
["G13385","TBC1D10B","missense","chr16",30371131,"A","G","p.Y435H",0.125,72,9,"unknown",0,"chr16:g.30371131A>G","predicted passenger",85,"FALSE","SNV","-","TBC1D10B","nt","TC","CTA","TC_CTA","CCTAC","TC_CCTAC","-",0.125,"M",0.25,0.533214,3,3,0,-0.239465934695389,1.125,1,1.125,1,0.529049853509043,2.01664742168928,"clonal"]
["G13385","EPG5","nonsense","chr18",43435648,"G","A","p.R2483*",0.112,125,14,"unknown",0,"chr18:g.43435648G>A","predicted passenger",134,"FALSE","SNV","-","EPG5","nt","CT","CCG","CT_CCG","TCCGA","CT_TCCGA","-",0.112,"M",0.25,0.239712,3,3,0,-0.100304905795685,1.008,1,1.008,1,0.563412425770557,1.62696259748497,"clonal"]
["G13385","FAM209A","missense","chr20",55100069,"C","T","p.P69S",0.1346,208,28,"unknown",0,"chr20:g.55100069C>T","predicted passenger",156,"FALSE","SNV","NA","NA","NA","CT","GCC","CT_GCC","TGCCG","CT_TGCCG","+",0.134615384615385,"M",0.25,-0.0574889,2,2,0,0.415037499278844,1.07692307692308,1,1.07692307692308,1,0.730800830736776,1.50919030312471,"clonal"]
["G13385","SRBD1","missense","chr2",45832531,"A","G","p.L17P",0.0915,142,13,"unknown",0,"chr2:g.45832531A>G","predicted passenger",179,"FALSE","SNV","-","SRBD1","nt","TC","CTG","TC_CTG","ACTGA","TC_ACTGA","-",0.0915492957746479,"M",0.25,0.0360281,2,2,0,-0.334068657759574,0.732394366197183,1,0.732394366197183,0.732394366197183,0.397204454657211,1.21171014109184,"clonal"]
["G13385","PBRM1","missense","chr3",52643785,"A","G","p.M704T",0.0577,104,6,"unknown",1,"chr3:g.52643785A>G","predicted passenger",70,"FALSE","SNV","-","PBRM1","nt","TC","ATG","TC_ATG","CATGG","TC_CATGG","-",0.0576923076923077,"M",0.25,0.276905,3,3,0,0.571156701196126,0.519230769230769,1,0.519230769230769,0.519230769230769,0.193174906891673,1.09214897878516,"clonal"]
["G13385","ARHGAP24","missense","chr4",86491753,"C","T","p.A20V",0.1053,190,20,"unknown",0,"chr4:g.86491753C>T","predicted passenger",218,"FALSE","SNV","+","ARHGAP24","nt","CT","GCC","CT_GCC","TGCCA","CT_TGCCA","+",0.105263157894737,"M",0.25,-0.252077,1,1,0,-0.198328716445979,0.736842105263158,1,0.736842105263158,0.736842105263158,0.458451648758163,1.10517951865955,"clonal"]
["G13385","ADCY2","missense","chr5",7520905,"A","G","p.M155V",0.1284,109,14,"unknown",0,"chr5:g.7520905A>G","predicted passenger",129,"FALSE","SNV","+","ADCY2","ts","TC","ATG","TC_ATG","CATGT","TC_CATGT","-",0.128440366972477,"M",0.25,-0.258238,1,1,0,-0.243042930646328,0.899082568807339,1,0.899082568807339,0.899082568807339,0.50423615944629,1.44272451206522,"clonal"]
["G13385","DOCK2","missense","chr5",169141114,"C","T","p.T581M",0.1084,83,9,"unknown",0,"chr5:g.169141114C>T","predicted passenger",93,"FALSE","SNV","+","DOCK2","nt","CT","ACG","CT_ACG","CACGC","CT_CACGC","+",0.108433734939759,"M",0.25,-0.059889,2,2,0,-0.164119379761107,0.867469879518072,1,0.867469879518072,0.867469879518072,0.406376514716386,1.56708530094173,"clonal"]
["G13385","PCLO","missense","chr7",82764213,"C","T","p.A885T",0.125,56,7,"unknown",0,"chr7:g.82764213C>T","predicted passenger",35,"FALSE","SNV","-","PCLO","ts","CT","GCG","CT_GCG","AGCGG","CT_AGCGG","+",0.125,"M",0.25,-0.759376,1,1,0,0.678071905112638,0.875,1,0.875,0.875,0.362351534154403,1.68512805756448,"clonal"]
["G13385","CNTLN","nonsense","chr9",17273779,"C","T","p.Q300*",0.1111,63,7,"unknown",0,"chr9:g.17273779C>T","predicted passenger",76,"FALSE","SNV","+","CNTLN","nt","CT","ACA","CT_ACA","CACAG","CT_CACAG","+",0.111111111111111,"M",0.25,-0.552462,1,1,0,-0.270647589943669,0.777777777777778,1,0.777777777777778,0.777777777777778,0.320996366018095,1.5093697409177,"clonal"]
["G13385","MYPN","missense","chr10",69959279,"T","C","p.I1147T",0.1025,283,29,"unknown",0,"chr10:g.69959279T>C","predicted passenger",289,"FALSE","SNV","+","MYPN","nt","TC","ATC","TC_ATC","CATCG","TC_CATCG","+",0.102473498233216,"M",0.25,0.438162,3,3,0,-0.0302674396687965,0.92226148409894,1,0.92226148409894,0.92226148409894,0.627377747567305,1.29462151446128,"clonal"]
["G13385","LRMP","missense","chr12",25260837,"T","C","p.I448T",0.1049,162,17,"unknown",0,"chr12:g.25260837T>C","predicted passenger",197,"FALSE","SNV","+","LRMP","nt","TC","ATT","TC_ATT","CATTG","TC_CATTG","+",0.104938271604938,"M",0.25,-0.40821,1,1,0,-0.282201816571752,0.734567901234568,1,0.734567901234568,0.734567901234568,0.436305583937046,1.138866456078,"clonal"]
["G13385","UTP14C","missense","chr13",52604966,"G","A","p.A676T",0.1275,204,26,"unknown",0,"chr13:g.52604966G>A","predicted passenger",141,"FALSE","SNV","+","UTP14C","ts","CT","GCG","CT_GCG","TGCGT","CT_TGCGT","-",0.127450980392157,"M",0.25,-0.175962,2,2,0,0.532873989572702,1.01960784313725,1,1.01960784313725,1,0.679776581811821,1.44916112241793,"clonal"]
["G13385","ULK3","missense","chr15",75134530,"T","G","p.S84R",0.1,120,12,"unknown",0,"chr15:g.75134530T>G","predicted passenger",107,"FALSE","SNV","-","ULK3","ts","TG","CTG","TG_CTG","ACTGT","TG_ACTGT","+",0.1,"M",0.25,0.40073,3,3,0,0.165423609207371,0.9,1,0.9,0.9,0.474730077510539,1.51348691432399,"clonal"]
["G13385","RABEP1","missense","chr17",5264587,"G","A","p.D394N",0.1364,110,15,"unknown",1,"chr17:g.5264587G>A","predicted passenger",96,"FALSE","SNV","NA","NA","NA","CT","TCC","CT_TCC","GTCCG","CT_GTCCG","-",0.136363636363636,"M",0.25,0.11206,2,2,0,0.196397212803503,1.09090909090909,1,1.09090909090909,1,0.627010001482987,1.71936103340194,"clonal"]
["G13385","METTL23","missense","chr17",74729205,"T","C","p.V77A",0.0876,274,24,"unknown",0,"chr17:g.74729205T>C","predicted passenger",235,"FALSE","SNV","NA","NA","NA","TC","GTA","TC_GTA","GGTAG","TC_GGTAG","+",0.0875912408759124,"M",0.25,0.487762,3,3,0,0.221515136395527,0.788321167883212,1,0.788321167883212,0.788321167883212,0.512354502114939,1.14772124679283,"clonal"]
["G13385","ACTN4","missense","chr19",39212196,"A","C","p.K437T",0.1209,215,26,"unknown",0,"chr19:g.39212196A>C","predicted passenger",241,"FALSE","SNV","+","ACTN4","ts","TG","CTT","TG_CTT","GCTTC","TG_GCTTC","-",0.12093023255814,"M",0.25,0.596586,3,3,0,-0.164696486640501,1.08837209302326,1,1.08837209302326,1,0.724835908969987,1.54937103888163,"clonal"]
["G13385","ZNF865","missense","chr19",56125624,"C","T","p.R214W",0.1062,113,12,"unknown",0,"chr19:g.56125624C>T","predicted passenger",107,"FALSE","SNV","+","ZNF865","nt","CT","CCG","CT_CCG","TCCGG","CT_TCCGG","+",0.106194690265487,"M",0.25,0.609062,3,3,0,0.0787119760140408,0.95575221238938,1,0.95575221238938,0.95575221238938,0.504804060990996,1.60338809822285,"clonal"]
["G13385","MYO18B","missense","chr22",26317372,"G","A","p.S1838N",0.0926,54,5,"unknown",0,"chr22:g.26317372G>A","predicted passenger",54,"FALSE","SNV","+","MYO18B","ts","CT","GCT","CT_GCT","GGCTG","CT_GGCTG","-",0.0925925925925926,"M",0.25,0.216273,3,3,0,0,0.833333333333333,1,0.833333333333333,0.833333333333333,0.276775067407708,1.82701392467661,"clonal"]
["G13385","TMED7","nonsense","chr5",114952115,"C","A","p.E156*",0.00966183574879227,209,2,"unknown",0,"chr5:g.114952115C>A","predicted passenger",189,"FALSE","SNV","NA","NA","NA","CA","TCG","CA_TCG","TTCGT","CA_TTCGT","+",0.00956937799043062,"M",0.25,-0.059889,2,2,0,0.14511670785981,0.076555023923445,0,0.076555023923445,0.076555023923445,0.00928803455367627,0.273107973146192,"subclonal"]
["G13385","ZNF703","missense","chr8",37553555,"A","G","p.S20G",0.0869565217391304,200,16,"unknown",0,"chr8:g.37553555A>G","predicted passenger",131,"FALSE","SNV","+","ZNF703","ts","TC","CTG","TC_CTG","GCTGC","TC_GCTGC","-",0.08,"M",0.25,0.91913,4,4,0,0.610433188237275,0.8,1,0.8,0.8,0.464176083998226,1.26664856022082,"clonal"]
["G13385","SPATA31D1","missense","chr9",84608338,"C","A","p.R985S",0.0127,158,2,"unknown",0,"chr9:g.84608338C>A","predicted passenger",157,"FALSE","SNV","+","SPATA31D1","nt","CA","TCG","CA_TCG","ATCGT","CA_ATCGT","+",0.0126582278481013,"M",0.25,-0.0165325,2,2,0,0.00915999928547592,0.10126582278481,0,0.10126582278481,0.10126582278481,0.0122933054906085,0.359808438039884,"subclonal"]
["G13385","OCA2","missense","chr15",28326869,"C","A","p.C51F",0.00749063670411985,269,2,"unknown",0,"chr15:g.28326869C>A","predicted passenger",216,"FALSE","SNV","-","OCA2","ts","CA","GCA","CA_GCA","GGCAG","CA_GGCAG","+",0.00743494423791822,"M",0.25,-0.27259,1,1,0,0.316574860393156,0.0520446096654275,0,0.0520446096654275,0.0520446096654275,0.00631174535906884,0.186186095125892,"subclonal"]
["G13385","MYO9A","missense","chr15",72192086,"G","T","p.Q1138K",0.048,131,6,"unknown",0,"chr15:g.72192086G>T","predicted passenger",117,"FALSE","SNV","-","MYO9A","nt","CA","ACA","CA_ACA","AACAA","CA_AACAA","-",0.0458015267175573,"M",0.25,-0.153383,2,2,0,0.163058281954046,0.366412213740458,0,0.366412213740458,0.366412213740458,0.135930756110296,0.776196615338203,"subclonal"]
["G13387","GJA8","missense","chr1",147380983,"G","A","p.E301K",0.16,125,20,"known",0,"chr1:g.147380983G>A","predicted passenger",125,"FALSE","SNV","+","GJA8","ts","CT","TCG","CT_TCG","CTCGA","CT_CTCGA","-",0.16,"M",0.28,0.0474383,2,2,0,0,1.14285714285714,1,1.14285714285714,1,0.718266972180677,1.68739101206416,"clonal"]
["G13387","UNC80","missense","chr2",210685159,"G","A","p.R696K",0.1154,182,21,"known",0,"chr2:g.210685159G>A","predicted passenger",231,"FALSE","SNV","+","UNC80","ts","CT","TCT","CT_TCT","TTCTA","CT_TTCTA","-",0.115384615384615,"M",0.28,-0.353647,1,1,0,-0.343954401217361,0.708791208791209,1,0.708791208791209,0.708791208791209,0.447576861374279,1.05016797060746,"clonal"]
["G13387","GHSR","missense","chr3",172165473,"C","T","p.R244H",0.0842,95,8,"known",0,"chr3:g.172165473C>T","predicted passenger",113,"FALSE","SNV","-","GHSR","ts","CT","GCG","CT_GCG","CGCGC","CT_CGCGC","+",0.0842105263157895,"M",0.28,0.389068,3,3,0,-0.25032335408424,0.685714285714286,1,0.685714285714286,0.685714285714286,0.301766570056347,1.2963451725617,"clonal"]
["G13387","PCDHA5","missense","chr5",140201827,"C","T","p.A156V",0.1322,227,30,"known",0,"chr5:g.140201827C>T","predicted passenger",267,"FALSE","SNV","NA","NA","NA","CT","GCG","CT_GCG","CGCGT","CT_CGCGT","+",0.13215859030837,"M",0.28,-0.513235,1,1,0,-0.234147444396639,0.811831340465702,1,0.811831340465702,0.811831340465702,0.558843254558683,1.12574483340681,"clonal"]
["G13387","SYTL3","missense","chr6",159181673,"C","T","p.A437V",0.2273,44,10,"known",0,"chr6:g.159181673C>T","predicted passenger",62,"FALSE","SNV","+","SYTL3","nt","CT","GCG","CT_GCG","GGCGG","CT_GGCGG","+",0.227272727272727,"M",0.28,0.00269502,2,2,0,-0.494764691749578,1.62337662337662,2,0.811688311688312,0.811688311688312,0.409762549780699,1.35158195559114,"clonal"]
["G13387","AP3M2","missense","chr8",42024746,"C","T","p.R290C",0.0964,197,19,"known",0,"chr8:g.42024746C>T","predicted passenger",202,"FALSE","SNV","+","AP3M2","nt","CT","ACG","CT_ACG","GACGC","CT_GACGC","+",0.0964467005076142,"M",0.28,0.525267,3,3,0,-0.0361596632954185,0.78535170413343,1,0.78535170413343,0.78535170413343,0.481007318207496,1.19303786921524,"clonal"]
["G13387","CHRM1","missense","chr11",62677864,"T","C","p.S237G",0.1667,84,14,"known",0,"chr11:g.62677864T>C","predicted passenger",94,"FALSE","SNV","NA","NA","NA","TC","CTG","TC_CTG","GCTGC","TC_GCTGC","+",0.166666666666667,"M",0.28,0.155238,2,2,0,-0.162271428898877,1.19047619047619,1,1.19047619047619,1,0.673026711827315,1.88428319220422,"clonal"]
["G13387","NCOR2","missense","chr12",124835175,"C","T","p.V1268I",0.0658,76,5,"known",1,"chr12:g.124835175C>T","predicted driver: tier 1",103,"TRUE","SNV","-","NCOR2","ts","CT","ACG","CT_ACG","GACGT","CT_GACGT","+",0.0657894736842105,"M",0.28,-0.0778689,2,2,0,-0.438573013739633,0.469924812030075,0,0.469924812030075,0.469924812030075,0.155036270554988,1.0492170336885,"clonal"]
["G13387","DHRS4","missense","chr14",24424420,"C","T","p.T102M",0.0298507462686567,69,2,"known",0,"chr14:g.24424420C>T","predicted passenger",61,"FALSE","SNV","NA","NA","NA","CT","ACG","CT_ACG","CACGG","CT_CACGG","+",0.0289855072463768,"M",0.28,-0.00524901,2,2,0,0.177787119215283,0.20703933747412,0,0.20703933747412,0.20703933747412,0.0252125670157255,0.720109860586232,"subclonal"]
["G13387","RGMA","missense","chr15",93595485,"G","A","p.T136M",0.0938,32,3,"known",0,"chr15:g.93595485G>A","predicted passenger",47,"FALSE","SNV","-","RGMA","nt","CT","ACG","CT_ACG","CACGC","CT_CACGC","-",0.09375,"M",0.28,-0.0373726,2,2,0,-0.554588851677637,0.669642857142857,1,0.669642857142857,0.669642857142857,0.141194144094892,1.78733536202711,"clonal"]
["G13387","KRT23","missense","chr17",39084537,"G","A","p.R292C",0.1609,87,14,"known",0,"chr17:g.39084537G>A","predicted passenger",137,"FALSE","SNV","NA","NA","NA","CT","GCG","CT_GCG","AGCGC","CT_AGCGC","-",0.160919540229885,"M",0.28,-0.136849,2,2,0,-0.655088587111798,1.14942528735632,1,1.14942528735632,1,0.649028560705368,1.82309082137095,"clonal"]
["G13387","BTBD2","missense","chr19",1986596,"G","A","p.S490L",0.137096774193548,141,17,"known",0,"chr19:g.1986596G>A","predicted passenger",112,"FALSE","SNV","-","BTBD2","nt","CT","TCG","CT_TCG","GTCGC","CT_GTCGC","-",0.120567375886525,"M",0.28,0.375672,3,3,0,0.332196430341189,0.981762917933131,1,0.981762917933131,0.981762917933131,0.584883933023216,1.51465831277308,"clonal"]
["G13387","MYH14","nonsense","chr19",50783539,"C","T","p.R1397*",0.1619,105,17,"known",0,"chr19:g.50783539C>T","predicted passenger",92,"FALSE","SNV","+","MYH14","nt","CT","GCG","CT_GCG","TGCGA","CT_TGCGA","+",0.161904761904762,"M",0.28,0.372691,3,3,0,0.19068356160911,1.31836734693878,1,1.31836734693878,1,0.79179788528992,2.007396903258,"clonal"]
["G13387","DENND2D","missense","chr1",111741337,"C","G","p.E91Q",0.1008,119,12,"known",0,"chr1:g.111741337C>G","predicted passenger",140,"FALSE","SNV","-","DENND2D","ts","CG","TCC","CG_TCC","CTCCT","CG_CTCCT","+",0.100840336134454,"M",0.28,0.0619942,2,2,0,-0.234465253637023,0.720288115246098,1,0.720288115246098,0.720288115246098,0.380003960190231,1.21087996707519,"clonal"]
["G13387","LRRC37A3","missense","chr17",62892873,"T","C","p.H168R",0.037463976945245,360,13,"known",0,"chr17:g.62892873T>C","predicted passenger",368,"FALSE","SNV","NA","NA","NA","TC","GTG","TC_GTG","GGTGT","TC_GGTGT","+",0.0361111111111111,"M",0.28,0.154377,2,2,0,-0.0317088597273381,0.257936507936508,0,0.257936507936508,0.257936507936508,0.138322918229974,0.435425221757432,"subclonal"]
["G13387","SLC35F5","missense","chr2",114476836,"G","A","p.S464L",0.056,132,7,"known",0,"chr2:g.114476836G>A","predicted passenger",154,"FALSE","SNV","-","SLC35F5","nt","CT","TCA","CT_TCA","TTCAT","CT_TTCAT","-",0.053030303030303,"M",0.28,-0.0651241,2,2,0,-0.222392421336448,0.378787878787879,0,0.378787878787879,0.378787878787879,0.154171232430198,0.758647677918317,"subclonal"]
["G13387","SLC20A1","missense","chr2",113404706,"C","A","p.L101M",0.0526,38,2,"known",0,"chr2:g.113404706C>A","predicted passenger",40,"FALSE","SNV","+","SLC20A1","nt","CA","GCT","CA_GCT","GGCTG","CA_GGCTG","+",0.0526315789473684,"M",0.28,-0.0651241,2,2,0,-0.0740005814437769,0.37593984962406,0,0.37593984962406,0.37593984962406,0.045990833679228,1.26778993105458,"clonal"]
["G13387","MAGEE2","missense","chrX",75004645,"G","A","p.A81V",0.0571,35,2,"known",0,"chrX:g.75004645G>A","predicted passenger",53,"FALSE","SNV","-","MAGEE2","nt","CT","GCG","CT_GCG","GGCGC","CT_GGCGC","-",0.0571428571428571,"M",0.28,-0.493738,1,1,0,-0.598637437618233,0.204081632653061,0,0.204081632653061,0.204081632653061,0.0429801194310442,1.17679578183504,"clonal"]
["G13387","TNFRSF25","missense","chr1",6522110,"T","C","p.E299G",0.1733,75,13,"unknown",0,"chr1:g.6522110T>C","predicted passenger",101,"FALSE","SNV","-","TNFRSF25","ts","TC","CTC","TC_CTC","CCTCC","TC_CCTCC","+",0.173333333333333,"M",0.28,0.0619942,2,2,0,-0.429392792255914,1.23809523809524,1,1.23809523809524,1,0.683218720984948,1.9867765431843,"clonal"]
["G13387","EPHB2","missense","chr1",23208870,"T","A","p.I441N",0.0957,115,11,"unknown",0,"chr1:g.23208870T>A","predicted driver: tier 1",168,"TRUE","SNV","+","EPHB2","nt","TA","ATC","TA_ATC","CATCA","TA_CATCA","+",0.0956521739130435,"M",0.28,0.0619942,2,2,0,-0.546827371834385,0.683229813664596,1,0.683229813664596,0.683229813664596,0.348019767803873,1.17646032366107,"clonal"]
["G13387","OLFML3","missense","chr1",114524170,"G","A","p.V334I",0.1429,154,22,"unknown",0,"chr1:g.114524170G>A","predicted passenger",221,"FALSE","SNV","+","OLFML3","ts","CT","ACG","CT_ACG","GACGA","CT_GACGA","-",0.142857142857143,"M",0.28,0.0619942,2,2,0,-0.52111601869653,1.02040816326531,1,1.02040816326531,1,0.655315956357708,1.4875923496489,"clonal"]
["G13387","MCL1","missense","chr1",150551960,"C","T","p.C16Y",0.1228,114,14,"unknown",0,"chr1:g.150551960C>T","predicted passenger",116,"FALSE","SNV","-","MCL1","ts","CT","ACA","CT_ACA","CACAG","CT_CACAG","+",0.12280701754386,"M",0.28,0.0474383,2,2,0,-0.0250909809628305,0.87719298245614,1,0.87719298245614,0.87719298245614,0.491388040585342,1.41042153244143,"clonal"]
["G13387","ITLN1","missense","chr1",160850999,"C","T","p.R170H",0.1,30,3,"unknown",0,"chr1:g.160850999C>T","predicted passenger",89,"FALSE","SNV","-","ITLN1","ts","CT","GCG","CT_GCG","TGCGG","CT_TGCGG","+",0.1,"M",0.28,-0.115887,2,2,0,-1.56884283535788,0.714285714285714,1,0.714285714285714,0.714285714285714,0.150836693069447,1.8949175033872,"clonal"]
["G13387","IPO9","missense","chr1",201842029,"A","G","p.K884E",0.1444,90,13,"unknown",0,"chr1:g.201842029A>G","predicted passenger",106,"FALSE","SNV","+","IPO9","ts","TC","TTC","TC_TTC","CTTCA","TC_CTTCA","-",0.144444444444444,"M",0.28,-0.115887,2,2,0,-0.236067358233524,1.03174603174603,1,1.03174603174603,1,0.565808303553115,1.67379687386218,"clonal"]
["G13387","SLC8A1","missense","chr2",40657009,"T","A","p.T138S",0.165,103,17,"unknown",0,"chr2:g.40657009T>A","predicted passenger",144,"FALSE","SNV","-","SLC8A1","ts","TA","GTC","TA_GTC","GGTCA","TA_GGTCA","+",0.16504854368932,"M",0.28,-0.0232119,2,2,0,-0.483424474259094,1.17891816920943,1,1.17891816920943,1,0.708488616197537,1.79325397060866,"clonal"]
["G13387","BUB1","missense","chr2",111430244,"T","C","p.Q139R",0.1143,35,4,"unknown",0,"chr2:g.111430244T>C","predicted passenger",37,"FALSE","SNV","-","BUB1","ts","TC","TTG","TC_TTG","ATTGT","TC_ATTGT","+",0.114285714285714,"M",0.28,-0.0651241,2,2,0,-0.0801703486839833,0.816326530612245,1,0.816326530612245,0.816326530612245,0.228794064493557,1.90984316942318,"clonal"]
["G13387","CCDC140","nonsense","chr2",223168838,"C","T","p.R73*",0.1273,55,7,"unknown",0,"chr2:g.223168838C>T","predicted passenger",83,"FALSE","SNV","+","CCDC140","nt","CT","GCG","CT_GCG","CGCGA","CT_CGCGA","+",0.127272727272727,"M",0.28,-0.0501343,2,2,0,-0.593679717822265,0.909090909090909,1,0.909090909090909,0.909090909090909,0.376679878312354,1.74859085944303,"clonal"]
["G13387","EDEM1","missense","chr3",5246844,"T","C","p.S379P",0.1467,150,22,"unknown",0,"chr3:g.5246844T>C","predicted passenger",192,"FALSE","SNV","+","EDEM1","nt","TC","ATC","TC_ATC","AATCT","TC_AATCT","+",0.146666666666667,"M",0.28,0.485322,3,3,0,-0.356143810225275,1.19428571428571,1,1.19428571428571,1,0.767505691023821,1.73926720962746,"clonal"]
["G13387","TRAK1","missense","chr3",42265183,"G","A","p.G939D",0.1744,86,15,"unknown",0,"chr3:g.42265183G>A","predicted passenger",71,"FALSE","SNV","+","TRAK1","ts","CT","GCC","CT_GCC","TGCCC","CT_TGCCC","-",0.174418604651163,"M",0.28,0.412068,3,3,0,0.276517635197416,1.4202657807309,1,1.4202657807309,1,0.822734919666264,2.20923200700942,"clonal"]
["G13387","BSN","missense","chr3",49700527,"C","T","p.R3646W",0.102,98,10,"unknown",0,"chr3:g.49700527C>T","predicted passenger",87,"FALSE","SNV","+","BSN","nt","CT","CCG","CT_CCG","ACCGG","CT_ACCGG","+",0.102040816326531,"M",0.28,0.533989,3,3,0,0.17176634826648,0.830903790087464,1,0.830903790087464,0.830903790087464,0.407367814320945,1.462942905538,"clonal"]
["G13387","FBXO40","missense","chr3",121342048,"T","C","p.V591A",0.1301,146,19,"unknown",0,"chr3:g.121342048T>C","predicted passenger",168,"FALSE","SNV","+","FBXO40","nt","TC","GTC","TC_GTC","CGTCA","TC_CGTCA","+",0.13013698630137,"M",0.28,0.389068,3,3,0,-0.202492863898743,1.05968688845401,1,1.05968688845401,1,0.653088877949595,1.59392153787213,"clonal"]
["G13387","CPB1","missense","chr3",148558526,"T","C","p.V109A",0.0861,151,13,"unknown",0,"chr3:g.148558526T>C","predicted passenger",211,"FALSE","SNV","+","CPB1","nt","TC","GTT","TC_GTT","GGTTC","TC_GGTTC","+",0.0860927152317881,"M",0.28,0.389068,3,3,0,-0.482694449382106,0.701040681173132,1,0.701040681173132,0.701040681173132,0.379772655013294,1.16216044483337,"clonal"]
["G13387","TMEM41A","missense","chr3",185214749,"T","C","p.D47G",0.1705,88,15,"unknown",0,"chr3:g.185214749T>C","predicted passenger",78,"FALSE","SNV","-","TMEM41A","ts","TC","GTC","TC_GTC","GGTCG","TC_GGTCG","+",0.170454545454545,"M",0.28,0.549032,3,3,0,0.174029399775049,1.38798701298701,1,1.38798701298701,1,0.803372496055932,2.16200184567628,"clonal"]
["G13387","PARM1","missense","chr4",75937889,"A","G","p.T100A",0.1559,186,29,"unknown",0,"chr4:g.75937889A>G","predicted passenger",237,"FALSE","SNV","NA","NA","NA","TC","GTG","TC_GTG","TGTGC","TC_TGTGC","-",0.155913978494624,"M",0.28,-0.157391,2,2,0,-0.349584437790228,1.1136712749616,1,1.1136712749616,1,0.764090327955147,1.54415981060178,"clonal"]
["G13387","TACR3","missense","chr4",104579433,"C","A","p.V226F",0.1231,195,24,"unknown",0,"chr4:g.104579433C>A","predicted passenger",229,"FALSE","SNV","-","TACR3","ts","CA","ACT","CA_ACT","GACTT","CA_GACTT","+",0.123076923076923,"M",0.28,-0.157391,2,2,0,-0.231873474347333,0.879120879120879,1,0.879120879120879,0.879120879120879,0.574809646026004,1.26839209803159,"clonal"]
["G13387","HHIP","missense","chr4",145658936,"C","T","p.R644C",0.1515,33,5,"unknown",0,"chr4:g.145658936C>T","predicted passenger",41,"FALSE","SNV","+","HHIP","nt","CT","TCG","CT_TCG","GTCGT","CT_GTCGT","+",0.151515151515152,"M",0.28,-0.157391,2,2,0,-0.31315788525963,1.08225108225108,1,1.08225108225108,1,0.364919281114866,2.2784987122174,"clonal"]
["G13387","MAST4","missense","chr5",66448519,"C","T","p.S1117L",0.1123,187,21,"unknown",0,"chr5:g.66448519C>T","predicted passenger",271,"FALSE","SNV","+","MAST4","nt","CT","TCG","CT_TCG","CTCGG","CT_CTCGG","+",0.112299465240642,"M",0.28,-0.0834213,2,2,0,-0.535254581466235,0.802139037433155,1,0.802139037433155,0.802139037433155,0.506243665094885,1.18949094037341,"clonal"]
["G13387","PCDHB4","missense","chr5",140503424,"G","A","p.G615D",0.1155,277,32,"unknown",0,"chr5:g.140503424G>A","predicted passenger",355,"FALSE","SNV","+","PCDHB4","ts","CT","GCC","CT_GCC","CGCCG","CT_CGCCG","-",0.115523465703971,"M",0.28,-0.513235,1,1,0,-0.357933048342856,0.709644146467251,1,0.709644146467251,0.709644146467251,0.493728069039227,0.977682906304199,"clonal"]
["G13387","POU4F3","missense","chr5",145719618,"G","A","p.A210T",0.1314,137,18,"unknown",0,"chr5:g.145719618G>A","predicted passenger",165,"FALSE","SNV","NA","NA","NA","CT","GCG","CT_GCG","CGCGC","CT_CGCGC","-",0.131386861313869,"M",0.28,-0.115384,2,2,0,-0.268290131285289,0.938477580813347,1,0.938477580813347,0.938477580813347,0.569741465452526,1.42628136788565,"clonal"]
["G13387","USP49","missense","chr6",41774282,"C","T","p.R147H",0.1186,59,7,"unknown",0,"chr6:g.41774282C>T","predicted passenger",63,"FALSE","SNV","-","USP49","ts","CT","ACG","CT_ACG","GACGC","CT_GACGC","+",0.11864406779661,"M",0.28,0.00668068,2,2,0,-0.0946368741380752,0.847457627118644,1,0.847457627118644,0.847457627118644,0.350398504584028,1.63780392112495,"clonal"]
["G13387","TBC1D32","missense","chr6",121638757,"T","C","p.N127D",0.1667,150,25,"unknown",0,"chr6:g.121638757T>C","predicted passenger",184,"FALSE","SNV","-","TBC1D32","ts","TC","TTA","TC_TTA","GTTAA","TC_GTTAA","+",0.166666666666667,"M",0.28,-0.210343,2,2,0,-0.294743265561132,1.19047619047619,1,1.19047619047619,1,0.791838085839819,1.68660233243166,"clonal"]
["G13387","LRP11","missense","chr6",150157428,"G","T","p.L349M",0.1618,68,11,"unknown",0,"chr6:g.150157428G>T","predicted passenger",79,"FALSE","SNV","-","LRP11","nt","CA","CCT","CA_CCT","GCCTG","CA_GCCTG","-",0.161764705882353,"M",0.28,0.00269502,2,2,0,-0.216317906926763,1.15546218487395,1,1.15546218487395,1,0.597270937649442,1.93595553705929,"clonal"]
["G13387","ADCYAP1R1","missense","chr7",31123768,"T","C","p.V114A",0.1196,92,11,"unknown",0,"chr7:g.31123768T>C","predicted passenger",113,"FALSE","SNV","+","ADCYAP1R1","nt","TC","GTG","TC_GTG","GGTGA","TC_GGTGA","+",0.119565217391304,"M",0.28,-0.121872,2,2,0,-0.296617006358175,0.854037267080745,1,0.854037267080745,0.854037267080745,0.437309545316798,1.45622712590832,"clonal"]
["G13387","PTPRZ1","missense","chr7",121651658,"A","C","p.K853T",0.1261,111,14,"unknown",0,"chr7:g.121651658A>C","predicted passenger",135,"FALSE","SNV","+","PTPRZ1","ts","TG","CTT","TG_CTT","CCTTA","TG_CCTTA","-",0.126126126126126,"M",0.28,-0.445063,1,1,0,-0.282399730700725,0.774774774774775,1,0.774774774774775,0.774774774774775,0.434312376372229,1.24427660573186,"clonal"]
["G13387","ZNF467","missense","chr7",149462563,"G","A","p.P343L",0.1358,81,11,"unknown",0,"chr7:g.149462563G>A","predicted passenger",121,"FALSE","SNV","-","ZNF467","nt","CT","CCG","CT_CCG","CCCGT","CT_CCCGT","-",0.135802469135802,"M",0.28,-0.12463,2,2,0,-0.57901323438997,0.970017636684303,1,0.970017636684303,0.970017636684303,0.498490614194162,1.64292593972904,"clonal"]
["G13387","ST18","missense","chr8",53049984,"C","T","p.R743H",0.0971,103,10,"unknown",0,"chr8:g.53049984C>T","predicted passenger",140,"FALSE","SNV","-","ST18","ts","CT","GCG","CT_GCG","TGCGA","CT_TGCGA","+",0.0970873786407767,"M",0.28,0.368962,3,3,0,-0.442782489761748,0.790568654646325,1,0.790568654646325,0.790568654646325,0.387163693005011,1.39492256859969,"clonal"]
["G13387","MROH1","missense","chr8",145247255,"G","A","p.R300H",0.1176,102,12,"unknown",0,"chr8:g.145247255G>A","predicted passenger",109,"FALSE","SNV","+","MROH1","ts","CT","GCG","CT_GCG","TGCGG","CT_TGCGG","-",0.117647058823529,"M",0.28,0.598222,3,3,0,-0.0957589828054307,0.957983193277311,1,0.957983193277311,0.957983193277311,0.507225834711358,1.59998779021702,"clonal"]
["G13387","DOCK8","missense","chr9",340268,"A","C","p.K542N",0.1244,225,28,"unknown",0,"chr9:g.340268A>C","predicted passenger",310,"FALSE","SNV","+","DOCK8","ts","TG","CTT","TG_CTT","TCTTT","TG_TCTTT","-",0.124444444444444,"M",0.28,-0.113831,2,2,0,-0.4623432140572,0.888888888888889,1,0.888888888888889,0.888888888888889,0.602206654930524,1.24866743239295,"clonal"]
["G13387","ERP44","missense","chr9",102778629,"C","T","p.R246Q",0.183098591549296,84,13,"unknown",0,"chr9:g.102778629C>T","predicted passenger",96,"FALSE","SNV","-","ERP44","ts","CT","TCG","CT_TCG","CTCGG","CT_CTCGG","+",0.154761904761905,"M",0.28,-0.0422215,2,2,0,-0.192645077942396,1.10544217687075,1,1.10544217687075,1,0.607566760734424,1.78641200622744,"clonal"]
["G13387","KIN","missense","chr10",7805734,"T","C","p.I290M",0.1477,149,22,"unknown",0,"chr10:g.7805734T>C","predicted passenger",183,"FALSE","SNV","-","KIN","ts","TC","TTA","TC_TTA","GTTAT","TC_GTTAT","+",0.147651006711409,"M",0.28,-0.034119,2,2,0,-0.296531317821881,1.05465004793864,1,1.05465004793864,1,0.677888849864295,1.5354990167343,"clonal"]
["G13387","BMS1","missense","chr10",43289310,"G","A","p.G367E",0.1346,52,7,"unknown",0,"chr10:g.43289310G>A","predicted passenger",46,"FALSE","SNV","+","BMS1","ts","CT","CCC","CT_CCC","GCCCC","CT_GCCCC","-",0.134615384615385,"M",0.28,-0.192291,2,2,0,0.176877762084079,0.961538461538461,1,0.961538461538461,0.961538461538461,0.399134739179715,1.84198989313934,"clonal"]
["G13387","FAM35A","missense","chr10",88912414,"T","C","p.C435R",0.1325,151,20,"unknown",0,"chr10:g.88912414T>C","predicted passenger",125,"FALSE","SNV","+","FAM35A","nt","TC","CTG","TC_CTG","ACTGT","TC_ACTGT","+",0.132450331125828,"M",0.28,0.00731354,2,2,0,0.272620454662992,0.946073793755913,1,0.946073793755913,0.946073793755913,0.591558116352518,1.40802274817844,"clonal"]
["G13387","QSER1","missense","chr11",32954653,"A","G","p.S488G",0.1286,140,18,"unknown",0,"chr11:g.32954653A>G","predicted passenger",128,"FALSE","SNV","+","QSER1","ts","TC","CTA","TC_CTA","GCTAG","TC_GCTAG","-",0.128571428571429,"M",0.28,-0.137747,2,2,0,0.129283016944966,0.918367346938775,1,0.918367346938775,0.918367346938775,0.557233659526179,1.39692050559773,"clonal"]
["G13387","NRXN2","missense","chr11",64480808,"G","A","p.R122C",0.093,86,8,"unknown",0,"chr11:g.64480808G>A","predicted passenger",125,"FALSE","SNV","-","NRXN2","nt","CT","GCG","CT_GCG","CGCGC","CT_CGCGC","-",0.0930232558139535,"M",0.28,0.155238,2,2,0,-0.539519529959989,0.664451827242525,1,0.664451827242525,0.664451827242525,0.293013280527277,1.25063724306916,"clonal"]
["G13387","CABP2","missense","chr11",67290025,"T","C","p.T69A",0.1504,133,20,"unknown",0,"chr11:g.67290025T>C","predicted passenger",148,"FALSE","SNV","-","CABP2","ts","TC","GTG","TC_GTG","GGTGG","TC_GGTGG","+",0.150375939849624,"M",0.28,0.0552108,2,2,0,-0.15417093012776,1.07411385606874,1,1.07411385606874,1,0.673850519282569,1.59033296876056,"clonal"]
["G13387","TECTA","missense","chr11",120998463,"T","A","p.S593T",0.119,126,15,"unknown",0,"chr11:g.120998463T>A","predicted passenger",183,"FALSE","SNV","+","TECTA","nt","TA","GTC","TA_GTC","TGTCC","TA_TGTCC","+",0.119047619047619,"M",0.28,-0.114351,2,2,0,-0.538419914784126,0.850340136054422,1,0.850340136054422,0.850340136054422,0.487032485767907,1.34814639448218,"clonal"]
["G13387","MBD6","missense","chr12",57919844,"C","T","p.R365C",0.0865,185,16,"unknown",0,"chr12:g.57919844C>T","predicted passenger",246,"FALSE","SNV","+","MBD6","nt","CT","TCG","CT_TCG","GTCGT","CT_GTCGT","+",0.0864864864864865,"M",0.28,0.027736,2,2,0,-0.411133044822928,0.617760617760618,1,0.617760617760618,0.617760617760618,0.358884773484388,0.976065860005588,"clonal"]
["G13387","GIT2","missense","chr12",110390944,"C","T","p.E399K",0.1688,77,13,"unknown",0,"chr12:g.110390944C>T","predicted passenger",105,"FALSE","SNV","NA","NA","NA","CT","TCG","CT_TCG","TTCGT","CT_TTCGT","+",0.168831168831169,"M",0.28,0.289403,3,3,0,-0.447458976971221,1.3747680890538,1,1.3747680890538,1,0.757895642144138,2.20986739306041,"clonal"]
["G13387","LCP1","missense","chr13",46722525,"C","T","p.G314S",0.1024,127,13,"unknown",1,"chr13:g.46722525C>T","predicted passenger",178,"FALSE","SNV","-","LCP1","ts","CT","CCT","CT_CCT","ACCTT","CT_ACCTT","+",0.102362204724409,"M",0.28,-0.107452,2,2,0,-0.487048744194232,0.731158605174353,1,0.731158605174353,0.731158605174353,0.397423981195725,1.20486276836926,"clonal"]
["G13387","SAV1","nonsense","chr14",51132011,"C","CA","p.D141*fs*1",0.0958,167,16,"unknown",0,"chr14:g.51132011_51132012insA","predicted passenger",199,"FALSE","SNV","-","SAV1","ts","CCA","TCA","CCA_TCA","ATCAA","CCA_ATCAA","+",0.0958083832335329,"M",0.28,-0.00524901,2,2,0,-0.252920328069597,0.684345594525235,1,0.684345594525235,0.684345594525235,0.398284284198212,1.07801889801639,"clonal"]
["G13387","SLC25A29","missense","chr14",100759296,"A","G","p.V79A",0.1176,51,6,"unknown",0,"chr14:g.100759296A>G","predicted passenger",62,"FALSE","SNV","NA","NA","NA","TC","GTG","TC_GTG","GGTGC","TC_GGTGC","-",0.117647058823529,"M",0.28,-0.00524901,2,2,0,-0.28177096841538,0.840336134453781,1,0.840336134453781,0.840336134453781,0.317286727545106,1.7048289090291,"clonal"]
["G13387","TUBGCP5","missense","chr15",22864369,"G","A","p.R776H",0.0874,103,9,"unknown",0,"chr15:g.22864369G>A","predicted passenger",118,"FALSE","SNV","+","TUBGCP5","ts","CT","CCG","CT_CCG","ACCGT","CT_ACCGT","-",0.087378640776699,"M",0.28,-0.163435,2,2,0,-0.196142522178623,0.624133148404993,1,0.624133148404993,0.624133148404993,0.29097447604789,1.13856564611075,"clonal"]
["G13387","PDE8A","missense","chr15",85632616,"T","C","p.I228T",0.0867,150,13,"unknown",0,"chr15:g.85632616T>C","predicted passenger",168,"FALSE","SNV","+","PDE8A","nt","TC","ATT","TC_ATT","AATTG","TC_AATTG","+",0.0866666666666667,"M",0.28,-0.0507186,2,2,0,-0.163498732282879,0.619047619047619,1,0.619047619047619,0.619047619047619,0.335394430281766,1.02601945202419,"clonal"]
["G13387","C16orf96","missense","chr16",4642308,"A","C","p.K905T",0.165,103,17,"unknown",0,"chr16:g.4642308A>C","predicted passenger",138,"FALSE","SNV","+","C16orf96","ts","TG","CTT","TG_CTT","GCTTC","TG_GCTTC","-",0.16504854368932,"M",0.28,0.0883321,2,2,0,-0.422023929594951,1.17891816920943,1,1.17891816920943,1,0.708488616197537,1.79325397060866,"clonal"]
["G13387","SCNN1G","missense","chr16",23226073,"A","T","p.N512Y",0.1518,224,34,"unknown",0,"chr16:g.23226073A>T","predicted passenger",272,"FALSE","SNV","+","SCNN1G","ts","TA","TTC","TA_TTC","GTTCA","TA_GTTCA","-",0.151785714285714,"M",0.28,0.0206688,2,2,0,-0.280107919192735,1.08418367346939,1,1.08418367346939,1,0.767594393376596,1.46853277754199,"clonal"]
["G13387","SPG7","missense","chr16",89619480,"C","T","p.R625W",0.1202,208,25,"unknown",0,"chr16:g.89619480C>T","predicted passenger",272,"FALSE","SNV","+","SPG7","nt","CT","GCG","CT_GCG","AGCGG","CT_AGCGG","+",0.120192307692308,"M",0.28,0.0474466,2,2,0,-0.387023123109247,0.858516483516483,1,0.858516483516483,0.858516483516483,0.56652119546935,1.23069821305525,"clonal"]
["G13387","COX10","missense","chr17",14110235,"C","T","p.S346L",0.1136,44,5,"unknown",0,"chr17:g.14110235C>T","predicted passenger",52,"FALSE","SNV","+","COX10","nt","CT","TCG","CT_TCG","GTCGG","CT_GTCGG","+",0.113636363636364,"M",0.28,0.0156429,2,2,0,-0.241008099503795,0.811688311688312,1,0.811688311688312,0.811688311688312,0.27102652099482,1.75411983082522,"clonal"]
["G13387","STAC2","nonsense","chr17",37370487,"G","A","p.Q314*",0.16,75,12,"unknown",0,"chr17:g.37370487G>A","predicted passenger",96,"FALSE","SNV","-","STAC2","nt","CT","GCA","CT_GCA","TGCAG","CT_TGCAG","-",0.16,"M",0.28,0.227576,3,3,0,-0.356143810225275,1.30285714285714,1,1.30285714285714,1,0.696230792354186,2.14004652400293,"clonal"]
["G13387","FOXJ1","missense","chr17",74133918,"G","A","p.A261V",0.125,32,4,"unknown",0,"chr17:g.74133918G>A","predicted passenger",50,"FALSE","SNV","-","FOXJ1","nt","CT","GCG","CT_GCG","GGCGG","CT_GGCGG","-",0.125,"M",0.28,0.289898,3,3,0,-0.643856189774725,1.01785714285714,1,1.01785714285714,1,0.286063889555536,2.36100856441044,"clonal"]
["G13387","LAMA1","missense","chr18",6983204,"A","G","p.L1897P",0.1281,203,26,"unknown",0,"chr18:g.6983204A>G","predicted passenger",259,"FALSE","SNV","-","LAMA1","nt","TC","CTG","TC_CTG","CCTGA","TC_CCTGA","-",0.12807881773399,"M",0.28,-0.18108,2,2,0,-0.351472370501378,0.91484869809993,1,0.91484869809993,0.91484869809993,0.609997048751497,1.30006719494762,"clonal"]
["G13387","PLPPR3","missense","chr19",815264,"G","C","p.P109A",0.1343,134,18,"unknown",0,"chr19:g.815264G>C","predicted passenger",129,"FALSE","SNV","-","LPPR3","nt","CG","GCC","CG_GCC","GGCCC","CG_GGCCC","-",0.134328358208955,"M",0.28,0.375672,3,3,0,0.0548619350345184,1.09381663113006,1,1.09381663113006,1,0.664419485997994,1.66086616729327,"clonal"]
["G13387","MAST3","missense","chr19",18255444,"G","T","p.S889I",0.125,72,9,"unknown",0,"chr19:g.18255444G>T","predicted passenger",83,"FALSE","SNV","NA","NA","NA","CA","ACT","CA_ACT","CACTG","CA_CACTG","-",0.125,"M",0.28,0.368875,3,3,0,-0.205114429904612,1.01785714285714,1,1.01785714285714,1,0.478664153174849,1.82458576248078,"clonal"]
["G13387","ZNF493","missense","chr19",21588587,"T","G","p.L61R",0.2632,57,15,"unknown",0,"chr19:g.21588587T>G","predicted passenger",77,"FALSE","SNV","NA","NA","NA","TG","CTG","TG_CTG","TCTGG","TG_TCTGG","+",0.263157894736842,"M",0.28,-0.555526,1,1,0,-0.43389652653016,1.61654135338346,2,0.808270676691729,0.808270676691729,0.477253161829107,1.21821292142417,"clonal"]
["G13387","HIF3A","missense","chr19",46815765,"C","A","p.L294M",0.0714,84,6,"unknown",0,"chr19:g.46815765C>A","predicted passenger",92,"FALSE","SNV","+","HIF3A","nt","CA","GCT","CA_GCT","TGCTG","CA_TGCTG","+",0.0714285714285714,"M",0.28,0.372691,3,3,0,-0.131244533278253,0.581632653061224,1,0.581632653061224,0.581632653061224,0.217113032830671,1.21338594178615,"clonal"]
["G13387","PLAGL2","missense","chr20",30784766,"A","T","p.L327Q",0.1266,79,10,"unknown",0,"chr20:g.30784766A>T","predicted passenger",88,"FALSE","SNV","-","PLAGL2","nt","TA","CTG","TA_CTG","TCTGG","TA_TCTGG","-",0.126582278481013,"M",0.28,0.21083,3,3,0,-0.155650870460194,1.03074141048825,1,1.03074141048825,1,0.508149480940455,1.7954529463473,"clonal"]
["G13387","ERGIC3","missense","chr20",34136405,"A","G","p.Y202C",0.2308,78,18,"unknown",0,"chr20:g.34136405A>G","predicted passenger",77,"FALSE","SNV","+","ERGIC3","ts","TC","ATA","TC_ATA","CATAC","TC_CATAC","-",0.230769230769231,"M",0.28,0.21083,3,3,0,0.0186156781673468,1.87912087912088,2,0.93956043956044,0.93956043956044,0.581696451943229,1.38417440458577,"clonal"]
["G13387","URB1","missense","chr21",33687350,"G","A","p.P2232L",0.1944,36,7,"unknown",0,"chr21:g.33687350G>A","predicted passenger",38,"FALSE","SNV","-","URB1","nt","CT","CCG","CT_CCG","GCCGG","CT_GCCGG","-",0.194444444444444,"M",0.28,0.242273,3,3,0,-0.0780025120012732,1.58333333333333,2,0.791666666666667,0.791666666666667,0.333627676186922,1.46672406585546,"clonal"]
["G13387","NOX1","missense","chrX",100105204,"C","T","p.A357T",0.2045,88,18,"unknown",0,"chrX:g.100105204C>T","predicted passenger",102,"FALSE","SNV","-","NOX1","ts","CT","GCT","CT_GCT","TGCTC","CT_TGCTC","+",0.204545454545455,"M",0.28,-0.554577,1,1,0,-0.212993723334198,0.73051948051948,1,0.73051948051948,0.73051948051948,0.77379629743996,1.86661596460415,"clonal"]
["G13387","LRCH2","missense","chrX",114400873,"C","T","p.G344D",0.2222,72,16,"unknown",0,"chrX:g.114400873C>T","predicted passenger",86,"FALSE","SNV","-","LRCH2","ts","CT","GCC","CT_GCC","GGCCA","CT_GGCCA","+",0.222222222222222,"M",0.28,-0.429441,1,1,0,-0.256339753259785,0.793650793650793,1,0.793650793650793,0.793650793650793,0.815048935125306,2.06176785682168,"clonal"]
["G13387","CYP8B1","missense","chr3",42916912,"C","A","p.G133W",0.1,80,8,"unknown",0,"chr3:g.42916912C>A","predicted passenger",79,"FALSE","SNV","NA","NA","NA","CA","CCC","CA_CCC","CCCCC","CA_CCCCC","+",0.1,"M",0.28,0.412068,3,3,0,0.0181473467102595,0.814285714285714,1,0.814285714285714,0.814285714285714,0.359677655536694,1.52731587505937,"clonal"]
["G13387","NSD1","missense","chr5",176638966,"T","C","p.V1189A",0.1786,28,5,"unknown",1,"chr5:g.176638966T>C","predicted passenger",34,"FALSE","SNV","+","NSD1","nt","TC","GTC","TC_GTC","GGTCT","TC_GGTCT","+",0.178571428571429,"M",0.28,0.0758402,2,2,0,-0.280107919192735,1.27551020408163,1,1.27551020408163,1,0.433163634422911,2.63523821013717,"clonal"]
["G13387","SLC2A8","missense","chr9",130166322,"C","T","p.R318W",0.0303030303030303,68,2,"unknown",0,"chr9:g.130166322C>T","predicted passenger",94,"FALSE","SNV","+","SLC2A8","nt","CT","GCG","CT_GCG","GGCGG","CT_GGCGG","+",0.0294117647058824,"M",0.28,0.116163,2,2,0,-0.467126010427298,0.210084033613445,0,0.210084033613445,0.210084033613445,0.0255854387162242,0.730292942343707,"subclonal"]
["G13387","EXOC3L4","missense","chr14",103571154,"C","T","p.A455V",0.125,32,4,"unknown",0,"chr14:g.103571154C>T","predicted passenger",42,"FALSE","SNV","+","EXOC3L4","nt","CT","GCG","CT_GCG","GGCGC","CT_GGCGC","+",0.125,"M",0.28,-0.00524901,2,2,0,-0.39231742277876,0.892857142857143,1,0.892857142857143,0.892857142857143,0.250933236452225,2.07106014421968,"clonal"]
["G13387","PLEKHA4","missense","chr19",49357049,"G","T","p.L406M",0.1746,63,11,"unknown",0,"chr19:g.49357049G>T","predicted passenger",65,"FALSE","SNV","-","PLEKHA4","nt","CA","GCT","CA_GCT","AGCTG","CA_AGCTG","-",0.174603174603175,"M",0.28,0.372691,3,3,0,-0.045087889528538,1.42176870748299,1,1.42176870748299,1,0.737083160012972,2.36933487108711,"clonal"]
["G13387","FAM169B","missense","chr15",99023985,"C","T","p.V10I",0.1125,89,9,"unknown",0,"chr15:g.99023985C>T","predicted passenger",96,"FALSE","SNV","-","FAM169B","ts","CT","ACC","CT_ACC","AACCC","CT_AACCC","+",0.101123595505618,"M",0.28,-0.0373726,2,2,0,-0.109229069754758,0.7223113964687,1,0.7223113964687,0.7223113964687,0.337806131699286,1.30930037972438,"clonal"]
["G13387","CACNG8","missense","chr19",54485981,"G","C","p.G386R",0.0769,39,3,"unknown",0,"chr19:g.54485981G>C","predicted passenger",41,"FALSE","SNV","+","CACNG8","ts","CG","CCG","CG_CCG","CCCGG","CG_CCCGG","-",0.0769230769230769,"M",0.28,0.262059,3,3,0,-0.0721497857558354,0.626373626373626,1,0.626373626373626,0.626373626373626,0.131534016815361,1.69942992998675,"clonal"]
["G13387","MCCC2","missense","chr5",70952645,"C","A","p.N550K",0.0106951871657754,189,2,"unknown",0,"chr5:g.70952645C>A","predicted passenger",174,"FALSE","SNV","+","MCCC2","nt","CA","ACG","CA_ACG","AACGC","CA_AACGC","+",0.0105820105820106,"M",0.28,-0.12637,2,2,0,0.119298928372344,0.0755857898715041,0,0.0755857898715041,0.0755857898715041,0.00917221121245917,0.26929382630683,"subclonal"]
["G13387","TNFSF15","missense","chr9",117552979,"C","A","p.R170L",0.0122,164,2,"unknown",0,"chr9:g.117552979C>A","predicted passenger",208,"FALSE","SNV","-","TNFSF15","ts","CA","TCG","CA_TCG","GTCGG","CA_GTCGG","+",0.0121951219512195,"M",0.28,-0.0304584,2,2,0,-0.342887713523009,0.0871080139372822,0,0.0871080139372822,0.0871080139372822,0.0105736646839551,0.309691489565993,"subclonal"]
["G13387","BRCA2","missense","chr13",32937387,"C","A","p.A2683E",0.0202020202020202,103,2,"unknown",1,"chr13:g.32937387C>A","predicted driver: tier 1",111,"TRUE","SNV","+","BRCA2","nt","CA","GCA","CA_GCA","TGCAA","CA_TGCAA","+",0.0194174757281553,"M",0.28,-0.107452,2,2,0,-0.107915339166888,0.13869625520111,0,0.13869625520111,0.13869625520111,0.0168589852650617,0.488470942145578,"subclonal"]
["G13387","DENND4B","missense","chr1",153915359,"C","A","p.G189C",0.1176,17,2,"unknown",0,"chr1:g.153915359C>A","predicted passenger",17,"FALSE","SNV","-","DENND4B","ts","CA","CCA","CA_CCA","GCCAG","CA_GCCAG","+",0.117647058823529,"M",0.28,0.0791726,2,2,0,0,0.840336134453781,1,0.840336134453781,0.840336134453781,0.104137977430732,2.6029225864375,"clonal"]
["G13387","TRIM67","missense","chr1",231298906,"C","T","p.A64V",0.0854,82,7,"unknown",0,"chr1:g.231298906C>T","predicted passenger",93,"FALSE","SNV","+","TRIM67","nt","CT","GCT","CT_GCT","CGCTG","CT_CGCTG","+",0.0853658536585366,"M",0.28,-0.115887,2,2,0,-0.181606806489948,0.609756097560976,1,0.609756097560976,0.609756097560976,0.250090412157283,1.20005678578168,"clonal"]
["G13387","PLPP1","missense","chr5",54830433,"A","G","p.Y9H",0.0706,170,12,"unknown",0,"chr5:g.54830433A>G","predicted passenger",187,"FALSE","SNV","-","PPAP2A","nt","TC","GTA","TC_GTA","CGTAC","TC_CGTAC","-",0.0705882352941176,"M",0.28,-0.0834213,2,2,0,-0.137503523749935,0.504201680672269,1,0.504201680672269,0.504201680672269,0.26431229664974,0.857547220677045,"subclonal"]
["G13387","AP2A2","nonsense","chr11",988678,"C","T","p.R420*",0.1698,53,9,"unknown",0,"chr11:g.988678C>T","predicted passenger",76,"FALSE","SNV","+","AP2A2","nt","CT","CCG","CT_CCG","TCCGA","CT_TCCGA","+",0.169811320754717,"M",0.28,0.124035,2,2,0,-0.520007058880386,1.21293800539084,1,1.21293800539084,1,0.576491974763021,2.12872620075287,"clonal"]
["G13387","CDH24","missense","chr14",23518475,"G","A","p.A574V",0.1724,29,5,"unknown",0,"chr14:g.23518475G>A","predicted passenger",33,"FALSE","SNV","-","CDH24","nt","CT","GCC","CT_GCC","CGCCA","CT_CGCCA","-",0.172413793103448,"M",0.28,-0.00524901,2,2,0,-0.186413124230881,1.23152709359606,1,1.23152709359606,1,0.417543449804532,2.55533967439031,"clonal"]
["G13387","ISLR2","missense","chr15",74425894,"A","G","p.T267A",0.0597,201,12,"unknown",0,"chr15:g.74425894A>G","predicted passenger",276,"FALSE","SNV","+","ISLR2","ts","TC","GTA","TC_GTA","CGTAG","TC_CGTAG","-",0.0597014925373134,"M",0.28,-0.000620207,2,2,0,-0.45747276559924,0.426439232409382,0,0.426439232409382,0.426439232409382,0.223042015067335,0.728311980953064,"subclonal"]
["G13387","HDAC6","missense","chrX",48678648,"A","T","p.I775F",0.2308,13,3,"unknown",0,"chrX:g.48678648A>T","predicted passenger",10,"FALSE","SNV","+","HDAC6","ts","TA","ATA","TA_ATA","GATAA","TA_GATAA","-",0.230769230769231,"M",0.28,-0.703863,1,1,0,0.37851162325373,0.824175824175824,1,0.824175824175824,0.824175824175824,0.309483737159931,3.30566516958054,"clonal"]
["G13386","RYR2","missense","chr1",237995919,"G","A","p.R4959Q",0.2333,60,14,"known",0,"chr1:g.237995919G>A","predicted passenger",142,"FALSE","SNV","+","RYR2","ts","CT","CCG","CT_CCG","TCCGG","CT_TCCGG","-",0.233333333333333,"M",0.18,-0.238204,2,2,0,-1.24285652389616,2.59259259259259,3,0.864197530864197,0.864197530864197,0.495693866254993,1.33475106335466,"clonal"]
["G13386","COL3A1","missense","chr2",189856425,"C","T","p.R310W",0.2857,70,20,"known",1,"chr2:g.189856425C>T","predicted passenger",240,"TRUE","SNV","+","COL3A1","nt","CT","ACG","CT_ACG","GACGG","CT_GACGG","+",0.285714285714286,"M",0.18,-2.56842,0,0,0,-1.77760757866355,2.6031746031746,3,0.867724867724868,0.867724867724868,0.558953329741239,1.23369849890163,"clonal"]
["G13386","XIRP1","missense","chr3",39228919,"C","T","p.R673H",0.2069,58,12,"known",0,"chr3:g.39228919C>T","predicted passenger",113,"FALSE","SNV","-","XIRP1","ts","CT","ACG","CT_ACG","GACGG","CT_GACGG","+",0.206896551724138,"M",0.18,0.487697,3,3,0,-0.962197967287616,2.50574712643678,3,0.835249042145594,0.835249042145594,0.451080035364069,1.34642304413378,"clonal"]
["G13386","MEGF10","missense","chr5",126755870,"C","T","p.R521C",0.2143,28,6,"known",0,"chr5:g.126755870C>T","predicted passenger",53,"FALSE","SNV","+","MEGF10","nt","CT","GCG","CT_GCG","GGCGC","CT_GGCGC","+",0.214285714285714,"M",0.18,-0.412041,1,1,0,-0.920565532505595,2.16666666666667,2,1.08333333333333,1,0.419411984848617,2.07040685622391,"clonal"]
["G13386","TRIM38","missense","chr6",25967090,"C","T","p.R114C",0.08,54,4,"known",0,"chr6:g.25967090C>T","predicted passenger",97,"FALSE","SNV","+","TRIM38","nt","CT","GCG","CT_GCG","GGCGC","CT_GGCGC","+",0.0740740740740741,"M",0.18,-0.249766,2,2,0,-0.845025340023659,0.823045267489712,1,0.823045267489712,0.823045267489712,0.22834408108994,1.98814921295636,"clonal"]
["G13386","TRIM4","missense","chr7",99490036,"G","A","p.A418V",0.2069,58,12,"known",0,"chr7:g.99490036G>A","predicted passenger",90,"FALSE","SNV","-","TRIM4","nt","CT","GCG","CT_GCG","GGCGA","CT_GGCGA","-",0.206896551724138,"M",0.18,0.19151,2,2,0,-0.633872101202102,2.29885057471264,2,1.14942528735632,1,0.620752342244132,1.85287574880796,"clonal"]
["G13386","GATA3","missense","chr10",8100324,"G","A","p.G100S",0.1944,72,14,"known",1,"chr10:g.8100324G>A","predicted passenger",152,"FALSE","SNV","+","GATA3","ts","CT","CCG","CT_CCG","GCCGC","CT_GCCGC","-",0.194444444444444,"M",0.18,0.0753331,2,2,0,-1.07800251200127,2.16049382716049,2,1.08024691358025,1,0.614354370436053,1.69260518499269,"clonal"]
["G13386","TAOK3","nonsense","chr12",118599655,"G","A","p.R693*",0.1786,56,10,"known",0,"chr12:g.118599655G>A","predicted passenger",158,"FALSE","SNV","-","TAOK3","nt","CT","GCG","CT_GCG","GGCGA","CT_GGCGA","-",0.178571428571429,"M",0.18,0.505156,3,3,0,-1.4964258261195,2.16269841269841,2,1.08134920634921,1,0.539555772240194,1.84071695315025,"clonal"]
["G13386","DHRS4","missense","chr14",24424420,"C","T","p.T102M",0.0476190476190476,44,2,"known",0,"chr14:g.24424420C>T","predicted passenger",61,"FALSE","SNV","NA","NA","NA","CT","ACG","CT_ACG","CACGG","CT_CACGG","+",0.0454545454545455,"M",0.18,0.651391,3,3,0,-0.471305718925589,0.550505050505051,1,0.550505050505051,0.550505050505051,0.0672524186105982,1.87397132942554,"clonal"]
["G13386","CTCF","missense","chr16",67650720,"G","A","p.R342H",0.1563,64,10,"known",1,"chr16:g.67650720G>A","predicted driver: tier 1",199,"TRUE","SNV","+","CTCF","ts","CT","ACG","CT_ACG","AACGA","CT_AACGA","-",0.15625,"M",0.18,0.587907,3,3,0,-1.63662462054365,1.89236111111111,2,0.946180555555556,0.946180555555556,0.469652731456302,1.626729590279,"clonal"]
["G13386","PHLPP1","missense","chr18",60639886,"C","A","p.Q1234K",0.03125,66,2,"known",0,"chr18:g.60639886C>A","predicted passenger",126,"FALSE","SNV","+","PHLPP1","nt","CA","GCA","CA_GCA","TGCAA","CA_TGCAA","+",0.0303030303030303,"M",0.18,-0.498078,1,1,0,-0.932885804141463,0.306397306397306,0,0.306397306397306,0.306397306397306,0.0373215161655687,1.06385722452759,"clonal"]
["G13386","UNC13A","missense","chr19",17743703,"G","A","p.R1106C",0.0357142857142857,58,2,"known",0,"chr19:g.17743703G>A","predicted passenger",98,"FALSE","SNV","-","UNC13A","nt","CT","TCG","CT_TCG","ATCGT","CT_ATCGT","-",0.0344827586206897,"M",0.18,0.89562,4,4,0,-0.756728848987636,0.452107279693487,0,0.452107279693487,0.452107279693487,0.0551144860338207,1.56123585376514,"clonal"]
["G13386","DEPDC5","missense","chr22",32302242,"A","G","p.Q1515R",0.129,62,8,"known",0,"chr22:g.32302242A>G","predicted passenger",103,"TRUE","SNV","+","DEPDC5","ts","TC","CTG","TC_CTG","GCTGC","TC_GCTGC","-",0.129032258064516,"M",0.18,0.673554,3,3,0,-0.732304216796343,1.56272401433692,2,0.781362007168459,0.781362007168459,0.347528367286966,1.44429927031195,"clonal"]
["G13386","MYCBPAP","missense","chr17",48594666,"C","T","p.R116C",0.129,62,8,"known",0,"chr17:g.48594666C>T","predicted passenger",155,"FALSE","SNV","+","MYCBPAP","nt","CT","TCG","CT_TCG","CTCGC","CT_CTCGC","+",0.129032258064516,"M",0.18,0.613628,3,3,0,-1.32192809488736,1.56272401433692,2,0.781362007168459,0.781362007168459,0.347528367286966,1.44429927031195,"clonal"]
["G13386","CFAP65","missense","chr2",219869159,"C","A","p.K1690N",0.1333,30,4,"known",0,"chr2:g.219869159C>A","predicted passenger",58,"FALSE","SNV","NA","NA","NA","CA","TCT","CA_TCT","TTCTT","CA_TTCTT","+",0.133333333333333,"M",0.18,0.543784,3,3,0,-0.951090399519053,1.61481481481481,2,0.807407407407407,0.807407407407407,0.227407283382311,1.86037778778321,"clonal"]
["G13386","AGAP1","missense","chr2",237032729,"G","A","p.R846Q",0.1481,54,8,"known",0,"chr2:g.237032729G>A","predicted passenger",109,"FALSE","SNV","+","AGAP1","ts","CT","CCG","CT_CCG","TCCGG","CT_TCCGG","-",0.148148148148148,"M",0.18,-0.290516,1,1,0,-1.01329682261346,1.49794238683128,1,1.49794238683128,1,0.669331057964223,2.74210996212813,"clonal"]
["G13386","TBRG4","missense","chr7",45144233,"G","A","p.R271W",0.0513,78,4,"known",0,"chr7:g.45144233G>A","predicted passenger",159,"FALSE","SNV","-","TBRG4","nt","CT","GCG","CT_GCG","GGCGG","CT_GGCGG","-",0.0512820512820513,"M",0.18,0.576733,3,3,0,-1.02748073642211,0.621082621082621,1,0.621082621082621,0.621082621082621,0.171341107499888,1.52754574327039,"clonal"]
["G13386","TOR4A","missense","chr9",140173764,"C","T","p.A208V",0.1111,36,4,"known",0,"chr9:g.140173764C>T","predicted passenger",111,"FALSE","SNV","+","TOR4A","nt","CT","GCG","CT_GCG","GGCGC","CT_GGCGC","+",0.111111111111111,"M",0.18,0.845545,4,4,0,-1.62449086490779,1.45679012345679,1,1.45679012345679,1,0.407967168167978,3.41689873558643,"clonal"]
["G13386","CAPS2","missense","chr12",75687068,"C","T","p.R394Q",0.15,80,12,"known",0,"chr12:g.75687068C>T","predicted passenger",203,"TRUE","SNV","NA","NA","NA","CT","TCG","CT_TCG","TTCGG","CT_TTCGG","+",0.15,"M",0.18,-0.625738,1,1,0,-1.34340782229781,1.51666666666667,2,0.758333333333333,0.758333333333333,0.404351226621331,1.25056300860854,"clonal"]
["G13386","ITGAM","missense","chr16",31286885,"C","T","p.R292C",0.25,40,10,"known",0,"chr16:g.31286885C>T","predicted passenger",62,"FALSE","SNV","+","ITGAM","nt","CT","CCG","CT_CCG","TCCGC","CT_TCCGC","+",0.25,"M",0.18,0.877266,4,4,0,-0.632268215499513,3.27777777777778,3,1.09259259259259,1,0.554664676817619,1.80042643177292,"clonal"]
["G13386","DMWD","missense","chr19",46295726,"T","C","p.S97G",0.1429,28,4,"known",0,"chr19:g.46295726T>C","predicted passenger",98,"FALSE","SNV","-","DMWD","ts","TC","CTG","TC_CTG","GCTGA","TC_GCTGA","+",0.142857142857143,"M",0.18,0.972675,4,4,0,-1.8073549220576,1.87301587301587,2,0.936507936507937,0.936507936507937,0.26442246855871,2.14138972107021,"clonal"]
["G13386","TNFRSF25","missense","chr1",6522110,"T","C","p.E299G",0.4286,28,12,"unknown",0,"chr1:g.6522110T>C","predicted passenger",101,"FALSE","SNV","-","TNFRSF25","ts","TC","CTC","TC_CTC","CCTCC","TC_CCTCC","+",0.428571428571429,"M",0.18,0.49273,3,3,0,-1.85085656069419,5.19047619047619,5,1.03809523809524,1,0.592533534598533,1.52165543291737,"clonal"]
["G13386","KIF17","missense","chr1",21031074,"T","C","p.N330S",0.1389,72,10,"unknown",0,"chr1:g.21031074T>C","predicted passenger",192,"FALSE","SNV","-","KIF17","ts","TC","GTT","TC_GTT","GGTTG","TC_GGTTG","+",0.138888888888889,"M",0.18,0.420199,3,3,0,-1.41503749927884,1.6820987654321,2,0.84104938271605,0.84104938271605,0.415799924386278,1.45712370237943,"clonal"]
["G13386","MCL1","missense","chr1",150551960,"C","T","p.C16Y",0.1563,64,10,"unknown",0,"chr1:g.150551960C>T","predicted passenger",116,"FALSE","SNV","-","MCL1","ts","CT","ACA","CT_ACA","CACAG","CT_CACAG","+",0.15625,"M",0.18,0.541419,3,3,0,-0.857980995127572,1.89236111111111,2,0.946180555555556,0.946180555555556,0.469652731456302,1.626729590279,"clonal"]
["G13386","ITLN1","missense","chr1",160850999,"C","T","p.R170H",0.1111,36,4,"unknown",0,"chr1:g.160850999C>T","predicted passenger",89,"FALSE","SNV","-","ITLN1","ts","CT","GCG","CT_GCG","TGCGG","CT_TGCGG","+",0.111111111111111,"M",0.18,0.157185,2,2,0,-1.30580842952409,1.23456790123457,1,1.23456790123457,1,0.345734888277947,2.89567689456477,"clonal"]
["G13386","FAM129A","missense","chr1",184764365,"T","C","p.T845A",0.069,58,4,"unknown",0,"chr1:g.184764365T>C","predicted passenger",206,"FALSE","SNV","-","FAM129A","ts","TC","GTG","TC_GTG","GGTGC","TC_GGTGC","+",0.0689655172413793,"M",0.18,-0.231511,2,2,0,-1.82851953205565,0.766283524904215,1,0.766283524904215,0.766283524904215,0.212325687346715,1.85853480957404,"clonal"]
["G13386","KLHL29","missense","chr2",23785286,"A","G","p.T74A",0.1538,78,12,"unknown",0,"chr2:g.23785286A>G","predicted passenger",242,"FALSE","SNV","+","KLHL29","ts","TC","GTG","TC_GTG","GGTGC","TC_GGTGC","-",0.153846153846154,"M",0.18,0.227006,3,3,0,-1.63346101841235,1.86324786324786,2,0.931623931623932,0.931623931623932,0.497172242959918,1.53400141207221,"clonal"]
["G13386","SLC8A1","missense","chr2",40657009,"T","A","p.T138S",0.0645161290322581,66,4,"unknown",0,"chr2:g.40657009T>A","predicted passenger",144,"FALSE","SNV","-","SLC8A1","ts","TA","GTC","TA_GTC","GGTCA","TA_GGTCA","+",0.0606060606060606,"M",0.18,-0.290705,1,1,0,-1.12553088208386,0.612794612794613,1,0.612794612794613,0.612794612794613,0.169444251725921,1.49611647989688,"clonal"]
["G13386","GLI2","missense","chr2",121746135,"C","T","p.T882M",0.025,82,2,"unknown",0,"chr2:g.121746135C>T","predicted passenger",127,"FALSE","SNV","+","GLI2","nt","CT","ACG","CT_ACG","CACGC","CT_CACGC","+",0.024390243902439,"M",0.18,0.0260535,2,2,0,-0.631132682154082,0.2710027100271,0,0.2710027100271,0.2710027100271,0.032972683904697,0.948258055056474,"subclonal"]
["G13386","DIS3L2","nonsense","chr2",233199090,"C","T","p.R724*",0.0454545454545455,46,2,"unknown",0,"chr2:g.233199090C>T","predicted passenger",79,"FALSE","SNV","+","DIS3L2","nt","CT","GCG","CT_GCG","AGCGA","CT_AGCGA","+",0.0434782608695652,"M",0.18,0.301178,3,3,0,-0.78021879212009,0.526570048309179,1,0.526570048309179,0.526570048309179,0.0643037367319852,1.79712873058807,"clonal"]
["G13386","ACVR2B","missense","chr3",38520748,"G","A","p.A266T",0.0877,114,10,"unknown",0,"chr3:g.38520748G>A","predicted passenger",278,"FALSE","SNV","+","ACVR2B","ts","CT","GCC","CT_GCC","GGCCG","CT_GGCCG","-",0.087719298245614,"M",0.18,0.487697,3,3,0,-1.28605105855877,1.06237816764133,1,1.06237816764133,1,0.519192942371656,1.8821368271822,"clonal"]
["G13386","XCR1","missense","chr3",46062521,"A","G","p.F307L",0.2174,46,10,"unknown",0,"chr3:g.46062521A>G","predicted passenger",130,"FALSE","SNV","-","XCR1","nt","TC","GTT","TC_GTT","GGTTC","TC_GGTTC","-",0.217391304347826,"M",0.18,0.487697,3,3,0,-1.49880585697144,2.63285024154589,3,0.877616747181965,0.877616747181965,0.441981678459307,1.46796500329919,"clonal"]
["G13386","CFAP100","missense","chr3",126138545,"T","G","p.L266R",0.0588,68,4,"unknown",0,"chr3:g.126138545T>G","predicted passenger",171,"FALSE","SNV","+","CCDC37","nt","TG","CTG","TG_CTG","GCTGT","TG_GCTGT","+",0.0588235294117647,"M",0.18,0.717834,4,4,0,-1.33038967363556,0.77124183006536,1,0.77124183006536,0.77124183006536,0.213162555193665,1.88561148978402,"clonal"]
["G13386","WDR49","missense","chr3",167272541,"G","T","p.Q233K",0.024390243902439,84,2,"unknown",0,"chr3:g.167272541G>T","predicted passenger",135,"FALSE","SNV","-","WDR49","nt","CA","GCA","CA_GCA","GGCAA","CA_GGCAA","-",0.0238095238095238,"M",0.18,0.0763566,2,2,0,-0.684498174272071,0.264550264550265,0,0.264550264550265,0.264550264550265,0.0321840330059221,0.926382961854506,"subclonal"]
["G13386","ZDHHC19","missense","chr3",195934292,"C","T","p.A222T",0.069,58,4,"unknown",0,"chr3:g.195934292C>T","predicted passenger",85,"FALSE","SNV","-","ZDHHC19","ts","CT","GCC","CT_GCC","GGCCG","CT_GGCCG","+",0.0689655172413793,"M",0.18,1.37347,6,6,0,-0.55140994101013,1.04214559386973,1,1.04214559386973,1,0.288762934791532,2.5276073410207,"clonal"]
["G13386","GSX2","missense","chr4",54966903,"C","T","p.P131L",0.1458,96,14,"unknown",0,"chr4:g.54966903C>T","predicted passenger",229,"FALSE","SNV","NA","NA","NA","CT","CCG","CT_CCG","CCCGC","CT_CCCGC","+",0.145833333333333,"M",0.18,-0.653069,1,1,0,-1.25424128737579,1.47453703703704,1,1.47453703703704,1,0.829967605854168,2.35147598683731,"clonal"]
["G13386","SPCS3","missense","chr4",177241340,"C","A","p.P38Q",0.0541,74,4,"unknown",0,"chr4:g.177241340C>A","predicted passenger",259,"FALSE","SNV","NA","NA","NA","CA","CCG","CA_CCG","CCCGG","CA_CCCGG","+",0.0540540540540541,"M",0.18,-0.544773,1,1,0,-1.8073549220576,0.546546546546547,1,0.546546546546547,0.546546546546547,0.150881490276202,1.341290872354,"clonal"]
["G13386","CCDC127","missense","chr5",205729,"T","C","p.R156G",0.1935,62,12,"unknown",0,"chr5:g.205729T>C","predicted passenger",268,"FALSE","SNV","-","CCDC127","ts","TC","CTG","TC_CTG","CCTGG","TC_CCTGG","+",0.193548387096774,"M",0.18,0.0863976,2,2,0,-2.1118928800709,2.1505376344086,2,1.0752688172043,1,0.578942384789868,1.74269973166368,"clonal"]
["G13386","SREK1IP1","missense","chr5",64020399,"A","G","p.S94P",0.1765,34,6,"unknown",0,"chr5:g.64020399A>G","predicted passenger",99,"FALSE","SNV","-","SREK1IP1","nt","TC","GTC","TC_GTC","GGTCT","TC_GGTCT","-",0.176470588235294,"M",0.18,-0.404973,1,1,0,-1.54189377882927,1.7843137254902,2,0.892156862745098,0.892156862745098,0.341961077451717,1.7457598292889,"clonal"]
["G13386","C1QTNF2","missense","chr5",159776735,"C","T","p.G145R",0.0909090909090909,24,2,"unknown",0,"chr5:g.159776735C>T","predicted passenger",22,"FALSE","SNV","-","C1QTNF2","ts","CT","CCG","CT_CCG","CCCGG","CT_CCCGG","+",0.0833333333333333,"M",0.18,0.0957435,2,2,0,0.125530882083859,0.925925925925926,1,0.925925925925926,0.925925925925926,0.113959347569446,2.99969779508449,"clonal"]
["G13386","GRK6","missense","chr5",176862042,"G","A","p.R326H",0.0952,42,4,"unknown",0,"chr5:g.176862042G>A","predicted passenger",45,"FALSE","SNV","+","GRK6","ts","CT","GCG","CT_GCG","TGCGG","CT_TGCGG","-",0.0952380952380952,"M",0.18,0.742752,4,4,0,-0.0995356735509144,1.24867724867725,1,1.24867724867725,1,0.348277913067747,2.96605942702533,"clonal"]
["G13386","DOPEY1","missense","chr6",83847728,"G","A","p.V1323I",0.04,52,2,"unknown",0,"chr6:g.83847728G>A","predicted passenger",106,"FALSE","SNV","+","DOPEY1","ts","CT","ACA","CT_ACA","TACAC","CT_TACAC","-",0.0384615384615385,"M",0.18,-0.594045,1,1,0,-1.02748073642211,0.388888888888889,0,0.388888888888889,0.388888888888889,0.0474442555381832,1.33596500690989,"clonal"]
["G13386","MAP3K4","missense","chr6",161470660,"G","T","p.K452N",0.1071,56,6,"unknown",1,"chr6:g.161470660G>T","predicted passenger",155,"FALSE","SNV","+","MAP3K4","ts","CA","CCT","CA_CCT","TCCTT","CA_TCCTT","-",0.107142857142857,"M",0.18,-0.0513335,2,2,0,-1.46876948321663,1.19047619047619,1,1.19047619047619,1,0.448310513231358,2.43062746494755,"clonal"]
["G13386","NUPR2","missense","chr7",56183848,"G","A","p.R54C",0.2105,38,8,"unknown",0,"chr7:g.56183848G>A","predicted passenger",124,"FALSE","SNV","-","NUPR1L","nt","CT","GCG","CT_GCG","GGCGC","CT_GGCGC","-",0.210526315789474,"M",0.18,-0.486584,1,1,0,-1.70626879694329,2.12865497076023,2,1.06432748538012,1,0.48301341702692,1.88667410043051,"clonal"]
["G13386","SLC26A5","missense","chr7",103051902,"C","T","p.A179T",0.125,48,6,"unknown",0,"chr7:g.103051902C>T","predicted passenger",87,"FALSE","SNV","-","SLC26A5","ts","CT","GCG","CT_GCG","GGCGA","CT_GGCGA","+",0.125,"M",0.18,-9.96578,0,0,0,-0.857980995127572,1.13888888888889,1,1.13888888888889,1,0.430807594948525,2.30019574540446,"clonal"]
["G13386","ZNF705G","missense","chr8",7215520,"C","T","p.S294N",0.0811,74,6,"unknown",0,"chr8:g.7215520C>T","predicted passenger",229,"FALSE","SNV","-","ZNF705G","ts","CT","ACT","CT_ACT","GACTG","CT_GACTG","+",0.0810810810810811,"M",0.18,0.479538,3,3,0,-1.62975042246799,0.981981981981982,1,0.981981981981982,0.981981981981982,0.367421706878675,2.03674053590075,"clonal"]
["G13386","CHD7","missense","chr8",61735231,"G","A","p.V1043M",0.166666666666667,58,8,"unknown",0,"chr8:g.61735231G>A","predicted passenger",90,"FALSE","SNV","+","CHD7","ts","CT","ACG","CT_ACG","CACGT","CT_CACGT","-",0.137931034482759,"M",0.18,0.0655316,2,2,0,-0.633872101202102,1.53256704980843,2,0.766283524904215,0.766283524904215,0.341553683142975,1.41005419598043,"clonal"]
["G13386","EEF1D","missense","chr8",144662750,"G","A","p.R546W",0.1795,78,14,"unknown",0,"chr8:g.144662750G>A","predicted passenger",149,"FALSE","SNV","NA","NA","NA","CT","ACG","CT_ACG","TACGG","CT_TACGG","-",0.179487179487179,"M",0.18,1.22624,5,5,0,-0.933766301599913,2.53276353276353,3,0.844254510921178,0.844254510921178,0.478598734113101,1.33008134786189,"clonal"]
["G13386","WNK2","missense","chr9",96024199,"T","C","p.V1057A",0.1159,69,8,"unknown",1,"chr9:g.96024199T>C","predicted passenger",182,"FALSE","SNV","+","WNK2","nt","TC","GTG","TC_GTG","AGTGC","TC_AGTGC","+",0.115942028985507,"M",0.18,0.608447,3,3,0,-1.39927018342053,1.40418679549114,1,1.40418679549114,1,0.622590557306182,2.61276055086145,"clonal"]
["G13386","CFAP157","missense","chr9",130471918,"C","T","p.R127C",0.1714,70,12,"unknown",0,"chr9:g.130471918C>T","predicted passenger",166,"FALSE","SNV","NA","NA","NA","CT","GCG","CT_GCG","TGCGC","CT_TGCGC","+",0.171428571428571,"M",0.18,0.277968,3,3,0,-1.24575641440196,2.07619047619048,2,1.03809523809524,1,0.556155589423208,1.69742315492513,"clonal"]
["G13386","KIN","missense","chr10",7805734,"T","C","p.I290M",0.1429,56,8,"unknown",0,"chr10:g.7805734T>C","predicted passenger",183,"FALSE","SNV","-","KIN","ts","TC","TTA","TC_TTA","GTTAT","TC_GTTAT","+",0.142857142857143,"M",0.18,0.0753331,2,2,0,-1.70834491622644,1.58730158730159,2,0.793650793650794,0.793650793650794,0.354174253104294,1.45676278938903,"clonal"]
["G13386","BTBD16","missense","chr10",124094418,"C","T","p.T396M",0.1622,74,12,"unknown",0,"chr10:g.124094418C>T","predicted passenger",167,"FALSE","SNV","+","BTBD16","nt","CT","ACG","CT_ACG","AACGA","CT_AACGA","+",0.162162162162162,"M",0.18,-0.0421713,2,2,0,-1.1742509268451,1.8018018018018,2,0.900900900900901,0.900900900900901,0.48166091087949,1.4785322718932,"clonal"]
["G13386","RBMXL2","missense","chr11",7110464,"T","C","p.L38P",0.1373,102,14,"unknown",0,"chr11:g.7110464T>C","predicted passenger",328,"FALSE","SNV","+","RBMXL2","nt","TC","CTC","TC_CTC","GCTCC","TC_GCTCC","+",0.137254901960784,"M",0.18,-0.262824,1,1,0,-1.68512666264659,1.38779956427015,1,1.38779956427015,1,0.77974943819687,2.21996052962109,"clonal"]
["G13386","CHRM4","missense","chr11",46408106,"A","G",".",0.3,20,6,"unknown",0,"chr11:g.46408106A>G","predicted passenger",37,"FALSE","SNV","-","CHRM4","nt","TC","ATG","TC_ATG","CATGG","TC_CATGG","-",0.3,"M",0.18,0.365639,3,3,0,-0.887525270741587,3.63333333333333,4,0.908333333333333,0.908333333333333,0.360098426506231,1.64344502411432,"clonal"]
["G13386","ATM","missense","chr11",108186796,"G","A","p.E2052K",0.1,80,8,"unknown",1,"chr11:g.108186796G>A","predicted driver: tier 1",219,"TRUE","SNV","NA","NA","NA","CT","TCG","CT_TCG","TTCGA","CT_TTCGA","-",0.1,"M",0.18,-9.96578,0,0,0,-1.45285896471381,0.911111111111111,1,0.911111111111111,0.911111111111111,0.402446343621954,1.70892653466682,"clonal"]
["G13386","ATF7IP","missense","chr12",14577385,"C","T","p.A179V",0.1111,72,8,"unknown",1,"chr12:g.14577385C>T","predicted passenger",201,"FALSE","SNV","+","ATF7IP","nt","CT","GCC","CT_GCC","TGCCC","CT_TGCCC","+",0.111111111111111,"M",0.18,-0.360236,1,1,0,-1.48112668973662,1.12345679012346,1,1.12345679012346,1,0.49754795262537,2.09549613674157,"clonal"]
["G13386","FAM71C","missense","chr12",100043124,"T","C","p.M225T",0.1818,66,12,"unknown",0,"chr12:g.100043124T>C","predicted passenger",155,"FALSE","SNV","NA","NA","NA","TC","ATG","TC_ATG","CATGA","TC_CATGA","+",0.181818181818182,"M",0.18,-0.625738,1,1,0,-1.23173028591578,1.83838383838384,2,0.919191919191919,0.919191919191919,0.493600187969011,1.49677536002909,"clonal"]
["G13386","FREM2","missense","chr13",39264069,"A","G","p.H863R",0.069,58,4,"unknown",0,"chr13:g.39264069A>G","predicted passenger",128,"FALSE","SNV","+","FREM2","ts","TC","ATG","TC_ATG","TATGG","TC_TATGG","-",0.0689655172413793,"M",0.18,-0.575385,1,1,0,-1.14201900487243,0.697318007662835,1,0.697318007662835,0.697318007662835,0.193216375485511,1.69126667671238,"clonal"]
["G13386","SLC7A8","missense","chr14",23612411,"G","A","p.L171F",0.3333,30,10,"unknown",0,"chr14:g.23612411G>A","predicted passenger",34,"FALSE","SNV","-","SLC7A8","nt","CT","GCT","CT_GCT","TGCTC","CT_TGCTC","-",0.333333333333333,"M",0.18,0.218375,3,3,0,-0.180572245641821,4.03703703703704,4,1.00925925925926,1,0.523424726287174,1.5990301356138,"clonal"]
["G13386","NRXN3","missense","chr14",79270145,"G","A","p.V370I",0.1389,72,10,"unknown",0,"chr14:g.79270145G>A","predicted passenger",218,"FALSE","SNV","+","NRXN3","ts","CT","ACA","CT_ACA","GACAC","CT_GACAC","-",0.138888888888889,"M",0.18,-0.105849,2,2,0,-1.59825932333461,1.54320987654321,2,0.771604938271605,0.771604938271605,0.38146782053787,1.33681073612791,"clonal"]
["G13386","RASGRF1","missense","chr15",79382660,"G","A","p.R61W",0.15,80,12,"unknown",0,"chr15:g.79382660G>A","predicted passenger",254,"FALSE","SNV","-","RASGRF1","nt","CT","GCG","CT_GCG","CGCGG","CT_CGCGG","-",0.15,"M",0.18,-0.10301,2,2,0,-1.6667565918848,1.66666666666667,2,0.833333333333333,0.833333333333333,0.444342007276188,1.37424506440499,"clonal"]
["G13386","POLG","missense","chr15",89860730,"G","T","p.P1174T",0.1667,84,14,"unknown",1,"chr15:g.89860730G>T","predicted passenger",307,"TRUE","SNV","-","POLG","nt","CA","GCC","CA_GCC","TGCCC","CA_TGCCC","-",0.166666666666667,"M",0.18,-9.96578,0,0,0,-1.86977742259142,1.51851851851852,2,0.759259259259259,0.759259259259259,0.42924148065431,1.20175394702802,"clonal"]
["G13386","RBFOX1","missense","chr16",7629791,"G","A","p.A115T",0.1176,34,4,"unknown",0,"chr16:g.7629791G>A","predicted passenger",115,"FALSE","SNV","+","RBFOX1","ts","CT","GCG","CT_GCG","TGCGT","CT_TGCGT","-",0.117647058823529,"M",0.18,-0.110329,2,2,0,-1.75802720969404,1.30718954248366,1,1.30718954248366,1,0.366685337071884,3.05003874602617,"clonal"]
["G13386","SETD1A","missense","chr16",30976471,"T","C","p.S470P",0.3333,48,16,"unknown",0,"chr16:g.30976471T>C","predicted passenger",104,"FALSE","SNV","+","SETD1A","nt","TC","CTC","TC_CTC","GCTCC","TC_GCTCC","+",0.333333333333333,"M",0.18,0.877266,4,4,0,-1.11547721741994,4.37037037037037,4,1.09259259259259,1,0.668534688848831,1.58679949479579,"clonal"]
["G13386","LLGL1","missense","chr17",18140916,"C","T","p.T578M",0.0238095238095238,86,2,"unknown",0,"chr17:g.18140916C>T","predicted passenger",142,"FALSE","SNV","+","LLGL1","nt","CT","ACG","CT_ACG","CACGG","CT_CACGG","+",0.0232558139534884,"M",0.18,0.724119,4,4,0,-0.723482364802584,0.304909560723514,0,0.304909560723514,0.304909560723514,0.0370900289052612,1.06848278262981,"clonal"]
["G13386","KRTAP4-6","missense","chr17",39296399,"C","T","p.C114Y",0.0926,108,10,"unknown",0,"chr17:g.39296399C>T","predicted passenger",321,"FALSE","SNV","-","KRTAP4-6","ts","CT","GCA","CT_GCA","AGCAG","CT_AGCAG","+",0.0925925925925926,"M",0.18,-0.0540946,2,2,0,-1.57154198495883,1.02880658436214,1,1.02880658436214,1,0.503331006638703,1.81882192599269,"clonal"]
["G13386","USH1G","missense","chr17",72916263,"C","T","p.R223H",0.1538,78,12,"unknown",0,"chr17:g.72916263C>T","predicted passenger",178,"FALSE","SNV","-","USH1G","ts","CT","GCG","CT_GCG","TGCGC","CT_TGCGC","+",0.153846153846154,"M",0.18,0.681843,3,3,0,-1.19033121210415,1.86324786324786,2,0.931623931623932,0.931623931623932,0.497172242959918,1.53400141207221,"clonal"]
["G13386","PLPPR3","missense","chr19",813423,"G","C","p.P463R",0.125,32,4,"unknown",0,"chr19:g.813423G>C","predicted passenger",49,"FALSE","SNV","-","LPPR3","nt","CG","CCC","CG_CCC","GCCCG","CG_GCCCG","-",0.125,"M",0.18,1.05749,5,5,0,-0.614709844115208,1.76388888888889,2,0.881944444444445,0.881944444444445,0.247866274673364,2.04574718690144,"clonal"]
["G13386","SMARCA4","missense","chr19",11143970,"T","C","p.L1184P",0.1538,78,12,"unknown",1,"chr19:g.11143970T>C","predicted driver: tier 1",217,"TRUE","SNV","+","SMARCA4","nt","TC","CTG","TC_CTG","CCTGC","TC_CCTGC","+",0.153846153846154,"M",0.18,0.813983,4,4,0,-1.47614901358223,2.01709401709402,2,1.00854700854701,1,0.538223162103398,1.66066207912404,"clonal"]
["G13386","MAST3","missense","chr19",18255444,"G","T","p.S889I",0.125,48,6,"unknown",0,"chr19:g.18255444G>T","predicted passenger",83,"FALSE","SNV","NA","NA","NA","CA","ACT","CA_ACT","CACTG","CA_CACTG","-",0.125,"M",0.18,0.89562,4,4,0,-0.790076930625769,1.63888888888889,2,0.819444444444445,0.819444444444445,0.309971318316621,1.65501888998614,"clonal"]
["G13386","SHANK1","missense","chr19",51170670,"G","A","p.P1516L",0.3333,30,10,"unknown",0,"chr19:g.51170670G>A","predicted passenger",54,"FALSE","SNV","NA","NA","NA","CT","CCG","CT_CCG","GCCGG","CT_GCCGG","-",0.333333333333333,"M",0.18,0.908782,4,4,0,-0.84799690655495,4.37037037037037,4,1.09259259259259,1,0.566643281668684,1.73106014681127,"clonal"]
["G13386","ZNF616","missense","chr19",52619978,"G","A","p.R147C",0.0976,82,8,"unknown",0,"chr19:g.52619978G>A","predicted passenger",224,"FALSE","SNV","-","ZNF616","nt","CT","ACG","CT_ACG","CACGT","CT_CACGT","-",0.0975609756097561,"M",0.18,0.0468979,2,2,0,-1.44980291743952,1.0840108401084,1,1.0840108401084,1,0.478542704890043,2.03571042666031,"clonal"]
["G13386","ADNP","missense","chr20",49510188,"C","T","p.A355T",0.0222222222222222,92,2,"unknown",0,"chr20:g.49510188C>T","predicted passenger",176,"FALSE","SNV","-","ADNP","ts","CT","GCG","CT_GCG","TGCGT","CT_TGCGT","+",0.0217391304347826,"M",0.18,0.146808,2,2,0,-0.935869662580284,0.241545893719807,0,0.241545893719807,0.241545893719807,0.0293737563566886,0.848118575025827,"subclonal"]
["G13386","SEZ6L","missense","chr22",26688480,"C","T","p.T68I",0.0638297872340425,100,6,"unknown",0,"chr22:g.26688480C>T","predicted passenger",205,"FALSE","SNV","+","SEZ6L","nt","CT","ACA","CT_ACA","AACAG","CT_AACAG","+",0.06,"M",0.18,0.673554,3,3,0,-1.03562390973072,0.726666666666667,1,0.726666666666667,0.726666666666667,0.27050028686372,1.52636254103441,"clonal"]
["G13386","CXorf23","missense","chrX",19983567,"T","C","p.D290G",0.2414,58,14,"unknown",0,"chrX:g.19983567T>C","predicted passenger",95,"FALSE","SNV","-","CXorf23","ts","TC","ATC","TC_ATC","CATCC","TC_CATCC","+",0.241379310344828,"M",0.18,0.203715,3,3,0,-0.711874613203376,1.82375478927203,2,0.911877394636015,0.911877394636015,0.839912822174522,2.25078772582666,"clonal"]
["G13386","ARHGAP4","missense","chrX",153176213,"C","T","p.R626Q",0.4286,14,6,"unknown",0,"chrX:g.153176213C>T","predicted passenger",40,"FALSE","SNV","-","ARHGAP4","ts","CT","CCG","CT_CCG","TCCGG","CT_TCCGG","+",0.428571428571429,"M",0.18,0.800725,4,4,0,-1.51457317282976,3.66666666666667,4,0.916666666666667,0.916666666666667,0.578891906052498,2.33178029987444,"clonal"]
["G13386","TRIML2","missense","chr4",189026347,"G","A","p.A9V",0.3333,12,4,"unknown",0,"chr4:g.189026347G>A","predicted passenger",34,"FALSE","SNV","-","TRIML2","nt","CT","GCT","CT_GCT","TGCTG","CT_TGCTG","-",0.333333333333333,"M",0.18,-0.544773,1,1,0,-1.50250034052918,3.37037037037037,3,1.12345679012346,1,0.334496084985633,2.19453070058844,"clonal"]
["G13386","KRT7","missense","chr12",52635269,"T","C","p.L236P",0.1429,28,4,"unknown",0,"chr12:g.52635269T>C","predicted passenger",42,"FALSE","SNV","+","KRT7","nt","TC","CTG","TC_CTG","GCTGC","TC_GCTGC","+",0.142857142857143,"M",0.18,0.162924,2,2,0,-0.584962500721156,1.58730158730159,2,0.793650793650794,0.793650793650794,0.224086837761619,1.81473705175442,"clonal"]
["G13386","EXOC3L4","missense","chr14",103571154,"C","T","p.A455V",0.0666666666666667,32,2,"unknown",0,"chr14:g.103571154C>T","predicted passenger",42,"FALSE","SNV","+","EXOC3L4","nt","CT","GCG","CT_GCG","GGCGC","CT_GGCGC","+",0.0625,"M",0.18,0.438591,3,3,0,-0.39231742277876,0.756944444444445,1,0.756944444444445,0.756944444444445,0.0927800290848608,2.51995198428398,"clonal"]
["G13386","KLK15","missense","chr19",51330377,"G","A","p.R80C",0.2222,18,4,"unknown",0,"chr19:g.51330377G>A","predicted passenger",35,"FALSE","SNV","-","KLK15","nt","CT","GCG","CT_GCG","AGCGC","CT_AGCGC","-",0.222222222222222,"M",0.18,0.908782,4,4,0,-0.959358015502654,2.91358024691358,3,0.97119341563786,0.97119341563786,0.280105986321654,2.0819254206261,"clonal"]
["G13386","CACNG8","missense","chr19",54485981,"G","C","p.G386R",0.3333,24,8,"unknown",0,"chr19:g.54485981G>C","predicted passenger",41,"FALSE","SNV","+","CACNG8","ts","CG","CCG","CG_CCG","CCCGG","CG_CCCGG","-",0.333333333333333,"M",0.18,0.0468979,2,2,0,-0.772589503896928,3.7037037037037,4,0.925925925925926,0.925925925925926,0.434173015858709,1.53672115461013,"clonal"]
["G13386","PER3","missense","chr1",7887670,"C","A","p.A886E",0.0625,64,4,"unknown",0,"chr1:g.7887670C>A","predicted passenger",121,"FALSE","SNV","+","PER3","nt","CA","GCA","CA_GCA","AGCAA","CA_AGCAA","+",0.0625,"M",0.18,0.49273,3,3,0,-0.918863237274595,0.756944444444445,1,0.756944444444445,0.756944444444445,0.209401442726114,1.84529095589711,"clonal"]
["G13386","FOXJ3","nonsense","chr1",42744180,"C","A","p.E70*",0.0541,74,4,"unknown",0,"chr1:g.42744180C>A","predicted passenger",216,"FALSE","SNV","-","FOXJ3","ts","CA","TCT","CA_TCT","TTCTT","CA_TTCTT","+",0.0540540540540541,"M",0.18,0.311171,3,3,0,-1.54543413653452,0.654654654654655,1,0.654654654654655,0.654654654654655,0.180726180660506,1.60660115479765,"clonal"]
["G13386","CDC20","missense","chr1",43825245,"A","G","p.E89G",0.0667,60,4,"unknown",0,"chr1:g.43825245A>G","predicted passenger",176,"FALSE","SNV","+","CDC20","ts","TC","CTC","TC_CTC","CCTCC","TC_CCTCC","-",0.0666666666666667,"M",0.18,0.311171,3,3,0,-1.55254102302878,0.807407407407407,1,0.807407407407407,0.807407407407407,0.223592639530121,1.96183959072805,"clonal"]
["G13386","SYDE2","missense","chr1",85655967,"C","A","p.S405I",0.087,46,4,"unknown",0,"chr1:g.85655967C>A","predicted passenger",103,"FALSE","SNV","-","SYDE2","ts","CA","GCT","CA_GCT","TGCTC","CA_TGCTC","+",0.0869565217391304,"M",0.18,-0.426816,1,1,0,-1.16293857112621,0.879227053140097,1,0.879227053140097,0.879227053140097,0.244719938118561,2.10227517382658,"clonal"]
["G13386","CLCC1","missense","chr1",109493045,"C","A","p.L5F",0.1,40,4,"unknown",0,"chr1:g.109493045C>A","predicted passenger",100,"FALSE","SNV","NA","NA","NA","CA","GCA","CA_GCA","AGCAA","CA_AGCAA","+",0.1,"M",0.18,-0.426816,1,1,0,-1.32192809488736,1.01111111111111,1,1.01111111111111,1,0.282356976863773,2.39266704319168,"clonal"]
["G13386","LINGO4","missense","chr1",151774981,"A","G","p.L67P",0.0769,52,4,"unknown",0,"chr1:g.151774981A>G","predicted passenger",72,"FALSE","SNV","-","LINGO4","nt","TC","CTG","TC_CTG","CCTGA","TC_CCTGA","-",0.0769230769230769,"M",0.18,0.541419,3,3,0,-0.46948528330122,0.931623931623932,1,0.931623931623932,0.931623931623932,0.258651991951202,2.2453588753102,"clonal"]
["G13386","RXRG","missense","chr1",165380313,"C","A","p.R219L",0.08,50,4,"unknown",0,"chr1:g.165380313C>A","predicted passenger",130,"FALSE","SNV","-","RXRG","ts","CA","TCG","CA_TCG","CTCGC","CA_CTCGC","+",0.08,"M",0.18,-0.167559,2,2,0,-1.37851162325373,0.888888888888889,1,0.888888888888889,0.888888888888889,0.246977373943664,2.13714203995514,"clonal"]
["G13386","RCOR3","nonsense","chr1",211486275,"C","A","p.S430*",0.0556,72,4,"unknown",0,"chr1:g.211486275C>A","predicted passenger",160,"FALSE","SNV","+","RCOR3","nt","CA","TCA","CA_TCA","ATCAG","CA_ATCAG","+",0.0555555555555556,"M",0.18,-0.479758,1,1,0,-1.15200309344505,0.561728395061728,1,0.561728395061728,0.561728395061728,0.155130097456987,1.37691745416401,"clonal"]
["G13386","NTSR2","missense","chr2",11810006,"G","C","p.L84V",0.05,80,4,"unknown",0,"chr2:g.11810006G>C","predicted passenger",180,"FALSE","SNV","-","NTSR2","nt","CG","GCT","CG_GCT","TGCTG","CG_TGCTG","-",0.05,"M",0.18,0.0521941,2,2,0,-1.16992500144231,0.555555555555556,1,0.555555555555556,0.555555555555556,0.153215488627354,1.36776373825725,"clonal"]
["G13386","USP34","missense","chr2",61528586,"C","A","p.G1274V",0.1111,36,4,"unknown",0,"chr2:g.61528586C>A","predicted passenger",78,"FALSE","SNV","-","USP34","ts","CA","GCC","CA_GCC","GGCCT","CA_GGCCT","+",0.111111111111111,"M",0.18,-0.445255,1,1,0,-1.11547721741994,1.12345679012346,1,1.12345679012346,1,0.314618748332932,2.63506597405394,"clonal"]
["G13386","ZC3H6","missense","chr2",113082037,"C","A","p.A550D",0.0541,74,4,"unknown",0,"chr2:g.113082037C>A","predicted passenger",147,"FALSE","SNV","+","ZC3H6","nt","CA","GCT","CA_GCT","GGCTT","CA_GGCTT","+",0.0540540540540541,"M",0.18,-0.290599,1,1,0,-0.990218979207415,0.546546546546547,1,0.546546546546547,0.546546546546547,0.150881490276202,1.341290872354,"clonal"]
["G13386","RIF1","missense","chr2",152322338,"C","A","p.Q2102K",0.0606,66,4,"unknown",0,"chr2:g.152322338C>A","predicted passenger",163,"FALSE","SNV","+","RIF1","nt","CA","TCA","CA_TCA","ATCAA","CA_ATCAA","+",0.0606060606060606,"M",0.18,-0.656166,1,1,0,-1.30433403487262,0.612794612794613,1,0.612794612794613,0.612794612794613,0.169444251725921,1.49611647989688,"clonal"]
["G13386","FAM171B","missense","chr2",187618759,"C","A","p.P332Q",0.1333,30,4,"unknown",0,"chr2:g.187618759C>A","predicted passenger",29,"FALSE","SNV","+","FAM171B","nt","CA","CCA","CA_CCA","TCCAC","CA_TCCAC","+",0.133333333333333,"M",0.18,-0.755325,1,1,0,0.0489096004809465,1.34814814814815,1,1.34814814814815,1,0.379707574087896,3.10631887501417,"clonal"]
["G13386","INO80D","missense","chr2",206921371,"C","A","p.S172I",0.1613,62,10,"unknown",0,"chr2:g.206921371C>A","predicted passenger",139,"FALSE","SNV","-","INO80D","ts","CA","GCT","CA_GCT","TGCTC","CA_TGCTC","+",0.161290322580645,"M",0.18,-0.475709,1,1,0,-1.16474476233663,1.63082437275986,2,0.815412186379928,0.815412186379928,0.405218272634817,1.39877033172099,"clonal"]
["G13386","HDAC4","missense","chr2",239990236,"C","A","p.A935S",0.0588,68,4,"unknown",0,"chr2:g.239990236C>A","predicted passenger",146,"FALSE","SNV","-","HDAC4","ts","CA","GCA","CA_GCA","GGCAT","CA_GGCAT","+",0.0588235294117647,"M",0.18,0.606675,3,3,0,-1.10236171762968,0.712418300653595,1,0.712418300653595,0.712418300653595,0.196904394204317,1.74179366429202,"clonal"]
["G13386","RBSN","missense","chr3",15124064,"C","A","p.S217I",0.069,58,4,"unknown",0,"chr3:g.15124064C>A","predicted passenger",118,"FALSE","SNV","-","ZFYVE20","ts","CA","GCT","CA_GCT","GGCTG","CA_GGCTG","+",0.0689655172413793,"M",0.18,0.777001,4,4,0,-1.02466205423427,0.904214559386973,1,0.904214559386973,0.904214559386973,0.250544311069124,2.19307107529737,"clonal"]
["G13386","SEC22C","nonsense","chr3",42602644,"AC","A","p.V164*fs*1",0.1364,44,6,"unknown",0,"chr3:g.42602645_42602645del","predicted passenger",74,"FALSE","SNV","-","SEC22C","ts","NA","NA","NA","NA","NA","+",0.136363636363636,"M",0.18,0.487697,3,3,0,-0.750021746991652,1.65151515151515,2,0.825757575757576,0.825757575757576,0.313258911889101,1.65623617269538,"clonal"]
["G13386","STAB1","nonsense","chr3",52544403,"C","A","p.C889*",0.08,50,4,"unknown",0,"chr3:g.52544403C>A","predicted passenger",106,"FALSE","SNV","+","STAB1","nt","CA","GCA","CA_GCA","TGCAC","CA_TGCAC","+",0.08,"M",0.18,0.963037,4,4,0,-1.08406426478847,1.04888888888889,1,1.04888888888889,1,0.291433301253524,2.52182760714707,"clonal"]
["G13386","COL6A6","nonsense","chr3",130285742,"C","A","p.Y493*",0.0645,62,4,"unknown",0,"chr3:g.130285742C>A","predicted passenger",88,"FALSE","SNV","+","COL6A6","nt","CA","ACT","CA_ACT","TACTC","CA_TACTC","+",0.0645161290322581,"M",0.18,-0.0760624,2,2,0,-0.505235308250422,0.716845878136201,1,0.716845878136201,0.716845878136201,0.198407746262783,1.74475648930638,"clonal"]
["G13386","NAALADL2","missense","chr3",174814647,"C","A","p.D37E",0.0714,56,4,"unknown",0,"chr3:g.174814647C>A","predicted passenger",79,"FALSE","SNV","NA","NA","NA","CA","ACA","CA_ACA","GACAA","CA_GACAA","+",0.0714285714285714,"M",0.18,0.0763566,2,2,0,-0.496425826119499,0.793650793650794,1,0.793650793650794,0.793650793650794,0.220043683431442,1.92116331265966,"clonal"]
["G13386","CCDC96","missense","chr4",7043589,"C","A","p.E359D",0.0556,72,4,"unknown",0,"chr4:g.7043589C>A","predicted passenger",194,"FALSE","SNV","NA","NA","NA","CA","GCT","CA_GCT","TGCTC","CA_TGCTC","+",0.0555555555555556,"M",0.18,0.522563,3,3,0,-1.42998784074482,0.672839506172839,1,0.672839506172839,0.672839506172839,0.185815171679248,1.64927475278986,"clonal"]
["G13386","MGARP","missense","chr4",140188115,"C","A","p.D121Y",0.0909,44,4,"unknown",0,"chr4:g.140188115C>A","predicted passenger",109,"FALSE","SNV","NA","NA","NA","CA","TCT","CA_TCT","ATCTA","CA_ATCTA","+",0.0909090909090909,"M",0.18,-0.544773,1,1,0,-1.30875270613963,0.919191919191919,1,0.919191919191919,0.919191919191919,0.256098486112669,2.19094218237111,"clonal"]
["G13386","FNIP2","missense","chr4",159790345,"G","A","p.V853I",0.0833,48,4,"unknown",0,"chr4:g.159790345G>A","predicted passenger",67,"FALSE","SNV","+","FNIP2","ts","CT","ACA","CT_ACA","AACAG","CT_AACAG","-",0.0833333333333333,"M",0.18,-0.544773,1,1,0,-0.481126689736616,0.842592592592593,1,0.842592592592593,0.842592592592593,0.234309784160584,2.02048325468263,"clonal"]
["G13386","C5orf22","missense","chr5",31534407,"G","A","p.G37D",0.1786,56,10,"unknown",0,"chr5:g.31534407G>A","predicted passenger",135,"FALSE","SNV","+","C5orf22","ts","CT","GCC","CT_GCC","AGCCT","CT_AGCCT","-",0.178571428571429,"M",0.18,-0.178475,2,2,0,-1.26946067499323,1.98412698412698,2,0.992063492063492,0.992063492063492,0.495005295633206,1.68873114967913,"clonal"]
["G13386","AFF4","missense","chr5",132223800,"C","A","p.A929S",0.069,58,4,"unknown",1,"chr5:g.132223800C>A","predicted driver: tier 1",116,"TRUE","SNV","-","AFF4","ts","CA","GCA","CA_GCA","TGCAT","CA_TGCAT","+",0.0689655172413793,"M",0.18,0.113884,2,2,0,-1,0.766283524904215,1,0.766283524904215,0.766283524904215,0.212325687346715,1.85853480957404,"clonal"]
["G13386","ADRA1B","missense","chr5",159344118,"C","A","p.S69Y",0.0909,44,4,"unknown",0,"chr5:g.159344118C>A","predicted passenger",64,"FALSE","SNV","+","ADRA1B","nt","CA","TCT","CA_TCT","GTCTG","CA_GTCTG","+",0.0909090909090909,"M",0.18,0.0957435,2,2,0,-0.540568381362703,1.01010101010101,1,1.01010101010101,1,0.28142690781612,2.40762877183638,"clonal"]
["G13386","CPLX2","missense","chr5",175307005,"T","C","p.L121P",0.0606,66,4,"unknown",0,"chr5:g.175307005T>C","predicted passenger",145,"FALSE","SNV","+","CPLX2","nt","TC","CTC","TC_CTC","GCTCA","TC_GCTCA","+",0.0606060606060606,"M",0.18,0.82656,4,4,0,-1.13551497065648,0.794612794612795,1,0.794612794612795,0.794612794612795,0.219718919820425,1.94001917173442,"clonal"]
["G13386","PTK7","missense","chr6",43112341,"C","A","p.L802M",0.1818,22,4,"unknown",0,"chr6:g.43112341C>A","predicted passenger",36,"FALSE","SNV","+","PTK7","nt","CA","GCT","CA_GCT","CGCTG","CA_CGCTG","+",0.181818181818182,"M",0.18,0.471528,3,3,0,-0.710493382805015,2.2020202020202,2,1.1010101010101,1,0.31408531250309,2.43945501974933,"clonal"]
["G13386","DDX43","missense","chr6",74125225,"C","A","p.T584N",0.1667,48,8,"unknown",0,"chr6:g.74125225C>A","predicted passenger",97,"FALSE","SNV","NA","NA","NA","CA","ACT","CA_ACT","GACTG","CA_GACTG","+",0.166666666666667,"M",0.18,-0.594045,1,1,0,-1.01495034146597,1.68518518518519,2,0.842592592592593,0.842592592592593,0.378210460909054,1.5279022017344,"clonal"]
["G13386","GABRR2","missense","chr6",89967546,"C","A","p.S439I",0.0526,76,4,"unknown",0,"chr6:g.89967546C>A","predicted passenger",287,"FALSE","SNV","-","GABRR2","ts","CA","ACT","CA_ACT","CACTC","CA_CACTC","+",0.0526315789473684,"M",0.18,-0.594045,1,1,0,-1.9169794132321,0.532163742690059,1,0.532163742690059,0.532163742690059,0.146859423207026,1.3074592688024,"clonal"]
["G13386","EIF3B","missense","chr7",2394864,"C","A","p.A103E",0.1053,38,4,"unknown",0,"chr7:g.2394864C>A","predicted passenger",79,"FALSE","SNV","+","EIF3B","nt","CA","GCA","CA_GCA","GGCAC","CA_GGCAC","+",0.105263157894737,"M",0.18,0.800102,4,4,0,-1.05585323473352,1.38011695906433,1,1.38011695906433,1,0.385919228733662,3.25220297195651,"clonal"]
["G13386","CDK13","missense","chr7",40027425,"C","T","p.A480V",0.0541,74,4,"unknown",0,"chr7:g.40027425C>T","predicted passenger",162,"FALSE","SNV","+","CDK13","nt","CT","GCT","CT_GCT","TGCTG","CT_TGCTG","+",0.0540540540540541,"M",0.18,-0.411312,1,1,0,-1.13039663725568,0.546546546546547,1,0.546546546546547,0.546546546546547,0.150881490276202,1.341290872354,"clonal"]
["G13386","DBF4","missense","chr7",87517303,"A","G","p.R176G",0.0526,76,4,"unknown",0,"chr7:g.87517303A>G","predicted passenger",143,"FALSE","SNV","+","DBF4","ts","TC","CTA","TC_CTA","TCTAA","TC_TCTAA","-",0.0526315789473684,"M",0.18,-1.31926,0,0,0,-0.911943823334804,0.47953216374269,0,0.47953216374269,0.47953216374269,0.13233486486787,1.17815011034942,"clonal"]
["G13386","ZNF3","missense","chr7",99669484,"C","A","p.S208I",0.0833,48,4,"unknown",0,"chr7:g.99669484C>A","predicted passenger",72,"FALSE","SNV","-","ZNF3","ts","CA","GCT","CA_GCT","AGCTC","CA_AGCTC","+",0.0833333333333333,"M",0.18,0.19151,2,2,0,-0.584962500721156,0.925925925925926,1,0.925925925925926,0.925925925925926,0.257483279297345,2.22031126888201,"clonal"]
["G13386","CUL1","missense","chr7",148464827,"G","A","p.E357K",0.087,46,4,"unknown",1,"chr7:g.148464827G>A","predicted passenger",110,"TRUE","SNV","+","CUL1","ts","CT","TCT","CT_TCT","TTCTC","CT_TTCTC","-",0.0869565217391304,"M",0.18,-0.670384,1,1,0,-1.25779775746765,0.879227053140097,1,0.879227053140097,0.879227053140097,0.244719938118561,2.10227517382658,"clonal"]
["G13386","DOCK5","missense","chr8",25191706,"C","A","p.A729E",0.0769,52,4,"unknown",0,"chr8:g.25191706C>A","predicted passenger",132,"FALSE","SNV","+","DOCK5","nt","CA","GCA","CA_GCA","GGCAT","CA_GGCAT","+",0.0769230769230769,"M",0.18,0.413311,3,3,0,-1.34395440121736,0.931623931623932,1,0.931623931623932,0.931623931623932,0.258651991951202,2.2453588753102,"clonal"]
["G13386","RAB11FIP1","missense","chr8",37735069,"C","A","p.Q124H",0.1333,30,4,"unknown",0,"chr8:g.37735069C>A","predicted passenger",63,"FALSE","SNV","-","RAB11FIP1","ts","CA","ACC","CA_ACC","CACCT","CA_CACCT","+",0.133333333333333,"M",0.18,0.45026,3,3,0,-1.0703893278914,1.61481481481481,2,0.807407407407407,0.807407407407407,0.227407283382311,1.86037778778321,"clonal"]
["G13386","POP1","missense","chr8",99170423,"C","A","p.A1000E",0.1667,24,4,"unknown",0,"chr8:g.99170423C>A","predicted passenger",31,"FALSE","SNV","+","POP1","nt","CA","GCG","CA_GCG","AGCGC","CA_AGCGC","+",0.166666666666667,"M",0.18,0.0655316,2,2,0,-0.369233809665719,1.85185185185185,2,0.925925925925926,0.925925925925926,0.263075703373651,2.07689840827046,"clonal"]
["G13386","WDR97","missense","chr8",145163525,"C","A","p.L186M",0.05,80,4,"unknown",0,"chr8:g.145163525C>A","predicted passenger",197,"FALSE","SNV","+","KIAA1875","nt","CA","GCT","CA_GCT","GGCTG","CA_GGCTG","+",0.05,"M",0.18,1.42727,6,6,0,-1.30012372456901,0.755555555555556,1,0.755555555555556,0.755555555555556,0.208373064533201,1.86015868402987,"clonal"]
["G13386","KANK1","missense","chr9",713138,"C","A","p.T791K",0.1818,22,4,"unknown",0,"chr9:g.713138C>A","predicted passenger",30,"FALSE","SNV","+","KANK1","nt","CA","ACA","CA_ACA","GACAG","CA_GACAG","+",0.181818181818182,"M",0.18,-0.771613,1,1,0,-0.447458976971221,1.83838383838384,2,0.919191919191919,0.919191919191919,0.262218013190653,2.03660923667146,"clonal"]
["G13386","CDK5RAP2","missense","chr9",123202188,"C","A","p.D1071Y",0.0526,76,4,"unknown",0,"chr9:g.123202188C>A","predicted passenger",140,"FALSE","SNV","-","CDK5RAP2","ts","CA","TCT","CA_TCT","ATCTT","CA_ATCTT","+",0.0526315789473684,"M",0.18,-0.39015,1,1,0,-0.881355503501381,0.532163742690059,1,0.532163742690059,0.532163742690059,0.146859423207026,1.3074592688024,"clonal"]
["G13386","DIP2C","missense","chr10",390764,"C","A","p.M1146I",0.0769,52,4,"unknown",0,"chr10:g.390764C>A","predicted passenger",114,"FALSE","SNV","-","DIP2C","ts","CA","GCA","CA_GCA","AGCAT","CA_AGCAT","+",0.0769230769230769,"M",0.18,0.0753331,2,2,0,-1.13245029602365,0.854700854700855,1,0.854700854700855,0.854700854700855,0.237295405459819,2.05996227092679,"clonal"]
["G13386","JCAD","missense","chr10",30336499,"C","A","p.E81D",0.1333,30,4,"unknown",0,"chr10:g.30336499C>A","predicted passenger",69,"FALSE","SNV","-","KIAA1462","ts","CA","GCT","CA_GCT","GGCTC","CA_GGCTC","+",0.133333333333333,"M",0.18,-0.577696,1,1,0,-1.20163386116965,1.34814814814815,1,1.34814814814815,1,0.379707574087896,3.10631887501417,"clonal"]
["G13386","RAB11FIP2","missense","chr10",119798880,"C","A","p.V290L",0.0571,70,4,"unknown",0,"chr10:g.119798880C>A","predicted passenger",366,"FALSE","SNV","NA","NA","NA","CA","ACA","CA_ACA","CACAA","CA_CACAA","+",0.0571428571428571,"M",0.18,-0.0421713,2,2,0,-2.38641682133908,0.634920634920635,1,0.634920634920635,0.634920634920635,0.175412023924924,1.55437971219976,"clonal"]
["G13386","SIGIRR","missense","chr11",405958,"C","A","p.G391C",0.1053,38,4,"unknown",0,"chr11:g.405958C>A","predicted passenger",86,"FALSE","SNV","-","SIGIRR","ts","CA","CCG","CA_CCG","GCCGA","CA_GCCGA","+",0.105263157894737,"M",0.18,0.75297,4,4,0,-1.17833724125851,1.38011695906433,1,1.38011695906433,1,0.385919228733662,3.25220297195651,"clonal"]
["G13386","PIK3C2A","missense","chr11",17118783,"C","A","p.A1383S",0.0952,42,4,"unknown",0,"chr11:g.17118783C>A","predicted passenger",128,"FALSE","SNV","-","PIK3C2A","ts","CA","GCA","CA_GCA","GGCAA","CA_GGCAA","+",0.0952380952380952,"M",0.18,-0.262824,1,1,0,-1.60768257722124,0.962962962962963,1,0.962962962962963,0.962962962962963,0.268587204145466,2.28738481236699,"clonal"]
["G13386","RPS6KA4","missense","chr11",64137052,"C","A","p.H521Q",0.0667,60,4,"unknown",0,"chr11:g.64137052C>A","predicted passenger",136,"FALSE","SNV","+","RPS6KA4","nt","CA","ACG","CA_ACG","CACGA","CA_CACGA","+",0.0666666666666667,"M",0.18,0.947922,4,4,0,-1.18057224564182,0.874074074074074,1,0.874074074074074,0.874074074074074,0.242054417106002,2.12382634592578,"clonal"]
["G13386","SHANK2","missense","chr11",70331633,"C","A","p.A1590S",0.0588,68,4,"unknown",0,"chr11:g.70331633C>A","predicted passenger",189,"FALSE","SNV","-","SHANK2","ts","CA","GCA","CA_GCA","GGCAC","CA_GGCAC","+",0.0588235294117647,"M",0.18,0.413285,3,3,0,-1.47477958297073,0.712418300653595,1,0.712418300653595,0.712418300653595,0.196904394204317,1.74179366429202,"clonal"]
["G13386","RELT","missense","chr11",73105740,"C","A","p.A336E",0.0625,64,4,"unknown",0,"chr11:g.73105740C>A","predicted passenger",118,"FALSE","SNV","+","RELT","nt","CA","GCA","CA_GCA","GGCAG","CA_GGCAG","+",0.0625,"M",0.18,0.413285,3,3,0,-0.882643049361841,0.756944444444445,1,0.756944444444445,0.756944444444445,0.209401442726114,1.84529095589711,"clonal"]
["G13386","SLC37A2","missense","chr11",124950649,"G","A","p.V223I",0.2,20,4,"unknown",0,"chr11:g.124950649G>A","predicted passenger",50,"FALSE","SNV","+","SLC37A2","ts","CT","ACG","CT_ACG","GACGC","CT_GACGC","-",0.2,"M",0.18,4.66799E-4,2,2,0,-1.32192809488736,2.22222222222222,2,1.11111111111111,1,0.318522205833515,2.42563334998149,"clonal"]
["G13386","KRAS","missense","chr12",25378598,"C","A","p.A134S",0.0513,78,4,"unknown",1,"chr12:g.25378598C>A","predicted driver: tier 1",256,"TRUE","SNV","-","KRAS","ts","CA","GCT","CA_GCT","TGCTA","CA_TGCTA","+",0.0512820512820513,"M",0.18,-0.374413,1,1,0,-1.71459778113775,0.518518518518519,1,0.518518518518519,0.518518518518519,0.143046245710916,1.27529048291381,"clonal"]
["G13386","ARHGAP9","missense","chr12",57871014,"C","A","p.R265S",0.1429,28,4,"unknown",0,"chr12:g.57871014C>A","predicted passenger",51,"FALSE","SNV","NA","NA","NA","CA","TCC","CA_TCC","TTCCT","CA_TTCCT","+",0.142857142857143,"M",0.18,0.64552,3,3,0,-0.865070419913891,1.73015873015873,2,0.865079365079365,0.865079365079365,0.244254653160164,1.97806338641232,"clonal"]
["G13386","KERA","nonsense","chr12",91449797,"C","A","p.E88*",0.0541,74,4,"unknown",0,"chr12:g.91449797C>A","predicted passenger",135,"FALSE","SNV","-","KERA","ts","CA","TCA","CA_TCA","TTCAG","CA_TTCAG","+",0.0540540540540541,"M",0.18,-0.625738,1,1,0,-0.867362231421881,0.546546546546547,1,0.546546546546547,0.546546546546547,0.150881490276202,1.341290872354,"clonal"]
["G13386","OAS3","missense","chr12",113401237,"C","A","p.T735K",0.1053,38,4,"unknown",0,"chr12:g.113401237C>A","predicted passenger",79,"FALSE","SNV","NA","NA","NA","CA","ACA","CA_ACA","GACAT","CA_GACAT","+",0.105263157894737,"M",0.18,0.246079,3,3,0,-1.05585323473352,1.27485380116959,1,1.27485380116959,1,0.356484711287874,3.00415359273949,"clonal"]
["G13386","HCAR1","missense","chr12",123214624,"C","A","p.C88F",0.0952,42,4,"unknown",0,"chr12:g.123214624C>A","predicted passenger",110,"FALSE","SNV","-","HCAR1","ts","CA","GCA","CA_GCA","GGCAG","CA_GGCAG","+",0.0952380952380952,"M",0.18,0.505156,3,3,0,-1.3890422907459,1.15343915343915,1,1.15343915343915,1,0.321714343426987,2.73983455547255,"clonal"]
["G13386","DOCK9","missense","chr13",99574396,"G","A","p.A164V",0.0769,52,4,"unknown",0,"chr13:g.99574396G>A","predicted passenger",136,"FALSE","SNV","-","DOCK9","nt","CT","GCT","CT_GCT","TGCTG","CT_TGCTG","-",0.0769230769230769,"M",0.18,-0.617108,1,1,0,-1.38702312310925,0.777777777777778,1,0.777777777777778,0.777777777777778,0.215938818968435,1.87456566654338,"clonal"]
["G13386","RNF31","nonsense","chr14",24617866,"C","T","p.Q171*",0.0571,70,4,"unknown",0,"chr14:g.24617866C>T","predicted passenger",131,"FALSE","SNV","+","RNF31","nt","CT","ACA","CT_ACA","GACAG","CT_GACAG","+",0.0571428571428571,"M",0.18,0.651391,3,3,0,-0.904139984592484,0.692063492063492,1,0.692063492063492,0.692063492063492,0.191199106078167,1.69427388629774,"clonal"]
["G13386","LRR1","missense","chr14",50081198,"C","A","p.S410Y",0.0615,65,4,"unknown",0,"chr14:g.50081198C>A","predicted passenger",94,"FALSE","SNV","+","LRR1","nt","CA","TCT","CA_TCT","CTCTG","CA_CTCTG","+",0.0615384615384615,"M",0.18,-0.534053,1,1,0,-0.532221038649183,0.622222222222222,1,0.622222222222222,0.622222222222222,0.172090819739428,1.51801549566848,"clonal"]
["G13386","OTUD7A","missense","chr15",31776913,"C","A","p.Q455H",0.1111,36,4,"unknown",0,"chr15:g.31776913C>A","predicted passenger",114,"FALSE","SNV","-","OTUD7A","ts","CA","GCT","CA_GCT","GGCTG","CA_GGCTG","+",0.111111111111111,"M",0.18,-0.378432,1,1,0,-1.66296501272243,1.12345679012346,1,1.12345679012346,1,0.314618748332932,2.63506597405394,"clonal"]
["G13386","TTBK2","nonsense","chr15",43044398,"C","A","p.E1016*",0.0606,66,4,"unknown",0,"chr15:g.43044398C>A","predicted passenger",101,"FALSE","SNV","-","TTBK2","ts","CA","TCA","CA_TCA","CTCAC","CA_CTCAC","+",0.0606060606060606,"M",0.18,-2.84369,0,0,0,-0.613817363393341,0.552188552188552,1,0.552188552188552,0.552188552188552,0.152686029027753,1.34814891595104,"clonal"]
["G13386","CCPG1","missense","chr15",55677862,"C","A","p.E37D",0.069,58,4,"unknown",0,"chr15:g.55677862C>A","predicted passenger",157,"FALSE","SNV","NA","NA","NA","CA","GCT","CA_GCT","GGCTC","CA_GGCTC","+",0.0689655172413793,"M",0.18,-0.654964,1,1,0,-1.43663975376405,0.697318007662835,1,0.697318007662835,0.697318007662835,0.193216375485511,1.69126667671238,"clonal"]
["G13386","CASKIN1","missense","chr16",2230007,"C","A","p.S1121I",0.058,69,4,"unknown",0,"chr16:g.2230007C>A","predicted passenger",131,"FALSE","SNV","-","CASKIN1","ts","CA","GCT","CA_GCT","CGCTG","CA_CGCTG","+",0.0579710144927536,"M",0.18,0.754117,4,4,0,-0.924898544759281,0.760064412238325,1,0.760064412238325,0.760064412238325,0.21002896743389,1.85953456883219,"clonal"]
["G13386","MKL2","missense","chr16",14234583,"T","A","p.S40R",0.0714,56,4,"unknown",0,"chr16:g.14234583T>A","predicted passenger",145,"FALSE","SNV","+","MKL2","nt","TA","GTC","TA_GTC","AGTCA","TA_AGTCA","+",0.0714285714285714,"M",0.18,-0.110329,2,2,0,-1.37255416795733,0.793650793650794,1,0.793650793650794,0.793650793650794,0.220043683431442,1.92116331265966,"clonal"]
["G13386","CDR2","missense","chr16",22358996,"T","C","p.M219V",0.0625,64,4,"unknown",0,"chr16:g.22358996T>C","predicted passenger",123,"FALSE","SNV","-","CDR2","ts","TC","ATA","TC_ATA","CATAG","TC_CATAG","+",0.0625,"M",0.18,0.320369,3,3,0,-0.94251450533924,0.756944444444445,1,0.756944444444445,0.756944444444445,0.209401442726114,1.84529095589711,"clonal"]
["G13386","CES2","missense","chr16",66977872,"C","A","p.L606M",0.1,40,4,"unknown",0,"chr16:g.66977872C>A","predicted passenger",77,"FALSE","SNV","NA","NA","NA","CA","GCT","CA_GCT","CGCTG","CA_CGCTG","+",0.1,"M",0.18,0.587907,3,3,0,-0.944858445807539,1.21111111111111,1,1.21111111111111,1,0.338207807452212,2.86594184294388,"clonal"]
["G13386","RABEP1","missense","chr17",5212002,"A","T","p.Q16H",0.1579,38,6,"unknown",1,"chr17:g.5212002A>T","predicted passenger",66,"TRUE","SNV","+","RABEP1","ts","TA","GTT","TA_GTT","CGTTG","TA_CGTTG","-",0.157894736842105,"M",0.18,-0.000332382,2,2,0,-0.796466605914868,1.75438596491228,2,0.87719298245614,0.87719298245614,0.334609599541026,1.73629782384392,"clonal"]
["G13386","MYH4","missense","chr17",10368874,"C","A","p.K130N",0.069,58,4,"unknown",0,"chr17:g.10368874C>A","predicted passenger",179,"FALSE","SNV","NA","NA","NA","CA","ACT","CA_ACT","CACTT","CA_CACTT","+",0.0689655172413793,"M",0.18,-0.397626,1,1,0,-1.62583478213668,0.697318007662835,1,0.697318007662835,0.697318007662835,0.193216375485511,1.69126667671238,"clonal"]
["G13386","CWC25","missense","chr17",36963106,"T","C","p.S272G",0.1053,38,4,"unknown",0,"chr17:g.36963106T>C","predicted passenger",78,"FALSE","SNV","-","CWC25","ts","TC","CTG","TC_CTG","GCTGG","TC_GCTGG","+",0.105263157894737,"M",0.18,0.640823,3,3,0,-1.03747470541866,1.27485380116959,1,1.27485380116959,1,0.356484711287874,3.00415359273949,"clonal"]
["G13386","NOG","missense","chr17",54671680,"C","A","p.H32Q",0.0702,57,4,"unknown",0,"chr17:g.54671680C>A","predicted passenger",177,"FALSE","SNV","+","NOG","nt","CA","ACA","CA_ACA","CACAT","CA_CACAT","+",0.0701754385964912,"M",0.18,0.0202312,2,2,0,-1.63471553591826,0.779727095516569,1,0.779727095516569,0.779727095516569,0.216115785496769,1.88933133287379,"clonal"]
["G13386","BPTF","missense","chr17",65908862,"C","A","p.A1621E",0.069,58,4,"unknown",0,"chr17:g.65908862C>A","predicted driver: tier 1",147,"TRUE","SNV","+","BPTF","nt","CA","GCA","CA_GCA","TGCAA","CA_TGCAA","+",0.0689655172413793,"M",0.18,0.0202312,2,2,0,-1.34169134970879,0.766283524904215,1,0.766283524904215,0.766283524904215,0.212325687346715,1.85853480957404,"clonal"]
["G13386","HEXDC","missense","chr17",80393698,"C","A","p.P194H",0.1176,34,4,"unknown",0,"chr17:g.80393698C>A","predicted passenger",64,"FALSE","SNV","+","HEXDC","nt","CA","CCC","CA_CCC","ACCCC","CA_ACCCC","+",0.117647058823529,"M",0.18,0.457479,3,3,0,-0.912537158749661,1.42483660130719,1,1.42483660130719,1,0.399687017408353,3.32454223316853,"clonal"]
["G13386","ZNF236","missense","chr18",74622700,"A","G","p.Q911R",0.05,80,4,"unknown",0,"chr18:g.74622700A>G","predicted passenger",198,"FALSE","SNV","+","ZNF236","ts","TC","CTG","TC_CTG","CCTGA","TC_CCTGA","-",0.05,"M",0.18,0.200398,3,3,0,-1.30742852519225,0.605555555555556,1,0.605555555555556,0.605555555555556,0.167004882603815,1.49086247470041,"clonal"]
["G13386","ARID3A","missense","chr19",968419,"C","A","p.Q504K",0.1,40,4,"unknown",0,"chr19:g.968419C>A","predicted passenger",57,"FALSE","SNV","+","ARID3A","nt","CA","CCA","CA_CCA","GCCAG","CA_GCCAG","+",0.1,"M",0.18,1.05749,5,5,0,-0.510961919277379,1.41111111111111,1,1.41111111111111,1,0.39405863804065,3.33921664269608,"clonal"]
["G13386","DNM2","missense","chr19",10886522,"G","A","p.A177T",0.0556,72,4,"unknown",1,"chr19:g.10886522G>A","predicted driver: tier 1",201,"TRUE","SNV","+","DNM2","ts","CT","GCG","CT_GCG","GGCGG","CT_GGCGG","-",0.0555555555555556,"M",0.18,0.813983,4,4,0,-1.48112668973662,0.728395061728395,1,0.728395061728395,0.728395061728395,0.201157708790379,1.78545340210278,"clonal"]
["G13386","MYO9B","missense","chr19",17283257,"C","A","p.H635Q",0.0769,52,4,"unknown",0,"chr19:g.17283257C>A","predicted passenger",92,"FALSE","SNV","+","MYO9B","nt","CA","ACT","CA_ACT","CACTT","CA_CACTT","+",0.0769230769230769,"M",0.18,0.89562,4,4,0,-0.823122237915921,1.00854700854701,1,1.00854700854701,1,0.280008578442586,2.43075547969361,"clonal"]
["G13386","ZNF574","missense","chr19",42583266,"C","A","p.P170T",0.1111,36,4,"unknown",0,"chr19:g.42583266C>A","predicted passenger",61,"FALSE","SNV","NA","NA","NA","CA","GCC","CA_GCC","GGCCT","CA_GGCCT","+",0.111111111111111,"M",0.18,0.718471,4,4,0,-0.760812336120574,1.45679012345679,1,1.45679012345679,1,0.407967168167978,3.41689873558643,"clonal"]
["G13386","ZNF296","missense","chr19",45579492,"C","A","p.R47M",0.2222,18,4,"unknown",0,"chr19:g.45579492C>A","predicted passenger",39,"FALSE","SNV","-","ZNF296","ts","CA","CCT","CA_CCT","GCCTT","CA_GCCTT","+",0.222222222222222,"M",0.18,0.972675,4,4,0,-1.11547721741994,2.91358024691358,3,0.97119341563786,0.97119341563786,0.280105986321654,2.0819254206261,"clonal"]
["G13386","ZNF132","missense","chr19",58946352,"C","A","p.L153F",0.0833,48,4,"unknown",0,"chr19:g.58946352C>A","predicted passenger",108,"FALSE","SNV","-","ZNF132","ts","CA","TCA","CA_TCA","TTCAA","CA_TTCAA","+",0.0833333333333333,"M",0.18,0.27856,3,3,0,-1.16992500144231,1.00925925925926,1,1.00925925925926,1,0.280656774434106,2.42013928308139,"clonal"]
["G13386","KAT14","missense","chr20",18163939,"C","A","p.P661T",0.1538,26,4,"unknown",0,"chr20:g.18163939C>A","predicted passenger",48,"FALSE","SNV","+","CSRP2BP","nt","CA","GCC","CA_GCC","GGCCT","CA_GGCCT","+",0.153846153846154,"M",0.18,-0.30279,1,1,0,-0.884522782580064,1.55555555555556,2,0.777777777777778,0.777777777777778,0.220237575835671,1.76276497131766,"clonal"]
["G13386","TUBB1","nonsense","chr20",57599427,"C","A","p.C315*",0.0667,60,4,"unknown",0,"chr20:g.57599427C>A","predicted passenger",95,"FALSE","SNV","+","TUBB1","nt","CA","GCA","CA_GCA","TGCAT","CA_TGCAT","+",0.0666666666666667,"M",0.18,0.146808,2,2,0,-0.662965012722429,0.740740740740741,1,0.740740740740741,0.740740740740741,0.205130861954239,1.79985283553032,"clonal"]
["G13386","LIME1","missense","chr20",62369239,"C","A","p.A55E",0.1053,38,4,"unknown",0,"chr20:g.62369239C>A","predicted passenger",41,"FALSE","SNV","NA","NA","NA","CA","GCG","CA_GCG","TGCGA","CA_TGCGA","+",0.105263157894737,"M",0.18,0.770376,4,4,0,-0.109624491174498,1.38011695906433,1,1.38011695906433,1,0.385919228733662,3.25220297195651,"clonal"]
["G13386","PRR14L","nonsense","chr22",32109507,"C","A","p.E1440*",0.0833,48,4,"unknown",0,"chr22:g.32109507C>A","predicted passenger",86,"FALSE","SNV","-","PRR14L","ts","CA","TCA","CA_TCA","CTCAT","CA_CTCAT","+",0.0833333333333333,"M",0.18,0.673554,3,3,0,-0.841302253980942,1.00925925925926,1,1.00925925925926,1,0.280656774434106,2.42013928308139,"clonal"]
["G13386","TMPRSS6","missense","chr22",37466570,"C","A","p.A608S",0.0571,70,4,"unknown",0,"chr22:g.37466570C>A","predicted passenger",156,"FALSE","SNV","-","TMPRSS6","ts","CA","GCG","CA_GCG","AGCGA","CA_AGCGA","+",0.0571428571428571,"M",0.18,0.673554,3,3,0,-1.15611920191728,0.692063492063492,1,0.692063492063492,0.692063492063492,0.191199106078167,1.69427388629774,"clonal"]
["G13386","PPEF1","missense","chrX",18751923,"C","A","p.L78I",0.1429,28,4,"unknown",0,"chrX:g.18751923C>A","predicted passenger",54,"FALSE","SNV","+","PPEF1","nt","CA","GCT","CA_GCT","AGCTA","CA_AGCTA","+",0.142857142857143,"M",0.18,0.203715,3,3,0,-0.947532580105864,1.07936507936508,1,1.07936507936508,1,0.488509306320328,3.95612677282463,"clonal"]
["G13386","KIAA2022","missense","chrX",73962823,"C","A","p.W523C",0.1176,34,4,"unknown",0,"chrX:g.73962823C>A","predicted passenger",73,"FALSE","SNV","-","KIAA2022","ts","CA","ACC","CA_ACC","CACCA","CA_CACCA","+",0.117647058823529,"M",0.18,0.206492,3,3,0,-1.10236171762968,0.888888888888889,1,0.888888888888889,0.888888888888889,0.399687017408353,3.32454223316853,"clonal"]
["G13386","PLXNA3","nonsense","chrX",153696000,"C","A","p.S1185*",0.1176,34,4,"unknown",0,"chrX:g.153696000C>A","predicted passenger",66,"FALSE","SNV","+","PLXNA3","nt","CA","TCA","CA_TCA","CTCAC","CA_CTCAC","+",0.117647058823529,"M",0.18,0.800725,4,4,0,-0.956931278108114,1.00653594771242,1,1.00653594771242,1,0.432688697744823,3.59904572031089,"clonal"]
["G13386","RBM46","missense","chr4",155720523,"C","A","p.N403K",0.028169014084507,73,2,"unknown",0,"chr4:g.155720523C>A","predicted passenger",122,"FALSE","SNV","+","RBM46","nt","CA","ACA","CA_ACA","AACAA","CA_AACAA","+",0.0273972602739726,"M",0.18,-0.544773,1,1,0,-0.740912778682869,0.277016742770167,0,0.277016742770167,0.277016742770167,0.0337238810304019,0.965501545470979,"clonal"]
["G13378","BORA","nonsense","chr13",73303218,"C","A","p.S47*",0.06,50,3,"known",0,"chr13:g.73303218C>A","predicted passenger",48,"FALSE","SNV","+","BORA","nt","CA","TCA","CA_TCA","ATCAA","CA_ATCAA","+",0.06,"M",0.64,-0.0796466,2,2,0,0.0588936890535686,0.1875,0,0.1875,0.1875,0.0392143369854189,0.51713108313679,"subclonal"]
["G13378","KIAA1522","missense","chr1",33237976,"C","A","p.L1066M",0.1111,18,2,"unknown",0,"chr1:g.33237976C>A","predicted passenger",19,"FALSE","SNV","+","KIAA1522","nt","CA","GCT","CA_GCT","AGCTG","CA_AGCTG","+",0.111111111111111,"M",0.64,0.132179,2,2,0,-0.0780025120012732,0.347222222222222,0,0.347222222222222,0.347222222222222,0.042972548951139,1.0847513706521,"clonal"]
["G13378","DNAJB2","missense","chr2",220149674,"C","A","p.P314T",0.1538,13,2,"unknown",0,"chr2:g.220149674C>A","predicted passenger",25,"FALSE","SNV","+","DNAJB2","nt","CA","CCC","CA_CCC","CCCCA","CA_CCCCA","+",0.153846153846154,"M",0.64,0.0232741,2,2,0,-0.943416471633633,0.480769230769231,0,0.480769230769231,0.480769230769231,0.0600208499454015,1.42022204898924,"clonal"]
["G13378","BAIAP2L2","missense","chr22",38483180,"A","G","p.S404P",0.0909,110,10,"unknown",0,"chr22:g.38483180A>G","predicted passenger",121,"FALSE","SNV","-","BAIAP2L2","nt","TC","CTC","TC_CTC","CCTCC","TC_CCTCC","-",0.0909090909090909,"M",0.64,0.161023,2,2,0,-0.137503523749935,0.284090909090909,0,0.284090909090909,0.284090909090909,0.138935955111814,0.50260900699692,"subclonal"]
["G13378","ZNRF4","missense","chr19",5456514,"C","T","p.P338S",0.0336134453781513,123,4,"unknown",0,"chr19:g.5456514C>T","predicted passenger",152,"FALSE","SNV","+","ZNRF4","nt","CT","CCC","CT_CCC","ACCCC","CT_ACCCC","+",0.032520325203252,"M",0.64,0.246935,3,3,0,-0.305413008104346,0.134146341463415,0,0.134146341463415,0.134146341463415,0.0368380347045556,0.334836576892841,"subclonal"]
["G13379","CENPE","missense","chr4",104068546,"C","A","p.Q1367H",0.0533,75,4,"known",0,"chr4:g.104068546C>A","predicted passenger",72,"FALSE","SNV","-","CENPE","ts","CA","GCT","CA_GCT","AGCTG","CA_AGCTG","+",0.0533333333333333,"M",0.3,-0.209066,2,2,0,0.0588936890535686,0.355555555555556,0,0.355555555555556,0.355555555555556,0.098138431061188,0.873072048523165,"subclonal"]
["G13379","LRRC71","missense","chr1",156893860,"T","C","p.S94P",0.0224,134,3,"unknown",0,"chr1:g.156893860T>C","predicted passenger",146,"FALSE","SNV","+","LRRC71","nt","TC","CTC","TC_CTC","CCTCC","TC_CCTCC","+",0.0223880597014925,"M",0.3,-0.0860614,2,2,0,-0.123735368422245,0.149253731343284,0,0.149253731343284,0.149253731343284,0.0309397905614369,0.426883708746418,"subclonal"]
["G13379","ANLN","missense","chr7",36446132,"C","A","p.A277D",0.1111,18,2,"unknown",0,"chr7:g.36446132C>A","predicted passenger",36,"FALSE","SNV","+","ANLN","nt","CA","GCT","CA_GCT","TGCTG","CA_TGCTG","+",0.111111111111111,"M",0.3,-0.106952,2,2,0,-1,0.740740740740741,1,0.740740740740741,0.740740740740741,0.0916747710957633,2.31413625739115,"clonal"]
["G13379","KRTAP4-3","missense","chr17",39324048,"T","A","p.Q126L",0.0645,217,14,"unknown",0,"chr17:g.39324048T>A","predicted passenger",285,"FALSE","SNV","-","KRTAP4-3","ts","TA","CTG","TA_CTG","TCTGG","TA_TCTGG","+",0.0645161290322581,"M",0.3,-0.241982,2,2,0,-0.393266876607625,0.43010752688172,0,0.43010752688172,0.43010752688172,0.238115452734888,0.705857919405259,"subclonal"]
["G13379","USP2","missense","chr11",119230905,"G","A","p.L272F",0.0161,124,2,"unknown",0,"chr11:g.119230905G>A","predicted passenger",180,"FALSE","SNV","-","USP2","nt","CT","CCT","CT_CCT","ACCTT","CT_ACCTT","-",0.0161290322580645,"M",0.3,-0.0833819,2,2,0,-0.5376567859428,0.10752688172043,0,0.10752688172043,0.10752688172043,0.0130620277127809,0.380326480924316,"subclonal"]
["G13380","AP5B1","missense","chr11",65547190,"C","A","p.E258D",0.0541,37,2,"known",0,"chr11:g.65547190C>A","predicted passenger",66,"FALSE","SNV","NA","NA","NA","CA","GCT","CA_GCT","TGCTC","CA_TGCTC","+",0.0540540540540541,"M",0.28,0.225013,3,3,0,-0.834940753729504,0.44015444015444,0,0.44015444015444,0.44015444015444,0.053861501922449,1.48158567821882,"clonal"]
["G13380","TRAPPC12","missense","chr2",3391711,"G","C","p.G106A",0.1139,79,9,"unknown",0,"chr2:g.3391711G>C","predicted passenger",96,"FALSE","SNV","+","TRAPPC12","ts","CG","GCC","CG_GCC","TGCCC","CG_TGCCC","-",0.113924050632911,"M",0.28,0.0478209,2,2,0,-0.281181752544053,0.81374321880651,1,0.81374321880651,0.81374321880651,0.381691945011137,1.46627034376884,"clonal"]
["G13380","FUT4","missense","chr11",94277306,"C","A","p.R3S",0.1053,19,2,"unknown",0,"chr11:g.94277306C>A","predicted passenger",39,"FALSE","SNV","NA","NA","NA","CA","GCG","CA_GCG","GGCGC","CA_GGCGC","+",0.105263157894737,"M",0.28,-5.73307E-4,2,2,0,-1.03747470541866,0.75187969924812,1,0.75187969924812,0.75187969924812,0.0929440312269818,2.36697617469119,"clonal"]
["G13380","NFIC","missense","chr19",3382190,"G","T","p.V162L",0.1818,44,8,"unknown",0,"chr19:g.3382190G>T","predicted passenger",71,"FALSE","SNV","+","NFIC","ts","CA","ACG","CA_ACG","CACGC","CA_CACGC","-",0.181818181818182,"M",0.28,0.341324,3,3,0,-0.690315500867385,1.48051948051948,1,1.48051948051948,1,0.667053418600015,2.66382863771943,"clonal"]
["G13381","BAIAP2L2","missense","chr22",38483183,"T","A","p.T403S",0.0741,81,6,"known",0,"chr22:g.38483183T>A","predicted passenger",120,"FALSE","SNV","-","BAIAP2L2","ts","TA","GTC","TA_GTC","GGTCA","TA_GGTCA","+",0.0740740740740741,"M",0.29,0.243855,3,3,0,-0.567040592723894,0.58492975734355,1,0.58492975734355,0.58492975734355,0.218484640003052,1.2183287115794,"clonal"]
["G13381","ACE2","nonsense","chrX",15582274,"G","A","p.Q728*",0.0556,36,2,"known",0,"chrX:g.15582274G>A","predicted passenger",53,"FALSE","SNV","-","ACE2","nt","CT","ACA","CT_ACA","TACAG","CT_TACAG","-",0.0555555555555556,"M",0.29,-0.609497,1,1,0,-0.557995453120887,0.191570881226054,0,0.191570881226054,0.191570881226054,0.0400983245461345,1.10051299324972,"clonal"]
["G13381","PER2","missense","chr2",239186512,"C","G","p.Q22H",0.071,169,12,"unknown",0,"chr2:g.239186512C>G","predicted passenger",251,"FALSE","SNV","-","PER2","ts","CG","GCT","CG_GCT","GGCTG","CG_GGCTG","+",0.0710059171597633,"M",0.29,-0.157537,2,2,0,-0.570664117668588,0.489695980412161,0,0.489695980412161,0.489695980412161,0.256730512038285,0.832742708779157,"subclonal"]
["G13381","NFIC","missense","chr19",3382190,"G","T","p.V162L",0.05,40,2,"unknown",0,"chr19:g.3382190G>T","predicted passenger",71,"FALSE","SNV","+","NFIC","ts","CA","ACG","CA_ACG","CACGC","CA_CACGC","-",0.05,"M",0.29,0.250357,3,3,0,-0.82781902461732,0.394827586206897,0,0.394827586206897,0.394827586206897,0.0482767265948739,1.33607178781747,"clonal"]
["G13381","SMPD4","missense","chr2",130929946,"C","A","p.G251V",0.125,24,3,"unknown",0,"chr2:g.130929946C>A","predicted passenger",34,"FALSE","SNV","-","SMPD4","ts","CA","CCC","CA_CCC","TCCCC","CA_TCCCC","+",0.125,"M",0.29,-0.157537,2,2,0,-0.502500340529183,0.862068965517241,1,0.862068965517241,0.862068965517241,0.183167689560338,2.23180247026781,"clonal"]
["G13381","KNL1","missense","chr15",40915498,"C","A","p.D1038E",0.05,60,3,"unknown",0,"chr15:g.40915498C>A","predicted passenger",122,"FALSE","SNV","+","CASC5","nt","CA","ACA","CA_ACA","GACAG","CA_GACAG","+",0.05,"M",0.29,-0.190609,2,2,0,-1.02384674195437,0.344827586206897,0,0.344827586206897,0.344827586206897,0.071947100995505,0.960298253248778,"clonal"]
["G09201","ADCY2","missense","chr5",7802364,"G","A","p.V888I",0.2626,99,26,"known",0,"chr5:g.7802364G>A","predicted passenger",140,"TRUE","SNV","+","ADCY2","ts","CT","ACG","CT_ACG","GACGC","CT_GACGC","-",0.262626262626263,"M",0.48,-0.127919,2,2,0,-0.499926396865357,1.09427609427609,1,1.09427609427609,1,0.746968210272882,1.50280083561959,"clonal"]
["G09201","RUNDC3B","missense","chr7",87459223,"C","A","p.L434I",0.0612,49,3,"known",0,"chr7:g.87459223C>A","predicted passenger",62,"FALSE","SNV","+","RUNDC3B","nt","CA","ACT","CA_ACT","TACTT","CA_TACTT","+",0.0612244897959184,"M",0.48,-0.174116,2,2,0,-0.339486466271667,0.255102040816327,0,0.255102040816327,0.255102040816327,0.0533684221594952,0.702745419592922,"subclonal"]
["G09201","FAM234A","missense","chr16",314836,"G","A","p.A492T",0.0606,33,2,"known",0,"chr16:g.314836G>A","predicted passenger",66,"TRUE","SNV","NA","NA","NA","CT","GCG","CT_GCG","GGCGT","CT_GGCGT","-",0.0606060606060606,"M",0.48,0.056672,2,2,0,-1,0.252525252525253,0,0.252525252525253,0.252525252525253,0.0309409905927492,0.842767968859813,"subclonal"]
["G09201","PCLO","missense","chr7",82784471,"A","G","p.S496P",0.0341880341880342,123,4,"known",0,"chr7:g.82784471A>G","predicted passenger",177,"FALSE","SNV","-","PCLO","nt","TC","CTC","TC_CTC","GCTCA","TC_GCTCA","-",0.032520325203252,"M",0.48,-0.174116,2,2,0,-0.525091044743757,0.13550135501355,0,0.13550135501355,0.13550135501355,0.0372101360652076,0.338218764538223,"subclonal"]
["G09201","INPP5B","missense","chr1",38409477,"G","C","p.L81V",0.2703,74,20,"unknown",0,"chr1:g.38409477G>C","predicted passenger",81,"FALSE","SNV","-","INPP5B","nt","CG","GCT","CG_GCT","CGCTG","CG_CGCTG","-",0.27027027027027,"M",0.48,0.111002,2,2,0,-0.130396637255675,1.12612612612613,1,1.12612612612613,1,0.723122787193384,1.60874350918436,"clonal"]
["G09201","FN1","missense","chr2",216253022,"G","T","p.L1419I",0.2797,118,33,"unknown",0,"chr2:g.216253022G>T","predicted driver: tier 1",175,"TRUE","SNV","-","FN1","nt","CA","TCT","CA_TCT","ATCTC","CA_ATCTC","-",0.279661016949153,"M",0.48,-0.0976683,2,2,0,-0.568568062470488,1.16525423728814,1,1.16525423728814,1,0.837332267329224,1.54064271197251,"clonal"]
["G09201","ETV1","missense","chr7",13975506,"C","A","p.K127N",0.1111,27,3,"unknown",1,"chr7:g.13975506C>A","predicted passenger",39,"TRUE","SNV","-","ETV1","ts","CA","GCT","CA_GCT","GGCTT","CA_GGCTT","+",0.111111111111111,"M",0.48,-0.120873,2,2,0,-0.53051471669878,0.462962962962963,0,0.462962962962963,0.462962962962963,0.0980310599202249,1.21494551780647,"clonal"]
["G09201","MYBPC3","missense","chr11",47372832,"C","A","p.G84C",0.1818,11,2,"unknown",0,"chr11:g.47372832C>A","predicted passenger",14,"FALSE","SNV","-","MYBPC3","ts","CA","CCA","CA_CCA","GCCAG","CA_GCCAG","+",0.181818181818182,"M",0.48,0.290428,3,3,0,-0.347923303420307,0.939393939393939,1,0.939393939393939,0.939393939393939,0.117961191216458,2.67507190386089,"clonal"]
["G09201","CRTAM","missense","chr11",122738125,"C","A","p.P276T",0.1,20,2,"unknown",0,"chr11:g.122738125C>A","predicted passenger",26,"FALSE","SNV","+","CRTAM","nt","CA","TCC","CA_TCC","ATCCT","CA_ATCCT","+",0.1,"M",0.48,-0.0675193,2,2,0,-0.37851162325373,0.416666666666667,0,0.416666666666667,0.416666666666667,0.0514521965428951,1.32076130841284,"clonal"]
["G09201","RIPOR1","missense","chr16",67579599,"C","A","p.Q1095K",0.2,10,2,"unknown",0,"chr16:g.67579599C>A","predicted passenger",11,"FALSE","SNV","+","FAM65A","nt","CA","TCA","CA_TCA","ATCAG","CA_ATCAG","+",0.2,"M",0.48,0.161327,2,2,0,-0.137503523749935,0.833333333333333,1,0.833333333333333,0.833333333333333,0.105044693028472,2.31706442628184,"clonal"]
["G09201","VAV1","missense","chr19",6833544,"C","A","p.T539N",0.125,16,2,"unknown",1,"chr19:g.6833544C>A","predicted passenger",30,"TRUE","SNV","+","VAV1","nt","CA","ACC","CA_ACC","TACCT","CA_TACCT","+",0.125,"M",0.48,0.245364,3,3,0,-0.906890595608519,0.645833333333333,1,0.645833333333333,0.645833333333333,0.0801536197129718,1.98129389038786,"clonal"]
["G09201","MBOAT7","missense","chr19",54678001,"G","A","p.R386W",0.1633,49,8,"unknown",0,"chr19:g.54678001G>A","predicted passenger",70,"FALSE","SNV","-","MBOAT7","nt","CT","GCG","CT_GCG","GGCGG","CT_GGCGG","-",0.163265306122449,"M",0.48,0.161297,2,2,0,-0.514573172829758,0.680272108843537,1,0.680272108843537,0.680272108843537,0.305094832949951,1.23571399166543,"clonal"]
["G09201","SBSN","missense","chr19",36018661,"G","C","p.H175D",0.217687074829932,179,32,"unknown",0,"chr19:g.36018661G>C","predicted passenger",161,"FALSE","SNV","-","SBSN","nt","CG","CCA","CG_CCA","TCCAC","CG_TCCAC","-",0.17877094972067,"M",0.48,0.161297,2,2,0,0.152898899149639,0.74487895716946,1,0.74487895716946,0.74487895716946,0.523373033441706,1.01206026740696,"clonal"]
["G09202","PDZRN4","missense","chr12",41966494,"G","A","p.R638Q",0.3333,111,37,"known",0,"chr12:g.41966494G>A","predicted passenger",118,"FALSE","SNV","+","PDZRN4","ts","CT","TCG","CT_TCG","TTCGA","CT_TTCGA","-",0.333333333333333,"M",0.62,-0.101009,2,2,0,-0.0882271830117352,1.0752688172043,1,1.0752688172043,1,0.795828916824698,1.38420315138679,"clonal"]
["G09202","EMX2","missense","chr10",119307651,"C","A","p.Q223K",0.0566,159,9,"known",0,"chr10:g.119307651C>A","predicted passenger",210,"FALSE","SNV","+","EMX2","nt","CA","ACA","CA_ACA","AACAA","CA_AACAA","+",0.0566037735849057,"M",0.62,-0.114797,2,2,0,-0.401362562381767,0.182592818015825,0,0.182592818015825,0.182592818015825,0.0845370521970511,0.337839132568147,"subclonal"]
["G09202","TARBP1","missense","chr1",234603328,"T","C","p.I390V",0.2771,83,23,"unknown",0,"chr1:g.234603328T>C","predicted passenger",98,"FALSE","SNV","-","TARBP1","ts","TC","ATT","TC_ATT","GATTT","TC_GATTT","+",0.27710843373494,"M",0.62,-0.0589226,2,2,0,-0.239670412768283,0.893898173338515,1,0.893898173338515,0.893898173338515,0.595019556052922,1.24596171592914,"clonal"]
["G09202","HTR3D","missense","chr3",183754632,"G","C","p.R203T",0.1765,51,9,"unknown",0,"chr3:g.183754632G>C","predicted passenger",88,"FALSE","SNV","+","HTR3D","ts","CG","TCT","CG_TCT","TTCTT","CG_TTCTT","-",0.176470588235294,"M",0.62,0.0843299,2,2,0,-0.787006276665802,0.569259962049336,1,0.569259962049336,0.569259962049336,0.270995805816649,0.995890277803191,"clonal"]
["G09202","PRDM4","missense","chr12",108150672,"G","A","p.P28S",0.3358,137,46,"unknown",0,"chr12:g.108150672G>A","predicted passenger",134,"FALSE","SNV","NA","NA","NA","CT","GCC","CT_GCC","TGCCA","CT_TGCCA","-",0.335766423357664,"M",0.62,0.125007,2,2,0,0.0319428925027542,1.08311749470214,1,1.08311749470214,1,0.830323054893442,1.35937650454362,"clonal"]
["G09202","BICRA","missense","chr19",48184381,"A","C","p.T652P",0.375,33,9,"unknown",0,"chr19:g.48184381A>C","predicted passenger",38,"FALSE","SNV","NA","NA","NA","TG","GTG","TG_GTG","GGTGG","TG_GGTGG","-",0.272727272727273,"M",0.62,0.147436,2,2,0,-0.203533394085132,0.879765395894428,1,0.879765395894428,0.879765395894428,0.429020608744564,1.46851105729284,"clonal"]
["G09202","GBP6","nonsense","chr1",89834269,"C","A","p.Y53*",0.1,20,2,"unknown",0,"chr1:g.89834269C>A","predicted passenger",22,"FALSE","SNV","+","GBP6","nt","CA","ACT","CA_ACT","TACTT","CA_TACTT","+",0.1,"M",0.62,-0.0537362,2,2,0,-0.137503523749935,0.32258064516129,0,0.32258064516129,0.32258064516129,0.0398339586138542,1.02252488393252,"clonal"]
["G09202","ZNF746","missense","chr7",149172182,"C","A","p.A411S",0.1154,26,3,"unknown",0,"chr7:g.149172182C>A","predicted passenger",34,"FALSE","SNV","-","ZNF746","ts","CA","GCC","CA_GCC","GGCCT","CA_GGCCT","+",0.115384615384615,"M",0.62,-0.0672492,2,2,0,-0.387023123109247,0.372208436724566,0,0.372208436724566,0.372208436724566,0.0788970171547169,0.972710968088928,"clonal"]
["G09202","IL1RAPL1","missense","chrX",29973707,"C","A","p.Q621K",0.1176,17,2,"unknown",0,"chrX:g.29973707C>A","predicted passenger",16,"FALSE","SNV","+","IL1RAPL1","nt","CA","TCA","CA_TCA","GTCAG","CA_GTCAG","+",0.117647058823529,"M",0.62,-0.982844,1,1,0,0.0874628412503394,0.189753320683112,0,0.189753320683112,0.189753320683112,0.032450737483254,0.811104264031815,"subclonal"]
["G09202","MYBPC2","missense","chr19",50963424,"C","A","p.D973E",0.0625,34,2,"unknown",0,"chr19:g.50963424C>A","predicted passenger",38,"FALSE","SNV","+","MYBPC2","nt","CA","ACA","CA_ACA","GACAA","CA_GACAA","+",0.0588235294117647,"M",0.62,0.147436,2,2,0,-0.160464672193246,0.189753320683112,0,0.189753320683112,0.189753320683112,0.0232416691582249,0.634752288179276,"subclonal"]
["G09203","PIP","missense","chr7",142832342,"G","A","p.E51K",0.2093,86,18,"known",0,"chr7:g.142832342G>A","predicted passenger",136,"FALSE","SNV","+","PIP","ts","CT","TCG","CT_TCG","TTCGT","CT_TTCGT","-",0.209302325581395,"M",0.3,-0.0771842,2,2,0,-0.661198086548242,1.3953488372093,1,1.3953488372093,1,0.860130100087761,2.06977337054127,"clonal"]
["G09203","MIP","missense","chr12",56848277,"C","A","p.V41F",0.0667,30,2,"known",0,"chr12:g.56848277C>A","predicted passenger",39,"FALSE","SNV","-","MIP","ts","CA","ACA","CA_ACA","AACAT","CA_AACAT","+",0.0666666666666667,"M",0.3,0.383168,3,3,0,-0.37851162325373,0.511111111111111,1,0.511111111111111,0.511111111111111,0.0626990308650318,1.69230474500937,"clonal"]
["G09203","C4BPA","missense","chr1",207317172,"G","A","p.R485Q",0.2667,75,20,"unknown",0,"chr1:g.207317172G>A","predicted passenger",119,"FALSE","SNV","+","C4BPA","ts","CT","CCG","CT_CCG","TCCGA","CT_TCCGA","-",0.266666666666667,"M",0.3,-0.100255,2,2,0,-0.665999072812063,1.77777777777778,2,0.888888888888889,0.888888888888889,0.570368463814864,1.27124240160974,"clonal"]
["G09203","ZCWPW2","missense","chr3",28555565,"C","A","p.S223Y",0.2576,132,34,"unknown",0,"chr3:g.28555565C>A","predicted passenger",165,"FALSE","SNV","+","ZCWPW2","nt","CA","TCT","CA_TCT","TTCTA","CA_TTCTA","+",0.257575757575758,"M",0.3,-0.185154,2,2,0,-0.321928094887362,1.71717171717172,2,0.858585858585859,0.858585858585859,0.618129280722119,1.1363730780538,"clonal"]
["G09203","PACRG","missense","chr6",163235227,"C","A","p.P69T",0.2235,85,19,"unknown",0,"chr6:g.163235227C>A","predicted passenger",100,"FALSE","SNV","+","PACRG","nt","CA","GCC","CA_GCC","AGCCC","CA_AGCCC","+",0.223529411764706,"M",0.3,-0.363645,1,1,0,-0.234465253637023,1.26666666666667,1,1.26666666666667,1,0.794857097769015,1.8521625060416,"clonal"]
["G09203","BICRA","missense","chr19",48184381,"A","C","p.T652P",0.2,24,4,"unknown",0,"chr19:g.48184381A>C","predicted passenger",38,"FALSE","SNV","NA","NA","NA","TG","GTG","TG_GTG","GGTGG","TG_GGTGG","-",0.166666666666667,"M",0.3,0.23875,3,3,0,-0.662965012722429,1.27777777777778,1,1.27777777777778,1,0.363044470655638,2.86611980341323,"clonal"]
["G09203","ZSCAN20","missense","chr1",33945296,"C","A","p.A136E",0.1818,11,2,"unknown",0,"chr1:g.33945296C>A","predicted passenger",12,"FALSE","SNV","+","ZSCAN20","nt","CA","GCA","CA_GCA","TGCAG","CA_TGCAG","+",0.181818181818182,"M",0.3,-0.307582,1,1,0,-0.125530882083859,1.03030303030303,1,1.03030303030303,1,0.129376790366438,2.93394983004098,"clonal"]
["G09203","NUTM2F","missense","chr9",97088036,"G","T","p.A66E",0.0556,72,4,"unknown",0,"chr9:g.97088036G>T","predicted passenger",84,"FALSE","SNV","-","NUTM2F","nt","CA","GCA","CA_GCA","GGCAG","CA_GGCAG","-",0.0555555555555556,"M",0.3,-0.112397,2,2,0,-0.222392421336448,0.37037037037037,0,0.37037037037037,0.37037037037037,0.102283580740871,0.90785766208616,"subclonal"]
["G09203","PRB4","missense","chr12",11461507,"G","T","p.P137H",0.1828,93,17,"unknown",0,"chr12:g.11461507G>T","predicted passenger",81,"FALSE","SNV","-","PRB4","nt","CA","CCT","CA_CCT","TCCTC","CA_TCCTC","-",0.182795698924731,"M",0.3,-0.171985,2,2,0,0.199308808223407,1.21863799283154,1,1.21863799283154,1,0.73496483068068,1.84308164100821,"clonal"]
["G09203","PIEZO1","missense","chr16",88799699,"C","A","p.S884I",0.1111,18,2,"unknown",0,"chr16:g.88799699C>A","predicted passenger",40,"FALSE","SNV","NA","NA","NA","CA","GCT","CA_GCT","TGCTG","CA_TGCTG","+",0.111111111111111,"M",0.3,-0.204181,2,2,0,-1.15200309344505,0.740740740740741,1,0.740740740740741,0.740740740740741,0.0916747710957633,2.31413625739115,"clonal"]
["G09203","ABCC3","missense","chr17",48761013,"C","A","p.P1284T",0.1176,17,2,"unknown",0,"chr17:g.48761013C>A","predicted passenger",28,"FALSE","SNV","+","ABCC3","nt","CA","GCC","CA_GCC","GGCCC","CA_GGCCC","+",0.117647058823529,"M",0.3,0.0468812,2,2,0,-0.719892080807265,0.784313725490196,1,0.784313725490196,0.784313725490196,0.0971954456020167,2.42939441400834,"clonal"]
["G09203","SEC62","missense","chr3",169700655,"G","A","p.E138K",0.125,74,8,"unknown",0,"chr3:g.169700655G>A","predicted passenger",63,"FALSE","SNV","NA","NA","NA","CT","TCT","CT_TCT","TTCTT","CT_TTCTT","-",0.108108108108108,"M",0.3,-0.017585,2,2,0,0.232173442129033,0.720720720720721,1,0.720720720720721,0.720720720720721,0.318959935966187,1.34633424154564,"clonal"]
["G09204","C1QTNF9B","missense","chr13",24465562,"T","C","p.S290G",0.043,93,4,"known",0,"chr13:g.24465562T>C","predicted passenger",82,"FALSE","SNV","NA","NA","NA","TC","CTG","TC_CTG","GCTGC","TC_GCTGC","+",0.043010752688172,"M",0.67,-0.147194,2,2,0,0.181606806489948,0.128390306531857,0,0.128390306531857,0.128390306531857,0.0353477941393123,0.317837881526986,"subclonal"]
["G09204","UBXN11","missense","chr1",26608885,"C","T","p.G490S",0.12,25,3,"known",0,"chr1:g.26608885C>T","predicted passenger",39,"FALSE","SNV","-","UBXN11","ts","CT","CCG","CT_CCG","ACCGG","CT_ACCGG","+",0.12,"M",0.67,0.131342,2,2,0,-0.641546029087524,0.358208955223881,0,0.358208955223881,0.358208955223881,0.0760161093962186,0.931911365033539,"subclonal"]
["G09204","MAGED1","nonsense","chrX",51638185,"C","T","p.Q84*",0.0741,27,2,"known",0,"chrX:g.51638185C>T","predicted passenger",22,"FALSE","SNV","+","MAGED1","nt","CT","GCA","CT_GCA","TGCAG","CT_TGCAG","+",0.0740740740740741,"M",0.67,-0.786082,1,1,0,0.295455883526171,0.110558319513543,0,0.110558319513543,0.110558319513543,0.018064323900399,0.482171345230872,"subclonal"]
["G09204","OTOF","missense","chr2",26760586,"C","T","p.E46K",0.3419,155,53,"unknown",0,"chr2:g.26760586C>T","predicted passenger",175,"FALSE","SNV","-","OTOF","ts","CT","TCA","CT_TCA","CTCAT","CT_CTCAT","+",0.341935483870968,"M",0.67,0.120031,2,2,0,-0.175086706558091,1.02070293692826,1,1.02070293692826,1,0.799179178525673,1.26065647030313,"clonal"]
["G09204","SEMA6A","missense","chr5",115783189,"G","A","p.T738M",0.3306,121,40,"unknown",0,"chr5:g.115783189G>A","predicted passenger",164,"FALSE","SNV","-","SEMA6A","nt","CT","ACG","CT_ACG","CACGG","CT_CACGG","-",0.330578512396694,"M",0.67,-0.0871831,2,2,0,-0.438688767343489,0.986801529542371,1,0.986801529542371,0.986801529542371,0.739577057088015,1.25944455011642,"clonal"]
["G09204","CACNG3","missense","chr16",24373069,"C","T","p.T278I",0.24,150,36,"unknown",0,"chr16:g.24373069C>T","predicted passenger",163,"FALSE","SNV","+","CACNG3","nt","CT","ACC","CT_ACC","GACCC","CT_GACCC","+",0.24,"M",0.67,-0.0480048,2,2,0,-0.119909463735197,0.716417910447761,1,0.716417910447761,0.716417910447761,0.519715066568158,0.944641046408414,"subclonal"]
["G09204","DEUP1","missense","chr11",93141569,"T","A","p.I500K",0.0461538461538462,68,3,"unknown",0,"chr11:g.93141569T>A","predicted passenger",70,"FALSE","SNV","+","CCDC67","nt","TA","ATA","TA_ATA","AATAA","TA_AATAA","+",0.0441176470588235,"M",0.67,-0.1628,2,2,0,-0.0418201756946271,0.131694468832309,0,0.131694468832309,0.131694468832309,0.027439388665037,0.368843654721728,"subclonal"]
["G09204","PSD4","missense","chr2",113940993,"C","A","p.F320L",0.1176,17,2,"unknown",0,"chr2:g.113940993C>A","predicted passenger",26,"FALSE","SNV","+","PSD4","nt","CA","TCC","CA_TCC","TTCCC","CA_TTCCC","+",0.117647058823529,"M",0.67,-0.0696561,2,2,0,-0.612976876890753,0.351185250219491,0,0.351185250219491,0.351185250219491,0.0435203487770224,1.08778854358582,"clonal"]
["G09204","CHD9","missense","chr16",53358600,"C","A","p.N2813K",0.0685,73,5,"unknown",0,"chr16:g.53358600C>A","predicted passenger",62,"FALSE","SNV","+","CHD9","nt","CA","ACA","CA_ACA","AACAA","CA_AACAA","+",0.0684931506849315,"M",0.67,-0.0715683,2,2,0,0.235628248493142,0.204457166223676,0,0.204457166223676,0.204457166223676,0.0674990910537175,0.45566272769382,"subclonal"]
["G09204","ZNF814","missense","chr19",58386594,"C","A","p.G55V",0.1111,18,2,"unknown",0,"chr19:g.58386594C>A","predicted driver: tier 1",20,"TRUE","SNV","-","ZNF814","ts","CA","ACC","CA_ACC","AACCT","CA_AACCT","+",0.111111111111111,"M",0.67,0.103076,2,2,0,-0.15200309344505,0.33167495854063,0,0.33167495854063,0.33167495854063,0.0410484049682522,1.03618041375723,"clonal"]
["G09204","SBSN","missense","chr19",36018661,"G","C","p.H175D",0.0240963855421687,256,6,"unknown",0,"chr19:g.36018661G>C","predicted passenger",161,"FALSE","SNV","-","SBSN","nt","CG","CCA","CG_CCA","TCCAC","CG_TCCAC","-",0.0234375,"M",0.67,0.174021,2,2,0,0.669083121885383,0.0699626865671642,0,0.0699626865671642,0.0699626865671642,0.0258167647646637,0.150187771411388,"subclonal"]
["G09206","KRT1","missense","chr12",53069243,"T","C","p.S557G",2,140,2,"known",0,"chr12:g.53069243T>C","predicted passenger",138,"FALSE","SNV","-","KRT1","ts","TC","CTA","TC_CTA","GCTAC","TC_GCTAC","+",0.0142857142857143,"M",0.48,-0.175557,2,2,0,0.0207585601667975,0.0595238095238095,0,0.0595238095238095,0.0595238095238095,0.00722822009182016,0.211045415245482,"subclonal"]
["G09206","CENPV","missense","chr17",16256681,"G","A","p.P24S",0.1905,21,4,"known",0,"chr17:g.16256681G>A","predicted passenger",18,"FALSE","SNV","-","CENPV","nt","CT","CCC","CT_CCC","CCCCC","CT_CCCCC","-",0.19047619047619,"M",0.48,0.113577,2,2,0,0.222392421336448,0.793650793650794,1,0.793650793650794,0.793650793650794,0.226931534076695,1.74610850493137,"clonal"]
["G09206","INPP5B","missense","chr1",38409477,"G","C","p.L81V",0.27,100,27,"unknown",0,"chr1:g.38409477G>C","predicted passenger",81,"FALSE","SNV","-","INPP5B","nt","CG","GCT","CG_GCT","CGCTG","CG_CGCTG","-",0.27,"M",0.48,0.203137,3,3,0,0.3040061868901,1.395,1,1.395,1,0.961343181835493,1.9014174100297,"clonal"]
["G09206","WFS1","missense","chr4",6302474,"A","G","p.I318V",0.2095,148,31,"unknown",0,"chr4:g.6302474A>G","predicted passenger",163,"FALSE","SNV","+","WFS1","ts","TC","ATG","TC_ATG","GATGG","TC_GATGG","-",0.209459459459459,"M",0.48,-0.10976,2,2,0,-0.139274788602128,0.872747747747748,1,0.872747747747748,0.872747747747748,0.612395944779817,1.18308132940338,"clonal"]
["G09206","CHD8","missense","chr14",21883931,"C","T","p.V618M",0.1852,81,15,"unknown",1,"chr14:g.21883931C>T","predicted passenger",76,"FALSE","SNV","-","CHD8","ts","CT","ACT","CT_ACT","CACTG","CT_CACTG","+",0.185185185185185,"M",0.48,0.265161,3,3,0,0.0919224894410394,0.95679012345679,1,0.95679012345679,0.95679012345679,0.555502929228163,1.48270979667018,"clonal"]
["G09206","CACNA1G","missense","chr17",48701855,"C","T","p.R2122C",0.25,40,10,"unknown",0,"chr17:g.48701855C>T","predicted passenger",55,"FALSE","SNV","+","CACNA1G","nt","CT","ACG","CT_ACG","GACGC","CT_GACGC","+",0.25,"M",0.48,0.00672724,2,2,0,-0.459431618637297,1.04166666666667,1,1.04166666666667,1,0.528811662220187,1.71650825063096,"clonal"]
["G09206","DNAJC2","missense","chr7",102963192,"G","T","p.Q257K",0.0266666666666667,154,4,"unknown",0,"chr7:g.102963192G>T","predicted passenger",118,"FALSE","SNV","NA","NA","NA","CA","ACA","CA_ACA","CACAA","CA_CACAA","-",0.025974025974026,"M",0.48,0.0308678,2,2,0,0.38414349133306,0.108225108225108,0,0.108225108225108,0.108225108225108,0.0296725576228258,0.271526803345334,"subclonal"]
["G09206","TFEB","missense","chr6",41658611,"C","A","p.Q86H",0.1053,19,2,"unknown",1,"chr6:g.41658611C>A","predicted passenger",23,"TRUE","SNV","-","TFEB","ts","CA","ACT","CA_ACT","GACTG","CA_GACTG","+",0.105263157894737,"M",0.48,0.107482,2,2,0,-0.275634442613427,0.43859649122807,0,0.43859649122807,0.43859649122807,0.0542173515490727,1.38073610190319,"clonal"]
["G09206","TAS2R31","missense","chr12",11183347,"C","A","p.L196F",0.0583,120,7,"unknown",0,"chr12:g.11183347C>A","predicted passenger",128,"FALSE","SNV","NA","NA","NA","CA","GCA","CA_GCA","AGCAA","CA_AGCAA","+",0.0583333333333333,"M",0.48,-0.0934018,2,2,0,-0.0931094043914815,0.243055555555556,0,0.243055555555556,0.243055555555556,0.0990500991271628,0.485409915190061,"subclonal"]
["G09206","COL18A1","missense","chr21",46876046,"C","A","p.P201H",0.1429,14,2,"unknown",0,"chr21:g.46876046C>A","predicted passenger",15,"FALSE","SNV","+","COL18A1","nt","CA","CCC","CA_CCC","GCCCT","CA_GCCCT","+",0.142857142857143,"M",0.48,-0.0495877,2,2,0,-0.0995356735509144,0.595238095238095,1,0.595238095238095,0.595238095238095,0.0741438145132981,1.78387150379041,"clonal"]
["G09205","GCDH","missense","chr19",13002951,"C","T","p.S98L",0.06,150,9,"known",0,"chr19:g.13002951C>T","predicted passenger",121,"FALSE","SNV","+","GCDH","nt","CT","TCG","CT_TCG","TTCGG","CT_TTCGG","+",0.06,"M",0.42,0.301206,3,3,0,0.309955453221286,0.345714285714286,0,0.345714285714286,0.345714285714286,0.160180824434722,0.63865828198327,"subclonal"]
["G09205","UBXN11","missense","chr1",26608885,"C","T","p.G490S",0.0833,36,3,"known",0,"chr1:g.26608885C>T","predicted passenger",39,"FALSE","SNV","-","UBXN11","ts","CT","CCG","CT_CCG","ACCGG","CT_ACCGG","+",0.0833333333333333,"M",0.42,0.15292,2,2,0,-0.115477217419936,0.396825396825397,0,0.396825396825397,0.396825396825397,0.0834595043996888,1.06995124074749,"clonal"]
["G09205","C4BPA","missense","chr1",207317172,"G","A","p.R485Q",0.0455,110,5,"unknown",0,"chr1:g.207317172G>A","predicted passenger",119,"FALSE","SNV","+","C4BPA","ts","CT","CCG","CT_CCG","TCCGA","CT_TCCGA","-",0.0454545454545455,"M",0.42,0.0670647,2,2,0,-0.113458049783284,0.216450216450216,0,0.216450216450216,0.216450216450216,0.0710546384472478,0.48996254472152,"subclonal"]
["G09205","GRIK4","missense","chr11",120856839,"G","A","p.R914H",0.0924,119,11,"unknown",0,"chr11:g.120856839G>A","predicted passenger",104,"FALSE","SNV","+","GRIK4","ts","CT","GCG","CT_GCG","CGCGG","CT_CGCGG","-",0.092436974789916,"M",0.42,-0.0214806,2,2,0,0.194378045166851,0.440176070428171,0,0.440176070428171,0.440176070428171,0.224057929996667,0.758938336561666,"subclonal"]
["G09205","ZNF598","missense","chr16",2052270,"G","A","p.R278C",0.0419,191,8,"unknown",0,"chr16:g.2052270G>A","predicted passenger",131,"FALSE","SNV","-","ZNF598","nt","CT","ACG","CT_ACG","CACGC","CT_CACGC","-",0.0418848167539267,"M",0.42,-0.0849982,2,2,0,0.544005826498299,0.199451508352032,0,0.199451508352032,0.199451508352032,0.086922322804082,0.385043287125207,"subclonal"]
["G09205","BICRA","missense","chr19",48184381,"A","C","p.T652P",0.121951219512195,46,5,"unknown",0,"chr19:g.48184381A>C","predicted passenger",38,"FALSE","SNV","NA","NA","NA","TG","GTG","TG_GTG","GGTGG","TG_GGTGG","-",0.108695652173913,"M",0.42,0.230482,3,3,0,0.275634442613427,0.626293995859213,1,0.626293995859213,0.626293995859213,0.208859666610177,1.35806194222925,"clonal"]
["G09205","PLIN5","missense","chr19",4524053,"C","A","p.E293D",0.1053,19,2,"unknown",0,"chr19:g.4524053C>A","predicted passenger",17,"FALSE","SNV","-","PLIN5","ts","CA","GCT","CA_GCT","AGCTC","CA_AGCTC","+",0.105263157894737,"M",0.42,0.301206,3,3,0,0.160464672193246,0.606516290726817,1,0.606516290726817,0.606516290726817,0.074974851856432,1.90936078091756,"clonal"]
["G09205","SSMEM1","missense","chr7",129847771,"A","T","p.L7F",0.0327868852459016,63,2,"unknown",0,"chr7:g.129847771A>T","predicted passenger",64,"FALSE","SNV","+","SSMEM1","ts","TA","ATA","TA_ATA","AATAA","TA_AATAA","-",0.0317460317460317,"M",0.42,0.128441,2,2,0,-0.0227200765000835,0.151171579743008,0,0.151171579743008,0.151171579743008,0.018418964268661,0.523901778137525,"subclonal"]
["G13372","AP5S1","missense","chr20",3804930,"G","A","p.A197T",0.05,40,2,"known",0,"chr20:g.3804930G>A","predicted passenger",82,"FALSE","SNV","+","AP5S1","ts","CT","GCG","CT_GCG","AGCGG","CT_AGCGG","-",0.05,"M",0.33,0.138854,2,2,0,-1.03562390973072,0.303030303030303,0,0.303030303030303,0.303030303030303,0.0370524036324293,1.02543553914799,"clonal"]
["G13372","OTUD6A","missense","chrX",69282855,"C","A","p.L161M",0.0526,38,2,"known",0,"chrX:g.69282855C>A","predicted passenger",59,"FALSE","SNV","+","OTUD6A","nt","CA","GCT","CA_GCT","AGCTG","CA_AGCTG","+",0.0526315789473684,"M",0.33,-0.508964,1,1,0,-0.634715535918256,0.159489633173844,0,0.159489633173844,0.159489633173844,0.0325838088309197,0.898209957213819,"subclonal"]
["G13372","NAP1L5","missense","chr4",89618398,"C","A","p.D170Y",0.1111,18,2,"unknown",0,"chr4:g.89618398C>A","predicted passenger",22,"FALSE","SNV","NA","NA","NA","CA","TCA","CA_TCA","GTCAT","CA_GTCAT","+",0.111111111111111,"M",0.33,-0.0418014,2,2,0,-0.289506617194985,0.673400673400673,1,0.673400673400673,0.673400673400673,0.0833407009961484,2.10376023399195,"clonal"]
["G13372","BEST1","missense","chr11",61730482,"C","A","p.T559K",0.125,16,2,"unknown",0,"chr11:g.61730482C>A","predicted passenger",28,"FALSE","SNV","NA","NA","NA","CA","ACA","CA_ACA","CACAC","CA_CACAC","+",0.125,"M",0.33,-0.0157322,2,2,0,-0.807354922057604,0.757575757575758,1,0.757575757575758,0.757575757575758,0.0940218413055388,2.32409840514705,"clonal"]
["G13372","WFIKKN1","missense","chr16",682918,"C","T","p.P170S",0.1176,17,2,"unknown",0,"chr16:g.682918C>T","predicted passenger",30,"FALSE","SNV","+","WFIKKN1","nt","CT","GCC","CT_GCC","GGCCG","CT_GGCCG","+",0.117647058823529,"M",0.33,-0.37835,1,1,0,-0.819427754358179,0.595365418894831,1,0.595365418894831,0.595365418894831,0.0737801791615308,1.84413121426996,"clonal"]
["G13372","RIMS2","missense","chr8",104897723,"G","A","p.R299K",0.026,77,2,"unknown",0,"chr8:g.104897723G>A","predicted passenger",110,"FALSE","SNV","+","RIMS2","ts","CT","TCT","CT_TCT","TTCTC","CT_TTCTC","-",0.025974025974026,"M",0.33,-0.0318246,2,2,0,-0.514573172829758,0.157418339236521,0,0.157418339236521,0.157418339236521,0.0191587896970656,0.549679727911156,"subclonal"]
["G13376","HECTD4","missense","chr12",112647837,"C","T","p.V2471M",0.0353,85,3,"known",0,"chr12:g.112647837C>T","predicted passenger",92,"FALSE","SNV","-","HECTD4","ts","CT","ACG","CT_ACG","CACGG","CT_CACGG","+",0.0352941176470588,"M",0.42,0.0041193,2,2,0,-0.114171019919311,0.168067226890756,0,0.168067226890756,0.168067226890756,0.034945175975468,0.474744623366101,"subclonal"]
["G13376","PCLO","missense","chr7",82784468,"C","T","p.A497T",0.0833,192,16,"known",0,"chr7:g.82784468C>T","predicted passenger",261,"FALSE","SNV","-","PCLO","ts","CT","GCT","CT_GCT","TGCTG","CT_TGCTG","+",0.0833333333333333,"M",0.42,-0.0858679,2,2,0,-0.442943495848728,0.396825396825397,0,0.396825396825397,0.396825396825397,0.23039364997694,0.627624199314616,"subclonal"]
["G13376","NRG1","missense","chr8",32621708,"A","G","p.S576G",0.0115,260,3,"unknown",1,"chr8:g.32621708A>G","predicted passenger",309,"FALSE","SNV","+","NRG1","ts","TC","CTG","TC_CTG","ACTGC","TC_ACTGC","-",0.0115384615384615,"M",0.42,-0.000542821,2,2,0,-0.24909521487592,0.054945054945055,0,0.054945054945055,0.054945054945055,0.0113612307879302,0.158800456913459,"subclonal"]
["G13376","HTR3A","missense","chr11",113857709,"A","C","p.Q398P",0.0215,93,2,"unknown",0,"chr11:g.113857709A>C","predicted passenger",114,"FALSE","SNV","+","HTR3A","ts","TG","CTG","TG_CTG","ACTGC","TG_ACTGC","-",0.021505376344086,"M",0.42,-0.017793,2,2,0,-0.29373120305671,0.102406554019457,0,0.102406554019457,0.102406554019457,0.0124528318911096,0.359680819297659,"subclonal"]
["G13376","OPCML","missense","chr11",132306572,"A","C","p.W256G",0.038,79,3,"unknown",0,"chr11:g.132306572A>C","predicted driver: tier 1",107,"TRUE","SNV","-","OPCML","nt","TG","GTG","TG_GTG","AGTGG","TG_AGTGG","-",0.0379746835443038,"M",0.42,-0.017793,2,2,0,-0.437686238224044,0.180831826401447,0,0.180831826401447,0.180831826401447,0.0376229470220796,0.509480570352208,"subclonal"]
["G13376","SLC6A13","missense","chr12",344288,"A","T","p.Y267N",0.0261,115,3,"unknown",0,"chr12:g.344288A>T","predicted passenger",131,"FALSE","SNV","-","SLC6A13","nt","TA","GTA","TA_GTA","TGTAC","TA_TGTAC","-",0.0260869565217391,"M",0.42,-0.0232509,2,2,0,-0.187932950593075,0.124223602484472,0,0.124223602484472,0.124223602484472,0.0257733763233193,0.354029687667614,"subclonal"]
["G13376","SLC25A11","missense","chr17",4841880,"C","T","p.R158H",0.0597,134,8,"unknown",0,"chr17:g.4841880C>T","predicted passenger",202,"FALSE","SNV","-","SLC25A11","ts","CT","GCG","CT_GCG","GGCGC","CT_GGCGC","+",0.0597014925373134,"M",0.42,0.250365,3,3,0,-0.592122292294022,0.343994314143568,0,0.343994314143568,0.343994314143568,0.15052680985479,0.658279412800758,"subclonal"]
["G13376","KCNH6","missense","chr17",61611575,"G","A","p.R335H",0.0426,141,6,"unknown",0,"chr17:g.61611575G>A","predicted passenger",145,"FALSE","SNV","+","KCNH6","ts","CT","GCG","CT_GCG","GGCGG","CT_GGCGG","-",0.0425531914893617,"M",0.42,0.140721,2,2,0,-0.040357737616141,0.202634245187437,0,0.202634245187437,0.202634245187437,0.0751143284295187,0.430085074275666,"subclonal"]
["G13376","ANKRD30B","missense","chr18",14851707,"C","A","p.T1136K",0.0404040404040404,103,4,"unknown",0,"chr18:g.14851707C>A","predicted passenger",125,"FALSE","SNV","+","ANKRD30B","nt","CA","ACA","CA_ACA","AACAG","CA_AACAG","+",0.0388349514563107,"M",0.42,0.00413038,2,2,0,-0.279283757478869,0.184928340268146,0,0.184928340268146,0.184928340268146,0.0508615847134817,0.459307039888116,"subclonal"]
["G13376","RIMS4","missense","chr20",43438833,"A","T","p.F27Y",0.0538,93,5,"unknown",0,"chr20:g.43438833A>T","predicted passenger",107,"FALSE","SNV","-","RIMS4","nt","TA","TTC","TA_TTC","CTTCG","TA_CTTCG","-",0.0537634408602151,"M",0.42,0.0618147,2,2,0,-0.202308175293116,0.256016385048643,0,0.256016385048643,0.256016385048643,0.0842142847908509,0.576285633876652,"subclonal"]
["G13376","AR","missense","chrX",66942709,"A","C","p.E830D",0.0984,122,12,"unknown",1,"chrX:g.66942709A>C","predicted passenger",147,"TRUE","SNV","+","AR","ts","TG","GTT","TG_GTT","AGTTC","TG_AGTTC","-",0.0983606557377049,"M",0.42,-0.53282,1,1,0,-0.268935007273478,0.234192037470726,0,0.234192037470726,0.234192037470726,0.195111164020637,0.622645598104066,"subclonal"]
["G13376","KIAA2022","missense","chrX",73963128,"T","G","p.K422Q",0.0769,78,6,"unknown",0,"chrX:g.73963128T>G","predicted passenger",95,"FALSE","SNV","-","KIAA2022","ts","TG","TTA","TG_TTA","CTTAA","TG_CTTAA","+",0.0769230769230769,"M",0.42,-0.53282,1,1,0,-0.2844533894687,0.183150183150183,0,0.183150183150183,0.183150183150183,0.108164260720062,0.601702990264206,"subclonal"]
["G13376","NRK","missense","chrX",105190006,"A","C","p.K1402T",0.1186,59,7,"unknown",0,"chrX:g.105190006A>C","predicted passenger",65,"FALSE","SNV","+","NRK","ts","TG","CTT","TG_CTT","CCTTG","TG_CCTTG","-",0.11864406779661,"M",0.42,-0.53282,1,1,0,-0.139724763666613,0.282485875706215,0,0.282485875706215,0.282485875706215,0.184543212414255,0.862576731792471,"subclonal"]
["G13376","RBMXL3","missense","chrX",114424624,"C","T","p.A207V",0.222222222222222,33,6,"unknown",0,"chrX:g.114424624C>T","predicted passenger",20,"FALSE","SNV","NA","NA","NA","CT","GCT","CT_GCT","GGCTG","CT_GGCTG","+",0.181818181818182,"M",0.42,-0.53282,1,1,0,0.722466024471091,0.432900432900433,0,0.432900432900433,0.432900432900433,0.262535371887547,1.33397353317006,"clonal"]
["G13376","NPIPB6","missense","chr16",28354365,"G","A","p.L281F",0.1765,17,3,"unknown",0,"chr16:g.28354365G>A","predicted passenger",18,"FALSE","SNV","-","NPIPB6","nt","CT","CCT","CT_CCT","GCCTC","CT_GCCTC","-",0.176470588235294,"M",0.42,0.254334,3,3,0,-0.082462160191973,1.01680672268908,1,1.01680672268908,1,0.218866344597416,2.50249821972183,"clonal"]
["G13376","DCAF15","missense","chr19",14070706,"A","G","p.E480G",0.111111111111111,86,7,"unknown",0,"chr19:g.14070706A>G","predicted passenger",97,"FALSE","SNV","+","DCAF15","ts","TC","CTC","TC_CTC","CCTCC","TC_CCTCC","-",0.0813953488372093,"M",0.42,0.239604,3,3,0,-0.17364808748503,0.468992248062016,0,0.468992248062016,0.468992248062016,0.192173519650061,0.925014296728706,"subclonal"]
["G13376","VPS13D","missense","chr1",12416055,"G","A","p.R3260Q",0.05,80,4,"unknown",0,"chr1:g.12416055G>A","predicted passenger",113,"FALSE","SNV","+","VPS13D","ts","CT","CCG","CT_CCG","GCCGA","CT_GCCGA","-",0.05,"M",0.42,0.077534,2,2,0,-0.498250867527825,0.238095238095238,0,0.238095238095238,0.238095238095238,0.0656637808402944,0.586184459253109,"subclonal"]
["G13376","SLC4A4","missense","chr4",72433505,"T","G","p.S1060R",0.0353,85,3,"unknown",0,"chr4:g.72433505T>G","predicted passenger",72,"FALSE","SNV","+","SLC4A4","nt","TG","GTC","TG_GTC","AGTCC","TG_AGTCC","+",0.0352941176470588,"M",0.42,-0.0259796,2,2,0,0.239465934695389,0.168067226890756,0,0.168067226890756,0.168067226890756,0.034945175975468,0.474744623366101,"subclonal"]
["G13376","DNAH8","missense","chr6",38828344,"A","C","p.I2012L",0.0851,141,12,"unknown",0,"chr6:g.38828344A>C","predicted passenger",161,"FALSE","SNV","+","DNAH8","ts","TG","ATA","TG_ATA","AATAA","TG_AATAA","-",0.0851063829787234,"M",0.42,-0.0956476,2,2,0,-0.191365525715823,0.405268490374873,0,0.405268490374873,0.405268490374873,0.213097345060131,0.685450403566151,"subclonal"]
["G13376","THBS2","missense","chr6",169641889,"C","T","p.V287M",0.0536,56,3,"unknown",0,"chr6:g.169641889C>T","predicted passenger",77,"FALSE","SNV","-","THBS2","ts","CT","ACG","CT_ACG","CACGA","CT_CACGA","+",0.0535714285714286,"M",0.42,-0.0603746,2,2,0,-0.459431618637297,0.255102040816327,0,0.255102040816327,0.255102040816327,0.0532712896865454,0.707973575939005,"subclonal"]
["G13376","ZNF679","missense","chr7",63726732,"A","G","p.R241G",0.0254,118,3,"unknown",0,"chr7:g.63726732A>G","predicted passenger",155,"FALSE","SNV","+","ZNF679","ts","TC","CTG","TC_CTG","TCTGT","TC_TCTGT","-",0.0254237288135593,"M",0.42,0.13537,2,2,0,-0.393481355912396,0.121065375302663,0,0.121065375302663,0.121065375302663,0.0251142287504809,0.345249676305949,"subclonal"]
["G13376","RNF122","missense","chr8",33408900,"G","A","p.R64W",0.0606,132,8,"unknown",0,"chr8:g.33408900G>A","predicted passenger",181,"FALSE","SNV","-","RNF122","nt","CT","GCG","CT_GCG","TGCGG","CT_TGCGG","-",0.0606060606060606,"M",0.42,-0.000542821,2,2,0,-0.455451767724752,0.288600288600289,0,0.288600288600289,0.288600288600289,0.126313471343727,0.55202861449785,"subclonal"]
["G13376","RIMS2","missense","chr8",104897723,"G","A","p.R299K",0.0275,109,3,"unknown",0,"chr8:g.104897723G>A","predicted passenger",110,"FALSE","SNV","+","RIMS2","ts","CT","TCT","CT_TCT","TTCTC","CT_TTCTC","-",0.0275229357798165,"M",0.42,0.146997,2,2,0,-0.0131753887477332,0.131061598951507,0,0.131061598951507,0.131061598951507,0.0272012251547416,0.373000610057873,"subclonal"]
["G13376","RBL2","missense","chr16",53496538,"C","A","p.Q511K",0.0610687022900763,139,8,"unknown",0,"chr16:g.53496538C>A","predicted passenger",133,"FALSE","SNV","+","RBL2","nt","CA","ACA","CA_ACA","AACAA","CA_AACAA","+",0.0575539568345324,"M",0.42,-0.0581033,2,2,0,0.063658637222318,0.274066461116821,0,0.274066461116821,0.274066461116821,0.119868278970429,0.525019793858481,"subclonal"]
["G13376","CD209","missense","chr19",7810593,"A","C","p.S187A",0.0382,157,6,"unknown",1,"chr19:g.7810593A>C","predicted passenger",175,"FALSE","SNV","-","CD209","nt","TG","ATC","TG_ATC","AATCT","TG_AATCT","-",0.0382165605095541,"M",0.42,0.242717,3,3,0,-0.156590362940702,0.220200181983621,0,0.220200181983621,0.220200181983621,0.081541300503941,0.468574979756743,"subclonal"]
["G13376","FAM129A","missense","chr1",184801004,"T","C","p.M232V",0.125,88,11,"unknown",0,"chr1:g.184801004T>C","predicted passenger",114,"FALSE","SNV","-","FAM129A","ts","TC","ATT","TC_ATT","CATTT","TC_CATTT","+",0.125,"M",0.42,0.00525621,2,2,0,-0.373458395527444,0.595238095238095,1,0.595238095238095,0.595238095238095,0.305158083557358,1.0126742251884,"clonal"]
["G13376","ZNF638","missense","chr2",71658506,"G","T","p.K1900N",0.0881,159,14,"unknown",0,"chr2:g.71658506G>T","predicted driver: tier 1",182,"TRUE","SNV","+","ZNF638","ts","CA","TCT","CA_TCT","TTCTT","CA_TTCTT","-",0.0880503144654088,"M",0.42,0.0160254,2,2,0,-0.194911684914341,0.419287211740042,0,0.419287211740042,0.419287211740042,0.233220113985795,0.682478195254225,"subclonal"]
["G13376","SLC9B1","missense","chr4",103911019,"G","T","p.T50K",0.0564,195,11,"unknown",0,"chr4:g.103911019G>T","predicted passenger",248,"FALSE","SNV","-","SLC9B1","nt","CA","ACA","CA_ACA","GACAA","CA_GACAA","-",0.0564102564102564,"M",0.42,-0.0259796,2,2,0,-0.346865996637265,0.268620268620269,0,0.268620268620269,0.268620268620269,0.135680379095189,0.469953822448303,"subclonal"]
["G13376","FAT4","missense","chr4",126369637,"C","A","p.T2489K",0.0533,75,4,"unknown",1,"chr4:g.126369637C>A","predicted passenger",88,"TRUE","SNV","+","FAT4","nt","CA","ACA","CA_ACA","TACAG","CA_TACAG","+",0.0533333333333333,"M",0.42,-0.0259796,2,2,0,-0.230612928141416,0.253968253968254,0,0.253968253968254,0.253968253968254,0.07009887932942,0.62362289180226,"subclonal"]
["G13376","GRIA2","missense","chr4",158284068,"G","A","p.E842K",0.086,93,8,"unknown",0,"chr4:g.158284068G>A","predicted passenger",136,"FALSE","SNV","+","GRIA2","ts","CT","TCG","CT_TCG","CTCGG","CT_CTCGG","-",0.0860215053763441,"M",0.42,-0.0259796,2,2,0,-0.548304030142308,0.409626216077829,0,0.409626216077829,0.409626216077829,0.180343029016024,0.773701158942936,"subclonal"]
["G13376","GEMIN5","missense","chr5",154278006,"A","C","p.S1113R",0.0583,103,6,"unknown",0,"chr5:g.154278006A>C","predicted passenger",115,"FALSE","SNV","-","GEMIN5","nt","TG","GTC","TG_GTC","AGTCT","TG_AGTCT","-",0.058252427184466,"M",0.42,-0.010064,2,2,0,-0.158989523761157,0.277392510402219,0,0.277392510402219,0.277392510402219,0.103215228056741,0.583271613942653,"subclonal"]
["G13376","ZBTB22","missense","chr6",33284072,"A","G","p.Y208H",0.071,169,12,"unknown",0,"chr6:g.33284072A>G","predicted passenger",183,"FALSE","SNV","-","ZBTB22","nt","TC","CTA","TC_CTA","ACTAC","TC_ACTAC","-",0.0710059171597633,"M",0.42,0.0465466,2,2,0,-0.114820402001858,0.338123415046492,0,0.338123415046492,0.338123415046492,0.177266305931197,0.574989013204656,"subclonal"]
["G13376","FAM162B","missense","chr6",117073795,"C","T","p.E152K",0.05,100,5,"unknown",0,"chr6:g.117073795C>T","predicted passenger",157,"FALSE","SNV","-","FAM162B","ts","CT","TCT","CT_TCT","TTCTT","CT_TTCTT","+",0.05,"M",0.42,-0.0710719,2,2,0,-0.650764559116902,0.238095238095238,0,0.238095238095238,0.238095238095238,0.0782470437240579,0.537309100502203,"subclonal"]
["G13376","NHSL1","missense","chr6",138754805,"C","A","p.G230V",0.1429,14,2,"unknown",0,"chr6:g.138754805C>A","predicted passenger",14,"FALSE","SNV","-","NHSL1","ts","CA","GCC","CA_GCC","GGCCA","CA_GGCCA","+",0.142857142857143,"M",0.42,-0.0710719,2,2,0,0,0.680272108843537,1,0.680272108843537,0.680272108843537,0.0847357880151978,2.03871029004619,"clonal"]
["G13376","PLOD3","missense","chr7",100860470,"C","G","p.R29P",0.1176,17,2,"unknown",0,"chr7:g.100860470C>G","predicted passenger",24,"FALSE","SNV","-","PLOD3","ts","CG","CCG","CG_CCG","CCCGG","CG_CCCGG","+",0.117647058823529,"M",0.42,0.182646,2,2,0,-0.497499659470817,0.560224089635854,1,0.560224089635854,0.560224089635854,0.0694253182871548,1.73528172429167,"clonal"]
["G13376","UBE3C","missense","chr7",156979583,"A","G","p.D400G",0.0714,70,5,"unknown",0,"chr7:g.156979583A>G","predicted passenger",105,"FALSE","SNV","+","UBE3C","ts","TC","GTC","TC_GTC","TGTCC","TC_TGTCC","-",0.0714285714285714,"M",0.42,-0.00650219,2,2,0,-0.584962500721156,0.340136054421769,0,0.340136054421769,0.340136054421769,0.112373621239501,0.756535330777374,"subclonal"]
["G13376","TONSL","missense","chr8",145661634,"C","A","p.A728S",0.1333,15,2,"unknown",0,"chr8:g.145661634C>A","predicted passenger",17,"FALSE","SNV","NA","NA","NA","CA","GCC","CA_GCC","GGCCA","CA_GGCCA","+",0.133333333333333,"M",0.42,0.295219,3,3,0,-0.180572245641821,0.768253968253968,1,0.768253968253968,0.768253968253968,0.095508834583339,2.33128220423848,"clonal"]
["G13376","COMMD5","missense","chr8",146076339,"C","T","p.V129M",0.1017,118,12,"unknown",0,"chr8:g.146076339C>T","predicted passenger",110,"FALSE","SNV","-","COMMD5","ts","CT","ACG","CT_ACG","CACGC","CT_CACGC","+",0.101694915254237,"M",0.42,0.295219,3,3,0,0.101283335837182,0.585956416464891,1,0.585956416464891,0.585956416464891,0.309190528623802,0.984728259895611,"clonal"]
["G13376","RANBP6","missense","chr9",6014951,"G","T","p.F219L",0.0537,149,8,"unknown",0,"chr9:g.6014951G>T","predicted passenger",147,"FALSE","SNV","-","RANBP6","nt","CA","TCA","CA_TCA","TTCAA","CA_TTCAA","-",0.0536912751677852,"M",0.42,-0.0787153,2,2,0,0.0194961756257972,0.255672738894215,0,0.255672738894215,0.255672738894215,0.111724448975136,0.490718226999354,"subclonal"]
["G13376","CNTLN","missense","chr9",17135074,"G","A","p.R4H",0.0595,84,5,"unknown",0,"chr9:g.17135074G>A","predicted passenger",117,"FALSE","SNV","+","CNTLN","ts","CT","ACG","CT_ACG","AACGC","CT_AACGC","-",0.0595238095238095,"M",0.42,-0.0787153,2,2,0,-0.478047296804644,0.283446712018141,0,0.283446712018141,0.283446712018141,0.0933694201531238,0.635551109114129,"subclonal"]
["G13376","RUSC2","missense","chr9",35560733,"G","A","p.A1366T",0.1111,18,2,"unknown",0,"chr9:g.35560733G>A","predicted passenger",27,"FALSE","SNV","+","RUSC2","ts","CT","GCG","CT_GCG","AGCGG","CT_AGCGG","-",0.111111111111111,"M",0.42,0.0324004,2,2,0,-0.584962500721156,0.529100529100529,1,0.529100529100529,0.529100529100529,0.0654819793541166,1.65295446956511,"clonal"]
["G13376","MAP4K2","missense","chr11",64569928,"C","A","p.E91D",0.1111,18,2,"unknown",0,"chr11:g.64569928C>A","predicted passenger",27,"FALSE","SNV","-","MAP4K2","ts","CA","ACT","CA_ACT","AACTC","CA_AACTC","+",0.111111111111111,"M",0.42,0.142647,2,2,0,-0.584962500721156,0.529100529100529,1,0.529100529100529,0.529100529100529,0.0654819793541166,1.65295446956511,"clonal"]
["G13376","DACT1","missense","chr14",59105241,"C","A","p.N107K",0.1,20,2,"unknown",0,"chr14:g.59105241C>A","predicted passenger",26,"FALSE","SNV","+","DACT1","nt","CA","ACA","CA_ACA","AACAT","CA_AACAT","+",0.1,"M",0.42,-0.00431376,2,2,0,-0.37851162325373,0.476190476190476,0,0.476190476190476,0.476190476190476,0.0588025103347372,1.50944149532896,"clonal"]
["G13376","GOLGA8M","missense","chr15",28951794,"G","A","p.R215W",0.0581,86,5,"unknown",0,"chr15:g.28951794G>A","predicted passenger",98,"FALSE","SNV","-","GOLGA8M","nt","CT","GCG","CT_GCG","TGCGG","CT_TGCGG","-",0.0581395348837209,"M",0.42,-0.0199567,2,2,0,-0.18844508941311,0.276854928017719,0,0.276854928017719,0.276854928017719,0.0911669550165472,0.62135228192809,"subclonal"]
["G13376","ARHGAP23","missense","chr17",36622429,"C","A","p.L169M",0.1333,15,2,"unknown",0,"chr17:g.36622429C>A","predicted passenger",18,"FALSE","SNV","+","ARHGAP23","nt","CA","CCT","CA_CCT","ACCTG","CA_ACCTG","+",0.133333333333333,"M",0.42,0.123881,2,2,0,-0.263034405833794,0.634920634920635,1,0.634920634920635,0.634920634920635,0.0789329211432554,1.92667950763511,"clonal"]
["G13376","ZNRF4","missense","chr19",5455948,"G","C","p.R149P",0.0547,128,7,"unknown",0,"chr19:g.5455948G>C","predicted passenger",138,"FALSE","SNV","+","ZNRF4","ts","CG","TCG","CG_TCG","GTCGC","CG_GTCGC","-",0.0546875,"M",0.42,0.242717,3,3,0,-0.108524456778169,0.315104166666667,0,0.315104166666667,0.315104166666667,0.128301173476225,0.630537059036147,"subclonal"]
["G13376","ZNF831","missense","chr20",57769799,"C","A","p.A1242E",0.1667,12,2,"unknown",0,"chr20:g.57769799C>A","predicted passenger",27,"FALSE","SNV","+","ZNF831","nt","CA","GCG","CA_GCG","GGCGC","CA_GGCGC","+",0.166666666666667,"M",0.42,0.0618147,2,2,0,-1.16992500144231,0.793650793650794,1,0.793650793650794,0.793650793650794,0.0993453593337733,2.30541785088556,"clonal"]
["G13376","RTL6","missense","chr22",44892731,"C","A","p.A236S",0.1429,14,2,"unknown",0,"chr22:g.44892731C>A","predicted passenger",18,"FALSE","SNV","-","LDOC1L","ts","CA","GCT","CA_GCT","TGCTC","CA_TGCTC","+",0.142857142857143,"M",0.42,0.172151,2,2,0,-0.362570079384708,0.680272108843537,1,0.680272108843537,0.680272108843537,0.0847357880151978,2.03871029004619,"clonal"]
["G13376","TKTL1","missense","chrX",153539188,"T","C","p.Y118H",0.1111,18,2,"unknown",0,"chrX:g.153539188T>C","predicted passenger",16,"FALSE","SNV","+","TKTL1","nt","TC","CTA","TC_CTA","GCTAC","TC_GCTAC","+",0.111111111111111,"M",0.42,-0.53282,1,1,0,0.169925001442312,0.264550264550265,0,0.264550264550265,0.264550264550265,0.0517307636897521,1.30583403095643,"clonal"]
["G13373","TAF1B","missense","chr2",10051679,"C","A","p.N391K",0.0505050505050505,104,5,"known",0,"chr2:g.10051679C>A","predicted passenger",120,"FALSE","SNV","+","TAF1B","nt","CA","ACA","CA_ACA","AACAA","CA_AACAA","+",0.0480769230769231,"M",0.22,0.234897,3,3,0,-0.206450877467426,0.48513986013986,0,0.48513986013986,0.48513986013986,0.15936015864476,1.096235596514,"clonal"]
["G13373","PCLO","missense","chr7",82784471,"A","G","p.S496P",0.046242774566474,181,8,"known",0,"chr7:g.82784471A>G","predicted passenger",252,"FALSE","SNV","-","PCLO","nt","TC","CTC","TC_CTC","GCTCA","TC_GCTCA","-",0.0441988950276243,"M",0.22,-0.298097,1,1,0,-0.477434036416711,0.357609241587142,0,0.357609241587142,0.357609241587142,0.155930597442629,0.689583574595574,"subclonal"]
["G13373","SLC35G6","missense","chr17",7385682,"G","A","p.A127T",0.028,214,6,"known",0,"chr17:g.7385682G>A","predicted passenger",255,"FALSE","SNV","NA","NA","NA","CT","GCG","CT_GCG","AGCGG","CT_AGCGG","-",0.0280373831775701,"M",0.22,0.158284,2,2,0,-0.252886450457711,0.254885301614274,0,0.254885301614274,0.254885301614274,0.0941571256763652,0.545669535160051,"subclonal"]
["G13373","L1TD1","missense","chr1",62673300,"G","A","p.E334K",0.1,110,11,"known",0,"chr1:g.62673300G>A","predicted passenger",125,"FALSE","SNV","+","L1TD1","ts","CT","TCT","CT_TCT","TTCTT","CT_TTCTT","-",0.1,"M",0.22,-0.147268,2,2,0,-0.184424571137427,0.909090909090909,1,0.909090909090909,0.909090909090909,0.463506088519741,1.56259510249809,"clonal"]
["G13373","MIA3","missense","chr1",222838942,"C","A","p.A1902D",0.087,23,2,"known",0,"chr1:g.222838942C>A","predicted passenger",38,"FALSE","SNV","+","MIA3","nt","CA","GCT","CA_GCT","GGCTT","CA_GGCTT","+",0.0869565217391304,"M",0.22,-0.142883,2,2,0,-0.724365557386573,0.790513833992095,1,0.790513833992095,0.790513833992095,0.0973633276170535,2.54890305372192,"clonal"]
["G13373","CENPO","missense","chr2",25039674,"G","A","p.V252M",0.0513,39,2,"known",0,"chr2:g.25039674G>A","predicted passenger",28,"FALSE","SNV","+","CENPO","ts","CT","ACG","CT_ACG","CACGG","CT_CACGG","-",0.0512820512820513,"M",0.22,0.272351,3,3,0,0.478047296804644,0.517482517482518,1,0.517482517482518,0.517482517482518,0.0632899002383305,1.74819733931548,"clonal"]
["G13373","CNTNAP5","missense","chr2",124979372,"T","C","p.L58P",0.0603,116,7,"known",0,"chr2:g.124979372T>C","predicted passenger",141,"FALSE","SNV","+","CNTNAP5","nt","TC","CTC","TC_CTC","ACTCA","TC_ACTCA","+",0.0603448275862069,"M",0.22,-0.058483,2,2,0,-0.281570357271221,0.54858934169279,1,0.54858934169279,0.54858934169279,0.223667465890676,1.09440790580699,"clonal"]
["G13373","PNMA2","missense","chr8",26366267,"G","A","p.A2V",0.125,24,3,"known",0,"chr8:g.26366267G>A","predicted passenger",29,"FALSE","SNV","-","PNMA2","nt","CT","GCG","CT_GCG","GGCGC","CT_GGCGC","-",0.125,"M",0.22,0.218325,3,3,0,-0.273018494406416,1.26136363636364,1,1.26136363636364,1,0.268007633043058,3.26553279626913,"clonal"]
["G13373","KCNB2","missense","chr8",73849557,"G","A","p.R656K",0.0814,86,7,"known",0,"chr8:g.73849557G>A","predicted passenger",105,"FALSE","SNV","+","KCNB2","ts","CT","TCT","CT_TCT","CTCTG","CT_CTCTG","-",0.0813953488372093,"M",0.22,0.0373584,2,2,0,-0.287980762964025,0.739957716701903,1,0.739957716701903,0.739957716701903,0.303203900274326,1.45945155757347,"clonal"]
["G13373","FOXB2","missense","chr9",79635261,"G","A","p.A231T",0.0682,44,3,"known",0,"chr9:g.79635261G>A","predicted passenger",73,"FALSE","SNV","+","FOXB2","ts","CT","GCG","CT_GCG","CGCGG","CT_CGCGG","-",0.0681818181818182,"M",0.22,-0.0527273,2,2,0,-0.73039294024272,0.619834710743802,1,0.619834710743802,0.619834710743802,0.129887894790685,1.69601827338202,"clonal"]
["G13373","DCDC1","missense","chr11",31312208,"C","T","p.E316K",0.0638,47,3,"known",0,"chr11:g.31312208C>T","predicted passenger",65,"FALSE","SNV","-","DCDC1","ts","CT","TCT","CT_TCT","TTCTT","CT_TTCTT","+",0.0638297872340425,"M",0.22,-0.0952074,2,2,0,-0.467778961350817,0.58027079303675,1,0.58027079303675,0.58027079303675,0.121470631793227,1.5944766364811,"clonal"]
["G13373","INPPL1","nonsense","chr11",71940256,"C","A","p.S214*",0.0667,30,2,"known",1,"chr11:g.71940256C>A","predicted driver: tier 1",50,"TRUE","SNV","+","INPPL1","nt","CA","TCA","CA_TCA","CTCAT","CA_CTCAT","+",0.0666666666666667,"M",0.22,0.165287,2,2,0,-0.736965594166206,0.606060606060606,1,0.606060606060606,0.606060606060606,0.0743466769150574,2.00668546839056,"clonal"]
["G13373","C11orf63","nonsense","chr11",122805168,"C","A","p.S340*",0.0588,51,3,"known",0,"chr11:g.122805168C>A","predicted passenger",63,"FALSE","SNV","+","C11orf63","nt","CA","TCA","CA_TCA","ATCAA","CA_ATCAA","+",0.0588235294117647,"M",0.22,-0.0826263,2,2,0,-0.304854581528421,0.53475935828877,1,0.53475935828877,0.53475935828877,0.111809893229455,1.47656561883682,"clonal"]
["G13373","HECTD4","missense","chr12",112647837,"C","T","p.V2471M",0.0769,65,5,"known",0,"chr12:g.112647837C>T","predicted passenger",92,"FALSE","SNV","-","HECTD4","ts","CT","ACG","CT_ACG","CACGG","CT_CACGG","+",0.0769230769230769,"M",0.22,0.389227,3,3,0,-0.501194143028558,0.776223776223776,1,0.776223776223776,0.776223776223776,0.256798167192161,1.72005893129734,"clonal"]
["G13373","HS3ST3A1","missense","chr17",13399540,"C","A","p.G399W",0.1333,15,2,"known",0,"chr17:g.13399540C>A","predicted passenger",29,"FALSE","SNV","-","HS3ST3A1","ts","CA","CCG","CA_CCG","CCCGG","CA_CCCGG","+",0.133333333333333,"M",0.22,-0.212785,2,2,0,-0.951090399519053,1.21212121212121,1,1.21212121212121,1,0.150690122182579,3.67820633275793,"clonal"]
["G13373","SLC8A2","missense","chr19",47969386,"C","T","p.R92H",0.0357,196,7,"known",0,"chr19:g.47969386C>T","predicted passenger",242,"FALSE","SNV","-","SLC8A2","ts","CT","ACG","CT_ACG","AACGG","CT_AACGG","+",0.0357142857142857,"M",0.22,0.354421,3,3,0,-0.304153393159386,0.36038961038961,0,0.36038961038961,0.36038961038961,0.146090429547855,0.728542280094627,"subclonal"]
["G13373","SLC35G6","missense","chr17",7385436,"C","A","p.L45M",0.0364,110,4,"known",0,"chr17:g.7385436C>A","predicted passenger",117,"FALSE","SNV","NA","NA","NA","CA","GCT","CA_GCT","TGCTG","CA_TGCTG","+",0.0363636363636364,"M",0.22,0.158284,2,2,0,-0.0890050060587449,0.330578512396694,0,0.330578512396694,0.330578512396694,0.0908654940373102,0.82265499968365,"subclonal"]
["G13373","MAGEE1","missense","chrX",75650235,"T","G","p.L638V",0.0894,123,11,"known",0,"chrX:g.75650235T>G","predicted passenger",155,"FALSE","SNV","+","MAGEE1","nt","TG","CTT","TG_CTT","ACTTA","TG_ACTTA","+",0.0894308943089431,"M",0.22,-0.0277146,2,2,0,-0.333609899934998,0.495934959349593,0,0.495934959349593,0.495934959349593,0.413566974417312,1.40348207679743,"clonal"]
["G13373","ANKRD36C","missense","chr2",96517893,"T","C","p.M1734V",0.023,261,6,"known",0,"chr2:g.96517893T>C","predicted passenger",348,"FALSE","SNV","-","ANKRD36C","ts","TC","ATC","TC_ATC","CATCT","TC_CATCT","+",0.0229885057471264,"M",0.22,-0.058483,2,2,0,-0.415037499278844,0.208986415882968,0,0.208986415882968,0.208986415882968,0.0771093944433731,0.448747007064285,"subclonal"]
["G13373","ADAM29","missense","chr4",175898936,"G","T","p.V754L",0.0113,265,3,"known",0,"chr4:g.175898936G>T","predicted passenger",341,"FALSE","SNV","NA","NA","NA","CA","ACC","CA_ACC","CACCT","CA_CACCT","-",0.0113207547169811,"M",0.22,-0.134307,2,2,0,-0.363779379573611,0.102915951972556,0,0.102915951972556,0.102915951972556,0.0212793106847018,0.297506762147335,"subclonal"]
["G13373","PCLO","missense","chr7",82784468,"C","T","p.A497T",0.0274725274725275,194,5,"known",0,"chr7:g.82784468C>T","predicted passenger",261,"FALSE","SNV","-","PCLO","ts","CT","GCT","CT_GCT","TGCTG","CT_TGCTG","+",0.0257731958762887,"M",0.22,-0.298097,1,1,0,-0.427993154382757,0.208528584817245,0,0.208528584817245,0.208528584817245,0.0681278717517009,0.478319545757778,"subclonal"]
["G13373","REXO5","missense","chr16",20856146,"C","A","p.Q639K",0.0335570469798658,154,5,"known",0,"chr16:g.20856146C>A","predicted passenger",123,"FALSE","SNV","NA","NA","NA","CA","GCA","CA_GCA","AGCAG","CA_AGCAG","+",0.0324675324675325,"M",0.22,0.380971,3,3,0,0.324272035355661,0.327626918536009,0,0.327626918536009,0.327626918536009,0.107211622213538,0.74813536641377,"subclonal"]
["G13373","SLC35G6","missense","chr17",7385751,"G","A","p.E150K",0.0246,244,6,"known",0,"chr17:g.7385751G>A","predicted passenger",281,"FALSE","SNV","NA","NA","NA","CT","TCA","CT_TCA","CTCAA","CT_CTCAA","-",0.0245901639344262,"M",0.22,0.158284,2,2,0,-0.20368898265804,0.22354694485842,0,0.22354694485842,0.22354694485842,0.0825130227071221,0.479557274023858,"subclonal"]
["G13373","ABCB6","missense","chr2",220082887,"C","A","p.S170I",0.0363636363636364,57,2,"unknown",0,"chr2:g.220082887C>A","predicted passenger",71,"FALSE","SNV","NA","NA","NA","CA","GCT","CA_GCT","GGCTG","CA_GGCTG","+",0.0350877192982456,"M",0.22,0.0146792,2,2,0,-0.31685710533994,0.318979266347687,0,0.318979266347687,0.318979266347687,0.0388899540048343,1.10064239269274,"clonal"]
["G13373","TLR6","missense","chr4",38830984,"G","T","p.D37E",0.0320855614973262,193,6,"unknown",0,"chr4:g.38830984G>T","predicted passenger",228,"FALSE","SNV","NA","NA","NA","CA","ACA","CA_ACA","GACAA","CA_GACAA","-",0.0310880829015544,"M",0.22,-0.0726058,2,2,0,-0.240432976896661,0.282618935468676,0,0.282618935468676,0.282618935468676,0.104477825589964,0.603949558096556,"subclonal"]
["G13373","AJAP1","missense","chr1",4772666,"A","C","p.I246L",0.0851,47,4,"unknown",0,"chr1:g.4772666A>C","predicted passenger",60,"FALSE","SNV","+","AJAP1","ts","TG","ATC","TG_ATC","GATCC","TG_GATCC","-",0.0851063829787234,"M",0.22,-0.0711155,2,2,0,-0.352301743930881,0.773694390715667,1,0.773694390715667,0.773694390715667,0.215246291853616,1.85266087647758,"clonal"]
["G13373","C1orf127","missense","chr1",11008744,"G","A","p.P483L",0.125,16,2,"unknown",0,"chr1:g.11008744G>A","predicted passenger",23,"FALSE","SNV","-","C1orf127","nt","CT","CCC","CT_CCC","CCCCT","CT_CCCCT","-",0.125,"M",0.22,0.216823,3,3,0,-0.523561956057013,1.26136363636364,1,1.26136363636364,1,0.156546365773722,3.86962384456984,"clonal"]
["G13373","LCE1E","nonsense","chr1",152760129,"C","A",".",0.1333,15,2,"unknown",0,"chr1:g.152760129C>A","predicted passenger",19,"FALSE","SNV","+","LCE1E","nt","CA","GCT","CA_GCT","TGCTG","CA_TGCTG","+",0.133333333333333,"M",0.22,-0.304077,1,1,0,-0.341036917835067,1.07878787878788,1,1.07878787878788,1,0.134114208742495,3.27360363615456,"clonal"]
["G13373","ADORA1","missense","chr1",203134492,"C","A","p.L149M",0.1579,19,3,"unknown",0,"chr1:g.203134492C>A","predicted passenger",29,"FALSE","SNV","+","ADORA1","nt","CA","TCT","CA_TCT","ATCTG","CA_ATCTG","+",0.157894736842105,"M",0.22,0.0861179,2,2,0,-0.610053481683987,1.43540669856459,1,1.43540669856459,1,0.307511354561497,3.59804137515158,"clonal"]
["G13373","LRP1B","missense","chr2",142567964,"T","C","p.Q30R",0.0549,91,5,"unknown",1,"chr2:g.142567964T>C","predicted passenger",113,"FALSE","SNV","-","LRP1B","ts","TC","CTG","TC_CTG","ACTGC","TC_ACTGC","+",0.0549450549450549,"M",0.22,-0.058483,2,2,0,-0.312384322216491,0.4995004995005,0,0.4995004995005,0.4995004995005,0.164353877336172,1.12346433925807,"clonal"]
["G13373","PIKFYVE","missense","chr2",209190989,"C","A","p.L1152M",0.125,24,3,"unknown",0,"chr2:g.209190989C>A","predicted passenger",55,"FALSE","SNV","+","PIKFYVE","nt","CA","GCT","CA_GCT","TGCTG","CA_TGCTG","+",0.125,"M",0.22,-0.414087,1,1,0,-1.1963972128035,1.01136363636364,1,1.01136363636364,1,0.21488900307056,2.61831007989147,"clonal"]
["G13373","SP140","missense","chr2",231112703,"A","T","p.E272V",0.051,98,5,"unknown",0,"chr2:g.231112703A>T","predicted passenger",148,"FALSE","SNV","+","SP140","ts","TA","CTC","TA_CTC","CCTCC","TA_CCTCC","-",0.0510204081632653,"M",0.22,0.0146792,2,2,0,-0.594743521513742,0.463821892393321,0,0.463821892393321,0.463821892393321,0.152467417918001,1.04598545391383,"clonal"]
["G13373","TATDN2","missense","chr3",10312686,"C","A","p.P607Q",0.1111,18,2,"unknown",0,"chr3:g.10312686C>A","predicted passenger",29,"FALSE","SNV","NA","NA","NA","CA","CCA","CA_CCA","CCCAG","CA_CCCAG","+",0.111111111111111,"M",0.22,0.156103,2,2,0,-0.68805599368526,1.01010101010101,1,1.01010101010101,1,0.125011051494223,3.15564035098793,"clonal"]
["G13373","TRANK1","missense","chr3",36896893,"T","A","p.Q1396H",0.12,75,9,"unknown",0,"chr3:g.36896893T>A","predicted passenger",83,"FALSE","SNV","-","TRANK1","ts","TA","CTT","TA_CTT","TCTTG","TA_TCTTG","+",0.12,"M",0.22,7.77234E-3,2,2,0,-0.146220740851044,1.09090909090909,1,1.09090909090909,1,0.512420765684727,1.96011930469626,"clonal"]
["G13373","COL7A1","missense","chr3",48621974,"C","T","p.V1355I",0.0947,95,9,"unknown",0,"chr3:g.48621974C>T","predicted passenger",158,"FALSE","SNV","-","COL7A1","ts","CT","ACT","CT_ACT","GACTT","CT_GACTT","+",0.0947368421052632,"M",0.22,-0.0530333,2,2,0,-0.733925139846155,0.861244019138756,1,0.861244019138756,0.861244019138756,0.402191902994368,1.56577001198233,"clonal"]
["G13373","BSN","missense","chr3",49695606,"C","A","p.H2873N",0.1053,19,2,"unknown",0,"chr3:g.49695606C>A","predicted passenger",25,"FALSE","SNV","+","BSN","nt","CA","GCA","CA_GCA","AGCAC","CA_AGCAC","+",0.105263157894737,"M",0.22,-0.136332,2,2,0,-0.395928676331139,0.956937799043062,1,0.956937799043062,0.956937799043062,0.118292403379795,3.01251513142515,"clonal"]
["G13373","ZBBX","missense","chr3",167000250,"A","C","p.F677C",0.1053,57,6,"unknown",0,"chr3:g.167000250A>C","predicted passenger",75,"FALSE","SNV","-","ZBBX","nt","TG","TTT","TG_TTT","TTTTC","TG_TTTTC","-",0.105263157894737,"M",0.22,-0.183502,2,2,0,-0.395928676331139,0.956937799043062,1,0.956937799043062,0.956937799043062,0.36019578045528,1.95603277092821,"clonal"]
["G13373","EVC","missense","chr4",5803722,"G","A","p.A784T",0.0714,196,14,"unknown",0,"chr4:g.5803722G>A","predicted passenger",234,"FALSE","SNV","NA","NA","NA","CT","GCG","CT_GCG","AGCGC","CT_AGCGC","-",0.0714285714285714,"M",0.22,-0.0726058,2,2,0,-0.255654875468196,0.649350649350649,1,0.649350649350649,0.649350649350649,0.359987161417755,1.06310546296114,"clonal"]
["G13373","LIFR","missense","chr5",38493839,"A","C","p.L645R",0.038,158,6,"unknown",1,"chr5:g.38493839A>C","predicted passenger",198,"FALSE","SNV","-","LIFR","nt","TG","CTC","TG_CTC","CCTCA","TG_CCTCA","-",0.0379746835443038,"M",0.22,-0.136293,2,2,0,-0.325575871902507,0.345224395857307,0,0.345224395857307,0.345224395857307,0.127831055689097,0.734725855367457,"subclonal"]
["G13373","GPRIN1","missense","chr5",176024492,"C","A","p.A782S",0.1053,19,2,"unknown",0,"chr5:g.176024492C>A","predicted passenger",25,"FALSE","SNV","-","GPRIN1","ts","CA","GCG","CA_GCG","TGCGG","CA_TGCGG","+",0.105263157894737,"M",0.22,-0.0335117,2,2,0,-0.395928676331139,0.956937799043062,1,0.956937799043062,0.956937799043062,0.118292403379795,3.01251513142515,"clonal"]
["G13373","BACH2","missense","chr6",90660716,"C","A","p.C370F",0.1053,19,2,"unknown",0,"chr6:g.90660716C>A","predicted passenger",28,"FALSE","SNV","NA","NA","NA","CA","GCA","CA_GCA","GGCAG","CA_GGCAG","+",0.105263157894737,"M",0.22,-0.122368,2,2,0,-0.559427408614019,0.956937799043062,1,0.956937799043062,0.956937799043062,0.118292403379795,3.01251513142515,"clonal"]
["G13373","ARID1B","missense","chr6",157100049,"C","G","p.A329G",0.1176,17,2,"unknown",1,"chr6:g.157100049C>G","predicted passenger",34,"FALSE","SNV","+","ARID1B","nt","CG","GCA","CG_GCA","AGCAG","CG_AGCAG","+",0.117647058823529,"M",0.22,-0.122368,2,2,0,-1,1.06951871657754,1,1.06951871657754,1,0.13253924400275,3.31281056455682,"clonal"]
["G13373","NRG1","missense","chr8",32621708,"A","G","p.S576G",0.0444,248,11,"unknown",1,"chr8:g.32621708A>G","predicted passenger",309,"FALSE","SNV","+","NRG1","ts","TC","CTG","TC_CTG","ACTGC","TC_ACTGC","-",0.0443548387096774,"M",0.22,0.218325,3,3,0,-0.317266717517499,0.44758064516129,0,0.44758064516129,0.44758064516129,0.225498386835452,0.786845961431772,"subclonal"]
["G13373","PARP10","missense","chr8",145057225,"G","T","p.Q811K",0.0549,91,5,"unknown",0,"chr8:g.145057225G>T","predicted passenger",93,"FALSE","SNV","-","PARP10","nt","CA","GCA","CA_GCA","GGCAG","CA_GGCAG","-",0.0549450549450549,"M",0.22,0.132161,2,2,0,-0.0313641709093351,0.4995004995005,0,0.4995004995005,0.4995004995005,0.164353877336172,1.12346433925807,"clonal"]
["G13373","SNAPC4","missense","chr9",139273177,"C","A","p.K1034N",0.1667,12,2,"unknown",0,"chr9:g.139273177C>A","predicted passenger",16,"FALSE","SNV","-","SNAPC4","ts","CA","GCT","CA_GCT","TGCTT","CA_TGCTT","+",0.166666666666667,"M",0.22,-0.0358824,2,2,0,-0.415037499278844,1.51515151515152,2,0.757575757575758,0.757575757575758,0.0948296611822381,2.20062613039076,"clonal"]
["G13373","SFRP5","missense","chr10",99527589,"C","A","p.K212N",0.1333,15,2,"unknown",0,"chr10:g.99527589C>A","predicted passenger",17,"FALSE","SNV","-","SFRP5","ts","CA","TCT","CA_TCT","ATCTT","CA_ATCTT","+",0.133333333333333,"M",0.22,-0.00625726,2,2,0,-0.180572245641821,1.21212121212121,1,1.21212121212121,1,0.150690122182579,3.67820633275793,"clonal"]
["G13373","CHRNA10","missense","chr11",3688990,"C","A","p.D123Y",0.1579,19,3,"unknown",0,"chr11:g.3688990C>A","predicted passenger",32,"FALSE","SNV","-","CHRNA10","ts","CA","TCG","CA_TCG","GTCGG","CA_GTCGG","+",0.157894736842105,"M",0.22,-0.0952074,2,2,0,-0.752072486556414,1.43540669856459,1,1.43540669856459,1,0.307511354561497,3.59804137515158,"clonal"]
["G13373","CEP295","missense","chr11",93429888,"C","A","p.L604I",0.0755,53,4,"unknown",0,"chr11:g.93429888C>A","predicted passenger",68,"FALSE","SNV","+","KIAA1731","nt","CA","ACT","CA_ACT","TACTT","CA_TACTT","+",0.0754716981132075,"M",0.22,-0.0826263,2,2,0,-0.35954238668714,0.686106346483705,1,0.686106346483705,0.686106346483705,0.190418467627682,1.65552578531691,"clonal"]
["G13373","HTR3A","missense","chr11",113857709,"A","C","p.Q398P",0.069,87,6,"unknown",0,"chr11:g.113857709A>C","predicted passenger",114,"FALSE","SNV","+","HTR3A","ts","TG","CTG","TG_CTG","ACTGC","TG_ACTGC","-",0.0689655172413793,"M",0.22,-0.0826263,2,2,0,-0.389946518316013,0.626959247648903,1,0.626959247648903,0.626959247648903,0.233892383925421,1.3098781260169,"clonal"]
["G13373","DSCAML1","missense","chr11",117299205,"C","A","p.A2061S",0.1111,18,2,"unknown",0,"chr11:g.117299205C>A","predicted passenger",26,"FALSE","SNV","-","DSCAML1","ts","CA","GCG","CA_GCG","AGCGC","CA_AGCGC","+",0.111111111111111,"M",0.22,-0.0826263,2,2,0,-0.53051471669878,1.01010101010101,1,1.01010101010101,1,0.125011051494223,3.15564035098793,"clonal"]
["G13373","ADAMTS8","missense","chr11",130284444,"C","A","p.E516D",0.1176,17,2,"unknown",0,"chr11:g.130284444C>A","predicted passenger",39,"FALSE","SNV","-","ADAMTS8","ts","CA","CCT","CA_CCT","TCCTC","CA_TCCTC","+",0.117647058823529,"M",0.22,-0.0826263,2,2,0,-1.19793937761191,1.06951871657754,1,1.06951871657754,1,0.13253924400275,3.31281056455682,"clonal"]
["G13373","OPCML","missense","chr11",132306572,"A","C","p.W256G",0.0632,95,6,"unknown",0,"chr11:g.132306572A>C","predicted driver: tier 1",107,"TRUE","SNV","-","OPCML","nt","TG","GTG","TG_GTG","AGTGG","TG_AGTGG","-",0.0631578947368421,"M",0.22,-0.0826263,2,2,0,-0.171611378070199,0.574162679425837,1,0.574162679425837,0.574162679425837,0.213894416220965,1.20375221353102,"clonal"]
["G13373","SLC6A13","missense","chr12",344288,"A","T","p.Y267N",0.0667,135,9,"unknown",0,"chr12:g.344288A>T","predicted passenger",131,"FALSE","SNV","-","SLC6A13","nt","TA","GTA","TA_GTA","TGTAC","TA_TGTAC","-",0.0666666666666667,"M",0.22,0.0644882,2,2,0,0.0433925955133807,0.606060606060606,1,0.606060606060606,0.606060606060606,0.281228063671395,1.11619469358079,"clonal"]
["G13373","LRRK2","missense","chr12",40707912,"G","C","p.E1559Q",0.0717,251,18,"unknown",0,"chr12:g.40707912G>C","predicted passenger",311,"FALSE","SNV","+","LRRK2","ts","CG","TCT","CG_TCT","TTCTC","CG_TTCTC","-",0.0717131474103586,"M",0.22,-0.107502,2,2,0,-0.30922721617983,0.651937703730533,1,0.651937703730533,0.651937703730533,0.391390641937905,1.0088298333197,"clonal"]
["G13373","MGAT4C","missense","chr12",86373518,"T","G","p.D329A",0.0659,167,11,"unknown",0,"chr12:g.86373518T>G","predicted passenger",173,"FALSE","SNV","-","MGAT4C","ts","TG","ATC","TG_ATC","AATCA","TG_AATCA","+",0.0658682634730539,"M",0.22,-0.183777,2,2,0,-0.0509239351626724,0.598802395209581,1,0.598802395209581,0.598802395209581,0.303064733954605,1.04362504931971,"clonal"]
["G13373","ZAR1L","missense","chr13",32885722,"C","A","p.S114I",0.125,16,2,"unknown",0,"chr13:g.32885722C>A","predicted passenger",21,"FALSE","SNV","-","ZAR1L","ts","CA","GCT","CA_GCT","AGCTG","CA_AGCTG","+",0.125,"M",0.22,-0.221367,2,2,0,-0.39231742277876,1.13636363636364,1,1.13636363636364,1,0.141032761958308,3.48614760772058,"clonal"]
["G13373","CEP170B","missense","chr14",105353664,"G","A","p.A1030T",0.0769,91,7,"unknown",0,"chr14:g.105353664G>A","predicted passenger",112,"FALSE","SNV","+","CEP170B","ts","CT","GCT","CT_GCT","GGCTG","CT_GGCTG","-",0.0769230769230769,"M",0.22,-0.0604323,2,2,0,-0.299560281858908,0.699300699300699,1,0.699300699300699,0.699300699300699,0.286238392630701,1.38261385965485,"clonal"]
["G13373","EPB42","missense","chr15",43498556,"C","A","p.K560N",0.1176,17,2,"unknown",0,"chr15:g.43498556C>A","predicted passenger",32,"FALSE","SNV","-","EPB42","ts","CA","GCT","CA_GCT","AGCTT","CA_AGCTT","+",0.117647058823529,"M",0.22,0.201023,3,3,0,-0.912537158749661,1.18716577540107,1,1.18716577540107,1,0.147118560843053,3.67721972665807,"clonal"]
["G13373","SLC25A11","missense","chr17",4841880,"C","T","p.R158H",0.1053,152,16,"unknown",0,"chr17:g.4841880C>T","predicted passenger",202,"FALSE","SNV","-","SLC25A11","ts","CT","GCG","CT_GCG","GGCGC","CT_GGCGC","+",0.105263157894737,"M",0.22,0.158284,2,2,0,-0.410283969308209,0.956937799043062,1,0.956937799043062,0.956937799043062,0.557956323469509,1.50280573234358,"clonal"]
["G13373","KCNH6","missense","chr17",61611575,"G","A","p.R335H",0.0876,137,12,"unknown",0,"chr17:g.61611575G>A","predicted passenger",145,"FALSE","SNV","+","KCNH6","ts","CT","GCG","CT_GCG","GGCGG","CT_GGCGG","-",0.0875912408759124,"M",0.22,0.58318,3,3,0,-0.0818770070544078,0.883875248838753,1,0.883875248838753,0.883875248838753,0.46500077872062,1.49351142866491,"clonal"]
["G13373","ANKRD30B","missense","chr18",14851707,"C","A","p.T1136K",0.069,87,6,"unknown",0,"chr18:g.14851707C>A","predicted passenger",125,"FALSE","SNV","+","ANKRD30B","nt","CA","ACA","CA_ACA","AACAG","CA_AACAG","+",0.0689655172413793,"M",0.22,-0.0586055,2,2,0,-0.522840788813359,0.626959247648903,1,0.626959247648903,0.626959247648903,0.233892383925421,1.3098781260169,"clonal"]
["G13373","TMPRSS9","missense","chr19",2424237,"C","A","p.A866E",0.125,16,2,"unknown",0,"chr19:g.2424237C>A","predicted passenger",22,"FALSE","SNV","+","TMPRSS9","nt","CA","GCG","CA_GCG","GGCGG","CA_GGCGG","+",0.125,"M",0.22,0.188211,2,2,0,-0.459431618637297,1.13636363636364,1,1.13636363636364,1,0.141032761958308,3.48614760772058,"clonal"]
["G13373","HPN","missense","chr19",35550881,"C","A","p.L132M",0.1053,19,2,"unknown",0,"chr19:g.35550881C>A","predicted passenger",31,"FALSE","SNV","NA","NA","NA","CA","GCT","CA_GCT","TGCTG","CA_TGCTG","+",0.105263157894737,"M",0.22,0.354421,3,3,0,-0.70626879694329,1.0622009569378,1,1.0622009569378,1,0.131304567751573,3.34389179588191,"clonal"]
["G13373","SPTBN4","missense","chr19",41003417,"C","G","p.S230R",0.0519,77,4,"unknown",0,"chr19:g.41003417C>G","predicted passenger",130,"FALSE","SNV","+","SPTBN4","nt","CG","GCA","CG_GCA","AGCAA","CG_AGCAA","+",0.051948051948052,"M",0.22,0.354421,3,3,0,-0.755581272333553,0.524203069657615,1,0.524203069657615,0.524203069657615,0.144638187902471,1.2885950014995,"clonal"]
["G13373","VN1R4","missense","chr19",53770380,"C","T","p.R180H",0.102,49,5,"unknown",0,"chr19:g.53770380C>T","predicted passenger",52,"FALSE","SNV","-","VN1R4","ts","CT","ACG","CT_ACG","CACGC","CT_CACGC","+",0.102040816326531,"M",0.22,0.354421,3,3,0,-0.085729874025884,1.02968460111317,1,1.02968460111317,1,0.342805386656281,2.2429739352156,"clonal"]
["G13373","RIMS4","missense","chr20",43438833,"A","T","p.F27Y",0.1522,92,14,"unknown",0,"chr20:g.43438833A>T","predicted passenger",107,"FALSE","SNV","-","RIMS4","nt","TA","TTC","TA_TTC","CTTCG","TA_CTTCG","-",0.152173913043478,"M",0.22,0.0956261,2,2,0,-0.217905030344134,1.38339920948617,1,1.38339920948617,1,0.779704897285344,2.20111890958056,"clonal"]
["G13373","ARSF","missense","chrX",3030575,"G","A","p.R584Q",0.1176,17,2,"unknown",0,"chrX:g.3030575G>A","predicted passenger",29,"FALSE","SNV","+","ARSF","ts","CT","CCG","CT_CCG","CCCGA","CT_CCCGA","-",0.117647058823529,"M",0.22,-0.306762,1,1,0,-0.770518153877233,0.53475935828877,1,0.53475935828877,0.53475935828877,0.117959927162448,2.94840140245557,"clonal"]
["G13373","AR","missense","chrX",66942709,"A","C","p.E830D",0.188,133,25,"unknown",1,"chrX:g.66942709A>C","predicted passenger",147,"TRUE","SNV","+","AR","ts","TG","GTT","TG_GTT","AGTTC","TG_AGTTC","-",0.18796992481203,"M",0.22,-0.0277146,2,2,0,-0.144389909335175,1.04237867395762,1,1.04237867395762,1,1.14084897219182,2.40772336082235,"clonal"]
["G13373","KIAA2022","missense","chrX",73963128,"T","G","p.K422Q",0.1477,88,13,"unknown",0,"chrX:g.73963128T>G","predicted passenger",95,"FALSE","SNV","-","KIAA2022","ts","TG","TTA","TG_TTA","CTTAA","TG_CTTAA","+",0.147727272727273,"M",0.22,-0.0277146,2,2,0,-0.110423989693651,0.819214876033058,1,0.819214876033058,0.819214876033058,0.73700375473166,2.17601962623407,"clonal"]
["G13373","NRK","missense","chrX",105190006,"A","C","p.K1402T",0.2308,52,12,"unknown",0,"chrX:g.105190006A>C","predicted passenger",65,"FALSE","SNV","+","NRK","ts","TG","CTT","TG_CTT","CCTTG","TG_CCTTG","-",0.230769230769231,"M",0.22,-0.0277146,2,2,0,-0.321928094887362,1.27972027972028,1,1.27972027972028,1,1.13923734195666,3.34911610583758,"clonal"]
["G13373","RBMXL3","missense","chrX",114424624,"C","T","p.A207V",0.1613,31,5,"unknown",0,"chrX:g.114424624C>T","predicted passenger",20,"FALSE","SNV","NA","NA","NA","CT","GCT","CT_GCT","GGCTG","CT_GGCTG","+",0.161290322580645,"M",0.22,-0.0277146,2,2,0,0.632268215499513,0.894428152492669,1,0.894428152492669,0.894428152492669,0.495675692864396,3.06610531793799,"clonal"]
["G13373","DCAF15","missense","chr19",14070706,"A","G","p.E480G",0.0645161290322581,83,4,"unknown",0,"chr19:g.14070706A>G","predicted passenger",97,"FALSE","SNV","+","DCAF15","ts","TC","CTC","TC_CTC","CCTCC","TC_CCTCC","-",0.0481927710843374,"M",0.22,0.446777,3,3,0,-0.224873410840203,0.486308871851041,0,0.486308871851041,0.486308871851041,0.13405851515461,1.19898584656255,"clonal"]
["G13373","VPS13D","missense","chr1",12416055,"G","A","p.R3260Q",0.0515,97,5,"unknown",0,"chr1:g.12416055G>A","predicted passenger",113,"FALSE","SNV","+","VPS13D","ts","CT","CCG","CT_CCG","GCCGA","CT_GCCGA","-",0.0515463917525773,"M",0.22,0.216823,3,3,0,-0.22026612022806,0.520149953139644,1,0.520149953139644,0.520149953139644,0.171005609922319,1.17259697086478,"clonal"]
["G13373","SLC4A4","missense","chr4",72433505,"T","G","p.S1060R",0.05,80,4,"unknown",0,"chr4:g.72433505T>G","predicted passenger",72,"FALSE","SNV","+","SLC4A4","nt","TG","GTC","TG_GTC","AGTCC","TG_AGTCC","+",0.05,"M",0.22,-0.111821,2,2,0,0.15200309344505,0.454545454545455,0,0.454545454545455,0.454545454545455,0.125358127058744,1.11907942221048,"clonal"]
["G13373","DNAH8","missense","chr6",38828344,"A","C","p.I2012L",0.0216,139,3,"unknown",0,"chr6:g.38828344A>C","predicted passenger",161,"FALSE","SNV","+","DNAH8","ts","TG","ATA","TG_ATA","AATAA","TG_AATAA","-",0.0215827338129496,"M",0.22,-0.159382,2,2,0,-0.21197580539111,0.196206671026815,0,0.196206671026815,0.196206671026815,0.0406653390654398,0.561610559350319,"subclonal"]
["G13373","THBS2","missense","chr6",169641889,"C","T","p.V287M",0.0536,56,3,"unknown",0,"chr6:g.169641889C>T","predicted passenger",77,"FALSE","SNV","-","THBS2","ts","CT","ACG","CT_ACG","CACGA","CT_CACGA","+",0.0535714285714286,"M",0.22,-0.122368,2,2,0,-0.459431618637297,0.487012987012987,0,0.487012987012987,0.487012987012987,0.101699734856132,1.35158591770174,"clonal"]
["G13373","ZNF679","missense","chr7",63726732,"A","G","p.R241G",0.0288,104,3,"unknown",0,"chr7:g.63726732A>G","predicted passenger",155,"FALSE","SNV","+","ZNF679","ts","TC","CTG","TC_CTG","TCTGT","TC_TCTGT","-",0.0288461538461538,"M",0.22,-0.0222286,2,2,0,-0.575684687133145,0.262237762237762,0,0.262237762237762,0.262237762237762,0.0544430816169253,0.745375235382919,"subclonal"]
["G13373","RNF122","missense","chr8",33408900,"G","A","p.R64W",0.0234,171,4,"unknown",0,"chr8:g.33408900G>A","predicted passenger",181,"FALSE","SNV","-","RNF122","nt","CT","GCG","CT_GCG","TGCGG","CT_TGCGG","-",0.0233918128654971,"M",0.22,0.218325,3,3,0,-0.0819933721973075,0.236044657097289,0,0.236044657097289,0.236044657097289,0.0646769353066204,0.593414204331353,"subclonal"]
["G13373","RIMS2","missense","chr8",104897723,"G","A","p.R299K",0.028,107,3,"unknown",0,"chr8:g.104897723G>A","predicted passenger",110,"FALSE","SNV","+","RIMS2","ts","CT","TCT","CT_TCT","TTCTC","CT_TTCTC","-",0.0280373831775701,"M",0.22,-0.12327,2,2,0,-0.0398927271235126,0.254885301614274,0,0.254885301614274,0.254885301614274,0.0529066253773353,0.72504232574912,"subclonal"]
["G13373","WDFY2","missense","chr13",52330547,"A","G","p.E338G",0.0202,99,2,"unknown",0,"chr13:g.52330547A>G","predicted passenger",170,"FALSE","SNV","+","WDFY2","ts","TC","CTC","TC_CTC","ACTCG","TC_ACTCG","-",0.0202020202020202,"M",0.22,-0.221367,2,2,0,-0.780034316058092,0.183654729109275,0,0.183654729109275,0.183654729109275,0.0223271890320703,0.64614656783525,"subclonal"]
["G13373","RBL2","missense","chr16",53496538,"C","A","p.Q511K",0.0218978102189781,141,3,"unknown",0,"chr16:g.53496538C>A","predicted passenger",133,"FALSE","SNV","+","RBL2","nt","CA","ACA","CA_ACA","AACAA","CA_AACAA","+",0.0212765957446809,"M",0.22,-0.304886,1,1,0,0.0842689168976039,0.172147001934236,0,0.172147001934236,0.172147001934236,0.0356762422144949,0.492888970639202,"subclonal"]
["G13373","SLC9B1","missense","chr4",103911019,"G","T","p.T50K",0.0163934426229508,248,4,"unknown",0,"chr4:g.103911019G>T","predicted passenger",248,"FALSE","SNV","-","SLC9B1","nt","CA","ACA","CA_ACA","GACAA","CA_GACAA","-",0.0161290322580645,"M",0.22,-0.134307,2,2,0,0,0.146627565982405,0,0.146627565982405,0.146627565982405,0.0401059624075515,0.370723016332464,"subclonal"]
["G13373","GRIA2","missense","chr4",158284068,"G","A","p.E842K",0.0339,118,4,"unknown",0,"chr4:g.158284068G>A","predicted passenger",136,"FALSE","SNV","+","GRIA2","ts","CT","TCG","CT_TCG","CTCGG","CT_CTCGG","-",0.0338983050847458,"M",0.22,-0.134307,2,2,0,-0.204819791888498,0.308166409861325,0,0.308166409861325,0.308166409861325,0.0846542268144673,0.768368320866277,"subclonal"]
["G13373","FAM162B","missense","chr6",117073795,"C","T","p.E152K",0.0336,119,4,"unknown",0,"chr6:g.117073795C>T","predicted passenger",157,"FALSE","SNV","-","FAM162B","ts","CT","TCT","CT_TCT","TTCTT","CT_TTCTT","+",0.0336134453781513,"M",0.22,-0.122368,2,2,0,-0.399802985583683,0.305576776165011,0,0.305576776165011,0.305576776165011,0.0839370222422481,0.762081902268228,"subclonal"]
["G13373","ZNRF4","missense","chr19",5455948,"G","C","p.R149P",0.0235,85,2,"unknown",0,"chr19:g.5455948G>C","predicted passenger",138,"FALSE","SNV","+","ZNRF4","ts","CG","TCG","CG_TCG","GTCGC","CG_GTCGC","-",0.0235294117647059,"M",0.22,0.41537,3,3,0,-0.699133520640467,0.237433155080214,0,0.237433155080214,0.237433155080214,0.0288835312093636,0.831730512172992,"subclonal"]
["G13374","TAF1B","missense","chr2",10051679,"C","A","p.N391K",0.0571428571428571,111,6,"known",0,"chr2:g.10051679C>A","predicted passenger",120,"FALSE","SNV","+","TAF1B","nt","CA","ACA","CA_ACA","AACAA","CA_AACAA","+",0.0540540540540541,"M",0.34,-0.200441,2,2,0,-0.112474729258412,0.317965023847377,0,0.317965023847377,0.317965023847377,0.11819211355568,0.670261692379656,"subclonal"]
["G13374","PCLO","missense","chr7",82784471,"A","G","p.S496P",0.029535864978903,245,7,"known",0,"chr7:g.82784471A>G","predicted passenger",252,"FALSE","SNV","-","PCLO","nt","TC","CTC","TC_CTC","GCTCA","TC_GCTCA","-",0.0285714285714286,"M",0.34,0.138977,2,2,0,-0.0406419844973459,0.168067226890756,0,0.168067226890756,0.168067226890756,0.0680162805803308,0.341055757012046,"subclonal"]
["G13374","SLC35G6","missense","chr17",7385682,"G","A","p.A127T",0.0439,228,10,"known",0,"chr17:g.7385682G>A","predicted passenger",255,"FALSE","SNV","NA","NA","NA","CT","GCG","CT_GCG","AGCGG","CT_AGCGG","-",0.043859649122807,"M",0.34,-0.178304,2,2,0,-0.161463422694116,0.257997936016512,0,0.257997936016512,0.257997936016512,0.124881345224666,0.465755338219754,"subclonal"]
["G13374","L1TD1","missense","chr1",62673300,"G","A","p.E334K",0.103448275862069,128,12,"known",0,"chr1:g.62673300G>A","predicted passenger",125,"FALSE","SNV","+","L1TD1","ts","CT","TCT","CT_TCT","TTCTT","CT_TTCTT","-",0.09375,"M",0.34,0.0783119,2,2,0,0.034215715337913,0.551470588235294,1,0.551470588235294,0.551470588235294,0.290502917443156,0.929625685446088,"subclonal"]
["G13374","SLC8A2","missense","chr19",47969386,"C","T","p.R92H",0.0212,189,4,"known",0,"chr19:g.47969386C>T","predicted passenger",242,"FALSE","SNV","-","SLC8A2","ts","CT","ACG","CT_ACG","AACGG","CT_AACGG","+",0.0211640211640212,"M",0.34,-0.0909135,2,2,0,-0.356620813053522,0.124494242141301,0,0.124494242141301,0.124494242141301,0.0340934111581971,0.313524221992569,"subclonal"]
["G13374","C6orf222","missense","chr6",36287380,"C","A","p.R559L",0.05,60,3,"known",0,"chr6:g.36287380C>A","predicted passenger",70,"FALSE","SNV","-","C6orf222","ts","CA","GCG","CA_GCG","GGCGC","CA_GGCGC","+",0.05,"M",0.34,-0.130793,2,2,0,-0.222392421336448,0.294117647058824,0,0.294117647058824,0.294117647058824,0.0613666449667543,0.819077921888663,"subclonal"]
["G13374","LATS1","missense","chr6",149997715,"C","A","p.A918S",0.0517,58,3,"known",1,"chr6:g.149997715C>A","predicted driver: tier 1",84,"TRUE","SNV","-","LATS1","ts","CA","GCA","CA_GCA","TGCAA","CA_TGCAA","+",0.0517241379310345,"M",0.34,-0.240355,2,2,0,-0.534336427651188,0.304259634888438,0,0.304259634888438,0.304259634888438,0.0635086946134985,0.845909572207909,"subclonal"]
["G13374","PAX5","missense","chr9",37020754,"G","A","p.R31W",0.0667,90,6,"known",1,"chr9:g.37020754G>A","predicted driver: tier 1",93,"TRUE","SNV","-","PAX5","nt","CT","ACG","CT_ACG","GACGG","CT_GACGG","-",0.0666666666666667,"M",0.34,-0.187042,2,2,0,-0.0473057147783566,0.392156862745098,0,0.392156862745098,0.392156862745098,0.146215683994323,0.820445291087039,"subclonal"]
["G13374","ERC1","missense","chr12",1289715,"C","A","p.L583I",0.0513,39,2,"known",1,"chr12:g.1289715C>A","predicted passenger",57,"TRUE","SNV","+","ERC1","nt","CA","TCT","CA_TCT","ATCTT","CA_ATCTT","+",0.0512820512820513,"M",0.34,-7.73553E-3,2,2,0,-0.547487795302493,0.301659125188537,0,0.301659125188537,0.301659125188537,0.0368939535040612,1.0190869492565,"clonal"]
["G13374","SLC35G6","missense","chr17",7385436,"C","A","p.L45M",0.0244,123,3,"known",0,"chr17:g.7385436C>A","predicted passenger",117,"FALSE","SNV","NA","NA","NA","CA","GCT","CA_GCT","TGCTG","CA_TGCTG","+",0.024390243902439,"M",0.34,-0.178304,2,2,0,0.0721497857558354,0.143472022955524,0,0.143472022955524,0.143472022955524,0.0297551601047839,0.409556038116765,"subclonal"]
["G13374","MAGEE1","missense","chrX",75650235,"T","G","p.L638V",0.0458,153,7,"known",0,"chrX:g.75650235T>G","predicted passenger",155,"FALSE","SNV","+","MAGEE1","nt","TG","CTT","TG_CTT","ACTTA","TG_ACTTA","+",0.0457516339869281,"M",0.34,-0.349511,1,1,0,-0.0187365625815858,0.134563629373318,0,0.134563629373318,0.134563629373318,0.0907615492537492,0.449138109506412,"subclonal"]
["G13374","ANKRD36C","missense","chr2",96517893,"T","C","p.M1734V",0.0490463215258856,385,18,"known",0,"chr2:g.96517893T>C","predicted passenger",348,"FALSE","SNV","-","ANKRD36C","ts","TC","ATC","TC_ATC","CATCT","TC_CATCT","+",0.0467532467532468,"M",0.34,0.0480213,2,2,0,0.145771139733535,0.27501909854851,0,0.27501909854851,0.27501909854851,0.164358417968646,0.428739252414678,"subclonal"]
["G13374","ANAPC1","missense","chr2",112542959,"G","T","p.A1632D",0.0833,24,2,"known",0,"chr2:g.112542959G>T","predicted passenger",23,"FALSE","SNV","-","ANAPC1","nt","CA","GCC","CA_GCC","TGCCC","CA_TGCCC","-",0.0833333333333333,"M",0.34,0.0480213,2,2,0,0.0614005446641433,0.490196078431372,0,0.490196078431372,0.490196078431372,0.0603314193014715,1.58807530328002,"clonal"]
["G13374","REXO5","missense","chr16",20856146,"C","A","p.Q639K",0.0588235294117647,144,8,"known",0,"chr16:g.20856146C>A","predicted passenger",123,"FALSE","SNV","NA","NA","NA","CA","GCA","CA_GCA","AGCAG","CA_AGCAG","+",0.0555555555555556,"M",0.34,-0.104289,2,2,0,0.227410496103072,0.326797385620915,0,0.326797385620915,0.326797385620915,0.142865665705176,0.626652607852061,"subclonal"]
["G13374","SLC35G6","missense","chr17",7385751,"G","A","p.E150K",0.0206,243,5,"known",0,"chr17:g.7385751G>A","predicted passenger",281,"FALSE","SNV","NA","NA","NA","CT","TCA","CT_TCA","CTCAA","CT_CTCAA","-",0.0205761316872428,"M",0.34,-0.178304,2,2,0,-0.209613816615145,0.121036068748487,0,0.121036068748487,0.121036068748487,0.0394939139104258,0.278599637896208,"subclonal"]
["G13374","COL7A1","missense","chr3",48621974,"C","T","p.V1355I",0.0161,124,2,"unknown",0,"chr3:g.48621974C>T","predicted passenger",158,"FALSE","SNV","-","COL7A1","ts","CT","ACT","CT_ACT","GACTT","CT_GACTT","+",0.0161290322580645,"M",0.34,-0.00694925,2,2,0,-0.349584437790228,0.094876660341556,0,0.094876660341556,0.094876660341556,0.0115253185701008,0.335582189050867,"subclonal"]
["G13374","EVC","missense","chr4",5803722,"G","A","p.A784T",0.0214,234,5,"unknown",0,"chr4:g.5803722G>A","predicted passenger",234,"FALSE","SNV","NA","NA","NA","CT","GCG","CT_GCG","AGCGC","CT_AGCGC","-",0.0213675213675214,"M",0.34,0.0313851,2,2,0,0,0.12569130216189,0,0.12569130216189,0.12569130216189,0.0410207218723879,0.289161626231465,"subclonal"]
["G13374","NRG1","missense","chr8",32621708,"A","G","p.S576G",0.00862068965517241,351,3,"unknown",1,"chr8:g.32621708A>G","predicted passenger",309,"FALSE","SNV","+","NRG1","ts","TC","CTG","TC_CTG","ACTGC","TC_ACTGC","-",0.00854700854700855,"M",0.34,-0.120355,2,2,0,0.183864192400186,0.0502765208647562,0,0.0502765208647562,0.0502765208647562,0.0103886990287589,0.14572654951013,"subclonal"]
["G13374","ANKRD30B","missense","chr18",14851707,"C","A","p.T1136K",0.0166666666666667,122,2,"unknown",0,"chr18:g.14851707C>A","predicted passenger",125,"FALSE","SNV","+","ANKRD30B","nt","CA","ACA","CA_ACA","AACAG","CA_AACAG","+",0.0163934426229508,"M",0.34,0.340621,3,3,0,-0.0350469470992008,0.112825458052073,0,0.112825458052073,0.112825458052073,0.0137063746769882,0.39892993077622,"subclonal"]
["G13374","AR","missense","chrX",66942709,"A","C","p.E830D",0.0682,132,9,"unknown",1,"chrX:g.66942709A>C","predicted passenger",147,"TRUE","SNV","+","AR","ts","TG","GTT","TG_GTT","AGTTC","TG_AGTTC","-",0.0681818181818182,"M",0.34,-0.349511,1,1,0,-0.155278225477911,0.200534759358289,0,0.200534759358289,0.200534759358289,0.154521288184871,0.612660053126012,"subclonal"]
["G13374","KIAA2022","missense","chrX",73963128,"T","G","p.K422Q",0.026,77,2,"unknown",0,"chrX:g.73963128T>G","predicted passenger",95,"FALSE","SNV","-","KIAA2022","ts","TG","TTA","TG_TTA","CTTAA","TG_CTTAA","+",0.025974025974026,"M",0.34,-0.349511,1,1,0,-0.303069067636047,0.0763941940412529,0,0.0763941940412529,0.0763941940412529,0.0154340955824302,0.442815521984899,"subclonal"]
["G13374","GLB1L","missense","chr2",220108036,"C","A","p.A25S",0.1304,23,3,"unknown",0,"chr2:g.220108036C>A","predicted passenger",31,"FALSE","SNV","-","GLB1L","ts","CA","GCC","CA_GCC","TGCCT","CA_TGCCT","+",0.130434782608696,"M",0.34,0.0189467,2,2,0,-0.430634354329862,0.767263427109974,1,0.767263427109974,0.767263427109974,0.163244161310548,1.97581845610071,"clonal"]
["G13374","HNRNPDL","missense","chr4",83347616,"C","A","p.G398C",0.1176,17,2,"unknown",0,"chr4:g.83347616C>A","predicted driver: tier 1",17,"TRUE","SNV","-","HNRNPDL","ts","CA","CCA","CA_CCA","ACCAC","CA_ACCAC","+",0.117647058823529,"M",0.34,-0.0796416,2,2,0,0,0.692041522491349,1,0.692041522491349,0.692041522491349,0.0857606872958971,2.14358330647794,"clonal"]
["G13374","FOXC1","missense","chr6",1611429,"G","A","p.S250N",0.0531,245,13,"unknown",0,"chr6:g.1611429G>A","predicted passenger",253,"FALSE","SNV","+","FOXC1","ts","CT","GCT","CT_GCT","CGCTG","CT_CGCTG","-",0.0530612244897959,"M",0.34,0.22784,3,3,0,-0.0463556356917396,0.365186074429772,0,0.365186074429772,0.365186074429772,0.1965043605659,0.612716816531316,"subclonal"]
["G13374","ATG2A","missense","chr11",64665390,"C","A","p.V1639L",0.1333,15,2,"unknown",0,"chr11:g.64665390C>A","predicted passenger",18,"FALSE","SNV","-","ATG2A","ts","CA","ACG","CA_ACG","TACGC","CA_TACGC","+",0.133333333333333,"M",0.34,-0.120744,2,2,0,-0.263034405833794,0.784313725490196,1,0.784313725490196,0.784313725490196,0.0975053731769626,2.38001586237278,"clonal"]
["G13374","NPIPB6","missense","chr16",28354365,"G","A","p.L281F",0.2,20,4,"unknown",0,"chr16:g.28354365G>A","predicted passenger",18,"FALSE","SNV","-","NPIPB6","nt","CT","CCT","CT_CCT","GCCTC","CT_GCCTC","-",0.2,"M",0.34,-0.104289,2,2,0,0.15200309344505,1.17647058823529,1,1.17647058823529,1,0.337258806176663,2.56831766468628,"clonal"]
["G13374","APOBR","missense","chr16",28507069,"C","A","p.T236N",0.1,20,2,"unknown",0,"chr16:g.28507069C>A","predicted passenger",22,"FALSE","SNV","+","APOBR","nt","CA","ACT","CA_ACT","AACTG","CA_AACTG","+",0.1,"M",0.34,-0.104289,2,2,0,-0.137503523749935,0.588235294117647,1,0.588235294117647,0.588235294117647,0.0726383951193813,1.86460420011225,"clonal"]
["G13374","GPR179","missense","chr17",36486033,"T","C","p.K1140R",0.125,16,2,"unknown",0,"chr17:g.36486033T>C","predicted passenger",19,"FALSE","SNV","-","GPR179","ts","TC","CTT","TC_CTT","GCTTA","TC_GCTTA","+",0.125,"M",0.34,0.00817564,2,2,0,-0.247927513443586,0.735294117647059,1,0.735294117647059,0.735294117647059,0.0912564930318465,2.25574256970155,"clonal"]
["G13374","DCAF15","missense","chr19",14070706,"A","G","p.E480G",0.1045,67,7,"unknown",0,"chr19:g.14070706A>G","predicted passenger",97,"FALSE","SNV","+","DCAF15","ts","TC","CTC","TC_CTC","CCTCC","TC_CCTCC","-",0.104477611940299,"M",0.34,-0.226912,2,2,0,-0.533823651729355,0.614574187884109,1,0.614574187884109,0.614574187884109,0.253231637758637,1.19699532079912,"clonal"]
["G13374","FFAR2","missense","chr19",35940628,"C","A","p.D4E",0.12,25,3,"unknown",0,"chr19:g.35940628C>A","predicted passenger",22,"FALSE","SNV","+","FFAR2","nt","CA","ACT","CA_ACT","GACTG","CA_GACTG","+",0.12,"M",0.34,-0.0909135,2,2,0,0.184424571137428,0.705882352941176,1,0.705882352941176,0.705882352941176,0.149796450869019,1.83641357227197,"clonal"]
["G13374","SIRT2","missense","chr19",39371356,"C","A","p.R282L",0.1429,14,2,"unknown",0,"chr19:g.39371356C>A","predicted passenger",13,"FALSE","SNV","-","SIRT2","ts","CA","GCG","CA_GCG","GGCGA","CA_GGCGA","+",0.142857142857143,"M",0.34,-0.0909135,2,2,0,0.106915203916512,0.840336134453781,1,0.840336134453781,0.840336134453781,0.104673620489362,2.51840682888058,"clonal"]
["G13374","TTC28","missense","chr22",28504339,"C","A","p.K498N",0.1176,17,2,"unknown",0,"chr22:g.28504339C>A","predicted passenger",24,"FALSE","SNV","-","TTC28","ts","CA","TCT","CA_TCT","GTCTT","CA_GTCTT","+",0.117647058823529,"M",0.34,0.0386951,2,2,0,-0.497499659470817,0.692041522491349,1,0.692041522491349,0.692041522491349,0.0857606872958971,2.14358330647794,"clonal"]
["G13374","HEATR5B","missense","chr2",37276985,"C","A","p.G836V",0.0666666666666667,32,2,"unknown",0,"chr2:g.37276985C>A","predicted passenger",34,"FALSE","SNV","-","HEATR5B","ts","CA","GCC","CA_GCC","AGCCC","CA_AGCCC","+",0.0625,"M",0.34,-0.12471,2,2,0,-0.0874628412503394,0.367647058823529,0,0.367647058823529,0.367647058823529,0.0450631549791552,1.22393782291181,"clonal"]
["G13374","SLC4A4","missense","chr4",72433505,"T","G","p.S1060R",0.0194,103,2,"unknown",0,"chr4:g.72433505T>G","predicted passenger",72,"FALSE","SNV","+","SLC4A4","nt","TG","GTC","TG_GTC","AGTCC","TG_AGTCC","+",0.0194174757281553,"M",0.34,0.135738,2,2,0,0.516575525740906,0.114220445459737,0,0.114220445459737,0.114220445459737,0.0138838702182861,0.402270187649299,"subclonal"]
["G13374","DNAH8","missense","chr6",38828344,"A","C","p.I2012L",0.0123,162,2,"unknown",0,"chr6:g.38828344A>C","predicted passenger",161,"FALSE","SNV","+","DNAH8","ts","TG","ATA","TG_ATA","AATAA","TG_AATAA","-",0.0123456790123457,"M",0.34,-0.130793,2,2,0,8.9331247700076E-3,0.0726216412490922,0,0.0726216412490922,0.0726216412490922,0.00881547971329099,0.258137922660901,"subclonal"]
["G13374","ARID1B","missense","chr6",157528795,"C","A","p.Q2174K",0.0208,96,2,"unknown",1,"chr6:g.157528795C>A","predicted driver: tier 1",83,"TRUE","SNV","+","ARID1B","nt","CA","GCA","CA_GCA","AGCAG","CA_AGCAG","+",0.0208333333333333,"M",0.34,-0.0949467,2,2,0,0.209923069374231,0.122549019607843,0,0.122549019607843,0.122549019607843,0.0149002752304984,0.430804887029339,"subclonal"]
["G13374","THBS2","missense","chr6",169641889,"C","T","p.V287M",0.027,74,2,"unknown",0,"chr6:g.169641889C>T","predicted passenger",77,"FALSE","SNV","-","THBS2","ts","CT","ACG","CT_ACG","CACGA","CT_CACGA","+",0.027027027027027,"M",0.34,0.0771202,2,2,0,-0.0573331750659516,0.158982511923688,0,0.158982511923688,0.158982511923688,0.0193530748123919,0.554378467555996,"subclonal"]
["G13374","RBL2","missense","chr16",53496538,"C","A","p.Q511K",0.0510948905109489,147,7,"unknown",0,"chr16:g.53496538C>A","predicted passenger",133,"FALSE","SNV","+","RBL2","nt","CA","ACA","CA_ACA","AACAA","CA_AACAA","+",0.0476190476190476,"M",0.34,0.055364,2,2,0,0.144389909335175,0.280112044817927,0,0.280112044817927,0.280112044817927,0.113864340668233,0.562652295488498,"subclonal"]
["G13374","ZNRF4","missense","chr19",5455948,"G","C","p.R149P",0.0149253731343284,136,2,"unknown",0,"chr19:g.5455948G>C","predicted passenger",138,"FALSE","SNV","+","ZNRF4","ts","CG","TCG","CG_TCG","GTCGC","CG_GTCGC","-",0.0147058823529412,"M",0.34,-0.131555,2,2,0,-0.0210616155278296,0.0865051903114187,0,0.0865051903114187,0.0865051903114187,0.010505522431078,0.306541313909929,"subclonal"]
["G13375","TAF1B","missense","chr2",10051679,"C","A","p.N391K",0.0736842105263158,102,7,"known",0,"chr2:g.10051679C>A","predicted passenger",120,"FALSE","SNV","+","TAF1B","nt","CA","ACA","CA_ACA","AACAA","CA_AACAA","+",0.0686274509803922,"M",0.49,0.00383962,2,2,0,-0.234465253637023,0.280112044817927,0,0.280112044817927,0.280112044817927,0.114429651524026,0.556314274207023,"subclonal"]
["G13375","PCLO","missense","chr7",82784471,"A","G","p.S496P",0.0416666666666667,202,8,"known",0,"chr7:g.82784471A>G","predicted passenger",252,"FALSE","SNV","-","PCLO","nt","TC","CTC","TC_CTC","GCTCA","TC_GCTCA","-",0.0396039603960396,"M",0.49,-0.0620036,2,2,0,-0.319068440748122,0.161648817943019,0,0.161648817943019,0.161648817943019,0.0704111634572573,0.312414640154684,"subclonal"]
["G13375","SLC35G6","missense","chr17",7385682,"G","A","p.A127T",0.0487,226,11,"known",0,"chr17:g.7385682G>A","predicted passenger",255,"FALSE","SNV","NA","NA","NA","CT","GCG","CT_GCG","AGCGG","CT_AGCGG","-",0.0486725663716814,"M",0.49,-0.0454823,2,2,0,-0.17417447444367,0.198663536210945,0,0.198663536210945,0.198663536210945,0.10018103777048,0.348646059031382,"subclonal"]
["G13375","L1TD1","missense","chr1",62673300,"G","A","p.E334K",0.0845,142,12,"known",0,"chr1:g.62673300G>A","predicted passenger",125,"FALSE","SNV","+","L1TD1","ts","CT","TCT","CT_TCT","TTCTT","CT_TTCTT","-",0.0845070422535211,"M",0.49,-0.0148998,2,2,0,0.183962834842595,0.344926703075596,0,0.344926703075596,0.344926703075596,0.181345672849945,0.583525988346999,"subclonal"]
["G13375","CNTNAP5","missense","chr2",124979372,"T","C","p.L58P",0.0714,84,6,"known",0,"chr2:g.124979372T>C","predicted passenger",141,"FALSE","SNV","+","CNTNAP5","nt","TC","CTC","TC_CTC","ACTCA","TC_ACTCA","+",0.0714285714285714,"M",0.49,0.00923031,2,2,0,-0.747233929620033,0.291545189504373,0,0.291545189504373,0.291545189504373,0.108828587885048,0.608213504654711,"subclonal"]
["G13375","KCNB2","missense","chr8",73849557,"G","A","p.R656K",0.0583,120,7,"known",0,"chr8:g.73849557G>A","predicted passenger",105,"FALSE","SNV","+","KCNB2","ts","CT","TCT","CT_TCT","CTCTG","CT_CTCTG","-",0.0583333333333333,"M",0.49,0.101952,2,2,0,0.192645077942396,0.238095238095238,0,0.238095238095238,0.238095238095238,0.0970286685327309,0.475503590390264,"subclonal"]
["G13375","HECTD4","missense","chr12",112647837,"C","T","p.V2471M",0.0256,78,2,"known",0,"chr12:g.112647837C>T","predicted passenger",92,"FALSE","SNV","-","HECTD4","ts","CT","ACG","CT_ACG","CACGG","CT_CACGG","+",0.0256410256410256,"M",0.49,0.107205,2,2,0,-0.238159737194765,0.10465724751439,0,0.10465724751439,0.10465724751439,0.0127366223793226,0.365605416923787,"subclonal"]
["G13375","SLC8A2","missense","chr19",47969386,"C","T","p.R92H",0.0638,188,12,"known",0,"chr19:g.47969386C>T","predicted passenger",242,"FALSE","SNV","-","SLC8A2","ts","CT","ACG","CT_ACG","AACGG","CT_AACGG","+",0.0638297872340425,"M",0.49,0.194148,2,2,0,-0.364274385596957,0.260529743812419,0,0.260529743812419,0.260529743812419,0.13638261746896,0.444256117918537,"subclonal"]
["G13375","SLC35G6","missense","chr17",7385436,"C","A","p.L45M",0.0517,116,6,"known",0,"chr17:g.7385436C>A","predicted passenger",117,"FALSE","SNV","NA","NA","NA","CA","GCT","CA_GCT","TGCTG","CA_TGCTG","+",0.0517241379310345,"M",0.49,-0.0454823,2,2,0,-0.0123837244558324,0.211118930330753,0,0.211118930330753,0.211118930330753,0.0784318926784412,0.445652130476022,"subclonal"]
["G13375","RAVER2","missense","chr1",65296529,"C","A","p.S633Y",0.0513,39,2,"known",0,"chr1:g.65296529C>A","predicted passenger",46,"FALSE","SNV","+","RAVER2","nt","CA","TCT","CA_TCT","ATCTT","CA_ATCTT","+",0.0512820512820513,"M",0.49,-0.0148998,2,2,0,-0.238159737194765,0.209314495028781,0,0.209314495028781,0.209314495028781,0.0255998861048588,0.707121556626962,"subclonal"]
["G13375","DSPP","missense","chr4",88537197,"A","G","p.D1128G",0.0825,97,8,"known",0,"chr4:g.88537197A>G","predicted passenger",94,"FALSE","SNV","NA","NA","NA","TC","GTC","TC_GTC","TGTCA","TC_TGTCA","-",0.0824742268041237,"M",0.49,-0.00336633,2,2,0,0.0453239905094903,0.336629497159689,0,0.336629497159689,0.336629497159689,0.148082652327197,0.636949782868024,"subclonal"]
["G13375","IRX4","missense","chr5",1878514,"C","T","p.A377T",0.0755,53,4,"known",0,"chr5:g.1878514C>T","predicted passenger",87,"FALSE","SNV","-","IRX4","ts","CT","GCG","CT_GCG","GGCGG","CT_GGCGG","+",0.0754716981132075,"M",0.49,-0.0333335,2,2,0,-0.715023041285529,0.308047747400847,0,0.308047747400847,0.308047747400847,0.0854940058736531,0.743297291366776,"subclonal"]
["G13375","MCM3","missense","chr6",52146961,"C","A","p.R138L",0.0625,48,3,"known",0,"chr6:g.52146961C>A","predicted driver: tier 1",77,"TRUE","SNV","-","MCM3","ts","CA","ACG","CA_ACG","GACGA","CA_GACGA","+",0.0625,"M",0.49,-0.0327879,2,2,0,-0.681824039973745,0.255102040816327,0,0.255102040816327,0.255102040816327,0.0533846710593986,0.70187726853294,"subclonal"]
["G13375","ZNF407","missense","chr18",72776276,"T","C","p.L2200P",0.05,40,2,"known",0,"chr18:g.72776276T>C","predicted passenger",59,"FALSE","SNV","+","ZNF407","nt","TC","CTG","TC_CTG","CCTGC","TC_CCTGC","+",0.05,"M",0.49,-0.0106468,2,2,0,-0.560714954474479,0.204081632653061,0,0.204081632653061,0.204081632653061,0.0249536595891871,0.690599444732317,"subclonal"]
["G13375","CDC37","missense","chr19",10504107,"C","A","p.R246L",0.0588,34,2,"known",0,"chr19:g.10504107C>A","predicted passenger",27,"FALSE","SNV","-","CDC37","ts","CA","GCG","CA_GCG","GGCGA","CA_GGCGA","+",0.0588235294117647,"M",0.49,0.203856,3,3,0,0.332575339086871,0.298919567827131,0,0.298919567827131,0.298919567827131,0.0366127437208853,0.999929165807313,"clonal"]
["G13375","MAGEE1","missense","chrX",75650235,"T","G","p.L638V",0.1926,135,26,"known",0,"chrX:g.75650235T>G","predicted passenger",155,"FALSE","SNV","+","MAGEE1","nt","TG","CTT","TG_CTT","ACTTA","TG_ACTTA","+",0.192592592592593,"M",0.49,-0.433895,1,1,0,-0.199308808223407,0.393046107331822,0,0.393046107331822,0.393046107331822,0.400100431538494,0.829939707695185,"subclonal"]
["G13375","ANKRD36C","missense","chr2",96517893,"T","C","p.M1734V",0.0802919708029197,297,22,"known",0,"chr2:g.96517893T>C","predicted passenger",348,"FALSE","SNV","-","ANKRD36C","ts","TC","ATC","TC_ATC","CATCT","TC_CATCT","+",0.0740740740740741,"M",0.49,0.00923031,2,2,0,-0.228624375047963,0.302343159486017,0,0.302343159486017,0.302343159486017,0.191843198750994,0.448992397074323,"subclonal"]
["G13375","ANAPC1","missense","chr2",112542959,"G","T","p.A1632D",0.0606,33,2,"known",0,"chr2:g.112542959G>T","predicted passenger",23,"FALSE","SNV","-","ANAPC1","nt","CA","GCC","CA_GCC","TGCCC","CA_TGCCC","-",0.0606060606060606,"M",0.49,0.00923031,2,2,0,0.52083216330144,0.247371675943105,0,0.247371675943105,0.247371675943105,0.0303095418051421,0.825568622556551,"subclonal"]
["G13375","ADAM29","missense","chr4",175898936,"G","T","p.V754L",0.00649350649350649,311,2,"known",0,"chr4:g.175898936G>T","predicted passenger",341,"FALSE","SNV","NA","NA","NA","CA","ACC","CA_ACC","CACCT","CA_CACCT","-",0.00643086816720257,"M",0.49,-0.00336633,2,2,0,-0.13285715889357,0.026248441498786,0,0.026248441498786,0.026248441498786,0.00318268984311007,0.0940252706708905,"subclonal"]
["G13375","PCLO","missense","chr7",82784468,"C","T","p.A497T",0,210,0,"known",0,"chr7:g.82784468C>T","predicted passenger",261,"FALSE","SNV","-","PCLO","ts","CT","GCT","CT_GCT","TGCTG","CT_TGCTG","+",0,"M",0.49,-0.0620036,2,2,0,-0.313660478903762,0,0,0,0,0,0.0710722786443415,"subclonal"]
["G13375","SPATA31A1","missense","chr9",39890330,"C","T","p.P1106L",0.1,22,2,"known",0,"chr9:g.39890330C>T","predicted passenger",11,"FALSE","SNV","+","SPATA31A2","nt","CT","CCT","CT_CCT","CCCTA","CT_CCCTA","+",0.0909090909090909,"M",0.49,0.257771,3,3,0,1,0.461966604823748,0,0.461966604823748,0.461966604823748,0.0569426718370122,1.48186882952917,"clonal"]
["G13375","REXO5","missense","chr16",20856146,"C","A","p.Q639K",0.0307692307692308,134,4,"known",0,"chr16:g.20856146C>A","predicted passenger",123,"FALSE","SNV","NA","NA","NA","CA","GCA","CA_GCA","AGCAG","CA_AGCAG","+",0.0298507462686567,"M",0.49,0.215152,3,3,0,0.123574685118532,0.151690526957051,0,0.151690526957051,0.151690526957051,0.0416288199188857,0.379422004833003,"subclonal"]
["G13375","SLC35G6","missense","chr17",7385751,"G","A","p.E150K",0.0472,233,11,"known",0,"chr17:g.7385751G>A","predicted passenger",281,"FALSE","SNV","NA","NA","NA","CT","TCA","CT_TCA","CTCAA","CT_CTCAA","-",0.0472103004291846,"M",0.49,-0.0454823,2,2,0,-0.270240175566646,0.19269510379259,0,0.19269510379259,0.19269510379259,0.0971413374135869,0.33837013372046,"subclonal"]
["G13375","OGFR","missense","chr20",61444435,"C","A","p.H490N",0.0178571428571429,114,2,"unknown",0,"chr20:g.61444435C>A","predicted passenger",109,"FALSE","SNV","+","OGFR","nt","CA","GCA","CA_GCA","GGCAC","CA_GGCAC","+",0.0175438596491228,"M",0.49,0.0265772,2,2,0,0.0647056893878152,0.0716075904045829,0,0.0716075904045829,0.0716075904045829,0.00870101804476818,0.252810992775106,"subclonal"]
["G13375","AJAP1","missense","chr1",4772666,"A","C","p.I246L",0.0363636363636364,57,2,"unknown",0,"chr1:g.4772666A>C","predicted passenger",60,"FALSE","SNV","+","AJAP1","ts","TG","ATC","TG_ATC","GATCC","TG_GATCC","-",0.0350877192982456,"M",0.49,0.0602173,2,2,0,-0.0740005814437769,0.143215180809166,0,0.143215180809166,0.143215180809166,0.0174607956756399,0.494165972229393,"subclonal"]
["G13375","LRP1B","missense","chr2",142567964,"T","C","p.Q30R",0.0366,82,3,"unknown",1,"chr2:g.142567964T>C","predicted passenger",113,"FALSE","SNV","-","LRP1B","ts","TC","CTG","TC_CTG","ACTGC","TC_ACTGC","+",0.0365853658536585,"M",0.49,0.00923031,2,2,0,-0.462626957797104,0.149328023892484,0,0.149328023892484,0.149328023892484,0.0310582747024267,0.421285802523141,"subclonal"]
["G13375","SP140","missense","chr2",231112703,"A","T","p.E272V",0.0833,84,7,"unknown",0,"chr2:g.231112703A>T","predicted passenger",148,"FALSE","SNV","+","SP140","ts","TA","CTC","TA_CTC","CCTCC","TA_CCTCC","-",0.0833333333333333,"M",0.49,0.00923031,2,2,0,-0.81713594285019,0.340136054421769,0,0.340136054421769,0.340136054421769,0.139438276954965,0.670159511309368,"subclonal"]
["G13375","TRANK1","missense","chr3",36896893,"T","A","p.Q1396H",0.0513,78,4,"unknown",0,"chr3:g.36896893T>A","predicted passenger",83,"FALSE","SNV","-","TRANK1","ts","TA","CTT","TA_CTT","TCTTG","TA_TCTTG","+",0.0512820512820513,"M",0.49,-0.00314166,2,2,0,-0.0896372124846764,0.209314495028781,0,0.209314495028781,0.209314495028781,0.057744615895862,0.514806653788935,"subclonal"]
["G13375","COL7A1","missense","chr3",48621974,"C","T","p.V1355I",0.0275229357798165,112,3,"unknown",0,"chr3:g.48621974C>T","predicted passenger",158,"FALSE","SNV","-","COL7A1","ts","CT","ACT","CT_ACT","GACTT","CT_GACTT","+",0.0267857142857143,"M",0.49,0.00710599,2,2,0,-0.496425826119499,0.10932944606414,0,0.10932944606414,0.10932944606414,0.0226869063879191,0.311372345819446,"subclonal"]
["G13375","EVC","missense","chr4",5803722,"G","A","p.A784T",0.0366,164,6,"unknown",0,"chr4:g.5803722G>A","predicted passenger",234,"FALSE","SNV","NA","NA","NA","CT","GCG","CT_GCG","AGCGC","CT_AGCGC","-",0.0365853658536585,"M",0.49,-0.0185398,2,2,0,-0.512812714965321,0.149328023892484,0,0.149328023892484,0.149328023892484,0.0552754552448704,0.318070679587174,"subclonal"]
["G13375","LIFR","missense","chr5",38493839,"A","C","p.L645R",0.0503,159,8,"unknown",1,"chr5:g.38493839A>C","predicted passenger",198,"FALSE","SNV","-","LIFR","nt","TG","CTC","TG_CTC","CCTCA","TG_CCTCA","-",0.050314465408805,"M",0.49,-0.0333335,2,2,0,-0.316473664795254,0.205365164933898,0,0.205365164933898,0.205365164933898,0.0896716425770285,0.394818541772598,"subclonal"]
["G13375","NRG1","missense","chr8",32621708,"A","G","p.S576G",0.0642,265,17,"unknown",1,"chr8:g.32621708A>G","predicted passenger",309,"FALSE","SNV","+","NRG1","ts","TC","CTG","TC_CTG","ACTGC","TC_ACTGC","-",0.0641509433962264,"M",0.49,0.139785,2,2,0,-0.221614478453813,0.26184058529072,0,0.26184058529072,0.26184058529072,0.154330779470541,0.411129913289772,"subclonal"]
["G13375","PARP10","missense","chr8",145057225,"G","T","p.Q811K",0.0194174757281553,105,2,"unknown",0,"chr8:g.145057225G>T","predicted passenger",93,"FALSE","SNV","-","PARP10","nt","CA","GCA","CA_GCA","GGCAG","CA_GGCAG","-",0.019047619047619,"M",0.49,0.361854,3,3,0,0.175086706558091,0.0967930029154519,0,0.0967930029154519,0.0967930029154519,0.0117646744546671,0.341057639087162,"subclonal"]
["G13375","HTR3A","missense","chr11",113857709,"A","C","p.Q398P",0.05,100,5,"unknown",0,"chr11:g.113857709A>C","predicted passenger",114,"FALSE","SNV","+","HTR3A","ts","TG","CTG","TG_CTG","ACTGC","TG_ACTGC","-",0.05,"M",0.49,-0.0259111,2,2,0,-0.189033824390017,0.204081632653061,0,0.204081632653061,0.204081632653061,0.0670688946206211,0.460550657573317,"subclonal"]
["G13375","OPCML","missense","chr11",132306572,"A","C","p.W256G",0.0476,63,3,"unknown",0,"chr11:g.132306572A>C","predicted driver: tier 1",107,"TRUE","SNV","-","OPCML","nt","TG","GTG","TG_GTG","AGTGG","TG_AGTGG","-",0.0476190476190476,"M",0.49,-0.0259111,2,2,0,-0.764187062901231,0.194363459669582,0,0.194363459669582,0.194363459669582,0.0405304128601359,0.542524084686329,"subclonal"]
["G13375","SLC6A13","missense","chr12",344288,"A","T","p.Y267N",0.0721,111,8,"unknown",0,"chr12:g.344288A>T","predicted passenger",131,"FALSE","SNV","-","SLC6A13","nt","TA","GTA","TA_GTA","TGTAC","TA_TGTAC","-",0.0720720720720721,"M",0.49,0.0406173,2,2,0,-0.239007135187344,0.294171722743151,0,0.294171722743151,0.294171722743151,0.129093119945636,0.559499176335703,"subclonal"]
["G13375","LRRK2","missense","chr12",40707912,"G","C","p.E1559Q",0.0722,263,19,"unknown",0,"chr12:g.40707912G>C","predicted passenger",311,"FALSE","SNV","+","LRRK2","ts","CG","TCT","CG_TCT","TTCTC","CG_TTCTC","-",0.0722433460076046,"M",0.49,0.0273209,2,2,0,-0.2418517808383,0.294870800031039,0,0.294870800031039,0.294870800031039,0.179808347421784,0.451100844890403,"subclonal"]
["G13375","MGAT4C","missense","chr12",86373518,"T","G","p.D329A",0.0199,201,4,"unknown",0,"chr12:g.86373518T>G","predicted passenger",173,"FALSE","SNV","-","MGAT4C","ts","TG","ATC","TG_ATC","AATCA","TG_AATCA","+",0.0199004975124378,"M",0.49,0.0276097,2,2,0,0.216423463542204,0.0812265204589298,0,0.0812265204589298,0.0812265204589298,0.0222375236227738,0.204762058367767,"subclonal"]
["G13375","CEP170B","missense","chr14",105353664,"G","A","p.A1030T",0.0526,95,5,"unknown",0,"chr14:g.105353664G>A","predicted passenger",112,"FALSE","SNV","+","CEP170B","ts","CT","GCT","CT_GCT","GGCTG","CT_GGCTG","-",0.0526315789473684,"M",0.49,0.0860019,2,2,0,-0.237499313726656,0.214822771213749,0,0.214822771213749,0.214822771213749,0.0706443912099591,0.483929750224026,"subclonal"]
["G13375","SLC25A11","missense","chr17",4841880,"C","T","p.R158H",0.0473,148,7,"unknown",0,"chr17:g.4841880C>T","predicted passenger",202,"FALSE","SNV","-","SLC25A11","ts","CT","GCG","CT_GCG","GGCGC","CT_GGCGC","+",0.0472972972972973,"M",0.49,-0.0454823,2,2,0,-0.448758117122845,0.193050193050193,0,0.193050193050193,0.193050193050193,0.0784681600090991,0.38784094695563,"subclonal"]
["G13375","KCNH6","missense","chr17",61611575,"G","A","p.R335H",0.0391,128,5,"unknown",0,"chr17:g.61611575G>A","predicted passenger",145,"FALSE","SNV","+","KCNH6","ts","CT","GCG","CT_GCG","GGCGG","CT_GGCGG","-",0.0390625,"M",0.49,0.163101,2,2,0,-0.179909090014934,0.159438775510204,0,0.159438775510204,0.159438775510204,0.0522578650846695,0.362467046758902,"subclonal"]
["G13375","VN1R4","missense","chr19",53770380,"C","T","p.R180H",0.0416666666666667,50,2,"unknown",0,"chr19:g.53770380C>T","predicted passenger",52,"FALSE","SNV","-","VN1R4","ts","CT","ACG","CT_ACG","CACGC","CT_CACGC","+",0.04,"M",0.49,0.194148,2,2,0,-0.0565835283663674,0.163265306122449,0,0.163265306122449,0.163265306122449,0.0199242180659771,0.559745410628438,"subclonal"]
["G13375","RIMS4","missense","chr20",43438833,"A","T","p.F27Y",0.0274,73,2,"unknown",0,"chr20:g.43438833A>T","predicted passenger",107,"FALSE","SNV","-","RIMS4","nt","TA","TTC","TA_TTC","CTTCG","TA_CTTCG","-",0.0273972602739726,"M",0.49,0.0265772,2,2,0,-0.55164242752113,0.111825552138664,0,0.111825552138664,0.111825552138664,0.0136135873188435,0.389751689133833,"subclonal"]
["G13375","AR","missense","chrX",66942709,"A","C","p.E830D",0.1074,121,13,"unknown",1,"chrX:g.66942709A>C","predicted passenger",147,"TRUE","SNV","+","AR","ts","TG","GTT","TG_GTT","AGTTC","TG_AGTTC","-",0.107438016528926,"M",0.49,-0.433895,1,1,0,-0.28080910756177,0.219261258222297,0,0.219261258222297,0.219261258222297,0.180152617970321,0.544566905405994,"subclonal"]
["G13375","KIAA2022","missense","chrX",73963128,"T","G","p.K422Q",0.1389,72,10,"unknown",0,"chrX:g.73963128T>G","predicted passenger",95,"FALSE","SNV","-","KIAA2022","ts","TG","TTA","TG_TTA","CTTAA","TG_CTTAA","+",0.138888888888889,"M",0.49,-0.433895,1,1,0,-0.399930606888635,0.283446712018141,0,0.283446712018141,0.283446712018141,0.211597864535088,0.741520730774626,"subclonal"]
["G13375","NRK","missense","chrX",105190006,"A","C","p.K1402T",0.1875,64,12,"unknown",0,"chrX:g.105190006A>C","predicted passenger",65,"FALSE","SNV","+","NRK","ts","TG","CTT","TG_CTT","CCTTG","TG_CCTTG","-",0.1875,"M",0.49,-0.433895,1,1,0,-0.0223678130284544,0.38265306122449,0,0.38265306122449,0.38265306122449,0.310675286988172,0.938735794448314,"subclonal"]
["G13375","RBMXL3","missense","chrX",114424624,"C","T","p.A207V",0.0571,35,2,"unknown",0,"chrX:g.114424624C>T","predicted passenger",20,"FALSE","SNV","NA","NA","NA","CT","GCT","CT_GCT","GGCTG","CT_GGCTG","+",0.0571428571428571,"M",0.49,-0.433895,1,1,0,0.807354922057604,0.116618075801749,0,0.116618075801749,0.116618075801749,0.0215614552627497,0.590352701186349,"subclonal"]
["G13375","VPS13D","missense","chr1",12416055,"G","A","p.R3260Q",0.1,80,8,"unknown",0,"chr1:g.12416055G>A","predicted passenger",113,"FALSE","SNV","+","VPS13D","ts","CT","CCG","CT_CCG","GCCGA","CT_GCCGA","-",0.1,"M",0.49,0.0602173,2,2,0,-0.498250867527825,0.408163265306122,0,0.408163265306122,0.408163265306122,0.180289551647466,0.76557186719768,"subclonal"]
["G13375","MACF1","missense","chr1",39889851,"G","A","p.S3372N",0.093,43,4,"unknown",1,"chr1:g.39889851G>A","predicted passenger",60,"FALSE","SNV","+","MACF1","ts","CT","ACT","CT_ACT","TACTG","CT_TACTG","-",0.0930232558139535,"M",0.49,0.0602173,2,2,0,-0.480625840906421,0.3796867584243,0,0.3796867584243,0.3796867584243,0.105842001087035,0.903483450536271,"subclonal"]
["G13375","KDM5B","missense","chr1",202710528,"C","A","p.W971L",0.1333,15,2,"unknown",0,"chr1:g.202710528C>A","predicted passenger",11,"FALSE","SNV","-","KDM5B","ts","CA","CCA","CA_CCA","CCCAG","CA_CCCAG","+",0.133333333333333,"M",0.49,-0.00609608,2,2,0,0.447458976971221,0.54421768707483,1,0.54421768707483,0.54421768707483,0.0676567895513618,1.65143957797295,"clonal"]
["G13375","HEATR5B","missense","chr2",37276985,"C","A","p.G836V",0.1,30,3,"unknown",0,"chr2:g.37276985C>A","predicted passenger",34,"FALSE","SNV","-","HEATR5B","ts","CA","GCC","CA_GCC","AGCCC","CA_AGCCC","+",0.1,"M",0.49,0.00383962,2,2,0,-0.180572245641821,0.408163265306122,0,0.408163265306122,0.408163265306122,0.086192396039684,1.08281000193554,"clonal"]
["G13375","PROM2","missense","chr2",95944891,"A","G","p.R425G",0.1176,17,2,"unknown",0,"chr2:g.95944891A>G","predicted passenger",28,"FALSE","SNV","+","PROM2","ts","TC","CTG","TC_CTG","CCTGT","TC_CCTGT","-",0.117647058823529,"M",0.49,0.00923031,2,2,0,-0.719892080807265,0.480192076830732,0,0.480192076830732,0.480192076830732,0.0595074156747041,1.48738433510714,"clonal"]
["G13375","EPB41L5","missense","chr2",120776838,"C","A","p.P60T",0.1,20,2,"unknown",0,"chr2:g.120776838C>A","predicted passenger",26,"FALSE","SNV","+","EPB41L5","nt","CA","GCC","CA_GCC","TGCCA","CA_TGCCA","+",0.1,"M",0.49,0.00923031,2,2,0,-0.37851162325373,0.408163265306122,0,0.408163265306122,0.408163265306122,0.050402151715489,1.29380699599625,"clonal"]
["G13375","UVSSA","missense","chr4",1343636,"C","A","p.N141K",0.1364,22,3,"unknown",0,"chr4:g.1343636C>A","predicted passenger",19,"FALSE","SNV","+","UVSSA","nt","CA","ACA","CA_ACA","AACAA","CA_AACAA","+",0.136363636363636,"M",0.49,0.10858,2,2,0,0.211504105193712,0.556586270871985,1,0.556586270871985,0.556586270871985,0.118595310729578,1.42498815207105,"clonal"]
["G13375","HTT","missense","chr4",3215860,"C","A","p.A2317D",0.1053,19,2,"unknown",0,"chr4:g.3215860C>A","predicted passenger",21,"FALSE","SNV","+","HTT","nt","CA","GCC","CA_GCC","GGCCG","CA_GGCCG","+",0.105263157894737,"M",0.49,-0.0185398,2,2,0,-0.144389909335175,0.429645542427497,0,0.429645542427497,0.429645542427497,0.0531108749868468,1.35255781410925,"clonal"]
["G13375","SLC4A4","missense","chr4",72433505,"T","G","p.S1060R",0.0641,78,5,"unknown",0,"chr4:g.72433505T>G","predicted passenger",72,"FALSE","SNV","+","SLC4A4","nt","TG","GTC","TG_GTC","AGTCC","TG_AGTCC","+",0.0641025641025641,"M",0.49,-0.00336633,2,2,0,0.115477217419936,0.261643118785976,0,0.261643118785976,0.261643118785976,0.0862845731080057,0.584847331048513,"subclonal"]
["G13375","DNAH8","missense","chr6",38828344,"A","C","p.I2012L",0.0556,144,8,"unknown",0,"chr6:g.38828344A>C","predicted passenger",161,"FALSE","SNV","+","DNAH8","ts","TG","ATA","TG_ATA","AATAA","TG_AATAA","-",0.0555555555555556,"M",0.49,-0.112546,2,2,0,-0.160991876672305,0.226757369614512,0,0.226757369614512,0.226757369614512,0.0991312782444078,0.43482017687694,"subclonal"]
["G13375","FAM26F","missense","chr6",116784855,"C","A","p.T312N",0.1,20,2,"unknown",0,"chr6:g.116784855C>A","predicted passenger",42,"FALSE","SNV","NA","NA","NA","CA","ACT","CA_ACT","CACTC","CA_CACTC","+",0.1,"M",0.49,-0.0247804,2,2,0,-1.0703893278914,0.408163265306122,0,0.408163265306122,0.408163265306122,0.050402151715489,1.29380699599625,"clonal"]
["G13375","ARID1B","missense","chr6",157528795,"C","A","p.Q2174K",0.0588,68,4,"unknown",1,"chr6:g.157528795C>A","predicted driver: tier 1",83,"TRUE","SNV","+","ARID1B","nt","CA","GCA","CA_GCA","AGCAG","CA_AGCAG","+",0.0588235294117647,"M",0.49,-0.0532654,2,2,0,-0.287576590096585,0.240096038415366,0,0.240096038415366,0.240096038415366,0.0663598407728462,0.587011532620414,"subclonal"]
["G13375","THBS2","missense","chr6",169641889,"C","T","p.V287M",0.0746,67,5,"unknown",0,"chr6:g.169641889C>T","predicted passenger",77,"FALSE","SNV","-","THBS2","ts","CT","ACG","CT_ACG","CACGA","CT_CACGA","+",0.0746268656716418,"M",0.49,-0.0532654,2,2,0,-0.200697350237129,0.304599451720987,0,0.304599451720987,0.304599451720987,0.100713088161593,0.676025168183042,"subclonal"]
["G13375","ZNF679","missense","chr7",63726732,"A","G","p.R241G",0.0699,143,10,"unknown",0,"chr7:g.63726732A>G","predicted passenger",155,"FALSE","SNV","+","ZNF679","ts","TC","CTG","TC_CTG","TCTGT","TC_TCTGT","-",0.0699300699300699,"M",0.49,0.148264,2,2,0,-0.116253068495848,0.285428856857428,0,0.285428856857428,0.285428856857428,0.138945042275966,0.509563889561052,"subclonal"]
["G13375","RNF122","missense","chr8",33408900,"G","A","p.R64W",0.0625,112,7,"unknown",0,"chr8:g.33408900G>A","predicted passenger",181,"FALSE","SNV","-","RNF122","nt","CT","GCG","CT_GCG","TGCGG","CT_TGCGG","-",0.0625,"M",0.49,0.139785,2,2,0,-0.692490965025601,0.255102040816327,0,0.255102040816327,0.255102040816327,0.10406159591802,0.508323951675719,"subclonal"]
["G13375","RIMS2","missense","chr8",104897723,"G","A","p.R299K",0.0738,122,9,"unknown",0,"chr8:g.104897723G>A","predicted passenger",110,"FALSE","SNV","+","RIMS2","ts","CT","TCT","CT_TCT","TTCTC","CT_TTCTC","-",0.0737704918032787,"M",0.49,0.101952,2,2,0,0.149377624038227,0.301104048176648,0,0.301104048176648,0.301104048176648,0.139943965709094,0.55274245095228,"subclonal"]
["G13375","PARP11","missense","chr12",3921310,"C","A","p.E332D",0.0556,72,4,"unknown",0,"chr12:g.3921310C>A","predicted passenger",88,"FALSE","SNV","-","PARP11","ts","CA","ACT","CA_ACT","TACTC","CA_TACTC","+",0.0555555555555556,"M",0.49,0.0406173,2,2,0,-0.289506617194985,0.226757369614512,0,0.226757369614512,0.226757369614512,0.0626226004535943,0.555831221685404,"subclonal"]
["G13375","CSRNP2","missense","chr12",51457576,"C","A","p.D529Y",0.125,16,2,"unknown",0,"chr12:g.51457576C>A","predicted passenger",22,"FALSE","SNV","-","CSRNP2","ts","CA","TCC","CA_TCC","ATCCT","CA_ATCCT","+",0.125,"M",0.49,0.121013,2,2,0,-0.459431618637297,0.510204081632653,1,0.510204081632653,0.510204081632653,0.0633208318996486,1.56520912999699,"clonal"]
["G13375","WDFY2","missense","chr13",52330547,"A","G","p.E338G",0.05,100,5,"unknown",0,"chr13:g.52330547A>G","predicted passenger",170,"FALSE","SNV","+","WDFY2","ts","TC","CTC","TC_CTC","ACTCG","TC_ACTCG","-",0.05,"M",0.49,-0.0674635,2,2,0,-0.765534746362977,0.204081632653061,0,0.204081632653061,0.204081632653061,0.0670688946206211,0.460550657573317,"subclonal"]
["G13375","ADCY4","missense","chr14",24795311,"C","A","p.Q543H",0.1304,23,3,"unknown",0,"chr14:g.24795311C>A","predicted passenger",28,"FALSE","SNV","-","ADCY4","ts","CA","CCT","CA_CCT","ACCTG","CA_ACCTG","+",0.130434782608696,"M",0.49,0.052452,2,2,0,-0.283792966000591,0.532386867790595,1,0.532386867790595,0.532386867790595,0.113271458868544,1.37097607158009,"clonal"]
["G13375","RALGAPA1","missense","chr14",36096454,"C","A","p.K1727N",0.0538,93,5,"unknown",0,"chr14:g.36096454C>A","predicted passenger",117,"FALSE","SNV","-","RALGAPA1","ts","CA","GCT","CA_GCT","TGCTT","CA_TGCTT","+",0.0537634408602151,"M",0.49,-0.0289388,2,2,0,-0.331205908475373,0.21944261575598,0,0.21944261575598,0.21944261575598,0.0721836726778722,0.493959114751416,"subclonal"]
["G13375","RBL2","missense","chr16",53496538,"C","A","p.Q511K",0.093,86,8,"unknown",0,"chr16:g.53496538C>A","predicted passenger",133,"FALSE","SNV","+","RBL2","nt","CA","ACA","CA_ACA","AACAA","CA_AACAA","+",0.0930232558139535,"M",0.49,-0.0236011,2,2,0,-0.629017680799092,0.3796867584243,0,0.3796867584243,0.3796867584243,0.167436160301301,0.714649853182378,"subclonal"]
["G13375","ATAD5","missense","chr17",29221721,"C","A","p.Q1813K",0.0625,80,5,"unknown",0,"chr17:g.29221721C>A","predicted passenger",91,"FALSE","SNV","+","ATAD5","nt","CA","ACA","CA_ACA","AACAA","CA_AACAA","+",0.0625,"M",0.49,0.0690167,2,2,0,-0.185866545311334,0.255102040816327,0,0.255102040816327,0.255102040816327,0.0840941726612663,0.570845205296486,"subclonal"]
["G13375","ZPBP2","missense","chr17",38028705,"C","A","p.H197N",0.0521,96,5,"unknown",0,"chr17:g.38028705C>A","predicted passenger",119,"FALSE","SNV","+","ZPBP2","nt","CA","ACA","CA_ACA","AACAT","CA_AACAT","+",0.0520833333333333,"M",0.49,0.0690167,2,2,0,-0.309855262586787,0.212585034013605,0,0.212585034013605,0.212585034013605,0.0698991120006722,0.47906612263902,"subclonal"]
["G13375","KCNH4","missense","chr17",40312123,"C","A","p.A997S",0.1053,19,2,"unknown",0,"chr17:g.40312123C>A","predicted passenger",29,"FALSE","SNV","-","KCNH4","ts","CA","GCC","CA_GCC","GGCCT","CA_GGCCT","+",0.105263157894737,"M",0.49,0.144394,2,2,0,-0.610053481683987,0.429645542427497,0,0.429645542427497,0.429645542427497,0.0531108749868468,1.35255781410925,"clonal"]
["G13375","CD209","missense","chr19",7810593,"A","C","p.S187A",0.0522,134,7,"unknown",1,"chr19:g.7810593A>C","predicted passenger",175,"FALSE","SNV","-","CD209","nt","TG","ATC","TG_ATC","AATCT","TG_AATCT","-",0.0522388059701493,"M",0.49,0.203856,3,3,0,-0.385121921374556,0.26545842217484,0,0.26545842217484,0.26545842217484,0.108024688735647,0.531894644061776,"subclonal"]
["G13375","KRTAP26-1","missense","chr21",31692328,"C","A","p.G9V",0.1,20,2,"unknown",0,"chr21:g.31692328C>A","predicted passenger",27,"FALSE","SNV","-","KRTAP26-1","ts","CA","TCC","CA_TCC","TTCCC","CA_TTCCC","+",0.1,"M",0.49,-0.0397037,2,2,0,-0.432959407276106,0.408163265306122,0,0.408163265306122,0.408163265306122,0.050402151715489,1.29380699599625,"clonal"]
["G13375","SLC19A1","missense","chr21",46950796,"C","A","p.A347S",0.1053,19,2,"unknown",0,"chr21:g.46950796C>A","predicted passenger",25,"FALSE","SNV","-","SLC19A1","ts","CA","GCC","CA_GCC","CGCCT","CA_CGCCT","+",0.105263157894737,"M",0.49,-0.0397037,2,2,0,-0.395928676331139,0.429645542427497,0,0.429645542427497,0.429645542427497,0.0531108749868468,1.35255781410925,"clonal"]
["G13375","PRICKLE3","missense","chrX",49040362,"C","A","p.C46F",0.1053,19,2,"unknown",0,"chrX:g.49040362C>A","predicted passenger",12,"FALSE","SNV","-","PRICKLE3","ts","CA","GCA","CA_GCA","GGCAG","CA_GGCAG","+",0.105263157894737,"M",0.49,-0.598934,1,1,0,0.662965012722429,0.214822771213749,0,0.214822771213749,0.214822771213749,0.0400987106150693,1.02118114965248,"clonal"]
["G13375","RPS6KA6","missense","chrX",83357203,"C","A","p.V540F",0.1034,29,3,"unknown",0,"chrX:g.83357203C>A","predicted passenger",30,"FALSE","SNV","-","RPS6KA6","ts","CA","ACA","CA_ACA","AACAA","CA_AACAA","+",0.103448275862069,"M",0.49,-0.433895,1,1,0,-0.0489096004809464,0.211118930330753,0,0.211118930330753,0.211118930330753,0.0673760053328143,0.842873364933794,"subclonal"]
["G13375","SLC9B1","missense","chr4",103911019,"G","T","p.T50K",0.0372093023255814,223,8,"unknown",0,"chr4:g.103911019G>T","predicted passenger",248,"FALSE","SNV","-","SLC9B1","nt","CA","ACA","CA_ACA","GACAA","CA_GACAA","-",0.0358744394618834,"M",0.49,-0.00336633,2,2,0,-0.15329641046657,0.146426283517891,0,0.146426283517891,0.146426283517891,0.0637266046093809,0.283512895555759,"subclonal"]
["G13375","ZNRF4","missense","chr19",5455948,"G","C","p.R149P",0.0294,102,3,"unknown",0,"chr19:g.5455948G>C","predicted passenger",138,"FALSE","SNV","+","ZNRF4","ts","CG","TCG","CG_TCG","GTCGC","CG_GTCGC","-",0.0294117647058824,"M",0.49,0.203856,3,3,0,-0.436099114806674,0.149459783913565,0,0.149459783913565,0.149459783913565,0.0310333977907085,0.424587390259809,"subclonal"]